{"text_format":"3","workbook":"xlsx","n_sheets":5,"sheets":["RESUMEN LICITACION","COMPONENTE 1 - OBRA","COMPONENTE 1 - TECNOLOGIA","RESUMEN PROYECTADO","COMPONENTE 1 - OBRA PROYECTADO"],"not_rendered":{"images":2,"external_links":3,"defined_names":10},"read":"whole","date_system":"1900"}

{"sheet":"RESUMEN LICITACION","index":0,"n_rows":55,"n_cols":8,"rows_kept":55,"merged":[[0,0,0,8],[2,0,2,7],[4,5,4,6],[5,5,5,6],[9,5,9,6],[10,5,10,6],[11,5,11,6],[12,5,12,6],[13,1,13,3],[13,5,13,6],[14,5,14,6],[15,5,15,6],[16,5,16,6],[17,5,17,6],[18,5,18,6],[19,5,19,6],[20,5,20,6],[21,5,21,6],[22,5,22,6],[23,5,23,6],[24,5,24,6],[25,5,25,6],[26,5,26,6],[27,5,27,6],[28,5,28,6],[29,5,29,6],[30,5,30,6],[31,5,31,6],[32,5,32,6],[33,5,33,6],[34,1,34,4],[34,5,34,6],[37,5,37,6],[38,1,38,4],[38,5,38,6],[39,5,39,6],[40,5,40,6],[40,7,40,8],[41,3,41,7],[42,3,42,7],[43,3,43,7],[44,3,44,7],[45,3,45,7],[46,3,46,7],[50,3,50,8],[51,3,51,8],[52,3,52,8],[53,3,53,8],[54,3,54,8]]}
[]
[]
["FORMATO PROPUESTA ECONÓMICA"]
[]
[null,"No. ITEM","DESCRIPCIÓN ARTÍCULO","UNIDAD DE \nMEDIDA","CANTIDAD","VALOR  TECHO ",null,"VALOR OFERTADO"]
[null,1,"COMPONENTE 1 - OBRA - COSTO DIRECTO","GL",1,{"$f":"'COMPONENTE 1 - OBRA'!G1812","v":{"v":103958751016.26595,"d":"COP 103,958,751,016"}},null,{"$f":"'COMPONENTE 1 - OBRA'!K1812","v":0}]
[null,2,"ADMINISTRACION ","%","A",{"$f":"'COMPONENTE 1 - OBRA'!G1815","v":{"v":0.1536,"d":"15.36%"}},{"$f":"($F$6)*F7","v":{"v":15968064156.098448,"d":"COP 15,968,064,156"}},{"$f":"($H$6)*F7","v":0}]
[null,3,"IMPREVISTOS ","%","I",{"v":0.02,"d":"2.00%"},{"$f":"($F$6)*F8","v":{"v":2079175020.325319,"d":"COP 2,079,175,020"}},{"$f":"($H$6)*F8","v":0}]
[null,4,"UTILIDAD","%","U",{"$f":"'COMPONENTE 1 - OBRA'!G1816","v":{"v":0.05,"d":"5.00%"}},{"$f":"($F$6)*F9","v":{"v":5197937550.813297,"d":"COP 5,197,937,551"}},{"$f":"($H$6)*F9","v":0}]
[null,5,"POLIZAS","GL",1,{"v":1916680350,"d":"COP 1,916,680,350"}]
[null,6,"INVERSION AMBIENTAL, SOCIAL Y PMT","GL",1,{"v":600000000,"d":"COP 600,000,000"}]
[null,7,"REAJUSTES INDEXACIÓN (AJUSTE CAMBIO DE AÑOS)","GL",1,{"v":8380508161,"d":"COP 8,380,508,161"}]
[null,8,"RESERVA DE GESTIÓN","GL",1,{"v":1574019765.69,"d":"COP 1,574,019,766"}]
[null,"TOTAL OBRA",{"$nulls":3},{"$f":"F6+G7+G8+G9+F10+F11+F12+F13","v":{"v":139675136020.193,"d":"COP 139,675,136,020"}},null,{"$f":"SUM(H6:H13)","v":0}]
[]
[null,"No. ITEM","DESCRIPCIÓN ARTÍCULO","UNIDAD DE \nMEDIDA","CANTIDAD","VALOR UNITARIO TECHO INCLUIDO IVA",null,"VALOR UNITARIO OFERTADO INCLUIDO IVA"]
[null,9,"BMS","GL",0,{"v":1406514773.39,"d":"COP 1,406,514,773.39"},null,{"$f":"'COMPONENTE 1 - TECNOLOGIA'!F40","v":0}]
[null,10,"Datacenter","GL",1,{"v":1722664621.7918313,"d":"COP 1,722,664,621.79"},null,{"$f":"'COMPONENTE 1 - TECNOLOGIA'!F52","v":0}]
[null,11,"Red Lan","GL",1,{"v":3615307527.51,"d":"COP 3,615,307,527.51"},null,{"$f":"'COMPONENTE 1 - TECNOLOGIA'!F64","v":0}]
[null,12,"Gabinetes","GL",1,{"v":2200575329.61,"d":"COP 2,200,575,329.61"},null,{"$f":"'COMPONENTE 1 - TECNOLOGIA'!F73","v":0}]
[null,13,"Red Inalambrica","GL",1,{"v":1735484410.37,"d":"COP 1,735,484,410.37"},null,{"$f":"'COMPONENTE 1 - TECNOLOGIA'!F93","v":0}]
[null,14,"VMS ","GL",1,{"v":2138192255.6076794,"d":"COP 2,138,192,255.61"},null,{"$f":"'COMPONENTE 1 - TECNOLOGIA'!F121","v":0}]
[null,15,"Switch ","GL",1,{"v":14224480322.487965,"d":"COP 14,224,480,322.49"},null,{"$f":"'COMPONENTE 1 - TECNOLOGIA'!F163","v":0}]
[null,16,"CCTV","GL",1,{"v":1509027134.447485,"d":"COP 1,509,027,134.45"},null,{"$f":"'COMPONENTE 1 - TECNOLOGIA'!F192","v":0}]
[null,17,"EVAC","GL",1,{"v":2683379571.04,"d":"COP 2,683,379,571.04"},null,{"$f":"'COMPONENTE 1 - TECNOLOGIA'!F234","v":0}]
[null,18,"Multimedia","GL",0,{"v":11628705767.519999,"d":"COP 11,628,705,767.52"},null,{"$f":"'COMPONENTE 1 - TECNOLOGIA'!F287","v":0}]
[null,19,"Acceso","GL",1,{"v":7709032957.399367,"d":"COP 7,709,032,957.40"},null,{"$f":"'COMPONENTE 1 - TECNOLOGIA'!F319","v":0}]
[null,20,"Instrusion","GL",1,{"v":478013573.50830305,"d":"COP 478,013,573.51"},null,{"$f":"'COMPONENTE 1 - TECNOLOGIA'!F334","v":0}]
[null,21,"Visitantes","GL",0,{"v":272017544.15799934,"d":"COP 272,017,544.16"},null,{"$f":"'COMPONENTE 1 - TECNOLOGIA'!F345","v":0}]
[null,22,"Telefonia","GL",1,{"v":682646759.15,"d":"COP 682,646,759.15"},null,{"$f":"'COMPONENTE 1 - TECNOLOGIA'!F363","v":0}]
[null,23,"Enlace_PTP","GL",1,{"v":258668247.32723105,"d":"COP 258,668,247.33"},null,{"$f":"'COMPONENTE 1 - TECNOLOGIA'!F374","v":0}]
[null,24,"VideoWall","GL",0,{"v":30445416865.07,"d":"COP 30,445,416,865.07"},null,{"$f":"'COMPONENTE 1 - TECNOLOGIA'!F424","v":0}]
[null,25,"Enlace F.O","GL",1,{"v":947528726.6238524,"d":"COP 947,528,726.62"},null,{"$f":"'COMPONENTE 1 - TECNOLOGIA'!F470","v":0}]
[null,26,"Traslado videowall y controladora","GL",1,{"v":1416211639.26,"d":"COP 1,416,211,639.26"},null,{"$f":"'COMPONENTE 1 - TECNOLOGIA'!F479","v":0}]
[null,"TOTAL TECNOLOGIA ",{"$nulls":3},{"$f":"E17*F17+E18*F18+E19*F19+E20*F20+E21*F21+E22*F22+E23*F23+E24*F24+E25*F25+E26*F26+E27*F27+E28*F28+E29*F29+E30*F30+E31*F31+E32*F32+E33*F33+E34*F34","v":{"v":41321213076.13372,"d":"$ 41,321,213,076"}},null,{"$f":"SUM(H17:H34)","v":0}]
[]
[]
[]
[null,"GRAN TOTAL ",{"$nulls":3},{"$f":"F35+F14","v":{"v":180996349096.32672,"d":"$ 180,996,349,096"}},null,{"$f":"H35+H14","v":0}]
[]
[]
[null,"FIRMA DEL REPRESENTANTE LEGAL O APODERADO "]
[null,"NOMBRE DEL PROPONENTE: "]
[null,"NOMBRE DEL REPRESENTANTE LEGAL: "]
[null,"DIRECCIÓN: "]
[null,"CORREO ELECTRÓNICO: "]
[null,"TELÉFONO: "]
[]
[]
[]
[null,null,"NOTAS ACLARATORIAS:"]
[null,1,"PÓLIZAS","El pago de las pólizas estará sujeto a la presentación de la constancia de pago de la prima por parte del contratista, quien podrá solicitar a la ESU el reembolso de dicho valor mediante el acta de pago correspondiente que el mismo elabore y emita."]
[null,2,"GESTIÓN AMBIENTAL, SOCIAL, SST Y PMT","Se deberán presentar los planes correspondientes, debidamente aprobados por la interventoría y por las entidades externas competentes. Su pago se efectuará en el acta siguiente a la causación de la actividad respectiva contenida en los planes presentados por el contratista en cumplimiento de la normatividad vigente."]
[null,3,"REAJUSTE POR CAMBIO DE AÑO","El pago se ajustará en cada acta de pago, mediante la aplicación de la fórmula polinómica de reajuste definida para el proyecto, con base en los indicadores oficiales publicados por CAMACOL."]
[null,4,"RESERVA DE GESTIÓN","Los desembolsos de la reserva de gestión se realizarán con base en las aprobaciones emitidas por la interventoría y la supervisión de la ESU, atendiendo a las necesidades de ejecución que se presenten durante el desarrollo del proyecto."]

{"sheet":"COMPONENTE 1 - OBRA","index":1,"n_rows":1825,"n_cols":45,"rows_kept":1825,"merged":[[1811,0,1811,3],[1813,1,1813,3],[1814,1,1814,3],[1815,1,1815,3],[1816,1,1816,3],[1817,1,1817,3],[1818,1,1818,3],[1819,1,1819,3],[1820,1,1820,3],[1821,1,1821,3],[1822,1,1822,3],[1823,1,1823,3],[1824,1,1824,3]]}
[]
[]
[]
[]
[]
[]
[null,null,"ANEXO No 19  PRECIOS Y CANTIDADES "]
[]
[]
["Especificaciones","EDT","Descripción","Unidad","Cantidad ","Costo unitario","Total",null,"Cantidad ","Costo unitario","Total",null,"CUMPLE","NO CUMPLE"]
[{"$nulls":6},{"$f":"G32+G41+G66+G156+G174+G215+G255+G332+G596+G774+G856+G1401+G1622+G1632+G1639+G1645+G1683+G1759+G1792+G1805","v":{"v":103958751016.26596,"d":"$103,958,751,016.27"}}]
[null,"1.0.0","PRELIMINARES"]
[]
[null,"1.1.0","REPLANTEO"]
["ESP 1.1.1","1.1.1","LOCALIZACIÓN, TRAZADO Y REPLANTEO. Se utilizará personal experto con equipo de precisión (topógrafo, cadenero 1 y cadenero 2), incluye: clavo 1\", larguero 2x2, tránsito, demarcación con pintura, línea de trazado, libretas, planos, seguridad social del personal, elemento epp y herramienta menor. Se hará con la frecuencia que lo indique la interventoría. ","día",{"v":60,"d":"60.00"},{"v":774546.79,"d":"$774,546.79"},{"$f":"F15*E15","v":{"v":46472807.400000006,"d":"$46,472,807.40"}},null,{"v":60,"d":"60.00"},null,{"$f":"J15*I15","v":{"v":0,"d":"$0.00"}}]
[]
[null,null,"TOTAL DE REPLANTEO",{"$nulls":3},{"$f":"SUM(G15)","v":{"v":46472807.400000006,"d":"$46,472,807.40"}},{"$nulls":3},{"$f":"SUM(K15)","v":{"v":0,"d":"$0.00"}}]
[]
[null,"1.2.0","DESCAPOTE"]
["ESP 1.2.1","1.2.1","DESCAPOTE A MÁQUINA. Incluye el desenraice si es necesario, cargue, transporte y botada de material sobrante en botaderos oficiales. Medición en sitio, retroexcavadora con operario combustible, seguridad social y elementos de EPP.","m3",{"v":450,"d":"450.00"},{"v":51508.65,"d":"$51,508.65"},{"$f":"F20*E20","v":{"v":23178892.5,"d":"$23,178,892.50"}},null,{"v":450,"d":"450.00"},null,{"$f":"J20*I20","v":{"v":0,"d":"$0.00"}}]
[]
[null,null,"TOTAL DE DESCAPOTE",{"$nulls":3},{"$f":"G20","v":{"v":23178892.5,"d":"$23,178,892.50"}},{"$nulls":3},{"$f":"K20","v":{"v":0,"d":"$0.00"}}]
[]
[null,"1.3.0","INSTALACIONES PROVISIONALES"]
["ESP 1.3.1","1.3.1","Construcción de Zona para baños, caspete provisionales, cárcamo para lavadero de volquetas y construcción de tanque de cilindros, incluye mampostería, teja de zinc,  mortero, mesón en acero inoxidable, suministro de aparatos sanitarios, puertas, reja en malla eslabonada y los demás elementos necesarios para su correcto funcionamiento. ","m2",{"v":18,"d":"18.00"},{"v":844725.1,"d":"$844,725.10"},{"$f":"F25*E25","v":{"v":15205051.799999999,"d":"$15,205,051.80"}},null,{"v":18,"d":"18.00"},null,{"$f":"J25*I25","v":{"v":0,"d":"$0.00"}}]
["ESP 1.3.2","1.3.2","Suministro e instalación eléctrica provisional, incluye subestación de 150 kva, incluye transformador, protecciones y medidas, extensión red media  tensión aérea, tablero baja tensión para provisionales 500 a-220 v en poste, totalizador principal 500 a, tipo exterior. protección diferencial, lamina cr, instalación en poste tipo exterior, incluye compartimiento de medida, acometida baja tensión desde transformador hasta nuevo tablero 220 v 500 a en poste con seis cables de cobre calibre 250 mcm fase + 2 cables de cobre calibre 250 mcm neutro, instalaciones internas y todos los elementos necesarios para su correcto funcionamiento en zona provisional de obra.","glo",{"v":1,"d":"1.00"},{"v":40475272.5,"d":"$40,475,272.50"},{"$f":"F26*E26","v":{"v":40475272.5,"d":"$40,475,272.50"}},null,{"v":1,"d":"1.00"},null,{"$f":"J26*I26","v":{"v":0,"d":"$0.00"}}]
["ESP 1.3.3","1.3.3","Suministro e Instalación Hidráulica provisional, incluye tubería, accesorios (diámetros variables), excavación manual, cinta teflón, soldadura PVC, herramienta menor, tanques de 12000 lt, flanche para tanque, motobomba  y  elementos necesarios para su correcto funcionamiento.","glo",{"v":1,"d":"1.00"},{"v":22446920.34,"d":"$22,446,920.34"},{"$f":"F27*E27","v":{"v":22446920.34,"d":"$22,446,920.34"}},null,{"v":1,"d":"1.00"},null,{"$f":"J27*I27","v":{"v":0,"d":"$0.00"}}]
["ESP 1.3.4","1.3.4","Alquiler contenedores para campamento provisional 2 oficinas tipo oficinas. Incluye red eléctrica con tableros y tomas 110v y 220v, salidas eléctricas dobles y todo lo relacionado para su correcto funcionamiento. Incluye ventanerías, puertas, pisos, iluminación led, suministro y transporte. Aire acondicionado de 12.000 BTU a 220V","días",{"v":540,"d":"540.00"},{"v":152367.6,"d":"$152,367.60"},{"$f":"F28*E28","v":{"v":82278504,"d":"$82,278,504.00"}},null,{"v":540,"d":"540.00"},null,{"$f":"J28*I28","v":{"v":0,"d":"$0.00"}}]
[]
[null,null,"TOTAL DE INSTALACIONES PROVISIONALES",{"$nulls":3},{"$f":"SUM(G25:G29)","v":{"v":160405748.64,"d":"$160,405,748.64"}},{"$nulls":3},{"$f":"SUM(K25:K29)","v":{"v":0,"d":"$0.00"}}]
[]
[null,"1.0.0","TOTAL DE PRELIMINARES",{"$nulls":3},{"$f":"SUM(G30+G22)+G17","v":{"v":230057448.54,"d":"$230,057,448.54"}},{"$nulls":3},{"$f":"SUM(K30+K22)+K17","v":{"v":0,"d":"$0.00"}}]
[]
[null,"2.0.0","DEMOLICIONES"]
[]
[null,"2.1.0","DEMOLICIONES"]
["ESP 2.1.1","2.1.1","DEMOLICIÓN DE ÁREA CONSTRUIDA EN CUALQUIER MATERIAL con predominio en materiales de bloque, ladrillo, concreto de vigas, columnas, losas en concreto, cubierta en cualquier material.   Incluye también el cargue mecánico o manual, transporte interno y externo y disposición final a botaderos oficiales. La demolición se realizará del área, por cada nivel intervenido incluye la demolición de losa de piso y cubierta. Además la recuperación de los materiales aprovechables son  de la entidad contratante, se desmontan y entregan en un acopio dentro de la obra o cargados en los vehículos que se dispongan para su transporte. Incluye la conformación con escombros de la vía interna, el transporte y suministros de 2 retroexcavadoras y demás equipos necesarios para el desmonte, Seguridad Social y capacitaciones  al Sistema de Gestión de Seguridad y Salud en el trabajo a los contratistas, todos los EPP certificados según la actividad. Así mismo el acompañamiento permanente en obra de un tecnólogo SST, que es también el Coordinador de trabajos en altura, Se dispone de personal capacitado para auxiliar de tránsito para el tráfico de volquetas, . Gestionamos ante las entidades autorizadas la certificación de los botaderos de todos los viajes de escombros que resulten en la obra.\nEl contrato incluye la expedición de pólizas de Cumplimiento, Responsabilidad Civil y Prestaciones Sociales, por parte de una compañía de seguros para garantizar la seguridad y buen término de la obra. La demolición se ejecutará en 30 días.","m2",{"v":2781.13663845224,"d":"2,781.14"},{"v":42186.477487649,"d":"$42,186.48"},{"$f":"F37*E37","v":{"v":117326358.18814123,"d":"$117,326,358.19"}},null,{"v":2781.13663845224,"d":"2,781.14"},null,{"$f":"J37*I37","v":{"v":0,"d":"$0.00"}}]
[]
[null,null,"TOTAL DE DEMOLICIONES",{"$nulls":3},{"$f":"G37","v":{"v":117326358.18814123,"d":"$117,326,358.19"}},{"$nulls":3},{"$f":"K37","v":{"v":0,"d":"$0.00"}}]
[]
[null,"2.0.0","TOTAL DE DEMOLICIONES",{"$nulls":3},{"$f":"G39","v":{"v":117326358.18814123,"d":"$117,326,358.19"}},{"$nulls":3},{"$f":"K39","v":{"v":0,"d":"$0.00"}}]
[]
[null,"3.0.0","MOVIMIENTOS DE TIERRA"]
[]
[null,"3.1.0","EXCAVACIÓN Y RETIRO DE MATERIAL"]
["ESP 3.1.1","3.1.1","EXCAVACIÓN MECÁNICA de material heterogéneo DE 0-3 m  (Sobre ancho 60 CM), bajo cualquier grado de humedad. Incluye: roca descompuesta, bolas de roca de volúmen inferior a 0.35 m³, el cargue, transporte interno y externo y botada de material proveniente de las excavaciones en los sitios donde lo indique la interventoría y su medida será en el sitio. No incluye entibado.","m3",{"v":1158,"d":"1,158.00"},{"v":53829.81,"d":"$53,829.81"},{"$f":"F46*E46","v":{"v":62334919.98,"d":"$62,334,919.98"}},null,{"v":1158,"d":"1,158.00"},null,{"$f":"J46*I46","v":{"v":0,"d":"$0.00"}}]
["ESP 3.1.2","3.1.2","EXCAVACIÓN PARA CAMPANAS EN PILAS, de 14.0 a 16.0 m de profundidad, en material heterogéneo, con piedras de hasta 0.05 m³. Incluye pozo piloto de bombeo, molinete, motobomba, extracción del material de la pila y acarreo interno de materiales y cargue, transporte y botada del material proveniente de la excavación en botaderos oficiales o donde lo indique la interventoría y todo lo necesario para su correcta construcción. SU MEDIDA SERA EN SITIO.","m3",{"v":91.3,"d":"91.30"},{"v":612041.82,"d":"$612,041.82"},{"v":55879418.16599999,"d":"$55,879,418.17"},null,{"v":91.3,"d":"91.30"},null,{"v":0,"d":"$0.00"}]
["ESP 3.1.3","3.1.3","EXCAVACIÓN MANUAL PARA PILAS DE 0,0 a 2,0 m de profundidad con DIÁMETRO EXTERIOR DE 1,40 m, en material heterogéneo, con piedras de hasta 0.05 m³. Incluye pozo piloto de bombeo, formaleta en madera común, molinete, motobomba, extracción del material de la pila y acarreo interno de materiales, cargue, transporte y botada del material proveniente de la excavación en botaderos oficiales o donde lo indique la interventoría  y todo lo necesario para su correcta construcción. Su medida sera en sitio. No incluye anillo.","m3",{"v":189,"d":"189.00"},{"v":200731.95,"d":"$200,731.95"},{"v":37938338.550000004,"d":"$37,938,338.55"},null,{"v":189,"d":"189.00"},null,{"v":0,"d":"$0.00"}]
["ESP 3.1.4","3.1.4","EXCAVACIÓN MANUAL PARA PILAS DE 2,0 a 4,0 m de profundidad con DIÁMETRO EXTERIOR DE 1,40 m, en material heterogéneo, con piedras de hasta 0.05 m³. Incluye pozo piloto de bombeo, formaleta en madera común, molinete, motobomba, extracción del material de la pila y acarreo interno de materiales, cargue, transporte y botada del material proveniente de la excavación en botaderos oficiales o donde lo indique la interventoría  y todo lo necesario para su correcta construcción. SU MEDIDA SERA EN SITIO. No incluye anillo.","m3",{"v":189,"d":"189.00"},{"v":247475.21,"d":"$247,475.21"},{"v":46772814.69,"d":"$46,772,814.69"},null,{"v":189,"d":"189.00"},null,{"v":0,"d":"$0.00"}]
["ESP 3.1.5","3.1.5","EXCAVACIÓN MANUAL PARA PILAS DE 4,0 a 6,0 m de profundidad con DIÁMETRO EXTERIOR DE 1,40 m, en material heterogéneo, con piedras de hasta 0.05 m³. Incluye pozo piloto de bombeo, formaleta en madera común, molinete, motobomba, extracción del material de la pila y acarreo interno de materiales, cargue, transporte y botada del material proveniente de la excavación en botaderos oficiales o donde lo indique la interventoría  y todo lo necesario para su correcta construcción. SU MEDIDA SERA EN SITIO. No incluye anillo.","m3",{"v":189,"d":"189.00"},{"v":292583.16,"d":"$292,583.16"},{"v":55298217.239999995,"d":"$55,298,217.24"},null,{"v":189,"d":"189.00"},null,{"v":0,"d":"$0.00"}]
["ESP 3.1.6","3.1.6","EXCAVACIÓN MANUAL PARA PILAS DE 6,0 a 8,0 m de profundidad con DIÁMETRO EXTERIOR DE 1,40 m, en material heterogéneo, con piedras de hasta 0.05 m³. Incluye pozo piloto de bombeo, formaleta en madera común, molinete, motobomba, extracción del material de la pila y acarreo interno de materiales, cargue, transporte y botada del material proveniente de la excavación en botaderos oficiales o donde lo indique la interventoría  y todo lo necesario para su correcta construcción. SU MEDIDA SERA EN SITIO. No incluye anillo.","m3",{"v":189,"d":"189.00"},{"v":326386.1,"d":"$326,386.10"},{"v":61686972.9,"d":"$61,686,972.90"},null,{"v":189,"d":"189.00"},null,{"v":0,"d":"$0.00"}]
["ESP 3.1.7","3.1.7","EXCAVACIÓN MANUAL PARA PILAS DE 8,0 a 10,0 m de profundidad con DIÁMETRO EXTERIOR DE 1,40 m, en material heterogéneo, con piedras de hasta 0.05 m³. Incluye pozo piloto de bombeo, formaleta en madera común, molinete, motobomba, extracción del material de la pila y acarreo interno de materiales, cargue, transporte y botada del material proveniente de la excavación en botaderos oficiales o donde lo indique la interventoría  y todo lo necesario para su correcta construcción. SU MEDIDA SERA EN SITIO. No incluye anillo.","m3",{"v":189,"d":"189.00"},{"v":375820.7,"d":"$375,820.70"},{"v":71030112.3,"d":"$71,030,112.30"},null,{"v":189,"d":"189.00"},null,{"v":0,"d":"$0.00"}]
["ESP 3.1.8","3.1.8","EXCAVACIÓN MANUAL PARA PILAS DE 10,0 a 12,0 m de profundidad con DIÁMETRO EXTERIOR DE 1,40 m, en material heterogéneo, con piedras de hasta 0.05 m³. Incluye pozo piloto de bombeo, formaleta en madera común, molinete, motobomba, extracción del material de la pila y acarreo interno de materiales, cargue, transporte y botada del material proveniente de la excavación en botaderos oficiales o donde lo indique la interventoría  y todo lo necesario para su correcta construcción. SU MEDIDA SERA EN SITIO. No incluye anillo.","m3",{"v":189,"d":"189.00"},{"v":414567.09,"d":"$414,567.09"},{"v":78353180.01,"d":"$78,353,180.01"},null,{"v":189,"d":"189.00"},null,{"v":0,"d":"$0.00"}]
["ESP 3.1.9","3.1.9","EXCAVACIÓN MANUAL PARA PILAS DE 12,0 a 14,0 m de profundidad con DIÁMETRO EXTERIOR DE 1,40 m, en material heterogéneo, con piedras de hasta 0.05 m³. Incluye pozo piloto de bombeo, formaleta en madera común, molinete, motobomba, extracción del material de la pila y acarreo interno de materiales, cargue, transporte y botada del material proveniente de la excavación en botaderos oficiales o donde lo indique la interventoría  y todo lo necesario para su correcta construcción. SU MEDIDA SERA EN SITIO. No incluye anillo.","m3",{"v":56.3,"d":"56.30"},{"v":466496.05,"d":"$466,496.05"},{"v":26263727.615,"d":"$26,263,727.62"},null,{"v":56.3,"d":"56.30"},null,{"v":0,"d":"$0.00"}]
["ESP 3.1.10","3.1.10","EXCAVACIÓN MANUAL PARA PILAS DE 14,0 a 16,0 m de profundidad con DIÁMETRO EXTERIOR DE 1,40 m, en material heterogéneo, con piedras de hasta 0.05 m³. Incluye pozo piloto de bombeo, formaleta en madera común, molinete, motobomba, extracción del material de la pila y acarreo interno de materiales, cargue, transporte y botada del material proveniente de la excavación en botaderos oficiales o donde lo indique la interventoría  y todo lo necesario para su correcta construcción. SU MEDIDA SERA EN SITIO. No incluye anillo.","m3",{"v":56.3,"d":"56.30"},{"v":551381.41,"d":"$551,381.41"},{"v":31042773.383,"d":"$31,042,773.38"},null,{"v":56.3,"d":"56.30"},null,{"v":0,"d":"$0.00"}]
[]
[null,null,"TOTAL DE EXCAVACIÓN Y RETIRO DE MATERIAL",{"$nulls":3},{"$f":"SUM(G46:G55)","v":{"v":526600474.834,"d":"$526,600,474.83"}},{"$nulls":3},{"$f":"SUM(K46:K55)","v":{"v":0,"d":"$0.00"}}]
[]
[null,"3.2.0","LLENOS"]
["ESP 3.2.1","3.2.1","Suministro, transporte y colocación de base granular de máximo Ø 1½\", reacomodado con medios MANUALES y compactado al 100% mínimo del ensayo del proctor modificado, según normas para la construcción de pavimentos del INVIAS, y todo lo necesario para su correcto funcionamiento. Su medida será tomada en sitio ya compactado. Incluye acarreo interno, el equipo compactador + operario + combustible y la cuadrilla. La compactación debe ser máximo en capas de 20cm de espesor.","m3",{"v":1027,"d":"1,027.00"},{"v":206853.52,"d":"$206,853.52"},{"$f":"F60*E60","v":{"v":212438565.04,"d":"$212,438,565.04"}},null,{"v":1027,"d":"1,027.00"},null,{"$f":"J60*I60","v":{"v":0,"d":"$0.00"}}]
["ESP 3.2.2","3.2.2","Llenos en arenilla, compactados mecánicamente hasta obtener una densidad del 98% de la máxima obtenida en el ensayo del Proctor modificado. Incluye el suministro, transporte, colocación de la arenilla, la compactación de la misma y transporte interno. Y su medida sera en sitio ya compactado. El lleno debe extenderse en capas horizontales y espesor uniforme de tal forma que permita obtener el grado de compactación adecuado.","m3",{"v":160,"d":"160.00"},{"v":85308.45,"d":"$85,308.45"},{"$f":"F61*E61","v":{"v":13649352,"d":"$13,649,352.00"}},null,{"v":160,"d":"160.00"},null,{"$f":"J61*I61","v":{"v":0,"d":"$0.00"}}]
["ESP 3.2.3","3.2.3","Llenos en material provenientes de la excavación, compactados mecánicamente hasta obtener una densidad del 95% de la máxima obtenida en el ensayo del Proctor modificado. Incluye transporte interno. Su medida sera en sitio ya compactado.","m3",{"v":240,"d":"240.00"},{"v":28062.99,"d":"$28,062.99"},{"$f":"F62*E62","v":{"v":6735117.600000001,"d":"$6,735,117.60"}},null,{"v":240,"d":"240.00"},null,{"$f":"J62*I62","v":{"v":0,"d":"$0.00"}}]
[]
[null,null,"TOTAL DE LLENOS",{"$nulls":3},{"$f":"SUM(G60:G62)","v":{"v":232823034.64,"d":"$232,823,034.64"}},{"$nulls":3},{"$f":"SUM(K60:K62)","v":{"v":0,"d":"$0.00"}}]
[]
[null,"3.0.0","TOTAL DE MOVIMIENTOS DE TIERRA",{"$nulls":3},{"$f":"G64+G57","v":{"v":759423509.474,"d":"$759,423,509.47"}},{"$nulls":3},{"$f":"K64+K57","v":{"v":0,"d":"$0.00"}}]
[]
[null,"4.0.0","CONCRETOS"]
[]
[null,"4.1.0","SUBESTRUCTURA"]
[]
[null,"4.1.1","FUNDACIONES"]
["ESP 4.1.1.1","4.1.1.1","Construcción de VIGA DE FUNDACIÓN en concreto de 28 Mpa (4000 PSI) DE 60X60. Incluye el suministro y transporte del concreto, mano de obra, protección y curado,  acarreo interno, alquiler de bomba y los materiales necesarios para su correcta función.  No incluye refuerzo ni excavación, los mismos se pagarán en sus respectivos ítems.","m3",224.68,{"v":951963.79,"d":"$951,963.79"},{"$f":"F73*E73","v":{"v":213887224.33720002,"d":"$213,887,224.34"}},null,224.68,null,{"$f":"J73*I73","v":{"v":0,"d":"$0.00"}}]
["ESP 4.1.1.2","4.1.1.2","Construcción de VIGA DE FUNDACIÓN en concreto de 28 Mpa (4000 PSI) DE 40X60. Incluye el suministro y transporte del concreto, mano de obra, protección y curado y los materiales necesarios para su correcta función.  No incluye refuerzo ni excavación, los mismos se pagarán en sus respectivos ítems.","m3",65.69,{"v":920020.7,"d":"$920,020.70"},{"v":60436159.78299999,"d":"$60,436,159.78"},null,65.69,null,{"v":0,"d":"$0.00"}]
["ESP 4.1.1.3","4.1.1.3","Construcción de VIGA DE FUNDACIÓN en concreto de 28 Mpa (4000 PSI) DE 80X60. Incluye el suministro y transporte del concreto, mano de obra, protección y curado y los materiales necesarios para su correcta función.  No incluye refuerzo ni excavación, los mismos se pagarán en sus respectivos ítems.","m3",{"v":4.8,"d":"4.80"},{"v":986690.1,"d":"$986,690.10"},{"v":4736112.4799999995,"d":"$4,736,112.48"},null,{"v":4.8,"d":"4.80"},null,{"v":0,"d":"$0.00"}]
["ESP 4.1.1.4","4.1.1.4","Construcción de DADOS DE FUNDACIÓN O CABEZOTES en concreto de 42 Mpa (6000 PSI). Incluye el suministro y transporte del concreto, mano de obra, protección y curado y los materiales necesarios para su correcta función.  No incluye refuerzo ni excavación, los mismos se pagarán en sus respectivos ítems.","m3",43.41,{"v":1161631.06,"d":"$1,161,631.06"},{"v":50426404.3146,"d":"$50,426,404.31"},null,43.41,null,{"v":0,"d":"$0.00"}]
["ESP 4.1.1.5","4.1.1.5","Construcción de PILAS en concreto de 28 Mpa (4000 PSI) premezclado. Incluye el suministro, transporte y vaciado del concreto, mano de obra, protección, tabla de 1.70x0.20, clavo 1\" y alquiler de bomba y los demás elementos necesarios para su correcto funcionamiento. No incluye refuerzo ni excavación, los mismos se pagarán en sus respectivos ítems.","m3",{"v":710,"d":"710.00"},{"v":890720.55,"d":"$890,720.55"},{"v":632411590.5,"d":"$632,411,590.50"},null,{"v":710,"d":"710.00"},null,{"v":0,"d":"$0.00"}]
["ESP 4.1.1.6","4.1.1.6","Colocación de concreto de 10.5 Mpa para SOLADO, con un espesor de 0.05 m. Incluye el suministro y el transporte del concreto, acarreo interno y todos los demás elementos necesarios para su correcta construcción.","m2",{"v":385.033333333333,"d":"385.03"},{"v":25081.3,"d":"$25,081.30"},{"v":9657136.543333326,"d":"$9,657,136.54"},null,{"v":385.033333333333,"d":"385.03"},null,{"v":0,"d":"$0.00"}]
["ESP 4.1.1.7","4.1.1.7","Construcción de  LOSA DE CONTRAPISO  en Concreto premezclado 21 Mpa (3000 PSI) con e=13 cm. Incluye suministro, transporte e instalación del concreto, mano de obra, vibrado, protección y curado, pulida de piso de concreto con allanadora (1026.07m2) y todos los materiales necesarios para su correcto funcionamiento. No incluye refuerzo, ni lleno.\nNOTA: En estas cantidades se encuentra incluido el vaciado de placa de losa de contrapiso del foso de ascensor.","m2",{"v":2503.39,"d":"2,503.39"},{"v":217015.34,"d":"$217,015.34"},{"v":543274032.0026,"d":"$543,274,032.00"},null,{"v":2503.39,"d":"2,503.39"},null,{"v":0,"d":"$0.00"}]
["ESP 4.1.1.8","4.1.1.8","Construcción de CAMPANAS DE PILAS  en Concreto premezclado 28 Mpa (4000 PSI). Incluye suministro, transporte e instalación del concreto, mano de obra, vibrado, protección y curado y todos los materiales necesarios para su correcto funcionamiento.  No incluye refuerzo ni excavación, los mismos se pagarán en sus respectivos ítems.","m3",{"v":169.5,"d":"169.50"},{"v":948927.02,"d":"$948,927.02"},{"v":160843129.89000002,"d":"$160,843,129.89"},null,{"v":169.5,"d":"169.50"},null,{"v":0,"d":"$0.00"}]
["ESP 4.1.1.9","4.1.1.9","Armado y vaciado de ANILLO DE  PILAS de diámetro 1.40, incluye Concreto de 17.5 Mpa preparado en obra, herramienta menor y todos los elementos necesarios para su correcta ejecución.  No incluye refuerzo ni excavación, los mismos se pagarán en sus respectivos ítems.","m",{"v":569.2,"d":"569.20"},{"v":343713.9,"d":"$343,713.90"},{"v":195641951.88000003,"d":"$195,641,951.88"},null,{"v":569.2,"d":"569.20"},null,{"v":0,"d":"$0.00"}]
["ESP 4.1.1.10","4.1.1.10","Construcción de ZAPATA PARA RAMPA EN CONCRETO PREMEZCLADO DE 28 MPA (4000 PSI). Incluye suministro, transporte y vaciado del concreto, vibrado, desmoldante, antisol, formaleta y todo lo necesario para su correcta construcción. No incluye excavación ni acero de refuerzo, los mismos se pagarán en sus respectivo ítems","m3",2.88,{"v":946985.66,"d":"$946,985.66"},{"v":2727318.7008,"d":"$2,727,318.70"},null,2.88,null,{"v":0,"d":"$0.00"}]
["ESP 4.1.1.11","4.1.1.11","Construcción de PILOTE EN CONCRETO REFORZADO DE 28 MPA CON DIÁMETRO 30cm. Concreto premezclado . Incluye suministro, transporte y vaciado del concreto, excavación mecánica y todo lo necesario para su correcta construcción. No incluye acero de refuerzo, el mismos se pagará en su respectivo ítem","m",{"v":260,"d":"260.00"},{"v":462286.58752525,"d":"$462,286.59"},{"v":120194512.75656499,"d":"$120,194,512.76"},null,{"v":260,"d":"260.00"},null,{"v":0,"d":"$0.00"}]
["ESP 4.1.1.12","4.1.1.12","Construcción de talud a 45° mediante tratamiento de una capa de mortero 1:4,  de esp 5cm de espesor total,  incluye malla electrosoldada tipo D84, tubería PVC 2\" para oídos, geotextil NT2400, sika 1, larguero de madera comun de 1\" y los materiales necesarios para su correcto funcionamiento.                                                                         ","m2",195.27,{"v":149243.5219,"d":"$149,243.52"},{"v":29142782.521413,"d":"$29,142,782.52"},null,195.27,null,{"v":0,"d":"$0.00"}]
[]
[null,null,"TOTAL DE FUNDACIONES",{"$nulls":3},{"$f":"SUM(G73:G84)","v":{"v":2023378355.7095118,"d":"$2,023,378,355.71"}},{"$nulls":3},{"$f":"SUM(K73:K84)","v":{"v":0,"d":"$0.00"}}]
[]
[null,null,"TOTAL DE SUBESTRUCTURA",{"$nulls":3},{"$f":"G86","v":{"v":2023378355.7095118,"d":"$2,023,378,355.71"}},{"$nulls":3},{"$f":"K86","v":{"v":0,"d":"$0.00"}}]
[]
[null,"4.2.0","ESTRUCTURA"]
[]
[null,"4.2.1","LOSAS"]
["ESP 4.2.1.1","4.2.1.1","Construcción de LOSAS AÉREAS en concreto de 35 Mpa (5000 psi). con un Esp 12.5 cm. Incluye suministro, transporte y colocación del concreto, mano de obra, vibrado, protección, formaleta y curado y todos los materiales necesarios para su correcto funcionamiento. No incluye refuerzo.","m2",{"v":16162.91,"d":"16,162.91"},{"v":261125.61,"d":"$261,125.61"},{"$f":"F93*E93","v":{"v":4220549733.1250997,"d":"$4,220,549,733.13"}},null,{"v":16162.91,"d":"16,162.91"},null,{"$f":"J93*I93","v":{"v":0,"d":"$0.00"}}]
[]
[null,null,"TOTAL DE LOSAS",{"$nulls":3},{"$f":"G93","v":{"v":4220549733.1250997,"d":"$4,220,549,733.13"}},{"$nulls":3},{"$f":"K93","v":{"v":0,"d":"$0.00"}}]
[]
[null,"4.2.3","COLUMNAS"]
["ESP 4.2.3.1","4.2.3.1","Construcción de COLUMNAS DE secciones 0.80x0.50 m de resistencias según diseño estructural ( 42 Mpa 6000 PSI) , acabado a la vista. Incluye suministro, transporte y colocación del concreto, formaleta en súper \"T\" de 19 mm., aristas biseladas, desmoldante, para mezclas de concreto, vibrado, protección, curado y todos los demás elementos necesarios para su correcta construcción según diseño. El acero de refuerzo se pagará en su respectivo ítem. ","m",{"v":11.6,"d":"11.60"},{"v":597639.38,"d":"$597,639.38"},{"$f":"F98*E98","v":{"v":6932616.808,"d":"$6,932,616.81"}},null,{"v":11.6,"d":"11.60"},null,{"$f":"J98*I98","v":{"v":0,"d":"$0.00"}}]
["ESP 4.2.3.2","4.2.3.2","Construcción de COLUMNAS DE secciones  0.80 x0.80m. de resistencias según diseño estructural (35 MPa o 5000 PSI y 42m Pao 6000 PSI) , acabado a la vista. Incluye suministro, transporte y colocación del concreto, formaleta en súper \"T\" de 19 mm., aristas biseladas, desmoldante, para mezclas de concreto, vibrado, protección, curado y todos los demás elementos necesarios para su correcta construcción según diseño. El acero de refuerzo se pagará en su respectivo ítem. ","m",{"v":816.2,"d":"816.20"},{"v":760323.32,"d":"$760,323.32"},{"$f":"F99*E99","v":{"v":620575893.784,"d":"$620,575,893.78"}},null,{"v":816.2,"d":"816.20"},null,{"$f":"J99*I99","v":{"v":0,"d":"$0.00"}}]
[]
[null,null,"TOTAL DE COLUMNAS",{"$nulls":3},{"$f":"G98+G99","v":{"v":627508510.592,"d":"$627,508,510.59"}},{"$nulls":3},{"$f":"K98+K99","v":{"v":0,"d":"$0.00"}}]
[]
[null,"4.2.4","VIGAS AEREAS"]
["ESP 4.2.4.1","4.2.4.1","Construcción de VIGAS AÉREAS de 0,2 x 0,6 m. en concreto de 35 Mpa, hasta una altura variable desde el nivel de apoyo de la obra falsa hasta el nivel inferior de la viga. Incluye suministro, transporte y colocación del concreto, formaleta de primera calidad en súper T de 19 mm o equivalente, para acabado a la vista, aristas biseladas, suministro, transporte, armado y desarmado de la obra falsa requerida, vibrado, protección, curado y todos los demás elementos necesarios para su correcta construcción. El acero de refuerzo se pagará en su respectivo ítem según diseño y especificaciones establecidos en los planos.  En el vaciado se deben dejar los hierros para el amarre de los elementos no estructurales que se requieran, por ningún motivo se pagarán anclajes.                                                                                                       NOTA: en estas cantidades se encuentran incluidas las vigas del foso de ascensor, tienen las mismas dimensiones.","m",{"v":4554.19,"d":"4,554.19"},{"v":270531.26,"d":"$270,531.26"},{"$f":"F104*E104","v":{"v":1232050758.9794,"d":"$1,232,050,758.98"}},null,{"v":4554.19,"d":"4,554.19"},null,{"$f":"J104*I104","v":{"v":0,"d":"$0.00"}}]
["ESP 4.2.4.2","4.2.4.2","Construcción de VIGAS AÉREAS de 0,3 x 0,8 m. en concreto de 35 Mpa, hasta una altura variable desde el nivel de apoyo de la obra falsa hasta el nivel inferior de la viga. Incluye suministro, transporte y colocación del concreto, formaleta de primera calidad en súper T de 19 mm o equivalente, para acabado a la vista, aristas biseladas, suministro, transporte, armado y desarmado de la obra falsa requerida, vibrado, protección, curado y todos los demás elementos necesarios para su correcta construcción. El acero de refuerzo se pagará en su respectivo ítem según diseño y especificaciones establecidos en los planos.  En el vaciado se deben dejar los hierros para el amarre de los elementos no estructurales que se requieran, por ningún motivo se pagarán anclajes.","m",{"v":847.3,"d":"847.30"},{"v":374520.19,"d":"$374,520.19"},{"$f":"F105*E105","v":{"v":317330956.987,"d":"$317,330,956.99"}},null,{"v":847.3,"d":"847.30"},null,{"$f":"J105*I105","v":{"v":0,"d":"$0.00"}}]
["ESP 4.2.4.3","4.2.4.3","Construcción de VIGAS AÉREAS de 0,5 x 0,8 m. en concreto de 35 Mpa, hasta una altura variable desde el nivel de apoyo de la obra falsa hasta el nivel inferior de la viga. Incluye suministro, transporte y colocación del concreto, formaleta de primera calidad en súper T de 19 mm o equivalente, para acabado a la vista, aristas biseladas, suministro, transporte, armado y desarmado de la obra falsa requerida, vibrado, protección, curado y todos los demás elementos necesarios para su correcta construcción. El acero de refuerzo se pagará en su respectivo ítem según diseño y especificaciones establecidos en los planos.  En el vaciado se deben dejar los hierros para el amarre de los elementos no estructurales que se requieran, por ningún motivo se pagarán anclajes.                                                                                                        NOTA: en estas cantidades se encuentran incluida la viga cajón, tienen las mismas dimensiones.","m",{"v":3346.57,"d":"3,346.57"},{"v":505786.8,"d":"$505,786.80"},{"$f":"F106*E106","v":{"v":1692650931.276,"d":"$1,692,650,931.28"}},null,{"v":3346.57,"d":"3,346.57"},null,{"$f":"J106*I106","v":{"v":0,"d":"$0.00"}}]
["ESP 4.2.4.4","4.2.4.4","Construcción de VIGAS AÉREAS de 0,4 x 0,8 m. en concreto de 35 Mpa, con una altura variable desde el nivel de apoyo de la obra falsa hasta el nivel inferior de la viga. Incluye suministro, transporte y colocación del concreto, formaleta de primera calidad en súper T de 19 mm o equivalente, para acabado a la vista, aristas biseladas, suministro, transporte, armado y desarmado de la obra falsa requerida, vibrado, protección, curado y todos los demás elementos necesarios para su correcta construcción. El acero de refuerzo se pagará en su respectivo ítem según diseño y especificaciones establecidos en los planos.  En el vaciado se deben dejar los hierros para el amarre de los elementos no estructurales que se requieran, por ningún motivo se pagarán anclajes.","m",{"v":435.1,"d":"435.10"},{"v":443069.4,"d":"$443,069.40"},{"$f":"F107*E107","v":{"v":192779495.94000003,"d":"$192,779,495.94"}},null,{"v":435.1,"d":"435.10"},null,{"$f":"J107*I107","v":{"v":0,"d":"$0.00"}}]
[]
[null,null,"TOTAL DE VIGAS AÉREAS",{"$nulls":3},{"$f":"SUM(G104:G107)","v":{"v":3434812143.1824,"d":"$3,434,812,143.18"}},{"$nulls":3},{"$f":"SUM(K104:K107)","v":{"v":0,"d":"$0.00"}}]
[]
[null,"4.2.5","ESCALERAS/GRADERÍAS"]
["ESP 4.2.5.1","4.2.5.1","Construcción de ESCALERAS en concreto premezclado de 21 Mpa., con huella de 0.28 hasta 0.30 m y contrahuella de 0.15 hasta 0.17 m. Incluye suministro, transporte y la colocación del concreto, formaleta de primera calidad en súper \"T\" de 19 mm. o su equivalente para acabado a la vista, contrahuellas, moldura chaflán en contrahuellas, vibrado, protección, curado, y todos los demás elementos necesarios para su correcta construcción, según diseño.","tramo",{"v":14,"d":"14.00"},{"v":9128259.181965,"d":"$9,128,259.18"},{"$f":"F112*E112","v":{"v":127795628.54751001,"d":"$127,795,628.5"}},null,{"v":14,"d":"14.00"},null,{"$f":"J112*I112","v":{"v":0,"d":"$0.0"}}]
[]
[null,null,"TOTAL DE ESCALERAS/GRADERÍAS",{"$nulls":3},{"$f":"G112","v":{"v":127795628.54751001,"d":"$127,795,628.55"}},{"$nulls":3},{"$f":"K112","v":{"v":0,"d":"$0.00"}}]
[]
[null,"4.2.6","RAMPAS"]
["ESP 4.2.6.1","4.2.6.1","Construcción de RAMPAS  en concreto de 28 Mpa (4000 PSI), de 12,5 cm, Incluye suministro, transporte y colocación del concreto, mano de obra, vibrado, protección, formaleta y curado y todos los materiales necesarios para su correcto funcionamiento. No incluye refuerzo.","m2",{"v":147.7,"d":"147.70"},{"v":259841.9,"d":"$259,841.90"},{"$f":"F117*E117","v":{"v":38378648.629999995,"d":"$38,378,648.63"}},null,{"v":147.7,"d":"147.70"},null,{"$f":"J117*I117","v":{"v":0,"d":"$0.00"}}]
["ESP 4.2.6.2","4.2.6.2","Construcción de VIGAS AÉREAS DE RAMPA de 0,5 x 0,7 m. en concreto de 28 Mpa, hasta una altura variable desde el nivel de apoyo de la obra falsa hasta el nivel inferior de la viga. Incluye suministro, transporte y colocación del concreto, formaleta de primera calidad en súper T de 19 mm o equivalente, para acabado a la vista, aristas biseladas, suministro, transporte, armado y desarmado de la obra falsa requerida, vibrado, protección, curado y todos los demás elementos necesarios para su correcta construcción. El acero de refuerzo se pagará en su respectivo ítem según diseño y especificaciones establecidos en los planos.  ","m",{"v":39.9,"d":"39.90"},{"v":445293.47,"d":"$445,293.47"},{"$f":"F118*E118","v":{"v":17767209.452999998,"d":"$17,767,209.45"}},null,{"v":39.9,"d":"39.90"},null,{"$f":"J118*I118","v":{"v":0,"d":"$0.00"}}]
["ESP 4.2.6.3","4.2.6.3","Construcción de VIGAS AÉREAS DE RAMPA de 0,4 x 0,2 m. en concreto de 28 Mpa, hasta una altura variable desde el nivel de apoyo de la obra falsa hasta el nivel inferior de la viga. Incluye suministro, transporte y colocación del concreto, formaleta de primera calidad en súper T de 19 mm o equivalente, para acabado a la vista, aristas biseladas, suministro, transporte, armado y desarmado de la obra falsa requerida, vibrado, protección, curado y todos los demás elementos necesarios para su correcta construcción. El acero de refuerzo se pagará en su respectivo ítem según diseño y especificaciones establecidos en los planos.  ","m",19.66,{"v":241173.58,"d":"$241,173.58"},{"$f":"F119*E119","v":{"v":4741472.5828,"d":"$4,741,472.58"}},null,19.66,null,{"$f":"J119*I119","v":{"v":0,"d":"$0.00"}}]
[]
[null,null,"TOTAL DE RAMPAS",{"$nulls":3},{"$f":"SUM(G117:G119)","v":{"v":60887330.66579999,"d":"$60,887,330.67"}},{"$nulls":3},{"$f":"SUM(K117:K119)","v":{"v":0,"d":"$0.00"}}]
[]
[null,"4.2.7","TANQUES"]
["ESP 4.2.7.1","4.2.7.1","Construcción de  LOSA DE CONTRAPISO de tanque  en Concreto premezclado 28 Mpa (4000 PSI) con e=50 cm,   Incluye suministro, transporte e instalación del concreto, mano de obra, vibrado, protección y curado y todos los materiales necesarios para su correcto funcionamiento. No incluye refuerzo. Será pagado en su respectivo ítem.","m2",{"v":217.005,"d":"217.01"},{"v":600665.86,"d":"$600,665.86"},{"$f":"F124*E124","v":{"v":130347494.94929999,"d":"$130,347,494.95"}},null,{"v":217.005,"d":"217.01"},null,{"$f":"J124*I124","v":{"v":0,"d":"$0.00"}}]
["ESP 4.2.7.2","4.2.7.2","Construcción de MURO DE CONTENCIÓN en concreto premezclado de 28 MPa (4000 psi), esp. 0,30m,  con una altura total máxima de 2.30m. Incluye desmoldante, vibrador de concreto, y todo lo necesario para su correcta construcción. No incluye acero de refuerzo, el mismo se pagará en su respectivo ítem.","m2",{"v":115.2,"d":"115.20"},{"v":384670.56,"d":"$384,670.56"},{"$f":"F125*E125","v":{"v":44314048.512,"d":"$44,314,048.51"}},null,{"v":115.2,"d":"115.20"},null,{"$f":"J125*I125","v":{"v":0,"d":"$0.00"}}]
["ESP 4.2.7.3","4.2.7.3","Construcción de MURO DIVISORIOS DE TANQUE en concreto premezclado de 28 MPa (4000 psi) esp. 0,30m, con una altura total máxima de 2.30m. Incluye desmoldante, vibrador de concreto, y todo lo necesario para su correcta construcción. No incluye acero de refuerzo, el mismo se pagará en su respectivo ítem.","m2",{"v":43.2,"d":"43.20"},{"v":384670.56,"d":"$384,670.56"},{"$f":"F126*E126","v":{"v":16617768.192000002,"d":"$16,617,768.19"}},null,{"v":43.2,"d":"43.20"},null,{"$f":"J126*I126","v":{"v":0,"d":"$0.00"}}]
["ESP 4.2.7.4","4.2.7.4","Construcción de LOSAS AÉREAS en concreto de 28 Mpa (4000 psi). con un Esp 20 cm PARA TANQUE. Incluye suministro, transporte y colocación del concreto, mano de obra, vibrado, protección, formaleta y curado y todos los materiales necesarios para su correcto funcionamiento. No incluye refuerzo.","m2",{"v":217.005,"d":"217.01"},{"v":304086.752875,"d":"$304,086.75"},{"$f":"F127*E127","v":{"v":65988345.807639375,"d":"$65,988,345.81"}},null,{"v":217.005,"d":"217.01"},null,{"$f":"J127*I127","v":{"v":0,"d":"$0.00"}}]
[]
[null,null,"TOTAL DE TANQUES",{"$nulls":3},{"$f":"SUM(G124:G127)","v":{"v":257267657.46093935,"d":"$257,267,657.46"}},{"$nulls":3},{"$f":"SUM(K124:K127)","v":{"v":0,"d":"$0.00"}}]
[]
[null,"4.2.8","MUROS EN CONCRETO"]
["ESP 4.2.8.1","4.2.8.1","Suministro, transporte y colocación de concreto para MURO PANTALLA  de dimensiones .4x6m, con resistencias de  42 Mpa(6000 psi) y 35 MPa(5000 psi), incluye formaleta SÚPER T para acabado a la vista ambas caras, vibrado, reductor de agua tipo Sika o similar, acelerante para concretos tipo Sika o similar, desencofrante tipo Sika o similar, transporte externo e interno y colocación de la formaleta  en su sitio de acuerdo a los hilos, medidas y trazos indicados en los planos, lo mismo que el suministro, transporte externo e interno y colocación dentro del molde por medios manuales o mecánicos, del concreto necesario, en las características, secciones y especificaciones indicadas en los planos estructurales de la obra. El contratista debe suministrar también todos los elementos necesarios para asegurar la formaleta en su sitio, tales como tacos, parales, pasadores, tensores, corbatas, etc., que se requiera. Deberá también dar el curado necesario y retirar las formaletas cuando el concreto haya alcanzado su curado inicial. La interventoría indicará dónde y cuándo deben hacerse reparaciones u ordenar la demolición y reposición, por cuenta del contratista, del elemento cuando este lo considere necesario. El acero de refuerzo está incluido en su ítem respectivo.","m2",{"v":540.5,"d":"540.50"},{"v":469732.9,"d":"$469,732.90"},{"$f":"F132*E132","v":{"v":253890632.45000002,"d":"$253,890,632.45"}},null,{"v":540.5,"d":"540.50"},null,{"$f":"J132*I132","v":{"v":0,"d":"$0.00"}}]
["ESP 4.2.8.2","4.2.8.2","Suministro, transporte y colocación de concreto para MURO PANTALLA de dimensiones .8x1.60m, de resistencias de 42 Mpa(6000 psi) y 35 Mpa(5000 psi),  incluye formaleta SÚPER T para acabado a la vista ambas caras, vibrado, reductor de agua tipo Sika o similar, acelerante para concretos tipo Sika o similar, desencofrante tipo Sika o similar, transporte externo e interno y colocación de la formaleta  en su sitio de acuerdo a los hilos, medidas y trazos indicados en los planos, lo mismo que el suministro, transporte externo e interno y colocación dentro del molde por medios manuales o mecánicos, del concreto necesario, en las características, secciones y especificaciones indicadas en los planos estructurales de la obra. El contratista debe suministrar también todos los elementos necesarios para asegurar la formaleta en su sitio, tales como tacos, parales, pasadores, tensores, corbatas, etc., que se requiera. Deberá también dar el curado necesario y retirar las formaletas cuando el concreto haya alcanzado su curado inicial. La interventoría indicará dónde y cuándo deben hacerse reparaciones u ordenar la demolición y reposición, por cuenta del contratista, del elemento cuando este lo considere necesario. El acero de refuerzo está incluido en su ítem respectivo.","m2",301.12,{"v":825169,"d":"$825,169.00"},{"v":248474889.28,"d":"$248,474,889.28"},null,301.12,null,{"v":0,"d":"$0.00"}]
["ESP 4.2.8.3","4.2.8.3","Suministro, transporte y colocación de concreto de 21 Mpa(3000 psi), para muro espesor 20 cm, incluye formaleta SÚPER T para acabado a la vista ambas caras, vibrado, reductor de agua tipo Sika o similar, desencofrante tipo Sika o similar, transporte externo e interno y colocación de la formaleta en su sitio de acuerdo a los hilos, medidas y trazos indicados en los planos, lo mismo que el suministro, transporte externo e interno y colocación dentro del molde por medios manuales o mecánicos, del concreto necesario, en las características, secciones y especificaciones indicadas en los planos estructurales de la obra.  se deberá también dar el curado necesario y retirar las formaletas cuando el concreto haya alcanzado su curado inicial. El acero de refuerzo está incluido en su ítem respectivo al igual que la formaleta.\nNOTA: los muros no estructurales se conciben en concreto reforzado. Las cantidades de los muros del foso de ascensor están incluidas dentro de este ítem.","m2",{"v":1103.4,"d":"1,103.40"},{"v":303400.91,"d":"$303,400.91"},{"v":334772564.094,"d":"$334,772,564.09"},null,{"v":1103.4,"d":"1,103.40"},null,{"v":0,"d":"$0.00"}]
["ESP 4.2.8.4","4.2.8.4","Suministro, transporte y colocación de concreto de 21 Mpa(3000 psi), para muro espesor 15 cm, incluye formaleta SÚPER T para acabado a la vista ambas caras, vibrado, reductor de agua tipo Sika o similar, desencofrante tipo Sika o similar, transporte externo e interno y colocación de la formaleta en su sitio de acuerdo a los hilos, medidas y trazos indicados en los planos, lo mismo que el suministro, transporte externo e interno y colocación dentro del molde por medios manuales o mecánicos, del concreto necesario, en las características, secciones y especificaciones indicadas en los planos estructurales de la obra. se Deberá también dar el curado necesario y retirar las formaletas cuando el concreto haya alcanzado su curado inicial. El acero de refuerzo está incluido en su ítem respectivo al igual que la formaleta.   NOTA: En general, los muros no estructurales se conciben en concreto reforzado y las cantidades están reportadas dentro del ítem MUROS DE CONCRETO del presupuesto.","m2",{"v":3532.91,"d":"3,532.91"},{"v":269389.21,"d":"$269,389.21"},{"v":951727833.9011,"d":"$951,727,833.90"},null,{"v":3532.91,"d":"3,532.91"},null,{"v":0,"d":"$0.00"}]
["ESP 4.2.8.5","4.2.8.5","Suministro, transporte y colocación de concreto de 24 Mpa(3500 psi), para muro espesor 15 cm, incluye formaleta SÚPER T para acabado a la vista ambas caras, vibrado, reductor de agua tipo Sika o similar, desencofrante tipo Sika o similar, transporte externo e interno y colocación de la formaleta en su sitio de acuerdo a los hilos, medidas y trazos indicados en los planos, lo mismo que el suministro, transporte externo e interno y colocación dentro del molde por medios manuales o mecánicos, del concreto necesario, en las características, secciones y especificaciones indicadas en los planos estructurales de la obra. se deberá también dar el curado necesario y retirar las formaletas cuando el concreto haya alcanzado su curado inicial. El acero de refuerzo está incluido en su ítem respectivo al igual que la formaleta.\nNOTA: En general, los muros no estructurales se conciben en concreto reforzado y las cantidades están reportadas dentro del ítem MUROS DE CONCRETO del presupuesto.","m2",{"v":640,"d":"640.00"},{"v":307739.59,"d":"$307,739.59"},{"v":196953337.60000002,"d":"$196,953,337.60"},null,{"v":640,"d":"640.00"},null,{"v":0,"d":"$0.00"}]
["ESP 4.2.8.6","4.2.8.6","Suministro, transporte y colocación de concreto de 21 Mpa(3000 psi), para muro espesor 12 cm, incluye formaleta SÚPER T para acabado a la vista ambas caras, vibrado, reductor de agua tipo Sika o similar, desencofrante tipo Sika o similar, transporte externo e interno y colocación de la formaleta en su sitio de acuerdo a los hilos, medidas y trazos indicados en los planos, lo mismo que el suministro, transporte externo e interno y colocación dentro del molde por medios manuales o mecánicos, del concreto necesario, en las características, secciones y especificaciones indicadas en los planos estructurales de la obra.  se deberá también dar el curado necesario y retirar las formaletas cuando el concreto haya alcanzado su curado inicial. El acero de refuerzo está incluido en su ítem respectivo al igual que la formaleta.\nNOTA: En general, los muros no estructurales se conciben en concreto reforzado y las cantidades están reportadas dentro del ítem MUROS DE CONCRETO del presupuesto.","m2",{"v":490.1,"d":"490.10"},{"v":248982.18,"d":"$248,982.18"},{"v":122026166.418,"d":"$122,026,166.42"},null,{"v":490.1,"d":"490.10"},null,{"v":0,"d":"$0.00"}]
["ESP 4.2.8.7","4.2.8.7","Suministro, transporte y colocación de concreto de 21 Mpa(3000 psi), para muro espesor 10 cm, incluye formaleta SÚPER T para acabado a la vista ambas caras, vibrado, reductor de agua tipo Sika o similar, desencofrante tipo Sika o similar, transporte externo e interno y colocación de la formaleta en su sitio de acuerdo a los hilos, medidas y trazos indicados en los planos, lo mismo que el suministro, transporte externo e interno y colocación dentro del molde por medios manuales o mecánicos, del concreto necesario, en las características, secciones y especificaciones indicadas en los planos estructurales de la obra.  se deberá también dar el curado necesario y retirar las formaletas cuando el concreto haya alcanzado su curado inicial. El acero de refuerzo está incluido en su ítem respectivo al igual que la formaleta.NOTA: En general, los muros no estructurales se conciben en concreto reforzado y las cantidades están reportadas dentro del ítem MUROS DE CONCRETO del presupuesto.","m2",578.35,{"v":235377.51,"d":"$235,377.51"},{"v":136130582.90850002,"d":"$136,130,582.91"},null,578.35,null,{"v":0,"d":"$0.00"}]
["ESP 4.2.8.8","4.2.8.8","Suministro, transporte y colocación de concreto de 21 Mpa(3000 psi), para muro paral espesor 20 cm para soporte de fachada liviana, incluye formaleta SÚPER T para acabado a la vista ambas caras, vibrado, reductor de agua tipo Sika o similar, desencofrante tipo Sika o similar, transporte externo e interno y colocación de la formaleta en su sitio de acuerdo a los hilos, medidas y trazos indicados en los planos, lo mismo que el suministro, transporte externo e interno y colocación dentro del molde por medios manuales o mecánicos, del concreto necesario, en las características, secciones y especificaciones indicadas en los planos estructurales de la obra.  se deberá también dar el curado necesario y retirar las formaletas cuando el concreto haya alcanzado su curado inicial. El acero de refuerzo está incluido en su ítem respectivo al igual que la formaleta.","m3",235.86,{"v":1342760.13,"d":"$1,342,760.13"},{"v":316703404.2618,"d":"$316,703,404.26"},null,235.86,null,{"v":0,"d":"$0.00"}]
[]
[null,null,"TOTAL DE MUROS EN CONCRETO",{"$nulls":3},{"$f":"SUM(G132:G139)","v":{"v":2560679410.9133997,"d":"$2,560,679,410.91"}},{"$nulls":3},{"$f":"SUM(K132:K139)","v":{"v":0,"d":"$0.00"}}]
[null,"4.2.9","FORMALETA"]
["ESP 4.2.9.1","4.2.9.1","Alquiler de equipo para el armado de losa (obra falsa) encofrado completo de sistema versatec o equivalente, comparte proporcional de puntales y armadura con puntal de  5 m, encofrado a 3 niveles para un cuarto de losa sistema 1+1 de la planta típica nivel 4 e incluye los elementos necesarios para su correcto funcionamiento.","m2",{"v":1136,"d":"1,136.00"},{"v":509976.09,"d":"$509,976.09"},{"$f":"F143*E143","v":{"v":579332838.24,"d":"$579,332,838.24"}},null,{"v":1136,"d":"1,136.00"},null,{"$f":"J143*I143","v":{"v":0,"d":"$0.00"}}]
["ESP 4.2.9.2","4.2.9.2","Alquiler de equipo para el armado de columnas (obra falsa) sistema TEIDYHANDY  Encofrado para estructura vertical con dimensiones variables a una altura de vaciado variable y altura de encofrado de 4.80m. Incluye accesorios de fijación y los elementos necesarios para su correcto funcionamiento. No incluye apuntalamiento ni consumibles. ","m2",234.36,{"v":759569.5,"d":"$759,569.50"},{"$f":"F144*E144","v":{"v":178012708.02,"d":"$178,012,708.02"}},null,234.36,null,{"$f":"J144*I144","v":{"v":0,"d":"$0.00"}}]
[]
[null,null,"TOTAL DE FORMALETA",{"$nulls":3},{"$f":"SUM(G143:G144)","v":{"v":757345546.26,"d":"$757,345,546.26"}},{"$nulls":3},{"$f":"SUM(K143:K144)","v":{"v":0,"d":"$0.00"}}]
[]
[null,"4.2.10","CÁRCAMOS"]
["ESP 4.2.10.1","4.2.10.1","Canaleta en concreto .25m X.40m con rejilla modular antideslizante platinas con eje en acero inoxidable AISI 304. Espesor 1/8\" para canal de 15 cm. Luz entre platinas: 25 mm. Ancho de la rejilla 12 cm para canal de 15 cm.","m",6.77,{"v":490154.84,"d":"$490,154.84"},{"$f":"F149*E149","v":{"v":3318348.2668,"d":"$3,318,348.27"}},null,6.77,null,{"$f":"J149*I149","v":{"v":0,"d":"$0.00"}}]
["ESP 4.2.10.2","4.2.10.2","Canaleta en concreto .40m X.50m con rejilla modular antideslizante platinas con eje en acero inoxidable AISI 304. Espesor 1/8\" para canal de 50cm. Luz entre platinas: 25 mm. Ancho de la rejilla 12 cm para canal de 15 cm.","m",28.72,{"v":528073.3,"d":"$528,073.30"},{"$f":"F150*E150","v":{"v":15166265.176,"d":"$15,166,265.18"}},null,28.72,null,{"$f":"J150*I150","v":{"v":0,"d":"$0.00"}}]
[]
[null,null,"TOTAL DE CARCAMOS",{"$nulls":3},{"$f":"SUM(G149:G150)","v":{"v":18484613.4428,"d":"$18,484,613.44"}},{"$nulls":3},{"$f":"SUM(K149:K150)","v":{"v":0,"d":"$0.00"}}]
[]
[null,null,"TOTAL DE ESTRUCTURA",{"$nulls":3},{"$f":"SUM(G152+G146+G141+G129+G121+G114+G109+G101+G95)","v":{"v":12065330574.189949,"d":"$12,065,330,574.19"}},{"$nulls":3},{"$f":"SUM(K152+K146+K141+K129+K121+K114+K109+K101+K95)","v":{"v":0,"d":"$0.00"}}]
[]
[null,null,"TOTAL DE CONCRETOS",{"$nulls":3},{"$f":"SUM(G154+G88)","v":{"v":14088708929.89946,"d":"$14,088,708,929.90"}},{"$nulls":3},{"$f":"SUM(K154+K88)","v":{"v":0,"d":"$0.00"}}]
[]
[null,"5.0.0","ACERO/MALLAS"]
[]
[null,"5.1.0","ACERO DE REFUERZO"]
["ESP 5.1.1","5.1.1","Suministro, transporte e instalación de ACERO DE REFUERZO FIGURADO FY= 420 Mpa-60000 PSI, corrugado para elementos en concreto reforzado. Incluye transporte con descarga, transporte interno, alambre de amarre, certificados y todos los elementos necesarios para su correcta instalación, según diseño y recomendaciones estructurales.                                                                                                                  NOTA: Dentro de las cantidades reportadas de acero de refuerzo se encuentra asociado al arreglo de tres vigas, o vigas cajón, que se extienden entre los ejes C y E, sobre eje el 4 en el nivel 7, y sobre los ejes 2, 3 y 4 en el nivel 8. El peso del refuerzo de cada viga es alrededor de 12560 kg.","kg",{"v":828940.02,"d":"828,940.02"},{"v":6224.16,"d":"$6,224.16"},{"$f":"F161*E161","v":{"v":5159455314.8832,"d":"$5,159,455,314.88"}},null,{"v":828940.02,"d":"828,940.02"},null,{"$f":"J161*I161","v":{"v":0,"d":"$0.00"}}]
["ESP 5.1.2","5.1.2","Suministro e instalación de anclajes de diámetro 3/8\",  incluye la perforación, el epóxico y todos los elementos necesarios para su correcto funcionamiento","un",{"v":8850,"d":"8,850.00"},{"v":4655.57,"d":"$4,655.57"},{"$f":"F162*E162","v":{"v":41201794.5,"d":"$41,201,794.50"}},null,{"v":8850,"d":"8,850.00"},null,{"$f":"J162*I162","v":{"v":0,"d":"$0.00"}}]
[]
[null,null,"TOTAL DE ACERO DE REFUERZO",{"$nulls":3},{"$f":"SUM(G161:G162)","v":{"v":5200657109.3832,"d":"$5,200,657,109.38"}},{"$nulls":3},{"$f":"SUM(K161:K162)","v":{"v":0,"d":"$0.00"}}]
[]
[null,"5.2.0","MALLA ELECTROSOLDADA"]
["ESP 5.2.1","5.2.1","Colocación de MALLA ELECTROSOLDADA TIPO D 131. Incluye el suministro, transporte del material, corte, instalación y amarre para  losa de contrapiso y losas aéreas o donde se requiera. el refuerzo y su instalación debe cumplir con la Norma NSR 10. Incluye alambre recocido y todos los elementos necesarios para su correcta colocación.","m2",{"v":19273.07,"d":"19,273.07"},{"v":16777.78,"d":"$16,777.78"},{"$f":"F167*E167","v":{"v":323359328.3846,"d":"$323,359,328.38"}},null,{"v":19273.07,"d":"19,273.07"},null,{"$f":"J167*I167","v":{"v":0,"d":"$0.00"}}]
[null,"5.2.2","Colocación de MALLA ELECTROSOLDADA TIPO:  D221. Incluye el suministro, transporte del material, corte, instalación y amarre para  muros de concreto no estructurales  o donde se requiera. El refuerzo y su instalación debe cumplir con la Norma NSR 10. Incluye alambre recocido y todos los elementos necesarios para su correcta colocación.","m2",{"v":1681.754,"d":"1,681.75"},{"v":25421.64,"d":"$25,421.64"},{"$f":"F168*E168","v":{"v":42752944.75656,"d":"$42,752,944.76"}},null,{"v":1681.754,"d":"1,681.75"},null,{"$f":"J168*I168","v":{"v":0,"d":"$0.00"}}]
[null,"5.2.3","Colocación de MALLA ELECTROSOLDADA TIPO:  D257 . Incluye el suministro, transporte del material, corte, instalación y amarre para  muros de concreto no estructurales  o donde se requiera. El refuerzo y su instalación debe cumplir con la Norma NSR 10. Incluye alambre recocido y todos los elementos necesarios para su correcta colocación.","m2",{"v":490.0965,"d":"490.10"},{"v":22424.45,"d":"$22,424.45"},{"$f":"F169*E169","v":{"v":10990144.459425,"d":"$10,990,144.46"}},null,{"v":490.0965,"d":"490.10"},null,{"$f":"J169*I169","v":{"v":0,"d":"$0.00"}}]
[null,"5.2.4","Colocación de MALLA ELECTROSOLDADA TIPO:  D158 . Incluye el suministro, transporte del material, corte, instalación y amarre para  muros de concreto no estructurales  o donde se requiera. El refuerzo y su instalación debe cumplir con la Norma NSR 10. Incluye alambre recocido y todos los elementos necesarios para su correcta colocación.","m2",{"v":3529.5812,"d":"3,529.58"},{"v":26730.67,"d":"$26,730.67"},{"$f":"F170*E170","v":{"v":94348070.295404,"d":"$94,348,070.30"}},null,{"v":3529.5812,"d":"3,529.58"},null,{"$f":"J170*I170","v":{"v":0,"d":"$0.00"}}]
[]
[{"$nulls":6},{"$f":"G167+G168+G169+G170","v":{"v":471450487.895989,"d":"$471,450,487.90"}},{"$nulls":3},{"$f":"K167+K168+K169+K170","v":{"v":0,"d":"$0.00"}}]
[]
[null,"5.0.0","TOTAL DE ACERO/MALLAS",{"$nulls":3},{"$f":"G164+G172","v":{"v":5672107597.279189,"d":"$5,672,107,597.28"}},{"$nulls":3},{"$f":"K164+K172","v":{"v":0,"d":"$0.00"}}]
[]
[null,"6.0.0","ACABADOS E IMPERMEABILIZACIONES"]
[]
[null,"6.1.0","PINTURA/ESTUCO/ENCHAPE"]
[]
[null,"6.1.1","ESTUCO"]
["ESP 6.1.1.1","6.1.1.1","Colocación de ESTUCO ACRÍLICO PROFESIONAL, SOBRE MUROS REVOCADOS, 3 manos mínimo, o las que sean necesarias para obtener una superficie pareja y homogénea. Incluye suministro y transporte de los materiales, ranuras, filetes, dilataciones y todos los elementos necesarios para su correcta aplicación y funcionamiento.","m2",{"v":5789.54,"d":"5,789.54"},{"v":27213.32,"d":"$27,213.32"},{"$f":"F181*E181","v":{"v":157552604.6728,"d":"$157,552,604.67"}},null,{"v":5789.54,"d":"5,789.54"},null,{"$f":"J181*I181","v":{"v":0,"d":"$0.00"}}]
[]
[null,null,"TOTAL DE ESTUCO",{"$nulls":3},{"$f":"G181","v":{"v":157552604.6728,"d":"$157,552,604.67"}},{"$nulls":3},{"$f":"K181","v":{"v":0,"d":"$0.00"}}]
[]
[null,"6.1.2","ENCHAPES"]
["ESP 6.1.2.1","6.1.2.1","Suministro, transporte e instalación de Enchape en cerámica Vancouver Caras Diferenciadas formato 30x60 color Beige Ref.604602031, marca corona o equivalente e incluye los elementos necesarios para su correcto funcionamiento.\n","m2",{"v":1545.43,"d":"1,545.43"},{"v":87500.46,"d":"$87,500.46"},{"$f":"F186*E186","v":{"v":135225835.89780003,"d":"$135,225,835.90"}},null,{"v":1545.43,"d":"1,545.43"},null,{"$f":"J186*I186","v":{"v":0,"d":"$0.00"}}]
["ESP 6.1.2.2","6.1.2.2","Suministro, transporte e instalación de Enchape en cerámica rectificada plana formato 30 x 60 cms Ref.  608039001 Corona color blanco o equivalente. Altura 1.50 cms. Disposición horizontal. Especificaciones e instalación según proveedor e incluye los elementos necesarios para su correcto funcionamiento.","m2",469.99,{"v":89600.46,"d":"$89,600.46"},{"$f":"F187*E187","v":{"v":42111320.19540001,"d":"$42,111,320.20"}},null,469.99,null,{"$f":"J187*I187","v":{"v":0,"d":"$0.00"}}]
[null,"6.1.2.3","Suministro, transporte e instalación de recubrimiento de muro tipo domus RP16 , en melanina duratex referencia sagano vetta o similar, incluye estructura, herramientas, andamios, mano de obra y los materiales necesarios para su correcta instalación.","m2",805.51,{"v":460978,"d":"$460,978.00"},{"$f":"F188*E188","v":{"v":371322388.78,"d":"$371,322,388.78"}},null,805.51,null,{"$f":"J188*I188","v":{"v":0,"d":"$0.00"}}]
[]
[null,null,"TOTAL DE ENCHAPES",{"$nulls":3},{"$f":"SUM(G186:G188)","v":{"v":548659544.8731999,"d":"$548,659,544.87"}},{"$nulls":3},{"$f":"SUM(K186:K188)","v":{"v":0,"d":"$0.00"}}]
[]
[null,"6.1.3","PINTURA"]
["ESP 6.1.3.1","6.1.3.1","Aplicación de PINTURA A BASE DE AGUA EN MUROS, CON VINILO TIPO 1 de primera calidad sobre muros revocados y/o estucados, tres manos hasta obtener una superficie pareja y homogénea. Incluye suministro y transporte de los materiales,  tapa poros en estuco plástico tipo plastiestuco o equivalente diluido en agua proporción 1:2, adecuación de la superficie a intervenir hasta obtener una superficie pareja y homogénea, color blanco.","m2",{"v":12596.939999999999,"d":"12,596.94"},{"v":21244.28,"d":"$21,244.28"},{"$f":"F193*E193","v":{"v":267612920.50319996,"d":"$267,612,920.50"}},null,{"v":12596.939999999999,"d":"12,596.94"},null,{"$f":"J193*I193","v":{"v":0,"d":"$0.00"}}]
["ESP 6.1.3.3","6.1.3.3","Aplicación de PINTURA EPOXICA de primera calidad sobre muros y/o cielos revocados y/o estucados, dos manos hasta obtener una superficie pareja y homogénea. Incluye catalizador, filos y dilataciones, suministro y transporte de los materiales, tapa poros en estuco plástico, adecuación de la superficie a intervenir hasta obtener una superficie pareja y homogénea, color blanco y todos los elementos necesarios para su correcta aplicación.","m2",{"v":1234.04,"d":"1,234.04"},{"v":37847.369999999995,"d":"$37,847.37"},{"$f":"F194*E194","v":{"v":46705168.47479999,"d":"$46,705,168.47"}},null,{"v":1234.04,"d":"1,234.04"},null,{"$f":"J194*I194","v":{"v":0,"d":"$0.00"}}]
["ESP 6.1.3.4","6.1.3.4","Aplicación de PINTURA A BASE DE AGUA EN MUROS, CON VINILO color ocre o similar de primera calidad sobre muros revocados y/o estucados, tres manos hasta obtener una superficie pareja y homogénea. Incluye suministro y transporte de los materiales, tapa poros en estuco plástico tipo plastiestuco o equivalente diluido en agua proporción 1:2, adecuación de la superficie a intervenir hasta obtener una superficie pareja y homogénea.","m2",{"v":1615.38,"d":"1,615.38"},{"v":20573.7,"d":"$20,573.70"},{"$f":"F195*E195","v":{"v":33234343.506000005,"d":"$33,234,343.51"}},null,{"v":1615.38,"d":"1,615.38"},null,{"$f":"J195*I195","v":{"v":0,"d":"$0.00"}}]
[]
[null,null,"TOTAL DE PINTURA",{"$nulls":3},{"$f":"SUM(G193:G195)","v":{"v":347552432.4839999,"d":"$347,552,432.48"}},{"$nulls":3},{"$f":"SUM(K193:K195)","v":{"v":0,"d":"$0.00"}}]
[]
[null,"6.1.4","REVOQUE"]
["ESP 6.1.4.1","6.1.4.1","Colocación de REVOQUE con mortero 1:4 EN MUROS. Incluye suministro y transporte de los materiales, fajas, ranuras, filetes y todos los demás elementos necesarios para su correcta construcción.","m2",{"v":5592.04,"d":"5,592.04"},{"v":30742.628178,"d":"$30,742.63"},{"$f":"E200*F200","v":{"v":171914006.4765031,"d":"$171,914,006.48"}},null,{"v":5592.04,"d":"5,592.04"},null,{"$f":"I200*J200","v":{"v":0,"d":"$0.00"}}]
[]
[null,null,"TOTAL DE REVOQUE",{"$nulls":3},{"$f":"G200","v":{"v":171914006.4765031,"d":"$171,914,006.48"}},{"$nulls":3},{"$f":"K200","v":{"v":0,"d":"$0.00"}}]
[]
[null,null,"TOTAL DE PINTURA/ESTUCO/ENCHAPE",{"$nulls":3},{"$f":"SUM(G202+G197+G190+G183)","v":{"v":1225678588.5065029,"d":"$1,225,678,588.51"}},{"$nulls":3},{"$f":"SUM(K202+K197+K190+K183)","v":{"v":0,"d":"$0.00"}}]
[]
[null,"6.2.0","IMPERMEABILIZACIONES"]
["ESP 6.2.0.1","6.2.0.1","Suministro e instalación de sistema impermeabilizante a base de membrana de PVC plastificado, tipo Sika Sarnafil S-327 12L, con espesor de 1.5 mm, reforzada con fibra de poliéster y alta reflectividad. Incluye preparación de superficie, colocación de geotextil, anclajes de fijación, láminas metálicas de terminación, adhesivos y todos los elementos necesarios para su correcto funcionamiento.","m2",{"v":2272.84,"d":"2,272.84"},{"v":285490.88,"d":"$285,490.88"},{"$f":"E207*F207","v":{"v":648875091.6992,"d":"$648,875,091.70"}},null,{"v":2272.84,"d":"2,272.84"},null,{"$f":"I207*J207","v":{"v":0,"d":"$0.00"}}]
["ESP 6.2.0.2","6.2.0.2","Aplicación de impermeabilizante acrílico o epóxico en terrazas niveles 3 y 6 y zonas de duchas en baños interiores de primera calidad sobre morteros con pendientes, dos manos o las necesarias hasta obtener una superficie pareja y homogénea. Incluye catalizador, filos y dilataciones, suministro y transporte de los materiales, resanes, tapa poros y adecuación de la superficie a intervenir hasta obtener una superficie pareja y homogénea y todos los elementos necesarios para su correcta aplicación.","m2",971.55,{"v":36521.38,"d":"$36,521.38"},{"$f":"E208*F208","v":{"v":35482346.73899999,"d":"$35,482,346.74"}},null,971.55,null,{"$f":"I208*J208","v":{"v":0,"d":"$0.00"}}]
["ESP 6.2.0.3","6.2.0.3","Aplicación de membrana PVC para impermeabilización de tanque, incluye Instalación de perfilería perimetral con chazos,  geotextil 1600.,  geomembrana PVC 1,2 mm., Construcción de emboquillados de bajantes, Emboquillado de incrustaciones, Aplicación de sello elástico perimetral para sellar perfil de anclaje y los materiales necesarios para su correcto funcionamiento.","m2",348.45,{"v":116900,"d":"$116,900.00"},{"$f":"E209*F209","v":{"v":40733805,"d":"$40,733,805.00"}},null,348.45,null,{"$f":"I209*J209","v":{"v":0,"d":"$0.00"}}]
["ESP 6.2.0.4","6.2.0.4","Construcción de MEDIA CAÑA EN MORTERO 1:4. Con un desarrollo 25 cm, para cubierta. Incluye suministro, transporte de los materiales, mano de obra de regata y todo lo necesario para su correcta construcción. Según diseño.","m",302.96,{"v":39908.41,"d":"$39,908.41"},{"$f":"E210*F210","v":{"v":12090651.8936,"d":"$12,090,651.89"}},null,302.96,null,{"$f":"I210*J210","v":{"v":0,"d":"$0.00"}}]
["ESP 6.2.0.5","6.2.0.5","Aplicación de Impermeabilizante para foso de ascensor y/o malacate con recubrimiento cementoso para la impermeabilización de estructuras (broncosil y broncoplug (compuesto hidráulico de fraguado rápido para sellar filtraciones de agua en concreto), incluye suministro, transporte e instalación y todos los elementos necesarios para su correcto funcionamiento. Para un área total de 17,28 m2","un",{"v":4,"d":"4.00"},{"v":782326.56,"d":"$782,326.56"},{"$f":"E211*F211","v":{"v":3129306.24,"d":"$3,129,306.24"}},null,{"v":4,"d":"4.00"},null,{"$f":"I211*J211","v":{"v":0,"d":"$0.00"}}]
[]
[null,null,"TOTAL DE IMPERMEABILIZACIONES",{"$nulls":3},{"$f":"SUM(G207:G211)","v":{"v":740311201.5718,"d":"$740,311,201.57"}},{"$nulls":3},{"$f":"SUM(K207:K211)","v":{"v":0,"d":"$0.00"}}]
[]
[null,null,"TOTAL DE ACABADOS E IMPERMEABILIZACIONES",{"$nulls":3},{"$f":"SUM(G213+G204)","v":{"v":1965989790.0783029,"d":"$1,965,989,790.08"}},{"$nulls":3},{"$f":"SUM(K213+K204)","v":{"v":0,"d":"$0.00"}}]
[]
[null,"7.0.0","PISOS"]
[]
[null,"7.1.0","PISOS Y ZÓCALOS EN CERÁMICA Y PIEDRA "]
["ESP 7.1.1","7.1.1","Colocación de Piso Porcelanato Rectificado Manet ARD® PRO Marfil Multitono 60x120, ref. 123542051,  calidad corona o equivalente para baños. Incluye suministro y transporte de los materiales, adhesivo Pegantto Plus o equivalente, boquilla Juntta Puss gris o equivalente, juntas de dilatación elastoméricas tipo sikaflex o equivalente y todos los demás elementos necesarios para su correcta construcción y funcionamiento. ","m2",{"v":570.6700000000001,"d":"570.67"},{"v":150141.06,"d":"$150,141.06"},{"$f":"E220*F220","v":{"v":85680998.71020001,"d":"$85,680,998.71"}},null,{"v":570.6700000000001,"d":"570.67"},null,{"$f":"I220*J220","v":{"v":0,"d":"$0.00"}}]
["ESP 7.1.2","7.1.2","Colocación de Piso en cerámica Vancouver hielo Ref. 607942221, formato 60 x 60 cm, modulación según detalle específico,  calidad corona o equivalente. Incluye suministro y transporte de los materiales, adhesivo Pegantto Pluss o equivalente, boquilla Juntta Puss gris o equivalente, juntas de dilatación elastoméricas tipo sikaflex o equivalente y todos los demás elementos necesarios para su correcta construcción y funcionamiento. ","m2",{"v":116.57000000000001,"d":"116.57"},{"v":92774.51,"d":"$92,774.51"},{"v":10814724.6307,"d":"$10,814,724.63"},null,{"v":116.57000000000001,"d":"116.57"},null,{"v":0,"d":"$0.00"}]
["ESP 7.1.3","7.1.3","Suministro, transporte e instalación de Piso en piedra natural Royal dorado e=1,5 cm para tráfico pesado acabado cepillado, formato 30cm x junta perdida (variable). Espesor 1 cm + mortero de pega, nivelación y lechada. Pegante Pegacor Max con látex Ref. 901011501 corona o similar. Remate contra muros en arenón tipo royal dorado. Incluye transporte interno y los demás elementos necesarios para su correcto funcionamiento.","m2",398.92,{"v":437368.95,"d":"$437,368.95"},{"v":174475221.534,"d":"$174,475,221.53"},null,398.92,null,{"v":0,"d":"$0.00"}]
["ESP 7.1.4","7.1.4","Suministro, transporte e instalación de Piso en piedra natural Royal dorado e=2,0 cm para tráfico pesado acabado anticado, formato 30cm x junta perdida (variable). Espesor 1 cm + mortero de pega, nivelación y lechada. Pegante Pegacor Max con látex Ref. 901011501 corona o similar. Remate contra muros en arenón tipo royal dorado.  El acabado de la piedra lo hace el instalador. Incluye transporte interno y  los demás elementos necesarios para su correcto funcionamiento.","m2",107.73,{"v":438619.08,"d":"$438,619.08"},{"v":47252433.488400005,"d":"$47,252,433.49"},null,107.73,null,{"v":0,"d":"$0.00"}]
["ESP 7.1.5","7.1.5","Suministro transporte e instalación de zócalo en piedra royal acabado cepillado y anticado , junta perdida *10*1, e=1,5 cm, formato 30cm x junta perdida (variable). Espesor 1cm +  pega y lechada. Pegante Pegacor Max con látex Ref. 901011501 corona o similar. Incluye transporte interno y los demás elementos necesarios para su correcto funcionamiento.","m",{"v":247.7,"d":"247.70"},{"v":60264.81,"d":"$60,264.81"},{"v":14927593.436999999,"d":"$14,927,593.44"},null,{"v":247.7,"d":"247.70"},null,{"v":0,"d":"$0.00"}]
["ESP 7.1.6","7.1.6","Colocación de ZÓCALO EN PISO Manet ARD PRO formato .60x1.20 cm color marfil multitono Ref.123542051, de 10 cms, marca corona o equivalente mismo material del piso.  Instalación y modulación según detalle específico. Incluye suministro y transporte de los materiales, cortes con máquina, pegante para cerámica tipo Pegacor o equivalente, lechada con Boquilla para cerámica y todo lo necesario para su correcta instalación y funcionamiento.","m",{"v":69.4,"d":"69.40"},{"v":38210.47,"d":"$38,210.47"},{"v":2651806.6180000002,"d":"$2,651,806.62"},null,{"v":69.4,"d":"69.40"},null,{"v":0,"d":"$0.00"}]
["ESP 7.1.7","7.1.7","Construcción de GUARDAESCOBA EN MEDIA CAÑA EN MORTERO CON IMPERMEABILIZANTE INTEGRAL 1:3 con Sika 1 o su equivalente. Con un desarrollo de 25 cm. Incluye suministro y transporte de los materiales, varilla de dilatación de 3 mm., superior e inferior y curvas de aluminio cada 1.80 m. o donde sea necesario y todo lo necesario para su correcta construcción. Según diseño.","m",{"v":2010.9,"d":"2,010.90"},{"v":50315.3,"d":"$50,315.30"},{"v":101179036.77000001,"d":"$101,179,036.77"},null,{"v":2010.9,"d":"2,010.90"},null,{"v":0,"d":"$0.00"}]
["ESP 7.1.8","7.1.8","Construcción de vaciado zócalo 1/2 caña en grano. Incluye: lechada, grano, forma media caña en aluminio de 3 mm, varilla de dilatación plástica parte inferior y mano de obra en vaciado. Con un desarrollo ≤ 20 cm. Incluye: lechada y grano, pulido, destronque y repulido, brillo y diamantado y todos los demás elementos para su correcto funcionamiento.","m",{"v":57.9,"d":"57.90"},{"v":60370.95,"d":"$60,370.95"},{"v":3495478.005,"d":"$3,495,478.01"},null,{"v":57.9,"d":"57.90"},null,{"v":0,"d":"$0.00"}]
["ESP 7.1.9","7.1.9","Suministro, transporte e instalación de ATRAPAMUGRE en Piedra royal bronce, acabado abujardado de 30cm x jp x 2 cm de espesor, incluye lechada, pegante, lavado y sellado y los elementos necesarios para su correcto funcionamiento.","m",8.15,{"v":198539.9815,"d":"$198,539.98"},{"v":1618100.849225,"d":"$1,618,100.85"},null,8.15,null,{"v":0,"d":"$0.00"}]
["ESP 7.1.10","7.1.10","Suministro, transporte e instalación de ZOCALO EN MDF CHAPILLADO Y TINTILLADO, incluye varilla de 2.44 m, la herramienta menor (clavos, puntillas, pegamento, silicona) y todos los elementos necesarios para su correcto funcionamiento.","m",{"v":288.70000000000005,"d":"288.70"},{"v":85442,"d":"$85,442.00"},{"v":24667105.400000002,"d":"$24,667,105.40"},null,{"v":288.70000000000005,"d":"288.70"},null,{"v":0,"d":"$0.00"}]
[null,"7.1.11","Construcción de GUARDAESCOBA EN CONCRETO PIGMENTADO  o su equivalente. Incluye suministro y transporte de los materiales, varilla de dilatación de 3 mm., superior e inferior  y todo lo necesario para su correcta construcción. Según diseño.","m",{"v":196.6,"d":"196.60"},{"v":38921.474,"d":"$38,921.47"},{"v":7651961.7884,"d":"$7,651,961.79"},null,{"v":196.6,"d":"196.60"},null,{"v":0,"d":"$0.00"}]
[]
[null,null,"TOTAL DE PISOS Y ZÓCALOS EN CERÁMICA Y PIEDRA ",{"$nulls":3},{"$f":"SUM(G220:G230)","v":{"v":474414461.23092484,"d":"$474,414,461.23"}},{"$nulls":3},{"$f":"SUM(K220:K230)","v":{"v":0,"d":"$0.00"}}]
[]
[null,"7.2.0","PISOS VARIOS"]
["ESP 7.2.1","7.2.1","Suministro y transporte de piso falso TIPO POLITI para interiores en acero de alta resistencia, revestido con pintura epóxica, Las placas en su parte inferior contienen 64 celdas. Módulo de 60x60 cm o similar. No incluye acabado (el acabado recomendado es alfombra o vinilo autoportante a partir de 4.5mm para permitir el registro, no tipo click). Resistencia: 2019,04 Kg/m2 de carga distribuida.\nPedestales de Acero de altura regulables TIPOLOGÍA 1 - 600x600x30mm - 35MM C BOARD - STEEL FULL WRAPPED TYPE - FFH150MM - CROSS HEAD PEDESTAL HEAD AND BASE","m2",21.85,{"v":314227.73,"d":"$314,227.73"},{"$f":"E235*F235","v":{"v":6865875.9005,"d":"$6,865,875.90"}},null,21.85,null,{"$f":"I235*J235","v":{"v":0,"d":"$0.00"}}]
["ESP 7.2.2","7.2.2","Instalación de piso falso TIPO POLITI para interiores en acero de alta resistencia revestido con pintura epóxica, las placas en su parte inferior contienen 64 celdas. Módulo de 60x60 cm o similar.","m2",21.85,{"v":40206.92,"d":"$40,206.92"},{"v":878521.202,"d":"$878,521.20"},null,21.85,null,{"v":0,"d":"$0.00"}]
["ESP 7.2.3","7.2.3","Suministro y transporte de sistema de PISO DE TABLETA Triangular PREFABRICADA exterior, conjunto piso tableta triangular, referencia PRO3774, marca Cimbrados o equivalente y los elementos necesarios para su correcto funcionamiento","m2",{"v":566.8500000000001,"d":"566.85"},{"v":140818.65,"d":"$140,818.65"},{"v":79823051.75250001,"d":"$79,823,051.75"},null,{"v":566.8500000000001,"d":"566.85"},null,{"v":0,"d":"$0.00"}]
["ESP 7.2.4","7.2.4","Instalación de piso exterior PISO DE TABLETA TRIANGULAR PREFABRICADA flotante,  incluye todos los elementos necesarios para su correcto funcionamiento","m2",969.19,{"v":66934.32,"d":"$66,934.32"},{"v":64872073.60080001,"d":"$64,872,073.60"},null,969.19,null,{"v":0,"d":"$0.00"}]
["ESP 7.2.5","7.2.5","Construcción de PISO EN MORTERO 1:5 de NIVELACIÓN, espesor de 0.05m. Incluye suministro y transporte de los materiales y todo lo necesario para su correcta construcción y funcionamiento.","m2",{"v":4954.29,"d":"4,954.29"},{"v":32011.3,"d":"$32,011.30"},{"v":158593263.477,"d":"$158,593,263.48"},null,{"v":4954.29,"d":"4,954.29"},null,{"v":0,"d":"$0.00"}]
["ESP 7.2.6","7.2.6","Suministro, transporte e instalación de piso  DE VINILO Lvt Milliken, para tráfico comercial, medidas 15.24 CM X 121.92 CM, con espesor de 2,5 MM, el paquete trae 3.34 M2, cuenta con 15 años de garantía, acabado de poliuretano reforzado con silicona, suministra excelente resistencia a la mancha, a la abrasión y el rayado, incluye adhesivo y mastico, y  los elementos necesarios para su correcta instalación. No incluye El subsuelo (mortero) debe estar duro, plano, seco, liso, limpio, regular, sin ondulaciones, libre de rastros de yeso, pintura, pegamentos, aceite o de sustancias grasas.","m2",755.71,{"v":260973.75,"d":"$260,973.75"},{"v":197220472.6125,"d":"$197,220,472.61"},null,755.71,null,{"v":0,"d":"$0.00"}]
["ESP 7.2.7","7.2.7","Suministro e instalación de tableta táctil tallada en piedra royal beta espesor de 2 cm incluye mortero de pega, nivelación, lechada de asiento, junta y los elementos necesarios para su correcta instalación","m",44.61,{"v":497038.22,"d":"$497,038.22"},{"v":22172874.9942,"d":"$22,172,874.99"},null,44.61,null,{"v":0,"d":"$0.00"}]
[null,"7.2.8","Suministro, transporte e instalación de piso en vinilo antiestático conductivo Ref. IQ Toro SC Tarket espesor 2,0mm formato rollo 2x23m. o equivalente. Piso vinílico homogéneo prensado permanentemente conductor de la electricidad estática., incluye adhesivo y mastico, y  los elementos necesarios para su correcta instalación. No incluye El subsuelo (mortero) debe estar duro, plano, seco, liso, limpio, regular, sin ondulaciones, libre de rastros de yeso, pintura, pegamentos, aceite o de sustancias grasas.","m2",425.78,{"v":378301.8,"d":"$378,301.80"},{"$f":"F242*E242","v":{"v":161073340.40399998,"d":"$161,073,340.40"}},null,425.78,null,{"$f":"I242*J242","v":{"v":0,"d":"$0.00"}}]
[null,"7.2.9","Suministro, transporte e instalación de piso  DE VINILO Lvt Milliken, para tráfico comercial, medidas 15.24 CM X 121.92 CM, con espesor de 5,0 MM, el paquete trae 3.34 M2, cuenta con 15 años de garantía, acabado de poliuretano reforzado con silicona, suministra excelente resistencia a la mancha, a la abrasión y el rayado, incluye adhesivo y mastico, y  los elementos necesarios para su correcta instalación. No incluye El subsuelo (mortero) debe estar duro, plano, seco, liso, limpio, regular, sin ondulaciones, libre de rastros de yeso, pintura, pegament","m2",{"v":1407.89,"d":"1,407.89"},{"v":286919.26,"d":"$286,919.26"},{"$f":"F243*E243","v":{"v":403950756.96140003,"d":"$403,950,756.96"}},null,{"v":1407.89,"d":"1,407.89"},null,{"$f":"I243*J243","v":{"v":0,"d":"$0.00"}}]
[null,"7.2.10","Suministro, transporte e instalación de Rejilla de hierro ductil para piso en buitrones, material de alta resistencia. Dimensiones según especificaciones de planos con espesor de 1/8\" antideslizante o similar y los materiales necesarios para su correcto funcionamiento","m2",120.63,{"v":134307.0558,"d":"$134,307.06"},{"v":16201460.141154,"d":"$16,201,460.14"},null,120.63,null,{"$f":"I244*J244","v":{"v":0,"d":"$0.00"}}]
[]
[null,null,"TOTAL DE PISOS VARIOS",{"$nulls":3},{"$f":"SUM(G235:G244)","v":{"v":1111651691.0460541,"d":"$1,111,651,691.05"}},{"$nulls":3},{"$f":"SUM(K235:K244)","v":{"v":0,"d":"$0.00"}}]
[]
[null,"7.3.0","PISOS EN CONCRETO"]
["ESP 7.3.1","7.3.1","Suministro, transporte e instalación de sintética tipo twister en cuantía de 3 kg/m3, incluye lamina de aislamiento de polietileno negro cal 6 sencilla, vaciado por franjas o carriles de vaciado con conexión mecánica, dovelas de 12 mm en el eje neutro de la losa longitud 40 cm espaciadas cada 40 cm, refuerzo de malla electro soldada de 6 mm de espesor en tercio superior en las zonas irregulares cuyo factor de forma supere la modulación recomienda entre 2,75 y 3,25 mts paños aprox de 3x3, refuerzo las aristas vivas con acero de 12 mm, 3 barras a 45 grados acabado con endurecedor de quartzo 4 kg/m2 afinado liso poro cerrado con allanadoras mecánicas, corte y sello de juntas de construcción, contracción y aislamiento, el método de colocación de concreto será bombeado o asistido. validar diseño previamente por especialista de pisos mbing sas o similar.","m2",{"v":4107.46,"d":"4,107.46"},{"v":172067.5,"d":"$172,067.50"},{"$f":"E249*F249","v":{"v":706760373.55,"d":"$706,760,373.55"}},null,{"v":4107.46,"d":"4,107.46"},null,{"$f":"I249*J249","v":{"v":0,"d":"$0.00"}}]
["ESP 7.3.2","7.3.2","Suministro, transporte e instalación de piso en concreto de 7 cm de espesor mr 40 o 4000 psi, agregado nominal de 3/4\" con pigmento de color ocre integral dentro de la mezcla de concreto (crema) contracción igual o menor a 0,06 al día 56 de vaciado con adición de fibra sintética tipo twister en cuantía de 2,2 kg/m3, incluye  lamina de aislamiento de polietileno negro cal 6 sencilla, vaciado por franjas o carriles de vaciado con conexión mecánica dovelas de 9 mm en el eje neutro de la losa longitud 30 cm espaciadas cada 40 cm, refuerzo de malla electro soldada de 5 mm de espesor en tercio superior en las zonas irregulares cuyo factor de forma supere la modulación recomienda entre 1,75 y 2,25 mts paños aprox de 2x2, refuerzo de las aristas vivas con acero de 9 mm 3 barras a 45 grados acabado con endurecedor de quartzo ocre o crema  8 kg/m2 afinado liso poro cerrado acabado con aspas de teflón con allanadoras mecánicas, corte y sello de juntas de construcción, contracción y aislamiento, el método de colocación de concreto será bombeado o asistido, se debe realizar validación de diseño previamente por especialista de pisos mbing sas o similar.","m2",{"v":1381.7499999999998,"d":"1,381.75"},{"v":238329.13,"d":"$238,329.13"},{"$f":"E250*F250","v":{"v":329311275.37749994,"d":"$329,311,275.38"}},null,{"v":1381.7499999999998,"d":"1,381.75"},null,{"$f":"I250*J250","v":{"v":0,"d":"$0.00"}}]
["ESP 7.3.3","7.3.3","Suministro, transporte e instalación de piso en concreto de 7 cm de espesor mr 40 o 4000 psi, agregado nominal de 3/4\"  contracción igual o menor a 0,06 al día 56 de vaciado con adición de fibra sintética tipo twister en cuantía de 2,2 kg/m3, incluye lamina de aislamiento de polietileno negro cal 6 sencilla, vaciado por franjas o carriles de vaciado con conexión mecánica dovelas de 9 mm en el eje neutro de la losa longitud 30 cm espaciadas cada 40 cm, refuerzo de malla electro soldada de 5 mm de espesor en tercio superior en las zonas irregulares cuyo factor de forma supere la modulación recomienda entre 1,75 y 2,25 mts paños aprox de 2x2, se debe reforzar las aristas vivas con acero de 9 mm 3 barras a 45 grados acabado con endurecedor de quartzo gris claro 7 kg/m2 afinado liso poro cerrado acabado con aspas de teflón con allanadoras mecánicas, corte y sello de juntas de construcción, contracción y aislamiento, el método de colocación de concreto será bombeado o asistido se debe realizar validación de diseño previamente por especialista de pisos mbing sas o similar.","m2",{"v":1112.59,"d":"1,112.59"},{"v":203477.64,"d":"$203,477.64"},{"$f":"E251*F251","v":{"v":226387187.4876,"d":"$226,387,187.49"}},null,{"v":1112.59,"d":"1,112.59"},null,{"$f":"I251*J251","v":{"v":0,"d":"$0.00"}}]
[]
[null,null,"TOTAL DE PISOS EN CONCRETO",{"$nulls":3},{"$f":"SUM(G249:G251)","v":{"v":1262458836.4150999,"d":"$1,262,458,836.42"}},{"$nulls":3},{"$f":"SUM(K249:K251)","v":{"v":0,"d":"$0.00"}}]
[]
[null,null,"TOTAL DE PISOS",{"$nulls":3},{"$f":"SUM(G253+G246+G232)","v":{"v":2848524988.6920786,"d":"$2,848,524,988.69"}},{"$nulls":3},{"$f":"SUM(K253+K246+K232)","v":{"v":0,"d":"$0.00"}}]
[]
[null,"8.0.0","APARATOS/GRIFERÍA/MUEBLES/MESONES"]
[]
[null,"8.1.0","APARATOS SANITARIOS"]
["ESP 8.1.1","8.1.1","Suministro, transporte y colocación de Combo manantial pro redondo botón con pedestal blanco ref. O26751001 o equivalente, contiene sanitario manantial pro con capacidad de evacuación de 400 gr con un consumo de 4.8 litros, lavamanos manantial con pedestal elaborado en porcelana, grifería nogal con llave individual y Kit de accesorios cromados valencia de 4 piezas (jabonera, percha, portarrollo y toallero argolla) y todos los elementos necesarios para su correcto funcionamiento.","un",{"v":1,"d":"1.00"},{"v":779622.23,"d":"$779,622.23"},{"$f":"E260*F260","v":{"v":779622.23,"d":"$779,622.23"}},null,{"v":1,"d":"1.00"},null,{"$f":"I260*J260","v":{"v":0,"d":"$0.00"}}]
["ESP 8.1.2","8.1.2","Suministro, transporte e instalación de Kit Taza Adriática Plus Entrada Posterior con válvula Dúplex Pro ref. CO6821001 o equivalente, esta taza cuenta con descarga por sistema jet, con capacidad de evacuación de 1000 grs. de sólidos y sifón 100 % esmaltado, válvula Dúplex Pro electrónica para sanitario con sensor infrarrojo, con herrajes reforzados, mayor grosor y ancho del aro y todos los elementos necesarios para su correcta instalación.","un",{"v":14,"d":"14.00"},{"v":2122675.13,"d":"$2,122,675.13"},{"$f":"E261*F261","v":{"v":29717451.82,"d":"$29,717,451.82"}},null,{"v":14,"d":"14.00"},null,{"$f":"I261*J261","v":{"v":0,"d":"$0.00"}}]
["ESP 8.1.3","8.1.3","Suministro, transporte e instalación de Taza Báltica Plus Entrada Posterior ref. CO6801001 o equivalente,  esta taza cuenta con descarga por sistema jet, con capacidad de evacuación de 1000 grs. de sólidos y sifón 100 % esmaltado, válvula Dúplex Pro electrónica para sanitario con sensor infrarrojo, con herrajes reforzados, mayor grosor y ancho del aro y los demás elementos necesarios para su correcto funcionamiento.","un",{"v":27,"d":"27.00"},{"v":1974044.13,"d":"$1,974,044.13"},{"$f":"E262*F262","v":{"v":53299191.51,"d":"$53,299,191.51"}},null,{"v":27,"d":"27.00"},null,{"$f":"I262*J262","v":{"v":0,"d":"$0.00"}}]
["ESP 8.1.4","8.1.4","Suministro, transporte e instalación de Kit Orinal Gotta Entrada Posterior con válvula Dúplex Pro ref. CO6841001 o equivalente, tiene un diseño moderno con sifón oculto integrado en la porcelana, válvula dúplex pro electrónica para orinal con sensor infrarrojo y todos los elementos necesarios para su correcto funcionamiento.","un",{"v":8,"d":"8.00"},{"v":1890055.63,"d":"$1,890,055.63"},{"$f":"E263*F263","v":{"v":15120445.04,"d":"$15,120,445.04"}},null,{"v":8,"d":"8.00"},null,{"$f":"I263*J263","v":{"v":0,"d":"$0.00"}}]
["ESP 8.1.5","8.1.5","Suministro, transporte e instalación de Sanitario Ultra Ahorrador Powermax blanco ref O20801001 o equivalente, máxima potencia y máximo ahorro en cada descarga capacidad de evacuación de sólidos de 1000 gramos consumo de agua de 3.8 litros y todos los elementos necesarios para su correcto funcionamiento.","un",{"v":5,"d":"5.00"},{"v":1596103.13,"d":"$1,596,103.13"},{"$f":"E264*F264","v":{"v":7980515.649999999,"d":"$7,980,515.65"}},null,{"v":5,"d":"5.00"},null,{"$f":"I264*J264","v":{"v":0,"d":"$0.00"}}]
[]
[null,null,"TOTAL DE APARATOS SANITARIOS",{"$nulls":3},{"$f":"SUM(G260:G264)","v":{"v":106897226.25,"d":"$106,897,226.25"}},{"$nulls":3},{"$f":"SUM(K260:K264)","v":{"v":0,"d":"$0.00"}}]
[]
[null,"8.2.0","MESÓN - LAVAMANOS"]
["ESP 8.2.1","8.2.1","Suministro, transporte y colocación de lavamanos de sobreponer Lavamanos Free institucional  ref OO3891001 o equivalente, color blanco, cerámico esmaltado. Incluye sifón botella, abasto, emboquillado con silicona antihongos, brazos de fijación para drywall ref. 718040001 marca corona o similar y todos los demás elementos necesarios para su correcta instalación y funcionamiento. Este producto no incluye el Semipedestal Free y grifería.","un",{"v":14,"d":"14.00"},{"v":654552.07,"d":"$654,552.07"},{"$f":"E269*F269","v":{"v":9163728.979999999,"d":"$9,163,728.98"}},null,{"v":14,"d":"14.00"},null,{"$f":"I269*J269","v":{"v":0,"d":"$0.00"}}]
["ESP 8.2.2","8.2.2","Suministro, transporte y colocación de Lavamanos con mesón extruidos de una sola pieza conformado en Corian color blanco glaciar o similar de 12 mm grosor de 600 mm x 2300 mm, incluye perforación de griferías y los elementos necesarios para su correcto funcionamiento. No incluye accesorios, trabajos de obra civil, eléctricos, gas, ni transporte vertical a partir del 3er piso. ","un",{"v":2,"d":"2.00"},{"v":8466018,"d":"$8,466,018.00"},{"$f":"E270*F270","v":{"v":16932036,"d":"$16,932,036.00"}},null,{"v":2,"d":"2.00"},null,{"$f":"I270*J270","v":{"v":0,"d":"$0.00"}}]
["ESP 8.2.3","8.2.3","Suministro, transporte y colocación de Lavamanos con mesón extruidos de una sola pieza conformado en Corian color blanco glaciar o similar de 12 mm grosor de 600 mm x 2500 mm, incluye perforación de griferías y los elementos necesarios para su correcto funcionamiento. No incluye accesorios, trabajos de obra civil, eléctricos, gas, ni transporte vertical a partir del 3er piso. ","un",{"v":12,"d":"12.00"},{"v":9175910,"d":"$9,175,910.00"},{"$f":"E271*F271","v":{"v":110110920,"d":"$110,110,920.00"}},null,{"v":12,"d":"12.00"},null,{"$f":"I271*J271","v":{"v":0,"d":"$0.00"}}]
["ESP 8.2.4","8.2.4","Suministro, transporte y colocación de Lavamanos con mesón extruidos de una sola pieza conformado en Corian color blanco glaciar o similar de 12 mm grosor de 600 mm x 1100 mm, incluye perforación de griferías y los elementos necesarios para su correcto funcionamiento. No incluye accesorios, trabajos de obra civil, eléctricos, gas, ni transporte vertical a partir del 3er piso. ","un",{"v":8,"d":"8.00"},{"v":4587466,"d":"$4,587,466.00"},{"$f":"E272*F272","v":{"v":36699728,"d":"$36,699,728.00"}},null,{"v":8,"d":"8.00"},null,{"$f":"I272*J272","v":{"v":0,"d":"$0.00"}}]
[]
[null,null,"TOTAL DE MESÓN - LAVAMANOS",{"$nulls":3},{"$f":"SUM(G269:G272)","v":{"v":172906412.98,"d":"$172,906,412.98"}},{"$nulls":3},{"$f":"SUM(K269:K272)","v":{"v":0,"d":"$0.00"}}]
[]
[null,"8.3.0","INCRUSTACIONES/ACCESORIOS"]
["ESP 8.3.1","8.3.1","Suministro, transporte y colocación de DISPENSADOR JABON  expuesto, de accionamiento tipo push ref. 706520001, marca corona o equivalente, con capacidad para un litro de jabón y los demás elementos necesarios para su correcto funcionamiento.","un",{"v":32,"d":"32.00"},{"v":509278.29,"d":"$509,278.29"},{"$f":"E277*F277","v":{"v":16296905.28,"d":"$16,296,905.28"}},null,{"v":32,"d":"32.00"},null,{"$f":"I277*J277","v":{"v":0,"d":"$0.00"}}]
["ESP 8.3.2","8.3.2","Suministro, transporte y colocación de papelera metálica ref 706630001 tipo Corona o equivalente. Incluye pegacor y todos los demás elementos necesarios para su correcta instalación.","un",{"v":53,"d":"53.00"},{"v":622464.55,"d":"$622,464.55"},{"v":32990621.150000002,"d":"$32,990,621.15"},null,{"v":53,"d":"53.00"},null,{"v":0,"d":"$0.00"}]
["ESP 8.3.3","8.3.3","Suministro, transporte y colocación de dispensador de papel higiénico ref 706670001  o equivalente, elaborado en acero inoxidable que evita la corrosión, pelado y decoloración por agua, incluye ranura para conocer la cantidad de papel restante y todos los elementos necesarios para su correcta instalación. Ideal para espacios públicos de alto tráfico.","un",{"v":57,"d":"57.00"},{"v":432663.55,"d":"$432,663.55"},{"v":24661822.349999998,"d":"$24,661,822.35"},null,{"v":57,"d":"57.00"},null,{"v":0,"d":"$0.00"}]
["ESP 8.3.4","8.3.4","Suministro, transporte e instalación de Secador de manos potenza, en acero inoxidable, tipo turbo con sistema de sensor para uso de manos libres ref.706650001 o equivalente.  Diseñado para anclaje a muro con restricciones de seguridad para proteger su instalación y vandalismos leves. Potencia 1800 w, contiene el secador y todos los elementos necesarios para su correcta instalación.","un",{"v":42,"d":"42.00"},{"v":1360511.55,"d":"$1,360,511.55"},{"v":57141485.1,"d":"$57,141,485.10"},null,{"v":42,"d":"42.00"},null,{"v":0,"d":"$0.00"}]
["ESP 8.3.5","8.3.5","Suministro, transporte y colocación de barra de seguridad para discapacitados ref. 706560001 marca corono o equivalente, de 24\" en acero inoxidable. Incluye pernos para anclaje, escudos en acero inoxidable y todos los elementos necesarios para su correcta instalación y funcionamiento, según diseño.","un",{"v":12,"d":"12.00"},{"v":248556.43,"d":"$248,556.43"},{"v":2982677.16,"d":"$2,982,677.16"},null,{"v":12,"d":"12.00"},null,{"v":0,"d":"$0.00"}]
["ESP 8.3.6","8.3.6","Suministro, transporte y colocación de barra de seguridad para discapacitados ref. 706570001 marca corono o equivalente, de 30\" en acero inoxidable. Incluye pernos para anclaje, escudos en acero inoxidable y todos los elementos necesarios para su correcta instalación y funcionamiento, según diseño.","un",{"v":12,"d":"12.00"},{"v":305264.43,"d":"$305,264.43"},{"v":3663173.16,"d":"$3,663,173.16"},null,{"v":12,"d":"12.00"},null,{"v":0,"d":"$0.00"}]
["ESP 8.3.7","8.3.7","Suministro, transporte y colocación de Brazos Soporte Lavamanos Drywall ref. 718040001 o equivalente  y los elementos necesarios para su correcta instalación.","un",{"v":12,"d":"12.00"},{"v":837264.43,"d":"$837,264.43"},{"v":10047173.16,"d":"$10,047,173.16"},null,{"v":12,"d":"12.00"},null,{"v":0,"d":"$0.00"}]
["ESP 8.3.8","8.3.8","Suministro, transporte y colocación de dispensador de toallas de manos en acero inoxidable Ref 706150001 Corona o equivalente, con sistema anti vandálico con llave, incluye juegos para mantenimiento, ranura para conocer la cantidad de toallas restantes para abastecimiento y los elementos necesarios para su correcto funcionamiento.","un",{"v":32,"d":"32.00"},{"v":591149.55,"d":"$591,149.55"},{"v":18916785.6,"d":"$18,916,785.60"},null,{"v":32,"d":"32.00"},null,{"v":0,"d":"$0.00"}]
[]
[null,null,"TOTAL DE INCRUSTACIONES/ACCESORIOS",{"$nulls":3},{"$f":"SUM(G277:G284)","v":{"v":166700642.95999998,"d":"$166,700,642.96"}},{"$nulls":3},{"$f":"SUM(K277:K284)","v":{"v":0,"d":"$0.00"}}]
[]
[null,"8.4.0","GRIFERÍAS"]
["ESP 8.4.1","8.4.1","Suministro, transporte y colocación de Grifería Sfera Sense Dual para lavamanos , marca corona o equivalente, referencia 701370001 en acero inoxidable. Instalación con tornillos de cabeza bristol y anillo de seguridad, consumo de agua de 1.3 litros por minuto, no adiciona plomo al agua, opera con adaptador AC de 110V y respaldo de baterías AA alcalinas (no incluidas) y los materiales necesarios para su correcta instalación.","un",{"v":14,"d":"14.00"},{"v":1297043.67,"d":"$1,297,043.67"},{"$f":"E289*F289","v":{"v":18158611.38,"d":"$18,158,611.38"}},null,{"v":14,"d":"14.00"},null,{"$f":"I289*J289","v":{"v":0,"d":"$0.00"}}]
["ESP 8.4.2","8.4.2","Suministro, transporte y colocación de Grifería lavamanos institucional tipo push mesa Max cromada  Ref: MX1020001 Corona o equivalente, ideal para instituciones de alto tráfico, incluye aireador oculto anti vandálico e intercambiable con herramienta especial que facilita el mantenimiento, grifería con accionamiento mediante botón amplio de tipo push suave, con cierre automático que facilita el uso y todos los elementos necesarios para su correcto funcionamiento.","un",{"v":64,"d":"64.00"},{"v":512122.67,"d":"$512,122.67"},{"v":32775850.88,"d":"$32,775,850.88"},null,{"v":64,"d":"64.00"},null,{"v":0,"d":"$0.00"}]
["ESP 8.4.3","8.4.3","Colocación de rejilla de piso de perforación cuadriculada con dimensiones de 10x10mm marca grival o equivalente. Incluye suministro e instalación.","un",{"v":54,"d":"54.00"},{"v":74845.73,"d":"$74,845.73"},{"v":4041669.42,"d":"$4,041,669.42"},null,{"v":54,"d":"54.00"},null,{"v":0,"d":"$0.00"}]
["ESP 8.4.4","8.4.4","Suministro, transporte y colocación de Ducha antivandálica, regadera tubular Ref. 754000001 marca corona  o equivalente.  Incluye cierre automático temporizado que evita el desperdicio de agua  y los elementos necesarios para su correcto funcionamiento.","un",{"v":3,"d":"3.00"},{"v":750133.37,"d":"$750,133.37"},{"v":2250400.11,"d":"$2,250,400.11"},null,{"v":3,"d":"3.00"},null,{"v":0,"d":"$0.00"}]
["ESP 8.4.5","8.4.5","Suministro, transporte e instalación de Grifería Lavaplatos Monocontrol Vera Basic, acabado brillante, incluye: Acople Griflex o similar y los materiales necesarios para su correcta instalación.","un",{"v":8,"d":"8.00"},{"v":436357.17,"d":"$436,357.17"},{"v":3490857.36,"d":"$3,490,857.36"},null,{"v":8,"d":"8.00"},null,{"v":0,"d":"$0.00"}]
["ESP 8.4.6","8.4.6","Suministro, transporte e instalación de Grifería para lavamanos monocontrol Greta mateblack alta o equivalente, estructura robusta que ofrece mayor durabilidad, incluye los elementos necesarios para su correcto funcionamiento.","un",{"v":1,"d":"1.00"},{"v":483856.17,"d":"$483,856.17"},{"v":483856.17,"d":"$483,856.17"},null,{"v":1,"d":"1.00"},null,{"v":0,"d":"$0.00"}]
[]
[null,null,"TOTAL DE GRIFERÍAS",{"$nulls":3},{"$f":"SUM(G289:G294)","v":{"v":61201245.32,"d":"$61,201,245.32"}},{"$nulls":3},{"$f":"SUM(K289:K294)","v":{"v":0,"d":"$0.00"}}]
[]
[null,"8.5.0","ESPEJOS"]
["ESP 8.5.1","8.5.1","Suministro, transporte y colocación de Espejo plano de pared espesor 4mm calidad cristal o similar (sin distorsión) flotado y pulido, sin biseles de 2.40x0.70 cm.  Incluye, cinta doble faz, pega amarilla, silicona antihongos, y todos los demás elementos necesarios para su correcta instalación.","un",{"v":2,"d":"2.00"},{"v":460000,"d":"$460,000.00"},{"$f":"E299*F299","v":{"v":920000,"d":"$920,000.00"}},null,{"v":2,"d":"2.00"},null,{"$f":"I299*J299","v":{"v":0,"d":"$0.00"}}]
["ESP 8.5.2","8.5.2","Suministro, transporte y colocación de Espejo plano de pared espesor 4mm calidad cristal o similar (sin distorsión) flotado y pulido, sin biseles de 1.90x0.70 cm.  Incluye, cinta doble faz, pega amarilla, silicona antihongos, y todos los demás elementos necesarios para su correcta instalación.","un",{"v":1,"d":"1.00"},{"v":448000,"d":"$448,000.00"},{"v":448000,"d":"$448,000.00"},null,{"v":1,"d":"1.00"},null,{"v":0,"d":"$0.00"}]
["ESP 8.5.3","8.5.3","Suministro, transporte y colocación de Espejo plano de pared espesor 4mm calidad cristal o similar (sin distorsión) flotado y pulido, sin biseles de 1.00x0.70 cm.  Incluye, cinta doble faz, pega amarilla, silicona antihongos, y todos los demás elementos necesarios para su correcta instalación.","un",{"v":4,"d":"4.00"},{"v":310000,"d":"$310,000.00"},{"v":1240000,"d":"$1,240,000.00"},null,{"v":4,"d":"4.00"},null,{"v":0,"d":"$0.00"}]
["ESP 8.5.4","8.5.4","Suministro, transporte y colocación de Espejo plano de pared espesor 4mm calidad cristal o similar (sin distorsión) flotado y pulido, sin biseles de 2.20x0.70 cm.  Incluye, cinta doble faz, pega amarilla, silicona antihongos, y todos los demás elementos necesarios para su correcta instalación.","un",{"v":7,"d":"7.00"},{"v":459000,"d":"$459,000.00"},{"v":3213000,"d":"$3,213,000.00"},null,{"v":7,"d":"7.00"},null,{"v":0,"d":"$0.00"}]
["ESP 8.5.5","8.5.5","Suministro, transporte y colocación de Espejo plano de pared espesor 4mm calidad cristal o similar (sin distorsión) flotado y pulido, sin biseles de 4.20x0.70 cm.  Incluye, cinta doble faz, pega amarilla, silicona antihongos, y todos los demás elementos necesarios para su correcta instalación.","un",{"v":6,"d":"6.00"},{"v":658000,"d":"$658,000.00"},{"v":3948000,"d":"$3,948,000.00"},null,{"v":6,"d":"6.00"},null,{"v":0,"d":"$0.00"}]
["ESP 8.5.6","8.5.6","Suministro, transporte y colocación de Espejo plano de pared espesor 4mm calidad cristal o similar (sin distorsión) flotado y pulido, sin biseles de 3.00x0.70 cm.  Incluye, cinta doble faz, pega amarilla, silicona antihongos, y todos los demás elementos necesarios para su correcta instalación.","un",{"v":4,"d":"4.00"},{"v":530000,"d":"$530,000.00"},{"v":2120000,"d":"$2,120,000.00"},null,{"v":4,"d":"4.00"},null,{"v":0,"d":"$0.00"}]
["ESP 8.5.7","8.5.7","Suministro, transporte y colocación de Espejo plano flotado, inclinado 10° para baño de movilidad reducida.. Incluye, cinta doble faz, pega amarilla, silicona antihongos, y todos los demás elementos necesarios para su correcta instalación.","un",{"v":13,"d":"13.00"},{"v":289999.43,"d":"$289,999.43"},{"v":3769992.59,"d":"$3,769,992.59"},null,{"v":13,"d":"13.00"},null,{"v":0,"d":"$0.00"}]
[]
[null,null,"TOTAL DE ESPEJOS",{"$nulls":3},{"$f":"SUM(G299:G305)","v":{"v":15658992.59,"d":"$15,658,992.59"}},{"$nulls":3},{"$f":"SUM(K299:K305)","v":{"v":0,"d":"$0.00"}}]
[]
[null,"8.6.0","VARIOS APARATOS SANITARIOS"]
["ESP 8.6.1","8.6.1","Suministro, transporte y colocación de lava escobas prefabricado en granito y cemento blanco vaciado, formato de 42 x 42 x 25 cm. Incluye mortero 1:4, llave boca manguera, sifón y todo los demás elementos necesarios para su correcta instalación y funcionamiento.","un",{"v":6,"d":"6.00"},{"v":424845.22,"d":"$424,845.22"},{"$f":"E310*F310","v":{"v":2549071.32,"d":"$2,549,071.32"}},null,{"v":6,"d":"6.00"},null,{"$f":"I310*J310","v":{"v":0,"d":"$0.00"}}]
["ESP 8.6.2","8.6.2","Suministro y transporte de bañera con escalera línea veterinaria ref VT12 -ZINGAL o similar en acero inoxidable para el lavado de caniles.","un",{"v":1,"d":"1.00"},{"v":4700000,"d":"$4,700,000.00"},{"$f":"E311*F311","v":{"v":4700000,"d":"$4,700,000.00"}},null,{"v":1,"d":"1.00"},null,{"$f":"I311*J311","v":{"v":0,"d":"$0.00"}}]
["ESP 8.6.3","8.6.3","Suministro y transporte de mesa en acero inoxidable para cuarto de basuras de .90x1.50x,50 cm con entrepaño, color gris metal, bases o patas en acero inoxidable redondo de 1\"1/2; superficie elaborada en acero inoxidable 304 certificado calibre 18 con refuerzo para lograr mayor estabilidad y rigidez; entrepaño fijo inferior elaborado en acero inoxidable 304 certificado calibre 18 con refuerzo para lograr mayor estabilidad y rigidez; 2 soportes en platina fijos con el fin de anclar la mesa a la pared para lograr mayor estabilidad. no incluye ningún adorno, ni accesorios, ni piezas adicionales ni ningún otro elemento que lo acompañan. ","un",{"v":1,"d":"1.00"},{"v":2141881,"d":"$2,141,881.00"},{"$f":"E312*F312","v":{"v":2141881,"d":"$2,141,881.00"}},null,{"v":1,"d":"1.00"},null,{"$f":"I312*J312","v":{"v":0,"d":"$0.00"}}]
["ESP 8.6.4","8.6.4","Suministro, transporte e instalación de cabina en vidrio templado de 1.82 ancho x 1.80, sistema primavera en vidrio templado 6mm","un",{"v":0,"d":"0.00"},{"v":787100,"d":"$787,100.00"},{"$f":"E313*F313","v":{"v":0,"d":"$0.00"}},null,{"v":0,"d":"0.00"},null,{"$f":"I313*J313","v":{"v":0,"d":"$0.00"}}]
[]
[null,null,"TOTAL DE VARIOS APARATOS SANITARIOS",{"$nulls":3},{"$f":"SUM(G310:G313)","v":{"v":9390952.32,"d":"$9,390,952.32"}},{"$nulls":3},{"$f":"SUM(K310:K313)","v":{"v":0,"d":"$0.00"}}]
[]
[null,"8.7.0","MADERA"]
["ESP 8.7.1","8.7.1","Suministro, transporte e instalación de MUEBLE CAFETÍN 01,  02 del piso 3, mueble superior para hornos microondas en MDF recubierto en laminado de alta presión Ref. Real 2261 Opak White Chromacore o equivalente, muebles inferiores con entrepaños y cajones en MDF, recubierto en laminado de alta presión Ref. Real 2261 Opak White Chromacore o equivalente 15 mm, con tapas frontales en el mismo material, herramienta y los elementos necesarios para su correcto funcionamiento. No incluye grifería.","un",{"v":2,"d":"2.00"},{"v":10787640.8,"d":"$10,787,640.80"},{"$f":"E318*F318","v":{"v":21575281.6,"d":"$21,575,281.60"}},null,{"v":2,"d":"2.00"},null,{"$f":"I318*J318","v":{"v":0,"d":"$0.00"}}]
["ESP 8.7.2","8.7.2","Suministro e instalación de MUEBLE CAFETÍN 03 P03, muebles inferiores con entrepaños y cajones en MDF recubierto en laminado de alta presión Ref. Real 2261 Opak White Chromacore o equivalente 15 mm, con tapas frontales en el mismo material , bisagras, herramienta y los elementos necesarios para su correcto funcionamiento.  No incluye grifería.","un",{"v":1,"d":"1.00"},{"v":14628968,"d":"$14,628,968.00"},{"v":14628968,"d":"$14,628,968.00"},null,{"v":1,"d":"1.00"},null,{"v":0,"d":"$0.00"}]
["ESP 8.7.3","8.7.3","Suministro e instalación de CAFETÍN 01, 02 Piso 4, incluye mueble superior para hornos microondas en MDF recubierto en laminado de alta presión ref. Real 2261 opak White chromacore o equivalente, muebles inferiores con entrepaños y cajones en MDF recubierto en laminado de alta presión ref. Real 2261 opak White chromacore o equivalente 15 mm, con tapas frontales en el mismo material y los elementos necesarios para su correcta instalación. No incluye grifería","un",{"v":0,"d":"0.00"},{"v":10787640.8,"d":"$10,787,640.80"},{"v":0,"d":"$0.00"},null,{"v":0,"d":"0.00"},null,{"v":0,"d":"$0.00"}]
["ESP 8.7.4","8.7.4","Suministro e instalación de CAFETÍN P05, muebles inferiores con entrepaños y cajones en MDF recubierto en laminado de alta presión Ref. Real 2261 Opak White Chromacore o equivalente 15 mm, con tapas frontales en el mismo material y los elementos necesarios para su correcta instalación. No incluye grifería","un",{"v":1,"d":"1.00"},{"v":3312113.6,"d":"$3,312,113.60"},{"v":3312113.6,"d":"$3,312,113.60"},null,{"v":1,"d":"1.00"},null,{"v":0,"d":"$0.00"}]
["ESP 8.7.5","8.7.5","Suministro e instalación de COCINETA 01 y 03  Piso 5, mueble superior para hornos microondas en MDF recubierto en laminado de alta presión Ref. Real 2261 Opak White Chromacore o equivalente, muebles inferiores con entrepaños y cajones en MDF recubierto en laminado de alta presión Ref. Real 2261 Opak White Chromacore o equivalente 15 mm con tapas frontales en el mismo material y los elementos necesarios para su correcta instalación No incluye grifería ","un",{"v":0,"d":"0.00"},{"v":14222554.4,"d":"$14,222,554.40"},{"v":0,"d":"$0.00"},null,{"v":0,"d":"0.00"},null,{"v":0,"d":"$0.00"}]
["ESP 8.7.6","8.7.6","Suministro e instalación de COCINETA 02 P05, muebles inferiores con entrepaños recubierto en laminado de alta presión Ref. Real 2261 Opak White Chromacore o equivalente 15 mm, con tapas frontales en el mismo material y los elementos necesarios para su correcta instalación. No incluye grifería. ","un",{"v":1,"d":"1.00"},{"v":4726720.4,"d":"$4,726,720.40"},{"v":4726720.4,"d":"$4,726,720.40"},null,{"v":1,"d":"1.00"},null,{"v":0,"d":"$0.00"}]
["ESP 8.7.7","8.7.7","Suministro e instalación de COCINETA 04 P05, muebles inferiores con entrepaños y cajones en MDF recubierto en laminado de alta presión Ref. Real 2261 Opak White Chromacore o equivalente 15 mm con tapas frontales en el mismo material y  los elementos necesarios para su correcta instalación. No incluye grifería.","un",{"v":1,"d":"1.00"},{"v":1897506.8,"d":"$1,897,506.80"},{"v":1897506.8,"d":"$1,897,506.80"},null,{"v":1,"d":"1.00"},null,{"v":0,"d":"$0.00"}]
["ESP 8.7.8"," 8.7.8","Suministro e instalación de MUEBLE LACTANCIA , muebles inferiores con entrepaños y cajones en MDF recubierto en laminado de alta presión Ref. Real2261 Opak White Chromacore o equivalente 15 mm con tapas frontales en el mismo material y los elementos necesarios para su correcta instalación. No incluye grifería","un",{"v":1,"d":"1.00"},{"v":7817386.8,"d":"$7,817,386.80"},{"v":7817386.8,"d":"$7,817,386.80"},null,{"v":1,"d":"1.00"},null,{"v":0,"d":"$0.00"}]
["ESP 8.7.9","8.7.9","Suministro e instalación de MUEBLE COPIADO, mueble superior para hornos microondas en MDF recubierto en laminado de alta presión Ref. Real 2261 Opak White Chromacore o equivalente. Muebles inferiores con entrepaños y cajones en MDF recubierto en laminado de alta presión Ref. Real 2261 Opak White Chromacore o equivalente 15 mm con tapas frontales en el mismo material y los elementos necesarios para su correcta instalación.","un",{"v":2,"d":"2.00"},{"v":10304740.8,"d":"$10,304,740.80"},{"v":20609481.6,"d":"$20,609,481.60"},null,{"v":2,"d":"2.00"},null,{"v":0,"d":"$0.00"}]
["ESP 8.7.10","8.7.10","Suministro e instalación según especificaciones de plano de MUEBLE INFERIOR DE RECEPCIÓN en MDF recubierto en laminado de alta presión Ref. Real 1556 Up Roble Sepia o equivalente y los elementos necesarios para su correcta instalación.","un",{"v":1,"d":"1.00"},{"v":14471563.04,"d":"$14,471,563.04"},{"v":14471563.04,"d":"$14,471,563.04"},null,{"v":1,"d":"1.00"},null,{"v":0,"d":"$0.00"}]
["ESP 8.7.11","8.7.11","Suministro e instalación según especificaciones de plano de MUEBLE DE LOCUTORIO con divisiones en MDF recubierto con laminado de alta presión Ref. Real 1535 Up Okumen, mueble inferior en MDF recubierto en laminado de alta presión Ref. Real 1556 Up Roble Sepia y los materiales necesarios para su correcta instalación.","un",{"v":1,"d":"1.00"},{"v":26000043.11,"d":"$26,000,043.11"},{"v":26000043.11,"d":"$26,000,043.11"},null,{"v":1,"d":"1.00"},null,{"v":0,"d":"$0.00"}]
[]
[null,null,"TOTAL DE MADERA",{"$nulls":3},{"$f":"SUM(G318:G328)","v":{"v":115039064.95,"d":"$115,039,064.95"}},{"$nulls":3},{"$f":"SUM(K318:K328)","v":{"v":0,"d":"$0.00"}}]
[]
[null,null,"TOTAL DE APARATOS/GRIFERÍA/MUEBLES/MESONES",{"$nulls":3},{"$f":"SUM(G330+G315+G307+G296+G286+G274+G266)","v":{"v":647794537.37,"d":"$647,794,537.37"}},{"$nulls":3},{"$f":"SUM(K330+K315+K307+K296+K286+K274+K266)","v":{"v":0,"d":"$0.00"}}]
[]
[null,"9.0.0","RED CONTRA INCENDIO"]
[]
[null,"9.1.0","SEGURIDAD HUMANA"]
["ESP 9.1.1","9.1.1","Suministro, transporte e instalación de señalización Institucional, de plástico de estireno 30 x 20  calibre .80, su colocación se ubicara en una altura mínima 1.60m  pegado con cinta doble fax, utilizando señalización fotoluminiscentes (6 horas) .   incluye: elementos de fijación y/o fijación, material, mano de obra, herramienta, equipo.  ","un",{"v":231,"d":"231.00"},{"v":24990,"d":"$24,990.00"},{"$f":"E337*F337","v":{"v":5772690,"d":"$5,772,690.00"}},null,{"v":231,"d":"231.00"},null,{"$f":"I337*J337","v":{"v":0,"d":"$0.00"}}]
["ESP 9.1.2","9.1.2","Suministro, transporte e instalación de señalización Institucional, de plástico de estireno .60x.60 cm  calibre .80, su colocación se ubicara en una altura mínima 1.60m  pegado sobre tubo galvanizado de 2\", utilizando señalización fotoluminiscentes (6 horas) . Incluye: elementos de fijación y/o fijación, material, mano de obra, herramienta, equipo.  ","un",{"v":0.8,"d":"0.80"},{"v":384021,"d":"$384,021.00"},{"$f":"E338*F338","v":{"v":307216.8,"d":"$307,216.80"}},null,{"v":0.8,"d":"0.80"},null,{"$f":"I338*J338","v":{"v":0,"d":"$0.00"}}]
[]
[null,null,"TOTAL DE SEGURIDAD HUMANA",{"$nulls":3},{"$f":"SUM(G337:G338)","v":{"v":6079906.8,"d":"$6,079,906.80"}},{"$nulls":3},{"$f":"SUM(K337:K338)","v":{"v":0,"d":"$0.00"}}]
[]
[null,"9.2.0","SISTEMA DE DETECCIÓN DE INCENDIOS"]
["ESP 9.2.1","9.2.1","Suministro e instalación de tubería de  1\" tipo EMT , incluyendo curvas, adaptadores, elementos de soporte, cajas de empalme, fijación y los materiales necesarios para su correcta instalación ","m",{"v":140,"d":"140.00"},{"v":35435.47315,"d":"$35,435.47"},{"$f":"E343*F343","v":{"v":4960966.240999999,"d":"$4,960,966.24"}},null,{"v":140,"d":"140.00"},null,{"$f":"I343*J343","v":{"v":0,"d":"$0.00"}}]
["ESP 9.2.2","9.2.2","Suministro e instalación de tubería de  3/4\" tipo EMT , incluyendo curvas, adaptadores, elementos de soporte, cajas de empalme, fijación y los materiales necesarios para su correcta instalación ","m",{"v":2825,"d":"2,825.00"},{"v":28673.91655,"d":"$28,673.92"},{"v":81003814.25375001,"d":"$81,003,814.25"},null,{"v":2825,"d":"2,825.00"},null,{"v":0,"d":"$0.00"}]
["ESP 9.2.3","9.2.3","Suministro e instalación de Cable belden trenzado y blindado referencia 9581 para utilizar en SLC y en circuitos de potencia, calibre 14 AWG y los materiales necesarios para su correcta instalación ","m",{"v":5530,"d":"5,530.00"},{"v":8023.35225,"d":"$8,023.4"},{"v":44369137.9425,"d":"$44,369,137.94"},null,{"v":5530,"d":"5,530.00"},null,{"v":0,"d":"$0.00"}]
["ESP 9.2.4","9.2.4","Suministro e instalación de cable PHSC-190-XCR Protectowire, Type XCR (190°F / 88°C) incluye soportes, fijaciones, cajas de empalme, etc. y los materiales necesarios para su correcta instalación ","m",{"v":633,"d":"633.00"},{"v":10497.36225,"d":"$10,497.36"},{"v":6644830.30425,"d":"$6,644,830.30"},null,{"v":633,"d":"633.00"},null,{"v":0,"d":"$0.00"}]
["ESP 9.2.5","9.2.5","Suministro e instalación de Detectores de humo fotoeléctrico FSP-951 incluyendo base y los materiales necesarios para su correcta instalación ","un",{"v":644,"d":"644.00"},{"v":356068.4575,"d":"$356,068.46"},{"v":229308086.63000003,"d":"$229,308,086.63"},null,{"v":644,"d":"644.00"},null,{"v":0,"d":"$0.00"}]
["ESP 9.2.6","9.2.6","Suministro e instalación de Resistencia fin de línea y los materiales necesarios para su correcta instalación ","un",{"v":13,"d":"13.00"},{"v":8298.24725,"d":"$8,298.25"},{"v":107877.21425,"d":"$107,877.21"},null,{"v":13,"d":"13.00"},null,{"v":0,"d":"$0.00"}]
["ESP 9.2.7","9.2.7","Suministro e instalación de Combinación bocina estrobo SpectrAlert Indoor Wall Horn/Strobe  NOTIFIER P2R 75 candelas y los materiales necesarios para su correcta instalación ","un",{"v":46,"d":"46.00"},{"v":282707.186,"d":"$282,707.19"},{"v":13004530.556,"d":"$13,004,530.56"},null,{"v":46,"d":"46.00"},null,{"v":0,"d":"$0.00"}]
["ESP 9.2.8","9.2.8","Suministro e instalación de Pulsadores manual de alarma inteligentes NBG-12LX   NOTIFIER by Honeywell o similar y los materiales necesarios para su correcta instalación ","un",{"v":45,"d":"45.00"},{"v":257537.5715,"d":"$257,537.57"},{"v":11589190.7175,"d":"$11,589,190.72"},null,{"v":45,"d":"45.00"},null,{"v":0,"d":"$0.00"}]
["ESP 9.2.9","9.2.9","Suministro e instalación de Supresores de pico marca DTK-2LVLP-F  y los materiales necesarios para su correcta instalación ","un",{"v":8,"d":"8.00"},{"v":217008.47575,"d":"$217,008.48"},{"v":1736067.806,"d":"$1,736,067.81"},null,{"v":8,"d":"8.00"},null,{"v":0,"d":"$0.00"}]
["ESP 9.2.10","9.2.10","Suministro e instalación de Módulo monitor direccionable FMM-101  Flash Scan y los materiales necesarios para su correcta instalación ","un",{"v":28,"d":"28.00"},{"v":156387.7,"d":"$156,387.70"},{"v":4378855.600000001,"d":"$4,378,855.60"},null,{"v":28,"d":"28.00"},null,{"v":0,"d":"$0.00"}]
["ESP 9.2.11","9.2.11","Suministro e instalación de Módulo de control direccionable FCM-1 Flash Scan y los materiales necesarios para su correcta instalación ","un",{"v":6,"d":"6.00"},{"v":237350.336,"d":"$237,350.34"},{"v":1424102.016,"d":"$1,424,102.02"},null,{"v":6,"d":"6.00"},null,{"v":0,"d":"$0.00"}]
["ESP 9.2.12","9.2.12","Suministro e instalación de Módulo de aislamiento direccionable ISO_X y los materiales necesarios para su correcta instalación ","un",{"v":36,"d":"36.00"},{"v":123528.695,"d":"$123,528.70"},{"v":4447033.0200000005,"d":"$4,447,033.02"},null,{"v":36,"d":"36.00"},null,{"v":0,"d":"$0.00"}]
["ESP 9.2.13","9.2.13","Suministro e instalación de Tablero remoto LCD 80 y los materiales necesarios para su correcta instalación ","un",{"v":1,"d":"1.00"},{"v":4149120.94,"d":"$4,149,120.94"},{"v":4149120.94,"d":"$4,149,120.94"},null,{"v":1,"d":"1.00"},null,{"v":0,"d":"$0.00"}]
["ESP 9.2.14","9.2.14","Suministro e instalación de Tablero marca NOTIFIER NF-S2 referencia 3030 o similar, incluye tarjetas para 4 loops, tarjeta High-speed neti fire-Net y demás componentes del tablero y los materiales necesarios para su correcta instalación ","un",{"v":1,"d":"1.00"},{"v":22858821.56,"d":"$22,858,821.56"},{"v":22858821.56,"d":"$22,858,821.56"},null,{"v":1,"d":"1.00"},null,{"v":0,"d":"$0.00"}]
["ESP 9.2.15","9.2.15","Suministro e instalación de FRE (Fuente remota de energía 6 AMP)y los materiales necesarios para su correcta instalación ","un",{"v":3,"d":"3.00"},{"v":4420574.8125,"d":"$4,420,574.81"},{"v":13261724.4375,"d":"$13,261,724.44"},null,{"v":3,"d":"3.00"},null,{"v":0,"d":"$0.00"}]
[null,null,"TOTAL DE SISTEMA DE DETECCIÓN DE INCENDIOS",{"$nulls":3},{"$f":"SUM(G343:G357)","v":{"v":443244159.23875,"d":"$443,244,159.24"}},{"$nulls":3},{"$f":"SUM(K343:K357)","v":{"v":0,"d":"$0.00"}}]
[]
[null,"9.3.0","RED CONTRA INCENDIOS - RCI"]
[]
[null,"9.3.1","TUBERÍAS"]
["ESP 9.3.1.1","9.3.1.1","Suministro, transporte e instalación de tubería ranurada ASTM A -53  8\" A.C. SCH 40 y los materiales necesarios para su correcta instalación","m",54.16,{"v":561248.0895,"d":"$561,248.09"},{"$f":"E363*F363","v":{"v":30397196.527319998,"d":"$30,397,196.53"}},null,54.16,null,{"$f":"I363*J363","v":{"v":0,"d":"$0.00"}}]
["ESP 9.3.1.2","9.3.1.2","Suministro, transporte e instalación de tubería ranurada ASTM A -53  6\" A.C. SCH 40 y los materiales necesarios para su correcta instalación","m",{"v":98.4,"d":"98.40"},{"v":407412.768,"d":"$407,412.77"},{"v":40089416.3712,"d":"$40,089,416.37"},null,{"v":98.4,"d":"98.40"},null,{"v":0,"d":"$0.00"}]
["ESP 9.3.1.3","9.3.1.3","Suministro, transporte e instalación de tubería ranurada ASTM A -53  4\" A.C. SCH 40 y los materiales necesarios para su correcta instalación","m",{"v":239,"d":"239.00"},{"v":249694.6305,"d":"$249,694.63"},{"v":59677016.6895,"d":"$59,677,016.69"},null,{"v":239,"d":"239.00"},null,{"v":0,"d":"$0.00"}]
["ESP 9.3.1.4","9.3.1.4","Suministro, transporte e instalación de tubería ranurada ASTM A -53  3\" A.C. SCH 40 y los materiales necesarios para su correcta instalación","m",{"v":102,"d":"102.00"},{"v":154922.8611,"d":"$154,922.86"},{"v":15802131.8322,"d":"$15,802,131.83"},null,{"v":102,"d":"102.00"},null,{"v":0,"d":"$0.00"}]
["ESP 9.3.1.5","9.3.1.5","Suministro, transporte e instalación de tubería ranurada ASTM A -53  2 1/2\" A.C. SCH 40 y los materiales necesarios para su correcta instalación","m",484.94,{"v":121300.37535,"d":"$121,300.38"},{"v":58823404.022229,"d":"$58,823,404.02"},null,484.94,null,{"v":0,"d":"$0.00"}]
["ESP 9.3.1.6","9.3.1.6","Suministro, transporte e instalación de tubería ranurada ASTM A -53  2\" A.C. SCH 40 y los materiales necesarios para su correcta instalación","m",{"v":1373.1,"d":"1,373.10"},{"v":93811.37535,"d":"$93,811.38"},{"v":128812399.493085,"d":"$128,812,399.49"},null,{"v":1373.1,"d":"1,373.10"},null,{"v":0,"d":"$0.00"}]
["ESP 9.3.1.7","9.3.1.7","Suministro, transporte e instalación de tubería ranurada ASTM A -53  1 1/2\" A.C. SCH 40 y los materiales necesarios para su correcta instalación","m",{"v":3202.8,"d":"3,202.80"},{"v":62499.69,"d":"$62,499.69"},{"v":200174007.13200003,"d":"$200,174,007.13"},null,{"v":3202.8,"d":"3,202.80"},null,{"v":0,"d":"$0.00"}]
["ESP 9.3.1.8","9.3.1.8","Suministro, transporte e instalación de tubería ranurada ASTM A -53  1 1/4\" A.C. SCH 40 y los materiales necesarios para su correcta instalación","m",{"v":28.1,"d":"28.10"},{"v":52191.31,"d":"$52,191.31"},{"v":1466575.811,"d":"$1,466,575.81"},null,{"v":28.1,"d":"28.10"},null,{"v":0,"d":"$0.00"}]
["ESP 9.3.1.9","9.3.1.9","Suministro, transporte e instalación de tubería ASTM A -53  1\" A.C. SCH 40 y los materiales necesarios para su correcta instalación","m",807.55,{"v":41915.581325,"d":"$41,915.58"},{"v":33848927.69900375,"d":"$33,848,927.70"},null,807.55,null,{"v":0,"d":"$0.00"}]
["ESP 9.3.1.10","9.3.1.10","Suministro, transporte e instalación de tubería ASTM A -53  1/2\" A.C. SCH 40 y los materiales necesarios para su correcta instalación","m",{"v":8,"d":"8.00"},{"v":37792.231325,"d":"$37,792.23"},{"v":302337.8506,"d":"$302,337.85"},null,{"v":8,"d":"8.00"},null,{"v":0,"d":"$0.00"}]
[]
[null,null,"TOTAL DE TUBERÍAS",{"$nulls":3},{"$f":"SUM(G363:G372)","v":{"v":569393413.4281378,"d":"$569,393,413.43"}},{"$nulls":3},{"$f":"SUM(K363:K372)","v":{"v":0,"d":"$0.00"}}]
[]
[null,"9.3.2","ACCESORIOS\n"]
["ESP 9.3.2.1","9.3.2.1","Suministro, transporte e instalación de Codo 8\" ranurado UL/FM y los materiales necesarios para su correcta instalación","un",{"v":9,"d":"9.00"},{"v":256958.59035,"d":"$256,958.59"},{"$f":"E377*F377","v":{"v":2312627.3131500003,"d":"$2,312,627.31"}},null,{"v":9,"d":"9.00"},null,{"$f":"I377*J377","v":{"v":0,"d":"$0.00"}}]
["ESP 9.3.2.2","9.3.2.2","Suministro, transporte e instalación de Codo 6\" ranurado UL/FM y los materiales necesarios para su correcta instalación","un",{"v":31,"d":"31.00"},{"v":197857.2404,"d":"$197,857.24"},{"v":6133574.452400001,"d":"$6,133,574.45"},null,{"v":31,"d":"31.00"},null,{"v":0,"d":"$0.00"}]
["ESP 9.3.2.3","9.3.2.3","Suministro, transporte e instalación de Codo 4\" ranurado UL/FM y los materiales necesarios para su correcta instalación","un",{"v":32,"d":"32.00"},{"v":78881.4096,"d":"$78,881.41"},{"v":2524205.1072,"d":"$2,524,205.11"},null,{"v":32,"d":"32.00"},null,{"v":0,"d":"$0.00"}]
["ESP 9.3.2.4","9.3.2.4","Suministro, transporte e instalación de Codo 3\" ranurado UL/FM y los materiales necesarios para su correcta instalación","un",{"v":13,"d":"13.00"},{"v":40532.53365,"d":"$40,532.53"},{"v":526922.93745,"d":"$526,922.94"},null,{"v":13,"d":"13.00"},null,{"v":0,"d":"$0.00"}]
["ESP 9.3.2.5","9.3.2.5","Suministro, transporte e instalación de Codo 2 1/2\" ranurado UL/FM y los materiales necesarios para su correcta instalación","un",{"v":59,"d":"59.00"},{"v":40257.64365,"d":"$40,257.64"},{"v":2375200.97535,"d":"$2,375,200.98"},null,{"v":59,"d":"59.00"},null,{"v":0,"d":"$0.00"}]
["ESP 9.3.2.6","9.3.2.6","Suministro, transporte e instalación de Codo 2\" ranurado UL/FM y los materiales necesarios para su correcta instalación","un",{"v":122,"d":"122.00"},{"v":34809.6672,"d":"$34,809.67"},{"v":4246779.3984,"d":"$4,246,779.40"},null,{"v":122,"d":"122.00"},null,{"v":0,"d":"$0.00"}]
["ESP 9.3.2.7","9.3.2.7","Suministro, transporte e instalación de Codo 1 1/2\" ranurado UL/FM y los materiales necesarios para su correcta instalación","un",{"v":525,"d":"525.00"},{"v":27525.0872,"d":"$27,525.09"},{"v":14450670.780000001,"d":"$14,450,670.78"},null,{"v":525,"d":"525.00"},null,{"v":0,"d":"$0.00"}]
["ESP 9.3.2.8","9.3.2.8","Suministro, transporte e instalación de Codo 1 1/4\" ranurado UL/FM y los materiales necesarios para su correcta instalación","un",{"v":1,"d":"1.00"},{"v":22027.29,"d":"$22,027.29"},{"v":22027.29,"d":"$22,027.29"},null,{"v":1,"d":"1.00"},null,{"v":0,"d":"$0.00"}]
["ESP 9.3.2.9","9.3.2.9","Suministro, transporte e instalación de Codo 1\" ranurado UL/FM y los materiales necesarios para su correcta instalación","un",{"v":378,"d":"378.00"},{"v":19965.6122,"d":"$19,965.61"},{"v":7547001.4116,"d":"$7,547,001.41"},null,{"v":378,"d":"378.00"},null,{"v":0,"d":"$0.00"}]
["ESP 9.3.2.10","9.3.2.10","Suministro, transporte e instalación de Codo 1/2\" roscado UL/FM y los materiales necesarios para su correcta instalación","un",{"v":17,"d":"17.00"},{"v":18591.16,"d":"$18,591.16"},{"v":316049.72,"d":"$316,049.72"},null,{"v":17,"d":"17.00"},null,{"v":0,"d":"$0.00"}]
["ESP 9.3.2.11","9.3.2.11","Suministro, transporte e instalación de TEE 6\" x 4\" ranurada UL/FM y los materiales necesarios para su correcta instalación","un",{"v":5,"d":"5.00"},{"v":276977.463,"d":"$276,977.46"},{"v":1384887.315,"d":"$1,384,887.32"},null,{"v":5,"d":"5.00"},null,{"v":0,"d":"$0.00"}]
["ESP 9.3.2.12","9.3.2.12","Suministro, transporte e instalación de TEE 6\" x 3\" ranurada UL/FM y los materiales necesarios para su correcta instalación","un",{"v":1,"d":"1.00"},{"v":253611.81,"d":"$253,611.81"},{"v":253611.81,"d":"$253,611.81"},null,{"v":1,"d":"1.00"},null,{"v":0,"d":"$0.00"}]
["ESP 9.3.2.13","9.3.2.13","Suministro, transporte e instalación de TEE 6\" ranurada UL/FM y los materiales necesarios para su correcta instalación","un",{"v":4,"d":"4.00"},{"v":263323.963,"d":"$263,323.96"},{"v":1053295.852,"d":"$1,053,295.85"},null,{"v":4,"d":"4.00"},null,{"v":0,"d":"$0.00"}]
["ESP 9.3.2.14","9.3.2.14","Suministro, transporte e instalación de TEE 4\"x 3\"ranurada UL/FM y los materiales necesarios para su correcta instalación","un",{"v":1,"d":"1.00"},{"v":185490.63,"d":"$185,490.63"},{"v":185490.63,"d":"$185,490.63"},null,{"v":1,"d":"1.00"},null,{"v":0,"d":"$0.00"}]
["ESP 9.3.2.15","9.3.2.15","Suministro, transporte e instalación de TEE 4\"x 2 1/2\"ranurada UL/FM y los materiales necesarios para su correcta instalación","un",{"v":6,"d":"6.00"},{"v":183428.9623,"d":"$183,428.96"},{"v":1100573.7738,"d":"$1,100,573.77"},null,{"v":6,"d":"6.00"},null,{"v":0,"d":"$0.00"}]
["ESP 9.3.2.16","9.3.2.16","Suministro, transporte e instalación de TEE 4\" ranurada UL/FM y los materiales necesarios para su correcta instalación","un",{"v":6,"d":"6.00"},{"v":158001.63225,"d":"$158,001.63"},{"v":948009.7934999999,"d":"$948,009.79"},null,{"v":6,"d":"6.00"},null,{"v":0,"d":"$0.00"}]
["ESP 9.3.2.17","9.3.2.17","Suministro, transporte e instalación de TEE 3\" X 2 1/2\" ranurada UL/FM y los materiales necesarios para su correcta instalación","un",{"v":1,"d":"1.00"},{"v":122222.98,"d":"$122,222.98"},{"v":122222.98,"d":"$122,222.98"},null,{"v":1,"d":"1.00"},null,{"v":0,"d":"$0.00"}]
["ESP 9.3.2.18","9.3.2.18","Suministro, transporte e instalación de TEE 3\" X 2\" ranurada UL/FM y los materiales necesarios para su correcta instalación","un",{"v":1,"d":"1.00"},{"v":118859.01,"d":"$118,859.01"},{"v":118859.01,"d":"$118,859.01"},null,{"v":1,"d":"1.00"},null,{"v":0,"d":"$0.00"}]
["ESP 9.3.2.19","9.3.2.19","Suministro, transporte e instalación de TEE 3\" ranurada UL/FM y los materiales necesarios para su correcta instalación","un",{"v":5,"d":"5.00"},{"v":113361.21,"d":"$113,361.21"},{"v":566806.05,"d":"$566,806.05"},null,{"v":5,"d":"5.00"},null,{"v":0,"d":"$0.00"}]
["ESP 9.3.2.20","9.3.2.20","Suministro, transporte e instalación de TEE 2 1/2\" x 2\" ranurada UL/FM y los materiales necesarios para su correcta instalación","un",{"v":14,"d":"14.00"},{"v":82152.604,"d":"$82,152.60"},{"v":1150136.456,"d":"$1,150,136.46"},null,{"v":14,"d":"14.00"},null,{"v":0,"d":"$0.00"}]
["ESP 9.3.2.21","9.3.2.21","Suministro, transporte e instalación de TEE 2 1/2\" ranurada UL/FM y los materiales necesarios para su correcta instalación","un",{"v":15,"d":"15.00"},{"v":79403.704025,"d":"$79,403.70"},{"v":1191055.560375,"d":"$1,191,055.56"},null,{"v":15,"d":"15.00"},null,{"v":0,"d":"$0.00"}]
["ESP 9.3.2.22","9.3.2.22","Suministro, transporte e instalación de TEE 2\" ranurada UL/FM y los materiales necesarios para su correcta instalación","un",{"v":45,"d":"45.00"},{"v":64971.974,"d":"$64,971.97"},{"v":2923738.83,"d":"$2,923,738.83"},null,{"v":45,"d":"45.00"},null,{"v":0,"d":"$0.00"}]
["ESP 9.3.2.23","9.3.2.23","Suministro, transporte e instalación de TEE 1 1/2\" ranurada UL/FM y los materiales necesarios para su correcta instalación","un",{"v":19,"d":"19.00"},{"v":44655.88865,"d":"$44,655.89"},{"v":848461.8843500001,"d":"$848,461.88"},null,{"v":19,"d":"19.00"},null,{"v":0,"d":"$0.00"}]
["ESP 9.3.2.24","9.3.2.24","Suministro, transporte e instalación de TEE 1 1/2\" X 1 1/4\"ranurada UL/FM y los materiales necesarios para su correcta instalación","un",{"v":1,"d":"1.00"},{"v":43281.44,"d":"$43,281.44"},{"v":43281.44,"d":"$43,281.44"},null,{"v":1,"d":"1.00"},null,{"v":0,"d":"$0.00"}]
["ESP 9.3.2.25","9.3.2.25","Suministro, transporte e instalación de TEE 1\" ranurada UL/FM y los materiales necesarios para su correcta instalación","un",{"v":31,"d":"31.00"},{"v":37096.40865,"d":"$37,096.41"},{"v":1149988.6681499998,"d":"$1,149,988.67"},null,{"v":31,"d":"31.00"},null,{"v":0,"d":"$0.00"}]
["ESP 9.3.2.26","9.3.2.26","Suministro, transporte e instalación de TEE 1/2\" ranurada UL/FM y los materiales necesarios para su correcta instalación","un",{"v":9,"d":"9.00"},{"v":22199.09345,"d":"$22,199.09"},{"v":199791.84105,"d":"$199,791.84"},null,{"v":9,"d":"9.00"},null,{"v":0,"d":"$0.00"}]
["ESP 9.3.2.27","9.3.2.27","Suministro, transporte e instalación de TEE mecánica 6\"x 4\" ranurada UL/FM  y los materiales necesarios para su correcta instalación","un",{"v":1,"d":"1.00"},{"v":171491.85,"d":"$171,491.85"},{"v":171491.85,"d":"$171,491.85"},null,{"v":1,"d":"1.00"},null,{"v":0,"d":"$0.00"}]
["ESP 9.3.2.28","9.3.2.28","Suministro, transporte e instalación de TEE mecánica 6\"x 2\" ranurada UL/FM  y los materiales necesarios para su correcta instalación","un",{"v":1,"d":"1.00"},{"v":167368.5,"d":"$167,368.50"},{"v":167368.5,"d":"$167,368.50"},null,{"v":1,"d":"1.00"},null,{"v":0,"d":"$0.00"}]
["ESP 9.3.2.29","9.3.2.29","Suministro, transporte e instalación de TEE mecánica 6\"x 3\" ranurada UL/FM y los materiales necesarios para su correcta instalación","un",{"v":1,"d":"1.00"},{"v":167368.5,"d":"$167,368.50"},{"v":167368.5,"d":"$167,368.50"},null,{"v":1,"d":"1.00"},null,{"v":0,"d":"$0.00"}]
["ESP 9.3.2.30","9.3.2.30","Suministro, transporte e instalación de TEE mecánica 4\"x 2 1/2\" ranurada UL/FM y los materiales necesarios para su correcta instalación","un",{"v":18,"d":"18.00"},{"v":147438.974,"d":"$147,438.97"},{"v":2653901.5319999997,"d":"$2,653,901.53"},null,{"v":18,"d":"18.00"},null,{"v":0,"d":"$0.00"}]
["ESP 9.3.2.31","9.3.2.31","Suministro, transporte e instalación de TEE mecánica 3\"x 1 1/2\" ranurada UL/FM y los materiales necesarios para su correcta instalación","un",{"v":15,"d":"15.00"},{"v":64971.97403,"d":"$64,971.97"},{"v":974579.6104499999,"d":"$974,579.61"},null,{"v":15,"d":"15.00"},null,{"v":0,"d":"$0.00"}]
["ESP 9.3.2.32","9.3.2.32","Suministro, transporte e instalación de TEE mecánica 3\"x 1 1/4\" ranurada UL/FM y los materiales necesarios para su correcta instalación","un",{"v":3,"d":"3.00"},{"v":64971.97403,"d":"$64,971.97"},{"v":194915.92209,"d":"$194,915.92"},null,{"v":3,"d":"3.00"},null,{"v":0,"d":"$0.00"}]
["ESP 9.3.2.33","9.3.2.33","Suministro, transporte e instalación de TEE mecánica 3\"x 1\" ranurada UL/FM y los materiales necesarios para su correcta instalación","un",{"v":16,"d":"16.00"},{"v":59474.17403,"d":"$59,474.17"},{"$f":"E409*F409","v":{"v":951586.78448,"d":"$951,586.78"}},null,{"v":16,"d":"16.00"},null,{"$f":"I409*J409","v":{"v":0,"d":"$0.00"}}]
["ESP 9.3.2.34","9.3.2.34","Suministro, transporte e instalación de TEE mecánica 3\"x 2\" ranurada UL/FM y los materiales necesarios para su correcta instalación","un",{"v":1,"d":"1.00"},{"v":82839.82,"d":"$82,839.82"},{"v":82839.82,"d":"$82,839.82"},null,{"v":1,"d":"1.00"},null,{"v":0,"d":"$0.00"}]
["ESP 9.3.2.35","9.3.2.35","Suministro, transporte e instalación de TEE mecánica 2,1/2\"x 1 1/2\" ranurada UL/FM y los materiales necesarios para su correcta instalación","un",{"v":41,"d":"41.00"},{"v":69267.130275,"d":"$69,267.13"},{"v":2839952.341275,"d":"$2,839,952.34"},null,{"v":41,"d":"41.00"},null,{"v":0,"d":"$0.00"}]
["ESP 9.3.2.36","9.3.2.36","Suministro, transporte e instalación de TEE mecánica 2,1/2\"x 1 1/4\" ranurada UL/FM y los materiales necesarios para su correcta instalación","un",{"v":6,"d":"6.00"},{"v":69267.130275,"d":"$69,267.13"},{"v":415602.78165,"d":"$415,602.78"},null,{"v":6,"d":"6.00"},null,{"v":0,"d":"$0.00"}]
["ESP 9.3.2.37","9.3.2.37","Suministro, transporte e instalación de TEE mecánica 2,1/2\"x 1\" ranurada UL/FM y los materiales necesarios para su correcta instalación","un",{"v":146,"d":"146.00"},{"v":69267.130275,"d":"$69,267.13"},{"v":10113001.02015,"d":"$10,113,001.02"},null,{"v":146,"d":"146.00"},null,{"v":0,"d":"$0.00"}]
["ESP 9.3.2.38","9.3.2.38","Suministro, transporte e instalación de TEE mecánica 2\"x 1 1/2\" ranurada UL/FM y los materiales necesarios para su correcta instalación","un",{"v":247,"d":"247.00"},{"v":54148.180275,"d":"$54,148.18"},{"v":13374600.527925,"d":"$13,374,600.53"},null,{"v":247,"d":"247.00"},null,{"v":0,"d":"$0.00"}]
["ESP 9.3.2.39","9.3.2.39","Suministro, transporte e instalación de TEE mecánica 2\"x 1 1/4\" ranurada UL/FM y los materiales necesarios para su correcta instalación","un",{"v":4,"d":"4.00"},{"v":54148.18028,"d":"$54,148.18"},{"v":216592.72112,"d":"$216,592.72"},null,{"v":4,"d":"4.00"},null,{"v":0,"d":"$0.00"}]
["ESP 9.3.2.40","9.3.2.40","Suministro, transporte e instalación de TEE mecánica 2\"x 1\" ranurada UL/FM y los materiales necesarios para su correcta instalación","un",{"v":522,"d":"522.00"},{"v":48650.380275,"d":"$48,650.38"},{"v":25395498.50355,"d":"$25,395,498.50"},null,{"v":522,"d":"522.00"},null,{"v":0,"d":"$0.00"}]
["ESP 9.3.2.41","9.3.2.41","Suministro, transporte e instalación de TEE mecánica 1 1/2\"x 1\" ranurada UL/FM y los materiales necesarios para su correcta instalación","un",{"v":933,"d":"933.00"},{"v":48650.380275,"d":"$48,650.38"},{"v":45390804.796575,"d":"$45,390,804.80"},null,{"v":933,"d":"933.00"},null,{"v":0,"d":"$0.00"}]
["ESP 9.3.2.42","9.3.2.42","Suministro, transporte e instalación de TEE mecánica 1 1/4\"x 1\" ranurada UL/FM y los materiales necesarios para su correcta instalación","un",{"v":32,"d":"32.00"},{"v":45214.260275,"d":"$45,214.26"},{"v":1446856.3288,"d":"$1,446,856.33"},null,{"v":32,"d":"32.00"},null,{"v":0,"d":"$0.00"}]
["ESP 9.3.2.43","9.3.2.43","Suministro, transporte e instalación de reducción 8\" x 6\" UL/FM y los materiales necesarios para su correcta instalación","un",{"v":1,"d":"1.00"},{"v":250694.530275,"d":"$250,694.53"},{"v":250694.530275,"d":"$250,694.53"},null,{"v":1,"d":"1.00"},null,{"v":0,"d":"$0.00"}]
["ESP 9.3.2.44","9.3.2.44","Suministro, transporte e instalación de Reducción 6\" x 4\" UL/FM y los materiales necesarios para su correcta instalación","un",{"v":5,"d":"5.00"},{"v":135068.924025,"d":"$135,068.92"},{"v":675344.6201249999,"d":"$675,344.62"},null,{"v":5,"d":"5.00"},null,{"v":0,"d":"$0.00"}]
["ESP 9.3.2.45","9.3.2.45","Suministro, transporte e instalación de Reducción 6\" x 3\" UL/FM y los materiales necesarios para su correcta instalación","un",{"v":1,"d":"1.00"},{"v":129571.12,"d":"$129,571.12"},{"v":129571.12,"d":"$129,571.12"},null,{"v":1,"d":"1.00"},null,{"v":0,"d":"$0.00"}]
["ESP 9.3.2.46","9.3.2.46","Suministro, transporte e instalación de Reducción 4\" x 3\" UL/FM y los materiales necesarios para su correcta instalación","un",{"v":2,"d":"2.00"},{"v":63082.11,"d":"$63,082.11"},{"v":126164.22,"d":"$126,164.22"},null,{"v":2,"d":"2.00"},null,{"v":0,"d":"$0.00"}]
["ESP 9.3.2.47","9.3.2.47","Suministro, transporte e instalación de Reduccion 3\" x 2, 1/2\" UL/FM y los materiales necesarios para su correcta instalación","un",{"v":7,"d":"7.00"},{"v":54148.180275,"d":"$54,148.18"},{"v":379037.261925,"d":"$379,037.26"},null,{"v":7,"d":"7.00"},null,{"v":0,"d":"$0.00"}]
["ESP 9.3.2.48","9.3.2.48","Suministro, transporte e instalación de Reduccion 3\" x 2\" UL/FM y los materiales necesarios para su correcta instalación","un",{"v":2,"d":"2.00"},{"v":52086.510275,"d":"$52,086.51"},{"v":104173.02055,"d":"$104,173.02"},null,{"v":2,"d":"2.00"},null,{"v":0,"d":"$0.00"}]
["ESP 9.3.2.49","9.3.2.49","Suministro, transporte e instalación de Reducción 2 1/2\" x 1 1/2\" UL/FM y los materiales necesarios para su correcta instalación","un",{"v":2,"d":"2.00"},{"v":41090.910275,"d":"$41,090.91"},{"v":82181.82055,"d":"$82,181.82"},null,{"v":2,"d":"2.00"},null,{"v":0,"d":"$0.00"}]
["ESP 9.3.2.50","9.3.2.50","Suministro, transporte e instalación de Reducción 2 1/2\" x 2\" UL/FM y los materiales necesarios para su correcta instalación","un",{"v":15,"d":"15.00"},{"v":41090.910275,"d":"$41,090.91"},{"v":616363.654125,"d":"$616,363.65"},null,{"v":15,"d":"15.00"},null,{"v":0,"d":"$0.00"}]
["ESP 9.3.2.51","9.3.2.51","Suministro, transporte e instalación de Reducción 2\" x 1, 1/2\" UL/FM y los materiales necesarios para su correcta instalación","un",{"v":10,"d":"10.00"},{"v":39716.46,"d":"$39,716.46"},{"v":397164.6,"d":"$397,164.60"},null,{"v":10,"d":"10.00"},null,{"v":0,"d":"$0.00"}]
["ESP 9.3.2.52","9.3.2.52","Suministro, transporte e instalación de Reducción copa 1 1/4\" x 3/4\" UL/FM y los materiales necesarios para su correcta instalación","un",{"v":3,"d":"3.00"},{"v":45214.26,"d":"$45,214.26"},{"v":135642.78,"d":"$135,642.78"},null,{"v":3,"d":"3.00"},null,{"v":0,"d":"$0.00"}]
["ESP 9.3.2.53","9.3.2.53","Suministro, transporte e instalación de Reducción copa 1\" x 3/4\" ros-ros, 300 UL/FM y los materiales necesarios para su correcta instalación","un",{"v":447,"d":"447.00"},{"v":19450.19345,"d":"$19,450.19"},{"v":8694236.47215,"d":"$8,694,236.47"},null,{"v":447,"d":"447.00"},null,{"v":0,"d":"$0.00"}]
["ESP 9.3.2.54","9.3.2.54","Suministro, transporte e instalación de Reducción copa 1\" x 1/2\" ros-ros, 300 UL/FM y los materiales necesarios para su correcta instalación","un",{"v":1216,"d":"1,216.00"},{"v":19450.19345,"d":"$19,450.19"},{"v":23651435.2352,"d":"$23,651,435.24"},null,{"v":1216,"d":"1,216.00"},null,{"v":0,"d":"$0.00"}]
["ESP 9.3.2.55","9.3.2.55","Suministro, transporte e instalación de Tapón ranurado de 4\" UL/FM y los materiales necesarios para su correcta instalación","un",{"v":6,"d":"6.00"},{"v":68243.16345,"d":"$68,243.16"},{"v":409458.98069999996,"d":"$409,458.98"},null,{"v":6,"d":"6.00"},null,{"v":0,"d":"$0.00"}]
["ESP 9.3.2.56","9.3.2.56","Suministro, transporte e instalación de Tapón ranurado de 3\" UL/FM y los materiales necesarios para su correcta instalación","un",{"v":4,"d":"4.00"},{"v":40754.16345,"d":"$40,754.16"},{"v":163016.6538,"d":"$163,016.65"},null,{"v":4,"d":"4.00"},null,{"v":0,"d":"$0.00"}]
["ESP 9.3.2.57","9.3.2.57","Suministro, transporte e instalación de Tapón ranurado de 2 1/2\" UL/FM y los materiales necesarios para su correcta instalación","un",{"v":5,"d":"5.00"},{"v":34569.1435,"d":"$34,569.14"},{"v":172845.7175,"d":"$172,845.72"},null,{"v":5,"d":"5.00"},null,{"v":0,"d":"$0.00"}]
["ESP 9.3.2.58","9.3.2.58","Suministro, transporte e instalación de Tapón ranurado de 2\" UL/FM y los materiales necesarios para su correcta instalación","un",{"v":12,"d":"12.00"},{"v":30445.79345,"d":"$30,445.79"},{"v":365349.5214,"d":"$365,349.52"},null,{"v":12,"d":"12.00"},null,{"v":0,"d":"$0.00"}]
["ESP 9.3.2.59","9.3.2.59","Suministro, transporte e instalación de tapón ranurado de 1 1/2\" UL/FM y los materiales necesarios para su correcta instalación","un",{"v":140,"d":"140.00"},{"v":24947.99345,"d":"$24,947.99"},{"v":3492719.083,"d":"$3,492,719.08"},null,{"v":140,"d":"140.00"},null,{"v":0,"d":"$0.00"}]
["ESP 9.3.2.60","9.3.2.60","Suministro, transporte e instalación de Tapón ranurado de 1 1/4\" UL/FM y los materiales necesarios para su correcta instalación","un",{"v":3,"d":"3.00"},{"v":24947.99345,"d":"$24,947.99"},{"v":74843.98035,"d":"$74,843.98"},null,{"v":3,"d":"3.00"},null,{"v":0,"d":"$0.00"}]
[]
[null,null,"TOTAL DE ACCESORIOS\n",{"$nulls":3},{"$f":"SUM(G377:G436)","v":{"v":198172476.09148997,"d":"$198,172,476.09"}},{"$nulls":3},{"$f":"SUM(K377:K436)","v":{"v":0,"d":"$0.00"}}]
[]
[null,"9.3.3","UNIONES RANURADAS\n"]
["ESP 9.3.3.1","9.3.3.1","Suministro, transporte e instalación de Unión ranurada flexible 8\" ranurado ","un",{"v":1,"d":"1.00"},{"v":214386.7173,"d":"$214,386.72"},{"$f":"E441*F441","v":{"v":214386.7173,"d":"$214,386.72"}},null,{"v":1,"d":"1.00"},null,{"$f":"I441*J441","v":{"v":0,"d":"$0.00"}}]
["ESP 9.3.3.2","9.3.3.2","Suministro, transporte e instalación de Unión ranurada flexible 6\" ranurado ","un",{"v":3,"d":"3.00"},{"v":138791.9673,"d":"$138,791.97"},{"v":416375.90189999994,"d":"$416,375.90"},null,{"v":3,"d":"3.00"},null,{"v":0,"d":"$0.00"}]
["ESP 9.3.3.3","9.3.3.3","Suministro, transporte e instalación de Unión ranurada flexible 4\" ranurado ","un",{"v":40,"d":"40.00"},{"v":104215.958175,"d":"$104,215.96"},{"v":4168638.3270000005,"d":"$4,168,638.33"},null,{"v":40,"d":"40.00"},null,{"v":0,"d":"$0.00"}]
["ESP 9.3.3.4","9.3.3.4","Suministro, transporte e instalación de Unión ranurada flexible 3\" ranurado ","un",{"v":27,"d":"27.00"},{"v":96434.853375,"d":"$96,434.85"},{"v":2603741.041125,"d":"$2,603,741.04"},null,{"v":27,"d":"27.00"},null,{"v":0,"d":"$0.00"}]
["ESP 9.3.3.5","9.3.3.5","Suministro, transporte e instalación de Unión ranurada flexible 2, 1/2\" ranurado ","un",{"v":21,"d":"21.00"},{"v":78738.809625,"d":"$78,738.81"},{"v":1653515.0021249999,"d":"$1,653,515.00"},null,{"v":21,"d":"21.00"},null,{"v":0,"d":"$0.00"}]
["ESP 9.3.3.6","9.3.3.6","Suministro, transporte e instalación de Unión ranurada rígida 8\" ranurado ","un",{"v":19,"d":"19.00"},{"v":213477.8625,"d":"$213,477.86"},{"v":4056079.3874999997,"d":"$4,056,079.39"},null,{"v":19,"d":"19.00"},null,{"v":0,"d":"$0.00"}]
["ESP 9.3.3.7","9.3.3.7","Suministro, transporte e instalación de Unión ranurada rígida 6\" ranurado ","un",{"v":102,"d":"102.00"},{"v":136122.097125,"d":"$136,122.10"},{"v":13884453.90675,"d":"$13,884,453.91"},null,{"v":102,"d":"102.00"},null,{"v":0,"d":"$0.00"}]
["ESP 9.3.3.8","9.3.3.8","Suministro, transporte e instalación de Unión ranurada rígida 4\" ranurado ","un",{"v":124,"d":"124.00"},{"v":92311.503375,"d":"$92,311.50"},{"v":11446626.4185,"d":"$11,446,626.42"},null,{"v":124,"d":"124.00"},null,{"v":0,"d":"$0.00"}]
["ESP 9.3.3.9","9.3.3.9","Suministro, transporte e instalación de Unión ranurada rígida 3\" ranurado ","un",{"v":75,"d":"75.00"},{"v":87801.588,"d":"$87,801.59"},{"v":6585119.100000001,"d":"$6,585,119.10"},null,{"v":75,"d":"75.00"},null,{"v":0,"d":"$0.00"}]
["ESP 9.3.3.10","9.3.3.10","Suministro, transporte e instalación de Unión ranurada rígida 2,1/2\" ranurado ","un",{"v":298,"d":"298.00"},{"v":78180.438,"d":" $78,180.44"},{"v":23297770.524,"d":"$23,297,770.52"},null,{"v":298,"d":"298.00"},null,{"v":0,"d":"$0.00"}]
["ESP 9.3.3.11","9.3.3.11","Suministro, transporte e instalación de Unión ranurada rígida 2\" ranurado ","un",{"v":567,"d":"567.00"},{"v":61858.84425,"d":"$61,858.84"},{"v":35073964.68975,"d":"$35,073,964.69"},null,{"v":567,"d":"567.00"},null,{"v":0,"d":"$0.00"}]
["ESP 9.3.3.12","9.3.3.12","Suministro, transporte e instalación de Unión ranurada rígida 1 1/2\" ranurado ","un",{"v":1870,"d":"1,870.00"},{"v":53612.14425,"d":"$53,612.14"},{"v":100254709.7475,"d":"$100,254,709.75"},null,{"v":1870,"d":"1,870.00"},null,{"v":0,"d":"$0.00"}]
["ESP 9.3.3.13","9.3.3.13","Suministro, transporte e instalación de Unión ranurada rígida 1 1/4\" ranurado ","un",{"v":38,"d":"38.00"},{"v":43990.99425,"d":"$43,990.99"},{"v":1671657.7815,"d":"$1,671,657.78"},null,{"v":38,"d":"38.00"},null,{"v":0,"d":"$0.00"}]
[]
[null,null,"TOTAL DE UNIONES RANURADAS\n",{"$nulls":3},{"$f":"SUM(G441:G453)","v":{"v":205327038.54495,"d":"$205,327,038.54"}},{"$nulls":3},{"$f":"SUM(K441:K453)","v":{"v":0,"d":"$0.00"}}]
[]
[null,"9.3.4","SOPORTES\n"]
["ESP 9.3.4.1","9.3.4.1","Suministro, transporte e instalación de Soporte sismo resistente 8\" - 4 vías tubería vertical y los materiales necesarios para su correcta instalación","un",{"v":2,"d":"2.00"},{"v":428407.4865,"d":"$428,407.49"},{"$f":"E458*F458","v":{"v":856814.973,"d":"$856,814.97"}},null,{"v":2,"d":"2.00"},null,{"$f":"I458*J458","v":{"v":0,"d":"$0.00"}}]
["ESP 9.3.4.2","9.3.4.2","Suministro, transporte e instalación de Soporte sismo resistente 4\" - 4 vías tubería vertical y los materiales necesarios para su correcta instalación","un",{"v":23,"d":"23.00"},{"v":352812.7365,"d":"$352,812.74"},{"v":8114692.9395,"d":"$8,114,692.94"},null,{"v":23,"d":"23.00"},null,{"v":0,"d":"$0.00"}]
["ESP 9.3.4.3","9.3.4.3","Suministro, transporte e instalación de Soporte sismo resistente 3\" - 4 vías tubería vertical y los materiales necesarios para su correcta instalación","un",{"v":16,"d":"16.00"},{"v":339068.2365,"d":"$339,068.24"},{"v":5425091.784,"d":"$5,425,091.78"},null,{"v":16,"d":"16.00"},null,{"v":0,"d":"$0.00"}]
["ESP 9.3.4.4","9.3.4.4","Suministro, transporte e instalación de Soporte sismo resistente 2, 1/2\" - 4 vías tubería vertical y los materiales necesarios para su correcta instalación","un",{"v":9,"d":"9.00"},{"v":289931.649,"d":"$289,931.65"},{"v":2609384.841,"d":"$2,609,384.84"},null,{"v":9,"d":"9.00"},null,{"v":0,"d":"$0.00"}]
["ESP 9.3.4.5","9.3.4.5","Suministro, transporte e instalación de Soporte sismo resistente 8\" - 2 vías transversal y los materiales necesarios para su correcta instalación","un",{"v":10,"d":"10.00"},{"v":330048.40575,"d":"$330,048.41"},{"v":3300484.0574999996,"d":"$3,300,484.06"},null,{"v":10,"d":"10.00"},null,{"v":0,"d":"$0.00"}]
["ESP 9.3.4.6","9.3.4.6","Suministro, transporte e instalación de Soporte sismo resistente 6\" - 2 vías transversal y los materiales necesarios para su correcta instalación","un",{"v":16,"d":"16.00"},{"v":206347.90575,"d":"$206,347.91"},{"v":3301566.492,"d":"$3,301,566.49"},null,{"v":16,"d":"16.00"},null,{"v":0,"d":"$0.00"}]
["ESP 9.3.4.7","9.3.4.7","Suministro, transporte e instalación de Soporte sismo resistente 4\" - 2 vías transversal y los materiales necesarios para su correcta instalación","un",{"v":24,"d":"24.00"},{"v":206347.90575,"d":"$206,347.91"},{"v":4952349.738,"d":"$4,952,349.74"},null,{"v":24,"d":"24.00"},null,{"v":0,"d":"$0.00"}]
["ESP 9.3.4.8","9.3.4.8","Suministro, transporte e instalación de Soporte sismo resistente 3\" - 2 vías transversal y los materiales necesarios para su correcta instalación","un",{"v":7,"d":"7.00"},{"v":192603.40575,"d":"$192,603.41"},{"v":1348223.8402500001,"d":"$1,348,223.84"},null,{"v":7,"d":"7.00"},null,{"v":0,"d":"$0.00"}]
["ESP 9.3.4.9","9.3.4.9","Suministro, transporte e instalación de Soporte sismo resistente 2 1/2\" - 2 vías transversal y los materiales necesarios para su correcta instalación","un",{"v":71,"d":"71.00"},{"v":199475.65575,"d":"$199,475.66"},{"v":14162771.55825,"d":"$14,162,771.56"},null,{"v":71,"d":"71.00"},null,{"v":0,"d":"$0.00"}]
["ESP 9.3.4.10","9.3.4.10","Suministro, transporte e instalación de Soporte sismo resistente 2\" - 2 vías transversal y los materiales necesarios para su correcta instalación.","un",{"v":204,"d":"204.00"},{"v":171986.65575,"d":"$171,986.66"},{"v":35085277.773,"d":"$35,085,277.77"},null,{"v":204,"d":"204.00"},null,{"v":0,"d":"$0.00"}]
["ESP 9.3.4.11","9.3.4.11","Suministro, transporte e instalación de Soporte sismo resistente 1 1/2\" - 2 vías transversal y los materiales necesarios para su correcta instalación.","un",{"v":13,"d":"13.00"},{"v":171986.65575,"d":"$171,986.66"},{"v":2235826.52475,"d":"$2,235,826.52"},null,{"v":13,"d":"13.00"},null,{"v":0,"d":"$0.00"}]
["ESP 9.3.4.12","9.3.4.12","Suministro, transporte e instalación de Soporte sismo resistente 8\" - 2 vías longitudinal y los materiales necesarios para su correcta instalación.","un",{"v":7,"d":"7.00"},{"v":323176.15575,"d":"$323,176.16"},{"v":2262233.09025,"d":"$2,262,233.09"},null,{"v":7,"d":"7.00"},null,{"v":0,"d":"$0.00"}]
["ESP 9.3.4.13","9.3.4.13","Suministro, transporte e instalación de Soporte sismo resistente 6\" - 2 vías longitudinal y los materiales necesarios para su correcta instalación.","un",{"v":6,"d":"6.00"},{"v":305308.30575,"d":"$305,308.31"},{"v":1831849.8344999999,"d":"$1,831,849.83"},null,{"v":6,"d":"6.00"},null,{"v":0,"d":"$0.00"}]
["ESP 9.3.4.14","9.3.4.14","Suministro, transporte e instalación de Soporte sismo resistente 4\" - 2 vías longitudinal y los materiales necesarios para su correcta instalación.","un",{"v":12,"d":"12.00"},{"v":293625.48075,"d":"$293,625.48"},{"v":3523505.769,"d":"$3,523,505.77"},null,{"v":12,"d":"12.00"},null,{"v":0,"d":"$0.00"}]
["ESP 9.3.4.15","9.3.4.15","Suministro, transporte e instalación de Soporte sismo resistente 3\" - 2 vías longitudinal y los materiales necesarios para su correcta instalación.","un",{"v":3,"d":"3.00"},{"v":286753.23075,"d":"$286,753.23"},{"v":860259.69225,"d":"$860,259.69"},null,{"v":3,"d":"3.00"},null,{"v":0,"d":"$0.00"}]
["ESP 9.3.4.16","9.3.4.16","Suministro, transporte e instalación de Soporte sismo resistente 2 1/2\" - 2 vías longitudinal y los materiales necesarios para su correcta instalación.","un",{"v":43,"d":"43.00"},{"v":268198.15575,"d":"$268,198.16"},{"v":11532520.69725,"d":"$11,532,520.70"},null,{"v":43,"d":"43.00"},null,{"v":0,"d":"$0.00"}]
["ESP 9.3.4.17","9.3.4.17","Suministro, transporte e instalación de Soporte sismo resistente 2\" - 2 vías longitudinal y los materiales necesarios para su correcta instalación.","un",{"v":87,"d":"87.00"},{"v":268198.15575,"d":"$268,198.16"},{"v":23333239.550249998,"d":"$23,333,239.55"},null,{"v":87,"d":"87.00"},null,{"v":0,"d":"$0.00"}]
["ESP 9.3.4.18","9.3.4.18","Suministro, transporte e instalación de Soporte sismo resistente 1 1/2\" - 2 vías longitudinal y los materiales necesarios para su correcta instalación.","un",{"v":136,"d":"136.00"},{"v":268198.15575,"d":"$268,198.16"},{"v":36474949.182,"d":"$36,474,949.18"},null,{"v":136,"d":"136.00"},null,{"v":0,"d":"$0.00"}]
["ESP 9.3.4.19","9.3.4.19","Suministro, transporte e instalación de Soporte tipo pera 8\" y los materiales necesarios para su correcta instalación.","un",{"v":16,"d":"16.00"},{"v":117008.65575,"d":"$117,008.66"},{"v":1872138.492,"d":"$1,872,138.49"},null,{"v":16,"d":"16.00"},null,{"v":0,"d":"$0.00"}]
["ESP 9.3.4.20","9.3.4.20","Suministro, transporte e instalación de Soporte tipo pera 6\" y los materiales necesarios para su correcta instalación.","un",{"v":25,"d":"25.00"},{"v":112885.30575,"d":"$112,885.31"},{"v":2822132.64375,"d":"$2,822,132.64"},null,{"v":25,"d":"25.00"},null,{"v":0,"d":"$0.00"}]
["ESP 9.3.4.21","9.3.4.21","Suministro, transporte e instalación de Soporte tipo pera 4\" y los materiales necesarios para su correcta instalación.","un",{"v":36,"d":"36.00"},{"v":50863.24425,"d":"$50,863.24"},{"v":1831076.793,"d":"$1,831,076.79"},null,{"v":36,"d":"36.00"},null,{"v":0,"d":"$0.00"}]
["ESP 9.3.4.22","9.3.4.22","Suministro, transporte e instalación de Soporte tipo pera 3\" y los materiales necesarios para su correcta instalación.","un",{"v":8,"d":"8.00"},{"v":50863.24425,"d":"$50,863.24"},{"v":406905.954,"d":"$406,905.95"},null,{"v":8,"d":"8.00"},null,{"v":0,"d":"$0.00"}]
["ESP 9.3.4.23","9.3.4.23","Suministro, transporte e instalación de Soporte tipo pera 2 1/2\" y los materiales necesarios para su correcta instalación.","un",{"v":122,"d":"122.00"},{"v":50863.24425,"d":"$50,863.24"},{"v":6205315.7985000005,"d":"$6,205,315.80"},null,{"v":122,"d":"122.00"},null,{"v":0,"d":"$0.00"}]
["ESP 9.3.4.24","9.3.4.24","Suministro, transporte e instalación de Soporte tipo pera 2\" y los materiales necesarios para su correcta instalación.","un",{"v":394,"d":"394.00"},{"v":50863.24425,"d":"$50,863.24"},{"v":20040118.234500002,"d":"$20,040,118.23"},null,{"v":394,"d":"394.00"},null,{"v":0,"d":"$0.00"}]
["ESP 9.3.4.25","9.3.4.25","Suministro, transporte e instalación de Soporte tipo pera 1 1/2\" y los materiales necesarios para su correcta instalación.","un",{"v":921,"d":"921.00"},{"v":46739.89425,"d":"$46,739.89"},{"v":43047442.60425,"d":"$43,047,442.60"},null,{"v":921,"d":"921.00"},null,{"v":0,"d":"$0.00"}]
["ESP 9.3.4.26","9.3.4.26","Suministro, transporte e instalación de Soporte tipo pera 1\" y los materiales necesarios para su correcta instalación.","un",{"v":206,"d":"206.00"},{"v":43990.99425,"d":"$43,990.99"},{"v":9062144.8155,"d":"$9,062,144.82"},null,{"v":206,"d":"206.00"},null,{"v":0,"d":"$0.00"}]
["ESP 9.3.4.27","9.3.4.27","Suministro, transporte e instalación de Soporte en concreto 8\" y los materiales necesarios para su correcta instalación.","un",{"v":1,"d":"1.00"},{"v":334773.08,"d":"$334,773.08"},{"v":334773.08,"d":"$334,773.08"},null,{"v":1,"d":"1.00"},null,{"v":0,"d":"$0.00"}]
["ESP 9.3.4.28","9.3.4.28","Suministro, transporte e instalación de Soporte en concreto 6\" y los materiales necesarios para su correcta instalación","un",{"v":6,"d":"6.00"},{"v":282543.975,"d":"$282,543.98"},{"v":1695263.8499999999,"d":"$1,695,263.85"},null,{"v":6,"d":"6.00"},null,{"v":0,"d":"$0.00"}]
["ESP 9.3.4.29","9.3.4.29","Suministro, transporte e instalación de Soporte en concreto 2 1/2\" y los materiales necesarios para su correcta instalación","un",{"v":1,"d":"1.00"},{"v":234438.225,"d":"$234,438.23"},{"v":234438.225,"d":"$234,438.23"},null,{"v":1,"d":"1.00"},null,{"v":0,"d":"$0.00"}]
[]
[null,null,"TOTAL DE SOPORTES\n",{"$nulls":3},{"$f":"SUM(G458:G486)","v":{"v":248762792.82725,"d":"$248,762,792.83"}},{"$nulls":3},{"$f":"SUM(K458:K486)","v":{"v":0,"d":"$0.00"}}]
[]
[null,"9.3.5","VÁLVULAS, GABINETES Y DEMÁS ACCESORIOS\n"]
["ESP 9.3.5.1","9.3.5.1","Suministro, transporte e instalación de válvula OS&Y ranurada supervisada UL/FM 6\" y los materiales necesarios para su correcta instalación","un",{"v":2,"d":"2.00"},{"v":3854335.8,"d":"$3,854,335.80"},{"$f":"E491*F491","v":{"v":7708671.6,"d":"$7,708,671.60"}},null,{"v":2,"d":"2.00"},null,{"$f":"I491*J491","v":{"v":0,"d":"$0.00"}}]
["ESP 9.3.5.2","9.3.5.2","Suministro, transporte e instalación de válvula  Mariposa  ranurada supervisada de UL/FM 3\" y los materiales necesarios para su correcta instalación","un",{"v":4,"d":"4.00"},{"v":1296888.075,"d":"$1,296,888.08"},{"v":5187552.3,"d":"$5,187,552.30"},null,{"v":4,"d":"4.00"},null,{"v":0,"d":"$0.00"}]
["ESP 9.3.5.3","9.3.5.3","Suministro, transporte e instalación de válvula  Mariposa  ranurada supervisada de UL/FM 2 1/2\" y los materiales necesarios para su correcta instalación","un",{"v":7,"d":"7.00"},{"v":1200676.575,"d":"$1,200,676.58"},{"v":8404736.025,"d":"$8,404,736.03"},null,{"v":7,"d":"7.00"},null,{"v":0,"d":"$0.00"}]
["ESP 9.3.5.4","9.3.5.4","Suministro, transporte e instalación de cheque compuerta ranurada de 4\" UL/FM 300 PSI y los materiales necesarios para su correcta instalación","un",{"v":1,"d":"1.00"},{"v":2089773.92,"d":"$2,089,773.92"},{"v":2089773.92,"d":"$2,089,773.92"},null,{"v":1,"d":"1.00"},null,{"v":0,"d":"$0.00"}]
["ESP 9.3.5.5","9.3.5.5","Suministro, transporte e instalación de cheque compuerta ranurada de 3\" UL/FM 300 PSI y los materiales necesarios para su correcta instalación","un",{"v":3,"d":"3.00"},{"v":1677438.924,"d":"$1,677,438.92"},{"v":5032316.772,"d":"$5,032,316.77"},null,{"v":3,"d":"3.00"},null,{"v":0,"d":"$0.00"}]
["ESP 9.3.5.6","9.3.5.6","Suministro, transporte e instalación de cheque compuerta ranurada de 2 1/2\" UL/FM 300 PSI y los materiales necesarios para su correcta instalación","un",{"v":7,"d":"7.00"},{"v":1056359.325,"d":"$1,056,359.33"},{"v":7394515.274999999,"d":"$7,394,515.28"},null,{"v":7,"d":"7.00"},null,{"v":0,"d":"$0.00"}]
["ESP 9.3.5.7","9.3.5.7","Suministro, transporte e instalación de válvula prueba drenaje 1 1/4\" y los materiales necesarios para su correcta instalación","un",{"v":10,"d":"10.00"},{"v":1338121.575,"d":"$1,338,121.58"},{"v":13381215.75,"d":"$13,381,215.75"},null,{"v":10,"d":"10.00"},null,{"v":0,"d":"$0.00"}]
["ESP 9.3.5.8","9.3.5.8","Suministro, transporte e instalación de válvula de bola Ø1\" y los materiales necesarios para su correcta instalación","un",{"v":9,"d":"9.00"},{"v":360114.49425,"d":"$360,114.49"},{"v":3241030.44825,"d":"$3,241,030.45"},null,{"v":9,"d":"9.00"},null,{"v":0,"d":"$0.00"}]
["ESP 9.3.5.9","9.3.5.9","Suministro, transporte e instalación de válvula de bola Ø1/2\" y los materiales necesarios para su correcta instalación","un",{"v":10,"d":"10.00"},{"v":215797.24425,"d":"$215,797.24"},{"v":2157972.4425,"d":"$2,157,972.44"},null,{"v":10,"d":"10.00"},null,{"v":0,"d":"$0.00"}]
["ESP 9.3.5.10","9.3.5.10","Suministro, transporte e instalación de Sensor de Flujo 3\" y los materiales necesarios para su correcta instalación","un",{"v":2,"d":"2.00"},{"v":1021998.075,"d":"$1,021,998.08"},{"v":2043996.15,"d":"$2,043,996.15"},null,{"v":2,"d":"2.00"},null,{"v":0,"d":"$0.00"}]
["ESP 9.3.5.11","9.3.5.11","Suministro, transporte e instalación de Sensor de Flujo 2 1/2\" y los materiales necesarios para su correcta instalación","un",{"v":7,"d":"7.00"},{"v":912042.075,"d":"$912,042.08"},{"v":6384294.524999999,"d":"$6,384,294.53"},null,{"v":7,"d":"7.00"},null,{"v":0,"d":"$0.00"}]
["ESP 9.3.5.12","9.3.5.12","Suministro, transporte e instalación de Manómetro Inmerso en glicerina de 0-300 PSI y los materiales necesarios para su correcta instalación","un",{"v":28,"d":"28.00"},{"v":216511.95615,"d":"$216,511.96"},{"v":6062334.7722000005,"d":"$6,062,334.77"},null,{"v":28,"d":"28.00"},null,{"v":0,"d":"$0.00"}]
["ESP 9.3.5.13","9.3.5.13","Suministro, transporte e instalación de válvula desaireadora y los materiales necesarios para su correcta instalación","un",{"v":16,"d":"16.00"},{"v":1539521.448675,"d":"$1,539,521.45"},{"v":24632343.1788,"d":"$24,632,343.18"},null,{"v":16,"d":"16.00"},null,{"v":0,"d":"$0.00"}]
["ESP 9.3.5.14","9.3.5.14","Suministro, transporte e instalación de válvula de alivio 1/2\" y los materiales necesarios para su correcta instalación","un",{"v":10,"d":"10.00"},{"v":238561.575,"d":"$238,561.58"},{"v":2385615.75,"d":"$2,385,615.75"},null,{"v":10,"d":"10.00"},null,{"v":0,"d":"$0.00"}]
["ESP 9.3.5.15","9.3.5.15","Suministro, transporte e instalación de Estaciones de manguera clase II dotadas de manguera de 100 pies de Ø1 1/2\" UL/FM con válvula tipo restrictoras de presión UL FM y los materiales necesarios para su correcta instalación","un",{"v":15,"d":"15.00"},{"v":2345876.946,"d":"$2,345,876.95"},{"v":35188154.19,"d":"$35,188,154.19"},null,{"v":15,"d":"15.00"},null,{"v":0,"d":"$0.00"}]
["ESP 9.3.5.16","9.3.5.16","Suministro, transporte e instalación de válvula de regulación de presión 4\" ref. Victaulic 867 42T o similar y los materiales necesarios para su correcta instalación","un",{"v":2,"d":"2.00"},{"v":6469226.946,"d":"$6,469,226.95"},{"v":12938453.892,"d":"$12,938,453.89"},null,{"v":2,"d":"2.00"},null,{"v":0,"d":"$0.00"}]
["ESP 9.3.5.17","9.3.5.17","Suministro, transporte e instalación de válvula de alivio sistema de regulación de presión 4\" ref. Victaulic 867 43T o similar y los materiales necesarios para su correcta instalación","un",{"v":1,"d":"1.00"},{"v":3720326.946,"d":"$3,720,326.95"},{"v":3720326.946,"d":"$3,720,326.95"},null,{"v":1,"d":"1.00"},null,{"v":0,"d":"$0.00"}]
["ESP 9.3.5.18","9.3.5.18","Suministro, transporte e instalación de válvula de 2.5\" de tipo restrictora de presión para conexión del cuerpo de bomberos y los materiales necesarios para su correcta instalación","un",{"v":15,"d":"15.00"},{"v":2197376.946,"d":"$2,197,376.95"},{"v":32960654.19,"d":"$32,960,654.19"},null,{"v":15,"d":"15.00"},null,{"v":0,"d":"$0.00"}]
[]
[null,null,"TOTAL DE VÁLVULAS, GABINETES Y DEMÁS ACCESORIOS\n",{"$nulls":3},{"$f":"SUM(G491:G508)","v":{"v":180913958.12675,"d":"$180,913,958.13"}},{"$nulls":3},{"$f":"SUM(K491:K508)","v":{"v":0,"d":"$0.00"}}]
[]
[null,"9.3.6","ROCIADORES\n"]
["ESP 9.3.6.1","9.3.6.1","Suministro, transporte e instalación de K 8,0 montante, respuesta estándar, temperatura de activación de 141°C (286°F) UL/FM y los materiales necesarios para su correcta instalación","un",{"v":42,"d":"42.00"},{"v":188394.15,"d":"$188,394.15"},{"$f":"E513*F513","v":{"v":7912554.3,"d":"$7,912,554.30"}},null,{"v":42,"d":"42.00"},null,{"$f":"I513*J513","v":{"v":0,"d":"$0.00"}}]
["ESP 9.3.6.2","9.3.6.2","Suministro, transporte e instalación de K 8,0  orientación montante, respuesta rápida y temperatura de activación 57°C (135°F) UL/FM y los materiales necesarios para su correcta instalación","un",{"v":396,"d":"396.00"},{"v":174649.65,"d":"$174,649.65"},{"v":69161261.39999999,"d":"$69,161,261.40"},null,{"v":396,"d":"396.00"},null,{"v":0,"d":"$0.00"}]
["ESP 9.3.6.3","9.3.6.3","Suministro, transporte e instalación de K 8,0  orientación pendiente, respuesta rápida y temperatura de activación 68°C (155°F) UL/FM (shut de basuras) y los materiales necesarios para su correcta instalación","un",{"v":6,"d":"6.00"},{"v":188394.15000000002,"d":"$188,394.15"},{"v":1130364.9000000001,"d":"$1,130,364.90"},null,{"v":6,"d":"6.00"},null,{"v":0,"d":"$0.00"}]
["ESP 9.3.6.4","9.3.6.4","Suministro, transporte e instalación de K 5,6, orientación montante, respuesta rápida y temperatura de activación 57°C (135°F) UL/FM y los materiales necesarios para su correcta instalación","un",{"v":615,"d":"615.00"},{"v":147160.65,"d":"$147,160.65"},{"v":90503799.75,"d":"$90,503,799.75"},null,{"v":615,"d":"615.00"},null,{"v":0,"d":"$0.00"}]
["ESP 9.3.6.5","9.3.6.5","Suministro, transporte e instalación de K 5,6, orientación montante, respuesta rápida y temperatura de activación 57°C (135°F) UL/FM y los materiales necesarios para su correcta instalación","un",{"v":599,"d":"599.00"},{"v":147160.65,"d":"$147,160.65"},{"v":88149229.35,"d":"$88,149,229.35"},null,{"v":599,"d":"599.00"},null,{"v":0,"d":"$0.00"}]
["ESP 9.3.6.6","9.3.6.6","Suministro, transporte e instalación de K 11,2, orientación pendiente, respuesta rápida y temperatura de activación 68°C (155°F) UL/FM  y los materiales necesarios para su correcta instalación(armerillo)","un",{"v":2,"d":"2.00"},{"v":220006.49,"d":"$220,006.49"},{"v":440012.98,"d":"$440,012.98"},null,{"v":2,"d":"2.00"},null,{"v":0,"d":"$0.00"}]
[]
[null,null,"TOTAL DE ROCIADORES\n",{"$nulls":3},{"$f":"SUM(G513:G518)","v":{"v":257297222.67999998,"d":"$257,297,222.68"}},{"$nulls":3},{"$f":"SUM(K513:K518)","v":{"v":0,"d":"$0.00"}}]
[]
[null,"9.3.7","SISTEMA DE BOMBEO RCI"]
["ESP 9.3.7.1","9.3.7.1","Suministro, instalación y puesta en marcha de un sistema de bombeo tipo Diésel UL/FM de 750 gpm a una presión de operación de 190 psi. Incluye la totalidad de los elementos constitutivos de un sistema de bombeo completo tales como ( pero no limitado a ) tableros, válvulas, válvula de alivio, retornos, tuberías, acoples, exosto, tanque de combustible, bomba jockey, acoples, bridas, soportes, grouting, ingeniería de detalle, montaje, garantías, servicio postventa y los materiales necesarios para su correcta instalación. El suministro e instalación en su totalidad debe estar de acuerdo a los requerido por la última edición de NFPA 20 y FM global.","un",{"v":1,"d":"1.00"},{"v":810307002,"d":"$810,307,002.00"},{"$f":"E523*F523","v":{"v":810307002,"d":"$810,307,002.00"}},null,{"v":1,"d":"1.00"},null,{"$f":"I523*J523","v":{"v":0,"d":"$0.00"}}]
[]
[null,null,"TOTAL DE SISTEMA DE BOMBEO RCI",{"$nulls":3},{"$f":"G523","v":{"v":810307002,"d":"$810,307,002.00"}},{"$nulls":3},{"$f":"K523","v":{"v":0,"d":"$0.00"}}]
[]
[null,null,"TOTAL DE RED CONTRA INCENDIOS - RCI",{"$nulls":3},{"$f":"SUM(G525+G520+G510+G488+G455+G438+G374)","v":{"v":2470173903.698578,"d":"$2,470,173,903.70"}},{"$nulls":3},{"$f":"SUM(K525+K520+K510+K488+K455+K438+K374)","v":{"v":0,"d":"$0.00"}}]
[]
[null,"9.4.0"," SISTEMA DE AGENTE LIMPIO INERGEN IG-541"]
[]
[null,"9.4.1","SISTEMA DE EXTINCIÓN IG-541 (IMPORTADO)"]
["ESP 9.4.1.1","9.4.1.1","Suministro, transporte e instalación de Container, INERGEN, CR,  cu. feet (12,4 cu. meters) UN o equivalente y los elementos necesarios para su correcta instalación. TRM $4298.31 COP (24-04-25), fuente: https://www.dolar-colombia.com/mes/2025-04","un",{"v":34,"d":"34.00"},{"v":28274789.1,"d":"$28,274,789.10"},{"$f":"E532*F532","v":{"v":961342829.4000001,"d":"$961,342,829.40"}},null,{"v":34,"d":"34.00"},null,{"$f":"I532*J532","v":{"v":0,"d":"$0.00"}}]
["ESP 9.4.1.2","9.4.1.2","Suministro, transporte e instalación de Flexible Discharge BEND for CV 90 and CV98(200 Bar) o equivalente y los elementos necesarios para su correcta instalación.  TRM $4298.31 COP (24-04-25), fuente: https://www.dolar-colombia.com/mes/2025-04","un",{"v":34,"d":"34.00"},{"v":1650495.03,"d":"$1,650,495.03"},{"v":56116831.02,"d":"$56,116,831.02"},null,{"v":34,"d":"34.00"},null,{"v":0,"d":"$0.00"}]
["ESP 9.4.1.3","9.4.1.3","Suministro, transporte e instalación de Actuator, Electric, HF o equivalente y los elementos necesarios para su correcta instalación.  TRM $4298.31 COP (24-04-25), fuente: https://www.dolar-colombia.com/mes/2025-04 ","un",{"v":2,"d":"2.00"},{"v":5161950.89,"d":"$5,161,950.89"},{"v":10323901.78,"d":"$10,323,901.78"},null,{"v":2,"d":"2.00"},null,{"v":0,"d":"$0.00"}]
["ESP 9.4.1.4","9.4.1.4","Suministro, transporte e instalación de Booster Actuator o equivalente y los elementos necesarios para su correcta instalación. TRM $4298.31 COP (24-04-25), fuente: https://www.dolar-colombia.com/mes/2025-04","un",{"v":2,"d":"2.00"},{"v":3777307.4063,"d":"$3,777,307.41"},{"v":7554614.8126,"d":"$7,554,614.81"},null,{"v":2,"d":"2.00"},null,{"v":0,"d":"$0.00"}]
["ESP 9.4.1.5","9.4.1.5","Suministro, transporte e instalación de Actuator, Lever for HF Actuador o equivalente y los elementos necesarios para su correcta instalación.  TRM $4298.31 COP (24-04-25), fuente: https://www.dolar-colombia.com/mes/2025-04","un",{"v":2,"d":"2.00"},{"v":2684362.156,"d":"$2,684,362.16"},{"v":5368724.312,"d":"$5,368,724.31"},null,{"v":2,"d":"2.00"},null,{"v":0,"d":"$0.00"}]
["ESP 9.4.1.6","9.4.1.6","Suministro, transporte e instalación de Actuator,Electric, HF, Arming Tool o equivalente y los elementos necesarios para su correcta instalación.  TRM $4298.31 COP (24-04-25), fuente: https://www.dolar-colombia.com/mes/2025-04","un",{"v":2,"d":"2.00"},{"v":276928.69,"d":"$276,928.69"},{"v":553857.38,"d":"$553,857.38"},null,{"v":2,"d":"2.00"},null,{"v":0,"d":"$0.00"}]
["ESP 9.4.1.7","9.4.1.7","Suministro, transporte e instalación de Booster Actuator, Reset Tool o equivalente y los elementos necesarios para su correcta instalación.  TRM $4298.31 COP (24-04-25), fuente: https://www.dolar-colombia.com/mes/2025-04","un",{"v":2,"d":"2.00"},{"v":932695.8433,"d":"$932,695.84"},{"v":1865391.6866,"d":"$1,865,391.69"},null,{"v":2,"d":"2.00"},null,{"v":0,"d":"$0.00"}]
["ESP 9.4.1.8","9.4.1.8","Suministro, transporte e instalación de Orifice Unión,  in. NPT, specify orifice size/code o equivalente y los elementos necesarios para su correcta instalación.  TRM $4298.31 COP (24-04-25), fuente: https://www.dolar-colombia.com/mes/2025-04","un",{"v":2,"d":"2.00"},{"v":2177767.2644,"d":"$2,177,767.26"},{"v":4355534.5288,"d":"$4,355,534.53"},null,{"v":2,"d":"2.00"},null,{"v":0,"d":"$0.00"}]
["ESP 9.4.1.9","9.4.1.9","Suministro, transporte e instalación de Acoustic Nozzle,  in. (requires part number 448419) 3/4\" o equivalente y los elementos necesarios para su correcta instalación.  TRM $4298.31 COP (24-04-25), fuente: https://www.dolar-colombia.com/mes/2025-04","un",{"v":4,"d":"4.00"},{"v":5815502.6155,"d":"$5,815,502.62"},{"v":23262010.462,"d":"$23,262,010.46"},null,{"v":4,"d":"4.00"},null,{"v":0,"d":"$0.00"}]
["ESP 9.4.1.10","9.4.1.10","Suministro, transporte e instalación de Orifice Pipe Assembly, in. NPT o equivalente y los elementos necesarios para su correcta instalación.  TRM $4298.31 COP (24-04-25), fuente: https://www.dolar-colombia.com/mes/2025-04","un",{"v":2,"d":"2.00"},{"v":563457.5819,"d":"$563,457.58"},{"v":1126915.1638,"d":"$1,126,915.16"},null,{"v":2,"d":"2.00"},null,{"v":0,"d":"$0.00"}]
["ESP 9.4.1.11","9.4.1.11","Suministro, transporte e instalación de Pressure Switch, DPST (2-3/4 in, (Outlets) o equivalente y los elementos necesarios para su correcta instalación.  TRM $4298.31 COP (24-04-25), fuente: https://www.dolar-colombia.com/mes/2025-04","un",{"v":2,"d":"2.00"},{"v":1656402.8419,"d":"$1,656,402.84"},{"v":3312805.6838,"d":"$3,312,805.68"},null,{"v":2,"d":"2.00"},null,{"v":0,"d":"$0.00"}]
["ESP 9.4.1.12","9.4.1.12","Suministro, transporte e instalación de Pilot Valve Actuation Adaptor o equivalente y los elementos necesarios para su correcta instalación.  TRM $4298.31 COP (24-04-25), fuente: https://www.dolar-colombia.com/mes/2025-04","un",{"v":34,"d":"34.00"},{"v":39116.4673,"d":"$39,116.47"},{"v":1329959.8882,"d":"$1,329,959.89"},null,{"v":34,"d":"34.00"},null,{"v":0,"d":"$0.00"}]
["ESP 9.4.1.13","9.4.1.13","Suministro, transporte e instalación de Male Elbow (use with Pilot Valve Actuation Adaptor) o equivalente y los elementos necesarios para su correcta instalación. TRM $4298.31 COP (24-04-25), fuente: https://www.dolar-colombia.com/mes/2025-04","un",{"v":34,"d":"34.00"},{"v":68161.3873,"d":"$68,161.39"},{"v":2317487.1682,"d":"$2,317,487.17"},null,{"v":34,"d":"34.00"},null,{"v":0,"d":"$0.00"}]
["ESP 9.4.1.14","9.4.1.14","Suministro, transporte e instalación de Flared Tee, 1/8 x 1/4 x 1/4 in o equivalente y los elementos necesarios para su correcta instalación.  TRM $4298.31 COP (24-04-25), fuente: https://www.dolar-colombia.com/mes/2025-04","un",{"v":34,"d":"34.00"},{"v":41576.2273,"d":"$41,576.23"},{"v":1413591.7282,"d":"$1,413,591.73"},null,{"v":34,"d":"34.00"},null,{"v":0,"d":"$0.00"}]
["ESP 9.4.1.15","9.4.1.15","Suministro, transporte e instalación de Actuation Hose Stainless braided, 16 in o equivalente y los elementos necesarios para su correcta instalación.  TRM $4298.31 COP (24-04-25), fuente: https://www.dolar-colombia.com/mes/2025-04","un",{"v":34,"d":"34.00"},{"v":343760.8164,"d":"$343,760.82"},{"v":11687867.7576,"d":"$11,687,867.76"},null,{"v":34,"d":"34.00"},null,{"v":0,"d":"$0.00"}]
["ESP 9.4.1.16","9.4.1.16","Suministro, transporte e instalación de Switch Abort, Surface-Mount o equivalente y los elementos necesarios para su correcta instalación.  TRM $4298.31 COP (24-04-25), fuente: https://www.dolar-colombia.com/mes/2025-04","un",{"v":1,"d":"1.00"},{"v":1242855.9828,"d":"$1,242,855.98"},{"v":1242855.9828,"d":"$1,242,855.98"},null,{"v":1,"d":"1.00"},null,{"v":0,"d":"$0.00"}]
["ESP 9.4.1.17","9.4.1.17","Suministro, transporte e instalación de Switch Maintenance, Surface-Mount, w/key o equivalente y los elementos necesarios para su correcta instalación.  TRM $4298.31 COP (24-04-25), fuente: https://www.dolar-colombia.com/mes/2025-04","un",{"v":1,"d":"1.00"},{"v":2162997.7339,"d":"$2,162,997.73"},{"v":2162997.7339,"d":"$2,162,997.73"},null,{"v":1,"d":"1.00"},null,{"v":0,"d":"$0.00"}]
["ESP 9.4.1.18","9.4.1.18","Suministro, transporte e instalación de Placement Indicator Switch o equivalente y los elementos necesarios para su correcta instalación. TRM $4298.31 COP (24-04-25), fuente: https://www.dolar-colombia.com/mes/2025-04","un",{"v":1,"d":"1.00"},{"v":829309.1328,"d":"$829,309.13"},{"v":829309.1328,"d":"$829,309.13"},null,{"v":1,"d":"1.00"},null,{"v":0,"d":"$0.00"}]
["ESP 9.4.1.19","9.4.1.19","Suministro, transporte e instalación de  Acoustic Nozzle,  in. (requires part number 445710) 1 11/2\" o equivalente y los elementos necesarios para su correcta instalación  TRM $4298.31 COP (24-04-25), fuente: https://www.dolar-colombia.com/mes/2025-04","un",{"v":8,"d":"8.00"},{"v":8391308.7228,"d":"$8,391,308.72"},{"v":67130469.7824,"d":"$67,130,469.78"},null,{"v":8,"d":"8.00"},null,{"v":0,"d":"$0.00"}]
["ESP 9.4.1.20","9.4.1.20","Suministro, transporte e instalación de Sistema de accionamiento mecánico de emergencia.  TRM $4298.31 COP (24-04-25), fuente: https://www.dolar-colombia.com/mes/2025-04","un",{"v":1,"d":"1.00"},{"v":10656216.218,"d":"$10,656,216.22"},{"v":10656216.218,"d":"$10,656,216.22"},null,{"v":1,"d":"1.00"},null,{"v":0,"d":"$0.00"}]
[null,null,"TOTAL DE SISTEMA DE EXTINCIÓN IG-541 (IMPORTADO)",{"$nulls":3},{"$f":"SUM(G532:G551)","v":{"v":1173954171.6217003,"d":"$1,173,954,171.62"}},{"$nulls":3},{"$f":"SUM(K532:K551)","v":{"v":0,"d":"$0.00"}}]
[]
[null,"9.4.2","SISTEMA DE DETECCIÓN Y ALARMA IG-541 (IMPORTADO)"]
["ESP 9.4.2.1","9.4.2.1","Suministro, transporte e instalación de NFS-320, Agent release control panel, 120 VAC.  y los elementos necesarios para su correcta instalación.  TRM $4298.31 COP (24-04-25), fuente: https://www.dolar-colombia.com/mes/2025-04","un",{"v":1,"d":"1.00"},{"v":13063649.669,"d":"$13,063,649.67"},{"$f":"F555*E555","v":{"v":13063649.669,"d":"$13,063,649.67"}},null,{"v":1,"d":"1.00"},null,{"$f":"J555*I555","v":{"v":0,"d":"$0.00"}}]
["ESP 9.4.2.2","9.4.2.2","Suministro, transporte e instalación de Battery, 12 volt, 18 AH. (2 un)  y los elementos necesarios para su correcta instalación.  TRM $4298.31 COP (24-04-25), fuente: https://www.dolar-colombia.com/mes/2025-04","un",{"v":1,"d":"1.00"},{"v":1481383.9056,"d":"$1,481,383.91"},{"v":1481383.9056,"d":"$1,481,383.91"},null,{"v":1,"d":"1.00"},null,{"v":0,"d":"$0.00"}]
["ESP 9.4.2.3","9.4.2.3","Suministro, transporte e instalación de Intelligent Addressable Photo detector. + base   y los elementos necesarios para su correcta instalación.  TRM $4298.31 COP (24-04-25), fuente: https://www.dolar-colombia.com/mes/2025-04","un",{"v":4,"d":"4.00"},{"v":362961.2125,"d":"$362,961.21"},{"v":1451844.85,"d":"$1,451,844.85"},null,{"v":4,"d":"4.00"},null,{"v":0,"d":"$0.00"}]
["ESP 9.4.2.4","9.4.2.4","Suministro, transporte e instalación de Stopper II  y los elementos necesarios para su correcta instalación.  TRM $4298.31 COP (24-04-25), fuente: https://www.dolar-colombia.com/mes/2025-04","un",{"v":1,"d":"1.00"},{"v":835586.1825,"d":"$835,586.18"},{"v":835586.1825,"d":"$835,586.18"},null,{"v":1,"d":"1.00"},null,{"v":0,"d":"$0.00"}]
["ESP 9.4.2.5","9.4.2.5","Suministro, transporte e instalación de Dual action lexan station  y los elementos necesarios para su correcta instalación.  TRM $4298.31 COP (24-04-25), fuente: https://www.dolar-colombia.com/mes/2025-04","un",{"v":1,"d":"1.00"},{"v":327514.3425,"d":"$327,514.34"},{"v":327514.3425,"d":"$327,514.34"},null,{"v":1,"d":"1.00"},null,{"v":0,"d":"$0.00"}]
["ESP 9.4.2.6","9.4.2.6","Suministro, transporte e instalación de SB-10, Surface back box, for NBG-12LR  y los elementos necesarios para su correcta instalación.  TRM $4298.31  COP (24-04-25), fuente: https://www.dolar-colombia.com/mes/2025-04","un",{"v":1,"d":"1.00"},{"v":79386.2307,"d":"$79,386.23"},{"v":79386.2307,"d":"$79,386.23"},null,{"v":1,"d":"1.00"},null,{"v":0,"d":"$0.00"}]
["ESP 9.4.2.7","9.4.2.7","Suministro, transporte e instalación de System Sensor bell, 6 inch, 24 volt  y los elementos necesarios para su correcta instalación.  TRM $4298.31 COP (24-04-25), fuente: https://www.dolar-colombia.com/mes/2025-04","un",{"v":1,"d":"1.00"},{"v":362961.2107,"d":"$362,961.21"},{"$f":"E561*F561","v":{"v":362961.2107,"d":"$362,961.21"}},null,{"v":1,"d":"1.00"},null,{"$f":"I561*J561","v":{"v":0,"d":"$0.00"}}]
["ESP 9.4.2.8","9.4.2.8","Suministro, transporte e instalación de WBB Weatherproof Backbox, Red.  y los elementos necesarios para su correcta instalación. TRM $4298.31 COP (24-04-25), fuente: https://www.dolar-colombia.com/mes/2025-04","un",{"v":1,"d":"1.00"},{"v":203450.2807,"d":"$203,450.28"},{"v":203450.2807,"d":"$203,450.28"},null,{"v":1,"d":"1.00"},null,{"v":0,"d":"$0.00"}]
["ESP 9.4.2.9","9.4.2.9","Suministro, transporte e instalación de Horn Strobe  y los elementos necesarios para su correcta instalación.  TRM $4298.31 COP (24-04-25), fuente: https://www.dolar-colombia.com/mes/2025-04","un",{"v":1,"d":"1.00"},{"v":362961.2107,"d":"$362,961.21"},{"v":362961.2107,"d":"$362,961.21"},null,{"v":1,"d":"1.00"},null,{"v":0,"d":"$0.00"}]
["ESP 9.4.2.10","9.4.2.10","Suministro, transporte e instalación de Monitor Module  y los elementos necesarios para su correcta instalación.  TRM $4298.31 COP (24-04-25), fuente: https://www.dolar-colombia.com/mes/2025-04","un",{"v":4,"d":"4.00"},{"v":244804.9707,"d":"$244,804.97"},{"v":979219.8828,"d":"$979,219.88"},null,{"v":4,"d":"4.00"},null,{"v":0,"d":"$0.00"}]
["ESP 9.4.2.11","9.4.2.11","Suministro, transporte e instalación de Control Module y los elementos necesarios para su correcta instalación. TRM $4298.31 COP (24-04-25), fuente: https://www.dolar-colombia.com/mes/2025-04","un",{"v":2,"d":"2.00"},{"v":362961.2107,"d":"$362,961.21"},{"v":725922.4214,"d":"$725,922.42"},null,{"v":2,"d":"2.00"},null,{"v":0,"d":"$0.00"}]
["ESP 9.4.2.12","9.4.2.12","Suministro, transporte e instalación de Relay Module y los elementos necesarios para su correcta instalación.  TRM $4298.31 COP (24-04-25), fuente: https://www.dolar-colombia.com/mes/2025-04","un",{"v":2,"d":"2.00"},{"v":451578.39,"d":"$451,578.39"},{"v":903156.78,"d":"$903,156.78"},null,{"v":2,"d":"2.00"},null,{"v":0,"d":"$0.00"}]
["ESP 9.4.2.13","9.4.2.13","Suministro, transporte e instalación de Releasing Control Module  y los elementos necesarios para su correcta instalación.  TRM $4298.31 COP (24-04-25), fuente: https://www.dolar-colombia.com/mes/2025-04","un",{"v":1,"d":"1.00"},{"v":1217747.78,"d":"$1,217,747.78"},{"v":1217747.78,"d":"$1,217,747.78"},null,{"v":1,"d":"1.00"},null,{"v":0,"d":"$0.00"}]
["ESP 9.4.2.14","9.4.2.14","Suministro, transporte e instalación de Tarjetas NCM y fibra óptica para comunicar tablero principal 3030 y tablero inergen 320  y los elementos necesarios para su correcta instalación.  TRM $4298.31 COP (24-04-25), fuente: https://www.dolar-colombia.com/mes/2025-04","un",{"v":1,"d":"1.00"},{"v":1853576.07,"d":"$1,853,576.07"},{"$f":"F568*E568","v":{"v":1853576.07,"d":"$1,853,576.07"}},null,{"v":1,"d":"1.00"},null,{"$f":"J568*I568","v":{"v":0,"d":"$0.00"}}]
["ESP 9.4.2.15","9.4.2.15","Suministro, transporte e instalación de E700-SP-DCL-PNT/SAMPLING POINT LABELS x 50 un box y los elementos necesarios para su correcta instalación.  TRM $4298.31 COP (24-04-25), fuente: https://www.dolar-colombia.com/mes/2025-04","un",{"v":1,"d":"1.00"},{"v":652074.77,"d":"$652,074.77"},{"$f":"F569*E569","v":{"v":652074.77,"d":"$652,074.77"}},null,{"v":1,"d":"1.00"},null,{"$f":"J569*I569","v":{"v":0,"d":"$0.00"}}]
["ESP 9.4.2.16","9.4.2.16","Suministro, transporte e instalación de VEU-A10-UL/VESDA-E VEU WITH 3.5IN DISPLAY y los elementos necesarios para su correcta instalación.  TRM $4298.31 COP (24-04-25), fuente: https://www.dolar-colombia.com/mes/2025-04","un",{"v":1,"d":"1.00"},{"v":133686404.85,"d":"$133,686,404.85"},{"$f":"F570*E570","v":{"v":133686404.85,"d":"$133,686,404.85"}},null,{"v":1,"d":"1.00"},null,{"$f":"J570*I570","v":{"v":0,"d":"$0.00"}}]
["ESP 9.4.2.17","9.4.2.17","Suministro, transporte e instalación de VP-CLIP-US/3/4 PIPE SUPPORT CLAMP x 50 un box y los elementos necesarios para su correcta instalación.  TRM $4298.31 COP (24-04-25), fuente: https://www.dolar-colombia.com/mes/2025-04","un",{"v":3,"d":"3.00"},{"v":2905905.11,"d":"$2,905,905.11"},{"$f":"F571*E571","v":{"v":8717715.33,"d":"$8,717,715.33"}},null,{"v":3,"d":"3.00"},null,{"$f":"J571*I571","v":{"v":0,"d":"$0.00"}}]
["ESP 9.4.2.18","9.4.2.18","Suministro, transporte e instalación de VP-COUP/VESDA PIPE COUPLING x 15 un box  y los elementos necesarios para su correcta instalación.  TRM $4298.31 COP (24-04-25), fuente: https://www.dolar-colombia.com/mes/2025-04","un",{"v":1,"d":"1.00"},{"v":622535.71,"d":"$622,535.71"},{"$f":"F572*E572","v":{"v":622535.71,"d":"$622,535.71"}},null,{"v":1,"d":"1.00"},null,{"$f":"J572*I572","v":{"v":0,"d":"$0.00"}}]
["ESP 9.4.2.19","9.4.2.19","Suministro, transporte e instalación de VP-EC/PIPE END CAP  x 25 un per pack  y los elementos necesarios para su correcta instalación.  TRM $4298.31 COP (24-04-25), fuente: https://www.dolar-colombia.com/mes/2025-04","un",{"v":1,"d":"1.00"},{"v":640259.14,"d":"$640,259.14"},{"$f":"E573*F573","v":{"v":640259.14,"d":"$640,259.14"}},null,{"v":1,"d":"1.00"},null,{"$f":"I573*J573","v":{"v":0,"d":"$0.00"}}]
["ESP 9.4.2.20","9.4.2.20","Suministro, transporte e instalación de VP-ELB-45/PIPE ELBOW, 45 DEGREE x 10 un per pack  y los elementos necesarios para su correcta instalación.  TRM $4298.31 COP (24-04-25), fuente: https://www.dolar-colombia.com/mes/2025-04","un",{"v":1,"d":"1.00"},{"v":599273.7,"d":"$599,273.70"},{"$f":"F574*E574","v":{"v":599273.7,"d":"$599,273.70"}},null,{"v":1,"d":"1.00"},null,{"$f":"J574*I574","v":{"v":0,"d":"$0.00"}}]
["ESP 9.4.2.21","9.4.2.21","Suministro, transporte e instalación de VP-ELB-90/PIPE ELBOW, 90 DEGREE x 20 un per pack y los elementos necesarios para su correcta instalación.  TRM $4298.31 COP (24-04-25), fuente: https://www.dolar-colombia.com/mes/2025-04","un",{"v":3,"d":"3.00"},{"v":557919.01,"d":"$557,919.01"},{"$f":"E575*F575","v":{"v":1673757.03,"d":"$1,673,757.03"}},null,{"v":3,"d":"3.00"},null,{"$f":"I575*J575","v":{"v":0,"d":"$0.00"}}]
["ESP 9.4.2.22","9.4.2.22","Suministro, transporte e instalación de VP-P-210/Vesda Pipe, 15 lengths of PVC Pipe x 14 pieces with 0.874 ID / 1.05 OD y los elementos necesarios para su correcta instalación.  TRM $4298.31 COP (24-04-25), fuente: https://www.dolar-colombia.com/mes/2025-04","un",{"v":3,"d":"3.00"},{"v":7702310.13,"d":"$7,702,310.13"},{"$f":"F576*E576","v":{"v":23106930.39,"d":"$23,106,930.39"}},null,{"v":3,"d":"3.00"},null,{"$f":"J576*I576","v":{"v":0,"d":"$0.00"}}]
["ESP 9.4.2.23","9.4.2.23","Suministro, transporte e instalación de VP-TEE/PIPE TEE x 15 un box  y los elementos necesarios para su correcta instalación.  TRM $4298.31 COP (24-04-25), fuente: https://www.dolar-colombia.com/mes/2025-04","un",{"v":1,"d":"1.00"},{"v":1101437.73,"d":"$1,101,437.73"},{"$f":"E577*F577","v":{"v":1101437.73,"d":"$1,101,437.73"}},null,{"v":1,"d":"1.00"},null,{"$f":"I577*J577","v":{"v":0,"d":"$0.00"}}]
["ESP 9.4.2.24","9.4.2.24","Suministro, transporte e instalación de VP-UNION/PIPE SOCKET UNIÓN 10 un box   y los elementos necesarios para su correcta instalación.  TRM $4298.31 COP (24-04-25), fuente: https://www.dolar-colombia.com/mes/2025-04","un",{"v":10,"d":"10.00"},{"v":791277.59,"d":"$791,277.59"},{"$f":"E578*F578","v":{"v":7912775.899999999,"d":"$7,912,775.90"}},null,{"v":10,"d":"10.00"},null,{"$f":"I578*J578","v":{"v":0,"d":"$0.00"}}]
["ESP 9.4.2.25","9.4.2.25","Suministro, transporte e instalación de VPS-100US-120/PS Sglo ZONE, HSG, 120VAC  y los elementos necesarios para su correcta instalación.  TRM $4298.31 COP (24-04-25), fuente: https://www.dolar-colombia.com/mes/2025-04","un",{"v":1,"d":"1.00"},{"v":10065435,"d":"$10,065,435.00"},{"$f":"E579*F579","v":{"v":10065435,"d":"$10,065,435.00"}},null,{"v":1,"d":"1.00"},null,{"$f":"I579*J579","v":{"v":0,"d":"$0.00"}}]
["ESP 9.4.2.26","9.4.2.26","Suministro, transporte e instalación de VP-CUTTERS/VESDA PIPE CUTTERS  y los elementos necesarios para su correcta instalación.  TRM $4298.31 COP (24-04-25), fuente: https://www.dolar-colombia.com/mes/2025-04","un",{"v":2,"d":"2.00"},{"v":3428746.49,"d":"$3,428,746.49"},{"$f":"E580*F580","v":{"v":6857492.98,"d":"$6,857,492.98"}},null,{"v":2,"d":"2.00"},null,{"$f":"I580*J580","v":{"v":0,"d":"$0.00"}}]
["ESP 9.4.2.27","9.4.2.27","Suministro, transporte e instalación de VP-CEMENT/VESDA SOLVENT CEMENT, 1 PINT    y los elementos necesarios para su correcta instalación.  TRM $4298.31 COP (24-04-25), fuente: https://www.dolar-colombia.com/mes/2025-04","un",{"v":3,"d":"3.00"},{"v":702660.41,"d":"$702,660.41"},{"$f":"E581*F581","v":{"v":2107981.23,"d":"$2,107,981.23"}},null,{"v":3,"d":"3.00"},null,{"$f":"I581*J581","v":{"v":0,"d":"$0.00"}}]
["ESP 9.4.2.28"," 9.4.2.28","Suministro, transporte e instalación de 2081-9288/12.7 AH BATTERY  y los elementos necesarios para su correcta instalación.  TRM $4298.31 COP (24-04-25), fuente: https://www.dolar-colombia.com/mes/2025-04","un",{"v":1,"d":"1.00"},{"v":702660.41,"d":"$702,660.41"},{"$f":"F582*E582","v":{"v":702660.41,"d":"$702,660.41"}},null,{"v":1,"d":"1.00"},null,{"$f":"J582*I582","v":{"v":0,"d":"$0.00"}}]
["ESP 9.4.2.29","9.4.2.29","Suministro, transporte e instalación de FDM-1/ADDRESSABLE DUAL MONITOR MODULE; WITH FLASHSCAN, TWO CLASS B CIRCUITS   y los elementos necesarios para su correcta instalación. TRM $4298.31 COP (24-04-25), fuente: https://www.dolar-colombia.com/mes/2025-04","un",{"v":3,"d":"3.00"},{"v":1234363.5,"d":"$1,234,363.50"},{"$f":"F583*E583","v":{"v":3703090.5,"d":"$3,703,090.50"}},null,{"v":3,"d":"3.00"},null,{"$f":"J583*I583","v":{"v":0,"d":"$0.00"}}]
["ESP 9.4.2.30"," 9.4.2.30","Suministro, transporte e instalación de Avisos de notificación de descarga del sistema IG 541 y los elementos necesarios para su correcto funcionamiento","un",{"v":4,"d":"4.00"},{"v":672015.8553999999,"d":"$672,015.86"},{"$f":"F584*E584","v":{"v":2688063.4215999995,"d":"$2,688,063.42"}},null,{"v":4,"d":"4.00"},null,{"$f":"J584*I584","v":{"v":0,"d":"$0.00"}}]
[]
[null,null,"TOTAL DE SISTEMA DE DETECCIÓN Y ALARMA IG-541 (IMPORTADO)",{"$nulls":3},{"$f":"SUM(G555:G584)","v":{"v":228686248.90819997,"d":"$228,686,248.91"}},{"$nulls":3},{"$f":"SUM(K555:K584)","v":{"v":0,"d":"$0.00"}}]
[]
[null,"9.4.3","OTROS (Tubería, soportes, venteos, ductos, cableado, Ingeniería, Instalación, Pruebas, Entregables)"]
["ESP 9.4.3.1","9.4.3.1","Suministro, transporte e instalación de tubería, soportes, venteos, ductos, cableado y demás elementos complementarios que puedan requerirse en caso de que, como resultado de las pruebas, se determine la necesidad de realizar cambios o ajustes en los materiales originalmente instalados, con el fin de garantizar su correcta instalación y funcionamiento. Este material será usado para la ingeniería, pruebas y entregables según sea necesario.","un",{"v":1,"d":"1.00"},{"v":45401536.586,"d":" $45,401,537"},{"$f":"E589*F589","v":{"v":45401536.586,"d":"$45,401,536.59"}},null,{"v":1,"d":"1.00"},null,{"$f":"I589*J589","v":{"v":0,"d":"$0.00"}}]
["ESP 9.4.3.2","9.4.3.2","Ingeniería, pruebas y entregables. Incluye la evaluación técnica, adecuaciones necesarias y la documentación correspondiente (planos, reportes de prueba, actas de conformidad y manuales) para garantizar el correcto funcionamiento e instalación.","un",{"v":1,"d":"1.00"},{"v":46524020.55,"d":"$46,524,020.55"},{"$f":"E590*F590","v":{"v":46524020.55,"d":"$46,524,020.55"}},null,{"v":1,"d":"1.00"},null,{"$f":"I590*J590","v":{"v":0,"d":"$0.00"}}]
[]
[null,null,"TOTAL DE OTROS",{"$nulls":3},{"$f":"SUM(G589:G590)","v":{"v":91925557.136,"d":"$91,925,557.14"}},{"$nulls":3},{"$f":"SUM(K589:K590)","v":{"v":0,"d":"$0.00"}}]
[]
[null,null,"TOTAL DE  SISTEMA DE AGENTE LIMPIO INERGEN IG-541",{"$nulls":3},{"$f":"SUM(G592+G586+G552)","v":{"v":1494565977.6659002,"d":"$1,494,565,977.67"}},{"$nulls":3},{"$f":"SUM(K592+K586+K552)","v":{"v":0,"d":"$0.00"}}]
[]
[null,null,"TOTAL DE RED CONTRA INCENDIO",{"$nulls":3},{"$f":"SUM(G594+G527+G358+G340)","v":{"v":4414063947.403228,"d":"$4,414,063,947.40"}},{"$nulls":3},{"$f":"SUM(K594+K527+K358+K340)","v":{"v":0,"d":"$0.00"}}]
[]
[null,"10.0.0","INST. HIDRÁULICAS/SANITARIAS/ GAS"]
[]
[null,"10.1.0","RED DE GAS "]
[]
[null,"10.1.1","RED EXTERNA "]
[]
[null,"10.1.1.1","ACOMETIDA"]
["ESP 10.1.1.1.1","10.1.1.1.1","Suministro, transporte e instalación  de tubería PE80 32 mm, tapón y los materiales necesarios para su correcto funcionamiento y prueba de hermeticidad.","m",{"v":50,"d":"50.00"},{"v":98000,"d":"$98,000.00"},{"$f":"E605*F605","v":{"v":4900000,"d":"$4,900,000.00"}},null,{"v":50,"d":"50.00"},null,{"$f":"I605*J605","v":{"v":0,"d":"$0.00"}}]
["ESP 10.1.1.1.2","10.1.1.1.2","Suministro, transporte e instalación de elevador de 32mm. Incluye los materiales necesarios para su correcto funcionamiento.","un",{"v":1,"d":"1.00"},{"v":280000,"d":"$280,000.00"},{"$f":"E606*F606","v":{"v":280000,"d":"$280,000.00"}},null,{"v":1,"d":"1.00"},null,{"$f":"I606*J606","v":{"v":0,"d":"$0.00"}}]
[]
[null,null,"TOTAL DE ACOMETIDA",{"$nulls":3},{"$f":"SUM(G605:G606)","v":{"v":5180000,"d":"$5,180,000.00"}},{"$nulls":3},{"$f":"SUM(K605:K606)","v":{"v":0,"d":"$0.00"}}]
[]
[null,null,"TOTAL DE RED EXTERNA ",{"$nulls":3},{"$f":"G608","v":{"v":5180000,"d":"$5,180,000.00"}},{"$nulls":3},{"$f":"K608","v":{"v":0,"d":"$0.00"}}]
[]
[null,"10.1.2","RED INTERNA "]
[]
[null,"10.1.2.1","CENTRO DE MEDICIÓN Y REGULACIÓN "]
["ESP 10.1.2.1.1","10.1.2.1.1","Suministro, transporte e instalación de gabinete metálico de 0,80x0,80x0,30 para gas, incluye los materiales necesarios para su correcto funcionamiento","un",{"v":1,"d":"1.00"},{"v":820000,"d":"$820,000.00"},{"$f":"E615*F615","v":{"v":820000,"d":"$820,000.00"}},null,{"v":1,"d":"1.00"},null,{"$f":"I615*J615","v":{"v":0,"d":"$0.00"}}]
["ESP 10.1.2.1.2","10.1.2.1.2","Suministro, transporte e instalación de centro de medición. Incluye cillería, accesorios, válvulas, soportería, medidor G10, regulador de primera etapa (Ref. RECGAS B15-180 VIS o equivalente, presión de entrada 20-60 psi, presión de salida 2psi, Q=14 m3/h) y todos los elementos necesarios para su correcto funcionamiento.","un",{"v":1,"d":"1.00"},{"v":3350000,"d":"$3,350,000.00"},{"$f":"E616*F616","v":{"v":3350000,"d":"$3,350,000.00"}},null,{"v":1,"d":"1.00"},null,{"$f":"I616*J616","v":{"v":0,"d":"$0.00"}}]
[]
[null,null,"TOTAL DE CENTRO DE MEDICIÓN Y REGULACIÓN ",{"$nulls":3},{"$f":"SUM(G615:G616)","v":{"v":4170000,"d":"$4,170,000.00"}},{"$nulls":3},{"$f":"SUM(K615:K616)","v":{"v":0,"d":"$0.00"}}]
[]
[null,"10.1.2.2","RED INTERNA"]
["ESP 10.1.2.2.1","10.1.2.2.1","Suministro, transporte e instalación de regulador de segunda etapa. Incluye Regulador (Ref. OARA 90 o equivalente, presión de entrada 140 mbar, presión de salida 23 mbar, Q=7 m3/h) y todos los materiales necesarios para su correcto funcionamiento.","un",{"v":2,"d":"2.00"},{"v":160000,"d":"$160,000.00"},{"$f":"E621*F621","v":{"v":320000,"d":"$320,000.00"}},null,{"v":2,"d":"2.00"},null,{"$f":"I621*J621","v":{"v":0,"d":"$0.00"}}]
["ESP 10.1.2.2.2","10.1.2.2.2","Suministro, transporte e instalación de tubería DE COBRE TIPO L DE 1\" y todos las materiales necesarios para su correcto funcionamiento.","m",{"v":5,"d":"5.00"},{"v":135000,"d":"$135,000.00"},{"$f":"E622*F622","v":{"v":675000,"d":"$675,000.00"}},null,{"v":5,"d":"5.00"},null,{"$f":"I622*J622","v":{"v":0,"d":"$0.00"}}]
["ESP 10.1.2.2.3","10.1.2.2.3","Suministro, transporte e instalación de tubería DE COBRE TIPO L DE 3/4\" y todos las materiales necesarios para su correcto funcionamiento.","m",{"v":80,"d":"80.00"},{"v":98000,"d":"$98,000.00"},{"$f":"E623*F623","v":{"v":7840000,"d":"$7,840,000.00"}},null,{"v":80,"d":"80.00"},null,{"$f":"I623*J623","v":{"v":0,"d":"$0.00"}}]
["ESP 10.1.2.2.4","10.1.2.2.4","Suministro, transporte e instalación de conector flexo metálico. Incluye todos los materiales necesarios para su correcto funcionamiento.","un",{"v":2,"d":"2.00"},{"v":105331,"d":"$105,331.00"},{"$f":"E624*F624","v":{"v":210662,"d":"$210,662.00"}},null,{"v":2,"d":"2.00"},null,{"$f":"I624*J624","v":{"v":0,"d":"$0.00"}}]
[]
[null,null,"TOTAL DE RED INTERNA",{"$nulls":3},{"$f":"SUM(G621:G624)","v":{"v":9045662,"d":"$9,045,662.00"}},{"$nulls":3},{"$f":"SUM(K621:K624)","v":{"v":0,"d":"$0.00"}}]
[]
[null,"10.1.2.3","CALDERA"]
["ESP 10.1.2.3.1","10.1.2.3.1","Suministro, transporte e instalación de caldera a gas. Incluye caldera mural (Ref. Rinnai REU-E43 o equivalente, con capacidad de 36 lpm) y todos las materiales necesarios para su correcto funcionamiento. No incluye obra civil, materiales, ni servicios que no estén en la cotización.","un",{"v":2,"d":"2.00"},{"v":5636030,"d":"$5,636,030.00"},{"$f":"F629*E629","v":{"v":11272060,"d":"$11,272,060.00"}},null,{"v":2,"d":"2.00"},null,{"$f":"J629*I629","v":{"v":0,"d":"$0.00"}}]
["ESP 10.1.2.3.2","10.1.2.3.2","Suministro, transporte e instalación de RACK sobre pared (opcional). Incluye estructura soporte para montaje en pared o piso (Ref. TRW 02 o equivalente), colectores de agua fría y caliente en cobre, colector de gas en acero al carbón SCH 40, válvula de bola de agua fría y caliente para cada caldera, conexión de gas en pe-al-pe, válvula de gas para cada caldera y todos las materiales necesarios para su correcto funcionamiento. No incluye obra civil, materiales, ni servicios que no estén en la cotización.","un",{"v":1,"d":"1.00"},{"v":7985538,"d":"$7,985,538.00"},{"v":7985538,"d":"$7,985,538.00"},null,{"v":1,"d":"1.00"},null,{"v":0,"d":"$0.00"}]
["ESP 10.1.2.3.3","10.1.2.3.3","Suministro, transporte e instalación de materiales de instalación para bomba de recirculación. ","un",{"v":1,"d":"1.00"},{"v":1087216,"d":"$1,087,216.00"},{"v":1087216,"d":"$1,087,216.00"},null,{"v":1,"d":"1.00"},null,{"v":0,"d":"$0.00"}]
["ESP 10.1.2.3.4","10.1.2.3.4","Suministro, transporte e instalación de ductos de 4\" de 0,75 cm x 2,30 m y 4\" de 0,35 cm x 1,30m de evacuación de los gases de combustión.","un",{"v":1,"d":"1.00"},{"v":586018,"d":"$586,018.00"},{"v":586018,"d":"$586,018.00"},null,{"v":1,"d":"1.00"},null,{"v":0,"d":"$0.00"}]
["ESP 10.1.2.3.5","10.1.2.3.5","Suministro, transporte e instalación bomba de recirculación ref. pedrollo CPm610 o equivalente.","un",{"v":1,"d":"1.00"},{"v":1416583.38,"d":"$1,416,583.38"},{"v":1416583.38,"d":"$1,416,583.38"},null,{"v":1,"d":"1.00"},null,{"v":0,"d":"$0.00"}]
["ESP 10.1.2.3.6","10.1.2.3.6","Suministro, transporte e instalación de tanque de expansión ref. ELBI DP 8L o equivalente y los materiales necesarios para su correcta instalación","un",{"v":1,"d":"1.00"},{"v":335714.5,"d":"$335,714.50"},{"v":335714.5,"d":"$335,714.50"},null,{"v":1,"d":"1.00"},null,{"v":0,"d":"$0.00"}]
[]
[null,null,"TOTAL DE CALDERA",{"$nulls":3},{"$f":"SUM(G629:G634)","v":{"v":22683129.88,"d":"$22,683,129.88"}},{"$nulls":3},{"$f":"SUM(K629:K634)","v":{"v":0,"d":"$0.00"}}]
[null,null,"TOTAL DE RED INTERNA ",{"$nulls":3},{"$f":"G636+G626+G618","v":{"v":35898791.879999995,"d":"$35,898,791.88"}},{"$nulls":3},{"$f":"K636+K626+K618","v":{"v":0,"d":"$0.00"}}]
[]
[null,null,"TOTAL DE RED DE GAS ",{"$nulls":3},{"$f":"SUM(G637+G610)","v":{"v":41078791.879999995,"d":"$41,078,791.88"}},{"$nulls":3},{"$f":"SUM(K637+K610)","v":{"v":0,"d":"$0.00"}}]
[]
[null,"10.2.0","REDES HIDRÁULICAS / SANITARIAS"]
[]
[null,"10.2.1","INSTALACIONES HIDRÁULICAS"]
["ESP 10.2.1.1","10.2.1.1","SALIDA DE ABASTO DE AGUA FRÍA POTABLE O TRATADA DIAM 1/2\". Incluye: Suministro, transporte e instalación de tubería PVC-P, RDE 9, 500 PSI, diámetro 1/2\", se incluirá en dicha salida hasta un recorrido máximo de tubería no mayor a 5 m, todos los accesorios en PVC de diámetro 1/2\" y accesorios reducidos que se requieran para su correcta  instalación, regatas en muros. Estos deberán estar correctamente pegados usando limpiador, soldadura y teflón apropiados, sin presentar fugas, fisuras o cualquier otra clase de anomalía.","un",{"v":142,"d":"142.00"},{"v":57836.07,"d":"$57,836.07"},{"$f":"F644*E644","v":{"v":8212721.94,"d":"$8,212,721.94"}},null,{"v":142,"d":"142.00"},null,{"$f":"J644*I644","v":{"v":0,"d":"$0.00"}}]
["ESP 10.2.1.2","10.2.1.2","SALIDA DE ABASTO DE AGUA FRÍA DIAM 1\" ADICIONAL PARA INODOROS Y ORINALES. Incluye: Suministro, transporte e instalación de tubería PVC-P, RDE 11, 400 PSI, diámetro 1\", se incluirá en dicha salida hasta un recorrido máximo de tubería no mayor a 1 m desde el sensor hasta el aparato, todos los accesorios en PVC de diámetro 1\" y accesorios reducidos que se requieran para su correcta  instalación, regatas en muros. Estos deberán estar correctamente pegados usando limpiador, soldadura y teflón apropiados, sin presentar fugas, fisuras o cualquier otra clase de anomalía.","un",{"v":87,"d":"87.00"},{"v":92268.09,"d":"$92,268.09"},{"v":8027323.83,"d":"$8,027,323.83"},null,{"v":87,"d":"87.00"},null,{"v":0,"d":"$0.00"}]
["ESP 10.2.1.3","10.2.1.3","SALIDA DE ABASTO DE AGUA FRÍA DIAM 1 1/2\". Incluye: Suministro, transporte e instalación de tubería PVC-P, RDE 21, 200 PSI, diámetro 1 1/2\", se incluirá en dicha salida hasta un recorrido máximo de tubería no mayor a 4 m, todos los accesorios en PVC de diámetro 1 1/2\" y accesorios reducidos que se requieran para su correcta  instalación, regatas en muros. Estos deberán estar correctamente pegados usando limpiador, soldadura y teflón apropiados, sin presentar fugas, fisuras o cualquier otra clase de anomalía.","un",{"v":87,"d":"87.00"},{"v":159585.95,"d":"$159,585.95"},{"v":13883977.65,"d":"$13,883,977.65"},null,{"v":87,"d":"87.00"},null,{"v":0,"d":"$0.00"}]
["ESP 10.2.1.4","10.2.1.4","SALIDA DE ABASTO DE AGUA CALIENTE DIAM 1/2\". Incluye: Suministro, transporte e instalación de tubería CPVC, 100 PSI, diámetro 1/2\", se incluirá en dicha salida hasta un recorrido máximo de tubería no mayor a 4 m, todos los accesorios en CPVC de diámetro 1/2\" y accesorios reducidos que se requieran para su correcta  instalación, regatas en muros. Estos deberán estar correctamente pegados usando limpiador, soldadura y teflón apropiados, sin presentar fugas, fisuras o cualquier otra clase de anomalía.","un",{"v":8,"d":"8.00"},{"v":69555.49,"d":"$69,555.49"},{"v":556443.92,"d":"$556,443.92"},null,{"v":8,"d":"8.00"},null,{"v":0,"d":"$0.00"}]
["ESP 10.2.1.5","10.2.1.5","CÁMARA DE AIRE AGUA FRÍA O TRATADA DIAM 1/2\". Incluye: Suministro, transporte e instalación de tubería PVC-P, RDE 9, 500 PSI, diámetro 1/2\" hasta 0,20m, todos los accesorios en PVC de diámetro 1/2\" incluyendo todos los accesorios reducidos que se requieran para su correcta  instalación. Estos deberán estar correctamente pegados usando limpiador, soldadura y teflón apropiados, sin presentar fugas, fisuras o cualquier otra clase de anomalía.","un",{"v":58,"d":"58.00"},{"v":15088.38,"d":"$15,088.38"},{"v":875126.0399999999,"d":"$875,126.04"},null,{"v":58,"d":"58.00"},null,{"v":0,"d":"$0.00"}]
["ESP 10.2.1.6","10.2.1.6","CÁMARA DE AIRE AGUA FRÍA O TRATADA DIAM 1 1/2\". Incluye: Suministro, transporte e instalación de tubería PVC-P, RDE 21, 200 PSI, diámetro 1 1/2\" hasta 0,20m, todos los accesorios en PVC de diámetro 1 1/2\" incluyendo todos los accesorios reducidos que se requieran para su correcta  instalación. Estos deberán estar correctamente pegados usando limpiador, soldadura y teflón apropiados, sin presentar fugas, fisuras o cualquier otra clase de anomalía.","un",{"v":42,"d":"42.00"},{"v":41718.98,"d":"$41,718.98"},{"v":1752197.1600000001,"d":"$1,752,197.16"},null,{"v":42,"d":"42.00"},null,{"v":0,"d":"$0.00"}]
["ESP 10.2.1.7","10.2.1.7","CÁMARA DE AIRE AGUA CALIENTE DIAM 1/2\". Incluye: Suministro, transporte e instalación de tubería CPVC, 100 PSI, diámetro 1/2\" hasta 0,20m, todos los accesorios en CPVC de diámetro 1/2\" incluyendo todos los accesorios reducidos que se requieran para su correcta  instalación. Estos deberán estar correctamente pegados usando limpiador, soldadura y teflón apropiados, sin presentar fugas, fisuras o cualquier otra clase de anomalía.","un",{"v":5,"d":"5.00"},{"v":19162.09,"d":"$19,162.09"},{"v":95810.45,"d":"$95,810.45"},null,{"v":5,"d":"5.00"},null,{"v":0,"d":"$0.00"}]
["ESP 10.2.1.8","10.2.1.8","tubería PVC PRESIÓN DIAM 1/2\" RDE 9 COLGADA O EN MONTANTE. Incluye: Suministro, transporte e instalación de tubería PVC-P, RDE 9, 500 PSI, diámetro 1/2\", todos los accesorios en PVC de diámetro 1/2\" incluyendo todos los accesorios reducidos que se requieran para su correcta  instalación. Estos deberán estar correctamente pegados usando limpiador, soldadura y teflón apropiados, sin presentar fugas, fisuras o cualquier otra clase de anomalía.","m",659.52,{"v":17872.65,"d":"$17,872.65"},{"v":11787370.128,"d":"$11,787,370.13"},null,659.52,null,{"v":0,"d":"$0.00"}]
["ESP 10.2.1.9","10.2.1.9","tubería PVC PRESIÓN DIAM 1-1/2\" RDE 21 COLGADA O EN MONTANTE. Incluye: Suministro, transporte e instalación de tubería PVC-P, RDE 21, 200 PSI, diámetro 1-1/2\", todos los accesorios en PVC de diámetro 1-1/2\" incluyendo todos los accesorios reducidos que se requieran para su correcta  instalación. Estos deberán estar correctamente pegados usando limpiador, soldadura y teflón apropiados, sin presentar fugas, fisuras o cualquier otra clase de anomalía.","m",345.36,{"v":29901.27,"d":"$29,901.27"},{"v":10326702.6072,"d":"$10,326,702.61"},null,345.36,null,{"v":0,"d":"$0.00"}]
["ESP 10.2.1.10","10.2.1.10","tubería PVC PRESIÓN DIAM 2\" RDE 21 COLGADA O EN MONTANTE. Incluye: Suministro, transporte e instalación de tubería PVC-P, RDE 21, 200 PSI, diámetro 2\", todos los accesorios en PVC de diámetro 2\" incluyendo todos los accesorios reducidos que se requieran para su correcta  instalación. Estos deberán estar correctamente pegados usando limpiador, soldadura y teflón apropiados, sin presentar fugas, fisuras o cualquier otra clase de anomalía.","m",110.75,{"v":39258.87,"d":"$39,258.87"},{"v":4347919.8525,"d":"$4,347,919.85"},null,110.75,null,{"v":0,"d":"$0.00"}]
["ESP 10.2.1.11","10.2.1.11","tubería PVC PRESIÓN DIAM 3\" RDE 21 COLGADA O EN MONTANTE. Incluye: Suministro, transporte e instalación de tubería PVC-P, RDE 21, 200 PSI, diámetro 3\", todos los accesorios en PVC de diámetro 3\" incluyendo todos los accesorios reducidos que se requieran para su correcta  instalación. Estos deberán estar correctamente pegados usando limpiador, soldadura y teflón apropiados, sin presentar fugas, fisuras o cualquier otra clase de anomalía.","m",12.07,{"v":72875.5,"d":"$72,875.50"},{"v":879607.285,"d":"$879,607.29"},null,12.07,null,{"v":0,"d":"$0.00"}]
["ESP 10.2.1.12","10.2.1.12","tubería PVC PRESIÓN DIAM 1/2\" RDE 9 ENTERRADA Y/O EMBEBIDA. Incluye: Suministro, transporte e instalación de tubería PVC-P, RDE 9, 500 PSI, diámetro 1/2\", todos los accesorios en PVC de diámetro 1/2\" incluyendo todos los accesorios reducidos que se requieran para su correcta  instalación. Estos deberán estar correctamente pegados usando limpiador, soldadura y teflón apropiados, sin presentar fugas, fisuras o cualquier otra clase de anomalía.","m",32.96,{"v":15940.513,"d":"$15,940.51"},{"v":525399.30848,"d":"$525,399.31"},null,32.96,null,{"v":0,"d":"$0.00"}]
["ESP 10.2.1.13","10.2.1.13","tubería PVC PRESIÓN DIAM 1-1/2\" RDE 21 ENTERRADA Y/O EMBEBIDA. Incluye: Suministro, transporte e instalación de tubería PVC-P, RDE 21, 200 PSI, diámetro 1-1/2\", todos los accesorios en PVC de diámetro 1-1/2\" incluyendo todos los accesorios reducidos que se requieran para su correcta instalación, excavación de 40x80cm. Estos deberán estar correctamente pegados usando limpiador, soldadura y teflón apropiados, sin presentar fugas, fisuras o cualquier otra clase de anomalía. Incluye además las perforaciones (canchas) de paredes o pisos que lo requieran incluyendo cargue, transporte y botada de escombros en botaderos oficiales o donde indique la interventoría.","m",{"v":2,"d":"2.00"},{"v":27969.253,"d":"$27,969.25"},{"v":55938.506,"d":"$55,938.51"},null,{"v":2,"d":"2.00"},null,{"v":0,"d":"$0.00"}]
["ESP 10.2.1.14","10.2.1.14","tubería PVC PRESIÓN DIAM 2\" RDE 21 ENTERRADA Y/O EMBEBIDA. Incluye: Suministro, transporte e instalación de tubería PVC-P, RDE 21, 200 PSI, diámetro 2\", todos los accesorios en PVC de diámetro 2\" incluyendo todos los accesorios reducidos que se requieran para su correcta  instalación. Estos deberán estar correctamente pegados usando limpiador, soldadura y teflón apropiados, sin presentar fugas, fisuras o cualquier otra clase de anomalía. Incluye además las perforaciones (canchas) de paredes o pisos que lo requieran incluyendo cargue, transporte y botada de escombros en botaderos oficiales o donde indique la interventoría.","m",5.75,{"v":37326.853,"d":"$37,326.85"},{"v":214629.40475000002,"d":"$214,629.40"},null,5.75,null,{"v":0,"d":"$0.00"}]
["ESP 10.2.1.15","10.2.1.15","tubería CPVC  DIAM 1/2\" COLGADA O EN MONTANTE. Incluye: Suministro, transporte e instalación de tubería CPVC 100 PSI, diámetro 1/2\", todos los accesorios en CPVC de diámetro 1/2\" incluyendo todos los accesorios reducidos que se requieran para su correcta  instalación. Estos deberán estar correctamente pegados usando limpiador, soldadura y teflón apropiados, sin presentar fugas, fisuras o cualquier otra clase de anomalía. No incluye soportería está se pagará en su respectivo ítem.","m",38.39,{"v":17413.74,"d":"$17,413.74"},{"v":668513.4786,"d":"$668,513.48"},null,38.39,null,{"v":0,"d":"$0.00"}]
["ESP 10.2.1.16","10.2.1.16","tubería CPVC  DIAM 1\" COLGADA O EN MONTANTE. Incluye: Suministro, transporte e instalación de tubería CPVC 100 PSI, diámetro 1\", todos los accesorios en CPVC de diámetro 1\" incluyendo todos los accesorios reducidos que se requieran para su correcta  instalación. Estos deberán estar correctamente pegados usando limpiador, soldadura y teflón apropiados, sin presentar fugas, fisuras o cualquier otra clase de anomalía. No incluye soportería está se pagará en su respectivo ítem.","m",326.93,{"v":27151.67,"d":"$27,151.67"},{"v":8876695.4731,"d":"$8,876,695.47"},null,326.93,null,{"v":0,"d":"$0.00"}]
["ESP 10.2.1.17","10.2.1.17","tubería CPVC  DIAM 1 1/2\" COLGADA O EN MONTANTE. Incluye: Suministro, transporte e instalación de tubería CPVC 100 PSI, diametro 2\", todos los accesorios en CPVC de diámetro 2\" incluyendo todos los accesorios reducidos que se requieran para su correcta  instalación. Estos deberán estar correctamente pegados usando limpiador, soldadura y teflón apropiados, sin presentar fugas, fisuras o cualquier otra clase de anomalía. No incluye soportería está se pagará en su respectivo ítem.","m",221.32,{"v":101603.14,"d":"$101,603.14"},{"v":22486806.9448,"d":"$22,486,806.94"},null,221.32,null,{"v":0,"d":"$0.00"}]
["ESP 10.2.1.18","10.2.1.18","válvula DE CIERRE RÁPIDO DIAM 1/2\". Suministro, transporte e instalación de válvula cierre rápido PVC marca PAVCO 1/2\" o equivalente. Se entregará debidamente instalada sin presencia de fugas ni fisuras, sometida al sistema ya presurizado. Incluye todos los elementos requeridos para su correcta instalación y funcionamiento.","un",{"v":28,"d":"28.00"},{"v":52308.02,"d":"$52,308.02"},{"v":1464624.5599999998,"d":"$1,464,624.56"},null,{"v":28,"d":"28.00"},null,{"v":0,"d":"$0.00"}]
["ESP 10.2.1.19","10.2.1.19","válvula DE CIERRE RÁPIDO DIAM 1 1/2\". Suministro, transporte e instalación de válvula cierre rápido PVC marca PAVCO 1 1/2\" o equivalente. Se entregará debidamente instalada sin presencia de fugas ni fisuras, sometida al sistema ya presurizado. Incluye todos los elementos requeridos para su correcta instalación y funcionamiento.","un",{"v":25,"d":"25.00"},{"v":136869.79,"d":"$136,869.79"},{"v":3421744.75,"d":"$3,421,744.75"},null,{"v":25,"d":"25.00"},null,{"v":0,"d":"$0.00"}]
["ESP 10.2.1.20","10.2.1.20","válvula FLOTADOR 1 1/4\". Suministro, transporte e instalación de válvula cierre rápido PVC marca PAVCO 1 1/4\" o equivalente. Se entregará debidamente instalada sin presencia de fugas ni fisuras, sometida al sistema ya presurizado. Incluye todos los elementos requeridos para su correcta instalación y funcionamiento.","un",{"v":1,"d":"1.00"},{"v":304274.2,"d":"$304,274.20"},{"v":304274.2,"d":"$304,274.20"},null,{"v":1,"d":"1.00"},null,{"v":0,"d":"$0.00"}]
["ESP 10.2.1.21","10.2.1.21","válvula FLOTADOR 2\". Suministro, transporte e instalación de válvula cierre rápido PVC marca PAVCO 2\" o equivalente. Se entregará debidamente instalada sin presencia de fugas ni fisuras, sometida al sistema ya presurizado. Incluye todos los elementos requeridos para su correcta instalación y funcionamiento.","un",{"v":1,"d":"1.00"},{"v":451560.2,"d":"$451,560.20"},{"v":451560.2,"d":"$451,560.20"},null,{"v":1,"d":"1.00"},null,{"v":0,"d":"$0.00"}]
["ESP 10.2.1.22","10.2.1.22","válvula DE COMPUERTA 3\". Suministro, transporte e instalación de válvula compuerta marca RW 2\" o equivalente. Se entregará debidamente instalada sin presencia de fugas ni fisuras, sometida al sistema ya presurizado. Incluye todos los elementos requeridos para su correcta instalación y funcionamiento.","un",{"v":4,"d":"4.00"},{"v":1715269.71,"d":"$1,715,269.71"},{"v":6861078.84,"d":"$6,861,078.84"},null,{"v":4,"d":"4.00"},null,{"v":0,"d":"$0.00"}]
["ESP 10.2.1.23","10.2.1.23","válvula CHEQUE 3\". Suministro, transporte e instalación de válvula cheque marca RW 2\" o equivalente. Se entregará debidamente instalada sin presencia de fugas ni fisuras, sometida al sistema ya presurizado. Incluye todos los elementos requeridos para su correcta instalación y funcionamiento.","un",{"v":3,"d":"3.00"},{"v":1882952.81,"d":"$1,882,952.81"},{"v":5648858.43,"d":"$5,648,858.43"},null,{"v":3,"d":"3.00"},null,{"v":0,"d":"$0.00"}]
["ESP 10.2.1.24","10.2.1.24","MEDIDOR 50mm. Suministro, transporte e instalación de medidor 50mm (2\"). Incluye accesorios para conexión a acometida de 90 mm, válvulas de compuerta, filtro en Yee, válvula cheque, nicho de 60x225cm sección interna en bloques de concreto, 2 tapas en placa de concreto de 40x60cm y una placa de concreto de 60x80cm con tapa metálica antifraude en hierro dúctil de 50x35cm, válvula antifraude homologada, válvula corte rápido PVC PAVCO o equivalente, fijación mecánica.","un",{"v":1,"d":"1.00"},{"v":2871888.33,"d":"$2,871,888.33"},{"v":2871888.33,"d":"$2,871,888.33"},null,{"v":1,"d":"1.00"},null,{"v":0,"d":"$0.00"}]
["ESP 10.2.1.25","10.2.1.25","SISTEMA DE BOMBEO AGUA POTABLE. Incluye 2 bombas multietapas para un caudal de 57.25 GPM @ 88.77mca, trifásico a 440V 3.7kW cada bomba, 1 sensores de nivel, 1 tanque hidroneumático de 200 L, 1 tablero de control y tarjeta con protocolo de comunicación MODBUS TCP/IP, sistema preensamblado de polipropileno y accesorios hidráulicos para su correcto funcionamiento.TRM  $4298.31 COP (24-04-25), fuente: https://www.dolar-colombia.com/mes/2025-04","un",{"v":1,"d":"1.00"},{"v":51903424,"d":"$51,903,424.00"},{"v":51903424,"d":"$51,903,424.00"},null,{"v":1,"d":"1.00"},null,{"v":0,"d":"$0.00"}]
["ESP 10.2.1.26","10.2.1.26","SISTEMA DE BOMBEO AGUA TRATADA.  Incluye 2 bombas multietapas para un caudal de 31.64 GPM @ 69.10mca, trifásico a 440V 3 kW cada bomba, 3 sensor de nivel, 1 tanque hidroneumático de 100 L, 1 tablero de control y tarjeta con protocolo de comunicación MODBUS TCP/IP, sistema preensamblado de polipropileno y accesorios hidráulicos para su correcto funcionamiento. TRM  $4298.31 COP (24-04-25), fuente: https://www.dolar-colombia.com/mes/2025-04","un",{"v":1,"d":"1.00"},{"v":53671034,"d":"$53,671,034.00"},{"v":53671034,"d":"$53,671,034.00"},null,{"v":1,"d":"1.00"},null,{"v":0,"d":"$0.00"}]
["ESP 10.2.1.27","10.2.1.27","SISTEMA DE BOMBEO TRASVASE DE TANQUES.  Incluye 2 bombas multietapas para un caudal de 45.76 GPM @ 20.25mca, trifásico a 440V 1.5kW cada bomba, 3 interruptores de nivel y 1 sensor de nivel, 1 filtro de agua, 1 tablero de control y tarjeta con protocolo de comunicación MODBUS TCP/IP, sistema preensamblado de polipropileno y accesorios hidráulicos para su correcto funcionamiento. TRM  $4298.31 COP (24-04-25), fuente: https://www.dolar-colombia.com/mes/2025-04","un",{"v":1,"d":"1.00"},{"v":23615647,"d":"$23,615,647.00"},{"v":23615647,"d":"$23,615,647.00"},null,{"v":1,"d":"1.00"},null,{"v":0,"d":"$0.00"}]
["ESP 10.2.1.28","10.2.1.28","Suministro, transporte e instalación de VPS-100US-120/PS S glo ZONE, HSG, 120VAC  y los elementos necesarios para su correcta instalación.  TRM $4298.31 COP (24-04-25), fuente: https://www.dolar-colombia.com/mes/2025-04","un",{"v":1,"d":"1.00"},{"v":42636069,"d":"$42,636,069.00"},{"v":42636069,"d":"$42,636,069.00"},null,{"v":1,"d":"1.00"},null,{"v":0,"d":"$0.00"}]
["ESP 10.2.1.29","10.2.1.29","SISTEMA DE BOMBEO PARA MANTENIMIENTO DE TANQUES. Incluye 1 bomba de achique, monofásico a 115V 1HP.TRM  $4298.31 COP (24-04-25), fuente: https://www.dolar-colombia.com/mes/2025-04","un",{"v":1,"d":"1.00"},{"v":20234176.32,"d":"$20,234,176.32"},{"v":20234176.32,"d":"$20,234,176.32"},null,{"v":1,"d":"1.00"},null,{"v":0,"d":"$0.00"}]
["ESP 10.2.1.30","10.2.1.30","Soporte tipo pera para tubería colgada, incluye suministro e instalación y todos los elementos para su correcto funcionamiento.","un",{"v":759,"d":"759.00"},{"v":14382.991,"d":"$14,382.99"},{"v":10916690.169,"d":"$10,916,690.17"},null,{"v":759,"d":"759.00"},null,{"v":0,"d":"$0.00"}]
["ESP 10.2.1.31","10.2.1.31","EXCAVACIÓN MANUAL EN MATERIAL COMÚN MENOR A 2,00M. Bajo cualquier grado de humedad, medido en sitio. No incluye retiro de material sobrante, el mismo se pagará en su respectivo ítem","m3",{"v":55.8,"d":"55.80"},{"v":117991.09742422131,"d":"$117,991.10"},{"v":6583903.236271549,"d":"$6,583,903.24"},null,{"v":55.8,"d":"55.80"},null,{"v":0,"d":"$0.00"}]
["ESP 10.2.1.32","10.2.1.32","tubería PVC PRESIÓN DIAM 3/4\" RDE 11 COLGADA O EN MONTANTE. Incluye: Suministro, transporte e instalación de tubería PVC-P, RDE 11, 400 PSI, diámetro 3/4\", todos los accesorios en PVC de diámetro 3/4\" incluyendo todos los accesorios reducidos que se requieran para su correcta  instalación. Estos deberán estar correctamente pegados usando limpiador, soldadura y teflón apropiados, sin presentar fugas, fisuras o cualquier otra clase de anomalía.","m",50.81,{"v":19955.56,"d":"$19,955.56"},{"v":1013942.0036,"d":"$1,013,942.00"},null,50.81,null,{"v":0,"d":"$0.00"}]
["ESP 10.2.1.33","10.2.1.33","tubería PVC PRESIÓN DIAM 1\" RDE 13,5 COLGADA O EN MONTANTE. Incluye: Suministro, transporte e instalación de tubería PVC-P, RDE 13.5, 315 PSI, diámetro 1\", todos los accesorios en PVC de diámetro 1\" incluyendo todos los accesorios reducidos que se requieran para su correcta  instalación. Estos deberán estar correctamente pegados usando limpiador, soldadura y teflón apropiados, sin presentar fugas, fisuras o cualquier otra clase de anomalía.","m",{"v":79.3,"d":"79.30"},{"v":22751.19,"d":"$22,751.19"},{"v":1804169.3669999999,"d":"$1,804,169.37"},null,{"v":79.3,"d":"79.30"},null,{"v":0,"d":"$0.00"}]
["ESP 10.2.1.34","10.2.1.34","tubería PVC PRESIÓN DIAM 1-1/4\" RDE 21 COLGADA O EN MONTANTE. Incluye: Suministro, transporte e instalación de tubería PVC-P, RDE 21, 200 PSI, diámetro 1-1/4\", todos los accesorios en PVC de diámetro 1-1/4\" incluyendo todos los accesorios reducidos que se requieran para su correcta  instalación. Estos deberán estar correctamente pegados usando limpiador, soldadura y teflón apropiados, sin presentar fugas, fisuras o cualquier otra clase de anomalía.","m",{"v":3.4,"d":"3.40"},{"v":25386.34,"d":"$25,386.34"},{"v":86313.556,"d":"$86,313.56"},null,{"v":3.4,"d":"3.40"},null,{"v":0,"d":"$0.00"}]
["ESP 10.2.1.35","10.2.1.35","tubería PVC PRESIÓN DIAM 2 1/2\" RDE 21 COLGADA O EN MONTANTE. Incluye: Suministro, transporte e instalación de tubería PVC-P, RDE 21, 200 PSI, diametro 2 1/2\", todos los accesorios en PVC de diámetro 2 1/2\" incluyendo todos los accesorios reducidos que se requieran para su correcta  instalación. Estos deberán estar correctamente pegados usando limpiador, soldadura y teflón apropiados, sin presentar fugas, fisuras o cualquier otra clase de anomalía.","m",58.18,{"v":63474.47,"d":"$63,474.47"},{"v":3692944.6646000003,"d":"$3,692,944.66"},null,58.18,null,{"v":0,"d":"$0.00"}]
["ESP 10.2.1.36","10.2.1.36","tubería PVC PRESIÓN DIAM 3/4\" RDE 11 ENTERRADA Y/O EMBEBIDA. Incluye: Suministro, transporte e instalación de tubería PVC-P, RDE 11, 400 PSI, diámetro 3/4\", todos los accesorios en PVC de diámetro 3/4\" incluyendo todos los accesorios reducidos que se requieran para su correcta instalación, excavación de 40x80cm. Estos deberán estar correctamente pegados usando limpiador, soldadura y teflón apropiados, sin presentar fugas, fisuras o cualquier otra clase de anomalía. Incluye además las perforaciones (canchas) de paredes o pisos que lo requieran incluyendo cargue, transporte y botada de escombros en botaderos oficiales o donde indique la interventoría.","m",2.72,{"v":18432.05,"d":"$18,432.05"},{"v":50135.176,"d":"$50,135.18"},null,2.72,null,{"v":0,"d":"$0.00"}]
["ESP 10.2.1.37","10.2.1.37","tubería PVC PRESIÓN DIAM 2 1/2\" RDE 21 ENTERRADA Y/O EMBEBIDA. Incluye: Suministro, transporte e instalación de tubería PVC-P, RDE 21, 200 PSI, diametro 2 1/2\", todos los accesorios en PVC de diámetro 2 1/2\" incluyendo todos los accesorios reducidos que se requieran para su correcta  instalación, excavación de 40x80cm. Estos deberán estar correctamente pegados usando limpiador, soldadura y teflón apropiados, sin presentar fugas, fisuras o cualquier otra clase de anomalía. Incluye además las perforaciones (canchas) de paredes o pisos que lo requieran incluyendo cargue, transporte y botada de escombros en botaderos oficiales o donde indique la interventoría.","m",22.01,{"v":61950.53,"d":"$61,950.53"},{"v":1363531.1653,"d":"$1,363,531.17"},null,22.01,null,{"v":0,"d":"$0.00"}]
["ESP 10.2.1.38","10.2.1.38","ALIMENTACIÓN DE TANQUE 3/4\". Suministro, transporte e instalación de válvula de flotador  3/4\" y válvula cierre rápido PVC marca PAVCO 3/4\" o equivalente. Se entregará debidamente instalada sin presencia de fugas ni fisuras, sometida al sistema ya presurizado. Incluye todos los elementos requeridos para su correcta instalación y funcionamiento.","un",{"v":2,"d":"2.00"},{"v":205873.59,"d":"$205,873.59"},{"v":411747.18,"d":"$411,747.18"},null,{"v":2,"d":"2.00"},null,{"v":0,"d":"$0.00"}]
["ESP 10.2.1.39","10.2.1.39","ELECTROVÁLVULA 2 1/2\". Suministro, transporte e instalación de válvula controlada por selenoide marca BERMAD 2 1/2\" o equivalente. Se entregará debidamente instalada sin presencia de fugas ni fisuras, sometida al sistema ya presurizado. Incluye todos los elementos requeridos para su correcta instalación y funcionamiento.","un",{"v":1,"d":"1.00"},{"v":6908077.04,"d":"$6,908,077.04"},{"v":6908077.04,"d":"$6,908,077.04"},null,{"v":1,"d":"1.00"},null,{"v":0,"d":"$0.00"}]
["ESP 10.2.1.40","10.2.1.40","ELECTROVÁLVULA 3\". Suministro, transporte e instalación de válvula controlada por selenoide marca BERMAD 3\" o equivalente. Se entregará debidamente instalada sin presencia de fugas ni fisuras, sometida al sistema ya presurizado. Incluye todos los elementos requeridos para su correcta instalación y funcionamiento.\n\n","un",{"v":1,"d":"1.00"},{"v":9076852.04,"d":"$9,076,852.04"},{"v":9076852.04,"d":"$9,076,852.04"},null,{"v":1,"d":"1.00"},null,{"v":0,"d":"$0.00"}]
["ESP 10.2.1.41","10.2.1.41","válvula CHEQUE 2 1/2\". Suministro, transporte e instalación de válvula cheque marca RW 2 1/2\" o equivalente. Se entregará debidamente instalada sin presencia de fugas ni fisuras, sometida al sistema ya presurizado. Incluye todos los elementos requeridos para su correcta instalación y funcionamiento.","un",{"v":1,"d":"1.00"},{"v":628851.96,"d":"$628,851.96"},{"v":628851.96,"d":"$628,851.96"},null,{"v":1,"d":"1.00"},null,{"v":0,"d":"$0.00"}]
[]
[null,null,"TOTAL DE INSTALACIONES HIDRÁULICAS",{"$nulls":3},{"$f":"SUM(G644:G684)","v":{"v":349194721.16620153,"d":"$349,194,721.17"}},{"$nulls":3},{"$f":"SUM(K644:K684)","v":{"v":0,"d":"$0.00"}}]
[]
[null,"10.2.2","INSTALACIONES SANITARIAS"]
["ESP 10.2.2.1","10.2.2.1","SALIDA SANITARIA DIAM. 2\". Incluye suministro, transporte e instalación de tubería PVC-S diámetro 2\" y todos los accesorios hasta el tapón de prueba. Se incluirá en dicha salida hasta un recorrido máximo de tubería no mayor a 1 m. Estos deberán estar correctamente pegados usando limpiador, soldadura y teflón apropiados, sin presentar fugas, fisuras o cualquier otra clase de anomalía.","un",{"v":170,"d":"170.00"},{"v":75488.79,"d":"$75,488.79"},{"$f":"F689*E689","v":{"v":12833094.299999999,"d":"$12,833,094.30"}},null,{"v":170,"d":"170.00"},null,{"$f":"J689*I689","v":{"v":0,"d":"$0.00"}}]
["ESP 10.2.2.2","10.2.2.2","SALIDA SANITARIA DIAM. 3\". Incluye suministro, transporte e instalación de tubería PVC-S diámetro 3\" y todos los accesorios hasta el tapón de prueba. Se incluirá en dicha salida hasta un recorrido máximo de tubería no mayor a 1 m. Estos deberán estar correctamente pegados usando limpiador, soldadura y teflón apropiados, sin presentar fugas, fisuras o cualquier otra clase de anomalía.","un",{"v":48,"d":"48.00"},{"v":130952.86,"d":"$130,952.86"},{"v":6285737.28,"d":"$6,285,737.28"},null,{"v":48,"d":"48.00"},null,{"v":0,"d":"$0.00"}]
["ESP 10.2.2.3","10.2.2.3","SALIDA SANITARIA DIAM. 4\". Incluye suministro, transporte e instalación de tubería PVC-S diámetro 4\" y todos los accesorios hasta el tapón de prueba. Se incluirá en dicha salida hasta un recorrido máximo de tubería no mayor a 1 m. Estos deberán estar correctamente pegados usando limpiador, soldadura y teflón apropiados, sin presentar fugas, fisuras o cualquier otra clase de anomalía.","un",{"v":78,"d":"78.00"},{"v":156834.5,"d":"$156,834.50"},{"v":12233091,"d":"$12,233,091.00"},null,{"v":78,"d":"78.00"},null,{"v":0,"d":"$0.00"}]
["ESP 10.2.2.4","10.2.2.4","tubería PVC SANITARIA DIAM. 2\" COLGADA O EN BAJANTE. Incluye suministro, transporte e instalación de tubería PVC-S diámetro 2\" para AGUA RESIDUAL O LLUVIA verticales y horizontales (bajantes y colectores), incluye todos los accesorios en PVC de diámetro 2\" incluyendo los accesorios reducidos y fijaciones que se requieran para su correcta instalación. Estos deberán estar correctamente pegados usando limpiador, soldadura y teflón apropiados, sin presentar fugas, fisuras o cualquier otra clase de anomalía. ","m",144.95,{"v":31494.22154,"d":"$31,494.22"},{"v":4565087.412222999,"d":"$4,565,087.41"},null,144.95,null,{"v":0,"d":"$0.00"}]
["ESP 10.2.2.5","10.2.2.5","tubería PVC SANITARIA DIAM. 3\" COLGADA O EN BAJANTE. Incluye suministro, transporte e instalación de tubería PVC-S diámetro 3\" para AGUA RESIDUAL O LLUVIA verticales y horizontales (bajantes y colectores), incluye todos los accesorios en PVC de diámetro 3\" incluyendo los accesorios reducidos y fijaciones que se requieran para su correcta instalación. Estos deberán estar correctamente pegados usando limpiador, soldadura y teflón apropiados, sin presentar fugas, fisuras o cualquier otra clase de anomalía. ","m",201.25,{"v":40497.64154,"d":"$40,497.64"},{"v":8150150.359924999,"d":"$8,150,150.36"},null,201.25,null,{"v":0,"d":"$0.00"}]
["ESP 10.2.2.6","10.2.2.6","tubería PVC SANITARIA DIAM. 4\" COLGADA O EN BAJANTE. Incluye suministro, transporte e instalación de tubería PVC-S diámetro 4\" para AGUA RESIDUAL O LLUVIA verticales y horizontales (bajantes y colectores), incluye todos los accesorios en PVC de diámetro 4\" incluyendo los accesorios reducidos y fijaciones que se requieran para su correcta instalación. Estos deberán estar correctamente pegados usando limpiador, soldadura y teflón apropiados, sin presentar fugas, fisuras o cualquier otra clase de anomalía. ","m",608.85,{"v":53560.36154,"d":"$53,560.36"},{"v":32610226.123629,"d":"$32,610,226.12"},null,608.85,null,{"v":0,"d":"$0.00"}]
["ESP 10.2.2.7","10.2.2.7","tubería PVC SANITARIA DIAM. 6\" COLGADA O EN BAJANTE. Incluye suministro, transporte e instalación de tubería PVC-S diámetro 6\" para AGUA RESIDUAL O LLUVIA verticales y horizontales (bajantes y colectores), incluye todos los accesorios en PVC de diámetro 6\" incluyendo los accesorios reducidos y fijaciones que se requieran para su correcta instalación. Estos deberán estar correctamente pegados usando limpiador, soldadura y teflón apropiados, sin presentar fugas, fisuras o cualquier otra clase de anomalía. ","m",114.47,{"v":86838.70499999999,"d":"$86,838.71"},{"v":9940426.56135,"d":"$9,940,426.56"},null,114.47,null,{"v":0,"d":"$0.00"}]
["ESP 10.2.2.8","10.2.2.8","tubería PVC SANITARIA DIAM. 8\" COLGADA O EN BAJANTE. Incluye suministro, transporte e instalación de tubería PVC-S diámetro 8\" para AGUA RESIDUAL O LLUVIA verticales y horizontales (bajantes y colectores), incluye todos los accesorios en PVC de diámetro 8\" incluyendo los accesorios reducidos y fijaciones que se requieran para su correcta instalación. Estos deberán estar correctamente pegados usando limpiador, soldadura y teflón apropiados, sin presentar fugas, fisuras o cualquier otra clase de anomalía. ","m",{"v":34.4,"d":"34.40"},{"v":172454.825,"d":"$172,454.83"},{"v":5932445.98,"d":"$5,932,445.98"},null,{"v":34.4,"d":"34.40"},null,{"v":0,"d":"$0.00"}]
["ESP 10.2.2.9","10.2.2.9","tubería PVC SANITARIA DIAM. 2\" ENTERRADA Y/O EMBEBIDA. Incluye suministro, transporte e instalación de tubería PVC-S diámetro 2\" para AGUA RESIDUAL O LLUVIA horizontales (colectores), incluye todos los accesorios en PVC de diámetro 2\" incluyendo los accesorios reducidos y fijaciones que se requieran para su correcta instalación. Estos deberán estar correctamente pegados usando limpiador, soldadura y teflón apropiados, sin presentar fugas, fisuras o cualquier otra clase de anomalía. ","m",27.17,{"v":29081.852999999996,"d":"$29,081.85"},{"v":790153.94601,"d":"$790,153.95"},null,27.17,null,{"v":0,"d":"$0.00"}]
["ESP 10.2.2.10","10.2.2.10","tubería PVC SANITARIA DIAM. 4\" ENTERRADA Y/O EMBEBIDA. Incluye suministro, transporte e instalación de tubería PVC-S diámetro 4\" para AGUA RESIDUAL O LLUVIA horizontales (colectores), incluye todos los accesorios en PVC de diámetro 4\" incluyendo los accesorios reducidos y fijaciones que se requieran para su correcta instalación. Estos deberán estar correctamente pegados usando limpiador, soldadura y teflón apropiados, sin presentar fugas, fisuras o cualquier otra clase de anomalía. ","m",65.03,{"v":50227.103,"d":"$50,227.10"},{"v":3266268.50809,"d":"$3,266,268.51"},null,65.03,null,{"v":0,"d":"$0.00"}]
["ESP 10.2.2.11","10.2.2.11","tubería PVC SANITARIA DIAM. 6\" ENTERRADA Y/O EMBEBIDA. Incluye suministro, transporte e instalación de tubería PVC-S diámetro 6\" para AGUA RESIDUAL O LLUVIA horizontales (colectores), incluye todos los accesorios en PVC de diámetro 6\" incluyendo los accesorios reducidos y fijaciones que se requieran para su correcta instalación. Estos deberán estar correctamente pegados usando limpiador, soldadura y teflón apropiados, sin presentar fugas, fisuras o cualquier otra clase de anomalía. ","m",157.28,{"v":81034.453,"d":"$81,034.45"},{"v":12745098.76784,"d":"$12,745,098.77"},null,157.28,null,{"v":0,"d":"$0.00"}]
["ESP 10.2.2.12","10.2.2.12","tubería PVC SANITARIA DIAM. 8\" ENTERRADA Y/O EMBEBIDA. Incluye suministro, transporte e instalación de tubería PVC-S diámetro 8\" para AGUA RESIDUAL O LLUVIA horizontales (colectores), incluye todos los accesorios en PVC de diámetro 8\" incluyendo los accesorios reducidos y fijaciones que se requieran para su correcta instalación. Estos deberán estar correctamente pegados usando limpiador, soldadura y teflón apropiados, sin presentar fugas, fisuras o cualquier otra clase de anomalía. ","m",37.74,{"v":168998.693,"d":"$168,998.69"},{"v":6378010.67382,"d":"$6,378,010.67"},null,37.74,null,{"v":0,"d":"$0.00"}]
["ESP 10.2.2.13","10.2.2.13","tubería PVC SANITARIA DIAM. 10\" ENTERRADA Y/O EMBEBIDA. Incluye suministro, transporte e instalación de tubería PVC-S diámetro 10\" para AGUA RESIDUAL O LLUVIA verticales y horizontales (bajantes y colectores), incluye todos los accesorios en PVC de diámetro 10\" incluyendo los accesorios reducidos y fijaciones que se requieran para su correcta instalación. Estos deberán estar correctamente pegados usando limpiador, soldadura y teflón apropiados, sin presentar fugas, fisuras o cualquier otra clase de anomalía. ","m",119.48,{"v":250671.413,"d":"$250,671.41"},{"v":29950220.425240003,"d":"$29,950,220.43"},null,119.48,null,{"v":0,"d":"$0.00"}]
["ESP 10.2.2.14","10.2.2.14","tubería PVC SANITARIA NOVAFORT DIAM. 315 mm ENTERRADA Y/O EMBEBIDA. Incluye suministro, transporte e instalación de tubería PVC-S diámetro 10\" para AGUA RESIDUAL O LLUVIA verticales y horizontales (bajantes y colectores), incluye todos los accesorios en PVC de diámetro 10\" incluyendo los accesorios reducidos y fijaciones que se requieran para su correcta instalación. Estos deberán estar correctamente pegados usando limpiador, soldadura y teflón apropiados, sin presentar fugas, fisuras o cualquier otra clase de anomalía. ","m",23.01,{"v":178529.763,"d":"$178,529.76"},{"v":4107969.8466300005,"d":"$4,107,969.85"},null,23.01,null,{"v":0,"d":"$0.00"}]
["ESP 10.2.2.15","10.2.2.15","tubería DE DRENAJE DIAM. 6\" ENTERRADA Y/O EMBEBIDA, para la construcción de sistema de drenaje por medio de filtros. Incluye suministro, transporte e instalación de tubería DE DRENAJE diámetro 6\" para AGUA SUBTERRÁNEA, drenaje para obra civil sin filtro, todos los accesorios  de diámetro 6\", gravilla y geodren en zanja para una profundidad de hasta 5 m y 80 cm de ancho. Estos deberán estar correctamente conectados e instalados.","m",354.88,{"v":584448.62,"d":"$584,448.62"},{"v":207409126.2656,"d":"$207,409,126.27"},null,354.88,null,{"v":0,"d":"$0.00"}]
["ESP 10.2.2.16","10.2.2.16","tubería PVC VENTILACION DIAM. 2\" COLGADA O EN BAJANTE. Incluye suministro, transporte e instalación de tubería PVC-V diámetro 2\" para ventilaciones verticales y horizontales, incluye todos los accesorios en PVC de diámetro 2\" incluyendo los accesorios reducidos y fijaciones que se requieran para su correcta instalación. Estos deberán estar correctamente pegados usando limpiador, soldadura y teflón apropiados, sin presentar fugas, fisuras o cualquier otra clase de anomalía. ","m",215.58,{"v":13537.3654,"d":"$13,537.37"},{"v":2918385.2329320004,"d":"$2,918,385.23"},null,215.58,null,{"v":0,"d":"$0.00"}]
["ESP 10.2.2.17","10.2.2.17","tubería PVC VENTILACION DIAM. 3\" COLGADA O EN BAJANTE. Incluye suministro, transporte e instalación de tubería PVC-V diámetro 3\" para ventilaciones verticales y horizontales, incluye todos los accesorios en PVC de diámetro 3\" incluyendo los accesorios reducidos y fijaciones que se requieran para su correcta instalación. Estos deberán estar correctamente pegados usando limpiador, soldadura y teflón apropiados, sin presentar fugas, fisuras o cualquier otra clase de anomalía. ","m",86.18,{"v":40975.4954,"d":"$40,975.50"},{"v":3531268.193572,"d":"$3,531,268.19"},null,86.18,null,{"v":0,"d":"$0.00"}]
["ESP 10.2.2.18","10.2.2.18","tubería PVC VENTILACION DIAM. 2\" ENTERRADA Y/O EMBEBIDA. Incluye suministro, transporte e instalación de tubería PVC-V diámetro 2\" para ventilaciones verticales y horizontales, incluye todos los accesorios en PVC de diámetro 2\" incluyendo los accesorios reducidos y fijaciones que se requieran para su correcta instalación. Estos deberán estar correctamente pegados usando limpiador, soldadura y teflón apropiados, sin presentar fugas, fisuras o cualquier otra clase de anomalía. ","m",35.38,{"v":29052.463,"d":"$29,052.46"},{"v":1027876.1409400001,"d":"$1,027,876.14"},null,35.38,null,{"v":0,"d":"$0.00"}]
["ESP 10.2.2.19","10.2.2.19","CAJA DE INSPECCIÓN. Construcción de cajas de registro de 80 x 80 x altura hasta 200 cm. (medidas internas) en concreto de 21Mpa. con impermeabilizante integral tipo Sika o equivalente,  concrefibra, el piso y tapa en concreto reforzado y respectivo herraje, los muros, el fondo y la tapa se reforzarán con malla electrosoldada de 4mm 15x15cm. Incluye suministro, transporte e instalación de los materiales, formaleta, vibrado, excavación, colocación de acero y todos los elementos necesarios para su correcta construcción y funcionamiento. Según diseño y especificaciones de la empresa de alcantarillado.","un",{"v":9,"d":"9.00"},{"v":1401128.59,"d":"$1,401,128.59"},{"v":12610157.31,"d":"$12,610,157.31"},null,{"v":9,"d":"9.00"},null,{"v":0,"d":"$0.00"}]
["ESP 10.2.2.20","10.2.2.20","CAJA DE INSPECCIÓN DE VÁLVULAS DE EYECCIÓN. Construcción de cajas de registro de 60 x 60 x altura hasta 80 cm. (medidas internas) en concreto de 21Mpa. con impermeabilizante integral tipo Sika o equivalente, con concrefibra el piso y tapa en concreto, la tapa con su respectivo herraje.  Incluye suministro, transporte e instalación de los materiales, formaleta, vibrado, excavación, colocación de acero y todos los elementos necesarios para su correcta construcción y funcionamiento. Según diseño y especificaciones de la empresa de alcantarillado.","un",{"v":1,"d":"1.00"},{"v":695775.37,"d":"$695,775.37"},{"v":695775.37,"d":"$695,775.37"},null,{"v":1,"d":"1.00"},null,{"v":0,"d":"$0.00"}]
["ESP 10.2.2.21","10.2.2.21","POZO EYECTOR. Construcción de pozo para recolección de aguas subterráneas de 1,2x 1,2 m x altura hasta 5 m. (medidas internas) en concreto de 21Mpa. con impermeabilizante integral tipo Sika o equivalente, con concrefibra el piso y tapa en concreto, la tapa con su respectivo herraje. Incluye suministro, transporte e instalación de los materiales, formaleta, vibrado, excavación, colocación de acero y todos los elementos necesarios para su correcta construcción y funcionamiento. Según diseño y especificaciones de la empresa de alcantarillado.\n. TRM $4298.31 (24-04-25), fuente: https://www.dolar-colombia.com/mes/2025-04","un",{"v":1,"d":"1.00"},{"v":2192756.46454,"d":"$2,192,756.46"},{"v":2192756.46454,"d":"$2,192,756.46"},null,{"v":1,"d":"1.00"},null,{"v":0,"d":"$0.00"}]
["ESP 10.2.2.22","10.2.2.22","SISTEMA DE BOMBEO PARA POZO EYECTOR.  Incluye 2 bombas sumergibles de achique para un caudal de 36 GPM @ 9 mca, trifásico a 440V 1.8kW cada bomba, 3 interruptores de nivel, 1 tablero de control y tarjeta con protocolo de comunicación MODBUS TCP/IP, sistema preensamblado de polipropileno y accesorios hidráulicos para su correcto funcionamiento. TRM $4298.31 (24-04-25), fuente: https://www.dolar-colombia.com/mes/2025-04","un",{"v":1,"d":"1.00"},{"v":34809091.23,"d":"$34,809,091.23"},{"v":34809091.23,"d":"$34,809,091.23"},null,{"v":1,"d":"1.00"},null,{"v":0,"d":"$0.00"}]
["ESP 10.2.2.23","10.2.2.23","EXCAVACIÓN MANUAL EN MATERIAL COMÚN MENOR A 2,00M. Bajo cualquier grado de humedad, medido en sitio. No incluye retiro de material sobrante, el mismo se pagará en su respectivo ítem","m3",631.21,{"v":117991.09742422131,"d":"$117,991.10"},{"v":74477160.60514274,"d":"$74,477,160.61"},null,631.21,null,{"v":0,"d":"$0.00"}]
["ESP 10.2.2.24","10.2.2.24","Soporte tipo pera de 2-8¨ para tubería colgada, incluye suministro e instalación y todos los elementos para su correcto funcionamiento.","un",{"v":517,"d":"517.00"},{"v":14382.991,"d":"$14,382.99"},{"v":7436006.347,"d":"$7,436,006.35"},null,{"v":517,"d":"517.00"},null,{"v":0,"d":"$0.00"}]
["ESP 10.2.2.25","10.2.2.25","tubería PVC PRESIÓN DIAM. 3/4\" COLGADA O EN BAJANTE para desagües aire acondicionado. Incluye suministro, transporte e instalación de tubería PVC-P diámetro 3/4\" RDE 11 para AGUA RESIDUAL O LLUVIA verticales y horizontales (bajantes y colectores), incluye todos los accesorios en PVC de diámetro 3/4\" incluyendo los accesorios reducidos y fijaciones que se requieran para su correcta instalación. Estos deberán estar correctamente pegados usando limpiador, soldadura y teflón apropiados, sin presentar fugas, fisuras o cualquier otra clase de anomalía. ","m",668.34,{"v":21473.59,"d":"$21,473.59"},{"v":14351659.140600001,"d":"$14,351,659.14"},null,668.34,null,{"v":0,"d":"$0.00"}]
["ESP 10.2.2.26","10.2.2.26","tubería PVC SANITARIA DIAM. 1 1/2\" COLGADA O EN BAJANTE. Incluye suministro, transporte e instalación de tubería PVC-S diámetro 1 1/2\" para AGUA RESIDUAL O LLUVIA verticales y horizontales (bajantes y colectores), incluye todos los accesorios en PVC de diámetro 2\" incluyendo los accesorios reducidos y fijaciones que se requieran para su correcta instalación. Estos deberán estar correctamente pegados usando limpiador, soldadura y teflón apropiados, sin presentar fugas, fisuras o cualquier otra clase de anomalía. ","m",390.42,{"v":28828.1,"d":"$28,828.10"},{"v":11255066.802,"d":"$11,255,066.80"},null,390.42,null,{"v":0,"d":"$0.00"}]
["ESP 10.2.2.27","10.2.2.27","tubería PVC SANITARIA DIAM. 3\" ENTERRADA Y/O EMBEBIDA. Incluye suministro, transporte e instalación de tubería PVC-S diámetro 3\" para AGUA RESIDUAL O LLUVIA horizontales (colectores), incluye todos los accesorios en PVC de diámetro 3\" incluyendo los accesorios reducidos y fijaciones que se requieran para su correcta instalación, excavación de 60x150cm. Estos deberán estar correctamente pegados usando limpiador, soldadura y teflón apropiados, sin presentar fugas, fisuras o cualquier otra clase de anomalía. ","m",0.59,{"v":38565.633,"d":"$38,565.63"},{"v":22753.72347,"d":"$22,753.72"},null,0.59,null,{"v":0,"d":"$0.00"}]
[]
[null,null,"TOTAL DE INSTALACIONES SANITARIAS",{"$nulls":3},{"$f":"SUM(G689:G715)","v":{"v":522525064.0105537,"d":"$522,525,064.01"}},{"$nulls":3},{"$f":"SUM(K689:K715)","v":{"v":0,"d":"$0.00"}}]
[]
[null,null,"TOTAL DE REDES HIDRÁULICAS / SANITARIAS",{"$nulls":3},{"$f":"SUM(G717+G686)","v":{"v":871719785.1767552,"d":"$871,719,785.18"}},{"$nulls":3},{"$f":"SUM(K717+K686)","v":{"v":0,"d":"$0.00"}}]
[]
[null,"10.3.0","REDES EXTERNAS "]
[]
[null,"10.3.1","RED DE ACUEDUCTO"]
["ESP 10.3.1.1","10.3.1.1","LOCALIZACIÓN, TRAZADO Y REPLANTEO. Se utilizará personal experto con equipo de precisión (topógrafo, cadenero 1 y cadenero 2), incluye: clavo 1\", larguero 2x2, tránsito, demarcación con pintura, línea de trazado, libretas, planos, seguridad social del personal, elemento epp y herramienta menor. Se hará con la frecuencia que lo indique la interventoría. ","día",{"v":3,"d":"3.00"},{"v":774546.79,"d":"$774,546.79"},{"$f":"F724*E724","v":{"v":2323640.37,"d":"$2,323,640.37"}},null,{"v":3,"d":"3.00"},null,{"$f":"J724*I724","v":{"v":0,"d":"$0.00"}}]
["ESP 10.3.1.2","10.3.1.2","EXCAVACIÓN MANUAL EN MATERIAL COMÚN MENOR A 2,00M. Bajo cualquier grado de humedad, medición en sitio. No incluye retiro de material sobrante, el mismo se pagará en su respectivo ítem","m3",{"v":101,"d":"101.00"},{"v":117991,"d":"$117,991.00"},{"v":11917091,"d":"$11,917,091.00"},null,{"v":101,"d":"101.00"},null,{"v":0,"d":"$0.00"}]
["ESP 10.3.1.3","10.3.1.3","Suministro e instalación de tubería Polietileno 63 mm PE 100 PN 16 enterrada y todos los materiales necesarios para su correcto funcionamiento.","m",{"v":16.1,"d":"16.10"},{"v":21755.05,"d":"$21,755.05"},{"v":350256.305,"d":"$350,256.31"},null,{"v":16.1,"d":"16.10"},null,{"v":0,"d":"$0.00"}]
["ESP 10.3.1.4","10.3.1.4","Suministro e instalación de tubería Polietileno  3\" Rde 11 Fm 90 mm PE enterrada y todos los materiales necesarios para su correcto funcionamiento.","m",4.22,{"v":87099.7,"d":"$87,099.70"},{"v":367560.73399999994,"d":"$367,560.73"},null,4.22,null,{"v":0,"d":"$0.00"}]
["ESP 10.3.1.5","10.3.1.5","Suministro e instalación de tubería Polietileno  6\" Rde 11 Fm 160 mm PE enterrada y todos los materiales necesarios para su correcto funcionamiento.","m",81.51,{"v":252451.6,"d":"$252,451.60"},{"v":20577329.916,"d":"$20,577,329.92"},null,81.51,null,{"v":0,"d":"$0.00"}]
["ESP 10.3.1.6","10.3.1.6","Suministro e instalación de Tee partida  ɸ=6\" x 1\" para CONEXIÓN RED EXISTENTE. Incluye accesorios  y todos los elementos necesarios para su correcta instalación. No incluye excavación, llenos y botada.","un",{"v":1,"d":"1.00"},{"v":607937.28,"d":"$607,937.28"},{"v":607937.28,"d":"$607,937.28"},null,{"v":1,"d":"1.00"},null,{"v":0,"d":"$0.00"}]
["ESP 10.3.1.7","10.3.1.7","Suministro e instalación de Tee partida  ɸ=6\" x 3\" para CONEXIÓN RED EXISTENTE. Incluye accesorios  y todos los elementos necesarios para su correcta instalación. No incluye excavación, llenos y botada.","un",{"v":1,"d":"1.00"},{"v":712157.86,"d":"$712,157.86"},{"v":712157.86,"d":"$712,157.86"},null,{"v":1,"d":"1.00"},null,{"v":0,"d":"$0.00"}]
["ESP 10.3.1.8","10.3.1.8","Empalme  ɸ=3\" para con red existente. Incluye accesorios  y todos los elementos necesarios para su correcta instalación. No incluye excavación, llenos y botada.","un",{"v":1,"d":"1.00"},{"v":219300.99,"d":"$219,300.99"},{"v":219300.99,"d":"$219,300.99"},null,{"v":1,"d":"1.00"},null,{"v":0,"d":"$0.00"}]
["ESP 10.3.1.9","10.3.1.9","DEMOLICIÓN CON MARTILLO DEMOLEDOR DE PAVIMENTO ASFALTICO, espesor máximo de 20 cm. Incluye martillo demoledor, compresor neumático, manguera, pera y todo lo necesario para su correcta ejecución. Incluye retiro del material sobrante producto de la demolición.","m2",{"v":16.1,"d":"16.10"},{"v":24959.78,"d":"$24,959.78"},{"v":401852.45800000004,"d":"$401,852.46"},null,{"v":16.1,"d":"16.10"},null,{"v":0,"d":"$0.00"}]
["ESP 10.3.1.10","10.3.1.10","Suministro e instalación de MEZCLA DENSA EN CALIENTE (MDC-19) CON ASFALTO MODIFICADO TIPO II CON POLÍMEROS. Incluye suministro y transporte de mezcla asfáltica, finisher, compactador de rodillo, compactador neumático, vibrocompactador tipo rana y/o canguro, rastrilleros y todo lo necesario para su correcta instalación.","m3",1.61,{"v":1696778.18,"d":"$1,696,778.18"},{"v":2731812.8698,"d":"$2,731,812.87"},null,1.61,null,{"v":0,"d":"$0.00"}]
["ESP 10.3.1.11","10.3.1.11","Llenos en arenilla, compactados mecánicamente hasta obtener una densidad del 98% de la máxima obtenida en el ensayo del Proctor modificado. Incluye el suministro, transporte, colocación de la arenilla, la compactación de la misma y transporte interno. Y su medida sera en sitio ya compactado. El lleno debe extenderse en capas horizontales y espesor uniforme de tal forma que permita obtener el grado de compactación adecuado.","m3",69.65,{"v":85308.45,"d":"$85,308.45"},{"v":5941733.5425,"d":"$5,941,733.54"},null,69.65,null,{"v":0,"d":"$0.00"}]
["ESP 10.3.1.12","10.3.1.12","Llenos en material provenientes de la excavación, compactados mecánicamente hasta obtener una densidad del 95% de la máxima obtenida en el ensayo del proctor modificado. Incluye transporte interno. Su medida sera en sitio ya compactado.","m3",60.49,{"v":28062.99,"d":"$28,062.99"},{"v":1697530.2651000002,"d":"$1,697,530.27"},null,60.49,null,{"v":0,"d":"$0.00"}]
["ESP 10.3.1.13","10.3.1.13","Suministro, transporte e instalación de válvula de corte con sello elástico para red de 25 mm. Incluye caja de protección, aislamiento y los materiales necesarios para su correcta instalación.","un",{"v":2,"d":"2.00"},{"v":433740.59,"d":"$433,740.59"},{"v":867481.18,"d":"$867,481.18"},null,{"v":2,"d":"2.00"},null,{"v":0,"d":"$0.00"}]
["ESP 10.3.1.14","10.3.1.14","Suministro, transporte e instalación de válvula de corte con sello elástico para red de 75 mm. Incluye caja de protección y aislamiento y los materiales necesarios para su correcta instalación.","un",{"v":1,"d":"1.00"},{"v":886688.04,"d":"$886,688.04"},{"v":886688.04,"d":"$886,688.04"},null,{"v":1,"d":"1.00"},null,{"v":0,"d":"$0.00"}]
["ESP 10.3.1.15","10.3.1.15","Suministro e instalación de Hidrante tipo pedestal con accesorios bridados de 75 mm. Incluye mano de obra, tapones, racores, elementos de fijación, herramienta menor  y los materiales necesarios para su correcta instalación.","un",{"v":1,"d":"1.00"},{"v":4548110.79,"d":"$4,548,110.79"},{"v":4548110.79,"d":"$4,548,110.79"},null,{"v":1,"d":"1.00"},null,{"v":0,"d":"$0.00"}]
[null,null,"TOTAL DE RED DE ACUEDUCTO",{"$nulls":3},{"$f":"SUM(G724:G738)","v":{"v":54150483.60040001,"d":"$54,150,483.60"}},{"$nulls":3},{"$f":"SUM(K724:K738)","v":{"v":0,"d":"$0.00"}}]
[]
[null,"10.3.2","RED ALCANTARILLADO RESIDUAL"]
["ESP 10.3.2.1","10.3.2.1","LOCALIZACIÓN, TRAZADO Y REPLANTEO. Se utilizará personal experto con equipo de precisión (topógrafo, cadenero 1 y cadenero 2), incluye: clavo 1\", larguero 2x2, tránsito, demarcación con pintura, línea de trazado, libretas, planos, seguridad social del personal, elemento epp y herramienta menor. Se hará con la frecuencia que lo indique la interventoría. ","día",{"v":1,"d":"1.00"},{"v":774546.79,"d":"$774,546.79"},{"$f":"F742*E742","v":{"v":774546.79,"d":"$774,546.79"}},null,{"v":1,"d":"1.00"},null,{"$f":"J742*I742","v":{"v":0,"d":"$0.00"}}]
["ESP 10.3.2.2","10.3.2.2","EXCAVACIÓN MANUAL EN MATERIAL COMÚN MENOR A 2,00M. Bajo cualquier grado de humedad, medición en sitio. No incluye retiro de material sobrante, el mismo se pagará en su respectivo ítem","m3",{"v":140,"d":"140.00"},{"v":118171.63742422129,"d":"$118,171.64"},{"v":16544029.23939098,"d":"$16,544,029.24"},null,{"v":140,"d":"140.00"},null,{"v":0,"d":"$0.00"}]
["ESP 10.3.2.3","10.3.2.3","Suministro y colocación de tubería PVC Alcantarillado novafort Estructural 200mm y los materiales necesarios para su correcto funcionamiento. No lleva ningún tipo de recubrimiento ni ningún tipo de concreto.","m",72.59,{"v":69903.3456,"d":"$69,903.35"},{"v":5074283.857104001,"d":"$5,074,283.86"},null,72.59,null,{"v":0,"d":"$0.00"}]
["ESP 10.3.2.4","10.3.2.4","Construcción de Base y cañuela para  Cámara de Inspección, construcción de las cañuelas de transición esmaltadas, cuya forma será semicircular con pendiente uniforme entre la tubería de entrada y salida en concreto de 21 MPa. La profundidad mínima de la cañuela será igual a la mitad del diámetro interior del tubo de 8\", haciendo las respectivas transiciones cuando haya cambio de diámetro entre la tubería de entrada y salida.","un",{"v":4,"d":"4.00"},{"v":317730.11,"d":"$317,730.11"},{"v":1270920.44,"d":"$1,270,920.44"},null,{"v":4,"d":"4.00"},null,{"v":0,"d":"$0.00"}]
["ESP 10.3.2.5","10.3.2.5","Suministro de Cono, Cuello, Anillo y Tapa para cámara de inspección y los materiales necesarios para su correcto funcionamiento","un",{"v":4,"d":"4.00"},{"v":2983571.88,"d":"$2,983,571.88"},{"v":11934287.52,"d":"$11,934,287.52"},null,{"v":4,"d":"4.00"},null,{"v":0,"d":"$0.00"}]
["ESP 10.3.2.6","10.3.2.6","Suministro, transporte e instalación de CAJA DE INSPECCIÓN. Construcción de cajas de registro de 60 x 60 x altura hasta 80 cm. (medidas internas) en concreto de 21Mpa. con impermeabilizante integral tipo Sika o equivalente, con concrefibra el piso y tapa en concreto, la tapa con su respectivo herraje. Incluye suministro, transporte e instalación de los materiales, formaleta, vibrado y todos los elementos necesarios para su correcta construcción y funcionamiento. Según diseño y especificaciones de la empresa de alcantarillado. La excavación, llenos, entresuelo y acero de refuerzo se pagarán en su ítem respectivo.","un",{"v":2,"d":"2.00"},{"v":702284.17,"d":"$702,284.17"},{"v":1404568.34,"d":"$1,404,568.34"},null,{"v":2,"d":"2.00"},null,{"v":0,"d":"$0.00"}]
["ESP 10.3.2.7","10.3.2.7","Suministro e instalación de Empalme  ɸ=8\" a la red existente. Incluye perforaciones, accesorios  y todos los elementos necesarios para su correcta instalación. No incluye excavación, llenos y botada.","un",{"v":2,"d":"2.00"},{"v":1769233.69,"d":"$1,769,233.69"},{"v":3538467.38,"d":"$3,538,467.38"},null,{"v":2,"d":"2.00"},null,{"v":0,"d":"$0.00"}]
["ESP 10.3.2.8","10.3.2.8","DEMOLICIÓN MANUAL DE PISO EN CONCRETO con o sin baldosa y/o mortero en cualquier material, diseño y espesor. Incluye cargue interno y acopio para su posterior retiro. Incluye retiro del material sobrante producto de la demolición","m2",10.49,{"v":75210.84,"d":"$75,210.84"},{"v":788961.7115999999,"d":"$788,961.71"},null,10.49,null,{"v":0,"d":"$0.00"}]
["ESP 10.3.2.9","10.3.2.9","DEMOLICIÓN CON MARTILLO DEMOLEDOR DE PAVIMENTO ASFALTICO, espesor máximo de 20 cm. Incluye martillo demoledor, compresor neumático, manguera, pera y todo lo necesario para su correcta ejecución. Incluye retiro del material sobrante producto de la demolición","m2",{"v":28.9,"d":"28.90"},{"v":24959.78,"d":"$24,959.78"},{"v":721337.6419999999,"d":"$721,337.64"},null,{"v":28.9,"d":"28.90"},null,{"v":0,"d":"$0.00"}]
["ESP 10.3.2.10","10.3.2.10","Suministro e instalación de MEZCLA DENSA EN CALIENTE (MDC-19) CON ASFALTO MODIFICADO TIPO II CON POLÍMEROS. Incluye suministro y transporte de mezcla asfáltica, finisher, compactador de rodillo, compactador neumático, vibrocompactador tipo rana y/o canguro, rastrilleros y todo lo necesario para su correcta instalación","m3",2.89,{"v":1696778.18,"d":"$1,696,778.18"},{"v":4903688.9402,"d":"$4,903,688.94"},null,2.89,null,{"v":0,"d":"$0.00"}]
["ESP 10.3.2.11","10.3.2.11","Llenos en arenilla, compactados mecánicamente hasta obtener una densidad del 98% de la máxima obtenida en el ensayo del Proctor modificado. Incluye el suministro, transporte, colocación de la arenilla, la compactación de la misma y transporte interno. Y su medida sera en sitio ya compactado. El lleno debe extenderse en capas horizontales y espesor uniforme de tal forma que permita obtener el grado de compactación adecuado.","m3",73.86,{"v":85308.45,"d":"$85,308.45"},{"v":6300882.117,"d":"$6,300,882.12"},null,73.86,null,{"v":0,"d":"$0.00"}]
["ESP 10.3.2.12","10.3.2.12","Llenos en material provenientes de la excavación, compactados mecánicamente hasta obtener una densidad del 95% de la máxima obtenida en el ensayo del proctor modificado. Incluye transporte interno. Su medida sera en sitio ya compactado.","m3",64.06,{"v":28062.99,"d":"$28,062.99"},{"v":1797715.1394000002,"d":"$1,797,715.14"},null,64.06,null,{"v":0,"d":"$0.00"}]
[]
[null,null,"TOTAL DE RED ALCANTARILLADO RESIDUAL",{"$nulls":3},{"$f":"SUM(G742:G753)","v":{"v":55053689.11669498,"d":"$55,053,689.12"}},{"$nulls":3},{"$f":"SUM(K742:K753)","v":{"v":0,"d":"$0.00"}}]
[null,"10.3.3","RED ALCANTARILLADO AGUAS LLUVIAS"]
["ESP 10.3.3.1","10.3.3.1","LOCALIZACIÓN, TRAZADO Y REPLANTEO. Se utilizará personal experto con equipo de precisión (topógrafo, cadenero 1 y cadenero 2), incluye Clavo 1\", larguero 2x2, tránsito y herramienta menor. Se hará con la frecuencia que lo indique la interventoría. Incluye demarcación con pintura, línea de trazado, libretas, planos y seguridad social del personal y elemento epp.","día",{"v":1,"d":"1.00"},{"v":774546.79,"d":"$774,546.79"},{"$f":"F757*E757","v":{"v":774546.79,"d":"$774,546.79"}},null,{"v":1,"d":"1.00"},null,{"$f":"J757*I757","v":{"v":0,"d":"$0.00"}}]
["ESP 10.3.3.2","10.3.3.2","EXCAVACIÓN MANUAL EN MATERIAL COMÚN MENOR A 2,00M. Bajo cualquier grado de humedad, medido en sitio. No incluye retiro de material sobrante, el mismo se pagará en su respectivo ítem","m3",{"v":203,"d":"203.00"},{"v":117991.1,"d":"$117,991.10"},{"v":23952193.3,"d":"$23,952,193"},null,{"v":203,"d":"203.00"},null,{"v":0,"d":"$0"}]
["ESP 10.3.3.3","10.3.3.3","Suministro y colocación de tubería PVC Alcantarillado novafort Estructural 315 mm y los materiales necesarios para su correcto funcionamiento. No lleva ningún tipo de recubrimiento, ni ningún tipo de concreto.","m",88.76,{"v":122757.12,"d":"$122,757.12"},{"v":10895921.9712,"d":"$10,895,921.97"},null,88.76,null,{"v":0,"d":"$0.00"}]
["ESP 10.3.3.4","10.3.3.4","Suministro y colocación de tubería PVC Alcantarillado novafort Estructural 250mm y los materiales necesarios para su correcto funcionamiento. No lleva ningún tipo de recubrimiento, ni ningún tipo de concreto.","m",{"v":31,"d":"31.00"},{"v":102532.2029,"d":"$102,532.20"},{"v":3178498.2899,"d":"$3,178,498.29"},null,{"v":31,"d":"31.00"},null,{"v":0,"d":"$0.00"}]
["ESP 10.3.3.5","10.3.3.5","Construcción de Base y cañuela para  Cámara de Inspección, construcción de las cañuelas de transición esmaltadas, cuya forma será semicircular con pendiente uniforme entre la tubería de entrada y salida en concreto de 21 MPa. La profundidad mínima de la cañuela será igual a la mitad del diámetro interior del tubo de 8\", haciendo las respectivas transiciones cuando haya cambio de diámetro entre la tubería de entrada y salida.","un",{"v":3,"d":"3.00"},{"v":317730.11,"d":"$317,730.11"},{"v":953190.33,"d":"$953,190.33"},null,{"v":3,"d":"3.00"},null,{"v":0,"d":"$0.00"}]
["ESP 10.3.3.6","10.3.3.6","Suministro de Cono, Cuello, Anillo y Tapa para cámara de inspección y los materiales necesarios para su correcto funcionamiento","un",{"v":3,"d":"3.00"},{"v":3077091.93,"d":"$3,077,091.93"},{"v":9231275.790000001,"d":"$9,231,275.79"},null,{"v":3,"d":"3.00"},null,{"v":0,"d":"$0.00"}]
["ESP 10.3.3.7","10.3.3.7","CAJA DE INSPECCIÓN. Construcción de cajas de registro de 60 x 60 x altura hasta 80 cm. (medidas internas) en concreto de 21Mpa. con impermeabilizante integral tipo Sika o equivalente, con concrefibra el piso y tapa en concreto, la tapa con su respectivo herraje. Incluye suministro, transporte e instalación de los materiales, formaleta, vibrado y todos los elementos necesarios para su correcta construcción y funcionamiento. Según diseño y especificaciones de la empresa de alcantarillado. La excavación, llenos, entresuelo y acero de refuerzo se pagarán en su ítem respectivo.","un",{"v":2,"d":"2.00"},{"v":528905.11,"d":"$528,905.11"},{"v":1057810.22,"d":"$1,057,810.22"},null,{"v":2,"d":"2.00"},null,{"v":0,"d":"$0.00"}]
["ESP 10.3.3.8","10.3.3.8","Empalme  ɸ=12\" a la red existente y cobertura existente. Incluye perforaciones, accesorios  y todos los elementos necesarios para su correcta instalación. No incluye excavación, llenos y botada.","un",{"v":2,"d":"2.00"},{"v":1628980.95,"d":"$1,628,980.95"},{"v":3257961.9,"d":"$3,257,961.90"},null,{"v":2,"d":"2.00"},null,{"v":0,"d":"$0.00"}]
["ESP 10.3.3.9","10.3.3.9","DEMOLICIÓN CON MARTILLO DEMOLEDOR DE PAVIMENTO ASFALTICO, espesor máximo de 20 cm. Incluye martillo demoledor, compresor neumático, manguera, pera y todo lo necesario para su correcta ejecución. Incluye retiro del material sobrante producto de la demolición","m2",41.48,{"v":24959.78,"d":"$24,959.78"},{"v":1035331.6743999999,"d":"$1,035,331.67"},null,41.48,null,{"v":0,"d":"$0.00"}]
["ESP 10.3.3.10","10.3.3.10","Suministro e instalación de MEZCLA DENSA EN CALIENTE (MDC-19) CON ASFALTO MODIFICADO TIPO II CON POLÍMEROS. Incluye suministro y transporte de mezcla asfáltica, finisher, compactador de rodillo, compactador neumático, vibrocompactador tipo rana y/o canguro, rastrilleros y todo lo necesario para su correcta instalación","m3",{"v":4.148,"d":"4.15"},{"v":1696778.18,"d":"$1,696,778.18"},{"v":7038235.890639999,"d":"$7,038,235.89"},null,{"v":4.148,"d":"4.15"},null,{"v":0,"d":"$0.00"}]
["ESP 10.3.3.11","10.3.3.11","Llenos en arenilla, compactados mecánicamente hasta obtener una densidad del 98% de la máxima obtenida en el ensayo del Proctor modificado. Incluye el suministro, transporte, colocación de la arenilla, la compactación de la misma y transporte interno. Y su medida sera en sitio ya compactado. El lleno debe extenderse en capas horizontales y espesor uniforme de tal forma que permita obtener el grado de compactación adecuado.","m3",106.33,{"v":85308.45,"d":"$85,308.45"},{"v":9070847.488499999,"d":"$9,070,847.49"},null,106.33,null,{"v":0,"d":"$0.00"}]
["ESP 10.3.3.12","10.3.3.12","Llenos en material provenientes de la excavación, compactados mecánicamente hasta obtener una densidad del 95% de la máxima obtenida en el ensayo del proctor modificado. Incluye transporte interno. Su medida sera en sitio ya compactado.","m3",90.16,{"v":28062.99,"d":"$28,062.99"},{"v":2530159.1784,"d":"$2,530,159.18"},null,90.16,null,{"v":0,"d":"$0.00"}]
[]
[null,null,"TOTAL DE RED ALCANTARILLADO AGUAS LLUVIAS",{"$nulls":3},{"$f":"SUM(G757:G768)","v":{"v":72975972.82304,"d":"$72,975,972.82"}},{"$nulls":3},{"$f":"SUM(K757:K768)","v":{"v":0,"d":"$0.00"}}]
[]
[null,null,"TOTAL DE REDES EXTERNAS ",{"$nulls":3},{"$f":"SUM(G770+G755+G739)","v":{"v":182180145.54013497,"d":"$182,180,145.54"}},{"$nulls":3},{"$f":"SUM(K770+K755+K739)","v":{"v":0,"d":"$0.00"}}]
[]
[null,null,"TOTAL DE INST. HIDRÁULICAS/SANITARIAS/ GAS",{"$nulls":3},{"$f":"SUM(G772+G719+G639)","v":{"v":1094978722.59689,"d":"$1,094,978,722.60"}},{"$nulls":3},{"$f":"SUM(K772+K719+K639)","v":{"v":0,"d":"$0.00"}}]
[]
[null,"11.0.0","CARPINTERÍA METÁLICA/MADERA/FACHADA/SISTEMAS LIVIANOS"]
[]
[null,"11.1.0","MUROS Y CIELOS EN DRYWALL"]
[]
[null,"11.1.1","MUROS"]
["ESP 11.1.1.1","11.1.1.1","Suministro, transporte e instalación de Muro con tratamiento acústico en Drywall STC 50 espesor de aprox de 14 cm reforzado con platinas planas 10 x 10 cm y taco de madera plástica para fijación de pantallas. Doble lámina de yeso de 5/8\" + perfilería base de 10 cm + aislamiento en lana mineral tipo sonowall o similar de 3” + una lámina de yeso 5/8\". Acabado en material elástico tipo Impactodan 10 mm EPDM o similar para sellar juntas + masilla + pintura base para interior Drywall color blanco. Parales calibre 20 separados cada 40 cm.y los elementos necesarios para su correcta instalación.","m2",{"v":683.9200000000001,"d":"683.92"},{"v":234699.21,"d":"$234,699.21"},{"$f":"F781*E781","v":{"v":160515483.7032,"d":"$160,515,483.70"}},null,{"v":683.9200000000001,"d":"683.92"},null,{"$f":"J781*I781","v":{"v":0,"d":"$0.00"}}]
["ESP 11.1.1.2","11.1.1.2","Suministro, transporte e instalación de Muro con tratamiento acústico en Drywall STC 55 espesor de aprox de 14 cm reforzado con platinas planas 10 x 10 cm y taco de madera plástica para fijación de pantallas. Doble lámina de yeso de 1/2\"+ perfilería base de 10 cm +aislamiento en lana mineral tipo sonowall o similar de 3” + Doble lámina de yeso de 1/2\". Acabado en material elástico tipo Impactodan 10 mm EPDM o similar para sellar juntas + masilla + pintura base para interior Drywall color blanco. Parales calibre 20 separados cada 40 cm y los materiales necesarios para su correcta instalación.","m2",{"v":2536.0399999999995,"d":"2,536.04"},{"v":238578.09,"d":"$238,578.09"},{"v":605043579.3635999,"d":"$605,043,579.36"},null,{"v":2536.0399999999995,"d":"2,536.04"},null,{"v":0,"d":"$0.00"}]
["ESP 11.1.1.3","11.1.1.3","Suministro, transporte e instalación de Muro en Superboard espesor aprox. de 12 cm (ancho del perfil + espesor de placa). Parales calibre 20 separados cada 40.7 cm. Placas de cemento 8 mm + perfilería base de 10 cm + cinta en fibra de vidrio de 5 cm + pintura base impermeabilizante color blanco y los materiales necesarios para su correcto funcionamiento.","m2",{"v":1223.2900000000002,"d":"1,223.29"},{"v":247221.44,"d":"$247,221.44"},{"v":302423515.33760005,"d":"$302,423,515.34"},null,{"v":1223.2900000000002,"d":"1,223.29"},null,{"v":0,"d":"$0.00"}]
["ESP 11.1.1.4","11.1.1.4","Suministro, transporte e instalación de Muro en Superboard espesor aprox. de 20 cm (ancho del perfil + espesor de placa). Parales calibre 20 separados cada 40.7 cm. Placas de cemento 8 mm + perfilería base de 10 cm + cinta en fibra de vidrio de 5 cm + pintura base impermeabilizante color blanco y los elementos necesarios para su correcto funcionamiento","m2",{"v":57.14999999999998,"d":"57.15"},{"v":261079.16,"d":"$261,079.16"},{"v":14920673.993999993,"d":"$14,920,673.99"},null,{"v":57.14999999999998,"d":"57.15"},null,{"v":0,"d":"$0.00"}]
["ESP 11.1.1.5","11.1.1.5","Suministro, transporte e instalación de Muro en Drywall espesor de aprox. de 12 cm (ancho del perfil más espesor de placa) reforzado con platinas planas de 10x10 cm. Placas en yeso de 1/2\"+ marco en HR 10cm soldado + cinta en fibra de vidrio de 5 cm + masilla + pintura base para interior Drywall color blanco puro. Parales calibre 20 separados cada 40,7 cm. y los materiales necesarios para su correcto funcionamiento","m2",{"v":2621.72,"d":"2,621.72"},{"v":198365.6,"d":"$198,365.60"},{"v":520059060.83199996,"d":"$520,059,060.83"},null,{"v":2621.72,"d":"2,621.72"},null,{"v":0,"d":"$0.00"}]
["ESP 11.1.1.6","11.1.1.6","Suministro, transporte e instalación de Muro con tratamiento acústico en Drywall STC 60 espesor de aprox de 20 cm reforzado con platinas planas 10 x 10 cm y taco de madera plástica para fijación de pantallas. Doble lámina de yeso de 5/”8 + perfilería base de 10 cm +aislamiento en lana mineral tipo sonowall o similar de 3” + una lámina de yeso 5/8\". Acabado en material elástico tipo Impactodan 10 mm EPDM o similar para sellar juntas + masilla + pintura para interior Drywall color blanco. Parales calibre 20 separados cada 40 cm. y los elementos necesarios para su correcta instalación.","m2",29.23,{"v":327574.1,"d":"$327,574.10"},{"v":9574990.943,"d":"$9,574,990.94"},null,29.23,null,{"v":0,"d":"$0.00"}]
["ESP 11.1.1.7","11.1.1.7","Suministro, transporte e instalación de Sistema de pared divisoria con estructura Doble. La primera estructuración compuesta en una cara de la pared con una capa de placa de yeso Gyplac® ST 1220x2440x12.7 y una segunda capa de placa de yeso Gyplac® Extradura ST 1220 x 2440 x 15.9 D+. En la otra cara de la pared una placa Superboard®\nEstándar 1220x2440x10mm. Estructura doble, compuesta por canales y parales 2-1/2\" x 1-5/8\" cal 24 e=0,60mm como especificación mínima para pared interior de acero galvanizado y rolados en frío según NTC 5680 o ASTM C645 (especificación a validar según cálculo estructural, incluyendo componentes espesores y distanciamientos de paral) y los materiales necesarios para su correcta instalación.","m2",396.95,{"v":327931,"d":"$327,931.00"},{"v":130172210.45,"d":"$130,172,210.45"},null,396.95,null,{"v":0,"d":"$0.00"}]
[null,"11.1.1.8","Suministro, transporte e instalación de Muro con tratamiento acústico en Drywall STC 45. Espesor de aprox. de 12 cm (ancho del perfil mas espesor de placa). Placas en yeso de 5/8\"+ perfilería base de 10cms + aislamiento en lana mineral tipo sonowall o similar de 3”+ placa en yeso de 5/8\". Acabado con material elástico tipo Impactodan 10mm EPDM o similar para sellar juntas + masilla + pintura para interior Drywall color blanco . Parales calibre 20 separados cada 40 cm. Especificaciones e instalación según proveedor y los elementos necesarios para su correcta instalación.","m2",{"v":159.8,"d":"159.80"},{"v":261079.16,"d":"$261,079.16"},{"v":41720449.76800001,"d":"$41,720,449.77"},null,{"v":159.8,"d":"159.80"},null,{"v":0,"d":"$0.00"}]
[]
[null,null,"TOTAL DE MUROS",{"$nulls":3},{"$f":"SUM(G781:G788)","v":{"v":1784429964.3913999,"d":"$1,784,429,964.39"}},{"$nulls":3},{"$f":"SUM(K781:K788)","v":{"v":0,"d":"$0.00"}}]
[]
[null,"11.1.2","CIELOS"]
["ESP 11.1.2.1","11.1.2.1","Suministro, transporte  e instalación de CIELO FALSO EN PLACA DE FIBROCEMENTO (SUPERBOARD) 8mm. Incluye suministro, transporte e instalación de placa de fibrocemento de 8mm, masilla, tornillos, perfiles para estructura de soporte, pintura epóxica color blanco puro RAL 90-10 + dilatación perimetral de 1 cm., accesorios, estuco plástico, pintura tres manos o las necesarias hasta obtener una superficie pareja, homogénea y todos los elementos necesarios para su correcta instalación.","m2",{"v":0,"d":"0.00"},{"v":176005.68,"d":"$176,005.68"},{"$f":"F793*E793","v":{"v":0,"d":"$0.00"}},null,{"v":0,"d":"0.00"},null,{"$f":"J793*I793","v":{"v":0,"d":"$0.00"}}]
["ESP 11.1.2.2","11.1.2.2","Suministro, transporte e instalación de CIELO FALSO EN PANEL YESO (DRYWALL) 1/2\". Incluye suministro, transporte e instalación de lámina en panel yeso de 1/2\", masilla, tornillos, perfiles para estructura de soporte, instalación con dilatación perimetral en perfil de 1cm., accesorios, estuco plástico, pintura vinilo tipo 2 tres manos o las necesarias hasta obtener una superficie pareja, homogénea, color a definir según aprobación de la entidad o interventoría y todos los elementos necesarios para su correcta instalación.","m2",{"v":0,"d":"0.00"},{"v":91450.08,"d":"$91,450.08"},{"v":0,"d":"$0.00"},null,{"v":0,"d":"0.00"},null,{"v":0,"d":"$0.00"}]
["ESP 11.1.2.3","11.1.2.3","Suministro, transporte e instalación de Acabado en cielos en Acobarda Pete, marca Acobarda Pete de 12 mm de espesor o similar en cielos descolgado por medio de guaya de acero. Densidad del Acobarda: 191,6 kg/m3, incluye disposición de la lámina de acuerdo a diseño, lamina cortada a medida, corte sencillo, tonalidad: acorde a disponibilidad en catálogo, instalación: descolgado de cielos con guaya hasta 1m de altura, M.O (mano de obra) Altura de instalación: 3 metros de altura y los materiales necesarios para su correcto funcionamiento.","m2",{"v":0,"d":"0.00"},{"v":476039,"d":"$476,039.00"},{"v":0,"d":"$0.00"},null,{"v":0,"d":"0.00"},null,{"v":0,"d":"$0.00"}]
["ESP 11.1.2.4","11.1.2.4","suministro, transporte e instalación de Cielo lineal en perfiles Baffle 100 x 25 cm Ref. de Hunter DougloOas nacional o equivalente. Separación porta panel cada 10cm + perfil en C de sustentación + cuelga para soporte de panel. Color gris acero 6943 brillo 15%. y los elementos necesarios para su correcto funcionamiento. ","m2",{"v":0,"d":"0.00"},{"v":485502.15,"d":"$485,502.15"},{"v":0,"d":"$0.00"},null,{"v":0,"d":"0.00"},null,{"v":0,"d":"$0.00"}]
["ESP 11.1.2.5","11.1.2.5","Suministro, transporte e instalación (remates y anclajes) de Cielo en malla expandida de aluzinc Metal Screen  de Hunter DougloOas o equivalente, terminación no aplicada. Cielo lineal en perfiles Baffle 100 x 25 cm Ref. de Hunter DougloOas nacional o equivalente. Separación porta panel cada 10cm + perfil en C de sustentación + cuelga para soporte de panel. Color gris acero 6943 brillo 15%. Color según diseño y los elementos necesarios para su correcto funcionamiento. ","m2",{"v":0,"d":"0.00"},{"v":413173.88,"d":"$413,173.88"},{"v":0,"d":"$0.00"},null,{"v":0,"d":"0.00"},null,{"v":0,"d":"$0.00"}]
["ESP 11.1.2.6","11.1.2.6","Suministro, transporte e instalación de Cielo en Drywall cleaneo akustik Kauf circular aleatoria plus de alta absorción acústica. Placa de yeso 12,5 mm, marfil visible, velo blanco de fibra acústica, oculta instalaciones y los elementos necesarios para su correcto funcionamiento.","m2",{"v":0,"d":"0.00"},{"v":440325.68,"d":"$440,325.68"},{"v":0,"d":"$0.00"},null,{"v":0,"d":"0.00"},null,{"v":0,"d":"$0.00"}]
["ESP 11.1.2.7","11.1.2.7","Suministro, transporte e instalación DE Cielo Tubrise en aluzinc 4 mm montaje vertical Ref. de Hunter DougloOas o equivalente. Color según diseño. Tubrise vertical longitud 60 cms con terminación perforada. Perforaciones #118 diámetro 200 15% abierto. Sistema de montaje con parrilla de sujeción en malla 100x100 + clip de sujeción en acero inoxidable + escuadra + perno en u en acero galvanizado Separación entre tubos metálicos 60cm.y los elementos necesarios para su correcto funcionamiento.","m2",{"v":0,"d":"0.00"},{"v":1042265.18,"d":"$1,042,265.18"},{"v":0,"d":"$0.00"},null,{"v":0,"d":"0.00"},null,{"v":0,"d":"$0.00"}]
["ESP 11.1.2.8","11.1.2.8","Suministro, transporte e instalación de Cielo en paneles de fieltro lineales HeartFelt Ref. de Hunter DougloOas o equivalente. Paneles de sección rectangular 40mmx55mm instalados sobre porta panel paso 100 + cuelga rígida. Modulación cada 100mm. Colores crema 7575, marrón claro 7576, marrón medio 7577. y los elementos necesarios para su correcto funcionamiento.","m2",{"v":0,"d":"0.00"},{"v":878685.68,"d":"$878,685.68"},{"v":0,"d":"$0.00"},null,{"v":0,"d":"0.00"},null,{"v":0,"d":"$0.00"}]
["ESP 11.1.2.9","11.1.2.9","Suministro, transporte e instalación de  panel Ecophon Solo Matrix descolgado en 30% del espacio. Y los elementos necesarios para su correcto funcionamiento.","m2",{"v":0,"d":"0.00"},{"v":353090.68,"d":"$353,090.68"},{"v":0,"d":"$0.00"},null,{"v":0,"d":"0.00"},null,{"v":0,"d":"$0.00"}]
[null,null,"TOTAL DE CIELOS",{"$nulls":3},{"$f":"SUM(G793:G801)","v":{"v":0,"d":"$0.00"}},{"$nulls":3},{"$f":"SUM(K793:K801)","v":{"v":0,"d":"$0.00"}}]
[]
[null,null,"TOTAL DE MUROS Y CIELOS EN DRYWALL",{"$nulls":3},{"$f":"G802+G790","v":{"v":1784429964.3913999,"d":"$1,784,429,964.39"}},{"$nulls":3},{"$f":"K802+K790","v":{"v":0,"d":"$0.00"}}]
[]
[null,"11.2.0","FACHADA "]
["ESP 11.2.1","11.2.1","Suministro, transporte y colocación de sistema de fachada. conformada por paneles tipo sándwich prefabricados en GFRC según normas UNE 1169 y 1170 o similar. No incluye ventaneria. Incluye diseño técnico, elaboración de planos de taller y sistema de anclajes en acero galvanizado necesarios para la fijación del sistema a la estructura de soporte. Se entrega en obra.(color Quínoa 216). instalación según planos.","m2",{"v":7685.83,"d":"7,685.83"},{"v":835983.17,"d":"$835,983.17"},{"$f":"F807*E807","v":{"v":6425224527.4811,"d":"$6,425,224,527.48"}},null,{"v":7685.83,"d":"7,685.83"},null,{"$f":"J807*I807","v":{"v":0,"d":"$0.00"}}]
[null,"11.2.2","Suministro, transporte e instalación de sello para Sistema de Fachada conformada por paneles tipo sándwich prefabricados en GFRC  o similar, Incluye limpieza de la superficie para así garantizar el sellado, colocación de cordón de respaldo y aplicación de silicona sello tipo Silicona Dow cornig o equivalente, pago de seguridad social y todo el material necesario para su correcta instalación.","m",{"v":4680.47,"d":"4,680.47"},{"v":30271.24,"d":"$30,271.24"},{"$f":"F808*E808","v":{"v":141683630.68280002,"d":"$141,683,630.68"}},null,{"v":4680.47,"d":"4,680.47"},null,{"$f":"J808*I808","v":{"v":0,"d":"$0.00"}}]
[]
[null,null,"TOTAL DE FACHADA ",{"$nulls":3},{"$f":"G807+G808","v":{"v":6566908158.1639,"d":"$6,566,908,158.16"}},{"$nulls":3},{"$f":"K807+K808","v":{"v":0,"d":"$0.00"}}]
[]
[null,"11.3.0","DIVISIONES EN ACERO INOXIDABLES  "]
["ESP 11.3.1","11.3.1","Suministro, transporte e instalación de divisiones en acero inoxidable para baños y duchas en cada nivel del edificio, incluye parales, divisiones, tabiques lisos, puertas, C extrema,  (medidas varias y longitudes variables), incluye los elementos y accesorios necesarios para su correcta instalación y funcionamiento marca Socoda o equivalente. Según especificaciones arquitectónicas","m2",{"v":196.14999999999998,"d":"196.15"},{"v":653266,"d":"$653,266.00"},{"$f":"F813*E813","v":{"v":128138125.89999999,"d":"$128,138,125.90"}},null,{"v":196.14999999999998,"d":"196.15"},null,{"$f":"J813*I813","v":{"v":0,"d":"$0.00"}}]
[null,"11.3.2","Suministro, transporte e instalación de shut de basura En poliéster Reforzado con fibra de vidrio, incluye ducto de longitud total de 29 m, con retardante al fuego de 50 cms de diámetro, Codo en lámina galvanizada, Tramo final en lámina Galvanizada, Cubo o Boca de entrada medidas aprox. 40cm x 35 cm, Accesorios y los demás elementos para su correcta instalación.","un",{"v":2,"d":"2.00"},{"v":13809950,"d":"$13,809,950.00"},{"$f":"F814*E814","v":{"v":27619900,"d":"$27,619,900.00"}},null,{"v":2,"d":"2.00"},null,{"$f":"J814*I814","v":{"v":0,"d":"$0.00"}}]
[null,"11.3.3","Suministro e instalación de escotilla para compuerta de malacate en lamina de aluminio de 2 mm de dimensiones 1,92 X 1,70 m, incluye chaflán en mortero  y todos los elementos necesarios para su correcto funcionamiento","un",{"v":1,"d":"1.00"},{"v":1797050.9699999997,"d":"$1,797,050.97"},{"$f":"F815*E815","v":{"v":1797050.9699999997,"d":"$1,797,050.97"}},null,{"v":1,"d":"1.00"},null,{"$f":"J815*I815","v":{"v":0,"d":"$0.00"}}]
[]
[null,null,"TOTAL DE DIVISIONES EN ACERO INOXIDABLES  ",{"$nulls":3},{"$f":"G813+G814+G815","v":{"v":157555076.86999997,"d":"$157,555,076.87"}},{"$nulls":3},{"$f":"K813+K814+K815","v":{"v":0,"d":"$0.00"}}]
[]
[null,"11.4.0","MARCOS Y PUERTAS METÁLICAS"]
["ESP 11.4.1","11.4.1","Suministro e instalación de puerta enrollable con motor Central BFT 170 para uso comercial. Dimensiones 3.50x 3.20 m  motorreductor electromecánico de dos motores para su automatización, 220v/60HZ, dotado de final de carrera de fácil regulación micrométrica en apertura y cierre, con electro freno incorporado, caja de mando con llave, botonera manual y un control remoto, fleje cerrado hasta 2.10 de altura y el fleje microperforado a partir de 2.10 hacia arriba. Uso comercial máximo 8 ciclos/ día.Garantia: 2 años. Incluye todos los materiales para su correcto  funcionamiento y pintura.  En lo que respecta al suministro eléctrico, el cliente es responsable de proporcionar los puntos de conexión del motor que se soliciten durante la visita técnica. No se incluye la instalación ni adaptación de infraestructura eléctrica dentro del alcance de este servicio ni trabajos de obra civil.","un",{"v":2,"d":"2.00"},{"v":10281600,"d":"$10,281,600.00"},{"$f":"F820*E820","v":{"v":20563200,"d":"$20,563,200.00"}},null,{"v":2,"d":"2.00"},null,{"$f":"J820*I820","v":{"v":0,"d":"$0.00"}}]
["ESP 11.4.2","11.4.2","Suministro e instalación de puerta enrollable con motor Central BFT 235 para uso comercial. Dimensiones 3.50x 4.20 m  motorreductor electromecánico de dos motores para su automatización, 220v/60HZ, dotado de final de carrera de fácil regulación micrométrica en apertura y cierre, con electro freno incorporado, caja de mando con llave, botonera manual y un control remoto, fleje cerrado hasta 2.10 de altura y el fleje microperforado a partir de 2.10 hacia arriba. Uso comercial máximo 8 ciclos/ día.Garantia: 2 años. Incluye todos los materiales para su correcto funcionamiento. En lo que respecta al suministro eléctrico, el cliente es responsable de proporcionar los puntos de conexión del motor que se soliciten durante la visita técnica. No se incluye la instalación ni adaptación de infraestructura eléctrica dentro del alcance de este servicio ni trabajos de obra civil.","un",{"v":1,"d":"1.00"},{"v":12084450,"d":"$12,084,450.00"},{"v":12084450,"d":"$12,084,450.00"},null,{"v":1,"d":"1.00"},null,{"v":0,"d":"$0.00"}]
["ESP 11.4.3","11.4.3","Suministro, transporte e instalación de P-1 Puerta cortafuego  con resistencia al fuego por 60 minutos. Medida 2,10x1,20 m en lámina de acero cold rolled cal 18 + marco en acero cold rolled calibre 16 + acabado en pintura electrostática al polvo color según especificaciones. Bisagras en acero con 4.1/2 con balineras. Barra antipánico instalada a 1.0 m del nivel de piso acabado y los elementos necesarios para su correcto funcionamiento.","un",{"v":17,"d":"17.00"},{"v":3561332.13,"d":"$3,561,332.13"},{"v":60542646.21,"d":"$60,542,646.21"},null,{"v":17,"d":"17.00"},null,{"v":0,"d":"$0.00"}]
["ESP 11.4.4","11.4.4","Suministro, transporte e instalación de P-2A Puerta metálica en lámina de acero cal 18 cold rolled de un ala batiente de 2,40m de altura + montante 0,60 mts x 1.00 ancho. Acabado en pintura electrostática al polvo color RAL 1001 mate o equivalente. Marco metálico 4 cm en acabado igual que la puerta. Chapa y cerradura instaladas a 80 cms del piso a eje de chapa. Soldaduras pulidas y esmeriladas;  dimensiones, refuerzos, fijación, protección e instalación, según detalle específico. ","un",{"v":28,"d":"28.00"},{"v":4430151.13,"d":"$4,430,151.13"},{"v":124044231.64,"d":"$124,044,231.64"},null,{"v":28,"d":"28.00"},null,{"v":0,"d":"$0.00"}]
["ESP 11.4.5","11.4.5","Suministro, transporte e instalación de P-2B Puerta metálica en lámina de acero cal 18 cold rolled de un ala batiente de 2,40m de altura + persiana superior en lámina metálica de 0,60 mts x 1.00 de ancho. Acabado en pintura electrostática al polvo color RAL 1001 mate o equivalente. Marco metálico 4 cm en acabado igual que la puerta. Chapa y cerradura instaladas a 80 cms del piso a eje de chapa. Soldaduras pulidas y esmeriladas;  dimensiones, refuerzos, fijación, protección e instalación, según detalle específico y los elementos necesarios para su correcto funcionamiento.","un",{"v":32,"d":"32.00"},{"v":4195602.13,"d":"$4,195,602.13"},{"v":134259268.16,"d":"$134,259,268.16"},null,{"v":32,"d":"32.00"},null,{"v":0,"d":"$0.00"}]
["ESP 11.4.6","11.4.6","Suministro, transporte e instalación de P-3A Puerta metálica en lámina de acero cal 18 cold rolled de un ala batiente de 2,40m de altura + montante 0,60 mts x 1.20. Acabado en pintura electrostática al polvo color RAL 1001 mate o equivalente. Marco metálico 4 cm en acabado igual que la puerta. Chapa y cerradura instaladas a 80 cms del piso a eje de chapa. Soldaduras pulidas y esmeriladas;  dimensiones, refuerzos, fijación, protección e instalación, según detalle específico y los materiales necesarios para su correcto funcionamiento.","un",{"v":2,"d":"2.00"},{"v":5271957.13,"d":"$5,271,957.13"},{"v":10543914.26,"d":"$10,543,914.26"},null,{"v":2,"d":"2.00"},null,{"v":0,"d":"$0.00"}]
["ESP 11.4.7","11.4.7","Suministro, transporte e instalación de  Puerta caniles batiente de un ala en tubería galvanizada de 1.5″ interna calibre 16. malla eslabonada, 1.23x1.60 para caniles, marco interno en ángulo de 1″1/8; incluye pasador, porta candado y picaporte. Terminada en anticorrosivo y esmalte gris y los elementos necesarios para su correcto funcionamiento.","un",{"v":4,"d":"4.00"},{"v":2894932.13,"d":"$2,894,932.13"},{"v":11579728.52,"d":"$11,579,728.52"},null,{"v":4,"d":"4.00"},null,{"v":0,"d":"$0.00"}]
["ESP 11.4.8","11.4.8","Suministro, transporte e instalación de  P-3B Puerta metálica batiente, medidas de 1.20 x2.4m, de un ala en rejilla en platina metálica inclinada a 45° de 2\" x 1/8\" espaciamiento a 2.5cm + bastidor en lámina metálica galvanizada doblada cal. 20. Marco en lámina metálica galvanizada doblada cal. 18, ancho igual a muro que la recibe. Acabado para todos los elementos en pintura tipo poliuretano color RAL 8028. Barra antipánico instalada a 1.0 m del nivel de piso acabado y el material necesario para su correcto funcionamiento. ","un",{"v":3,"d":"3.00"},{"v":4156332.13,"d":"$4,156,332.13"},{"v":12468996.39,"d":"$12,468,996.39"},null,{"v":3,"d":"3.00"},null,{"v":0,"d":"$0.00"}]
["ESP 11.4.9","11.4.9","Suministro, transporte e instalación de P-4A Puerta metálica batiente de 2 alas, de 2.40x2.00,  en rejilla en platina metálica inclinada a 45° de 2\" x 1/8\" espaciamiento a 2.5cm + bastidor en lámina metálica galvanizada doblada cal. 16. Marco en lámina metálica galvanizada doblada cal. 18, ancho igual a muro que la recibe. Acabado para todos los elementos en pintura tipo poliuretano color RAL 8028. Barra antipánico instalada a 1.0 m del nivel de piso acabado.","un",{"v":1,"d":"1.00"},{"v":6298332.13,"d":"$6,298,332.13"},{"v":6298332.13,"d":"$6,298,332.13"},null,{"v":1,"d":"1.00"},null,{"v":0,"d":"$0.00"}]
["ESP 11.4.10","11.4.10","Suministro, transporte e instalación de P-4B Puerta metálica en lámina de acero cal 18 cold rolled  de dos alas batientes de 2,40m de altura + montante 0,60 mts x 2.00 de ancho. Acabado en pintura electrostática al polvo color RAL 1001 beige mate o equivalente. Marco metálico 4 cm en acabado igual que la puerta. Chapa y cerradura instaladas a 80 cms del piso a eje de chapa. Soldaduras pulidas y esmeriladas;  dimensiones, refuerzos, fijación, protección e instalación, según detalle específico y los elementos necesarios para su correcto funcionamiento","un",{"v":29,"d":"29.00"},{"v":5865529.13,"d":"$5,865,529.13"},{"v":170100344.77,"d":"$170,100,344.77"},null,{"v":29,"d":"29.00"},null,{"v":0,"d":"$0.00"}]
["ESP 11.4.11","11.4.11","Suministro, transporte e instalación de P-4C Puerta metálica batiente de 2 alas en rejilla en platina metálica inclinada a 45° de 2\" x 1/8\" espaciamiento a 2.5cm + bastidor en lámina metálica galvanizada doblada cal. 16, de 2.40x2.00. Marco en lámina metálica galvanizada doblada cal. 18, ancho igual a muro que la recibe. Acabado para todos los elementos en pintura tipo poliuretano color RAL 8028. Barra antipánico instalada a 1.0 m del nivel de piso acabado y los elementos necesarios para su correcto funcionamiento","un",{"v":3,"d":"3.00"},{"v":5746529.13,"d":"$5,746,529.13"},{"v":17239587.39,"d":"$17,239,587.39"},null,{"v":3,"d":"3.00"},null,{"v":0,"d":"$0.00"}]
["ESP 11.4.12","11.4.12","Suministro, transporte e instalación de P-4D Puerta metálica batiente de un ala en rejilla en platina metálica inclinada a 45° de 2\" x 1/8\" espaciamiento a 2.5cm + bastidor en lámina metálica galvanizada doblada cal. 16, e 2.40x2.40. Marco en lámina metálica galvanizada doblada cal. 18, ancho igual a muro que la recibe. Acabado para todos los elementos en pintura tipo poliuretano color RAL 8028. Barra antipánico instalada a 1.0 m del nivel de piso acabado y los materiales necesarios para su correcto funcionamiento.","un",{"v":2,"d":"2.00"},{"v":6429232.13,"d":"$6,429,232.13"},{"v":12858464.26,"d":"$12,858,464.26"},null,{"v":2,"d":"2.00"},null,{"v":0,"d":"$0.00"}]
["ESP 11.4.13","11.4.13","Suministro, transporte  de P-5 Puerta metálica en lámina de acero cal 18 cold rolled, de 2.40x variable entre 1.00 y 1.20, según  especificaciones Parales metálicos 10 cm en acabado igual que la puerta, Acabado en pintura electrostática al polvo color RAL 1001 o equivalente, Soldaduras pulidas y esmeriladas y los materiales necesarios para su correcto funcionamiento.","un",{"v":51,"d":"51.00"},{"v":2728332.13,"d":"$2,728,332.13"},{"v":139144938.63,"d":"$139,144,938.63"},null,{"v":51,"d":"51.00"},null,{"v":0,"d":"$0.00"}]
["ESP 11.4.14","11.4.14","Suministro, transporte e instalación de P-7A Puerta metálica en lámina de acero cal 18 cold rolled de un ala batiente de 2,40m de altura + persiana superior en lámina metálica de 0,60 mts x 0.90 de ancho. Acabado en pintura electrostática al polvo color RAL 1001 mate o equivalente. Marco metálico 4 cm en acabado igual que la puerta. Chapa y cerradura instaladas a 80 cms del piso a eje de chapa. Soldaduras pulidas y esmeriladas;  dimensiones, refuerzos, fijación, protección e instalación, según detalle específico y los materiales necesarios para su correcto funcionamiento.","un",{"v":5,"d":"5.00"},{"v":3664862.13,"d":"$3,664,862.13"},{"v":18324310.65,"d":"$18,324,310.65"},null,{"v":5,"d":"5.00"},null,{"v":0,"d":"$0.00"}]
["ESP 11.4.16","11.4.16","Suministro, transporte e instalación de P-8 Puerta metálica en lámina de acero cal 18 cold rolled de un ala batiente de 2,40m de altura + montante 0,60 mts x 0.70 ancho. Acabado en pintura electrostática al polvo color RAL 1001 mate o equivalente. Marco metálico 4 cm en acabado igual que la puerta. Chapa y cerradura instaladas a 80 cms del piso a eje de chapa. Soldaduras pulidas y esmeriladas;  dimensiones, refuerzos, fijación, protección e instalación, según detalle específico. y los materiales necesarios para su correcto funcionamiento.","un",{"v":5,"d":"5.00"},{"v":3499452.13,"d":"$3,499,452.13"},{"v":17497260.65,"d":"$17,497,260.65"},null,{"v":5,"d":"5.00"},null,{"v":0,"d":"$0.00"}]
["ESP 11.4.17","11.4.17","Suministro, transporte e instalación de P-9 Puerta batiente de dos alas metálica en lámina de acero cal 18 cold rolled 2.40 x 2.40, Parales metálicos 10 cm en acabado igual que la puerta, Acabado en pintura electrostática en polvo color RAL 1001 o equivalente, Soldaduras pulidas y esmeriladas y los materiales necesarios para su correcto funcionamiento.","un",{"v":2,"d":"2.00"},{"v":5822332.13,"d":"$5,822,332.13"},{"v":11644664.26,"d":"$11,644,664.26"},null,{"v":2,"d":"2.00"},null,{"v":0,"d":"$0.00"}]
["ESP 11.4.18","11.4.18","Suministro, transporte e instalación de P-10A Puerta de ala batiente en aluminio 0.51x2.10 con alma en persiana de aluminio color bronce + medio marco en aluminio del mismo color de la puerta. Incluye bisagra y jaladera cuadrada tubular color por definir altura 80 cms de piso acabado y los materiales necesarios para su correcto funcionamiento.","un",{"v":5,"d":"5.00"},{"v":1262252.13,"d":"$1,262,252.13"},{"v":6311260.649999999,"d":"$6,311,260.65"},null,{"v":5,"d":"5.00"},null,{"v":0,"d":"$0.00"}]
["ESP 11.4.19","11.4.19","Suministro, transporte e instalación de P-10B  Puerta de ala batiente en aluminio 0.40x2.10 con alma en persiana de aluminio color bronce + medio marco en aluminio del mismo color de la puerta. Incluye bisagra y jaladera cuadrada tubular color por definir altura 80 cms de piso acabado y los materiales necesarios para su correcto funcionamiento y los materiales necesarios para su correcto funcionamiento.","un",{"v":48,"d":"48.00"},{"v":1203942.13,"d":"$1,203,942.13"},{"v":57789222.239999995,"d":"$57,789,222.24"},null,{"v":48,"d":"48.00"},null,{"v":0,"d":"$0.00"}]
["ESP 11.4.20","11.4.20","Suministro, transporte e instalación de P-11 Puerta corrediza 1 ala batiente en aluminio con alma en persiana de aluminio color bronce, de 120 X 2.10, Riel en aluminio del mismo color de la puerta, Jaladera cuadrada tubular color por definir y los materiales necesarios para su correcto funcionamiento.","un",{"v":12,"d":"12.00"},{"v":3670332.13,"d":"$3,670,332.13"},{"v":44043985.56,"d":"$44,043,985.56"},null,{"v":12,"d":"12.00"},null,{"v":0,"d":"$0.00"}]
["ESP 11.4.21","11.4.21","Suministro, transporte e instalación de puerta P-16 corrediza de dos alas en aluminio (de 3.90x 3.05m) según especificaciones de proveedor 40 STC. Perfilería en aluminio color champaña. Riel superior para sistema de puertas deslizantes en aluminio de alta resistencia del mismo acabado de la perfilería. Tope de seguridad en media luna cromado en piso. Manija tiradera Startec modelo PH 2145 o similar en acero inoxidable diámetro 25mm. cerrojo 170 para puertas en vidrio llave mariposa acabado niquelado ref Yale o similar e incluye  todos los componentes para su correcto funcionamiento.","un",{"v":2,"d":"2.00"},{"v":4460332.13,"d":"$4,460,332.13"},{"v":8920664.26,"d":"$8,920,664.26"},null,{"v":2,"d":"2.00"},null,{"v":0,"d":"$0.00"}]
[null,"11.4.22","Suministro, transporte e instalación de P-2C Puerta metálica en lámina de acero cal 18 cold rolled de un ala batiente de 2,10m de altura + montante 0,30 mts x 1.00 ancho. Acabado en pintura electrostática al polvo color RAL 1001 mate o equivalente. Marco metálico 4 cm en acabado igual que la puerta. Chapa y cerradura instaladas a 90 cms del piso a eje de chapa. Soldaduras pulidas y esmeriladas;  dimensiones, refuerzos, fijación, protección e instalación, según detalle específico. ","un",{"v":4,"d":"4.00"},{"v":1720000,"d":"$1,720,000.00"},{"v":6880000,"d":"$6,880,000.00"},null,{"v":4,"d":"4.00"},null,{"v":0,"d":"$0.00"}]
[null,"11.4.23","Suministro, transporte e instalación de P-2D Puerta metálica en lámina de acero cal 18 cold rolled de un ala batiente de 2,10m de altura + montante en rejilla lámina cold roll 0,60 mts x 1.00 ancho. Acabado en pintura electrostática al polvo color RAL 1001 mate o equivalente. Marco metálico 4 cm en acabado igual que la puerta. Chapa y cerradura instaladas a 90 cms del piso a eje de chapa. Soldaduras pulidas y esmeriladas;  dimensiones, refuerzos, fijación, protección e instalación, según detalle específico. ","un",{"v":9,"d":"9.00"},{"v":1790000,"d":"$1,790,000.00"},{"v":16110000,"d":"$16,110,000.00"},null,{"v":9,"d":"9.00"},null,{"v":0,"d":"$0.00"}]
[]
[null,null,"TOTAL DE MARCOS Y PUERTAS METÁLICAS",{"$nulls":3},{"$f":"SUM(G820:G841)","v":{"v":919249470.6299999,"d":"$919,249,470.63"}},{"$nulls":3},{"$f":"SUM(K820:K841)","v":{"v":0,"d":"$0.00"}}]
[]
[null,"11.5.0","VENTANERIA"]
["ESP 11.5.1","11.5.1","Suministro, transporte e instalación de sistema de ventana modular fija NF-530, es un sistema de cuerpo fijo con perfiles ocultos,  incluye Aluminio: CLEAR ANODIZED, Cristal Laminado No.1 Incoloro 8mm HS + PVB 0.030\" Opaco + Incoloro 6mm HS. Los vidrios son adheridos al marco en fábrica, con silicona estructural, y el montaje en obra es modular, para mayor rapidez y facilidad de instalación. De acuerdo a las alturas y modulaciones de la fachada, se especificó el siguiente sistema para cumplir con las solicitaciones estructurales de acuerdo a la NSR-10. incluye los materiales necesarios para su correcto funcionamiento.","m2",715.47,{"v":1855417.1311040001,"d":"$1,855,417.13"},{"$f":"F846*E846","v":{"v":1327495294.7909791,"d":"$1,327,495,294.79"}},null,715.47,null,{"$f":"J846*I846","v":{"v":0,"d":"$0.00"}}]
["ESP 11.5.2","11.5.2","Suministro, transporte e instalación de Puertas Vidrieras 01,02,03,04,05,06,07,08,09,10,11,12,13, 14, 15, 16 17 18,19 20 21,22  Puerta vidriera de medidas variables , Vidrio divisorio de vidrio templado laminado translúcido de 12 mm. Perfiles de altura máxima de 22 mm y base de 35mm según especificaciones de planos. Color de la perfilería RAL 1001 matel y los elementos necesarios para su correcto funcionamiento.","m2",{"v":1306.54,"d":"1,306.54"},{"v":1076709.8922080002,"d":"$1,076,709.89"},{"$f":"F847*E847","v":{"v":1406764542.5654404,"d":"$1,406,764,542.57"}},null,{"v":1306.54,"d":"1,306.54"},null,{"$f":"J847*I847","v":{"v":0,"d":"$0.00"}}]
[]
[null,null,"TOTAL DE VENTANERIA",{"$nulls":3},{"$f":"SUM(G846:G847)","v":{"v":2734259837.3564196,"d":"$2,734,259,837.36"}},{"$nulls":3},{"$f":"SUM(K846:K847)","v":{"v":0,"d":"$0.00"}}]
[]
[null,"11.6.0","VARIOS CARPINTERÍA METÁLICA"]
["ESP 11.6.1"]
["ESP 11.6.2","11.6.1","Suministro, transporte e instalación de pasamanos de tubo estructural redondo 2\" (medida externa) en 1,5mm (Rodamano), más Pasamanos metálico perfil tubular de 2\" con soportes verticales en tubería metálica de 1/2\" soldada a platina metálica fijada a huellas en concreto con pernos expansivos de fijación más pintura anticorrosiva color RAL 2017.","m",358.75,{"v":550940,"d":"$550,940.00"},{"$f":"F853*E853","v":{"v":197649725,"d":"$197,649,725.00"}},null,358.75,null,{"$f":"J853*I853","v":{"v":0,"d":"$0.00"}}]
["ESP 11.6.3"]
[null,null,"TOTAL DE VARIOS CARPINTERÍA METÁLICA",{"$nulls":3},{"$f":"SUM(G852:G854)","v":{"v":197649725,"d":"$197,649,725.00"}},{"$nulls":3},{"$f":"SUM(K852:K854)","v":{"v":0,"d":"$0.00"}}]
[null,null,"TOTAL DE CARPINTERÍA METÁLICA/MADERA/FACHADA/SISTEMAS LIVIANOS",{"$nulls":3},{"$f":"SUM(G855+G849+G843+G817+G810+G804)","v":{"v":12360052232.41172,"d":"$12,360,052,232.41"}},{"$nulls":3},{"$f":"SUM(K855+K849+K843+K817+K810+K804)","v":{"v":0,"d":"$0.00"}}]
[]
[null,"12.0.0","AIRE ACONDICIONADO"]
[]
[null,"12.1.0","EQUIPOS"]
[]
[null,"12.1.1","UNIDADES CASSETTE PARA AGUA HELADA"]
["ESP 12.1.1.1","12.1.1.1","Suministro y transporte de unidad cassette para agua helada C4VW #1A-B-C: Circulaciones ","un",{"v":3,"d":"3.00"},{"v":5700487,"d":"$5,700,487.00"},{"$f":"F863*E863","v":{"v":17101461,"d":"$17,101,461.00"}},null,{"v":3,"d":"3.00"},null,{"$f":"J863*I863","v":{"v":0,"d":"$0.00"}}]
["ESP 12.1.1.2","12.1.1.2","Suministro y transporte de unidad cassette para agua helada C4VW #2: Recepción","un",{"v":1,"d":"1.00"},{"v":6106931,"d":"$6,106,931.00"},{"v":6106931,"d":"$6,106,931.00"},null,{"v":1,"d":"1.00"},null,{"v":0,"d":"$0.00"}]
["ESP 12.1.1.3","12.1.1.3","Suministro y transporte de unidad cassette para agua helada C4VW #3A-B: área de crecimiento  ","un",{"v":2,"d":"2.00"},{"v":5783623,"d":"$5,783,623.00"},{"v":11567246,"d":"$11,567,246.00"},null,{"v":2,"d":"2.00"},null,{"v":0,"d":"$0.00"}]
["ESP 12.1.1.4","12.1.1.4","Suministro y transporte de unidad cassette para agua helada C4VW #4A-B: CEACO ","un",{"v":2,"d":"2.00"},{"v":6337866,"d":"$6,337,866.00"},{"v":12675732,"d":"$12,675,732.00"},null,{"v":2,"d":"2.00"},null,{"v":0,"d":"$0.00"}]
["ESP 12.1.1.5","12.1.1.5","Suministro y transporte de unidad cassette para agua helada C4VW #5A-B-C: CECAT  ","un",{"v":3,"d":"3.00"},{"v":6337866,"d":"$6,337,866.00"},{"v":19013598,"d":"$19,013,598.00"},null,{"v":3,"d":"3.00"},null,{"v":0,"d":"$0.00"}]
["ESP 12.1.1.6","12.1.1.6","Suministro y transporte de unidad cassette para agua helada C4VW #6: CRI","un",{"v":1,"d":"1.00"},{"v":6337866,"d":"$6,337,866.00"},{"v":6337866,"d":"$6,337,866.00"},null,{"v":1,"d":"1.00"},null,{"v":0,"d":"$0.00"}]
["ESP 12.1.1.7","12.1.1.7","Suministro y transporte de unidad cassette para agua helada C4VW #7A-B: fucde ","un",{"v":2,"d":"2.00"},{"v":6337866,"d":"$6,337,866.00"},{"v":12675732,"d":"$12,675,732.00"},null,{"v":2,"d":"2.00"},null,{"v":0,"d":"$0.00"}]
["ESP 12.1.1.8","12.1.1.8","Suministro y transporte de unidad cassette para agua helada C4VW #8A-B: gruan ","un",{"v":2,"d":"2.00"},{"v":6337866,"d":"$6,337,866.00"},{"v":12675732,"d":"$12,675,732.00"},null,{"v":2,"d":"2.00"},null,{"v":0,"d":"$0.00"}]
["ESP 12.1.1.9","12.1.1.9","Suministro y transporte de unidad cassette para agua helada C4VW #10A-B-C-D-E-F-G-H-I-J-K-L: área de oficina central","un",{"v":12,"d":"12.00"},{"v":6439477,"d":"$6,439,477.00"},{"v":77273724,"d":"$77,273,724.00"},null,{"v":12,"d":"12.00"},null,{"v":0,"d":"$0.00"}]
["ESP 12.1.1.10","12.1.1.10","Suministro y transporte de unidad de cassete para agua helada C4VW #11A-B: administrativo","un",{"v":2,"d":"2.00"},{"v":6338208,"d":"$6,338,208.00"},{"v":12676416,"d":"$12,676,416.00"},null,{"v":2,"d":"2.00"},null,{"v":0,"d":"$0.00"}]
["ESP 12.1.1.11","12.1.1.11","Suministro y transporte de  unidad de cassete para agua helada C4VW #12A-B: boletines","un",{"v":2,"d":"2.00"},{"v":6439477,"d":"$6,439,477.00"},{"v":12878954,"d":"$12,878,954.00"},null,{"v":2,"d":"2.00"},null,{"v":0,"d":"$0.00"}]
["ESP 12.1.1.12","12.1.1.12","Suministro y transporte de  unidad de cassete para agua helada C4VW #13A-B-C: GSI","un",{"v":3,"d":"3.00"},{"v":6439477,"d":"$6,439,477.00"},{"v":19318431,"d":"$19,318,431.00"},null,{"v":3,"d":"3.00"},null,{"v":0,"d":"$0.00"}]
["ESP 12.1.1.13","12.1.1.13","Suministro y transporte de  unidad de cassete para agua helada C4VW #14: jefatura","un",{"v":1,"d":"1.00"},{"v":6338208,"d":"$6,338,208.00"},{"v":6338208,"d":"$6,338,208.00"},null,{"v":1,"d":"1.00"},null,{"v":0,"d":"$0.00"}]
["ESP 12.1.1.14","12.1.1.14","Suministro y transporte de unidad de cassete para agua helada C4VW #15 A-B-C-D-E-F-G: medioambiente y otras áreas","un",{"v":7,"d":"7.00"},{"v":6439477,"d":"$6,439,477.00"},{"v":45076339,"d":"$45,076,339.00"},null,{"v":7,"d":"7.00"},null,{"v":0,"d":"$0.00"}]
["ESP 12.1.1.15","12.1.1.15","Suministro y transporte de unidad cassette para agua helada C4VW #16 A-B: oficina superior izquierda","un",{"v":2,"d":"2.00"},{"v":6439477,"d":"$6,439,477.00"},{"v":12878954,"d":"$12,878,954.00"},null,{"v":2,"d":"2.00"},null,{"v":0,"d":"$0.00"}]
[]
[null,null,"TOTAL DE UNIDADES CASSETTE PARA AGUA HELADA",{"$nulls":3},{"$f":"SUM(G863:G877)","v":{"v":284595324,"d":"$284,595,324.00"}},{"$nulls":3},{"$f":"SUM(K863:K877)","v":{"v":0,"d":"$0.00"}}]
[]
[null,"12.1.2","UNIDADES FAN COIL DE DUCTO PARA AGUA HELADA"]
["ESP 12.1.2.1","12.1.2.1","Suministro y transporte  de unidad cassette para agua helada FCW #1A-B: Cuarto telecomunicaciones ","un",{"v":2,"d":"2.00"},{"v":10319516,"d":"$10,319,516.00"},{"$f":"F882*E882","v":{"v":20639032,"d":"$20,639,032.00"}},null,{"v":2,"d":"2.00"},null,{"$f":"J882*I882","v":{"v":0,"d":"$0.00"}}]
["ESP 12.1.2.2","12.1.2.2","Suministro  y transporte de unidad cassette para agua helada  FCW #2: Documentación + armerillo ","un",{"v":1,"d":"1.00"},{"v":7011168,"d":"$7,011,168.00"},{"v":7011168,"d":"$7,011,168.00"},null,{"v":1,"d":"1.00"},null,{"v":0,"d":"$0.00"}]
["ESP 12.1.2.3","12.1.2.3","Suministro, transporte  de unidad cassette para agua helada  FCW #3: locutorio bodega ","un",{"v":1,"d":"1.00"},{"v":8479910,"d":"$8,479,910.00"},{"v":8479910,"d":"$8,479,910.00"},null,{"v":1,"d":"1.00"},null,{"v":0,"d":"$0.00"}]
["ESP 12.1.2.4","12.1.2.4","Suministro  y transporte de  unidad cassette para agua helada FCW #4: CCTV Int.","un",{"v":1,"d":"1.00"},{"v":8479910,"d":"$8,479,910.00"},{"v":8479910,"d":"$8,479,910.00"},null,{"v":1,"d":"1.00"},null,{"v":0,"d":"$0.00"}]
["ESP 12.1.2.5","12.1.2.5","Suministro   y transporte de unidad cassette para agua helada FCW #5: Área de descanso ","un",{"v":1,"d":"1.00"},{"v":7962617,"d":"$7,962,617.00"},{"v":7962617,"d":"$7,962,617.00"},null,{"v":1,"d":"1.00"},null,{"v":0,"d":"$0.00"}]
["ESP 12.1.2.6","12.1.2.6","Suministro  y transporte de unidad cassette para agua helada FCW #6: Agamenón ","un",{"v":1,"d":"1.00"},{"v":7962617,"d":"$7,962,617.00"},{"v":7962617,"d":"$7,962,617.00"},null,{"v":1,"d":"1.00"},null,{"v":0,"d":"$0.00"}]
["ESP 12.1.2.7","12.1.2.7","Suministro, transporte  de unidad cassette para agua helada FCW #7A-B: Anticorrupción ","un",{"v":2,"d":"2.00"},{"v":7962617,"d":"$7,962,617.00"},{"v":15925234,"d":"$15,925,234.00"},null,{"v":2,"d":"2.00"},null,{"v":0,"d":"$0.00"}]
["ESP 12.1.2.8","12.1.2.8","Suministro  y transporte de unidad cassette para agua helada FCW #8: Antinarcóticos  ","un",{"v":1,"d":"1.00"},{"v":7962617,"d":"$7,962,617.00"},{"v":7962617,"d":"$7,962,617.00"},null,{"v":1,"d":"1.00"},null,{"v":0,"d":"$0.00"}]
["ESP 12.1.2.9","12.1.2.9","Suministro  y transporte de unidad cassette para agua helada FCW #9A-B-C-D-E: cecib ","un",{"v":5,"d":"5.00"},{"v":9653057,"d":"$9,653,057.00"},{"v":48265285,"d":"$48,265,285.00"},null,{"v":5,"d":"5.00"},null,{"v":0,"d":"$0.00"}]
["ESP 12.1.2.10","12.1.2.10","Suministro  y transporte de unidad cassette para agua helada FCW #10: comedor cafetín ","un",{"v":1,"d":"1.00"},{"v":9653057,"d":"$9,653,057.00"},{"v":9653057,"d":"$9,653,057.00"},null,{"v":1,"d":"1.00"},null,{"v":0,"d":"$0.00"}]
["ESP 12.1.2.11","12.1.2.11","Suministro  y transporte de unidad cassette para agua helada FCW #11: contratistas ","un",{"v":1,"d":"1.00"},{"v":9653057,"d":"$9,653,057.00"},{"v":9653057,"d":"$9,653,057.00"},null,{"v":1,"d":"1.00"},null,{"v":0,"d":"$0.00"}]
["ESP 12.1.2.12","12.1.2.12","Suministro  y transporte de unidad cassette para agua helada FCW #12: coordinador coopad","un",{"v":1,"d":"1.00"},{"v":10318148,"d":"$10,318,148.00"},{"v":10318148,"d":"$10,318,148.00"},null,{"v":1,"d":"1.00"},null,{"v":0,"d":"$0.00"}]
["ESP 12.1.2.13","12.1.2.13","Suministro  y transporte de unidad cassette para agua helada FCW #13A-B: cuarto teleco ","un",{"v":2,"d":"2.00"},{"v":10318148,"d":"$10,318,148.00"},{"v":20636296,"d":"$20,636,296.00"},null,{"v":2,"d":"2.00"},null,{"v":0,"d":"$0.00"}]
["ESP 12.1.2.14","12.1.2.14","Suministro  y transporte de unidad cassette para agua helada FCW #14: delitos ","un",{"v":1,"d":"1.00"},{"v":7962617,"d":"$7,962,617.00"},{"v":7962617,"d":"$7,962,617.00"},null,{"v":1,"d":"1.00"},null,{"v":0,"d":"$0.00"}]
["ESP 12.1.2.15","12.1.2.15","Suministro  y transporte de unidad cassette para agua helada FCW #15: elite ponal ","un",{"v":1,"d":"1.00"},{"v":7962617,"d":"$7,962,617.00"},{"v":7962617,"d":"$7,962,617.00"},null,{"v":1,"d":"1.00"},null,{"v":0,"d":"$0.00"}]
["ESP 12.1.2.16","12.1.2.16","Suministro  y transporte de unidad cassette para agua helada FCW #16A-B-C: territorial ","un",{"v":3,"d":"3.00"},{"v":10318148,"d":"$10,318,148.00"},{"v":30954444,"d":"$30,954,444.00"},null,{"v":3,"d":"3.00"},null,{"v":0,"d":"$0.00"}]
["ESP 12.1.2.17","12.1.2.17","Suministro, transporte  de unidad cassette para agua helada FCW #17: Extinción ","un",{"v":1,"d":"1.00"},{"v":7962617,"d":"$7,962,617.00"},{"v":7962617,"d":"$7,962,617.00"},null,{"v":1,"d":"1.00"},null,{"v":0,"d":"$0.00"}]
["ESP 12.1.2.18","12.1.2.18","Suministro  y transporte de unidad cassette para agua helada FCW #18: Fiscales ","un",{"v":1,"d":"1.00"},{"v":7011168,"d":"$7,011,168.00"},{"v":7011168,"d":"$7,011,168.00"},null,{"v":1,"d":"1.00"},null,{"v":0,"d":"$0.00"}]
["ESP 12.1.2.19","12.1.2.19","Suministro  y transporte de unidad cassette para agua helada FCW #19: GRATE ","un",{"v":1,"d":"1.00"},{"v":7962617,"d":"$7,962,617.00"},{"v":7962617,"d":"$7,962,617.00"},null,{"v":1,"d":"1.00"},null,{"v":0,"d":"$0.00"}]
["ESP 12.1.2.20","12.1.2.20","Suministro  y transporte de unidad cassette para agua helada  FCW #20: HALL","un",{"v":1,"d":"1.00"},{"v":7445324,"d":"$7,445,324.00"},{"v":7445324,"d":"$7,445,324.00"},null,{"v":1,"d":"1.00"},null,{"v":0,"d":"$0.00"}]
["ESP 12.1.2.21","12.1.2.21","Suministro  y transporte de unidad cassette para agua helada FCW #21: HSI ","un",{"v":1,"d":"1.00"},{"v":7445324,"d":"$7,445,324.00"},{"v":7445324,"d":"$7,445,324.00"},null,{"v":1,"d":"1.00"},null,{"v":0,"d":"$0.00"}]
["ESP 12.1.2.22","12.1.2.22","Suministro, transporte de unidad cassette para agua helada FCW #22: lavados ","un",{"v":1,"d":"1.00"},{"v":7962617,"d":"$7,962,617.00"},{"v":7962617,"d":"$7,962,617.00"},null,{"v":1,"d":"1.00"},null,{"v":0,"d":"$0.00"}]
["ESP 12.1.2.23","12.1.2.23","Suministro  y transporte de unidad cassette para agua helada FCW #23: personal ","un",{"v":1,"d":"1.00"},{"v":7962617,"d":"$7,962,617.00"},{"v":7962617,"d":"$7,962,617.00"},null,{"v":1,"d":"1.00"},null,{"v":0,"d":"$0.00"}]
["ESP 12.1.2.24","12.1.2.24","Suministro  y transporte de unidad cassette para agua helada FCW #24: sala de reuniones ","un",{"v":1,"d":"1.00"},{"v":7962617,"d":"$7,962,617.00"},{"v":7962617,"d":"$7,962,617.00"},null,{"v":1,"d":"1.00"},null,{"v":0,"d":"$0.00"}]
["ESP 12.1.2.25","12.1.2.25","Suministro  y transporte de unidad cassette para agua helada FCW #25: sala estratégica ","un",{"v":1,"d":"1.00"},{"v":8479910,"d":"$8,479,910.00"},{"v":8479910,"d":"$8,479,910.00"},null,{"v":1,"d":"1.00"},null,{"v":0,"d":"$0.00"}]
["ESP 12.1.2.26","12.1.2.26","Suministro  y transporte de unidad cassette para agua helada FCW #26A-B-C-D: SISC ","un",{"v":4,"d":"4.00"},{"v":10318148,"d":"$10,318,148.00"},{"v":41272592,"d":"$41,272,592.00"},null,{"v":4,"d":"4.00"},null,{"v":0,"d":"$0.00"}]
["ESP 12.1.2.27","12.1.2.27","Suministro  y transporte de unidad cassette para agua helada FCW #27: subsecretario ","un",{"v":1,"d":"1.00"},{"v":8479910,"d":"$8,479,910.00"},{"v":8479910,"d":"$8,479,910.00"},null,{"v":1,"d":"1.00"},null,{"v":0,"d":"$0.00"}]
["ESP 12.1.2.28","12.1.2.28","Suministro  y transporte de bandejas adicionales en lámina para manejo de condensados FCW#1A-B-2-3-4-5 ","un",{"v":91,"d":"91.00"},{"v":615825,"d":"$615,825.00"},{"v":56040075,"d":"$56,040,075.00"},null,{"v":91,"d":"91.00"},null,{"v":0,"d":"$0.00"}]
["ESP 12.1.2.29","12.1.2.29","Suministro y transporte de unidad cassette para agua helada FCW #30A-B-C: Archivo","un",{"v":3,"d":"3.00"},{"v":10318148,"d":"$10,318,148.00"},{"v":30954444,"d":"$30,954,444.00"},null,{"v":3,"d":"3.00"},null,{"v":0,"d":"$0.00"}]
["ESP 12.1.2.30","12.1.2.30","Suministro y transporte de unidad cassette para agua helada FCW #31: Asesores cafetín","un",{"v":1,"d":"1.00"},{"v":7962617,"d":"$7,962,617.00"},{"v":7962617,"d":"$7,962,617.00"},null,{"v":1,"d":"1.00"},null,{"v":0,"d":"$0.00"}]
["ESP 12.1.2.31","12.1.2.31","Suministro y transporte de unidad cassette para agua helada FCW #32: contratista-asistencial secretaria","un",{"v":1,"d":"1.00"},{"v":10318148,"d":"$10,318,148.00"},{"v":10318148,"d":"$10,318,148.00"},null,{"v":1,"d":"1.00"},null,{"v":0,"d":"$0.00"}]
["ESP 12.1.2.32","12.1.2.32","Suministro y transporte de unidad cassette para agua helada FCW #33A-B: convivencia ciudadana","un",{"v":2,"d":"2.00"},{"v":8997203,"d":"$8,997,203.00"},{"v":17994406,"d":"$17,994,406.00"},null,{"v":2,"d":"2.00"},null,{"v":0,"d":"$0.00"}]
["ESP 12.1.2.33","12.1.2.33","Suministro y transporte de unidad cassette para agua helada FCW #34: comedor cafetín","un",{"v":1,"d":"1.00"},{"v":8997203,"d":"$8,997,203.00"},{"$f":"F914*E914","v":{"v":8997203,"d":"$8,997,203.00"}},null,{"v":1,"d":"1.00"},null,{"$f":"J914*I914","v":{"v":0,"d":"$0.00"}}]
["ESP 12.1.2.34","12.1.2.34","Suministro y transporte de unidad cassette para agua helada FCW #35A-B: cuarto telecomunicaciones","un",{"v":2,"d":"2.00"},{"v":10318148,"d":"$10,318,148.00"},{"v":20636296,"d":"$20,636,296.00"},null,{"v":2,"d":"2.00"},null,{"v":0,"d":"$0.00"}]
["ESP 12.1.2.35","12.1.2.35","Suministro y transporte de unidad cassette para agua helada FCW #36: escoltas","un",{"v":1,"d":"1.00"},{"v":7011168,"d":"$7,011,168.00"},{"v":7011168,"d":"$7,011,168.00"},null,{"v":1,"d":"1.00"},null,{"v":0,"d":"$0.00"}]
["ESP 12.1.2.36","12.1.2.36","Suministro y transporte de unidad cassette para agua helada FCW #37A-B: monitores redes sociales","un",{"v":2,"d":"2.00"},{"v":7962617,"d":"$7,962,617.00"},{"v":15925234,"d":"$15,925,234.00"},null,{"v":2,"d":"2.00"},null,{"v":0,"d":"$0.00"}]
["ESP 12.1.2.37","12.1.2.37","Suministro y transporte de unidad cassette para agua helada FCW #38: secretario","un",{"v":1,"d":"1.00"},{"v":10318148,"d":"$10,318,148.00"},{"v":10318148,"d":"$10,318,148.00"},null,{"v":1,"d":"1.00"},null,{"v":0,"d":"$0.00"}]
["ESP 12.1.2.38","12.1.2.38","Suministro y transporte de unidad cassette para agua helada FCW #39: subsecretario de planeación","un",{"v":1,"d":"1.00"},{"v":7962617,"d":"$7,962,617.00"},{"v":7962617,"d":"$7,962,617.00"},null,{"v":1,"d":"1.00"},null,{"v":0,"d":"$0.00"}]
["ESP 12.1.2.39","12.1.2.39","Suministro y transporte de unidad cassette para agua helada FCW #40: asistencial secretaria","un",{"v":1,"d":"1.00"},{"v":7962617,"d":"$7,962,617.00"},{"v":7962617,"d":"$7,962,617.00"},null,{"v":1,"d":"1.00"},null,{"v":0,"d":"$0.00"}]
["ESP 12.1.2.40","12.1.2.40","Suministro y transporte de unidad cassette para agua helada FCW #41: sala de reuniones 12P","un",{"v":1,"d":"1.00"},{"v":8479910,"d":"$8,479,910.00"},{"v":8479910,"d":"$8,479,910.00"},null,{"v":1,"d":"1.00"},null,{"v":0,"d":"$0.00"}]
["ESP 12.1.2.41","12.1.2.41","Suministro y transporte de unidad cassette para agua helada FCW #42: sala de reuniones 12P","un",{"v":1,"d":"1.00"},{"v":8479910,"d":"$8,479,910.00"},{"v":8479910,"d":"$8,479,910.00"},null,{"v":1,"d":"1.00"},null,{"v":0,"d":"$0.00"}]
["ESP 12.1.2.42","12.1.2.42","Suministro y transporte de unidad cassette para agua helada FCW #43: sala de reuniones 8P","un",{"v":1,"d":"1.00"},{"v":7962617,"d":"$7,962,617.00"},{"v":7962617,"d":"$7,962,617.00"},null,{"v":1,"d":"1.00"},null,{"v":0,"d":"$0.00"}]
["ESP 12.1.2.43","12.1.2.43","Suministro y transporte de unidad cassette para agua helada FCW #44: Sala de reuniones 8P","un",{"v":1,"d":"1.00"},{"v":7962617,"d":"$7,962,617.00"},{"v":7962617,"d":"$7,962,617.00"},null,{"v":1,"d":"1.00"},null,{"v":0,"d":"$0.00"}]
["ESP 12.1.2.44","12.1.2.44","Suministro y transporte de unidad cassette para agua helada FCW #45: sala de reuniones secretario","un",{"v":1,"d":"1.00"},{"v":7962617,"d":"$7,962,617.00"},{"v":7962617,"d":"$7,962,617.00"},null,{"v":1,"d":"1.00"},null,{"v":0,"d":"$0.00"}]
["ESP 12.1.2.45","12.1.2.45","Suministro y transporte de unidad cassette para agua helada FCW #46A-B: cad melva sala de grabación","un",{"v":2,"d":"2.00"},{"v":10318148,"d":"$10,318,148.00"},{"v":20636296,"d":"$20,636,296.00"},null,{"v":2,"d":"2.00"},null,{"v":0,"d":"$0.00"}]
["ESP 12.1.2.46","12.1.2.46","Suministro y transporte de unidad cassette para agua helada FCW #47A-B-C: comedor","un",{"v":3,"d":"3.00"},{"v":10318148,"d":"$10,318,148.00"},{"v":30954444,"d":"$30,954,444.00"},null,{"v":3,"d":"3.00"},null,{"v":0,"d":"$0.00"}]
["ESP 12.1.2.47","12.1.2.47","Suministro y transporte de unidad cassette para agua helada FCW #48A-B: cuarto telecomunicaciones","un",{"v":1,"d":"1.00"},{"v":7962617,"d":"$7,962,617.00"},{"v":7962617,"d":"$7,962,617.00"},null,{"v":1,"d":"1.00"},null,{"v":0,"d":"$0.00"}]
["ESP 12.1.2.48","12.1.2.48","Suministro y transporte de unidad cassette para agua helada FCW #49: sala de entrenamiento 2","un",{"v":1,"d":"1.00"},{"v":10318148,"d":"$10,318,148.00"},{"v":10318148,"d":"$10,318,148.00"},null,{"v":1,"d":"1.00"},null,{"v":0,"d":"$0.00"}]
["ESP 12.1.2.49","12.1.2.49","Suministro y transporte de unidad cassette para agua helada FCW #50: sala de entrenamiento 1","un",{"v":2,"d":"2.00"},{"v":8997203,"d":"$8,997,203.00"},{"v":17994406,"d":"$17,994,406.00"},null,{"v":2,"d":"2.00"},null,{"v":0,"d":"$0.00"}]
["ESP 12.1.2.50","12.1.2.50","Suministro y transporte de unidad cassette para agua helada FCW #51A-B: sala de reunión formación","un",{"v":1,"d":"1.00"},{"v":8997203,"d":"$8,997,203.00"},{"v":8997203,"d":"$8,997,203.00"},null,{"v":1,"d":"1.00"},null,{"v":0,"d":"$0.00"}]
["ESP 12.1.2.51","12.1.2.51","Suministro y transporte de unidad cassette para agua helada FCW #52A-B-C: soporte tecnología","un",{"v":2,"d":"2.00"},{"v":10318148,"d":"$10,318,148.00"},{"v":20636296,"d":"$20,636,296.00"},null,{"v":2,"d":"2.00"},null,{"v":0,"d":"$0.00"}]
["ESP 12.1.2.52","12.1.2.52","Suministro y transporte de unidad cassette para agua helada FCW #53A-B: visualizadores","un",{"v":1,"d":"1.00"},{"v":7011168,"d":"$7,011,168.00"},{"v":7011168,"d":"$7,011,168.00"},null,{"v":1,"d":"1.00"},null,{"v":0,"d":"$0.00"}]
["ESP 12.1.2.53","12.1.2.53","Suministro y transporte de unidad cassette para agua helada FCW #54: recepción","un",{"v":2,"d":"2.00"},{"v":7962617,"d":"$7,962,617.00"},{"v":15925234,"d":"$15,925,234.00"},null,{"v":2,"d":"2.00"},null,{"v":0,"d":"$0.00"}]
["ESP  12.1.2.54","12.1.2.54","Suministro y transporte de unidad cassette para agua helada FCW #55: cafetín","un",{"v":1,"d":"1.00"},{"v":10318148,"d":"$10,318,148.00"},{"v":10318148,"d":"$10,318,148.00"},null,{"v":1,"d":"1.00"},null,{"v":0,"d":"$0.00"}]
["ESP 12.1.2.55","12.1.2.55","Suministro y transporte de unidad cassette para agua helada FCW #56 : circulación","un",{"v":1,"d":"1.00"},{"v":10318148,"d":"$10,318,148.00"},{"v":10318148,"d":"$10,318,148.00"},null,{"v":1,"d":"1.00"},null,{"v":0,"d":"$0.00"}]
["ESP 12.1.2.56","12.1.2.56","Suministro y transporte de unidad cassette para agua helada FCW #57A-B: Cuarto telecomunicaciones","un",{"v":1,"d":"1.00"},{"v":10318148,"d":"$10,318,148.00"},{"v":10318148,"d":"$10,318,148.00"},null,{"v":1,"d":"1.00"},null,{"v":0,"d":"$0.00"}]
["ESP 12.1.2.57","12.1.2.57","Suministro y transporte de unidad cassette para agua helada FCW #58A-B-C: recepción","un",{"v":1,"d":"1.00"},{"v":8997203,"d":"$8,997,203.00"},{"v":8997203,"d":"$8,997,203.00"},null,{"v":1,"d":"1.00"},null,{"v":0,"d":"$0.00"}]
["ESP 12.1.2.58","12.1.2.58","Suministro y transporte de unidad cassette para agua helada FCW #59A-B: área de mantenimiento ","un",{"v":2,"d":"2.00"},{"v":10318148,"d":"$10,318,148.00"},{"v":20636296,"d":"$20,636,296.00"},null,{"v":2,"d":"2.00"},null,{"v":0,"d":"$0.00"}]
["ESP 12.1.2.59","12.1.2.59","Suministro y transporte de unidad cassette para agua helada FCW #60 : circulación","un",{"v":1,"d":"1.00"},{"v":10318148,"d":"$10,318,148.00"},{"v":10318148,"d":"$10,318,148.00"},null,{"v":1,"d":"1.00"},null,{"v":0,"d":"$0.00"}]
["ESP 12.1.2.60","12.1.2.60","Suministro y transporte de unidad cassette para agua helada FCW #61A-B: Equipo Adm SIES M","un",{"v":2,"d":"2.00"},{"v":7962617,"d":"$7,962,617.00"},{"v":15925234,"d":"$15,925,234.00"},null,{"v":2,"d":"2.00"},null,{"v":0,"d":"$0.00"}]
["ESP 12.1.2.61","12.1.2.61","Suministro y transporte de unidad cassette para agua helada FCW #62: sala auxiliar de crisis","un",{"v":1,"d":"1.00"},{"v":10318148,"d":"$10,318,148.00"},{"v":10318148,"d":"$10,318,148.00"},null,{"v":1,"d":"1.00"},null,{"v":0,"d":"$0.00"}]
["ESP 12.1.2.62","12.1.2.62","Suministro y transporte de unidad cassette para agua helada FCW #63: sala de juntas","un",{"v":1,"d":"1.00"},{"v":10318148,"d":"$10,318,148.00"},{"v":10318148,"d":"$10,318,148.00"},null,{"v":1,"d":"1.00"},null,{"v":0,"d":"$0.00"}]
["ESP 12.1.2.63","12.1.2.63","Suministro y transporte de unidad cassette para agua helada FCW #64A-B: cuarto telecomunicaciones","un",{"v":2,"d":"2.00"},{"v":10318148,"d":"$10,318,148.00"},{"v":20636296,"d":"$20,636,296.00"},null,{"v":2,"d":"2.00"},null,{"v":0,"d":"$0.00"}]
["ESP 12.1.2.64","12.1.2.64","Suministro y transporte de unidad cassette para agua helada FCW #29A-B-C: apoyo gestión contra.","un",{"v":3,"d":"3.00"},{"v":10318148,"d":"$10,318,148.00"},{"v":30954444,"d":"$30,954,444.00"},null,{"v":3,"d":"3.00"},null,{"v":0,"d":"$0.00"}]
[]
[null,null,"TOTAL DE UNIDADES FAN COIL DE DUCTO PARA AGUA HELADA",{"$nulls":3},{"$f":"SUM(G882:G945)","v":{"v":892200756,"d":"$892,200,756.00"}},{"$nulls":3},{"$f":"SUM(K882:K945)","v":{"v":0,"d":"$0.00"}}]
[]
[null,"12.1.3","UNIDAD DE VENTILACIÓN DE INDUCCIÓN PARQUEADERO"]
["ESP 12.1.3.1","12.1.3.1","Suministro  y transporte de unidad de ventilación de inducción UVIC#1-2-3: Parqueadero Piso 1 y UVIC#1-2-3-4-5-6-7: Parqueadero Piso 2","un",{"v":10,"d":"10.00"},{"v":10163576,"d":"$10,163,576.00"},{"$f":"F950*E950","v":{"v":101635760,"d":"$101,635,760.00"}},null,{"v":10,"d":"10.00"},null,{"$f":"J950*I950","v":{"v":0,"d":"$0.00"}}]
["ESP 12.1.3.2","12.1.3.2","Suministro y transporte de Controlador para funcionamiento paralelo de la unidad de ventilación de inducción: parqueaderos","un",{"v":2,"d":"2.00"},{"v":1266383,"d":"$1,266,383.00"},{"$f":"F951*E951","v":{"v":2532766,"d":"$2,532,766.00"}},null,{"v":2,"d":"2.00"},null,{"$f":"J951*I951","v":{"v":0,"d":"$0.00"}}]
["ESP 12.1.3.3","12.1.3.3","Suministro y transporte de Sensor de CO de la unidad de ventilación de inducción: parqueaderos","un",{"v":6,"d":"6.00"},{"v":4509960,"d":"$4,509,960.00"},{"$f":"F952*E952","v":{"v":27059760,"d":"$27,059,760.00"}},null,{"v":6,"d":"6.00"},null,{"$f":"J952*I952","v":{"v":0,"d":"$0.00"}}]
[]
[null,null,"TOTAL DE UNIDAD DE VENTILACIÓN DE INDUCCIÓN PARQUEADERO",{"$nulls":3},{"$f":"SUM(G950:G952)","v":{"v":131228286,"d":"$131,228,286.00"}},{"$nulls":3},{"$f":"SUM(K950:K952)","v":{"v":0,"d":"$0.00"}}]
[]
[null,"12.1.4","VENTILADOR TUBOAXIAL EN LÍNEA"]
["ESP 12.1.4.1","12.1.4.1","Suministro y transporte  de ventilador tuboaxial en línea UVVVAI#1: inyección central parqueadero ","un",{"v":1,"d":"1.00"},{"v":23097995,"d":"$23,097,995.00"},{"$f":"F957*E957","v":{"v":23097995,"d":"$23,097,995.00"}},null,{"v":1,"d":"1.00"},null,{"$f":"J957*I957","v":{"v":0,"d":"$0.00"}}]
["ESP 12.1.4.2","12.1.4.2","Suministro  y transporte de ventilador tuboaxial en línea UVVVAE#1: extracción central parqueadero ","un",{"v":1,"d":"1.00"},{"v":27615810,"d":"$27,615,810.00"},{"$f":"F958*E958","v":{"v":27615810,"d":"$27,615,810.00"}},null,{"v":1,"d":"1.00"},null,{"$f":"J958*I958","v":{"v":0,"d":"$0.00"}}]
["ESP 12.1.4.3","12.1.4.3","Suministro  y transporte de ventilador tuboaxial en línea UVVVAI#1: inyección central parqueadero 2 ","un",{"v":1,"d":"1.00"},{"v":42478993,"d":"$42,478,993.00"},{"$f":"F959*E959","v":{"v":42478993,"d":"$42,478,993.00"}},null,{"v":1,"d":"1.00"},null,{"$f":"J959*I959","v":{"v":0,"d":"$0.00"}}]
["ESP 12.1.4.4","12.1.4.4","Suministro  y transporte de ventilador tuboaxial en línea UVVVAE#1: extracción central parqueadero 2 ","un",{"v":1,"d":"1.00"},{"v":42799838,"d":"$42,799,838.00"},{"$f":"F960*E960","v":{"v":42799838,"d":"$42,799,838.00"}},null,{"v":1,"d":"1.00"},null,{"$f":"J960*I960","v":{"v":0,"d":"$0.00"}}]
[]
[null,null,"TOTAL DE VENTILADOR TUBOAXIAL EN LÍNEA",{"$nulls":3},{"$f":"SUM(G957:G960)","v":{"v":135992636,"d":"$135,992,636.00"}},{"$nulls":3},{"$f":"SUM(K957:K960)","v":{"v":0,"d":"$0.00"}}]
[]
[null,"12.1.5","UNIDADES FAN COIL PARED PARA AGUA HELADA"]
["ESP 12.1.5.1","12.1.5.1","Suministro y transporte de unidad fan coil para agua helada FCPW #1: cafetín ","un",{"v":1,"d":"1.00"},{"v":25317250,"d":"$25,317,250.00"},{"$f":"F965*E965","v":{"v":25317250,"d":"$25,317,250.00"}},null,{"v":1,"d":"1.00"},null,{"$f":"J965*I965","v":{"v":0,"d":"$0.00"}}]
["ESP 12.1.5.2","12.1.5.2","Suministro  y transporte de unidad fan coil para agua helada FCPW #2: director técnico ","un",{"v":1,"d":"1.00"},{"v":4446995,"d":"$4,446,995.00"},{"v":4446995,"d":"$4,446,995.00"},null,{"v":1,"d":"1.00"},null,{"v":0,"d":"$0.00"}]
["ESP 12.1.5.3","12.1.5.3","Suministro y transporte de unidad fan coil para agua helada FCPW #3: líder de proyecto 2","un",{"v":1,"d":"1.00"},{"v":3810246,"d":"$3,810,246.00"},{"v":3810246,"d":"$3,810,246.00"},null,{"v":1,"d":"1.00"},null,{"v":0,"d":"$0.00"}]
["ESP 12.1.5.4","12.1.5.4","Suministro y transporte de unidad fan coil para agua helada FCPW #19: orientador","un",{"v":1,"d":"1.00"},{"v":3810246,"d":"$3,810,246.00"},{"v":3810246,"d":"$3,810,246.00"},null,{"v":1,"d":"1.00"},null,{"v":0,"d":"$0.00"}]
["ESP 12.1.5.5","12.1.5.5","Suministro y transporte de unidad fan coil para agua helada FCPW #4: administrador y planificación","un",{"v":1,"d":"1.00"},{"v":3810246,"d":"$3,810,246.00"},{"v":3810246,"d":"$3,810,246.00"},null,{"v":1,"d":"1.00"},null,{"v":0,"d":"$0.00"}]
["ESP 12.1.5.6","12.1.5.6","Suministro y transporte de unidad fan coil para agua helada FCPW #5: director de comunicaciones","un",{"v":1,"d":"1.00"},{"v":4693955,"d":"$4,693,955.00"},{"v":4693955,"d":"$4,693,955.00"},null,{"v":1,"d":"1.00"},null,{"v":0,"d":"$0.00"}]
["ESP 12.1.5.7","12.1.5.7","Suministro y transporte de unidad fan coil para agua helada FCPW #6: director convivencia ciudadana","un",{"v":1,"d":"1.00"},{"v":4693955,"d":"$4,693,955.00"},{"v":4693955,"d":"$4,693,955.00"},null,{"v":1,"d":"1.00"},null,{"v":0,"d":"$0.00"}]
["ESP 12.1.5.8","12.1.5.8","Suministro y transporte de unidad fan coil para agua helada FCPW #7: director parceros","un",{"v":1,"d":"1.00"},{"v":4693955,"d":"$4,693,955.00"},{"v":4693955,"d":"$4,693,955.00"},null,{"v":1,"d":"1.00"},null,{"v":0,"d":"$0.00"}]
["ESP 12.1.5.9","12.1.5.9","Suministro y transporte de unidad fan coil para agua helada FCPW #8: director enlace ejército","un",{"v":1,"d":"1.00"},{"v":3810246,"d":"$3,810,246.00"},{"v":3810246,"d":"$3,810,246.00"},null,{"v":1,"d":"1.00"},null,{"v":0,"d":"$0.00"}]
["ESP 12.1.5.10","12.1.5.10","Suministro y transporte de unidad fan coil para agua helada FCPW #9: director enlace mevan","un",{"v":1,"d":"1.00"},{"v":3810246,"d":"$3,810,246.00"},{"v":3810246,"d":"$3,810,246.00"},null,{"v":1,"d":"1.00"},null,{"v":0,"d":"$0.00"}]
["ESP 12.1.5.11","12.1.5.11","Suministro y transporte de unidad fan coil para agua helada FCPW #10: líder de proyecto 1","un",{"v":1,"d":"1.00"},{"v":3810246,"d":"$3,810,246.00"},{"v":3810246,"d":"$3,810,246.00"},null,{"v":1,"d":"1.00"},null,{"v":0,"d":"$0.00"}]
["ESP 12.1.5.12","12.1.5.12","Suministro y transporte de unidad fan coil para agua heladaFCPW #11: líder de proyecto 3","un",{"v":1,"d":"1.00"},{"v":3810246,"d":"$3,810,246.00"},{"v":3810246,"d":"$3,810,246.00"},null,{"v":1,"d":"1.00"},null,{"v":0,"d":"$0.00"}]
["ESP 12.1.5.13","12.1.5.13","Suministro y transporte de unidad fan coil para agua helada FCPW #12: profesional especialista","un",{"v":1,"d":"1.00"},{"v":3810246,"d":"$3,810,246.00"},{"v":3810246,"d":"$3,810,246.00"},null,{"v":1,"d":"1.00"},null,{"v":0,"d":"$0.00"}]
["ESP 12.1.5.14","12.1.5.14","Suministro y transporte de unidad fan coil para agua helada FCPW #13: Bodega datacenter","un",{"v":1,"d":"1.00"},{"v":3810246,"d":"$3,810,246.00"},{"v":3810246,"d":"$3,810,246.00"},null,{"v":1,"d":"1.00"},null,{"v":0,"d":"$0.00"}]
["ESP 12.1.5.15","12.1.5.15","Suministro y transporte de unidad fan coil para agua helada FCPW #14: cafetería","un",{"v":1,"d":"1.00"},{"v":3810246,"d":"$3,810,246.00"},{"v":3810246,"d":"$3,810,246.00"},null,{"v":1,"d":"1.00"},null,{"v":0,"d":"$0.00"}]
["ESP 12.1.5.16","12.1.5.16","Suministro y transporte de unidad fan coil para agua helada FCPW #15: Espacio lactancia","un",{"v":1,"d":"1.00"},{"v":4693955,"d":"$4,693,955.00"},{"v":4693955,"d":"$4,693,955.00"},null,{"v":1,"d":"1.00"},null,{"v":0,"d":"$0.00"}]
["ESP 12.1.5.17","12.1.5.17","Suministro y transporte de unidad fan coil para agua helada FCPW #16: atención pre hospitalaria","un",{"v":1,"d":"1.00"},{"v":4693955,"d":"$4,693,955.00"},{"v":4693955,"d":"$4,693,955.00"},null,{"v":1,"d":"1.00"},null,{"v":0,"d":"$0.00"}]
["ESP 12.1.5.18","12.1.5.18","Suministro y transporte de unidad fan coil para agua helada FCPW #17: secretaria","un",{"v":1,"d":"1.00"},{"v":3810246,"d":"$3,810,246.00"},{"v":3810246,"d":"$3,810,246.00"},null,{"v":1,"d":"1.00"},null,{"v":0,"d":"$0.00"}]
["ESP 12.1.5.19","12.1.5.19","Suministro y transporte de unidad fan coil para agua helada FCPW #18: cafetín","un",{"v":1,"d":"1.00"},{"v":3810246,"d":"$3,810,246.00"},{"v":3810246,"d":"$3,810,246.00"},null,{"v":1,"d":"1.00"},null,{"v":0,"d":"$0.00"}]
[]
[null,null,"TOTAL DE UNIDADES FAN COIL PARED PARA AGUA HELADA",{"$nulls":3},{"$f":"SUM(G965:G983)","v":{"v":98956972,"d":"$98,956,972.00"}},{"$nulls":3},{"$f":"SUM(K965:K983)","v":{"v":0,"d":"$0.00"}}]
[]
[null,"12.1.6","UNIDADES MANEJADORA DE AIRE PARA AGUA HELADA"]
["ESP 12.1.6.1","12.1.6.1","Suministro y transporte de unidades manejadoras de aire para agua helada UMAW #1: aula múltiple ","un",{"v":1,"d":"1.00"},{"v":25317250,"d":"$25,317,250.00"},{"$f":"F988*E988","v":{"v":25317250,"d":"$25,317,250.00"}},null,{"v":1,"d":"1.00"},null,{"$f":"J988*I988","v":{"v":0,"d":"$0.00"}}]
["ESP 12.1.6.2","12.1.6.2","Suministro  y transporte de unidades manejadoras de aire para agua helada UMAW #2: comedores ","un",{"v":1,"d":"1.00"},{"v":25317250,"d":"$25,317,250.00"},{"$f":"F989*E989","v":{"v":25317250,"d":"$25,317,250.00"}},null,{"v":1,"d":"1.00"},null,{"$f":"J989*I989","v":{"v":0,"d":"$0.00"}}]
["ESP 12.1.6.3","12.1.6.3","Suministro  y transporte de unidades manejadoras de aire para agua helada UMAW #3: aula múltiple ","un",{"v":1,"d":"1.00"},{"v":25317250,"d":"$25,317,250.00"},{"$f":"F990*E990","v":{"v":25317250,"d":"$25,317,250.00"}},null,{"v":1,"d":"1.00"},null,{"$f":"J990*I990","v":{"v":0,"d":"$0.00"}}]
["ESP 12.1.6.4","12.1.6.4","Suministro  y transporte de unidades manejadoras de aire para agua helada UMAW #4: comedores ","un",{"v":1,"d":"1.00"},{"v":44722580,"d":"$44,722,580.00"},{"$f":"F991*E991","v":{"v":44722580,"d":"$44,722,580.00"}},null,{"v":1,"d":"1.00"},null,{"$f":"J991*I991","v":{"v":0,"d":"$0.00"}}]
["ESP 12.1.6.5","12.1.6.5","Suministro  y transporte de unidades manejadoras de aire para agua helada UMAW #5: aula múltiple  ","un",{"v":1,"d":"1.00"},{"v":25317250,"d":"$25,317,250.00"},{"$f":"F992*E992","v":{"v":25317250,"d":"$25,317,250.00"}},null,{"v":1,"d":"1.00"},null,{"$f":"J992*I992","v":{"v":0,"d":"$0.00"}}]
[]
[null,null,"TOTAL DE UNIDADES MANEJADORA DE AIRE PARA AGUA HELADA",{"$nulls":3},{"$f":"SUM(G988:G992)","v":{"v":145991580,"d":"$145,991,580.00"}},{"$nulls":3},{"$f":"SUM(K988:K992)","v":{"v":0,"d":"$0.00"}}]
[]
[null,"12.1.7","UNIDAD ENFRIADORA DE AGUA CONDENSADA POR AIRE"]
["ESP 12.1.7.1","12.1.7.1","Suministro y transporte de UNIDAD ENFRIADORA DE AGUA CONDENSADA POR AIRE EACAP #1: Unidades enfriadoras modulares de agua de la central de frío del edificio,  incluye kit de amortiguadores de vibración tipo resorte, control de flujo lado agua fría, paneles de aislamiento acústico y tarjeta de comunicaciones tipo BacNET, programación para TIER 3.","un",{"v":2,"d":"2.00"},{"v":582296750,"d":"$582,296,750.00"},{"$f":"F997*E997","v":{"v":1164593500,"d":"$1,164,593,500.00"}},null,{"v":2,"d":"2.00"},null,{"$f":"J997*I997","v":{"v":0,"d":"$0.00"}}]
["ESP 12.1.7.2","12.1.7.2","Suministro y transporte de UNIDAD ENFRIADORA DE AGUA CONDENSADA POR AIRE EACAP #1: Unidades enfriadoras modulares de agua de la central de frío del edificio, Precio incluye: kit de amortiguadores de vibración tipo resorte, control de flujo lado agua fría, paneles de aislamiento acústico y tarjeta de comunicaciones tipo BacNET, programación para CONFORT","un",{"v":2,"d":"2.00"},{"v":1164593500,"d":"$1,164,593,500.00"},{"$f":"F998*E998","v":{"v":2329187000,"d":"$2,329,187,000.00"}},null,{"v":2,"d":"2.00"},null,{"$f":"J998*I998","v":{"v":0,"d":"$0.00"}}]
[]
[null,null,"TOTAL DE UNIDAD ENFRIADORA DE AGUA CONDENSADA POR AIRE",{"$nulls":3},{"$f":"SUM(G997:G998)","v":{"v":3493780500,"d":"$3,493,780,500.00"}},{"$nulls":3},{"$f":"SUM(K997:K998)","v":{"v":0,"d":"$0.00"}}]
[]
[null,"12.1.8","BOMBAS HIDRÁULICAS VERTICALES EN ARREGLO DUAL"]
[]
[null,"12.1.8.1","Circuito terciario de Agua Helada"]
["ESP 12.1.8.1.1","12.1.8.1.1","Suministro y transporte de bombas hidráulicas verticales en arreglo dual  BAFT #1A y #1B Circuito terciario de la central de enfriamiento","un",{"v":4,"d":"4.00"},{"v":49466710,"d":"$49,466,710.00"},{"$f":"F1005*E1005","v":{"v":197866840,"d":"$197,866,840.00"}},null,{"v":4,"d":"4.00"},null,{"$f":"J1005*I1005","v":{"v":0,"d":"$0.00"}}]
["ESP 12.1.8.1.2","12.1.8.1.2","Suministro y transporte de válvula de triple servicio para BAFT 1 para bombas hidráulicas verticales en arreglo dual","un",{"v":4,"d":"4.00"},{"v":15517070,"d":"$15,517,070.00"},{"v":62068280,"d":"$62,068,280.00"},null,{"v":4,"d":"4.00"},null,{"v":0,"d":"$0.00"}]
["ESP 12.1.8.1.3","12.1.8.1.3","Suministro y transporte de Cono de succión con filtración para BAFP 1  para bombas hidráulicas verticales en arreglo dual","un",{"v":4,"d":"4.00"},{"v":9992935,"d":"$9,992,935.00"},{"v":39971740,"d":"$39,971,740.00"},null,{"v":4,"d":"4.00"},null,{"v":0,"d":"$0.00"}]
["ESP 12.1.8.1.4","12.1.8.1.4","Suministro y transporte de bombas hidráulicas verticales en arreglo dual BAFT #2A-B y #3A-B Circuito terciario de la central de enfriamiento","un",{"v":4,"d":"4.00"},{"v":130007500,"d":"$130,007,500.00"},{"v":520030000,"d":"$520,030,000.00"},null,{"v":4,"d":"4.00"},null,{"v":0,"d":"$0.00"}]
["ESP 12.1.8.1.5","12.1.8.1.5","Suministro y transporte de válvula de triple servicio para BAFT 2  para bombas hidráulicas verticales en arreglo dual","un",{"v":4,"d":"4.00"},{"v":30791250,"d":"$30,791,250.00"},{"v":123165000,"d":"$123,165,000.00"},null,{"v":4,"d":"4.00"},null,{"v":0,"d":"$0.00"}]
["ESP 12.1.8.1.6","12.1.8.1.6","Suministro y transporte de Cono de succión con filtración para BAFP 2  para bombas hidráulicas verticales en arreglo dual","un",{"v":4,"d":"4.00"},{"v":25321356,"d":"$25,321,356.00"},{"v":101285424,"d":"$101,285,424.00"},null,{"v":4,"d":"4.00"},null,{"v":0,"d":"$0.00"}]
[]
[null,null,"TOTAL DE BOMBAS HIDRÁULICAS VERTICALES EN Arreglo DUAL",{"$nulls":3},{"$f":"SUM(G1005:G1010)","v":{"v":1044387284,"d":"$1,044,387,284.00"}},{"$nulls":3},{"$f":"SUM(K1005:K1010)","v":{"v":0,"d":"$0.00"}}]
[]
[null,"12.1.9","EQUIPOS DE PRECISIÓN PARA AGUA HELADA"]
["ESP 12.1.9.1","12.1.9.1","Suministro y transporte de equipo de precisión para agua helada CRAHW #1A-B-C-2A-B-C: centro de datos","un",{"v":6,"d":"6.00"},{"v":728753620,"d":"$728,753,620.00"},{"$f":"F1015*E1015","v":{"v":4372521720,"d":"$4,372,521,720.00"}},null,{"v":6,"d":"6.00"},null,{"$f":"J1015*I1015","v":{"v":0,"d":"$0.00"}}]
[]
[null,null,"TOTAL DE EQUIPOS DE PRECISIÓN PARA AGUA HELADA",{"$nulls":3},{"$f":"G1015","v":{"v":4372521720,"d":"$4,372,521,720.00"}},{"$nulls":3},{"$f":"K1015","v":{"v":0,"d":"$0.00"}}]
[]
[null,"12.1.10","UNIDADES ESTACION CENTRAL DE AIRE PARA AGUA HELADA"]
["ESP 12.1.10.1","12.1.10.1","Suministro y transporte de unidades estación central de aire para agua helada UAECW #1: Video Wall","un",{"v":1,"d":"1.00"},{"v":587681798,"d":"$587,681,798.00"},{"$f":"F1020*E1020","v":{"v":587681798,"d":"$587,681,798.00"}},null,{"v":1,"d":"1.00"},null,{"$f":"J1020*I1020","v":{"v":0,"d":"$0.00"}}]
["ESP 12.1.10.2","12.1.10.2","Suministro y transporte de unidades estación central de aire para agua helada UAECW #2: PMU","un",{"v":1,"d":"1.00"},{"v":226781251,"d":"$226,781,251.00"},{"$f":"F1021*E1021","v":{"v":226781251,"d":"$226,781,251.00"}},null,{"v":1,"d":"1.00"},null,{"$f":"J1021*I1021","v":{"v":0,"d":"$0.00"}}]
["ESP 12.1.10.3","12.1.10.3","Suministro y transporte de unidades estación central de aire para agua helada UAECW #3: Situacional","un",{"v":1,"d":"1.00"},{"v":617065887,"d":"$617,065,887.00"},{"$f":"F1022*E1022","v":{"v":617065887,"d":"$617,065,887.00"}},null,{"v":1,"d":"1.00"},null,{"$f":"J1022*I1022","v":{"v":0,"d":"$0.00"}}]
["ESP 12.1.10.4","12.1.10.4","Suministro y transporte de unidades estación central de aire para agua helada UAECW #4: Showroom Prensa","un",{"v":1,"d":"1.00"},{"v":150907300,"d":"$150,907,300.00"},{"$f":"F1023*E1023","v":{"v":150907300,"d":"$150,907,300.00"}},null,{"v":1,"d":"1.00"},null,{"$f":"J1023*I1023","v":{"v":0,"d":"$0.00"}}]
[]
[null,null,"TOTAL DE UNIDADES ESTACION CENTRAL DE AIRE PARA AGUA HELADA",{"$nulls":3},{"$f":"SUM(G1020:G1023)","v":{"v":1582436236,"d":"$1,582,436,236.00"}},{"$nulls":3},{"$f":"SUM(K1020:K1023)","v":{"v":0,"d":"$0.00"}},{"$nulls":33}," "]
[]
[null,"2011-01-12","UNIDAD DE PRESURIZACIÓN DE ESCALERA"]
["ESP 12.1.11.1","12.1.11.1","Suministro y transporte de unidad de presurización de escalera UPE#1: presurizacion escalera ala oeste (incluye Dampers)","un",{"v":1,"d":"1.00"},{"v":157701937,"d":"$157,701,937.00"},{"$f":"F1028*E1028","v":{"v":157701937,"d":"$157,701,937.00"}},null,{"v":1,"d":"1.00"},null,{"$f":"J1028*I1028","v":{"v":0,"d":"$0.00"}}]
["ESP 12.1.11.2","12.1.11.2","Suministro y transporte de unidad de presurización de escalera UPE#2: presurizacion escalera ala este (incluye Dampers)","un",{"v":1,"d":"1.00"},{"v":157693726,"d":"$157,693,726.00"},{"$f":"F1029*E1029","v":{"v":157693726,"d":"$157,693,726.00"}},null,{"v":1,"d":"1.00"},null,{"$f":"J1029*I1029","v":{"v":0,"d":"$0.00"}}]
["ESP 12.1.11.3","12.1.11.3","Suministro y transporte de KIT UPE#1-2 para unidad de presurización de escalera: cuadro de control y mandos externo(incluye  Fuente, Programación y variador-Sensores de presión y comunicación)","un",{"v":2,"d":"2.00"},{"v":90054430,"d":"$90,054,430.00"},{"$f":"F1030*E1030","v":{"v":180108860,"d":"$180,108,860.00"}},null,{"v":2,"d":"2.00"},null,{"$f":"J1030*I1030","v":{"v":0,"d":"$0.00"}}]
[]
[null,null,"TOTAL DE UNIDAD DE PRESURIZACIÓN DE ESCALERA",{"$nulls":3},{"$f":"SUM(G1028:G1030)","v":{"v":495504523,"d":"$495,504,523.00"}},{"$nulls":3},{"$f":"SUM(K1028:K1030)","v":{"v":0,"d":"$0.00"}}]
[]
[null,"2012-01-12","VENTILADOR CENTRIFUGO EN LINEA"]
["ESP 12.1.12.1","12.1.12.1","Suministro y transporte de ventilador centrífugo en línea UVC#1: inyección vestier","un",{"v":1,"d":"1.00"},{"v":34759900,"d":"$34,759,900.00"},{"$f":"F1035*E1035","v":{"v":34759900,"d":"$34,759,900.00"}},null,{"v":1,"d":"1.00"},null,{"$f":"J1035*I1035","v":{"v":0,"d":"$0.00"}}]
["ESP 12.1.11.2","12.1.12.2","Suministro y transporte de ventilador centrífugo en línea UVC#2: extracción baños ","un",{"v":1,"d":"1.00"},{"v":36196825,"d":"$36,196,825.00"},{"$f":"F1036*E1036","v":{"v":36196825,"d":"$36,196,825.00"}},null,{"v":1,"d":"1.00"},null,{"$f":"J1036*I1036","v":{"v":0,"d":"$0.00"}}]
["ESP 12.1.11.3","12.1.12.3","Suministro y transporte de ventilador centrífugo en línea UVC#3: extracción baños y vestier piso 5","un",{"v":1,"d":"1.00"},{"v":36196825,"d":"$36,196,825.00"},{"$f":"F1037*E1037","v":{"v":36196825,"d":"$36,196,825.00"}},null,{"v":1,"d":"1.00"},null,{"$f":"J1037*I1037","v":{"v":0,"d":"$0.00"}}]
["ESP 12.1.11.4","12.1.12.4","Suministro y transporte de ventilador centrífugo en línea UVC#3: extracción baños","un",{"v":1,"d":"1.00"},{"v":43586725,"d":"$43,586,725.00"},{"$f":"F1038*E1038","v":{"v":43586725,"d":"$43,586,725.00"}},null,{"v":1,"d":"1.00"},null,{"$f":"J1038*I1038","v":{"v":0,"d":"$0.00"}}]
[]
[null,null,"TOTAL DE VENTILADOR CENTRIFUGO EN LINEA",{"$nulls":3},{"$f":"SUM(G1035:G1038)","v":{"v":150740275,"d":"$150,740,275.00"}},{"$nulls":3},{"$f":"SUM(K1035:K1038)","v":{"v":0,"d":"$0.00"}}]
[]
[null,"2013-01-12","RECUPERADOR DE ENERGÍA DE PLACAS"]
["ESP 12.1.13.1","12.1.13.1","Suministro y transporte de recuperador de energía para placas REP#1: recuperador de energía Ala Norte","un",{"v":1,"d":"1.00"},{"v":405760250,"d":"$405,760,250.00"},{"$f":"F1043*E1043","v":{"v":405760250,"d":"$405,760,250.00"}},null,{"v":1,"d":"1.00"},null,{"$f":"J1043*I1043","v":{"v":0,"d":"$0.00"}}]
["ESP 12.1.13.2","12.1.13.2","Suministro y transporte de recuperador de energía para placas REP#1: recuperador de energía Ala sur","un",{"v":1,"d":"1.00"},{"v":445857300,"d":"$445,857,300.00"},{"$f":"F1044*E1044","v":{"v":445857300,"d":"$445,857,300.00"}},null,{"v":1,"d":"1.00"},null,{"$f":"J1044*I1044","v":{"v":0,"d":"$0.00"}}]
[]
[null,null,"TOTAL DE RECUPERADOR DE ENERGÍA DE PLACAS",{"$nulls":3},{"$f":"SUM(G1043:G1044)","v":{"v":851617550,"d":"$851,617,550.00"}},{"$nulls":3},{"$f":"SUM(K1043:K1044)","v":{"v":0,"d":"$0.00"}}]
[]
[null,null,"TOTAL DE EQUIPOS",{"$nulls":3},{"$f":"G1046+G1040+G1032+G1025+G1017+G1012+G1000+G994+G985+G962+G954+G947+G879","v":{"v":13679953642,"d":"$13,679,953,642.00"}},{"$nulls":3},{"$f":"K1046+K1040+K1032+K1025+K1017+K1012+K1000+K994+K985+K962+K954+K947+K879","v":{"v":0,"d":"$0.00"}}]
[]
[null,"12.2.0","CONDUCTOS"]
[]
[null,"12.2.1","CONDUCTOS RECTANGULARES PARA AIRE ACONDICIONADO"]
["ESP 12.2.1.1","12.2.1.1","Suministro y transporte de Lámina de fibra de vidrio para interiores de conductos reguladores para aire acondicionado","m2",{"v":9307,"d":"9,307.00"},{"v":143693,"d":"$143,693.00"},{"$f":"F1053*E1053","v":{"v":1337350751,"d":"$1,337,350,751.00"}},null,{"v":9307,"d":"9,307.00"},null,{"$f":"J1053*I1053","v":{"v":0,"d":"$0.00"}}]
["ESP 12.2.1.2","12.2.1.2","Suministro y transporte de conductos reguladores para intemperie de aire acondicionado","kg",{"v":2555,"d":"2,555.00"},{"v":39687,"d":"$39,687.00"},{"$f":"F1054*E1054","v":{"v":101400285,"d":"$101,400,285.00"}},null,{"v":2555,"d":"2,555.00"},null,{"$f":"J1054*I1054","v":{"v":0,"d":"$0.00"}}]
[]
[null,null,"TOTAL DE CONDUCTOS RECTANGULARES PARA AIRE ACONDICIONADO",{"$nulls":3},{"$f":"SUM(G1053:G1054)","v":{"v":1438751036,"d":"$1,438,751,036.00"}},{"$nulls":3},{"$f":"SUM(K1053:K1054)","v":{"v":0,"d":"$0.00"}}]
[]
[null,"12.2.2","CONDUCTOS RECTANGULARES METÁLICOS PARA PRESURIZACIÓN DE ESCALERAS"]
["ESP 12.2.2.1","12.2.2.1","Suministro y transporte de Conducto regulador metálicos para presurización  de escaleras pintados en lámina galvanizada Div. Calibres ","kg",{"v":4635,"d":"4,635.00"},{"v":75268,"d":"$75,268.00"},{"$f":"F1059*E1059","v":{"v":348867180,"d":"$348,867,180.00"}},null,{"v":4635,"d":"4,635.00"},null,{"$f":"J1059*I1059","v":{"v":0,"d":"$0.00"}}]
[]
[null,null,"TOTAL DE CONDUCTOS RECTANGULARES METÁLICOS PARA PRESURIZACIÓN DE ESCALERAS",{"$nulls":3},{"$f":"G1059","v":{"v":348867180,"d":"$348,867,180.00"}},{"$nulls":3},{"$f":"K1059","v":{"v":0,"d":"$0.00"}}]
[]
[null,"12.2.3","CONDUCTOS RECTANGULARES METÁLICOS PARA EXTRACCIÓN BAÑOS"]
["ESP 12.2.3.1","12.2.3.1","Suministro y transporte de Conducto regulador  metálico para extracción baños en lámina galvanizada Div. Calibres ","kg",{"v":4903,"d":"4,903.00"},{"v":75268,"d":"$75,268.00"},{"$f":"F1064*E1064","v":{"v":369039004,"d":"$369,039,004.00"}},null,{"v":4903,"d":"4,903.00"},null,{"$f":"J1064*I1064","v":{"v":0,"d":"$0.00"}}]
[]
[null,null,"TOTAL DE CONDUCTOS RECTANGULARES METÁLICOS PARA EXTRACCIÓN BAÑOS",{"$nulls":3},{"$f":"G1064","v":{"v":369039004,"d":"$369,039,004.00"}},{"$nulls":3},{"$f":"K1064","v":{"v":0,"d":"$0.00"}}]
[null,"12.2.4","MANGUERA FLEXIBLE CON AISLAMIENTO TÉRMICO"]
["ESP 12.2.4.1","12.2.4.1","Suministro y transporte  de Manguera flexible térmica de 10\" ","m",{"v":124,"d":"124.00"},{"v":88953,"d":"$88,953.00"},{"$f":"F1068*E1068","v":{"v":11030172,"d":"$11,030,172.00"}},null,{"v":124,"d":"124.00"},null,{"$f":"J1068*I1068","v":{"v":0,"d":"$0.00"}}]
["ESP 12.2.4.2","12.2.4.2","Suministro y transporte de  Manguera flexible térmica de 8\" ","m",{"v":44,"d":"44.00"},{"v":75268,"d":"$75,268.00"},{"$f":"F1069*E1069","v":{"v":3311792,"d":"$3,311,792.00"}},null,{"v":44,"d":"44.00"},null,{"$f":"J1069*I1069","v":{"v":0,"d":"$0.00"}}]
["ESP 12.2.4.3","12.2.4.3","Suministro y transporte de Manguera flexible térmica de 6\" ","m",{"v":18,"d":"18.00"},{"v":61583,"d":"$61,583.00"},{"$f":"F1070*E1070","v":{"v":1108494,"d":"$1,108,494.00"}},null,{"v":18,"d":"18.00"},null,{"$f":"J1070*I1070","v":{"v":0,"d":"$0.00"}}]
[]
[null,null,"TOTAL DE MANGUERA FLEXIBLE CON AISLAMIENTO TÉRMICO",{"$nulls":3},{"$f":"SUM(G1068:G1070)","v":{"v":15450458,"d":"$15,450,458.00"}},{"$nulls":3},{"$f":"SUM(K1068:K1070)","v":{"v":0,"d":"$0.00"}}]
[]
[null,null,"TOTAL DE CONDUCTOS",{"$nulls":3},{"$f":"G1072+G1066+G1061+G1056","v":{"v":2172107678,"d":"$2,172,107,678.00"}},{"$nulls":3},{"$f":"K1072+K1066+K1061+K1056","v":{"v":0,"d":"$0.00"}}]
[]
[null,"12.3.0","DIFUSORES Y REJILLAS"]
[]
[null,"12.3.1","DIFUSORES RECTANGULARES DE SUMINISTRO"]
["ESP 12.3.1.1","12.3.1.1","Suministro y transporte de Difusor rectangular de suministro línea 3D de 4 vías DS4VCD de 15\"x15\" con damper ","un",{"v":13,"d":"13.00"},{"v":491976,"d":"$491,976.00"},{"$f":"F1079*E1079","v":{"v":6395688,"d":"$6,395,688.00"}},null,{"v":13,"d":"13.00"},null,{"$f":"J1079*I1079","v":{"v":0,"d":"$0.00"}}]
["ESP 12.3.1.2","12.3.1.2","Suministro y transporte de Difusor rectangular de suministro línea 3D de 4 vía DS1VCD de 9\"x9\" con damper","un",{"v":5,"d":"5.00"},{"v":225803,"d":"$225,803.00"},{"v":1129015,"d":"$1,129,015.00"},null,{"v":5,"d":"5.00"},null,{"v":0,"d":"$0.00"}]
["ESP 12.3.1.3","12.3.1.3","Suministro y transporte de Difusor rectangular de suministro línea 3D de 4 vías DS4VCD de 9\"x9\" con damper ","un",{"v":70,"d":"70.00"},{"v":225803,"d":"$225,803.00"},{"v":15806210,"d":"$15,806,210.00"},null,{"v":70,"d":"70.00"},null,{"v":0,"d":"$0.00"}]
["ESP 12.3.1.4","12.3.1.4","Suministro y transporte de Difusor rectangular de suministro línea 3D de 2 vías DS2VCD de 9\"x9\" con damper","un",{"v":5,"d":"5.00"},{"v":225803,"d":"$225,803.00"},{"v":1129015,"d":"$1,129,015.00"},null,{"v":5,"d":"5.00"},null,{"v":0,"d":"$0.00"}]
["ESP 12.3.1.5","12.3.1.5","Suministro y transporte de Difusor rectangular de suministro línea 3D de 4 vías DS4VCD de 6\"x6\" con damper","un",{"v":1,"d":"1.00"},{"v":157378,"d":"$157,378.00"},{"v":157378,"d":"$157,378.00"},null,{"v":1,"d":"1.00"},null,{"v":0,"d":"$0.00"}]
["ESP 12.3.1.6","12.3.1.6","Suministro y transporte de Difusor rectangular de suministro línea 3D de 2 vías DS2VCD de 6\"x6\" con damper ","un",{"v":31,"d":"31.00"},{"v":143693,"d":"$143,693.00"},{"v":4454483,"d":"$4,454,483.00"},null,{"v":31,"d":"31.00"},null,{"v":0,"d":"$0.00"}]
["ESP 12.3.1.7","12.3.1.7","Suministro y transporte de Difusor rectangular de suministro línea 3D de 4 vía DS2VCD de 12\"x12\" con damper ","un",{"v":87,"d":"87.00"},{"v":348968,"d":"$348,968.00"},{"v":30360216,"d":"$30,360,216.00"},null,{"v":87,"d":"87.00"},null,{"v":0,"d":"$0.00"}]
["ESP 12.3.1.8","12.3.1.8","Suministro y transporte de Difusor rectangular de suministro línea 3D de 3 vías DS4VCD de 12\"x12\" con damper","un",{"v":1,"d":"1.00"},{"v":342125,"d":"$342,125.00"},{"v":342125,"d":"$342,125.00"},null,{"v":1,"d":"1.00"},null,{"v":0,"d":"$0.00"}]
["ESP 12.3.1.9","12.3.1.9","Suministro y transporte de Difusor rectangular de suministro línea 3D de 2 vías DS2VCD de 12\"x12\" con damper ","un",{"v":2,"d":"2.00"},{"v":328440,"d":"$328,440.00"},{"v":656880,"d":"$656,880.00"},null,{"v":2,"d":"2.00"},null,{"v":0,"d":"$0.00"}]
["ESP 12.3.1.10","12.3.1.10","Suministro y transporte de Difusor rectangular de suministro línea 3D de 3 vías DS3VCD de 18\"x18\" con damper","un",{"v":3,"d":"3.00"},{"v":513188,"d":"$513,188.00"},{"v":1539564,"d":"$1,539,564.00"},null,{"v":3,"d":"3.00"},null,{"v":0,"d":"$0.00"}]
["ESP 12.3.1.11","12.3.1.11","Suministro y transporte de Difusor rectangular de suministro línea 3D de 4 vías DS2VCD de 15\"x15\" con damper","un",{"v":21,"d":"21.00"},{"v":403708,"d":"$403,708.00"},{"v":8477868,"d":"$8,477,868.00"},null,{"v":21,"d":"21.00"},null,{"v":0,"d":"$0.00"}]
["ESP 12.3.1.12","12.3.1.12","Suministro y transporte de Difusor rectangular de suministro línea 3D de 3 vías DS3VCD de 9\"x9\" con damper","un",{"v":8,"d":"8.00"},{"v":225803,"d":"$225,803.00"},{"v":1806424,"d":"$1,806,424.00"},null,{"v":8,"d":"8.00"},null,{"v":0,"d":"$0.00"}]
["ESP 12.3.1.13","12.3.1.13","Suministro y transporte de Difusor rectangular de suministro línea 3D de 3 vías DS3VCD de 6\"x6\" con damper","un",{"v":12,"d":"12.00"},{"v":143693,"d":"$143,693.00"},{"v":1724316,"d":"$1,724,316.00"},null,{"v":12,"d":"12.00"},null,{"v":0,"d":"$0.00"}]
["ESP 12.3.1.14","12.3.1.14","Suministro y transporte de Difusor rectangular de suministro línea 3D de 4 vías DS3VCD de 18\"x18\" con damper","un",{"v":2,"d":"2.00"},{"v":513188,"d":"$513,188.00"},{"v":1026376,"d":"$1,026,376.00"},null,{"v":2,"d":"2.00"},null,{"v":0,"d":"$0.00"}]
["ESP 12.3.1.15","12.3.1.15","Suministro y transporte de Difusor rectangular de suministro línea 3D de 3 vías DS3VCD de 15\"x15\" con damper","un",{"v":1,"d":"1.00"},{"v":403708,"d":"$403,708.00"},{"v":403708,"d":"$403,708.00"},null,{"v":1,"d":"1.00"},null,{"v":0,"d":"$0.00"}]
["ESP 12.3.1.16","12.3.1.16","Suministro y transporte de Difusor rectangular de suministro línea 3D de 3 vías DS4VCD de 12\"x12\" con damper 2","un",{"v":1,"d":"1.00"},{"v":403708,"d":"$403,708.00"},{"v":403708,"d":"$403,708.00"},null,{"v":1,"d":"1.00"},null,{"v":0,"d":"$0.00"}]
["ESP 12.3.1.17","12.3.1.17","Suministro y transporte de Difusor rectangular de suministro línea 3D de 1 vía DS1VCD de 6\"x6\" con damper","un",{"v":1,"d":"1.00"},{"v":143693,"d":"$143,693.00"},{"v":143693,"d":"$143,693.00"},null,{"v":1,"d":"1.00"},null,{"v":0,"d":"$0.00"}]
["ESP 12.3.1.18","12.3.1.18","Suministro y transporte de Difusor rectangular de suministro línea 3D de 3 vías DS3VCD de 24\"x24\" con damper","un",{"v":18,"d":"18.00"},{"v":663723,"d":"$663,723.00"},{"v":11947014,"d":"$11,947,014.00"},null,{"v":18,"d":"18.00"},null,{"v":0,"d":"$0.00"}]
["ESP 12.3.1.19","12.3.1.19","Suministro y transporte de Difusor rectangular de suministro línea 3D de 4 vía DS2VCD de 15\"x15\" con damper","un",{"v":4,"d":"4.00"},{"v":348968,"d":"$348,968.00"},{"v":1395872,"d":"$1,395,872.00"},null,{"v":4,"d":"4.00"},null,{"v":0,"d":"$0.00"}]
["ESP 12.3.1.20","12.3.1.20","Suministro y transporte de Difusor rectangular de suministro línea 3D de 4 vías DS4VCD de 12\"x12\" con damper","un",{"v":8,"d":"8.00"},{"v":253173,"d":"$253,173.00"},{"v":2025384,"d":"$2,025,384.00"},null,{"v":8,"d":"8.00"},null,{"v":0,"d":"$0.00"}]
["ESP 12.3.1.21","12.3.1.21","Suministro y transporte de Difusor rectangular de suministro línea 3D de 3 vías DS3VCD de 12\"x12\" con damper","un",{"v":2,"d":"2.00"},{"v":253173,"d":"$253,173.00"},{"v":506346,"d":"$506,346.00"},null,{"v":2,"d":"2.00"},null,{"v":0,"d":"$0.00"}]
["ESP 12.3.1.22","12.3.1.22","Suministro y transporte de Difusor rectangular de suministro línea 3D de 4 vías DS3VCD de 24\"x24\" con damper","un",{"v":3,"d":"3.00"},{"v":663723,"d":"$663,723.00"},{"v":1991169,"d":"$1,991,169.00"},null,{"v":3,"d":"3.00"},null,{"v":0,"d":"$0.00"}]
[]
[null,null,"TOTAL DE DIFUSORES RECTANGULARES DE SUMINISTRO",{"$nulls":3},{"$f":"SUM(G1079:G1100)","v":{"v":93822452,"d":"$93,822,452.00"}},{"$nulls":3},{"$f":"SUM(K1079:K1100)","v":{"v":0,"d":"$0.00"}}]
[]
[null,"12.3.2","REJILLAS DE SUMINISTRO DE AIRE"]
["ESP 12.3.2.1","12.3.2.1","Suministro y transporte de Rejilla de Suministro de aire RSDACD 48\"x16\" con damper ","un",{"v":6,"d":"6.00"},{"v":632247,"d":"$632,247.00"},{"$f":"F1105*E1105","v":{"v":3793482,"d":"$3,793,482.00"}},null,{"v":6,"d":"6.00"},null,{"$f":"J1105*I1105","v":{"v":0,"d":"$0.00"}}]
["ESP 12.3.2.2","12.3.2.2","Suministro y transporte de Rejilla de Suministro de aire RSDACD 48\"x96\" con damper ","un",{"v":1,"d":"1.00"},{"v":1175542,"d":"$1,175,542.00"},{"v":1175542,"d":"$1,175,542.00"},null,{"v":1,"d":"1.00"},null,{"v":0,"d":"$0.00"}]
["ESP 12.3.2.3","12.3.2.3","Suministro y transporte de Rejilla de Suministro de aire RSDACD 48\"x12\" con damper   ","un",{"v":14,"d":"14.00"},{"v":618562,"d":"$618,562.00"},{"v":8659868,"d":"$8,659,868.00"},null,{"v":14,"d":"14.00"},null,{"v":0,"d":"$0.00"}]
["ESP 12.3.2.4","12.3.2.4","Suministro y transporte de Rejilla de Suministro de aire RSDACD 24\"x24\" con damper ","un",{"v":17,"d":"17.00"},{"v":608983,"d":"$608,983.00"},{"v":10352711,"d":"$10,352,711.00"},null,{"v":17,"d":"17.00"},null,{"v":0,"d":"$0.00"}]
["ESP 12.3.2.5","12.3.2.5","Suministro y transporte de Rejilla de Suministro de aire RSDACD 40\"x16\" con damper  ","un",{"v":18,"d":"18.00"},{"v":481986,"d":"$481,986.00"},{"v":8675748,"d":"$8,675,748.00"},null,{"v":18,"d":"18.00"},null,{"v":0,"d":"$0.00"}]
["ESP 12.3.2.6","12.3.2.6","Suministro y transporte de Rejilla de Suministro de aire RSDASD 40\"x16\" sin damper   ","un",{"v":5,"d":"5.00"},{"v":481986,"d":"$481,986.00"},{"v":2409930,"d":"$2,409,930.00"},null,{"v":5,"d":"5.00"},null,{"v":0,"d":"$0.00"}]
[]
[null,null,"TOTAL DE REJILLAS DE SUMINISTRO DE AIRE",{"$nulls":3},{"$f":"SUM(G1105:G1110)","v":{"v":35067281,"d":"$35,067,281.00"}},{"$nulls":3},{"$f":"SUM(K1105:K1110)","v":{"v":0,"d":"$0.00"}}]
[]
[null,"12.3.3","REJILLAS DE RETORNO"]
["ESP 12.3.3.1","12.3.3.1","Suministro y transporte de Rejilla de retorno de aleta fija RRAFCD de 48\"x16\" con damper ","un",{"v":6,"d":"6.00"},{"v":567928,"d":"$567,928.00"},{"$f":"F1115*E1115","v":{"v":3407568,"d":"$3,407,568.00"}},null,{"v":6,"d":"6.00"},null,{"$f":"J1115*I1115","v":{"v":0,"d":"$0.00"}}]
["ESP 12.3.3.2","12.3.3.2","Suministro y transporte de Rejilla de retorno de aleta fija RRAFCD de 16\"x16\" con damper","un",{"v":53,"d":"53.00"},{"v":417393,"d":"$417,393.00"},{"v":22121829,"d":"$22,121,829.00"},null,{"v":53,"d":"53.00"},null,{"v":0,"d":"$0.00"}]
["ESP 12.3.3.3","12.3.3.3","Suministro y transporte de Rejilla de retorno de aleta fija RRAFCD de 8\"x8\" con damper","un",{"v":2,"d":"2.00"},{"v":216223,"d":"$216,223.00"},{"v":432446,"d":"$432,446.00"},null,{"v":2,"d":"2.00"},null,{"v":0,"d":"$0.00"}]
["ESP 12.3.3.4","12.3.3.4","Suministro y transporte de Rejilla de retorno de aleta fija RRAFCD de 6\"x6\" con damper","un",{"v":1,"d":"1.00"},{"v":130008,"d":"$130,008.00"},{"v":130008,"d":"$130,008.00"},null,{"v":1,"d":"1.00"},null,{"v":0,"d":"$0.00"}]
["ESP 12.3.3.5","12.3.3.5","Suministro y transporte de Rejilla de retorno de aleta fija RRAFCD de 24\"x24\" con damper ","un",{"v":6,"d":"6.00"},{"v":478975,"d":"$478,975.00"},{"v":2873850,"d":"$2,873,850.00"},null,{"v":6,"d":"6.00"},null,{"v":0,"d":"$0.00"}]
["ESP 12.3.3.6","12.3.3.6","Suministro y transporte de Rejilla de retorno de aleta fija RRAFCD de 20\"x20\" con damper ","un",{"v":3,"d":"3.00"},{"v":472133,"d":"$472,133.00"},{"v":1416399,"d":"$1,416,399.00"},null,{"v":3,"d":"3.00"},null,{"v":0,"d":"$0.00"}]
["ESP 12.3.3.7","12.3.3.7","Suministro y transporte de Rejilla de retorno de aleta fija RRAFCD de 18\"x18\" con damper ","un",{"v":47,"d":"47.00"},{"v":444763,"d":"$444,763.00"},{"v":20903861,"d":"$20,903,861.00"},null,{"v":47,"d":"47.00"},null,{"v":0,"d":"$0.00"}]
["ESP 12.3.3.8","12.3.3.8","Suministro y transporte de Rejilla de retorno de aleta fija RRAFCD de 40\"x16\" con damper  ","un",{"v":18,"d":"18.00"},{"v":417393,"d":"$417,393.00"},{"v":7513074,"d":"$7,513,074.00"},null,{"v":18,"d":"18.00"},null,{"v":0,"d":"$0.00"}]
["ESP 12.3.3.9","12.3.3.9","Suministro y transporte de Rejilla de retorno de aleta fija RRAFSD de 40\"x16\" sin damper  ","un",{"v":5,"d":"5.00"},{"v":478975,"d":"$478,975.00"},{"v":2394875,"d":"$2,394,875.00"},null,{"v":5,"d":"5.00"},null,{"v":0,"d":"$0.00"}]
["ESP 12.3.3.10","12.3.3.10","Suministro  y transporte de Rejilla de retorno de aleta fija RRAFCD de 22\"x22\" con damper ","un",{"v":2,"d":"2.00"},{"v":478975,"d":"$478,975.00"},{"v":957950,"d":"$957,950.00"},null,{"v":2,"d":"2.00"},null,{"v":0,"d":"$0.00"}]
["ESP 12.3.3.11","12.3.3.11","Suministro y transporte de Rejilla de retorno de aleta fija RRAFCD de 24\"x24\" con damper 2 ","un",{"v":18,"d":"18.00"},{"v":540558,"d":"$540,558.00"},{"v":9730044,"d":"$9,730,044.00"},null,{"v":18,"d":"18.00"},null,{"v":0,"d":"$0.00"}]
["ESP 12.3.3.12","12.3.3.12","Suministro y transporte de Rejilla de retorno de aleta fija RRAFCD de 12\"x12\" con damper","un",{"v":2,"d":"2.00"},{"v":198433,"d":"$198,433.00"},{"v":396866,"d":"$396,866.00"},null,{"v":2,"d":"2.00"},null,{"v":0,"d":"$0.00"}]
[]
[null,null,"TOTAL DE REJILLAS DE RETORNO",{"$nulls":3},{"$f":"SUM(G1115:G1126)","v":{"v":72278770,"d":"$72,278,770.00"}},{"$nulls":3},{"$f":"SUM(K1115:K1126)","v":{"v":0,"d":"$0.00"}}]
[]
[null,"12.3.4","REJILLAS DE EXTRACCIÓN"]
["ESP 12.3.4.1","12.3.4.1","Suministro y transporte de Rejilla de extracción tipo aleta fija REAFCD de 6\" x 6\" con damper ","un",{"v":160,"d":"160.00"},{"v":130008,"d":"$130,008.00"},{"$f":"F1131*E1131","v":{"v":20801280,"d":"$20,801,280.00"}},null,{"v":160,"d":"160.00"},null,{"$f":"J1131*I1131","v":{"v":0,"d":"$0.00"}}]
["ESP 12.3.4.2","12.3.4.2","Suministro y transporte de Rejilla de extracción tipo aleta fija REAFCD de 48\" x 96\" con damper y los materiales necesarios para su correcto funcionamiento","un",{"v":1,"d":"1.00"},{"v":1179647,"d":"$1,179,647.00"},{"v":1179647,"d":"$1,179,647.00"},null,{"v":1,"d":"1.00"},null,{"v":0,"d":"$0.00"}]
["ESP 12.3.4.3","12.3.4.3","Suministro y transporte de Rejilla de extracción tipo aleta fija REAFCD de 10\" x 10\" con damper ","un",{"v":3,"d":"3.00"},{"v":171063,"d":"$171,063.00"},{"v":513189,"d":"$513,189.00"},null,{"v":3,"d":"3.00"},null,{"v":0,"d":"$0.00"}]
["ESP 12.3.4.4","12.3.4.4","Suministro y transporte de Rejilla de extracción tipo aleta fija REAFCD de 12\" x 12\" con damper ","un",{"v":9,"d":"9.00"},{"v":198433,"d":"$198,433.00"},{"v":1785897,"d":"$1,785,897.00"},null,{"v":9,"d":"9.00"},null,{"v":0,"d":"$0.00"}]
["ESP 12.3.4.5","12.3.4.5","Suministro y transporte de Rejilla de extracción tipo aleta fija REAFCD de 16\" x 16\" con damper ","un",{"v":4,"d":"4.00"},{"v":258647,"d":"$258,647.00"},{"v":1034588,"d":"$1,034,588.00"},null,{"v":4,"d":"4.00"},null,{"v":0,"d":"$0.00"}]
["ESP 12.3.4.6","12.3.4.6","Suministro y transporte  de Rejilla de extracción tipo aleta fija REAFCD de 8\" x 8\" con damper","un",{"v":8,"d":"8.00"},{"v":171063,"d":"$171,063.00"},{"v":1368504,"d":"$1,368,504.00"},null,{"v":8,"d":"8.00"},null,{"v":0,"d":"$0.00"}]
["ESP 12.3.4.7","12.3.4.7","Suministro y transporte de Rejilla de extracción tipo aleta fija REAFCD de 12\" x 12\" con damper 2","un",{"v":2,"d":"2.00"},{"v":171063,"d":"$171,063.00"},{"v":342126,"d":"$342,126.00"},null,{"v":2,"d":"2.00"},null,{"v":0,"d":"$0.00"}]
[]
[null,null,"TOTAL DE REJILLAS DE EXTRACCIÓN",{"$nulls":3},{"$f":"SUM(G1131:G1137)","v":{"v":27025231,"d":"$27,025,231.00"}},{"$nulls":3},{"$f":"SUM(K1131:K1137)","v":{"v":0,"d":"$0.00"}}]
[]
[null,"12.3.5","DIFUSORES LINEALES HIGH THROW (INCLUYE PLENUM)"]
["ESP 12.3.5.1","12.3.5.1","Suministro y transporte de Difusor lineal con plenum de 4 ft  1 ranura de 1\" cuello de 6\" DLP ","un",{"v":8,"d":"8.00"},{"v":491976,"d":"$491,976.00"},{"$f":"F1142*E1142","v":{"v":3935808,"d":"$3,935,808.00"}},null,{"v":8,"d":"8.00"},null,{"$f":"J1142*I1142","v":{"v":0,"d":"$0.00"}}]
["ESP 12.3.5.2","12.3.5.2","Suministro y transporte de Difusor lineal con plenum de 4 ft  2 ranura de 2\" cuello de 8\" DLP ","un",{"v":40,"d":"40.00"},{"v":582297,"d":"$582,297.00"},{"$f":"F1143*E1143","v":{"v":23291880,"d":"$23,291,880.00"}},null,{"v":40,"d":"40.00"},null,{"$f":"J1143*I1143","v":{"v":0,"d":"$0.00"}}]
["ESP 12.3.5.3","12.3.5.3","Suministro y transporte de Difusor lineal con plenum de 4 ft  2 ranura de 2\" cuello de 10\" DLP ","un",{"v":60,"d":"60.00"},{"v":691777,"d":"$691,777.00"},{"$f":"F1144*E1144","v":{"v":41506620,"d":"$41,506,620.00"}},null,{"v":60,"d":"60.00"},null,{"$f":"J1144*I1144","v":{"v":0,"d":"$0.00"}}]
["ESP 12.3.5.4","12.3.5.4","Suministro y transporte de Difusor lineal con plenum de 2ft  1 ranura de 1\" cuello de 6\" DLP","un",{"v":12,"d":"12.00"},{"v":491976,"d":"$491,976.00"},{"$f":"F1145*E1145","v":{"v":5903712,"d":"$5,903,712.00"}},null,{"v":12,"d":"12.00"},null,{"$f":"J1145*I1145","v":{"v":0,"d":"$0.00"}}]
[]
[null,null,"TOTAL DE DIFUSORES LINEALES HIGH THROW (INCLUYE PLENUM)",{"$nulls":3},{"$f":"SUM(G1142:G1145)","v":{"v":74638020,"d":"$74,638,020.00"}},{"$nulls":3},{"$f":"SUM(K1142:K1145)","v":{"v":0,"d":"$0.00"}}]
[]
[null,null,"TOTAL DE DIFUSORES Y REJILLAS",{"$nulls":3},{"$f":"G1147+G1139+G1128+G1112+G1102","v":{"v":302831754,"d":"$302,831,754.00"}},{"$nulls":3},{"$f":"K1147+K1139+K1128+K1112+K1102","v":{"v":0,"d":"$0.00"}}]
[]
[null,"12.4.0","TUBERÍAS, VÁLVULAS, AISLAMIENTOS TÉRMICOS, ACCESORIOS Y CONTROLES"]
[]
[null,"12.4.1","TUBERÍAS Y ACCESORIOS RED DE AGUA HELADA AISLADOS"]
[]
[null,"12.4.1.1","TUBERÍA EN PP PN 10 PREAISLADOS"]
["ESP 12.4.1.1.1","12.4.1.1.1","Suministro y transporte de Tubo 2\" diámetro ","m",{"v":341,"d":"341.00"},{"v":766360,"d":"$766,360.00"},{"$f":"F1156*E1156","v":{"v":261328760,"d":"$261,328,760.00"}},null,{"v":341,"d":"341.00"},null,{"$f":"J1156*I1156","v":{"v":0,"d":"$0.00"}}]
["ESP 12.4.1.1.2","12.4.1.1.2","Suministro y transporte de Tubo 1-1/2\" diámetro ","m",{"v":293,"d":"293.00"},{"v":417393,"d":"$417,393.00"},{"v":122296149,"d":"$122,296,149.00"},null,{"v":293,"d":"293.00"},null,{"v":0,"d":"$0.00"}]
["ESP 12.4.1.1.3","12.4.1.1.3","Suministro y transporte de Tubo 1-1/4\" diámetro ","m",{"v":339,"d":"339.00"},{"v":376338,"d":"$376,338.00"},{"v":127578582,"d":"$127,578,582.00"},null,{"v":339,"d":"339.00"},null,{"v":0,"d":"$0.00"}]
["ESP 12.4.1.1.4","12.4.1.1.4","Suministro y transporte de Tubo 1\" diámetro ","m",{"v":546,"d":"546.00"},{"v":269595,"d":"$269,595.00"},{"v":147198870,"d":"$147,198,870.00"},null,{"v":546,"d":"546.00"},null,{"v":0,"d":"$0.00"}]
["ESP 12.4.1.1.5","12.4.1.1.5","Suministro y transporte de Tubo 3/4\" diámetro ","m",{"v":271,"d":"271.00"},{"v":266858,"d":"$266,858.00"},{"v":72318518,"d":"$72,318,518.00"},null,{"v":271,"d":"271.00"},null,{"v":0,"d":"$0.00"}]
["ESP 12.4.1.1.6","12.4.1.1.6","Suministro y transporte de Tubo 1/2\" diámetro ","m",{"v":119,"d":"119.00"},{"v":255910,"d":"$255,910.00"},{"v":30453290,"d":"$30,453,290.00"},null,{"v":119,"d":"119.00"},null,{"v":0,"d":"$0.00"}]
["ESP 12.4.1.1.7","12.4.1.1.7","Suministro y transporte de Tubo 5\" diámetro ","m",{"v":252,"d":"252.00"},{"v":1086589,"d":"$1,086,589.00"},{"v":273820428,"d":"$273,820,428.00"},null,{"v":252,"d":"252.00"},null,{"v":0,"d":"$0.00"}]
["ESP 12.4.1.1.8","12.4.1.1.8","Suministro y transporte de Tubo 4\" diámetro ","m",{"v":142,"d":"142.00"},{"v":1044166,"d":"$1,044,166.00"},{"v":148271572,"d":"$148,271,572.00"},null,{"v":142,"d":"142.00"},null,{"v":0,"d":"$0.00"}]
["ESP 12.4.1.1.9","12.4.1.1.9","suministro y transporte de Tubo 3\" diámetro ","m",{"v":272,"d":"272.00"},{"v":959319,"d":"$959,319.00"},{"v":260934768,"d":"$260,934,768.00"},null,{"v":272,"d":"272.00"},null,{"v":0,"d":"$0.00"}]
["ESP 12.4.1.1.10","12.4.1.1.10","Suministro y transporte de Tubo 2-1/2\" diámetro ","m",{"v":623,"d":"623.00"},{"v":900473,"d":"$900,473.00"},{"v":560994679,"d":"$560,994,679.00"},null,{"v":623,"d":"623.00"},null,{"v":0,"d":"$0.00"}]
["ESP 12.4.1.1.11","12.4.1.1.11","Suministro y transporte de Tubo 6\" diámetro ","m",{"v":82,"d":"82.00"},{"v":1101643,"d":"$1,101,643.00"},{"v":90334726,"d":"$90,334,726.00"},null,{"v":82,"d":"82.00"},null,{"v":0,"d":"$0.00"}]
["ESP 12.4.1.1.12","12.4.1.1.12","Suministro y transporte de Tubo 8\" diámetro ","m",{"v":69,"d":"69.00"},{"v":1156383,"d":"$1,156,383.00"},{"v":79790427,"d":"$79,790,427.00"},null,{"v":69,"d":"69.00"},null,{"v":0,"d":"$0.00"}]
[]
[null,null,"TOTAL DE TUBERÍA EN PP PN 10 PREAISLADOS",{"$nulls":3},{"$f":"SUM(G1156:G1167)","v":{"v":2175320769,"d":"$2,175,320,769.00"}},{"$nulls":3},{"$f":"SUM(K1156:K1167)","v":{"v":0,"d":"$0.00"}}]
[]
[null,"12.4.1.2","CODOS EN PP PN25 PREAISLADOS"]
["ESP 12.4.1.2.1","12.4.1.2.1","Suministro y transporte de Codo 2\" diámetro ","un",{"v":24,"d":"24.00"},{"v":266858,"d":"$266,858.00"},{"$f":"F1172*E1172","v":{"v":6404592,"d":"$6,404,592.00"}},null,{"v":24,"d":"24.00"},null,{"$f":"J1172*I1172","v":{"v":0,"d":"$0.00"}}]
["ESP 12.4.1.2.2","12.4.1.2.2","Suministro y transporte de Codo 1\" diámetro ","un",{"v":82,"d":"82.00"},{"v":102638,"d":"$102,638.00"},{"v":8416316,"d":"$8,416,316.00"},null,{"v":82,"d":"82.00"},null,{"v":0,"d":"$0.00"}]
["ESP 12.4.1.2.3","12.4.1.2.3","Suministro y transporte de Codo 3/4\" diámetro ","un",{"v":60,"d":"60.00"},{"v":75268,"d":"$75,268.00"},{"v":4516080,"d":"$4,516,080.00"},null,{"v":60,"d":"60.00"},null,{"v":0,"d":"$0.00"}]
["ESP 12.4.1.2.4","12.4.1.2.4","Suministro y transporte de Codo 1/2\" diámetro ","un",{"v":52,"d":"52.00"},{"v":61583,"d":"$61,583.00"},{"v":3202316,"d":"$3,202,316.00"},null,{"v":52,"d":"52.00"},null,{"v":0,"d":"$0.00"}]
["ESP 12.4.1.2.5","12.4.1.2.5","Suministro y transporte de Codo 3\" diámetro ","un",{"v":46,"d":"46.00"},{"v":312018,"d":"$312,018.00"},{"v":14352828,"d":"$14,352,828.00"},null,{"v":46,"d":"46.00"},null,{"v":0,"d":"$0.00"}]
["ESP 12.4.1.2.6","12.4.1.2.6","Suministro y transporte de Codo 1 1/2\" diámetro ","un",{"v":44,"d":"44.00"},{"v":184748,"d":"$184,748.00"},{"v":8128912,"d":"$8,128,912.00"},null,{"v":44,"d":"44.00"},null,{"v":0,"d":"$0.00"}]
["ESP 12.4.1.2.7","12.4.1.2.7","Suministro y transporte de Codo 1 1/4\" diámetro ","un",{"v":92,"d":"92.00"},{"v":130008,"d":"$130,008.00"},{"v":11960736,"d":"$11,960,736.00"},null,{"v":92,"d":"92.00"},null,{"v":0,"d":"$0.00"}]
["ESP 12.4.1.2.8","12.4.1.2.8","Suministro y transporte de Codo 2 1/2\" diámetro ","un",{"v":6,"d":"6.00"},{"v":266858,"d":"$266,858.00"},{"v":1601148,"d":"$1,601,148.00"},null,{"v":6,"d":"6.00"},null,{"v":0,"d":"$0.00"}]
["ESP 12.4.1.2.9","12.4.1.2.9","Suministro y transporte de Codo 5\" diámetro  ","un",{"v":20,"d":"20.00"},{"v":489923,"d":"$489,923.00"},{"v":9798460,"d":"$9,798,460.00"},null,{"v":20,"d":"20.00"},null,{"v":0,"d":"$0.00"}]
["ESP 12.4.1.2.10","12.4.1.2.10","Suministro y transporte de Codo 4\" diámetro ","un",{"v":4,"d":"4.00"},{"v":357179,"d":"$357,179.00"},{"v":1428716,"d":"$1,428,716.00"},null,{"v":4,"d":"4.00"},null,{"v":0,"d":"$0.00"}]
["ESP 12.4.1.2.11","12.4.1.2.11","Suministro y transporte de Codo 8\" diámetro ","un",{"v":20,"d":"20.00"},{"v":801941,"d":"$801,941.00"},{"v":16038820,"d":"$16,038,820.00"},null,{"v":20,"d":"20.00"},null,{"v":0,"d":"$0.00"}]
[null,null,"TOTAL DE CODOS EN PP PN25 PREAISLADOS",{"$nulls":3},{"$f":"SUM(G1172:G1182)","v":{"v":85848924,"d":"$85,848,924.00"}},{"$nulls":3},{"$f":"SUM(K1172:K1182)","v":{"v":0,"d":"$0.00"}}]
[]
[null,"12.4.1.3","Tees en PP PN10 PREAISLADAS (incluyendo bujes reducción)"]
["ESP 12.4.1.3.1","12.4.1.3.1","Suministro y transporte de Tee 2\" x1 1/2\" x1 1/4\", incluye bujes reducción","un",{"v":10,"d":"10.00"},{"v":499503,"d":"$499,503.00"},{"$f":"F1186*E1186","v":{"v":4995030,"d":"$4,995,030.00"}},null,{"v":10,"d":"10.00"},null,{"$f":"J1186*I1186","v":{"v":0,"d":"$0.00"}}]
["ESP 12.4.1.3.2","12.4.1.3.2","Suministro y transporte de Tee 1 1/2\" x1 1/2\" x1/2\", incluye bujes reducción","un",{"v":6,"d":"6.00"},{"v":335283,"d":"$335,283.00"},{"v":2011698,"d":"$2,011,698.00"},null,{"v":6,"d":"6.00"},null,{"v":0,"d":"$0.00"}]
["ESP 12.4.1.3.3","12.4.1.3.3","Suministro y transporte de Tee 1 1/2\" x 1 1/4\" x 1\", incluye bujes reducción","un",{"v":10,"d":"10.00"},{"v":335283,"d":"$335,283.00"},{"v":3352830,"d":"$3,352,830.00"},null,{"v":10,"d":"10.00"},null,{"v":0,"d":"$0.00"}]
["ESP 12.4.1.3.4","12.4.1.3.4","Suministro y transporte de Tee 1 1/4\" x1 1/4\" x3/4\", incluye bujes reducción","un",{"v":16,"d":"16.00"},{"v":321598,"d":"$321,598.00"},{"v":5145568,"d":"$5,145,568.00"},null,{"v":16,"d":"16.00"},null,{"v":0,"d":"$0.00"}]
["ESP 12.4.1.3.5","12.4.1.3.5","Suministro y transporte de Tee 1 1/4\" x3/4\" x 3/4\", incluye bujes reducción","un",{"v":28,"d":"28.00"},{"v":321598,"d":"$321,598.00"},{"v":9004744,"d":"$9,004,744.00"},null,{"v":28,"d":"28.00"},null,{"v":0,"d":"$0.00"}]
["ESP 12.4.1.3.6","12.4.1.3.6","Suministro y transporte de Tee 1 1/4\" x1\" x 3/4\", incluye bujes reducción","un",{"v":6,"d":"6.00"},{"v":321598,"d":"$321,598.00"},{"v":1929588,"d":"$1,929,588.00"},null,{"v":6,"d":"6.00"},null,{"v":0,"d":"$0.00"}]
["ESP 12.4.1.3.7","12.4.1.3.7","Suministro y transporte de Tee 1\" x1\" x 1\", incluye bujes reducción","un",{"v":8,"d":"8.00"},{"v":253173,"d":"$253,173.00"},{"v":2025384,"d":"$2,025,384.00"},null,{"v":8,"d":"8.00"},null,{"v":0,"d":"$0.00"}]
["ESP 12.4.1.3.8","12.4.1.3.8","Suministro y transporte de Tee 5\" x5\" x4\", incluye bujes reducción","un",{"v":2,"d":"2.00"},{"v":718463,"d":"$718,463.00"},{"v":1436926,"d":"$1,436,926.00"},null,{"v":2,"d":"2.00"},null,{"v":0,"d":"$0.00"}]
["ESP 12.4.1.3.9","12.4.1.3.9","Suministro y transporte de Tee 4\" x2 1/2\" x1/2\", incluye bujes reducción","un",{"v":2,"d":"2.00"},{"v":663723,"d":"$663,723.00"},{"v":1327446,"d":"$1,327,446.00"},null,{"v":2,"d":"2.00"},null,{"v":0,"d":"$0.00"}]
["ESP 12.4.1.3.10","12.4.1.3.10","Suministro y transporte de Tee 2\" x1 1/2\" x1/2\", incluye bujes reducción","un",{"v":2,"d":"2.00"},{"v":499503,"d":"$499,503.00"},{"v":999006,"d":"$999,006.00"},null,{"v":2,"d":"2.00"},null,{"v":0,"d":"$0.00"}]
["ESP 12.4.1.3.11","12.4.1.3.11","Suministro y transporte de Tee 2\" x 1 1/4\" x 1\" , incluye bujes reducción","un",{"v":2,"d":"2.00"},{"v":499503,"d":"$499,503.00"},{"v":999006,"d":"$999,006.00"},null,{"v":2,"d":"2.00"},null,{"v":0,"d":"$0.00"}]
["ESP 12.4.1.3.12","12.4.1.3.12","Suministro y transporte de Tee 4\" x3\" x1/2\" , incluye bujes reducción","un",{"v":4,"d":"4.00"},{"v":663723,"d":"$663,723.00"},{"v":2654892,"d":"$2,654,892.00"},null,{"v":4,"d":"4.00"},null,{"v":0,"d":"$0.00"}]
["ESP 12.4.1.3.13","12.4.1.3.13","Suministro y transporte de Tee 2\" x1 1/4\" x3/4\" , incluye bujes reducción","un",{"v":4,"d":"4.00"},{"v":499503,"d":"$499,503.00"},{"v":1998012,"d":"$1,998,012.00"},null,{"v":4,"d":"4.00"},null,{"v":0,"d":"$0.00"}]
["ESP 12.4.1.3.14","12.4.1.3.14","Suministro y transporte de Tee 3\" x 1 1/4\" x 1\" , incluye bujes reducción","un",{"v":2,"d":"2.00"},{"v":581613,"d":"$581,613.00"},{"v":1163226,"d":"$1,163,226.00"},null,{"v":2,"d":"2.00"},null,{"v":0,"d":"$0.00"}]
["ESP 12.4.1.3.15","12.4.1.3.15","Suministro y transporte de Tee 3\" x1 1/4\" x3/4\" , incluye bujes reducción","un",{"v":3,"d":"3.00"},{"v":513188,"d":"$513,188.00"},{"v":1539564,"d":"$1,539,564.00"},null,{"v":3,"d":"3.00"},null,{"v":0,"d":"$0.00"}]
["ESP 12.4.1.3.16","12.4.1.3.16","Suministro y transporte de Tee 3\" x2 1/2\" x3/4\", incluye bujes reducción","un",{"v":2,"d":"2.00"},{"v":513188,"d":"$513,188.00"},{"v":1026376,"d":"$1,026,376.00"},null,{"v":2,"d":"2.00"},null,{"v":0,"d":"$0.00"}]
["ESP 12.4.1.3.17","12.4.1.3.17","Suministro y transporte de Tee 6\" x6\" x4\", incluye bujes reducción","un",{"v":2,"d":"2.00"},{"v":773203,"d":"$773,203.00"},{"v":1546406,"d":"$1,546,406.00"},null,{"v":2,"d":"2.00"},null,{"v":0,"d":"$0.00"}]
["ESP 12.4.1.3.18","12.4.1.3.18","Suministro y transporte de Tee 4\" x4\" x3\", incluye bujes reducción","un",{"v":2,"d":"2.00"},{"v":663723,"d":"$663,723.00"},{"v":1327446,"d":"$1,327,446.00"},null,{"v":2,"d":"2.00"},null,{"v":0,"d":"$0.00"}]
["ESP 12.4.1.3.19","12.4.1.3.19","Suministro y transporte de Tee 4\" x4\" x1/2\", incluye bujes reducción","un",{"v":8,"d":"8.00"},{"v":663723,"d":"$663,723.00"},{"v":5309784,"d":"$5,309,784.00"},null,{"v":8,"d":"8.00"},null,{"v":0,"d":"$0.00"}]
["ESP 12.4.1.3.20","12.4.1.3.20","Suministro y transporte de Tee 4\" x3\" x2\", incluye bujes reducción","un",{"v":2,"d":"2.00"},{"v":663723,"d":"$663,723.00"},{"v":1327446,"d":"$1,327,446.00"},null,{"v":2,"d":"2.00"},null,{"v":0,"d":"$0.00"}]
["ESP 12.4.1.3.21","12.4.1.3.21","Suministro y transporte de Tee 3\" x 3\" x 1 1/4\", incluye bujes reducción","un",{"v":4,"d":"4.00"},{"v":581613,"d":"$581,613.00"},{"v":2326452,"d":"$2,326,452.00"},null,{"v":4,"d":"4.00"},null,{"v":0,"d":"$0.00"}]
["ESP 12.4.1.3.22","12.4.1.3.22","Suministro y transporte de Tee 3\" x 3\" x 1\", incluye bujes reducción","un",{"v":12,"d":"12.00"},{"v":581613,"d":"$581,613.00"},{"v":6979356,"d":"$6,979,356.00"},null,{"v":12,"d":"12.00"},null,{"v":0,"d":"$0.00"}]
["ESP 12.4.1.3.23","12.4.1.3.23","Suministro y transporte de Tee 3\" x 3\" x 1/2\", incluye bujes reducción","un",{"v":6,"d":"6.00"},{"v":581613,"d":"$581,613.00"},{"v":3489678,"d":"$3,489,678.00"},null,{"v":6,"d":"6.00"},null,{"v":0,"d":"$0.00"}]
["ESP 12.4.1.3.24","12.4.1.3.24","Suministro y transporte de Tee 3\" x 2 1/2\" x 1\", incluye bujes reducción","un",{"v":2,"d":"2.00"},{"v":581613,"d":"$581,613.00"},{"v":1163226,"d":"$1,163,226.00"},null,{"v":2,"d":"2.00"},null,{"v":0,"d":"$0.00"}]
["ESP 12.4.1.3.25","12.4.1.3.25","Suministro y transporte de Tee 3\" x 2 1/2\" x 1 1/4\", incluye bujes reducción","un",{"v":2,"d":"2.00"},{"v":581613,"d":"$581,613.00"},{"v":1163226,"d":"$1,163,226.00"},null,{"v":2,"d":"2.00"},null,{"v":0,"d":"$0.00"}]
["ESP 12.4.1.3.26","12.4.1.3.26","Suministro y transporte de Tee 2 1/2\" x2 1/2\" x1 1/4\", incluye bujes reducción","un",{"v":8,"d":"8.00"},{"v":506345,"d":"$506,345.00"},{"v":4050760,"d":"$4,050,760.00"},null,{"v":8,"d":"8.00"},null,{"v":0,"d":"$0.00"}]
["ESP 12.4.1.3.27","12.4.1.3.27","Suministro y transporte de Tee 2 1/2\" x2 1/2\" x1\", incluye bujes reducción","un",{"v":28,"d":"28.00"},{"v":506345,"d":"$506,345.00"},{"v":14177660,"d":"$14,177,660.00"},null,{"v":28,"d":"28.00"},null,{"v":0,"d":"$0.00"}]
["ESP 12.4.1.3.28","12.4.1.3.28","Suministro y transporte de Tee 2 1/2\" x2 1/2\" x3/4\", incluye bujes reducción","un",{"v":4,"d":"4.00"},{"v":506345,"d":"$506,345.00"},{"v":2025380,"d":"$2,025,380.00"},null,{"v":4,"d":"4.00"},null,{"v":0,"d":"$0.00"}]
["ESP 12.4.1.3.29","12.4.1.3.29","Suministro y transporte de Tee 2 1/2\" x2\" x 1 1/2\", incluye bujes reducción","un",{"v":2,"d":"2.00"},{"v":506345,"d":"$506,345.00"},{"v":1012690,"d":"$1,012,690.00"},null,{"v":2,"d":"2.00"},null,{"v":0,"d":"$0.00"}]
["ESP 12.4.1.3.30","12.4.1.3.30","Suministro y transporte de Tee 2 1/2\" x2\" x 1 1/4\", incluye bujes reducción","un",{"v":6,"d":"6.00"},{"v":506345,"d":"$506,345.00"},{"v":3038070,"d":"$3,038,070.00"},null,{"v":6,"d":"6.00"},null,{"v":0,"d":"$0.00"}]
["ESP 12.4.1.3.31","12.4.1.3.31","Suministro y transporte de Tee 2\" x2\" x1\", incluye bujes reducción","un",{"v":10,"d":"10.00"},{"v":499503,"d":"$499,503.00"},{"v":4995030,"d":"$4,995,030.00"},null,{"v":10,"d":"10.00"},null,{"v":0,"d":"$0.00"}]
["ESP 12.4.1.3.32","12.4.1.3.32","Suministro y transporte de Tee 1 1/2\" x1 1/2\" x1\", incluye bujes reducción","un",{"v":2,"d":"2.00"},{"v":335283,"d":"$335,283.00"},{"v":670566,"d":"$670,566.00"},null,{"v":2,"d":"2.00"},null,{"v":0,"d":"$0.00"}]
["ESP 12.4.1.3.33","12.4.1.3.33","Suministro y transporte de Tee 1\" x1\" x 1/2\", incluye bujes reducción","un",{"v":4,"d":"4.00"},{"v":253173,"d":"$253,173.00"},{"$f":"F1218*E1218","v":{"v":1012692,"d":"$1,012,692.00"}},null,{"v":4,"d":"4.00"},null,{"$f":"J1218*I1218","v":{"v":0,"d":"$0.00"}}]
["ESP 12.4.1.3.34","12.4.1.3.34","Suministro y transporte de Tee 1\" x3/4\" x 1/2\", incluye bujes reducción","un",{"v":2,"d":"2.00"},{"v":253173,"d":"$253,173.00"},{"v":506346,"d":"$506,346.00"},null,{"v":2,"d":"2.00"},null,{"v":0,"d":"$0.00"}]
["ESP 12.4.1.3.35","12.4.1.3.35","Suministro y transporte de Tee 3/4\" x3/4\" x 1/2\", incluye bujes reducción","un",{"v":4,"d":"4.00"},{"v":226803,"d":"$226,803.00"},{"v":907212,"d":"$907,212.00"},null,{"v":4,"d":"4.00"},null,{"v":0,"d":"$0.00"}]
["ESP 12.4.1.3.36","12.4.1.3.36","Suministro y transporte de Tee 8\" x6\" x3\", incluye bujes reducción","un",{"v":2,"d":"2.00"},{"v":773203,"d":"$773,203.00"},{"v":1546406,"d":"$1,546,406.00"},null,{"v":2,"d":"2.00"},null,{"v":0,"d":"$0.00"}]
["ESP 12.4.1.3.37","12.4.1.3.37","Suministro y transporte de Tee 3\" x 2 1/2\" x 2 1/2\", incluye bujes reducción","un",{"v":2,"d":"2.00"},{"v":581613,"d":"$581,613.00"},{"v":1163226,"d":"$1,163,226.00"},null,{"v":2,"d":"2.00"},null,{"v":0,"d":"$0.00"}]
["ESP 12.4.1.3.38","12.4.1.3.38","Suministro y transporte de Tee 2 1/2\" x2 1/2\" x1 1/2\", incluye bujes reducción","un",{"v":2,"d":"2.00"},{"v":506345,"d":"$506,345.00"},{"v":1012690,"d":"$1,012,690.00"},null,{"v":2,"d":"2.00"},null,{"v":0,"d":"$0.00"}]
["ESP 12.4.1.3.39","12.4.1.3.39","Suministro y transporte de Tee 2\" x2\" x1 1/4\", incluye bujes reducción","un",{"v":2,"d":"2.00"},{"v":499503,"d":"$499,503.00"},{"v":999006,"d":"$999,006.00"},null,{"v":2,"d":"2.00"},null,{"v":0,"d":"$0.00"}]
["ESP 12.4.1.3.40","12.4.1.3.40","Suministro y transporte de Tee 2\" x2\" x1/2\", incluye bujes reducción","un",{"v":4,"d":"4.00"},{"v":499503,"d":"$499,503.00"},{"v":1998012,"d":"$1,998,012.00"},null,{"v":4,"d":"4.00"},null,{"v":0,"d":"$0.00"}]
["ESP 12.4.1.3.41","12.4.1.3.41","Suministro y transporte de Tee 2\" x1 1/4\" x1 1/4\", incluye bujes reducción","un",{"v":2,"d":"2.00"},{"v":499503,"d":"$499,503.00"},{"v":999006,"d":"$999,006.00"},null,{"v":2,"d":"2.00"},null,{"v":0,"d":"$0.00"}]
["ESP 12.4.1.3.42","12.4.1.3.42","Suministro y transporte de Tee 1 1/4\" x1 1/4\" x1\", incluye bujes reducción","un",{"v":10,"d":"10.00"},{"v":321598,"d":"$321,598.00"},{"v":3215980,"d":"$3,215,980.00"},null,{"v":10,"d":"10.00"},null,{"v":0,"d":"$0.00"}]
["ESP 12.4.1.3.43","12.4.1.3.43","Suministro y transporte de Tee 5\" x5\" x5\", incluye bujes reducción","un",{"v":8,"d":"8.00"},{"v":773203,"d":"$773,203.00"},{"v":6185624,"d":"$6,185,624.00"},null,{"v":8,"d":"8.00"},null,{"v":0,"d":"$0.00"}]
["ESP 12.4.1.3.44","12.4.1.3.44","Suministro y transporte de Tee 5\" x4\" x4\", incluye bujes reducción","un",{"v":4,"d":"4.00"},{"v":773203,"d":"$773,203.00"},{"v":3092812,"d":"$3,092,812.00"},null,{"v":4,"d":"4.00"},null,{"v":0,"d":"$0.00"}]
["ESP 12.4.1.3.45","12.4.1.3.45","Suministro y transporte de Tee 5\" x4\" x3\", incluye bujes reducción","un",{"v":4,"d":"4.00"},{"v":663723,"d":"$663,723.00"},{"v":2654892,"d":"$2,654,892.00"},null,{"v":4,"d":"4.00"},null,{"v":0,"d":"$0.00"}]
["ESP 12.4.1.3.46","12.4.1.3.46","Suministro y transporte de Tee 4\" x3\" x3\", incluye bujes reducción","un",{"v":4,"d":"4.00"},{"v":663723,"d":"$663,723.00"},{"v":2654892,"d":"$2,654,892.00"},null,{"v":4,"d":"4.00"},null,{"v":0,"d":"$0.00"}]
["ESP 12.4.1.3.47","12.4.1.3.47","Suministro y transporte de Tee 8\" x6\" x4\", incluye bujes reducción","un",{"v":2,"d":"2.00"},{"v":814258,"d":"$814,258.00"},{"v":1628516,"d":"$1,628,516.00"},null,{"v":2,"d":"2.00"},null,{"v":0,"d":"$0.00"}]
["ESP 12.4.1.3.48","12.4.1.3.48","Suministro y transporte de Tee 4\" x2 1/2\" x 2 1/2\", incluye bujes reducción","un",{"v":2,"d":"2.00"},{"v":663723,"d":"$663,723.00"},{"v":1327446,"d":"$1,327,446.00"},null,{"v":2,"d":"2.00"},null,{"v":0,"d":"$0.00"}]
["ESP 12.4.1.3.49","12.4.1.3.49","Suministro y transporte de Tee 2 1/2\" x2\" x 1\", incluye bujes reducción","un",{"v":4,"d":"4.00"},{"v":506345,"d":"$506,345.00"},{"v":2025380,"d":"$2,025,380.00"},null,{"v":4,"d":"4.00"},null,{"v":0,"d":"$0.00"}]
["ESP 12.4.1.3.50","12.4.1.3.50","Suministro y transporte de Tee 2\" x1 1/2\" x1 1/2\", incluye bujes reducción","un",{"v":2,"d":"2.00"},{"v":499503,"d":"$499,503.00"},{"v":999006,"d":"$999,006.00"},null,{"v":2,"d":"2.00"},null,{"v":0,"d":"$0.00"}]
["ESP 12.4.1.3.51","12.4.1.3.51","Suministro y transporte de Tee 2\" x1 1/2\" x1\", incluye bujes reducción","un",{"v":2,"d":"2.00"},{"v":499503,"d":"$499,503.00"},{"v":999006,"d":"$999,006.00"},null,{"v":2,"d":"2.00"},null,{"v":0,"d":"$0.00"}]
["ESP 12.4.1.3.52","12.4.1.3.52","Suministro y transporte de Tee 1 1/2\" x1\" x1\", incluye bujes reducción","un",{"v":2,"d":"2.00"},{"v":335283,"d":"$335,283.00"},{"v":670566,"d":"$670,566.00"},null,{"v":2,"d":"2.00"},null,{"v":0,"d":"$0.00"}]
["ESP 12.4.1.3.53","12.4.1.3.53","Suministro y transporte de Tee 1 1/4\" x1\" x 1\", incluye bujes reducción","un",{"v":2,"d":"2.00"},{"v":321598,"d":"$321,598.00"},{"v":643196,"d":"$643,196.00"},null,{"v":2,"d":"2.00"},null,{"v":0,"d":"$0.00"}]
["ESP 12.4.1.3.54","12.4.1.3.54","Suministro y transporte de Tee 8\" x8\" x5\", incluye bujes reducción","un",{"v":2,"d":"2.00"},{"v":814258,"d":"$814,258.00"},{"v":1628516,"d":"$1,628,516.00"},null,{"v":2,"d":"2.00"},null,{"v":0,"d":"$0.00"}]
["ESP 12.4.1.3.55","12.4.1.3.55","Suministro y transporte de Tee 5\" x4\" x 3\", incluye bujes reducción","un",{"v":2,"d":"2.00"},{"v":663723,"d":"$663,723.00"},{"v":1327446,"d":"$1,327,446.00"},null,{"v":2,"d":"2.00"},null,{"v":0,"d":"$0.00"}]
["ESP 12.4.1.3.56","12.4.1.3.56","Suministro y transporte de Tee 4\" x4\" x 1\", incluye bujes reducción","un",{"v":2,"d":"2.00"},{"v":663723,"d":"$663,723.00"},{"v":1327446,"d":"$1,327,446.00"},null,{"v":2,"d":"2.00"},null,{"v":0,"d":"$0.00"}]
["ESP 12.4.1.3.57","12.4.1.3.57","Suministro y transporte de Tee 4\" x3\" x2 1/2\", incluye bujes reducción","un",{"v":2,"d":"2.00"},{"v":506345,"d":"$506,345.00"},{"v":1012690,"d":"$1,012,690.00"},null,{"v":2,"d":"2.00"},null,{"v":0,"d":"$0.00"}]
["ESP 12.4.1.3.58","12.4.1.3.58","Suministro y transporte de Tee 3\" x3\" x 1 1/4\", incluye bujes reducción","un",{"v":2,"d":"2.00"},{"v":663723,"d":"$663,723.00"},{"v":1327446,"d":"$1,327,446.00"},null,{"v":2,"d":"2.00"},null,{"v":0,"d":"$0.00"}]
["ESP 12.4.1.3.59","12.4.1.3.59","Suministro y transporte de Tee 3\" x3\" x1\", incluye bujes reducción","un",{"v":2,"d":"2.00"},{"v":506345,"d":"$506,345.00"},{"v":1012690,"d":"$1,012,690.00"},null,{"v":2,"d":"2.00"},null,{"v":0,"d":"$0.00"}]
["ESP 12.4.1.3.60","12.4.1.3.60","Suministro y transporte de Tee 3\" x2 1/2\" x 2\", incluye bujes reducción","un",{"v":2,"d":"2.00"},{"v":506345,"d":"$506,345.00"},{"v":1012690,"d":"$1,012,690.00"},null,{"v":2,"d":"2.00"},null,{"v":0,"d":"$0.00"}]
["ESP 12.4.1.3.61","12.4.1.3.61","Suministro y transporte de Tee 2 1/2\" x2 1/2\" x 1\", incluye bujes reducción","un",{"v":4,"d":"4.00"},{"v":506345,"d":"$506,345.00"},{"v":2025380,"d":"$2,025,380.00"},null,{"v":4,"d":"4.00"},null,{"v":0,"d":"$0.00"}]
["ESP 12.4.1.3.62","12.4.1.3.62","Suministro y transporte de Tee 2 1/2\" x2 1/2\" x 3/4\", incluye bujes reducción","un",{"v":2,"d":"2.00"},{"v":506345,"d":"$506,345.00"},{"v":1012690,"d":"$1,012,690.00"},null,{"v":2,"d":"2.00"},null,{"v":0,"d":"$0.00"}]
["ESP 12.4.1.3.63","12.4.1.3.63","Suministro y transporte de Tee 2 1/2\" x2\" x 3/4\", incluye bujes reducción","un",{"v":2,"d":"2.00"},{"v":506345,"d":"$506,345.00"},{"v":1012690,"d":"$1,012,690.00"},null,{"v":2,"d":"2.00"},null,{"v":0,"d":"$0.00"}]
["ESP 12.4.1.3.64","12.4.1.3.64","Suministro y transporte de Tee 8\" x8\" x1 1/2\", incluye bujes reducción","un",{"v":2,"d":"2.00"},{"v":814258,"d":"$814,258.00"},{"v":1628516,"d":"$1,628,516.00"},null,{"v":2,"d":"2.00"},null,{"v":0,"d":"$0.00"}]
["ESP 12.4.1.3.65","12.4.1.3.65","Suministro y transporte de Tee 8\" x6\" x6\", incluye bujes reducción","un",{"v":2,"d":"2.00"},{"v":773203,"d":"$773,203.00"},{"$f":"F1250*E1250","v":{"v":1546406,"d":"$1,546,406.00"}},null,{"v":2,"d":"2.00"},null,{"$f":"J1250*I1250","v":{"v":0,"d":"$0.00"}}]
["ESP 12.4.1.3.66","12.4.1.3.66","Suministro y transporte de Tee 6\" x6\" x2 1/2\", incluye bujes reducción","un",{"v":8,"d":"8.00"},{"v":773203,"d":"$773,203.00"},{"v":6185624,"d":"$6,185,624.00"},null,{"v":8,"d":"8.00"},null,{"v":0,"d":"$0.00"}]
["ESP 12.4.1.3.67","12.4.1.3.67","Suministro y transporte de Tee 6\" x2 1/2\" x 21/2\", incluye bujes reducción","un",{"v":4,"d":"4.00"},{"v":773203,"d":"$773,203.00"},{"v":3092812,"d":"$3,092,812.00"},null,{"v":4,"d":"4.00"},null,{"v":0,"d":"$0.00"}]
["ESP 12.4.1.3.68","12.4.1.3.68","Suministro y transporte de Tee 1 1/2\" x1 1/4\" x3/4\", incluye bujes reducción","un",{"v":2,"d":"2.00"},{"v":335283,"d":"$335,283.00"},{"v":670566,"d":"$670,566.00"},null,{"v":2,"d":"2.00"},null,{"v":0,"d":"$0.00"}]
["ESP 12.4.1.3.69","12.4.1.3.69","Suministro y transporte de Tee 1 1/4\" x1\" x3/4\", incluye bujes reducción","un",{"v":2,"d":"2.00"},{"v":321598,"d":"$321,598.00"},{"v":643196,"d":"$643,196.00"},null,{"v":2,"d":"2.00"},null,{"v":0,"d":"$0.00"}]
["ESP 12.4.1.3.70","12.4.1.3.70","Suministro y transporte de Tee 1\" x3/4\" x3/4\", incluye bujes reducción","un",{"v":2,"d":"2.00"},{"v":253173,"d":"$253,173.00"},{"v":506346,"d":"$506,346.00"},null,{"v":2,"d":"2.00"},null,{"v":0,"d":"$0.00"}]
["ESP 12.4.1.3.71","12.4.1.3.71","Suministro y transporte de Tee 3/4\" x3/4\" x1/2\", incluye bujes reducción","un",{"v":2,"d":"2.00"},{"v":225803,"d":"$225,803.00"},{"v":451606,"d":"$451,606.00"},null,{"v":2,"d":"2.00"},null,{"v":0,"d":"$0.00"}]
[null,null,"TOTAL DE Tees en PP PN10 PREAISLADAS (incluyendo bujes reduccion)",{"$nulls":3},{"$f":"SUM(G1186:G1256)","v":{"v":159879140,"d":"$159,879,140.00"}},{"$nulls":3},{"$f":"SUM(K1186:K1256)","v":{"v":0,"d":"$0.00"}}]
[null,null,"TOTAL DE TUBERÍAS Y ACCESORIOS RED DE AGUA HELADA AISLADOS",{"$nulls":3},{"$f":"G1257+G1183+G1169","v":{"v":2421048833,"d":"$2,421,048,833.00"}},{"$nulls":3},{"$f":"K1257+K1183+K1169","v":{"v":0,"d":"$0.00"}}]
[]
[null,"12.4.2","VALVULAS EN GENERAL"]
[]
[null,"12.4.2.1","Válvulas de mariposa, compuerta o de bola"]
["ESP 12.4.2.1.1","12.4.2.1.1","Suministro y transporte de válvula mariposa 2\" diámetro ","un",{"v":10,"d":"10.00"},{"v":294228,"d":"$294,228.00"},{"$f":"F1263*E1263","v":{"v":2942280,"d":"$2,942,280.00"}},null,{"v":10,"d":"10.00"},null,{"$f":"J1263*I1263","v":{"v":0,"d":"$0.00"}}]
["ESP 12.4.2.1.2","12.4.2.1.2","Suministro y transporte de válvula mariposa 1\" diámetro ","un",{"v":136,"d":"136.00"},{"v":157378,"d":"$157,378.00"},{"v":21403408,"d":"$21,403,408.00"},null,{"v":136,"d":"136.00"},null,{"v":0,"d":"$0.00"}]
["ESP 12.4.2.1.3","12.4.2.1.3","Suministro y transporte de válvula mariposa 3/4\" diámetro","un",{"v":150,"d":"150.00"},{"v":116323,"d":"$116,323.00"},{"v":17448450,"d":"$17,448,450.00"},null,{"v":150,"d":"150.00"},null,{"v":0,"d":"$0.00"}]
["ESP 12.4.2.1.4","12.4.2.1.4","Suministro y transporte de válvula mariposa 1/2\" diámetro ","un",{"v":40,"d":"40.00"},{"v":102638,"d":"$102,638.00"},{"v":4105520,"d":"$4,105,520.00"},null,{"v":40,"d":"40.00"},null,{"v":0,"d":"$0.00"}]
["ESP 12.4.2.1.5","12.4.2.1.5","Suministro y transporte de válvula mariposa  1 1/2\" diámetro","un",{"v":4,"d":"4.00"},{"v":253173,"d":"$253,173.00"},{"v":1012692,"d":"$1,012,692.00"},null,{"v":4,"d":"4.00"},null,{"v":0,"d":"$0.00"}]
["ESP 12.4.2.1.6","12.4.2.1.6","Suministro y transporte de válvula mariposa 1 1/4\" diámetro","un",{"v":8,"d":"8.00"},{"v":225803,"d":"$225,803.00"},{"v":1806424,"d":"$1,806,424.00"},null,{"v":8,"d":"8.00"},null,{"v":0,"d":"$0.00"}]
["ESP 12.4.2.1.7","12.4.2.1.7","Suministro y transporte de válvula mariposa 5\" diámetro","un",{"v":4,"d":"4.00"},{"v":786888,"d":"$786,888.00"},{"v":3147552,"d":"$3,147,552.00"},null,{"v":4,"d":"4.00"},null,{"v":0,"d":"$0.00"}]
["ESP 12.4.2.1.8","12.4.2.1.8","Suministro y transporte de válvula mariposa 4\" diámetro","un",{"v":8,"d":"8.00"},{"v":636353,"d":"$636,353.00"},{"v":5090824,"d":"$5,090,824.00"},null,{"v":8,"d":"8.00"},null,{"v":0,"d":"$0.00"}]
["ESP 12.4.2.1.9","12.4.2.1.9","Suministro y transporte de válvula mariposa 3\" diámetro","un",{"v":14,"d":"14.00"},{"v":526873,"d":"$526,873.00"},{"v":7376222,"d":"$7,376,222.00"},null,{"v":14,"d":"14.00"},null,{"v":0,"d":"$0.00"}]
["ESP 12.4.2.1.10","12.4.2.1.10","Suministro y transporte de válvula mariposa 1 1/2\" diámetro","un",{"v":2,"d":"2.00"},{"v":116323,"d":"$116,323.00"},{"v":232646,"d":"$232,646.00"},null,{"v":2,"d":"2.00"},null,{"v":0,"d":"$0.00"}]
["ESP 12.4.2.1.11","12.4.2.1.11","Suministro y transporte de valvula mariposa 8\" diámetro","un",{"v":2,"d":"2.00"},{"v":1320603,"d":"$1,320,603.00"},{"v":2641206,"d":"$2,641,206.00"},null,{"v":2,"d":"2.00"},null,{"v":0,"d":"$0.00"}]
["ESP 12.4.2.1.12","12.4.2.1.12","Suministro y transporte de válvula mariposa 6\" diámetro","un",{"v":4,"d":"4.00"},{"v":1087958,"d":"$1,087,958.00"},{"v":4351832,"d":"$4,351,832.00"},null,{"v":4,"d":"4.00"},null,{"v":0,"d":"$0.00"}]
["ESP 12.4.2.1.13","12.4.2.1.13","Suministro y transporte de válvula mariposa 2 1/2\" diámetro","un",{"v":20,"d":"20.00"},{"v":472133,"d":"$472,133.00"},{"v":9442660,"d":"$9,442,660.00"},null,{"v":20,"d":"20.00"},null,{"v":0,"d":"$0.00"}]
[]
[null,null,"TOTAL DE Válvulas de mariposa, compuerta o de bola",{"$nulls":3},{"$f":"SUM(G1263:G1275)","v":{"v":81001716,"d":"$81,001,716.00"}},{"$nulls":3},{"$f":"SUM(K1263:K1275)","v":{"v":0,"d":"$0.00"}}]
[]
[null,null,"TOTAL DE VALVULAS EN GENERAL",{"$nulls":3},{"$f":"G1277","v":{"v":81001716,"d":"$81,001,716.00"}},{"$nulls":3},{"$f":"K1277","v":{"v":0,"d":"$0.00"}}]
[]
[null,"12.4.3","ELEMENTOS DE CONTROL"]
[null,"12.4.3.1","Válvulas dos vías proporcional caudal constante independiente de la presión"]
["ESP 12.4.3.1.1","12.4.3.1.1","Suministro de válvula de 2 vías proporcional caudal constante independiente de la presión de 1\" diámetro ","un",{"v":67,"d":"67.00"},{"v":1075778,"d":"$1,075,778.00"},{"$f":"F1283*E1283","v":{"v":72077126,"d":"$72,077,126.00"}},null,{"v":67,"d":"67.00"},null,{"$f":"J1283*I1283","v":{"v":0,"d":"$0.00"}}]
["ESP 12.4.3.1.2","12.4.3.1.2","Suministro de válvula de 2 vías proporcional caudal constante independiente de la presión de 3/4\" diámetro ","un",{"v":76,"d":"76.00"},{"v":1019533,"d":"$1,019,533.00"},{"v":77484508,"d":"$77,484,508.00"},null,{"v":76,"d":"76.00"},null,{"v":0,"d":"$0.00"}]
["ESP 12.4.3.1.3","12.4.3.1.3","Suministro de válvula de 2 vías proporcional caudal constante independiente de la presión de 1/2\" diámetro ","un",{"v":18,"d":"18.00"},{"v":900473,"d":"$900,473.00"},{"v":16208514,"d":"$16,208,514.00"},null,{"v":18,"d":"18.00"},null,{"v":0,"d":"$0.00"}]
["ESP 12.4.3.1.4","12.4.3.1.4","Suministro y transporte de Termostatos de ambiente digitales y proporcionales ","un",{"v":92,"d":"92.00"},{"v":563822,"d":"$563,822.00"},{"v":51871624,"d":"$51,871,624.00"},null,{"v":92,"d":"92.00"},null,{"v":0,"d":"$0.00"}]
["ESP 12.4.3.1.5","12.4.3.1.5","Suministro y transporte de Termostatos de ambiente inalámbricos ","un",{"v":65,"d":"65.00"},{"v":804678,"d":"$804,678.00"},{"v":52304070,"d":"$52,304,070.00"},null,{"v":65,"d":"65.00"},null,{"v":0,"d":"$0.00"}]
["ESP 12.4.3.1.6","12.4.3.1.6","Suministro y transporte de válvula de 2 vías proporcional caudal constante independiente de la presión de 1 1/2\" diámetro ","un",{"v":3,"d":"3.00"},{"v":3128254,"d":"$3,128,254.00"},{"v":9384762,"d":"$9,384,762.00"},null,{"v":3,"d":"3.00"},null,{"v":0,"d":"$0.00"}]
["ESP 12.4.3.1.7","12.4.3.1.7","Suministro y transporte de válvula de 2 vías proporcional caudal constante independiente de la presión de 2\" diámetro ","un",{"v":4,"d":"4.00"},{"v":2580854,"d":"$2,580,854.00"},{"v":10323416,"d":"$10,323,416.00"},null,{"v":4,"d":"4.00"},null,{"v":0,"d":"$0.00"}]
["ESP 12.4.3.1.8","12.4.3.1.8","Suministro y transporte de válvula de 2 vías proporcional caudal constante independiente de la presión de 1 1/4\" diámetro ","un",{"v":4,"d":"4.00"},{"v":1075778,"d":"$1,075,778.00"},{"v":4303112,"d":"$4,303,112.00"},null,{"v":4,"d":"4.00"},null,{"v":0,"d":"$0.00"}]
["ESP 12.4.3.1.9","12.4.3.1.9","Suministro y transporte de válvula de 2 vías proporcional caudal constante independiente de la presión de 3\" diámetro ","un",{"v":7,"d":"7.00"},{"v":11476104,"d":"$11,476,104.00"},{"v":80332728,"d":"$80,332,728.00"},null,{"v":7,"d":"7.00"},null,{"v":0,"d":"$0.00"}]
["ESP 12.4.3.1.10","12.4.3.1.10","Suministro y transporte de Termo Humidostatos de ambiente digitales ","un",{"v":6,"d":"6.00"},{"v":3900225,"d":"$3,900,225.00"},{"v":23401350,"d":"$23,401,350.00"},null,{"v":6,"d":"6.00"},null,{"v":0,"d":"$0.00"}]
["ESP 12.4.3.1.11","12.4.3.1.11","Suministro y transporte de válvula de 2 vías proporcional caudal constante independiente de la presión de 2 1/2\" diámetro ","un",{"v":1,"d":"1.00"},{"v":4733505,"d":"$4,733,505.00"},{"v":4733505,"d":"$4,733,505.00"},null,{"v":1,"d":"1.00"},null,{"v":0,"d":"$0.00"}]
[]
[null,null,"TOTAL DE Válvulas dos vías proporcional caudal constante independiente de la presión",{"$nulls":3},{"$f":"SUM(G1283:G1293)","v":{"v":402424715,"d":"$402,424,715.00"}},{"$nulls":3},{"$f":"SUM(K1283:K1293)","v":{"v":0,"d":"$0.00"}}]
[]
[null,"12.4.3.2","TERMÓMETROS"]
["ESP 12.4.3.2.1","12.4.3.2.1","Suministro  y transporte de Termómetro de columna de mercurio de 6\"","un",{"v":24,"d":"24.00"},{"v":925731,"d":"$925,731.00"},{"$f":"F1298*E1298","v":{"v":22217544,"d":"$22,217,544.00"}},null,{"v":24,"d":"24.00"},null,{"$f":"J1298*I1298","v":{"v":0,"d":"$0.00"}}]
["ESP 12.4.3.2.2","12.4.3.2.2","Suministro  y transporte de Buzos para conectar termómetros ","un",{"v":24,"d":"24.00"},{"v":119060,"d":"$119,060.00"},{"$f":"F1299*E1299","v":{"v":2857440,"d":"$2,857,440.00"}},null,{"v":24,"d":"24.00"},null,{"$f":"J1299*I1299","v":{"v":0,"d":"$0.00"}}]
[]
[null,null,"TOTAL DE TERMÓMETROS",{"$nulls":3},{"$f":"SUM(G1298:G1299)","v":{"v":25074984,"d":"$25,074,984.00"}},{"$nulls":3},{"$f":"SUM(K1298:K1299)","v":{"v":0,"d":"$0.00"}}]
[]
[null,"12.4.3.3","MANÓMETROS"]
["ESP 12.4.3.3.1","12.4.3.3.1","Suministro y transporte de  Manómetro de carátula con glicerina de 0 a 100 PSI","un",{"v":20,"d":"20.00"},{"v":614956,"d":"$614,956.00"},{"$f":"F1304*E1304","v":{"v":12299120,"d":"$12,299,120.00"}},null,{"v":20,"d":"20.00"},null,{"$f":"J1304*I1304","v":{"v":0,"d":"$0.00"}}]
["ESP 12.4.3.3.2","12.4.3.3.2","Suministro y transporte de Manómetro de carátula con glicerina de 0 a 60 PSI","un",{"v":8,"d":"8.00"},{"v":594428,"d":"$594,428.00"},{"$f":"F1305*E1305","v":{"v":4755424,"d":"$4,755,424.00"}},null,{"v":8,"d":"8.00"},null,{"$f":"J1305*I1305","v":{"v":0,"d":"$0.00"}}]
["ESP 12.4.3.3.3","12.4.3.3.3","Suministro y transporte de Cola de marrano con válvula de 1/4\" diámetro para conexión manómetros","un",{"v":28,"d":"28.00"},{"v":141681,"d":"$141,681.00"},{"$f":"F1306*E1306","v":{"v":3967068,"d":"$3,967,068.00"}},null,{"v":28,"d":"28.00"},null,{"$f":"J1306*I1306","v":{"v":0,"d":"$0.00"}}]
[]
[null,null,"TOTAL DE MANÓMETROS",{"$nulls":3},{"$f":"SUM(G1304:G1306)","v":{"v":21021612,"d":"$21,021,612.00"}},{"$nulls":3},{"$f":"SUM(K1304:K1306)","v":{"v":0,"d":"$0.00"}}]
[]
[null,"12.4.3.4","Conexiones Flexibles tipo burbuja"]
["ESP 12.4.3.4.1","12.4.3.4,1","Suministro y control de Flexible tipo burbuja 5\" diámetro","un",{"v":8,"d":"8.00"},{"v":1169563,"d":"$1,169,563.00"},{"$f":"F1311*E1311","v":{"v":9356504,"d":"$9,356,504.00"}},null,{"v":8,"d":"8.00"},null,{"$f":"J1311*I1311","v":{"v":0,"d":"$0.00"}}]
["ESP 12.4.3.4.2","12.4.3.4.2","Suministro y control de Flexible tipo burbuja 4\" diámetro","un",{"v":8,"d":"8.00"},{"v":1018164,"d":"$1,018,164.00"},{"v":8145312,"d":"$8,145,312.00"},null,{"v":8,"d":"8.00"},null,{"v":0,"d":"$0.00"}]
["ESP 12.4.3.4.3","12.4.3.4.3","Suministro y control de Flexible tipo burbuja 3\" diámetro","un",{"v":12,"d":"12.00"},{"v":736163,"d":"$736,163.00"},{"v":8833956,"d":"$8,833,956.00"},null,{"v":12,"d":"12.00"},null,{"v":0,"d":"$0.00"}]
["ESP 12.4.3.4.4","12.4.3.4.4","Suministro y control de Flexible tipo burbuja 8\" diámetro","un",{"v":4,"d":"4.00"},{"v":1169563,"d":"$1,169,563.00"},{"v":4678252,"d":"$4,678,252.00"},null,{"v":4,"d":"4.00"},null,{"v":0,"d":"$0.00"}]
["ESP 12.4.3.4.5","12.4.3.4.5","Suministro y control de Flexible tipo burbuja 2 1/2\" diámetro","un",{"v":8,"d":"8.00"},{"v":1018164,"d":"$1,018,164.00"},{"v":8145312,"d":"$8,145,312.00"},null,{"v":8,"d":"8.00"},null,{"v":0,"d":"$0.00"}]
["ESP 12.4.3.4.6","12.4.3.4.6","Suministro y control de Flexible tipo burbuja 6\" diámetro","un",{"v":8,"d":"8.00"},{"v":736163,"d":"$736,163.00"},{"v":5889304,"d":"$5,889,304.00"},null,{"v":8,"d":"8.00"},null,{"v":0,"d":"$0.00"}]
[]
[null,null,"TOTAL DE Conexiones Flexibles tipo burbuja",{"$nulls":3},{"$f":"SUM(G1311:G1316)","v":{"v":45048640,"d":"$45,048,640.00"}},{"$nulls":3},{"$f":"SUM(K1311:K1316)","v":{"v":0,"d":"$0.00"}}]
[]
[null,"12.4.3.5","Tanque de expansión"]
["ESP 12.4.3.5.1","12.4.3.5.1","Suministro y control de TE #1: Tipo cerrado con membrana de presurización 1","un",{"v":1,"d":"1.00"},{"v":17268705,"d":"$17,268,705.00"},{"$f":"F1321*E1321","v":{"v":17268705,"d":"$17,268,705.00"}},null,{"v":1,"d":"1.00"},null,{"$f":"J1321*I1321","v":{"v":0,"d":"$0.00"}}]
["ESP 12.4.3.5.2","12.4.3.5.2","Suministro y control de TE #1: Tipo cerrado con membrana de presurización 2","un",{"v":1,"d":"1.00"},{"v":79920400,"d":"$79,920,400.00"},{"$f":"F1322*E1322","v":{"v":79920400,"d":"$79,920,400.00"}},null,{"v":1,"d":"1.00"},null,{"$f":"J1322*I1322","v":{"v":0,"d":"$0.00"}}]
[]
[null,null,"TOTAL DE Tanque de expansión",{"$nulls":3},{"$f":"SUM(G1321:G1322)","v":{"v":97189105,"d":"$97,189,105.00"}},{"$nulls":3},{"$f":"SUM(K1321:K1322)","v":{"v":0,"d":"$0.00"}}]
[]
[null,"12.4.3.6","Aireador"]
["ESP 12.4.3.6.1","12.4.3.6.1","Suministro y control de aireador DA #1: separador de microburbujas e impurezas 1","un",{"v":1,"d":"1.00"},{"v":39341963,"d":"$39,341,963.00"},{"$f":"F1327*E1327","v":{"v":39341963,"d":"$39,341,963.00"}},null,{"v":1,"d":"1.00"},null,{"$f":"J1327*I1327","v":{"v":0,"d":"$0.00"}}]
["ESP 12.4.3.6.2","12.4.3.6.2","Suministro y control de aireador DA #1: separador de microburbujas e impurezas 2","un",{"v":1,"d":"1.00"},{"v":67877600,"d":"$67,877,600.00"},{"$f":"F1328*E1328","v":{"v":67877600,"d":"$67,877,600.00"}},null,{"v":1,"d":"1.00"},null,{"$f":"J1328*I1328","v":{"v":0,"d":"$0.00"}}]
[]
[null,null,"TOTAL DE Aireador",{"$nulls":3},{"$f":"SUM(G1327:G1328)","v":{"v":107219563,"d":"$107,219,563.00"}},{"$nulls":3},{"$f":"SUM(K1327:K1328)","v":{"v":0,"d":"$0.00"}}]
[]
[null,null,"TOTAL DE ELEMENTOS DE CONTROL",{"$nulls":3},{"$f":"G1330+G1324+G1318+G1308+G1301+G1295","v":{"v":697978619,"d":"$697,978,619.00"}},{"$nulls":3},{"$f":"K1330+K1324+K1318+K1308+K1301+K1295","v":{"v":0,"d":"$0.00"}}]
[]
[null,null,"TOTAL DE TUBERÍAS, VÁLVULAS, AISLAMIENTOS TÉRMICOS, ACCESORIOS Y CONTROLES",{"$nulls":3},{"$f":"G1332+G1279+G1258","v":{"v":3200029168,"d":"$3,200,029,168.00"}},{"$nulls":3},{"$f":"K1332+K1279+K1258","v":{"v":0,"d":"$0.00"}}]
[]
[null,"12.5.0","TABLEROS ELECTRICOS"]
["ESP 12.5.1","12.5.1","Suministro  y transporte  de Piso 1 Tablero de potencia y control manejo Ventilación Parqueadero ","un",{"v":1,"d":"1.00"},{"v":36675800,"d":"$36,675,800.00"},{"$f":"F1337*E1337","v":{"v":36675800,"d":"$36,675,800.00"}},null,{"v":1,"d":"1.00"},null,{"$f":"J1337*I1337","v":{"v":0,"d":"$0.00"}}]
["ESP 12.5.2","12.5.2","Suministro  y transporte de Piso 1 Tablero de potencia y control manejo Fan coils y Cassette ","un",{"v":1,"d":"1.00"},{"v":21896000,"d":"$21,896,000.00"},{"v":21896000,"d":"$21,896,000.00"},null,{"v":1,"d":"1.00"},null,{"v":0,"d":"$0.00"}]
["ESP 12.5.3","12.5.3","Suministro y transporte de Piso 2 Tablero de potencia y control manejo Ventilación Parqueadero ","un",{"v":1,"d":"1.00"},{"v":6637225,"d":"$6,637,225.00"},{"v":6637225,"d":"$6,637,225.00"},null,{"v":1,"d":"1.00"},null,{"v":0,"d":"$0.00"}]
["ESP 12.5.4","12.5.4","Suministro  y transporte de Piso 2 Balanceo de Aire","un",{"v":1,"d":"1.00"},{"v":390023,"d":"$390,023.00"},{"v":390023,"d":"$390,023.00"},null,{"v":1,"d":"1.00"},null,{"v":0,"d":"$0.00"}]
["ESP 12.5.5","12.5.5","Suministro y transporte de Piso 3 Tablero de potencia y control manejo Fan coils y Cassette ","un",{"v":1,"d":"1.00"},{"v":36675800,"d":"$36,675,800.00"},{"v":36675800,"d":"$36,675,800.00"},null,{"v":1,"d":"1.00"},null,{"v":0,"d":"$0.00"}]
["ESP 12.5.6","12.5.6","Suministro y transporte de Piso 3 Tablero de potencia y control manejo Fan coils y Cassette ","un",{"v":1,"d":"1.00"},{"v":36675800,"d":"$36,675,800.00"},{"v":36675800,"d":"$36,675,800.00"},null,{"v":1,"d":"1.00"},null,{"v":0,"d":"$0.00"}]
["ESP 12.5.7","12.5.7","Suministro y transporte de Piso 4 Tablero de potencia y control manejo Fan coils y Cassette ","un",{"v":1,"d":"1.00"},{"v":36675800,"d":"$36,675,800.00"},{"v":36675800,"d":"$36,675,800.00"},null,{"v":1,"d":"1.00"},null,{"v":0,"d":"$0.00"}]
["ESP 12.5.8","12.5.8","Suministro  y transporte de Piso 5 Tablero de potencia y control manejo Fan coils y Cassette ","un",{"v":1,"d":"1.00"},{"v":17106250,"d":"$17,106,250.00"},{"v":17106250,"d":"$17,106,250.00"},null,{"v":1,"d":"1.00"},null,{"v":0,"d":"$0.00"}]
["ESP 12.5.9","12.5.9","Suministro  y transporte de DATA CENTER Tablero de potencia y control CRAHWICHILLERS + bombeo","un",{"v":1,"d":"1.00"},{"v":112873880,"d":"$112,873,880.00"},{"v":112873880,"d":"$112,873,880.00"},null,{"v":1,"d":"1.00"},null,{"v":0,"d":"$0.00"}]
["ESP 12.5.10","12.5.10","Suministro  y transporte de Tablero de potencia y control manejo Fan coils y Cassette Piso 6","un",{"v":1,"d":"1.00"},{"v":36675800,"d":"$36,675,800.00"},{"v":36675800,"d":"$36,675,800.00"},null,{"v":1,"d":"1.00"},null,{"v":0,"d":"$0.00"}]
["ESP 12.5.11","12.5.11","Suministro  y transporte de Tablero de potencia y control manejo Fan coils y Estación central Piso 7","un",{"v":1,"d":"1.00"},{"v":43518300,"d":"$43,518,300.00"},{"v":43518300,"d":"$43,518,300.00"},null,{"v":1,"d":"1.00"},null,{"v":0,"d":"$0.00"}]
["ESP 12.5.12","12.5.12","Suministro  y transporte de Tablero de potencia y control manejo central de enfriamiento Chillers +bombeo Piso 8","un",{"v":1,"d":"1.00"},{"v":89527270,"d":"$89,527,270.00"},{"v":89527270,"d":"$89,527,270.00"},null,{"v":1,"d":"1.00"},null,{"v":0,"d":"$0.00"}]
[]
[null,null,"TOTAL DE TABLEROS ELÉCTRICOS",{"$nulls":3},{"$f":"SUM(G1337:G1348)","v":{"v":475327948,"d":"$475,327,948.00"}},{"$nulls":3},{"$f":"SUM(K1337:K1348)","v":{"v":0,"d":"$0.00"}}]
[]
[null,"12.6.0","PRUEBAS Y BALANCEOS"]
["ESP 12.6.1","12.6.1","Prueba de presión de tuberías de agua Piso 1","un",{"v":1,"d":"1.00"},{"v":1710625,"d":"$1,710,625.00"},{"$f":"F1353*E1353","v":{"v":1710625,"d":"$1,710,625.00"}},null,{"v":1,"d":"1.00"},null,{"$f":"J1353*I1353","v":{"v":0,"d":"$0.00"}}]
["ESP 12.6.2","12.6.2","Limpieza y enjuague de los sistemas de circulación de agua Piso 1","un",{"v":1,"d":"1.00"},{"v":1375343,"d":"$1,375,343.00"},{"v":1375343,"d":"$1,375,343.00"},null,{"v":1,"d":"1.00"},null,{"v":0,"d":"$0.00"}]
["ESP 12.6.3","12.6.3","Balanceo y ensayo de flujo de agua Piso 1","un",{"v":1,"d":"1.00"},{"v":1163225,"d":"$1,163,225.00"},{"v":1163225,"d":"$1,163,225.00"},null,{"v":1,"d":"1.00"},null,{"v":0,"d":"$0.00"}]
["ESP 12.6.4","12.6.4","Balanceo de Aire Piso 1","un",{"v":1,"d":"1.00"},{"v":390023,"d":"$390,023.00"},{"v":390023,"d":"$390,023.00"},null,{"v":1,"d":"1.00"},null,{"v":0,"d":"$0.00"}]
["ESP 12.6.5","12.6.5","Prueba de presión de tuberías de agua Piso 3","un",{"v":1,"d":"1.00"},{"v":3352825,"d":"$3,352,825.00"},{"v":3352825,"d":"$3,352,825.00"},null,{"v":1,"d":"1.00"},null,{"v":0,"d":"$0.00"}]
["ESP 12.6.6","12.6.6","Limpieza y enjuague de los sistemas de circulación de agua Piso 3","un",{"v":1,"d":"1.00"},{"v":2134860,"d":"$2,134,860.00"},{"v":2134860,"d":"$2,134,860.00"},null,{"v":1,"d":"1.00"},null,{"v":0,"d":"$0.00"}]
["ESP 12.6.7","12.6.7","Balanceo y ensayo de flujo de agua Piso 3","un",{"v":1,"d":"1.00"},{"v":2052750,"d":"$2,052,750.00"},{"v":2052750,"d":"$2,052,750.00"},null,{"v":1,"d":"1.00"},null,{"v":0,"d":"$0.00"}]
["ESP 12.6.8","12.6.8","Balanceo de Aire Piso 3","un",{"v":1,"d":"1.00"},{"v":17106250,"d":"$17,106,250.00"},{"v":17106250,"d":"$17,106,250.00"},null,{"v":1,"d":"1.00"},null,{"v":0,"d":"$0.00"}]
["ESP 12.6.9","12.6.9","Prueba de presión de tuberías de agua Piso 4","un",{"v":1,"d":"1.00"},{"v":3352825,"d":"$3,352,825.00"},{"v":3352825,"d":"$3,352,825.00"},null,{"v":1,"d":"1.00"},null,{"v":0,"d":"$0.00"}]
["ESP 12.6.10","12.6.10","Limpieza y enjuague de los sistemas de circulación de agua Piso 4","un",{"v":1,"d":"1.00"},{"v":2134860,"d":"$2,134,860.00"},{"v":2134860,"d":"$2,134,860.00"},null,{"v":1,"d":"1.00"},null,{"v":0,"d":"$0.00"}]
["ESP 12.6.11","12.6.11","Balanceo y ensayo de flujo de agua Piso 4","un",{"v":1,"d":"1.00"},{"v":2052750,"d":"$2,052,750.00"},{"v":2052750,"d":"$2,052,750.00"},null,{"v":1,"d":"1.00"},null,{"v":0,"d":"$0.00"}]
["ESP 12.6.12","12.6.12","Balanceo de Aire Piso 4","un",{"v":1,"d":"1.00"},{"v":1984325,"d":"$1,984,325.00"},{"v":1984325,"d":"$1,984,325.00"},null,{"v":1,"d":"1.00"},null,{"v":0,"d":"$0.00"}]
["ESP 12.6.13","12.6.13","Prueba de presión de tuberías de agua Piso 5","un",{"v":1,"d":"1.00"},{"v":2531725,"d":"$2,531,725.00"},{"v":2531725,"d":"$2,531,725.00"},null,{"v":1,"d":"1.00"},null,{"v":0,"d":"$0.00"}]
["ESP 12.6.14","12.6.14","Limpieza y enjuague de los sistemas de circulación de agua Piso 5","un",{"v":1,"d":"1.00"},{"v":1450610,"d":"$1,450,610.00"},{"v":1450610,"d":"$1,450,610.00"},null,{"v":1,"d":"1.00"},null,{"v":0,"d":"$0.00"}]
["ESP 12.6.15","12.6.15","Balanceo y ensayo de flujo de agua Piso 5","un",{"v":1,"d":"1.00"},{"v":1163225,"d":"$1,163,225.00"},{"v":1163225,"d":"$1,163,225.00"},null,{"v":1,"d":"1.00"},null,{"v":0,"d":"$0.00"}]
["ESP 12.6.16","12.6.16","Balanceo de Aire Piso 5","un",{"v":1,"d":"1.00"},{"v":1300075,"d":"$1,300,075.00"},{"v":1300075,"d":"$1,300,075.00"},null,{"v":1,"d":"1.00"},null,{"v":0,"d":"$0.00"}]
["ESP 12.6.17"," 12.6.17","Prueba de presión de tuberías de agua data center","un",{"v":1,"d":"1.00"},{"v":17037825,"d":"$17,037,825.00"},{"v":17037825,"d":"$17,037,825.00"},null,{"v":1,"d":"1.00"},null,{"v":0,"d":"$0.00"}]
["ESP 12.6.18","12.6.18","Limpieza y enjuague de los sistemas de circulación de agua data center","un",{"v":1,"d":"1.00"},{"v":15819860,"d":"$15,819,860.00"},{"v":15819860,"d":"$15,819,860.00"},null,{"v":1,"d":"1.00"},null,{"v":0,"d":"$0.00"}]
["ESP 12.6.19","12.6.19","Balanceo y ensayo de flujo de agua data center","un",{"v":1,"d":"1.00"},{"v":13505760.71,"d":"$13,505,760.71"},{"v":13505760.71,"d":"$13,505,760.71"},null,{"v":1,"d":"1.00"},null,{"v":0,"d":"$0.00"}]
["ESP 12.6.20","12.6.20","Balanceo de Aire data center","un",{"v":1,"d":"1.00"},{"v":17106250,"d":"$17,106,250.00"},{"v":17106250,"d":"$17,106,250.00"},null,{"v":1,"d":"1.00"},null,{"v":0,"d":"$0.00"}]
["ESP 12.6.21","12.6.21","Prueba de presión de tuberías de agua Piso 6","un",{"v":1,"d":"1.00"},{"v":3352825,"d":"$3,352,825.00"},{"v":3352825,"d":"$3,352,825.00"},null,{"v":1,"d":"1.00"},null,{"v":0,"d":"$0.00"}]
["ESP 12.6.22","12.6.22","Limpieza y enjuague de los sistemas de circulación de agua Piso 6","un",{"v":1,"d":"1.00"},{"v":2134860,"d":"$2,134,860.00"},{"v":2134860,"d":"$2,134,860.00"},null,{"v":1,"d":"1.00"},null,{"v":0,"d":"$0.00"}]
["ESP 12.6.23","12.6.23","Balanceo y ensayo de flujo de agua Piso 6","un",{"v":1,"d":"1.00"},{"v":2052750,"d":"$2,052,750.00"},{"v":2052750,"d":"$2,052,750.00"},null,{"v":1,"d":"1.00"},null,{"v":0,"d":"$0.00"}]
["ESP 12.6.24","12.6.24","Balanceo de Aire Piso 6","un",{"v":1,"d":"1.00"},{"v":1984325,"d":"$1,984,325.00"},{"v":1984325,"d":"$1,984,325.00"},null,{"v":1,"d":"1.00"},null,{"v":0,"d":"$0.00"}]
["ESP 12.6.25","12.6.25","Prueba de presión de tuberías de agua Piso 7","un",{"v":1,"d":"1.00"},{"v":7458325,"d":"$7,458,325.00"},{"v":7458325,"d":"$7,458,325.00"},null,{"v":1,"d":"1.00"},null,{"v":0,"d":"$0.00"}]
["ESP 12.6.26","12.6.26","Limpieza y enjuague de los sistemas de circulación de agua Piso 7","un",{"v":1,"d":"1.00"},{"v":4871860,"d":"$4,871,860.00"},{"v":4871860,"d":"$4,871,860.00"},null,{"v":1,"d":"1.00"},null,{"v":0,"d":"$0.00"}]
["ESP 12.6.27","12.6.27","Balanceo y ensayo de flujo de agua Piso 7","un",{"v":1,"d":"1.00"},{"v":6158250,"d":"$6,158,250.00"},{"v":6158250,"d":"$6,158,250.00"},null,{"v":1,"d":"1.00"},null,{"v":0,"d":"$0.00"}]
["ESP 12.6.28","12.6.28","Balanceo de Aire Piso 7","un",{"v":1,"d":"1.00"},{"v":7184625,"d":"$7,184,625.00"},{"v":7184625,"d":"$7,184,625.00"},null,{"v":1,"d":"1.00"},null,{"v":0,"d":"$0.00"}]
["ESP 12.6.29","12.6.29","Prueba de presión de tuberías de agua Piso 8","un",{"v":1,"d":"1.00"},{"v":17037825,"d":"$17,037,825.00"},{"v":17037825,"d":"$17,037,825.00"},null,{"v":1,"d":"1.00"},null,{"v":0,"d":"$0.00"}]
["ESP 12.6.30"," 12.6.30","Limpieza y enjuague de los sistemas de circulación de agua Piso 8","un",{"v":1,"d":"1.00"},{"v":15819860,"d":"$15,819,860.00"},{"v":15819860,"d":"$15,819,860.00"},null,{"v":1,"d":"1.00"},null,{"v":0,"d":"$0.00"}]
["ESP 12.6.31"," 12.6.31","Balanceo y ensayo de flujo de agua Piso 8","un",{"v":1,"d":"1.00"},{"v":10263750,"d":"$10,263,750.00"},{"v":10263750,"d":"$10,263,750.00"},null,{"v":1,"d":"1.00"},null,{"v":0,"d":"$0.00"}]
["ESP 12.6.32","12.6.32","Balanceo de Aire Piso 8","un",{"v":1,"d":"1.00"},{"v":17106250,"d":"$17,106,250.00"},{"v":17106250,"d":"$17,106,250.00"},null,{"v":1,"d":"1.00"},null,{"v":0,"d":"$0.00"}]
[]
[null,null,"TOTAL DE PRUEBAS Y BALANCEOS",{"$nulls":3},{"$f":"SUM(G1353:G1384)","v":{"v":204151496.71,"d":"$204,151,496.71"}},{"$nulls":3},{"$f":"SUM(K1353:K1384)","v":{"v":0,"d":"$0.00"}}]
[]
[null,"12.7.0","INGENIERÍA"]
["ESP 12.7.1","12.7.1","Ingeniería, Supervisión e instalación Piso 1","un",{"v":1,"d":"1.00"},{"v":5090820,"d":"$5,090,820.00"},{"$f":"F1389*E1389","v":{"v":5090820,"d":"$5,090,820.00"}},null,{"v":1,"d":"1.00"},null,{"$f":"J1389*I1389","v":{"v":0,"d":"$0.00"}}]
["ESP 12.7.2","12.7.2","Ingeniería, Supervisión e instalación Piso 2","un",{"v":1,"d":"1.00"},{"v":2216970,"d":"$2,216,970.00"},{"v":2216970,"d":"$2,216,970.00"},null,{"v":1,"d":"1.00"},null,{"v":0,"d":"$0.00"}]
["ESP 12.7.3","12.7.3","Ingeniería, Supervisión e instalación Piso 3","un",{"v":1,"d":"1.00"},{"v":12959695,"d":"$12,959,695.00"},{"v":12959695,"d":"$12,959,695.00"},null,{"v":1,"d":"1.00"},null,{"v":0,"d":"$0.00"}]
["ESP 12.7.4","12.7.4","Ingeniería, Supervisión e instalación Piso 4","un",{"v":1,"d":"1.00"},{"v":12959695,"d":"$12,959,695.00"},{"v":12959695,"d":"$12,959,695.00"},null,{"v":1,"d":"1.00"},null,{"v":0,"d":"$0.00"}]
["ESP 12.7.5","12.7.5","Ingeniería, Supervisión e instalación Piso 5","un",{"v":1,"d":"1.00"},{"v":6117195,"d":"$6,117,195.00"},{"v":6117195,"d":"$6,117,195.00"},null,{"v":1,"d":"1.00"},null,{"v":0,"d":"$0.00"}]
["ESP 12.7.6","12.7.6","Ingeniería, Supervisión e instalación data center","un",{"v":1,"d":"1.00"},{"v":39631760,"d":"$39,631,760.00"},{"v":39631760,"d":"$39,631,760.00"},null,{"v":1,"d":"1.00"},null,{"v":0,"d":"$0.00"}]
["ESP 12.7.7","12.7.7","Ingeniería, Supervisión e instalación Piso 6","un",{"v":1,"d":"1.00"},{"v":9750563,"d":"$9,750,563.00"},{"v":9750563,"d":"$9,750,563.00"},null,{"v":1,"d":"1.00"},null,{"v":0,"d":"$0.00"}]
["ESP 12.7.8","12.7.8","Ingeniería, Supervisión e instalación Piso 7","un",{"v":1,"d":"1.00"},{"v":22067063,"d":"$22,067,063.00"},{"v":22067063,"d":"$22,067,063.00"},null,{"v":1,"d":"1.00"},null,{"v":0,"d":"$0.00"}]
["ESP 12.7.9","12.7.9","Ingeniería, Supervisión e instalación Piso 8","un",{"v":1,"d":"1.00"},{"v":39631760,"d":"$39,631,760.00"},{"v":39631760,"d":"$39,631,760.00"},null,{"v":1,"d":"1.00"},null,{"v":0,"d":"$0.00"}]
[]
[null,null,"TOTAL DE INGENIERIA",{"$nulls":3},{"$f":"SUM(G1389:G1397)","v":{"v":150425521,"d":"$150,425,521.00"}},{"$nulls":3},{"$f":"SUM(K1389:K1397)","v":{"v":0,"d":"$0.00"}}]
[]
[null,null,"TOTAL DE AIRE ACONDICIONADO",{"$nulls":3},{"$f":"SUM(G1399+G1386+G1350+G1334+G1149+G1074+G1048)","v":{"v":20184827207.71,"d":"$20,184,827,207.71"}},{"$nulls":3},{"$f":"SUM(K1399+K1386+K1350+K1334+K1149+K1074+K1048)","v":{"v":0,"d":"$0.00"}}]
[]
[null,"13.0.0","INSTALACIONES ELÉCTRICAS"]
[]
[null,"13.1.0","SISTEMA FOTOVOLTAICO - PANELES SOLARES"]
["ESP 13.1.1","13.1.1","Suministro transporte e instalación de sistema solar fotovoltaico a todo costo, incluye paneles solares JA SOLAR 570Wp o equivalentes, Inversor GROWATT MAC 70KTL3-X MV,Cable solar, conectores MC4 -- [pares], perfiles reguladores Alurack 4,2 m, tornillos galvanizados autoperforantes 2\",ganchos, arandelasy tuercas, MCLAMS ALURACK, uniones ALURACK, bronco y tela, caja metálica 12x12, caja plástica 15x15, E CLAMPS, L alurack, herraje de paso 15x15, tubería coraza 2\", tubería IMC 2\", Tuercas y contratuercas 2\" con polo a tierra, tubería PVC 2\", curva PVC 2\", tubería EMT 2\", Curva PVC 2\", tubería EMT 3 1/2\", curva emt 3 1/2\", jumpers  (20cm x 40 uni), cableado # 1/0 AWG Cu THHN/THWN-2, # 4/0 AWG  Cu THHN/THWN-2, #6 DESNUDO Cu THHN/THWN-2, #2 DESNUDO Cu THHN/THWN-2, varilla de cooperwell, conector tipo tornillo,  grapa tornillo partido, conector en C #1/0, tablero AC 12 ctos, cemento, arena, grava, prensa stopa PG-29, breaker 3X125A Caja Moleada, riel omega, caja bornera AC 160A, espuma sikaboom,barraje para neutro, barraje de cobre para totalizador, barraje para tierra,cinta negra y autofunente, tapones plástico cuadrados, tapones plásticos reguladores,  conectores de resortes rojos, conectores de resortes azules, cintas de colores, cabeza lenteja media pulgada autoperforante 2\", grava doble ala de 2\", cinta badit  y hebillas, cubre filo, percha y yoyo, pega loca, conector curvo de coraza 2\", conectores OB1010 y todos los elementos necesario para su correcto funcionamiento. incluye aprobación por EPM. TRM  $4298.31 COP (24-04-25), fuente: https://www.dolar-colombia.com/mes/2025-04","un",{"v":0,"d":"0.00"},{"v":436122663.16,"d":"$436,122,663.16"},{"$f":"F1406*E1406","v":{"v":0,"d":"$0.00"}},null,{"v":0,"d":"0.00"},null,{"$f":"J1406*I1406","v":{"v":0,"d":"$0.00"}}]
[]
[null,null,"TOTAL DE SISTEMA FOTOVOLTAICO - PANELES SOLARES",{"$nulls":3},{"$f":"G1406","v":{"v":0,"d":"$0.00"}},{"$nulls":3},{"$f":"K1406","v":{"v":0,"d":"$0.00"}}]
[]
[null,"13.2.0","APANTALLAMIENTO"]
["ESP 13.2.1","13.2.1","Suministro, transporte  e instalación de Sistema apantallamiento para el edificio, incluye SISTEMA DE PUESTA A TIERRA: Cable de Cobre desnudo 1/0 AWG 19 hilos (Malla de Tierra) enterrado a 50 cm por zona verde, Varillas Cobre-Cobre 5/8\" de diámetro de 2.4 m longitud, Bornas ponchar de ojo N° 1/0 AWG, Soldadura exotérmica 90 gramos, Molde para soldadura exotérmica cable-cable, Molde para soldadura exotérmica cable-varilla, Caja de inspección en concreto para piso de 50x50. \nAPANTALLAMIENTO SUPERIOR Y BAJANTES: Alambrón de aluminio 8 mm, Conector bimetálico cable 1/0 con caja para transición Rawelt 4x4 y tapa lisa (aluminio-cobre), Soporte conductor tipo SNAP para alambrón 8 mm (incluye fijación), Puntas captadoras altura 1.0 m en aluminio, Puntas captadoras altura 1.2 m en aluminio, Cable 1/0 Aluminio (Bajantes), tubería IMC de 1” con accesorios y fijación, tubería PVC de 1” con accesorios y fijación, Avisos de advertencia (se instalan en cada bajante), Conector lineal o simple para alambrón, Juntas de dilatación alambrón 8 mm.\nIncluye todos los elementos necesario para su correcto funcionamiento. TRM  $4298.31 COP (24-04-25), fuente: https://www.dolar-colombia.com/mes/2025-04","un",{"v":1,"d":"1.00"},{"v":65926259,"d":"$65,926,259.00"},{"$f":"F1411*E1411","v":{"v":65926259,"d":"$65,926,259.00"}},null,{"v":1,"d":"1.00"},null,{"$f":"J1411*I1411","v":{"v":0,"d":"$0.00"}}]
[null,null,"TOTAL DE APANTALLAMIENTO",{"$nulls":3},{"$f":"G1411","v":{"v":65926259,"d":"$65,926,259.00"}},{"$nulls":3},{"$f":"K1411","v":{"v":0,"d":"$0.00"}}]
[]
[null,"13.3.0","SISTEMA DE PUESTA A TIERRA \n"]
["ESP 13.3.1","13.3.1","Suministro transporte e instalación de sistema de puesta a tierra, incluye Cable de Cobre desnudo 4/0 AWG 19 hilos (Malla de Tierra) enterrado a 50 cm por zona verde, Cable de Cobre desnudo 4/0 AWG 19 hilos (colas), Bornas ponchar de ojo N° 4/0 AWG, Varillas Cobre-Cobre 5/8\" de diámetro de 2.4 m longitud, Molde para soldadura exotérmica cable-cable, Soldadura exotérmica 90 gramos, Molde para soldadura exotérmica cable-varilla en T, Carga soldadura exotérmica 115 g, Caja de inspección en concreto para piso, Molde para soldadura exotérmica cable-cable, Carga soldadura exotérmica 200 g, Molde para soldadura exotérmica cable-varilla, Carga soldadura exotérmica 150g, mano de obra y todos los elementos necesarios para su correcto funcionamiento. TRM  $4298.31 COP (24-04-25), fuente: https://www.dolar-colombia.com/mes/2025-04","un",{"v":1,"d":"1.00"},{"v":40698737,"d":"$40,698,737.00"},{"$f":"F1415*E1415","v":{"v":40698737,"d":"$40,698,737.00"}},null,{"v":1,"d":"1.00"},null,{"$f":"J1415*I1415","v":{"v":0,"d":"$0.00"}}]
[]
[null,null,"TOTAL DE SISTEMA DE PUESTA A TIERRA \n",{"$nulls":3},{"$f":"G1415","v":{"v":40698737,"d":"$40,698,737.00"}},{"$nulls":3},{"$f":"K1415","v":{"v":0,"d":"$0.00"}}]
[]
[null,"13.4.0","SUBESTACIÓN ELÉCTRICA"]
[]
[null,"13.4.1","RED PRIMARIA Y ACOMETIDA SUBTERRÁNEA A 13.2 KV"]
["ESP 13.4.1.1","13.4.1.1","Suministro, transporte e instalación de Vestida aisladero norma NC-RA2-017 Acometida primaria. Incluye tubo galvanizado de 4\" fijado en poste, según norma y los materiales necesarios para su correcto funcionamiento.","un",{"v":1,"d":"1.00"},{"v":6888766,"d":"$6,888,766.00"},{"$f":"F1422*E1422","v":{"v":6888766,"d":"$6,888,766.00"}},null,{"v":1,"d":"1.00"},null,{"$f":"J1422*I1422","v":{"v":0,"d":"$0.00"}}]
["ESP 13.4.1.2","13.4.1.2","Suministro, transporte e instalación de Canalización zona anden tubos PVC 2x4\" según norma NC-RS1-005 y los materiales necesarios para su correcto funcionamiento","m",{"v":60,"d":"60.00"},{"v":511788.5,"d":"$511,788.50"},{"v":30707310,"d":"$30,707,310.00"},null,{"v":60,"d":"60.00"},null,{"v":0,"d":"$0.00"}]
["ESP 13.4.1.3","13.4.1.3","Suministro, transporte e instalación de Caja de piso doble tapa norma NC-RS3-005 con tapa. Incluye obra civil y los materiales necesarios para su correcto funcionamiento","un",{"v":2,"d":"2.00"},{"v":3001695.12,"d":"$3,001,695.12"},{"v":6003390.24,"d":"$6,003,390.24"},null,{"v":2,"d":"2.00"},null,{"v":0,"d":"$0.00"}]
["ESP 13.4.1.4","13.4.1.4","Suministro, transporte e instalación de Terminal premoldeado tipo exterior para cable #1/0 monopolar 15 kV. y los materiales necesarios para su correcto funcionamiento","jgo",{"v":1,"d":"1.00"},{"v":2367931.45,"d":"$2,367,931.45"},{"v":2367931.45,"d":"$2,367,931.45"},null,{"v":1,"d":"1.00"},null,{"v":0,"d":"$0.00"}]
["ESP 13.4.1.5","13.4.1.5","Suministro, transporte e instalación de Terminal premoldeado tipo interior para cable #1/0 monopolar 15 kV. y los materiales necesarios para su correcto funcionamiento","jgo",{"v":11,"d":"11.00"},{"v":2187239.34,"d":"$2,187,239.34"},{"v":24059632.74,"d":"$24,059,632.74"},null,{"v":11,"d":"11.00"},null,{"v":0,"d":"$0.00"}]
["ESP 13.4.1.6","13.4.1.6","Suministro, transporte e instalación de Cable 3#1/0 XLPE cobre 15 kV + 1#2 Cu desnudo y los materiales necesarios para su correcto funcionamiento","m",{"v":137,"d":"137.00"},{"v":388898.18,"d":"$388,898.18"},{"v":53279050.66,"d":"$53,279,050.66"},null,{"v":137,"d":"137.00"},null,{"v":0,"d":"$0.00"}]
[]
[null,null,"TOTAL DE RED PRIMARIA Y ACOMETIDA SUBTERRÁNEA A 13.2 KV",{"$nulls":3},{"$f":"SUM(G1422:G1427)","v":{"v":123306081.09,"d":"$123,306,081.09"}},{"$nulls":3},{"$f":"SUM(K1422:K1427)","v":{"v":0,"d":"$0.00"}}]
[]
[null,"13.4.2","CELDAS EN MEDIA TENSIÓN"]
["ESP 13.4.2.1","13.4.2.1","Suministro, transporte e instalación de Celda de medida tipo GBC-A (entrada por cable - salida por barra) con 3 transformadores de corriente 80/5 A Clase 0.5S, 3 transformadores de tensión 13200/120 V, medidor energía principal y respaldo, borneras de prueba y cableado de conexión según proyecto de redes aprobado EPM y los materiales necesarios para su correcto funcionamiento","un",{"v":1,"d":"1.00"},{"v":205487586,"d":"$205,487,586.00"},{"$f":"F1432*E1432","v":{"v":205487586,"d":"$205,487,586.00"}},null,{"v":1,"d":"1.00"},null,{"$f":"J1432*I1432","v":{"v":0,"d":"$0.00"}}]
["ESP 13.4.2.2","13.4.2.2","Suministro, transporte e instalación de Celda de protección con interruptor SM AirSet DMVL-A según proyecto de redes aprobado EPM y los materiales necesarios para su correcto funcionamiento","un",{"v":1,"d":"1.00"},{"v":317010536,"d":"$317,010,536.00"},{"v":317010536,"d":"$317,010,536.00"},null,{"v":1,"d":"1.00"},null,{"v":0,"d":"$0.00"}]
["ESP 13.4.2.3","13.4.2.3","Suministro, transporte e instalación de Celda de remonte de cables libre de gas SF6 tipo GAM-2 según proyecto de redes aprobado EPM y los materiales necesarios para su correcto funcionamiento","un",{"v":1,"d":"1.00"},{"v":50583526,"d":"$50,583,526.00"},{"v":50583526,"d":"$50,583,526.00"},null,{"v":1,"d":"1.00"},null,{"v":0,"d":"$0.00"}]
["ESP 13.4.2.4","13.4.2.4","Suministro, transporte e instalación de Celda de protección seccionador-fusible SM AirSet tipo QM CON DISPARO TRIPOLAR ELÉCTRICO Y MANUAL POR FALLA EN CUALQUIERA DE LAS TRES FASES CON ENCLAVAMIENTO MECÁNICO Y DISPOSITIVO DE PUESTA A TIERRA,. Incluye tres (3) fusibles tipo HH según capacidad en proyecto de redes aprobado EPM y los materiales necesarios para su correcto funcionamiento","un",{"v":4,"d":"4.00"},{"v":102973930,"d":"$102,973,930.00"},{"v":411895720,"d":"$411,895,720.00"},null,{"v":4,"d":"4.00"},null,{"v":0,"d":"$0.00"}]
["ESP 13.4.2.5","13.4.2.5","Suministro, transporte e instalación de Interconexión interna barraje de cobre 630 A entre celdas de seccionadores de media tensión y los materiales necesarios para su correcto funcionamiento","un",{"v":1,"d":"1.00"},{"v":29439488.03,"d":"$29,439,488.03"},{"v":29439488.03,"d":"$29,439,488.03"},null,{"v":1,"d":"1.00"},null,{"v":0,"d":"$0.00"}]
["ESP 13.4.2.6","13.4.2.6","Suministro, transporte e instalación de Cárcamo de 65 cm x 85 cm. Incluye tapa en alfajor, bandeja de 40x8 cm, soportes, fijación y obra civil y los materiales necesarios para su correcto funcionamiento","m",{"v":11,"d":"11.00"},{"v":1217474,"d":"$1,217,474.00"},{"v":13392214,"d":"$13,392,214.00"},null,{"v":11,"d":"11.00"},null,{"v":0,"d":"$0.00"}]
[]
[null,null,"TOTAL DE CELDAS EN MEDIA TENSIÓN",{"$nulls":3},{"$f":"SUM(G1432:G1437)","v":{"v":1027809070.03,"d":"$1,027,809,070.03"}},{"$nulls":3},{"$f":"SUM(K1432:K1437)","v":{"v":0,"d":"$0.00"}}]
[]
[null,"13.4.3","TRANSFORMADORES Y CELDAS"]
["ESP 13.4.3.1","13.4.3.1","Suministro, transporte e instalación de Transformador trifásico tipo seco encapsulado de 630 kVA clase F FACTOR K:13, 13200/208-120 V DE ACUERDO A NORMAS NTC 3445, NTC 3654. Incluye termómetro para control con tarjeta MODBUS TCP/IP y tres (3) DPS -12 kV, 10 kA, 10.2  kV: mcov, celda para transformador de 630 kVA IP20, norma EPM NC-RA8-013 SERIE 15 kV y los materiales necesarios para su correcto funcionamiento","un",{"v":1,"d":"1.00"},{"v":197272385.7,"d":"$197,272,385.70"},{"$f":"F1442*E1442","v":{"v":197272385.7,"d":"$197,272,385.70"}},null,{"v":1,"d":"1.00"},null,{"$f":"J1442*I1442","v":{"v":0,"d":"$0.00"}}]
["ESP 13.4.3.2","13.4.3.2","Suministro, transporte e instalación de Transformador trifásico tipo seco encapsulado de 630 kVA clase F FACTOR K:1, 13200/440-254 V DE ACUERDO A NORMAS NTC 3445, NTC 3654. Incluye termómetro para control con tarjeta MODBUS TCP/IP y tres (3) DPS -12 kV, 10 kA, 10.2  kV: mcov, celda para transformador de 630 kVA IP20, norma EPM NC-RA8-013 SERIE 15 kV  y los materiales necesarios para su correcto funcionamiento","un",{"v":1,"d":"1.00"},{"v":161036885.7,"d":"$161,036,885.70"},{"$f":"F1443*E1443","v":{"v":161036885.7,"d":"$161,036,885.70"}},null,{"v":1,"d":"1.00"},null,{"$f":"J1443*I1443","v":{"v":0,"d":"$0.00"}}]
["ESP 13.4.3.3","13.4.3.3","Suministro, transporte e instalación de Transformador trifásico tipo seco encapsulado de 400 kVA clase F FACTOR K:13, 13200/208-120 V DE ACUERDO A NORMAS NTC 3445, NTC 3654. Incluye termómetro para control con tarjeta MODBUS TCP/IP y tres (3) DPS -12 kV, 10 kA, 10.2  kV: mcov, celda para transformador de 400 kVA IP20, norma EPM NC-RA8-013 SERIE 15 kV y los materiales necesarios para su correcto funcionamiento","un",{"v":2,"d":"2.00"},{"v":157213415.7,"d":"$157,213,415.70"},{"$f":"F1444*E1444","v":{"v":314426831.4,"d":"$314,426,831.40"}},null,{"v":2,"d":"2.00"},null,{"$f":"J1444*I1444","v":{"v":0,"d":"$0.00"}}]
[]
[null,null,"TOTAL DE TRANSFORMADORES Y CELDAS",{"$nulls":3},{"$f":"SUM(G1442:G1444)","v":{"v":672736102.8,"d":"$672,736,102.80"}},{"$nulls":3},{"$f":"SUM(K1442:K1444)","v":{"v":0,"d":"$0.00"}}]
[]
[null,"13.4.4","PLANTAS DE EMERGENCIA"]
["ESP 13.4.4.1","13.4.4.1","Suministro, transporte e instalación de Planta de emergencia de 850 kVA-630 kW-208/120 V Standby Power, cabinada, 60 Hz, trifásica, 1800 RPM, Cummins o similar, 6 cylinders en línea, remoto control panel y los materiales necesarios para su correcto funcionamiento. TRM  $4298.31 COP (24-04-25), fuente: https://www.dolar-colombia.com/mes/2025-04","un",{"v":1,"d":"1.00"},{"v":775405035,"d":"$775,405,035.00"},{"$f":"F1449*E1449","v":{"v":775405035,"d":"$775,405,035.00"}},null,{"v":1,"d":"1.00"},null,{"$f":"J1449*I1449","v":{"v":0,"d":"$0.00"}}]
["ESP 13.4.4.2","13.4.4.2","Suministro, transporte e instalación de Planta de emergencia de 850 kVA-630 kW-440/254 V Standby Power, cabinada, 60 Hz, trifásica, 1800 RPM, Cummins o similar, 6 cylinders en línea, remoto control panel y los materiales necesarios para su correcto funcionamiento. TRM  $4298.31 COP (24-04-25), fuente: https://www.dolar-colombia.com/mes/2025-04","un",{"v":1,"d":"1.00"},{"v":776139421,"d":"$776,139,421.00"},{"$f":"F1450*E1450","v":{"v":776139421,"d":"$776,139,421.00"}},null,{"v":1,"d":"1.00"},null,{"$f":"J1450*I1450","v":{"v":0,"d":"$0.00"}}]
["ESP 13.4.4.3","13.4.4.3","Suministro, transporte e instalación de Planta de emergencia de 563 kVA-450 kW modo de operación continuo, 208/120 V. 60 Hz, cabinada,  trifásica, 1800 RPM, Cummins o similar, 6 cylinders en línea, remoto control panel. Incluye tanque de combustible auxiliar para autonomía de 72 horas en planta de 500 kW y los materiales necesarios para su correcto funcionamiento. TRM  $4298.31 COP (24-04-25), fuente: https://www.dolar-colombia.com/mes/2025-04","un",{"v":2,"d":"2.00"},{"v":628487183,"d":"$628,487,183.00"},{"$f":"F1451*E1451","v":{"v":1256974366,"d":"$1,256,974,366.00"}},null,{"v":2,"d":"2.00"},null,{"$f":"J1451*I1451","v":{"v":0,"d":"$0.00"}}]
[]
[null,null,"TOTAL DE PLANTAS DE EMERGENCIA",{"$nulls":3},{"$f":"SUM(G1449:G1451)","v":{"v":2808518822,"d":"$2,808,518,822.00"}},{"$nulls":3},{"$f":"SUM(K1449:K1451)","v":{"v":0,"d":"$0.00"}}]
[]
[null,null,"TOTAL DE SUBESTACIÓN ELÉCTRICA",{"$nulls":3},{"$f":"SUM(G1453+G1446+G1439+G1429)","v":{"v":4632370075.92,"d":"$4,632,370,075.92"}},{"$nulls":3},{"$f":"SUM(K1453+K1446+K1439+K1429)","v":{"v":0,"d":"$0.00"}}]
[]
[null,"13.5.0","UPS\n"]
["ESP 13.5.1","13.5.1","Suministro, transporte e instalación de UPS Online Trifasico 20 KVA/20KW 208V 3PH, incluye  banco de baterías para UPS 20 KVA @208 VAC con autonomía para 5 minutos al 100% de carga, incluye armado, instalación y puesta en servicio y los materiales necesarios para su correcto funcionamiento.","un",{"v":1,"d":"1.00"},{"v":102700997.4,"d":"$102,700,997.40"},{"$f":"F1458*E1458","v":{"v":102700997.4,"d":"$102,700,997.40"}},null,{"v":1,"d":"1.00"},null,{"$f":"J1458*I1458","v":{"v":0,"d":"$0.00"}}]
["ESP 13.5.2","13.5.2","Suministro, transporte e instalación de UPS Online Trifasico 30 KVA/30KW 208V 3PH, incluye  Banco de baterías para UPS 30 KVA @208 VAC con autonomía para 5 minutos al 100% de carga, incluye armado, instalación y puesta en servicio y los materiales necesarios para su correcto funcionamiento","un",{"v":5,"d":"5.00"},{"v":128621528.4,"d":"$128,621,528.40"},{"v":643107642,"d":"$643,107,642.00"},null,{"v":5,"d":"5.00"},null,{"v":0,"d":"$0.00"}]
["ESP 13.5.3","13.5.3","Suministro, transporte e instalación de UPS Online Frame escalable hasta 40 KVA o redunancia, 208V 3PH -Incluye  módulo de Potencia de 20 KVA, 208V 3PH, tarjeta de monitoreo IntelliSlot con protocolos SNMP, Modbus y/o BACNET IP/485 CARD y banco de baterías para UPS  40 KVA @220 VAC con autonomía para 5 minutos al 100% de carga, incluye armado, instalación y puesta en servicio y los materiales necesarios para su correcto funcionamiento.","un",{"v":1,"d":"1.00"},{"v":152103400.1,"d":"$152,103,400.10"},{"v":152103400.1,"d":"$152,103,400.10"},null,{"v":1,"d":"1.00"},null,{"v":0,"d":"$0.00"}]
["ESP 13.5.4","13.5.4","Suministro, transporte e instalación de UPS Online UPS 3kVA, 3000VA/2700W 120V, montaje en torre y rack y los materiales necesarios para su correcto funcionamiento","un",{"v":8,"d":"8.00"},{"v":7606355,"d":"$7,606,355.00"},{"v":60850840,"d":"$60,850,840.00"},null,{"v":8,"d":"8.00"},null,{"v":0,"d":"$0.00"}]
["ESP 13.5.5","13.5.5","Suministro, transporte e instalación de UPS Online Frame escalable hasta 80 KVA o redunancia, 208V 3PH -Incluye  módulo de Potencia de 20 KVA, 208V 3PH, tarjeta de monitoreo IntelliSlot con protocolos SNMP, Modbus y/o BACNET IP/485 CARD y banco de baterías para UPS  40 KVA @220 VAC con autonomía para 5 minutos al 100% de carga, incluye armado, instalación y puesta en servicio y los materiales necesarios para su correcto funcionamiento","un",{"v":1,"d":"1.00"},{"v":237161306.1,"d":"$237,161,306.10"},{"v":237161306.1,"d":"$237,161,306.10"},null,{"v":1,"d":"1.00"},null,{"v":0,"d":"$0.00"}]
["ESP 13.5.6","13.5.6","Suministro, transporte e instalación de UPS Online Frame escalable hasta 60 KVA o redunancia, 208V 3PH -Incluye  módulo de potencia de 20 KVA, 208V 3PH, tarjeta de monitoreo IntelliSlot con protocolos SNMP, Modbus y/o BACNET IP/485 CARD y banco de baterías para UPS  40 KVA @220 VAC con autonomía para 5 minutos al 100% de carga, incluye armado, instalación y puesta en servicio y los materiales necesarios para su correcto funcionamiento","un",{"v":1,"d":"1.00"},{"v":194877153.1,"d":"$194,877,153.10"},{"v":194877153.1,"d":"$194,877,153.10"},null,{"v":1,"d":"1.00"},null,{"v":0,"d":"$0.00"}]
[]
[null,null,"TOTAL DE UPS\n",{"$nulls":3},{"$f":"SUM(G1458:G1463)","v":{"v":1390801338.6999998,"d":"$1,390,801,338.70"}},{"$nulls":3},{"$f":"SUM(K1458:K1463)","v":{"v":0,"d":"$0.00"}}]
[]
[null,"13.6.0","DATACENTER"]
["ESP 13.6.1","13.6.1","Suministro, transporte e instalación de UPS 3Ø 200 kVA 208/120 V. Incluye módulos de potencia y banco de baterías, extensión de garantía para un total de 3 años, tarjeta de monitoreo IntelliSlot con protocolos SNMP, Modbus y/o BACNET IP/485 CARD y servicio mantenimiento semestral, 2 rutinas semestral UPS 200 kVA - 208 V y los materiales necesarios para su correcto funcionamiento","un",{"v":2,"d":"2.00"},{"v":852396099,"d":"$852,396,099.00"},{"$f":"F1468*E1468","v":{"v":1704792198,"d":"$1,704,792,198.00"}},null,{"v":2,"d":"2.00"},null,{"$f":"J1468*I1468","v":{"v":0,"d":"$0.00"}}]
["ESP 13.6.2","13.6.2","Suministro, transporte e instalación de TABLERO BYPASS TRIFÁSICO PARA 200 kVA, 208/120 V - 800 A y los materiales necesarios para su correcto funcionamiento","un",{"v":2,"d":"2.00"},{"v":190034606.8,"d":"$190,034,606.80"},{"v":380069213.6,"d":"$380,069,213.60"},null,{"v":2,"d":"2.00"},null,{"v":0,"d":"$0.00"}]
["ESP 13.6.3","13.6.3","Suministro, transporte e instalación de TABLERO PDU PARA 50 RACKS SEGÚN DISEÑO  y los materiales necesarios para su correcto funcionamiento","un",{"v":2,"d":"2.00"},{"v":182784152.1,"d":"$182,784,152.10"},{"v":365568304.2,"d":"$365,568,304.20"},null,{"v":2,"d":"2.00"},null,{"v":0,"d":"$0.00"}]
["ESP 13.6.4","13.6.4","Suministro, transporte e instalación de DUCTO 20 cm x 8 cm x 2,40m CON DIVISIÓN  y los materiales necesarios para su correcto funcionamiento        ","m",{"v":145,"d":"145.00"},{"v":178203.06,"d":"$178,203.06"},{"v":25839443.7,"d":"$25,839,443.70"},null,{"v":145,"d":"145.00"},null,{"v":0,"d":"$0.00"}]
["ESP 13.6.5","13.6.5","Suministro, transporte e instalación de CABLE No 12 LSHZ   y los materiales necesarios para su correcto funcionamiento\t","m",{"v":9000,"d":"9,000.00"},{"v":6868.81,"d":"$6,868.81"},{"v":61819290,"d":"$61,819,290.00"},null,{"v":9000,"d":"9,000.00"},null,{"v":0,"d":"$0.00"}]
["ESP 13.6.6","13.6.6","Suministro, transporte e instalación de SALIDA BIFASICA 208V PARA PDU y los materiales necesarios para su correcto funcionamiento","un",{"v":50,"d":"50.00"},{"v":414038.14,"d":"$414,038.14"},{"v":20701907,"d":"$20,701,907.00"},null,{"v":50,"d":"50.00"},null,{"v":0,"d":"$0.00"}]
[]
[null,null,"TOTAL DE DATACENTER",{"$nulls":3},{"$f":"SUM(G1468:G1473)","v":{"v":2558790356.4999995,"d":"$2,558,790,356.50"}},{"$nulls":3},{"$f":"SUM(K1468:K1473)","v":{"v":0,"d":"$0.00"}}]
[]
[null,"13.7.0","SISTEMA CONTROL DE ILUMINACIÓN        \n"]
["ESP 13.7.1","13.7.1","Suministro, transporte e instalación de SALIDAS DE ILUMINACIÓN 120 VAC 15 A y los materiales necesarios para su correcto funcionamiento","un",{"v":3678,"d":"3,678.00"},{"v":312038.14,"d":"$312,038.14"},{"$f":"F1478*E1478","v":{"v":1147676278.92,"d":"$1,147,676,278.92"}},null,{"v":3678,"d":"3,678.00"},null,{"$f":"J1478*I1478","v":{"v":0,"d":"$0.00"}}]
["ESP 13.7.2","13.7.2","Suministro, transporte e instalación de SALIDAS DE INTERRUPTORES y los materiales necesarios para su correcto funcionamiento","un",{"v":25,"d":"25.00"},{"v":328138.14,"d":"$328,138.14"},{"v":8203453.5,"d":"$8,203,453.50"},null,{"v":25,"d":"25.00"},null,{"v":0,"d":"$0.00"}]
["ESP 13.7.3","13.7.3","Suministro, transporte e instalación de LUMINARIA APLIQUE EXTERIOR UP/DOWN y los materiales necesarios para su correcto funcionamiento","un",{"v":16,"d":"16.00"},{"v":1545436.1,"d":"$1,545,436.10"},{"v":24726977.6,"d":"$24,726,977.60"},null,{"v":16,"d":"16.00"},null,{"v":0,"d":"$0.00"}]
["ESP 13.7.4","13.7.4","Suministro, transporte e instalación de LUMINARIA ODIN LENS y los materiales necesarios para su correcto funcionamiento","un",{"v":48,"d":"48.00"},{"v":2510510.1,"d":"$2,510,510.10"},{"v":120504484.80000001,"d":"$120,504,484.80"},null,{"v":48,"d":"48.00"},null,{"v":0,"d":"$0.00"}]
["ESP 13.7.5","13.7.5","Suministro, transporte e instalación de LUMINARIA CILINDRO SOBREPONER SATURNO y los materiales necesarios para su correcto funcionamiento","un",{"v":144,"d":"144.00"},{"v":603276.1,"d":"$603,276.10"},{"v":86871758.39999999,"d":"$86,871,758.40"},null,{"v":144,"d":"144.00"},null,{"v":0,"d":"$0.00"}]
["ESP 13.7.6","13.7.6","Suministro, transporte e instalación de LUMINARIA DE EMERGENCIA ELSU y los materiales necesarios para su correcto funcionamiento","un",{"v":414,"d":"414.00"},{"v":326103.09,"d":"$326,103.09"},{"v":135006679.26000002,"d":"$135,006,679.26"},null,{"v":414,"d":"414.00"},null,{"v":0,"d":"$0.00"}]
["ESP 13.7.7","13.7.7","Suministro, transporte e instalación de LUMINARIA DE EMERGENCIA TIPO MICKEY MOUSE y los materiales necesarios para su correcto funcionamiento","un",{"v":290,"d":"290.00"},{"v":308640.09,"d":"$308,640.09"},{"v":89505626.10000001,"d":"$89,505,626.10"},null,{"v":290,"d":"290.00"},null,{"v":0,"d":"$0.00"}]
["ESP 13.7.8","13.7.8","Suministro, transporte e instalación de LUMINARIA NOTARY ECO 25CM LARGO y los materiales necesarios para su correcto funcionamiento","un",{"v":34,"d":"34.00"},{"v":900544.09,"d":"$900,544.09"},{"v":30618499.06,"d":"$30,618,499.06"},null,{"v":34,"d":"34.00"},null,{"v":0,"d":"$0.00"}]
["ESP 13.7.9","13.7.9","Suministro, transporte e instalación de LUMINARIA DECORATIVA HEXAGONAL y los materiales necesarios para su correcto funcionamiento","un",{"v":80,"d":"80.00"},{"v":5934513.09,"d":"$5,934,513.09"},{"v":474761047.2,"d":"$474,761,047.20"},null,{"v":80,"d":"80.00"},null,{"v":0,"d":"$0.00"}]
["ESP 13.7.10","13.7.10","Suministro, transporte e instalación de LUMINARIA DECORATIVA HEXAGONAL SIN FUENTE LUMINOSA y los materiales necesarios para su correcto funcionamiento","un",{"v":45,"d":"45.00"},{"v":4179799.09,"d":"$4,179,799.09"},{"v":188090959.04999998,"d":"$188,090,959.05"},null,{"v":45,"d":"45.00"},null,{"v":0,"d":"$0.00"}]
["ESP 13.7.11","13.7.11","Suministro, transporte e instalación de RIEL MAGNÉTICO X METRO LINEAL DE 48V (NO INCLUYE ACCESORIOS) y los materiales necesarios para su correcto funcionamiento","un",{"v":90,"d":"90.00"},{"v":1571027.09,"d":"$1,571,027.09"},{"v":141392438.1,"d":"$141,392,438.10"},null,{"v":90,"d":"90.00"},null,{"v":0,"d":"$0.00"}]
["ESP 13.7.12","13.7.12","Suministro, transporte e instalación de LUMINARIA SPOT PARA RIEL MAGNÉTICO DE 48V y los materiales necesarios para su correcto funcionamiento","un",{"v":119,"d":"119.00"},{"v":1059235.09,"d":"$1,059,235.09"},{"v":126048975.71000001,"d":"$126,048,975.71"},null,{"v":119,"d":"119.00"},null,{"v":0,"d":"$0.00"}]
["ESP 13.7.13","13.7.13","Suministro, transporte e instalación de LUMINARIA LINEAL DECORATIVA (SEGÚN DISEÑO X METRO) y los materiales necesarios para su correcto funcionamiento","un",{"v":30,"d":"30.00"},{"v":1539113.09,"d":"$1,539,113.09"},{"v":46173392.7,"d":"$46,173,392.70"},null,{"v":30,"d":"30.00"},null,{"v":0,"d":"$0.00"}]
["ESP 13.7.14","13.7.14","Suministro, transporte e instalación de LUMINARIA PANEL LED 120X30 incluye accesorios de sujeción y los materiales necesarios para su correcto funcionamiento","un",{"v":20,"d":"20.00"},{"v":588033.09,"d":"$588,033.09"},{"v":11760661.799999999,"d":"$11,760,661.80"},null,{"v":20,"d":"20.00"},null,{"v":0,"d":"$0.00"}]
["ESP 13.7.15","13.7.15","Suministro, transporte e instalación de LUMINARIA PANEL LED 60X60 incluye accesorios de sujeción y los materiales necesarios para su correcto funcionamiento","un",{"v":22,"d":"22.00"},{"v":444423.09,"d":"$444,423.09"},{"v":9777307.98,"d":"$9,777,307.98"},null,{"v":22,"d":"22.00"},null,{"v":0,"d":"$0.00"}]
["ESP 13.7.16","13.7.16","Suministro, transporte e instalación de PROYECTOR DE 50W USO EXTERIOR","un",{"v":3,"d":"3.00"},{"v":339005.09,"d":"$339,005.09"},{"v":1017015.27,"d":"$1,017,015.27"},null,{"v":3,"d":"3.00"},null,{"v":0,"d":"$0.00"}]
["ESP 13.7.17","13.7.17","Suministro, transporte e instalación de LUMINARIA TIPO WALLPACK USO EXTERIOR y los materiales necesarios para su correcto funcionamiento","un",{"v":27,"d":"27.00"},{"v":1126216.09,"d":"$1,126,216.09"},{"v":30407834.430000003,"d":"$30,407,834.43"},null,{"v":27,"d":"27.00"},null,{"v":0,"d":"$0.00"}]
["ESP 13.7.18","13.7.18","Suministro, transporte e instalación de LUMINARIA HERMETICA LONGITUD 1200 mm y los materiales necesarios para su correcto funcionamiento","un",{"v":326,"d":"326.00"},{"v":349761.09,"d":"$349,761.09"},{"v":114022115.34,"d":"$114,022,115.34"},null,{"v":326,"d":"326.00"},null,{"v":0,"d":"$0.00"}]
["ESP 13.7.19","13.7.19","Suministro, transporte e instalación de LUMINARIA DOWNLIGHT INCRUSTAR 20W y los materiales necesarios para su correcto funcionamiento","un",{"v":19,"d":"19.00"},{"v":297286.09,"d":"$297,286.09"},{"v":5648435.710000001,"d":"$5,648,435.71"},null,{"v":19,"d":"19.00"},null,{"v":0,"d":"$0.00"}]
["ESP 13.7.20","13.7.20","Suministro, transporte e instalación de LUMINARIA LINEAL 1130 mm DE LONGITUD y los materiales necesarios para su correcto funcionamiento","un",{"v":1410,"d":"1,410.00"},{"v":1484529.09,"d":"$1,484,529.09"},{"v":2093186016.9,"d":"$2,093,186,016.90"},null,{"v":1410,"d":"1,410.00"},null,{"v":0,"d":"$0.00"}]
["ESP 13.7.21","13.7.21","Suministro, transporte e instalación de LUMINARIA MODY G2 REDONDA BLANCA y los materiales necesarios para su correcto funcionamiento","un",{"v":336,"d":"336.00"},{"v":848604.09,"d":"$848,604.09"},{"v":285130974.24,"d":"$285,130,974.24"},null,{"v":336,"d":"336.00"},null,{"v":0,"d":"$0.00"}]
["ESP 13.7.22","13.7.22","Suministro, transporte e instalación de LUMINARIA MODY G2  14W REDONDA BLANCA y los materiales necesarios para su correcto funcionamiento","un",{"v":26,"d":"26.00"},{"v":1000499.09,"d":"$1,000,499.09"},{"v":26012976.34,"d":"$26,012,976.34"},null,{"v":26,"d":"26.00"},null,{"v":0,"d":"$0.00"}]
["ESP 13.7.23","13.7.23","Suministro, transporte e instalación de DOWNLIGHT KOMBI 100 14W DESCOLGADO O SOBREPUESTO y los materiales necesarios para su correcto funcionamiento","un",{"v":127,"d":"127.00"},{"v":1431352.09,"d":"$1,431,352.09"},{"v":181781715.43,"d":"$181,781,715.43"},null,{"v":127,"d":"127.00"},null,{"v":0,"d":"$0.00"}]
["ESP 13.7.24","13.7.24","Suministro, transporte e instalación de DOWNLIGHT KOMBI 150 14W DESCOLGADO O SOBREPUESTO y los materiales necesarios para su correcto funcionamiento","un",{"v":10,"d":"10.00"},{"v":1724645.09,"d":"$1,724,645.09"},{"v":17246450.900000002,"d":"$17,246,450.90"},null,{"v":10,"d":"10.00"},null,{"v":0,"d":"$0.00"}]
["ESP 13.7.25","13.7.25","Suministro, transporte e instalación de RIEL ELECTRIFICADO DALI 2000mm LONGITUD ACABADO NEGRO y los materiales necesarios para su correcto funcionamiento","un",{"v":9,"d":"9.00"},{"v":1488233.09,"d":"$1,488,233.09"},{"v":13394097.81,"d":"$13,394,097.81"},null,{"v":9,"d":"9.00"},null,{"v":0,"d":"$0.00"}]
["ESP 13.7.26","13.7.26","Suministro, transporte e instalación de \"LUMIANRIA SPOT HANCE PARA RIEL ELECTRIFICADO DALI 36° ACABADO EN NEGRO\" y los materiales necesarios para su correcto funcionamiento","un",{"v":18,"d":"18.00"},{"v":1780271.09,"d":"$1,780,271.09"},{"v":32044879.62,"d":"$32,044,879.62"},null,{"v":18,"d":"18.00"},null,{"v":0,"d":"$0.00"}]
["ESP 13.7.27","13.7.27","Suministro, transporte e instalación de LUMINARIA BALA DE EMPOTRAR EN PISO y los materiales necesarios para su correcto funcionamiento","un",{"v":14,"d":"14.00"},{"v":5274020.39,"d":"$5,274,020.39"},{"v":73836285.46,"d":"$73,836,285.46"},null,{"v":14,"d":"14.00"},null,{"v":0,"d":"$0.00"}]
["ESP 13.7.28","13.7.28","Suministro, transporte e instalación de CINTA LED IP65 de 14 × 14 × 4 cm (NO INCLUYE DRIVERS NI ACCESORIOS) y los materiales necesarios para su correcto funcionamiento","un",{"v":1030,"d":"1,030.00"},{"v":156466.09,"d":"$156,466.09"},{"v":161160072.7,"d":"$161,160,072.70"},null,{"v":1030,"d":"1,030.00"},null,{"v":0,"d":"$0.00"}]
["ESP 13.7.29","13.7.29","Suministro, transporte e instalación de LUMINARIA DE USO EXTERIOR IP65 IK06 CON APERTURA DE 20° (FACHADA). Incluye salida eléctrica en fachada y conexión luminaria y los materiales necesarios para su correcto funcionamiento","un",{"v":356,"d":"356.00"},{"v":3360470.23,"d":"$3,360,470.23"},{"v":1196327401.8799999,"d":"$1,196,327,401.88"},null,{"v":356,"d":"356.00"},null,{"v":0,"d":"$0.00"}]
["ESP 13.7.30","13.7.30","Suministro e instalación de AUTOMATIZACIÓN ILUMINACIÓN CONTROL DALI Y AUTOMATIZACIÓN ILUMINACIÓN y los materiales necesarios para su correcto funcionamiento                        ","un",{"v":1,"d":"1.00"},{"v":2412488288.75,"d":"$2,412,488,288.75"},{"v":2412488288.75,"d":"$2,412,488,288.75"},null,{"v":1,"d":"1.00"},null,{"v":0,"d":"$0.00"}]
[]
[null,null,"TOTAL DE SISTEMA CONTROL DE ILUMINACIÓN\t\n",{"$nulls":3},{"$f":"SUM(G1478:G1507)","v":{"v":9284823100.96,"d":"$9,284,823,100.96"}},{"$nulls":3},{"$f":"SUM(K1478:K1507)","v":{"v":0,"d":"$0.00"}}]
[]
[null,"13.8.0","TABLEROS ELÉCTRICOS\n\n"]
["ESP 13.8.1","13.8.1","Suministro, transporte e instalación de TABLERO DE BREAKER DE 12 CTOS 3Ø 208/120 V CON PUERTA Y CHAPA. Incluye protecciones enchufables según cuadro de cargas y los materiales necesarios para su correcto funcionamiento","un",{"v":1,"d":"1.00"},{"v":1660751.95,"d":"$1,660,751.95"},{"$f":"F1512*E1512","v":{"v":1660751.95,"d":"$1,660,751.95"}},null,{"v":1,"d":"1.00"},null,{"$f":"J1512*I1512","v":{"v":0,"d":"$0.00"}}]
["ESP 13.8.2","13.8.2","Suministro, transporte e instalación de  TABLERO DE BREAKER DE 24 CTOS 3Ø 208/120 V CON PUERTA Y CHAPA. Incluye protecciones enchufables según cuadro de cargas y los materiales necesarios para su correcto funcionamiento","un",{"v":2,"d":"2.00"},{"v":2374437.4,"d":"$2,374,437.40"},{"$f":"F1513*E1513","v":{"v":4748874.8,"d":"$4,748,874.80"}},null,{"v":2,"d":"2.00"},null,{"$f":"J1513*I1513","v":{"v":0,"d":"$0.00"}}]
["ESP 13.8.3","13.8.3","Suministro, transporte e instalación de TABLERO DE BREAKER DE 36 CTOS 3Ø 208/120 V CON PUERTA Y CHAPA. Incluye protecciones enchufables según cuadro de cargas y los materiales necesarios para su correcto funcionamiento ","un",{"v":4,"d":"4.00"},{"v":3002214.95,"d":"$3,002,214.95"},{"$f":"F1514*E1514","v":{"v":12008859.8,"d":"$12,008,859.80"}},null,{"v":4,"d":"4.00"},null,{"$f":"J1514*I1514","v":{"v":0,"d":"$0.00"}}]
["ESP 13.8.4","13.8.4","Suministro, transporte e instalación de TABLERO DE BREAKER DE 42 CTOS 3Ø 208/120 V CON PUERTA Y CHAPA. Incluye protecciones enchufables según cuadro de cargas y los materiales necesarios para su correcto funcionamiento","un",{"v":15,"d":"15.00"},{"v":3651954.95,"d":"$3,651,954.95"},{"$f":"F1515*E1515","v":{"v":54779324.25,"d":"$54,779,324.25"}},null,{"v":15,"d":"15.00"},null,{"$f":"J1515*I1515","v":{"v":0,"d":"$0.00"}}]
["ESP 13.8.5","13.8.5","Suministro, transporte e instalación de TABLERO DE BREAKER DE 36 CTOS 3Ø 208/120 V CON ESPACIO PARA TOTALIZADOR DE 3x125 A. Incluye protecciones enchufables según cuadro de cargas y los materiales necesarios para su correcto funcionamiento ","un",{"v":2,"d":"2.00"},{"v":4121766.95,"d":"$4,121,766.95"},{"$f":"F1516*E1516","v":{"v":8243533.9,"d":"$8,243,533.90"}},null,{"v":2,"d":"2.00"},null,{"$f":"J1516*I1516","v":{"v":0,"d":"$0.00"}}]
[]
[null,null,"TOTAL DE TABLEROS ELÉCTRICOS\n\n",{"$nulls":3},{"$f":"SUM(G1512:G1516)","v":{"v":81441344.7,"d":"$81,441,344.70"}},{"$nulls":3},{"$f":"SUM(K1512:K1516)","v":{"v":0,"d":"$0.00"}}]
[null,"13.9.0","SISTEMAS DE TOMACORRIENTES Y SALIDAS "]
["ESP 13.9.1","13.9.1","Suministro, transporte e instalación de SALIDA DE TOMACORRIENTE NORMAL PT 120 V- 15 A CABLE 3 No 12 LSHZ tubería EMT 3/4\" y los materiales necesarios para su correcto funcionamiento","un",{"v":200,"d":"200.00"},{"v":312038.14,"d":"$312,038.14"},{"$f":"F1520*E1520","v":{"v":62407628,"d":"$62,407,628.00"}},null,{"v":200,"d":"200.00"},null,{"$f":"J1520*I1520","v":{"v":0,"d":"$0.00"}}]
["ESP 13.9.2","13.9.2","Suministro, transporte e instalación de SALIDAS DE TOMACORRIENTES NORMALES PT y los materiales necesarios para su correcto funcionamiento","un",{"v":1425,"d":"1,425.00"},{"v":312038.14,"d":"$312,038.14"},{"v":444654349.5,"d":"$444,654,349.50"},null,{"v":1425,"d":"1,425.00"},null,{"v":0,"d":"$0.00"}]
["ESP 13.9.3","13.9.3","Suministro, transporte e instalación de SALIDAS DE TOMACORRIENTES REGULADO PT y los materiales necesarios para su correcto funcionamiento","un",{"v":2436,"d":"2,436.00"},{"v":340438.14,"d":"$340,438.14"},{"v":829307309.0400001,"d":"$829,307,309.04"},null,{"v":2436,"d":"2,436.00"},null,{"v":0,"d":"$0.00"}]
["ESP 13.9.4","13.9.4","Suministro, transporte e instalación de CANALETA METÁLICA 12x5 cm CON DIVISIÓN. INCLUYE TROQUELES, ACCESORIOS, FIJACIÓN, ENTRE OTROS y los materiales necesarios para su correcto funcionamiento","un",{"v":1500,"d":"1,500.00"},{"v":118125.06,"d":"$118,125.06"},{"v":177187590,"d":"$177,187,590.00"},null,{"v":1500,"d":"1,500.00"},null,{"v":0,"d":"$0.00"}]
["ESP 13.9.5","13.9.5","Suministro, transporte e instalación de SALIDA TOMACORRIENTE TRIFÁSICAS 208 V, BOMBA AGUA CALIENTE tubería EMT 3/4\" EN CABLE 4#10 LSZH  y los materiales necesarios para su correcto funcionamiento","un",{"v":1,"d":"1.00"},{"v":502138.14,"d":"$502,138.14"},{"v":502138.14,"d":"$502,138.14"},null,{"v":1,"d":"1.00"},null,{"v":0,"d":"$0.00"}]
["ESP 13.9.6","13.9.6","Suministro, transporte e instalación de SALIDA TOMACORRIENTE Aires Acondicionados FANCOIL 2F-3H CABLE 3 No.12 LSHZ POR tubería EMT 3/4\"  y los materiales necesarios para su correcto funcionamiento","un",{"v":185,"d":"185.00"},{"v":430538.14,"d":"$430,538.14"},{"v":79649555.9,"d":"$79,649,555.90"},null,{"v":185,"d":"185.00"},null,{"v":0,"d":"$0.00"}]
["ESP 13.9.7","13.9.7","Suministro transporte E instalación DE SALIDA 3Ø 208V ANTENA DE COMUNICACIONES PISO 8 tubería IMC 1\" EN CABLE 3#4+1#10 LSZH y los materiales necesarios para su correcto funcionamiento","un",{"v":1,"d":"1.00"},{"v":10984215.95,"d":"$10,984,215.95"},{"v":10984215.95,"d":"$10,984,215.95"},null,{"v":1,"d":"1.00"},null,{"v":0,"d":"$0.00"}]
["ESP 13.9.8","13.9.8","Suministro, transporte e instalación de SALIDA 120 V PARA CARGADOR DE DRONES EN tubería IMC 3/4\" EN CABLE 3#10 LSZH  y los materiales necesarios para su correcto funcionamiento","un",{"v":5,"d":"5.00"},{"v":3800055.47,"d":"$3,800,055.47"},{"v":19000277.35,"d":"$19,000,277.35"},null,{"v":5,"d":"5.00"},null,{"v":0,"d":"$0.00"}]
["ESP 13.9.9","13.9.9","Suministro, transporte e instalación de SALIDAS 2Ø 208 V 7.4 kW PARA CARGADOR DE VEHÍCULO ELÉCTRICO EN tubería EMT 1\" EN CABLE 4#6 LSZH  y los materiales necesarios para su correcto funcionamiento","un",{"v":4,"d":"4.00"},{"v":7473275.95,"d":"$7,473,275.95"},{"v":29893103.8,"d":"$29,893,103.80"},null,{"v":4,"d":"4.00"},null,{"v":0,"d":"$0.00"}]
[]
[null,null,"TOTAL DE SISTEMAS DE TOMACORRIENTES Y SALIDAS ",{"$nulls":3},{"$f":"SUM(G1520:G1528)","v":{"v":1653586167.68,"d":"$1,653,586,167.68"}},{"$nulls":3},{"$f":"SUM(K1520:K1528)","v":{"v":0,"d":"$0.00"}}]
[]
[null,"13.10.0","SISTEMA DE DUCTOS METÁLICOS"]
["ESP 13.10.1","13.10.1","Suministro, transporte e instalación de DUCTO 60 cm x 8 cm x 2,40 m CON DIVISIÓN. Incluye fijación y accesorios y los materiales necesarios para su correcto funcionamiento","un",{"v":1440,"d":"1,440.00"},{"v":357233.15,"d":"$357,233.15"},{"$f":"F1533*E1533","v":{"v":514415736.00000006,"d":"$514,415,736.00"}},null,{"v":1440,"d":"1,440.00"},null,{"$f":"J1533*I1533","v":{"v":0,"d":"$0.00"}}]
["ESP 13.10.2","13.10.2","Suministro, transporte e instalación de DUCTO 20 cm x 8 cm x 2,40 m CON DIVISIÓN. Incluye fijación y accesorios y los materiales necesarios para su correcto funcionamiento","un",{"v":50,"d":"50.00"},{"v":189425.09,"d":"$189,425.09"},{"$f":"F1534*E1534","v":{"v":9471254.5,"d":"$9,471,254.50"}},null,{"v":50,"d":"50.00"},null,{"$f":"J1534*I1534","v":{"v":0,"d":"$0.00"}}]
["ESP 13.10.3","13.10.3","Suministro, transporte e instalación de DUCTO 30 cm x 8 cm. x 2,40 m Incluye fijación y accesorios  y los materiales necesarios para su correcto funcionamiento","un",{"v":36,"d":"36.00"},{"v":294479.14,"d":"$294,479.14"},{"$f":"F1535*E1535","v":{"v":10601249.040000001,"d":"$10,601,249.04"}},null,{"v":36,"d":"36.00"},null,{"$f":"J1535*I1535","v":{"v":0,"d":"$0.00"}}]
[]
[null,null,"TOTAL DE SISTEMA DE DUCTOS METÁLICOS",{"$nulls":3},{"$f":"SUM(G1533:G1535)","v":{"v":534488239.5400001,"d":"$534,488,239.54"}},{"$nulls":3},{"$f":"SUM(K1533:K1535)","v":{"v":0,"d":"$0.00"}}]
[]
[null,"13.11.0","ACOMETIDAS ELÉCTRICAS"]
["ESP 13.11.1","13.11.1","Suministro, transporte e instalación de ACOMETIDA 3Ø EN (3No.2+1No.6+1No.8) Cu-LSZH. Incluye tubería EMT Ø=2\" CON ACCESORIOS y los materiales necesarios para su correcta instalación","m",{"v":196,"d":"196.00"},{"v":262964.43,"d":"$262,964.43"},{"$f":"F1540*E1540","v":{"v":51541028.28,"d":"$51,541,028.28"}},null,{"v":196,"d":"196.00"},null,{"$f":"J1540*I1540","v":{"v":0,"d":"$0.00"}}]
["ESP 13.11.2","13.11.2","Suministro, transporte e instalación de ACOMETIDA 3Ø EN CABLE 6 No.1/0(F)+2 No.1/0(N)+1/0(T) Cu LSZH AWG. Incluye tubería EMT Ø=3\" CON ACCESORIOS y los materiales necesarios para su correcta instalación","m",{"v":15,"d":"15.00"},{"v":769119.17,"d":"$769,119.17"},{"v":11536787.55,"d":"$11,536,787.55"},null,{"v":15,"d":"15.00"},null,{"v":0,"d":"$0.00"}]
["ESP 13.11.3","13.11.3","Suministro, transporte e instalación de TUBO IMC 2\" MÁS ACCESORIO DE INSTALACIÓN y los materiales necesarios para su correcta instalación","m",{"v":40,"d":"40.00"},{"v":187813.97,"d":"$187,813.97"},{"v":7512558.8,"d":"$7,512,558.80"},null,{"v":40,"d":"40.00"},null,{"v":0,"d":"$0.00"}]
["ESP 13.11.4","13.11.4","Suministro, transporte e instalación de ACOMETIDA 3Ø EN (3No.2+1No.2+1No.6) Cu-LSZH. Incluye tubería EMT Ø=2\" CON ACCESORIOS y los materiales necesarios para su correcta instalación","m",{"v":15,"d":"15.00"},{"v":332121.19,"d":"$332,121.19"},{"v":4981817.85,"d":"$4,981,817.85"},null,{"v":15,"d":"15.00"},null,{"v":0,"d":"$0.00"}]
["ESP 13.11.5","13.11.5","Suministro, transporte e instalación de TUBO IMC 3\" MÁS ACCESORIO DE INSTALACIÓN","m",{"v":344,"d":"344.00"},{"v":375081.97,"d":"$375,081.97"},{"v":129028197.67999999,"d":"$129,028,197.68"},null,{"v":344,"d":"344.00"},null,{"v":0,"d":"$0.00"}]
["ESP 13.11.6","13.11.6","Suministro, transporte e instalación de ACOMETIDA 3Ø EN CABLE 3 No.4(F)+1 No.4(N)+8(T) Cu LSZH AWG + TUBO EMT Ø=2\" CON ACCESORIOS y los materiales necesarios para su correcta instalación","m",{"v":16,"d":"16.00"},{"v":234283.92,"d":"$234,283.92"},{"v":3748542.72,"d":"$3,748,542.72"},null,{"v":16,"d":"16.00"},null,{"v":0,"d":"$0.00"}]
["ESP 13.11.7","13.11.7","Suministro, transporte e instalación de ACOMETIDA 3Ø 208 V EN CABLE 3 No.8(F)+1 No.8(N)+1 No.10(T) Cu LSZH AWG. Incluye tubería EMT Ø=1\" CON ACCESORIOS y los materiales necesarios para su correcta instalación","m",{"v":313,"d":"313.00"},{"v":155478.32,"d":"$155,478.32"},{"v":48664714.160000004,"d":"$48,664,714.16"},null,{"v":313,"d":"313.00"},null,{"v":0,"d":"$0.00"}]
["ESP 13.11.8","13.11.8","Suministro, transporte e instalación de TUBO IMC 4\" más ACCESORIOS DE INSTALACIÓN y los materiales necesarios para su correcta instalación","m",{"v":108,"d":"108.00"},{"v":471692.98,"d":"$471,692.98"},{"v":50942841.839999996,"d":"$50,942,841.84"},null,{"v":108,"d":"108.00"},null,{"v":0,"d":"$0.00"}]
["ESP 13.11.9","13.11.9","Suministro, transporte e instalación de CABLE No.12 Cu LSZH AWG (ramales circuitos) y los materiales necesarios para su correcta instalación","m",{"v":175000,"d":"175,000.00"},{"v":6868.01,"d":"$6,868.01"},{"v":1201901750,"d":"$1,201,901,750.00"},null,{"v":175000,"d":"175,000.00"},null,{"v":0,"d":"$0.00"}]
["ESP 13.11.10","13.11.10","Suministro, transporte e instalación de ACOMETIDA 3Ø 440 V EN CABLE 3 No.6(F)+1 No.10(T) Cu LSZH AWG y los materiales necesarios para su correcta instalación","m",{"v":148,"d":"148.00"},{"v":134673.02,"d":"$134,673.02"},{"v":19931606.959999997,"d":"$19,931,606.96"},null,{"v":148,"d":"148.00"},null,{"v":0,"d":"$0.00"}]
["ESP 13.11.11","13.11.11","Suministro, transporte e instalación de ACOMETIDA 3Ø (3No.1/0+1No.1/0+1No.4) Cu LSZH AWG  + TUBO EMT Ø=2\" CON ACCESORIOS y los materiales necesarios para su correcta instalación","m",{"v":105,"d":"105.00"},{"v":419933.97,"d":"$419,933.97"},{"v":44093066.849999994,"d":"$44,093,066.85"},null,{"v":105,"d":"105.00"},null,{"v":0,"d":"$0.00"}]
["ESP 13.11.12","13.11.12","Suministro, transporte e instalación de ACOMETIDA 3Ø (3 No.4/0+1 No.4/0+1 No.1/0) Cu LSZH AWG  + TUBO EMT Ø=3\" CON ACCESORIOS y los materiales necesarios para su correcta instalación","m",{"v":8,"d":"8.00"},{"v":742151.19,"d":"$742,151.19"},{"v":5937209.52,"d":"$5,937,209.52"},null,{"v":8,"d":"8.00"},null,{"v":0,"d":"$0.00"}]
["ESP 13.11.13","13.11.13","Suministro, transporte e instalación de ACOMETIDA 3Ø (3No.1/0+1No.4) Cu LSZH AWG  + TUBO EMT Ø=2\" CON ACCESORIOS y los materiales necesarios para su correcta instalación","m",{"v":524,"d":"524.00"},{"v":356933.97,"d":"$356,933.97"},{"v":187033400.27999997,"d":"$187,033,400.28"},null,{"v":524,"d":"524.00"},null,{"v":0,"d":"$0.00"}]
["ESP 13.11.14","13.11.14","Suministro, transporte e instalación de ACOMETIDA 3Ø EN CABLE 6 No.4/0(F)+2 No.4/0(N)+1 No.4/0(T) Cu LSZH AWG EN tubería EMT Ø=4\" CON ACCESORIOS y los materiales necesarios para su correcta instalación","m",{"v":15,"d":"15.00"},{"v":1434161.99,"d":"$1,434,161.99"},{"v":21512429.85,"d":"$21,512,429.85"},null,{"v":15,"d":"15.00"},null,{"v":0,"d":"$0.00"}]
["ESP 13.11.15","13.11.15","Suministro, transporte e instalación de ACOMETIDA 3Ø EN CABLE 6 No.350(F)+2No.350(N)+1No.4/0(T) Cu LSZH AWG + TUBO EMT 2XØ=3\" CON ACCESORIOS  y los materiales necesarios para su correcta instalación","m",{"v":60,"d":"60.00"},{"v":2332610.44,"d":"$2,332,610.44"},{"v":139956626.4,"d":"$139,956,626.40"},null,{"v":60,"d":"60.00"},null,{"v":0,"d":"$0.00"}]
["ESP 13.11.16","13.11.16","Suministro, transporte e instalación de ACOMETIDA 3Ø EN CABLE 3No.250(F)+1 No.250(N)+1No.2/0(T) Cu LSZH AWG + TUBO EMT 1XØ=3\" CON ACCESORIOS y los materiales necesarios para su correcta instalación","m",{"v":8,"d":"8.00"},{"v":966637.22,"d":"$966,637.22"},{"v":7733097.76,"d":"$7,733,097.76"},null,{"v":8,"d":"8.00"},null,{"v":0,"d":"$0.00"}]
["ESP 13.11.17","13.11.17","Suministro, transporte e instalación de ACOMETIDA 3Ø EN CABLE 9 No.4(F)+3 No.4(N)+3 No.8(T) Cu LSZH AWG + TUBO EMT Ø=3\" CON ACCESORIOS y los materiales necesarios para su correcta instalación","m",{"v":35,"d":"35.00"},{"v":636560.22,"d":"$636,560.22"},{"v":22279607.7,"d":"$22,279,607.70"},null,{"v":35,"d":"35.00"},null,{"v":0,"d":"$0.00"}]
["ESP 13.11.18","13.11.18","Suministro, transporte e instalación de ACOMETIDA 3Ø ENEN CABLE DE Cu 6 No.6(F)+3 No.10(T) LSZH AWG y los materiales necesarios para su correcta instalación","m",{"v":102,"d":"102.00"},{"v":189096.28,"d":"$189,096.28"},{"v":19287820.56,"d":"$19,287,820.56"},null,{"v":102,"d":"102.00"},null,{"v":0,"d":"$0.00"}]
["ESP 13.11.19","13.11.19","Suministro, transporte e instalación de ACOMETIDA 3Ø EN CABLE 6 No.2/0+3 No.1/0 Cu LSZH AWG y los materiales necesarios para su correcta instalación","m",{"v":98,"d":"98.00"},{"v":813111.17,"d":"$813,111.17"},{"v":79684894.66000001,"d":"$79,684,894.66"},null,{"v":98,"d":"98.00"},null,{"v":0,"d":"$0.00"}]
["ESP 13.11.20","13.11.20","Suministro, transporte e instalación de ACOMETIDA EN CABLE 3No.10 Cu LSZH AWG POR DUCTO EXISTENTE y los materiales necesarios para su correcta instalación","m",{"v":97,"d":"97.00"},{"v":50106.24,"d":"$50,106.24"},{"v":4860305.28,"d":"$4,860,305.28"},null,{"v":97,"d":"97.00"},null,{"v":0,"d":"$0.00"}]
["ESP 13.11.21","13.11.21","Suministro, transporte e instalación de ACOMETIDA EN CABLE 4 No.10 Cu LSZH AWG POR DUCTO EXISTENTE y los materiales necesarios para su correcta instalación","m",{"v":177,"d":"177.00"},{"v":62087.36,"d":"$62,087.36"},{"v":10989462.72,"d":"$10,989,462.72"},null,{"v":177,"d":"177.00"},null,{"v":0,"d":"$0.00"}]
["ESP 13.11.22","13.11.22","Suministro, transporte e instalación de ACOMETIDA EN CABLE 2No.8+1No.10 Cu LSZH AWG POR DUCTO EXISTENTE y los materiales necesarios para su correcta instalación","m",{"v":177,"d":"177.00"},{"v":55825.36,"d":"$55,825.36"},{"v":9881088.72,"d":"$9,881,088.72"},null,{"v":177,"d":"177.00"},null,{"v":0,"d":"$0.00"}]
["ESP 13.11.23","13.11.23","Suministro, transporte e instalación de ACOMETIDA EN CABLE 2No.8(F)+1 No.10(T) Cu LSZH AWG. Incluye tubería EMT Ø=1\" CON ACCESORIOS y los materiales necesarios para su correcta instalación","m",{"v":136,"d":"136.00"},{"v":107627.27,"d":"$107,627.27"},{"v":14637308.72,"d":"$14,637,308.72"},null,{"v":136,"d":"136.00"},null,{"v":0,"d":"$0.00"}]
["ESP 13.11.24","13.11.24","Suministro, transporte e instalación de ACOMETIDA EN CABLE 2No.4(F)+1No.8(T) Cu LSZH AWG. Incluye tubería EMT Ø=1\" CON ACCESORIOS y los materiales necesarios para su correcta instalación","m",{"v":40,"d":"40.00"},{"v":151214.28,"d":"$151,214.28"},{"v":6048571.2,"d":"$6,048,571.20"},null,{"v":40,"d":"40.00"},null,{"v":0,"d":"$0.00"}]
["ESP 13.11.25","13.11.25","Suministro, transporte e instalación de ACOMETIDA EN (2No.2+1No.6) Cu-LSZH. Incluye tubería EMT Ø=2\" CON ACCESORIOS y los materiales necesarios para su correcta instalación","m",{"v":55,"d":"55.00"},{"v":225284.49,"d":"$225,284.49"},{"v":12390646.95,"d":"$12,390,646.95"},null,{"v":55,"d":"55.00"},null,{"v":0,"d":"$0.00"}]
["ESP 13.11.26","13.11.26","Suministro, transporte e instalación de ACOMETIDA EN CABLE 2No.6(F)+1No.10(T) Cu LSZH AWG. Incluye tubería EMT Ø=1\" CON ACCESORIOS y los materiales necesarios para su correcta instalación","m",{"v":81,"d":"81.00"},{"v":128413.07,"d":"$128,413.07"},{"v":10401458.67,"d":"$10,401,458.67"},null,{"v":81,"d":"81.00"},null,{"v":0,"d":"$0.00"}]
["ESP 13.11.27","13.11.27","Suministro, transporte e instalación de ACOMETIDA (2No.4/0+1No.1/0) Cu LSZH AWG  + TUBO EMT Ø=2\" CON ACCESORIOS y los materiales necesarios para su correcta instalación","m",{"v":65,"d":"65.00"},{"v":430439.34,"d":"$430,439.34"},{"v":27978557.1,"d":"$27,978,557.10"},null,{"v":65,"d":"65.00"},null,{"v":0,"d":"$0.00"}]
[]
[null,null,"TOTAL DE ACOMETIDAS ELÉCTRICAS",{"$nulls":3},{"$f":"SUM(G1540:G1566)","v":{"v":2154495398.78,"d":"$2,154,495,398.78"}},{"$nulls":3},{"$f":"SUM(K1540:K1566)","v":{"v":0,"d":"$0.00"}}]
[]
[null,"13.12.0","TABLEROS ESPECIALES"]
["ESP 13.12.1","13.12.1","Suministro, transporte e instalación de Tablero eléctrico en baja tensión; tipo transferencia Automática 3x200A, 208VAC, 50KA; fabricado en lamina galvanizada C14 / C16; frente muertos del tipo abisagrados; Pintura electrostática del tipo epoxico RAL 7035; barrajes de cobre electroplateados con capacidad no inferior a 200A, construido y certificado para la capacidad de cortocircuito especificada en planos unifilares; Certificado RETIE a la última actualización y los materiales necesarios para su correcto funcionamiento.","un",{"v":1,"d":"1.00"},{"v":86335738.45,"d":"$86,335,738.45"},{"$f":"F1571*E1571","v":{"v":86335738.45,"d":"$86,335,738.45"}},null,{"v":1,"d":"1.00"},null,{"$f":"J1571*I1571","v":{"v":0,"d":"$0.00"}}]
["ESP 13.12.2","13.12.2","Suministro, transporte e instalación de Tablero m RCI  con protección principal trifásica de\n40 A - 208 V y los materiales necesarios para su correcto funcionamiento","un",{"v":1,"d":"1.00"},{"v":28506490.85,"d":"$28,506,490.85"},{"v":28506490.85,"d":"$28,506,490.85"},null,{"v":1,"d":"1.00"},null,{"v":0,"d":"$0.00"}]
["ESP 13.12.3","13.12.3","Suministro, transporte e instalación de Tablero de Distribución AA CONFORT EDIFICIO C5 / 460 V - PISO 8 y los materiales necesarios para su correcto funcionamiento","un",{"v":1,"d":"1.00"},{"v":239338994.6,"d":"$239,338,994.60"},{"v":239338994.6,"d":"$239,338,994.60"},null,{"v":1,"d":"1.00"},null,{"v":0,"d":"$0.00"}]
["ESP 13.12.4","13.12.4","Suministro, transporte e instalación de Tablero de Distribución AA DATA CENTER 208 V\nPISO 8 y los materiales necesarios para su correcto funcionamiento","un",{"v":2,"d":"2.00"},{"v":172752844.6,"d":"$172,752,844.60"},{"v":345505689.2,"d":"$345,505,689.20"},null,{"v":2,"d":"2.00"},null,{"v":0,"d":"$0.00"}]
["ESP 13.12.5","13.12.5","Suministro, transporte e instalación de Tablero BYPASS 3Ø 60-80 kVA. Incluye protecciones y los materiales necesarios para su correcto funcionamiento","un",{"v":2,"d":"2.00"},{"v":132053996.8,"d":"$132,053,996.80"},{"v":264107993.6,"d":"$264,107,993.60"},null,{"v":2,"d":"2.00"},null,{"v":0,"d":"$0.00"}]
["ESP 13.12.6","13.12.6","Suministro, transporte e instalación de Tablero BYPASS 3Ø 20 kVA. Incluye protecciones y los materiales necesarios para su correcto funcionamiento","un",{"v":2,"d":"2.00"},{"v":58424052.2,"d":"$58,424,052.20"},{"v":116848104.4,"d":"$116,848,104.40"},null,{"v":2,"d":"2.00"},null,{"v":0,"d":"$0.00"}]
["ESP 13.12.7","13.12.7","Suministro, transporte e instalación de Tablero BYPASS 3Ø 30 kVA. Incluye protecciones y los materiales necesarios para su correcto funcionamiento","un",{"v":4,"d":"4.00"},{"v":61175376.2,"d":"$61,175,376.20"},{"v":244701504.8,"d":"$244,701,504.80"},null,{"v":4,"d":"4.00"},null,{"v":0,"d":"$0.00"}]
["ESP 13.12.8","13.12.8","Suministro, transporte e instalación de Tablero BYPASS 3Ø 40 kVA. Incluye protecciones","un",{"v":3,"d":"3.00"},{"v":63230094.8,"d":"$63,230,094.80"},{"v":189690284.39999998,"d":"$189,690,284.40"},null,{"v":3,"d":"3.00"},null,{"v":0,"d":"$0.00"}]
["ESP 13.12.9","13.12.9","Suministro, transporte e instalación de Tablero BYPASS 2Ø 3 kVA. Incluye protecciones y los materiales necesarios para su correcto funcionamiento","un",{"v":8,"d":"8.00"},{"v":3416740.3,"d":"$3,416,740.30"},{"v":27333922.4,"d":"$27,333,922.40"},null,{"v":8,"d":"8.00"},null,{"v":0,"d":"$0.00"}]
["ESP 13.12.10","13.12.10","Suministro, transporte e instalación de Tablero de distribucion piso 1-2.  Incluye protecciones y equipos internos según diseño y los materiales necesarios para su correcto funcionamiento","un",{"v":1,"d":"1.00"},{"v":86674138.45,"d":"$86,674,138.45"},{"v":86674138.45,"d":"$86,674,138.45"},null,{"v":1,"d":"1.00"},null,{"v":0,"d":"$0.00"}]
["ESP 13.12.11","13.12.11","Suministro, transporte e instalación de Tablero de distribución para piso 3. Incluye protecciones y equipos internos según diseño y los materiales necesarios para su correcto funcionamiento","un",{"v":1,"d":"1.00"},{"v":121230271.45,"d":"$121,230,271.45"},{"v":121230271.45,"d":"$121,230,271.45"},null,{"v":1,"d":"1.00"},null,{"v":0,"d":"$0.00"}]
["ESP 13.12.12","13.12.12","Suministro, transporte e instalación de Tablero de distribución para piso 4. Incluye protecciones y equipos internos según diseño y los materiales necesarios para su correcto funcionamiento","un",{"v":1,"d":"1.00"},{"v":121230271.45,"d":"$121,230,271.45"},{"v":121230271.45,"d":"$121,230,271.45"},null,{"v":1,"d":"1.00"},null,{"v":0,"d":"$0.00"}]
["ESP 13.12.13","13.12.13","Suministro, transporte e instalación de Tablero de distribución para piso 5. Incluye protecciones y equipos internos según diseño y los materiales necesarios para su correcto funcionamiento","un",{"v":1,"d":"1.00"},{"v":85360345.45,"d":"$85,360,345.45"},{"v":85360345.45,"d":"$85,360,345.45"},null,{"v":1,"d":"1.00"},null,{"v":0,"d":"$0.00"}]
["ESP 13.12.14","13.12.14","Suministro, transporte e instalación de Tablero de distribución para piso 6. Incluye protecciones y equipos internos según diseño y los materiales necesarios para su correcto funcionamiento","un",{"v":1,"d":"1.00"},{"v":126082672.45,"d":"$126,082,672.45"},{"v":126082672.45,"d":"$126,082,672.45"},null,{"v":1,"d":"1.00"},null,{"v":0,"d":"$0.00"}]
["ESP 13.12.15","13.12.15","Suministro, transporte e instalación de Tablero de distribución para piso 7. Incluye protecciones y equipos internos según diseño y los materiales necesarios para su correcto funcionamiento","un",{"v":1,"d":"1.00"},{"v":128800990.45,"d":"$128,800,990.45"},{"v":128800990.45,"d":"$128,800,990.45"},null,{"v":1,"d":"1.00"},null,{"v":0,"d":"$0.00"}]
["ESP 13.12.16","13.12.16","Suministro, transporte e instalación de TABLERO 3Ø - 208 V ESPECIAL 100 CTOS. Incluye protecciones y equipos internos según diseño y los materiales necesarios para su correcto funcionamiento","un",{"v":11,"d":"11.00"},{"v":148000228.9,"d":"$148,000,228.90"},{"v":1628002517.9,"d":"$1,628,002,517.90"},null,{"v":11,"d":"11.00"},null,{"v":0,"d":"$0.00"}]
["ESP 13.12.17","13.12.17","Suministro, transporte e instalación de TABLERO 3Ø - 208 V ESPECIAL 150 CTOS. Incluye protecciones y equipos internos según diseño y los materiales necesarios para su correcto funcionamiento","un",{"v":3,"d":"3.00"},{"v":157740978.9,"d":"$157,740,978.90"},{"v":473222936.70000005,"d":"$473,222,936.70"},null,{"v":3,"d":"3.00"},null,{"v":0,"d":"$0.00"}]
["ESP 13.12.18","13.12.18","Suministro, transporte e instalación de TABLERO de transferencia en subestación para\n630 kVA-208 V-2500 A según diseño y diagrama unifilar y los materiales necesarios para su correcto funcionamiento","un",{"v":1,"d":"1.00"},{"v":649842856.5,"d":"$649,842,856.50"},{"v":649842856.5,"d":"$649,842,856.50"},null,{"v":1,"d":"1.00"},null,{"v":0,"d":"$0.00"}]
["ESP 13.12.19","13.12.19","Suministro, transporte e instalación de TABLERO de transferencia en subestación para\n630 kVA-440 V-1250 A según diseño y diagrama unifilar y los materiales necesarios para su correcto funcionamiento","un",{"v":1,"d":"1.00"},{"v":377412249.5,"d":"$377,412,249.50"},{"v":377412249.5,"d":"$377,412,249.50"},null,{"v":1,"d":"1.00"},null,{"v":0,"d":"$0.00"}]
["ESP 13.12.20","13.12.20","Suministro, transporte e instalación de TABLERO de transferencia en subestación para\n400 kVA-208 V-1600 A según diseño y diagrama unifilar y los materiales necesarios para su correcto funcionamiento","un",{"v":2,"d":"2.00"},{"v":677758513.5,"d":"$677,758,513.50"},{"v":1355517027,"d":"$1,355,517,027.00"},null,{"v":2,"d":"2.00"},null,{"v":0,"d":"$0.00"}]
["ESP 13.12.21","13.12.21","Suministro, transporte e instalación de TABLERO Distribución 2500 A - 208 VAC para 630 kVA en subestación según diseño y diagrama unifilar y los materiales necesarios para su correcto funcionamiento","un",{"v":1,"d":"1.00"},{"v":317633235.5,"d":"$317,633,235.50"},{"v":317633235.5,"d":"$317,633,235.50"},null,{"v":1,"d":"1.00"},null,{"v":0,"d":"$0.00"}]
["ESP 13.12.22","13.12.22","Suministro, transporte e instalación de TABLEROS distribución para 630 kVA-440 V en subestación según diseño y diagrama unifilar y los materiales necesarios para su correcto funcionamiento","un",{"v":1,"d":"1.00"},{"v":177048810.8,"d":"$177,048,810.80"},{"v":177048810.8,"d":"$177,048,810.80"},null,{"v":1,"d":"1.00"},null,{"v":0,"d":"$0.00"}]
["ESP 13.12.23","13.12.23","Suministro, transporte e instalación de TABLERO protección 208 V-400 kVA-1600 A en subestación para Data Center según diseño y diagrama unifilar y los materiales necesarios para su correcto funcionamiento","un",{"v":2,"d":"2.00"},{"v":269841831.8,"d":"$269,841,831.80"},{"v":539683663.6,"d":"$539,683,663.60"},null,{"v":2,"d":"2.00"},null,{"v":0,"d":"$0.00"}]
["ESP 13.12.24","13.12.24","Suministro, transporte e instalación de TABLERO Banco de condensadores trifásico de 160 kVA - 208 V según diseño y diagrama unifilar y los materiales necesarios para su correcto funcionamiento","un",{"v":1,"d":"1.00"},{"v":137028016.4,"d":"$137,028,016.40"},{"v":137028016.4,"d":"$137,028,016.40"},null,{"v":1,"d":"1.00"},null,{"v":0,"d":"$0.00"}]
["ESP 13.12.25","13.12.25","Suministro, transporte e instalación de TABLERO Banco de condensadores trifásico de 100 kVA - 208 V  según diseño y diagrama unifilar y los materiales necesarios para su correcto funcionamiento","un",{"v":2,"d":"2.00"},{"v":131005135.4,"d":"$131,005,135.40"},{"v":262010270.8,"d":"$262,010,270.80"},null,{"v":2,"d":"2.00"},null,{"v":0,"d":"$0.00"}]
["ESP 13.12.26","13.12.26","Suministro, transporte e instalación de TABLERO BAJA-BAJA CON TRANSFORMADOR SECO DE 150 kVA - 440/220 V y los materiales necesarios para su correcto funcionamiento","un",{"v":1,"d":"1.00"},{"v":155947102.8,"d":"$155,947,102.80"},{"v":155947102.8,"d":"$155,947,102.80"},null,{"v":1,"d":"1.00"},null,{"v":0,"d":"$0.00"}]
["ESP 13.12.27","13.12.27","Suministro, transporte e instalación de TABLERO protección de 2500 A - 208 V en subestación  según diseño y diagrama unifilar y los materiales necesarios para su correcto funcionamiento","un",{"v":1,"d":"1.00"},{"v":440238311.5,"d":"$440,238,311.50"},{"v":440238311.5,"d":"$440,238,311.50"},null,{"v":1,"d":"1.00"},null,{"v":0,"d":"$0.00"}]
["ESP 13.12.28","13.12.28","Suministro, transporte e instalación de TABLERO Banco de condensadores trifásico de 160 kVA - 440 V según diseño y diagrama unifilar y los materiales necesarios para su correcto funcionamiento","un",{"v":1,"d":"1.00"},{"v":190260065.5,"d":"$190,260,065.50"},{"v":190260065.5,"d":"$190,260,065.50"},null,{"v":1,"d":"1.00"},null,{"v":0,"d":"$0.00"}]
["ESP 13.12.29","13.12.29","Suministro, transporte e instalación de TABLERO protección de 1250 A - 440 V en subestación  según diseño y diagrama unifilar y los materiales necesarios para su correcto funcionamiento","un",{"v":1,"d":"1.00"},{"v":190260065.5,"d":"$190,260,065.50"},{"v":190260065.5,"d":"$190,260,065.50"},null,{"v":1,"d":"1.00"},null,{"v":0,"d":"$0.00"}]
[null,null,"TOTAL DE TABLEROS ESPECIALES",{"$nulls":3},{"$f":"SUM(G1571:G1599)","v":{"v":9105854542.400002,"d":"$9,105,854,542.40"}},{"$nulls":3},{"$f":"SUM(K1571:K1599)","v":{"v":0,"d":"$0.00"}}]
[]
[null,"13.13.0","ELECTROBARRAS\n"]
["ESP 13.13.1","13.13.1","Suministro, transporte e instalación de ELECTROBARRA DE 2.500 A fabricada en aluminio para sistema de distribución eléctrica de baja tensión, 208/120 V, IP54, certificado bajo la norma IEC 61439-6 y el RETIE. Incluye accesorios tales como: codo, flanche, escala, tee, cruz, cierre, entre otros  y los materiales necesarios para su correcta instalación","m",{"v":22,"d":"22.00"},{"v":9986955.23,"d":"$9,986,955.23"},{"$f":"F1603*E1603","v":{"v":219713015.06,"d":"$219,713,015.06"}},null,{"v":22,"d":"22.00"},null,{"$f":"J1603*I1603","v":{"v":0,"d":"$0.00"}}]
["ESP 13.13.2","13.13.2","Suministro e instalación de ELECTROBARRA DE 1.250 A fabricada en aluminio para sistema de distribución eléctrica de baja tensión, 208/120 V, IP54, certificado bajo la norma IEC 61439-6 y el RETIE. Incluye accesorios tales como: codo, flanche, escala, tee, cruz, cierre, entre otros  y los materiales necesarios para su correcta instalación                ","m",{"v":167,"d":"167.00"},{"v":5963877.28,"d":"$5,963,877.28"},{"v":995967505.76,"d":"$995,967,505.76"},null,{"v":167,"d":"167.00"},null,{"v":0,"d":"$0.00"}]
["ESP 13.13.3","13.13.3","Suministro e instalación de ELECTROBARRA DE 1.600 A fabricada en aluminio para sistema de distribución eléctrica de baja tensión, 208/120 V, IP54, certificado bajo la norma IEC 61439-6 y el RETIE. Incluye accesorios tales como: codo, flanche, escala, tee, cruz, cierre, entre otros y los materiales necesarios para su correcta instalación","m",{"v":352,"d":"352.00"},{"v":6740972.28,"d":"$6,740,972.28"},{"v":2372822242.56,"d":"$2,372,822,242.56"},null,{"v":352,"d":"352.00"},null,{"v":0,"d":"$0.00"}]
["ESP 13.13.4","13.13.4","Suministro e instalación de ELECTROBARRA DE 630 A fabricada en aluminio para sistema de distribución eléctrica de baja tensión, 208/120 V, IP54, certificado bajo la norma IEC 61439-6 y el RETIE. Incluye accesorios tales como: codo, flanche, escala, tee, cruz, cierre, entre otros y los materiales necesarios para su correcta instalación","m",{"v":70,"d":"70.00"},{"v":4803115.38,"d":"$4,803,115.38"},{"v":336218076.59999996,"d":"$336,218,076.60"},null,{"v":70,"d":"70.00"},null,{"v":0,"d":"$0.00"}]
["ESP 13.13.5","13.13.5","Suministro e instalación de ELECTROBARRA DE 250 A fabricada en aluminio para sistema de distribución eléctrica de baja tensión, 208/120 V, IP54, certificado bajo la norma IEC 61439-6 y el RETIE. Incluye accesorios tales como: codo, flanche, escala, tee, cruz, cierre, entre otros y los materiales necesarios para su correcta instalación","m",{"v":60,"d":"60.00"},{"v":4504196.08,"d":"$4,504,196.08"},{"v":270251764.8,"d":"$270,251,764.80"},null,{"v":60,"d":"60.00"},null,{"v":0,"d":"$0.00"}]
["ESP 13.13.6","13.13.6","Suministro, transporte e instalación de CAJA DE DERIVACIÓN ELECTROBARRA DE 250 A PARA ILUMINACIÓN HASTA 150 A y los materiales necesarios para su correcta instalación","un",{"v":7,"d":"7.00"},{"v":4160883.1,"d":"$4,160,883.10"},{"v":29126181.7,"d":"$29,126,181.70"},null,{"v":7,"d":"7.00"},null,{"v":0,"d":"$0.00"}]
["ESP 13.13.7","13.13.7","Suministro, transporte e instalación de CAJA DE DERIVACIÓN ELECTROBARRA DE 1250 A HASTA 150 A y los materiales necesarios para su correcta instalación","un",{"v":1,"d":"1.00"},{"v":4366883.1,"d":"$4,366,883.10"},{"v":4366883.1,"d":"$4,366,883.10"},null,{"v":1,"d":"1.00"},null,{"v":0,"d":"$0.00"}]
["ESP 13.13.8","13.13.8","Suministro, transporte e instalación de CAJA DE DERIVACIÓN ELECTROBARRA DE 1250 A HASTA 400 A y los materiales necesarios para su correcta instalación","un",{"v":7,"d":"7.00"},{"v":4607336.1,"d":"$4,607,336.10"},{"v":32251352.699999996,"d":"$32,251,352.70"},null,{"v":7,"d":"7.00"},null,{"v":0,"d":"$0.00"}]
["ESP 13.13.9","13.13.9","Suministro, transporte e instalación de CAJA DE DERIVACIÓN ELECTROBARRA DE 1250 A HASTA 600 A  y los materiales necesarios para su correcta instalación","un",{"v":4,"d":"4.00"},{"v":4916336.1,"d":"$4,916,336.10"},{"v":19665344.4,"d":"$19,665,344.40"},null,{"v":4,"d":"4.00"},null,{"v":0,"d":"$0.00"}]
["ESP 13.13.10","13.13.10","Suministro, transporte e instalación de CAJA DE DERIVACIÓN ELECTROBARRA DE 630 A HASTA 150 A y los materiales necesarios para su correcta instalación","un",{"v":7,"d":"7.00"},{"v":4280257.1,"d":"$4,280,257.10"},{"v":29961799.699999996,"d":"$29,961,799.70"},null,{"v":7,"d":"7.00"},null,{"v":0,"d":"$0.00"}]
[]
[null,null,"TOTAL DE ELECTROBARRAS\n",{"$nulls":3},{"$f":"SUM(G1603:G1612)","v":{"v":4310344166.38,"d":"$4,310,344,166.38"}},{"$nulls":3},{"$f":"SUM(K1603:K1612)","v":{"v":0,"d":"$0.00"}}]
[]
[null,"13.14.0","LEGALIZACIÓN Y CERTIFICACIÓN\n"]
["ESP 13.14.1","13.14.1","CERTIFICACIÓN RETIE Y RETILAP","un",{"v":1,"d":"1.00"},{"v":82707200,"d":"$82,707,200.00"},{"$f":"F1617*E1617","v":{"v":82707200,"d":"$82,707,200.00"}},null,{"v":1,"d":"1.00"},null,{"$f":"J1617*I1617","v":{"v":0,"d":"$0.00"}}]
["ESP 13.14.2","13.14.2","Documentación y legalización proyecto\n","un",{"v":1,"d":"1.00"},{"v":17045970,"d":"$17,045,970.00"},{"$f":"F1618*E1618","v":{"v":17045970,"d":"$17,045,970.00"}},null,{"v":1,"d":"1.00"},null,{"$f":"J1618*I1618","v":{"v":0,"d":"$0.00"}}]
[]
[null,null,"TOTAL DE LEGALIZACIÓN Y CERTIFICACIÓN\n",{"$nulls":3},{"$f":"SUM(G1617:G1618)","v":{"v":99753170,"d":"$99,753,170.00"}},{"$nulls":3},{"$f":"SUM(K1617:K1618)","v":{"v":0,"d":"$0.00"}}]
[]
[null,null,"TOTAL DE INSTALACIONES ELÉCTRICAS",{"$nulls":3},{"$f":"SUM(G1620+G1614+G1600+G1568+G1537+G1530+G1518+G1509+G1475++G1465+G1455+G1417+G1412+G1408)","v":{"v":35913372897.560005,"d":"$35,913,372,897.56"}},{"$nulls":3},{"$f":"SUM(K1620+K1614+K1600+K1568+K1537+K1530+K1518+K1509+K1475++K1465+K1455+K1417+K1412+K1408)","v":{"v":0,"d":"$0.00"}}]
[]
[null,"15.0.0","EQUIPOS ESPECIALES"]
[null,"15.1.0","ASCENSORES"]
["ESP 15.1.1","15.1.1","Suministro, transporte, instalación, ajuste y puesta en marcha de equipo completo de ASCENSORES NEXIEZ MRL - sin sala de máquinas marca Mitsubishi o equivalente, con capacidad para 13 personas (1000kg), con apertura central, velocidad de 1,75 m/seg - 105 m/min, para un recorrido de 35 mts.  Fabricado bajo normas JIS (japonesa) /MELCO STD. control VFgloOC, Voltaje Variable y Frecuencia Variable. Sistema de nivelación Controlado electrónicamente por microprocesador y renivelación automática con una precisión de, más o menos 5 mm. con Ancho y altura útil de entrada 900 mm X 2100 mm. Medidas interiores de cabina 1100 mm de ancho X 2100 mm de fondo X 2400 de alto. Parte importada (máquina, control, señalización, transmisión de señales, guías y seguros), de nuestras plantas de Tailandia. La cabina, puertas, bases de máquina, contrapeso, soportes de guías,etc. de nuestra planta de Bello-Antioquia. TRM  $4298.31 COP (24-04-25), fuente: https://www.dolar-colombia.com/mes/2025-04","un",{"v":3,"d":"3.00"},{"v":346282603,"d":"$346,282,603.00"},{"$f":"F1626*E1626","v":{"v":1038847809,"d":"$1,038,847,809.00"}},null,{"v":3,"d":"3.00"},null,{"$f":"J1626*I1626","v":{"v":0,"d":"$0.00"}}]
["ESP 15.1.2","15.1.2","Suministro, transporte, instalación, ajuste y puesta en marcha de equipo Malacate - Ascensor nexies GPX MRL - Sin sala de máquinas, marca Mitsubishi o similar, con capacidad de 8 personas (630 kg) con apertura central, velocidad 1.75 m/seg - 105 m/min. número de entradas y paradas 7 por el mismo lado, operación 1c-2bc colectiva selectiva automaticen ambos sentidos. recorrido de 30 metros, fabricado bajo normas JIS (Japonesa) /melco std,control VFgloOC, voltaje variable y frecuencia variable, sistema de nivelación controlado electrónicamente por microprocesador y renivelación automática con una precisión de más o menos 5mm, ancho y altura útil de 800mmx2100 mm, con medidas interiores de 1100mm de ancho x 1400 mm de fondo x 2370 de alto. procedencia importada (máquina control, señalización, transmisión de señales, guías y seguros) de la planta de MÉXICO. La cabina, puertas, base de máquinas, contrapeso, soportes de guías, etc de la planta de Bello - Antioquia. Panel frontal, puerta cabina, paneles laterales y posterior, zócalo en acero inoxidable satinado. el piso es suministrado por el cliente. incluye espejo YZ-52A medio, pasamanos tubular tipo YH-55S X 2 lados, localizado en la pared lateral y posterior de la cabina. gancho de carpa si y una lona protectora y todos los elementos necesarios para su correcto funcionamiento. TRM  $4298.31 COP (24-04-25), fuente: https://www.dolar-colombia.com/mes/2025-04","un",{"v":1,"d":"1.00"},{"v":245544423.88,"d":"$245,544,423.88"},{"$f":"F1627*E1627","v":{"v":245544423.88,"d":"$245,544,423.88"}},null,{"v":1,"d":"1.00"},null,{"$f":"J1627*I1627","v":{"v":0,"d":"$0.00"}}]
["ESP 15.1.3","15.1.3","Suministro, transporte e instalación de PLATAFORMA ELECTRO HIDRÁULICA DE 1,5m X 1,6m,  altura de elevación 5,4 m,  capacidad 300 Kg. Incluye 2 barandas plegables en plataforma, Capacidad: Kgf 300 kg.área plataforma 1.5m X 1.6m. Ext., altura recogida 0.2 m, altura extendida 5.6 m., velocidad (m/s) 0.1m/s, potencia (hp) 3,0 HP, Tablero de control, estación de mando de 2 pulsadores, (sube y baja más paro de emergencia), en el nivel inferior. El control eléctrico cumple RETIE. y los elementos necesarios para su correcto funcionamiento.","un",{"v":1,"d":"1.00"},{"v":47243000,"d":"$47,243,000.00"},{"$f":"F1628*E1628","v":{"v":47243000,"d":"$47,243,000.00"}},null,{"v":1,"d":"1.00"},null,{"$f":"J1628*I1628","v":{"v":0,"d":"$0.00"}}]
[]
[null,null,"TOTAL DE ASCENSORES",{"$nulls":3},{"$f":"SUM(G1626:G1628)","v":{"v":1331635232.88,"d":"$1,331,635,232.88"}},{"$nulls":3},{"$f":"SUM(K1626:K1628)","v":{"v":0,"d":"$0.00"}}]
[]
[null,null,"TOTAL DE EQUIPOS ESPECIALES",{"$nulls":3},{"$f":"G1630","v":{"v":1331635232.88,"d":"$1,331,635,232.88"}},{"$nulls":3},{"$f":"K1630","v":{"v":0,"d":"$0.00"}}]
[]
[null,"16.0.0","VARIOS GENERALES"]
[null,"16.1","ASEO DE OBRA "]
["ESP 16.1.1","16.1.1","Aseo durante la obra, incluye: recogida de escombros, aseo general, destronque de estructura.","mes",{"v":17,"d":"17.00"},{"v":3500000,"d":"$3,500,000.00"},{"$f":"F1636*E1636","v":{"v":59500000,"d":"$59,500,000.00"}},null,{"v":17,"d":"17.00"},null,{"$f":"J1636*I1636","v":{"v":0,"d":"$0.00"}}]
["ESP 16.1.2","16.1.2","Aseo final de la obra, incluye destronque, limpieza de vidrios, limpieza general a profundidad de todos los espacios del proyecto, tanto de los espacios como el mobiliario.","un",{"v":9,"d":"9.00"},{"v":3500000,"d":"$3,500,000.00"},{"$f":"F1637*E1637","v":{"v":31500000,"d":"$31,500,000.00"}},null,{"v":9,"d":"9.00"},null,{"$f":"J1637*I1637","v":{"v":0,"d":"$0.00"}}]
[]
[null,null,"TOTAL DE VARIOS GENERALES",{"$nulls":3},{"$f":"SUM(G1636:G1637)","v":{"v":91000000,"d":"$91,000,000.00"}},{"$nulls":3},{"$f":"SUM(K1636:K1637)","v":{"v":0,"d":"$0.00"}}]
[]
[1610,"22.0.0","TORRE"]
[null,"22.1.0","Suministro, transporte e instalación de soportes anclajes pernos para torre autosoportada, sección Pernos de anclaje 1 ½” x 120 cm en acero grado 50, Bases de anclaje En concreto de 3.000 psi. , anclajes mecánicos a la torre, Incluye: Entrega de manual teórico con la siguiente información: Memorias de cálculo indicando sitio y coordenadas de instalación. Planos de montaje,","glo",{"v":1,"d":"1.00"},{"v":27769396,"d":"$27,769,396.00"},{"$f":"F1642*E1642","v":{"v":27769396,"d":"$27,769,396.00"}},null,{"v":1,"d":"1.00"},null,{"$f":"J1642*I1642","v":{"v":0,"d":"$0.00"}}]
[{"$nulls":6},{"$f":"+G1642","v":{"v":27769396,"d":"$ 27,769,396"}},{"$nulls":3},{"$f":"+K1642","v":0}]
[]
[null,null,"TOTAL TORRE DE TELECOMUNICACIONES",{"$nulls":3},{"$f":"+G1643","v":{"v":27769396,"d":"$27,769,396.00"}},{"$nulls":3},{"$f":"+K1643","v":{"v":0,"d":"$0.00"}}]
[]
[null,"17.0.0","URBANISMO"]
[]
[null,"17.1.0","EQUIPAMIENTOS URBANOS"]
["ESP 17.1.1","17.1.1","Suministro, transporte e instalación de Ciclo Parqueadero EXTERNOS en forma de U invertida con diagonal tipo EDU. Incluye logo bicicleta, con flance y escudo (solo logo bicicleta) fabricado con lamina de acero inoxidable 304 cal 16 MEDIDAS: LARGO 0.7m x profundidad 0.05m x ALTURA 1m. BICICLETERO fabricado con tubería redonda de 2\" calibre 16. CURVAS conformadas mediante codos en acero inoxidable 304 de 2” cal. 16. FLANCHE de base para anclar a piso de 1/8” de espesor, con escudo fabricado en acero inoxidable 304 calibre 20. incluye mano de obra, concreto de 21mpa para base de anclaje, platina y anclajes y los elementos necesarios para su correcto funcionamiento. ","un",{"v":3,"d":"3.00"},{"v":703035.57,"d":"$703,035.57"},{"$f":"F1650*E1650","v":{"v":2109106.71,"d":"$2,109,106.71"}},null,{"v":3,"d":"3.00"},null,{"$f":"J1650*I1650","v":{"v":0,"d":"$0.00"}}]
["ESP 17.1.2","17.1.2","Suministro, transporte e instalación de Ciclo Parqueadero INTERNOS en forma de U invertida con diagonal tipo EDU. Incluye logo bicicleta, con flance y escudo (solo logo bicicleta) fabricado con lamina de acero inoxidable 304 cal 16 MEDIDAS: LARGO 0.7m x profundidad 0.05m x ALTURA 1m. BICICLETERO fabricado con tubería redonda de 2\" calibre 16. CURVAS conformadas mediante codos en acero inoxidable 304 de 2” cal. 16. FLANCHE de base para anclar a piso de 1/8” de espesor, con escudo fabricado en acero inoxidable 304 calibre 20. incluye mano de obra, concreto de 21mpa para base de anclaje, platina y anclajes y los elementos necesarios para su correcto funcionamiento. ","un",{"v":42,"d":"42.00"},{"v":673812.13,"d":"$673,812.13"},{"v":28300109.46,"d":"$28,300,109.46"},null,{"v":42,"d":"42.00"},null,{"v":0,"d":"$0.00"}]
["ESP 17.1.3","17.1.3","Suministro, transporte e instalación de Basurera contenedor en acero inoxidable 304, con capacidad de .43m2 sistema de rotación, sistema de seguridad, poste ancho anclado a piso en función de hierro gris nodular pintado. no incluye pedestal. incluye pernos, el largo es de  0.4m x profundidad 0.35m x altura 0.9m, base repujada fabricada con lámina de acero inoxidable 304 calibre 20. Poste fabricado con lámina de hierro conformada, cuerpo fabricado con lámina de acero inoxidable 304 calibre 18. Cilindro de 0.5m h x 0.35 de diámetro. El cilindro se entrega soldado al poste mediante cordones discontinuos para disminuir el riesgo del vandalismo y los elementos necesarios para su correcto funcionamiento. ","un",{"v":7,"d":"7.00"},{"v":1139137.13,"d":"$1,139,137.13"},{"v":7973959.909999999,"d":"$7,973,959.91"},null,{"v":7,"d":"7.00"},null,{"v":0,"d":"$0.00"}]
["ESP 17.1.5","17.1.4","Suministro y transporte de Banca - mesa en concreto blanco fungi S de Konkretus o similar ref. 1110-k01. Dimensiones .45*.35 (diámetro x alto), peso 54kg, instalación de sobreponer, se requiere torre grúa para su instalación, ubicación según diseños.","un",{"v":21,"d":"21.00"},{"v":1105674.94,"d":"$1,105,674.94"},{"v":23219173.74,"d":"$23,219,173.74"},null,{"v":21,"d":"21.00"},null,{"v":0,"d":"$0.00"}]
["ESP 17.1.6","17.1.5","Suministro y transporte de Banca ligera Dobbelt Módulo A Konkretus o similar ref. 1254-k01/m04. Dimensiones 1.80*.45*.45 (ancho alto x p), peso 336 kg, instalación de sobreponer, se requiere torre grúa para su instalación, ubicación según diseños.","un",{"v":8,"d":"8.00"},{"v":4053677.44,"d":"$4,053,677.44"},{"v":32429419.52,"d":"$32,429,419.52"},null,{"v":8,"d":"8.00"},null,{"v":0,"d":"$0.00"}]
["ESP 17.1.7","17.1.6","Suministro y transporte de Banca Dobbelt Módulo A con espaldar Konkretus o similar ref. 417K01. Dimensiones 1.80*.79*.45 (ancho alto x p), peso 522 kg, instalación de sobreponer, se requiere torre grúa para su instalación, ubicación según diseños.","un",{"v":6,"d":"6.00"},{"v":3661383.44,"d":"$3,661,383.44"},{"v":21968300.64,"d":"$21,968,300.64"},null,{"v":6,"d":"6.00"},null,{"v":0,"d":"$0.00"}]
["ESP 17.1.8","17.1.7","Suministro y transporte de Banca - mesa en concreto blanco fungi M de Konkretus o similar ref. 1082K01. Dimensiones .90*.40 (diámetro x alto), peso 185 kg, instalación de sobreponer, se requiere torre grúa para su instalación, ubicación según diseños.","un",{"v":11,"d":"11.00"},{"v":2592677.11,"d":"$2,592,677.11"},{"v":28519448.209999997,"d":"$28,519,448.21"},null,{"v":11,"d":"11.00"},null,{"v":0,"d":"$0.00"}]
[]
[null,null,"TOTAL DE EQUIPAMIENTOS URBANOS",{"$nulls":3},{"$f":"SUM(G1650:G1656)","v":{"v":144519518.19,"d":"$144,519,518.19"}},{"$nulls":3},{"$f":"SUM(K1650:K1656)","v":{"v":0,"d":"$0.00"}}]
[]
[null,"17.2.0","EXTERIORES"]
["ESP 17.2.1","17.2.1","Suministro, transporte y colocación de cordón prefabricado de 0.15 x 0.45 x 0.80 m de concreto de 21 Mpa, tres caras, juntas ranurada, referencia Bordillo Barrera Recto Tipo U10 (según M.E.P). Incluye excavación, conformación del terreno, ajustes de concreto o pavimento donde sea necesario, mortero 1:4  de asiento y pega en las longitudes más adecuadas para el desarrollo de la obra, y todo lo necesario para su correcta construcción y funcionamiento. Según diseño.","m",{"v":1157.5396,"d":"1,157.54"},{"v":90239.04,"d":"$90,239.04"},{"$f":"F1661*E1661","v":{"v":104455262.265984,"d":"$104,455,262.27"}},null,{"v":1157.5396,"d":"1,157.54"},null,{"$f":"J1661*I1661","v":{"v":0,"d":"$0.00"}}]
["ESP 17.2.2","17.2.2","Suministro, transporte y colocación de Bordillo rectangular indus. de 0.15 x 0.35 x 0.80 m U50. Incluye excavación, conformación del terreno, ajustes de concreto o pavimento donde sea necesario, mortero 1:4  de asiento y pega en las longitudes más adecuadas para el desarrollo de la obra, y todo lo necesario para su correcta construcción y funcionamiento. Según diseño.","m",{"v":305.2598,"d":"305.26"},{"v":49095.03,"d":"$49,095.03"},{"$f":"F1662*E1662","v":{"v":14986739.038794,"d":"$14,986,739.04"}},null,{"v":305.2598,"d":"305.26"},null,{"$f":"J1662*I1662","v":{"v":0,"d":"$0.00"}}]
[]
[null,null,"TOTAL DE EXTERIORES",{"$nulls":3},{"$f":"SUM(G1661:G1662)","v":{"v":119442001.304778,"d":"$119,442,001.30"}},{"$nulls":3},{"$f":"SUM(K1661:K1662)","v":{"v":0,"d":"$0.00"}}]
[]
[null,"17.3.0","CONCRETOS VARIOS"]
["ESP 17.3.1","17.3.1","Construcción de pedestal de .80 x.60 m para postes de luminarias, por debajo del nivel de la zona verde,  incluye mano de obra, concreto de 21mpa, lleno en base granular, excavación manual, acero, alambre, formaleta y los elementos necesarios para su correcto funcionamiento. ","un",{"v":15,"d":"15.00"},{"v":517972.28,"d":"$517,972.28"},{"$f":"F1667*E1667","v":{"v":7769584.2,"d":"$7,769,584.20"}},null,{"v":15,"d":"15.00"},null,{"$f":"J1667*I1667","v":{"v":0,"d":"$0.00"}}]
["ESP 17.3.2","17.3.2","Construcción de pedestal de .38 x.30 m para basureras, por debajo del nivel de la zona verde,  incluye mano de obra, concreto de 21mpa, lleno, excavación, acero formaleta y los elementos necesarios para su correcto funcionamiento.         ","un",{"v":7,"d":"7.00"},{"v":160061.92,"d":"$160,061.92"},{"$f":"F1668*E1668","v":{"v":1120433.4400000002,"d":"$1,120,433.44"}},null,{"v":7,"d":"7.00"},null,{"$f":"J1668*I1668","v":{"v":0,"d":"$0.00"}}]
[]
[null,null,"TOTAL DE CONCRETOS VARIOS",{"$nulls":3},{"$f":"SUM(G1667:G1668)","v":{"v":8890017.64,"d":"$8,890,017.64"}},{"$nulls":3},{"$f":"SUM(K1667:K1668)","v":{"v":0,"d":"$0.00"}}]
[]
[null,"17.4.0","PISOS EN PREFABRICADO DE CONCRETO"]
["ESP 17.4.1","17.4.1","Colocación de ADOQUÍN TÁCTIL GUÍA O ALERTA 20 x 20 x 6. Color  amarillo marca Indural o equivalente. Para un ancho variables. Incluye suministro y transporte de los adoquines, perfilación, nivelación  del terreno y adecuación de la superficie, mortero 1:4 para la instalación, corte de piezas, arena de sello y todo lo necesario para su correcta construcción y funcionamiento según diseño y recomendaciones del M.E.P.","m",{"v":348.0455,"d":"348.05"},{"v":37547.06,"d":"$37,547.06"},{"$f":"F1673*E1673","v":{"v":13068085.27123,"d":"$13,068,085.27"}},null,{"v":348.0455,"d":"348.05"},null,{"$f":"J1673*I1673","v":{"v":0,"d":"$0.00"}}]
["ESP 17.4.2","17.4.2","Construcción de PISO EN ADOQUÍN EN CONCRETO DE 20x10x6cm COLOR ARENA marca Indural o equivalente. Incluye suministro y transporte de los materiales, cortes a máquina. Seguir recomendación del MEP y patrones de instalación del ICPC. El adoquín deberá resellarse por 2 veces con un lapso de 4 meses luego de su instalación.","m2",{"v":1024.6,"d":"1,024.60"},{"v":225628.23,"d":"$225,628.23"},{"v":231178684.458,"d":"$231,178,684.46"},null,{"v":1024.6,"d":"1,024.60"},null,{"v":0,"d":"$0.00"}]
["ESP 17.4.3","17.4.3","Colocación de ADOQUÍN COLOR AMARILLO de 0,10 x 0,20 x0,06 m. para FRANJA DEMARCADORA VISUAL, marca Indural o equivalente. Incluye suministro y transporte de los materiales, mortero de pega 1:4, malla electro soldada D-50, arena de selle y todos los demás elementos necesarios para su correcta instalación.","m",{"v":86.2479,"d":"86.25"},{"v":18261.94,"d":"$18,261.94"},{"v":1575053.974926,"d":"$1,575,053.97"},null,{"v":86.2479,"d":"86.25"},null,{"v":0,"d":"$0.00"}]
["ESP 17.4.4","17.4.4","Colocación de gramoquin 40 x 40 x 8. Para un ancho variables. Incluye suministro y transporte de los adoquines, perfilación, nivelación  del terreno y adecuación de la superficie, mortero 1:4 para la instalación, corte de piezas, arena de sello y todo lo necesario para su correcta construcción y funcionamiento según diseño.","m2",{"v":5.4,"d":"5.40"},{"v":75199.98,"d":"$75,199.98"},{"v":406079.892,"d":"$406,079.89"},null,{"v":5.4,"d":"5.40"},null,{"v":0,"d":"$0.00"}]
["ESP 17.4.5","17.4.5","Construcción de PISO EN ADOQUÍN EN CONCRETO DE 20x10x8cm COLOR ARENA marca Indural o equivalente, para acceso vehicular. Incluye suministro y transporte de los materiales, cortes a maquina, mortero 1:4 y los demás elementos para su correcto funcionamiento. El adoquín deberá resellarse por 2 veces con un lapso de 4 meses luego de su instalación.","m2",67.35,{"v":248712.48,"d":"$248,712.48"},{"v":16750785.527999999,"d":"$16,750,785.53"},null,67.35,null,{"v":0,"d":"$0.00"}]
[null,"17.4.6","Suministro, transporte instalación de grama para zonas verdes según diseño urbanístico, incluye mano de obra, herramienta, perfilación del terreno, seguridad social, elementos de EPP, y todos los materiales necesarios para su correcta instalación.","m2",{"v":1001.4313,"d":"1,001.43"},{"v":14650,"d":"$14,650.00"},{"v":14670968.545,"d":"$14,670,968.55"},null,{"v":1001.4313,"d":"1,001.43"},null,{"v":0,"d":"$0.00"}]
[]
[null,null,"TOTAL DE PISOS EN PREFABRICADO DE CONCRETO",{"$nulls":3},{"$f":"SUM(G1673:G1678)","v":{"v":277649657.669156,"d":"$277,649,657.67"}},{"$nulls":3},{"$f":"SUM(K1673:K1678)","v":{"v":0,"d":"$0.00"}}]
[1750,null,"VARIOS "]
[]
[null,null,"TOTAL DE URBANISMO",{"$nulls":3},{"$f":"G1680+G1670+G1664+G1658","v":{"v":550501194.803934,"d":"$550,501,194.80"}},{"$nulls":3},{"$f":"K1680+K1670+K1664+K1658","v":{"v":0,"d":"$0.00"}}]
[]
[null,"18.0.0","SILVICULTURA/MANTENIMIENTOS"]
[]
[null,"18.1.0","ESPECIES ORNAMENTALES"]
["ESP 18.1.1","18.1.1","Suministro, transporte y siembra de especies ornamentales tipo Alocasia corazón  de acuerdo a plano de vegetación propuesta. Incluye excavación del hoyo (según el tamaño de la bolsa), tierra abonada en una capa de 10 cm/m2, especies sanas sin plaga, con buen follaje y enraizado completamente desarrollado y en bolsa (no puede ser a raíz desnuda), hidroretenedor (stockosorb) y garantía de prendimiento. ","un",{"v":54,"d":"54.00"},{"v":26180,"d":"$26,180.00"},{"$f":"F1688*E1688","v":{"v":1413720,"d":"$1,413,720.00"}},null,{"v":54,"d":"54.00"},null,{"$f":"J1688*I1688","v":{"v":0,"d":"$0.00"}}]
["ESP 18.1.2","18.1.2","Suministro, transporte y siembra de especies ornamentales tipo Calathea lancifolia  de acuerdo a plano de vegetación propuesta. Incluye excavación del hoyo (según el tamaño de la bolsa), tierra abonada en una capa de 10 cm/m2, especies sanas sin plaga, con buen follaje y enraizado completamente desarrollado y en bolsa (no puede ser a raíz desnuda), hidroretenedor (stockosorb) y garantía de prendimiento. ","un",{"v":93,"d":"93.00"},{"v":21420,"d":"$21,420.00"},{"v":1992060,"d":"$1,992,060.00"},null,{"v":93,"d":"93.00"},null,{"v":0,"d":"$0.00"}]
["ESP 18.1.3","18.1.3","Suministro, transporte y siembra de especies ornamentales tipo Camarón rastrero rojo  altura 20-30cm de acuerdo a plano de vegetación propuesta. Incluye excavación del hoyo (según el tamaño de la bolsa), tierra abonada en una capa de 10 cm/m2, especies sanas sin plaga, con buen follaje y enraizado completamente desarrollado y en bolsa (no puede ser a raíz desnuda), hidroretenedor (stockosorb) y garantía de prendimiento. ","un",{"v":179,"d":"179.00"},{"v":9282,"d":"$9,282.00"},{"v":1661478,"d":"$1,661,478.00"},null,{"v":179,"d":"179.00"},null,{"v":0,"d":"$0.00"}]
["ESP 18.1.4","18.1.4","Suministro, transporte y siembra de especies ornamentales tipo Carey rojo  de acuerdo a plano de vegetación propuesta. Incluye excavación del hoyo (según el tamaño de la bolsa), tierra abonada en una capa de 10 cm/m2, especies sanas sin plaga, con buen follaje y enraizado completamente desarrollado y en bolsa (no puede ser a raíz desnuda), hidroretenedor (stockosorb) y garantía de prendimiento. ","un",{"v":47,"d":"47.00"},{"v":17850,"d":"$17,850.00"},{"v":838950,"d":"$838,950.00"},null,{"v":47,"d":"47.00"},null,{"v":0,"d":"$0.00"}]
["ESP 18.1.5","18.1.5","Suministro, transporte y siembra de especies ornamentales tipo Carey variegado  de acuerdo a plano de vegetación propuesta. Incluye excavación del hoyo (según el tamaño de la bolsa), tierra abonada en una capa de 10 cm/m2, especies sanas sin plaga, con buen follaje y enraizado completamente desarrollado y en bolsa (no puede ser a raíz desnuda), hidroretenedor (stockosorb) y garantía de prendimiento. ","un",{"v":55,"d":"55.00"},{"v":17850,"d":"$17,850.00"},{"v":981750,"d":"$981,750.00"},null,{"v":55,"d":"55.00"},null,{"v":0,"d":"$0.00"}]
["ESP 18.1.6","18.1.6","Suministro, transporte y siembra de especies ornamentales tipo Centavito  de acuerdo a plano de vegetación propuesta. Incluye excavación del hoyo (según el tamaño de la bolsa), tierra abonada en una capa de 10 cm/m2, especies sanas sin plaga, con buen follaje y enraizado completamente desarrollado y en bolsa (no puede ser a raíz desnuda), hidroretenedor (stockosorb) y garantía de prendimiento. ","un",{"v":246,"d":"246.00"},{"v":7735,"d":"$7,735.00"},{"v":1902810,"d":"$1,902,810.00"},null,{"v":246,"d":"246.00"},null,{"v":0,"d":"$0.00"}]
["ESP 18.1.7","18.1.7","Suministro, transporte y siembra de especies ornamentales tipo Dracena reflexa  de acuerdo a plano de vegetación propuesta. Incluye excavación del hoyo (según el tamaño de la bolsa), tierra abonada en una capa de 10 cm/m2, especies sanas sin plaga, con buen follaje y enraizado completamente desarrollado y en bolsa (no puede ser a raíz desnuda), hidroretenedor (stockosorb) y garantía de prendimiento. ","un",{"v":50,"d":"50.00"},{"v":21420,"d":"$21,420.00"},{"v":1071000,"d":"$1,071,000.00"},null,{"v":50,"d":"50.00"},null,{"v":0,"d":"$0.00"}]
["ESP 18.1.8","18.1.8","Suministro, transporte y siembra de especies ornamentales tipo Helecho lomaria de acuerdo a plano de vegetación propuesta. Incluye excavación del hoyo (según el tamaño de la bolsa), tierra abonada en una capa de 10 cm/m2, especies sanas sin plaga, con buen follaje y enraizado completamente desarrollado y en bolsa (no puede ser a raíz desnuda), hidroretenedor (stockosorb) y garantía de prendimiento. ","un",{"v":80,"d":"80.00"},{"v":16660,"d":"$16,660.00"},{"v":1332800,"d":"$1,332,800.00"},null,{"v":80,"d":"80.00"},null,{"v":0,"d":"$0.00"}]
["ESP 18.1.9","18.1.9","Suministro, transporte y siembra de especies ornamentales tipo Helecho nido liso  de acuerdo a plano de vegetación propuesta. Incluye excavación del hoyo (según el tamaño de la bolsa), tierra abonada en una capa de 10 cm/m2, especies sanas sin plaga, con buen follaje y enraizado completamente desarrollado y en bolsa (no puede ser a raíz desnuda), hidroretenedor (stockosorb) y garantía de prendimiento. ","un",{"v":160,"d":"160.00"},{"v":15470,"d":"$15,470.00"},{"v":2475200,"d":"$2,475,200.00"},null,{"v":160,"d":"160.00"},null,{"v":0,"d":"$0.00"}]
["ESP 18.1.10","18.1.10","Suministro, transporte y siembra de especies ornamentales tipo Helecho peine altura 30-40cm de acuerdo a plano de vegetación propuesta. Incluye excavación del hoyo (según el tamaño de la bolsa), tierra abonada en una capa de 10 cm/m2, especies sanas sin plaga, con buen follaje y enraizado completamente desarrollado y en bolsa (no puede ser a raíz desnuda), hidroretenedor (stockosorb) y garantía de prendimiento. ","un",{"v":106,"d":"106.00"},{"v":5355,"d":"$5,355.00"},{"v":567630,"d":"$567,630.00"},null,{"v":106,"d":"106.00"},null,{"v":0,"d":"$0.00"}]
["ESP 18.1.11","18.1.11","Suministro, transporte y siembra de especies ornamentales tipo Hiedra común  de acuerdo a plano de vegetación propuesta. Incluye excavación del hoyo (según el tamaño de la bolsa), tierra abonada en una capa de 10 cm/m2, especies sanas sin plaga, con buen follaje y enraizado completamente desarrollado y en bolsa (no puede ser a raíz desnuda), hidroretenedor (stockosorb) y garantía de prendimiento. ","un",{"v":263,"d":"263.00"},{"v":3570,"d":"$3,570.00"},{"v":938910,"d":"$938,910.00"},null,{"v":263,"d":"263.00"},null,{"v":0,"d":"$0.00"}]
["ESP 18.1.12","18.1.12","Suministro, transporte y siembra de especies ornamentales tipo Iris Africano altura 30-40cm de acuerdo a plano de vegetación propuesta. Incluye excavación del hoyo (según el tamaño de la bolsa), tierra abonada en una capa de 10 cm/m2, especies sanas sin plaga, con buen follaje y enraizado completamente desarrollado y en bolsa (no puede ser a raíz desnuda), hidroretenedor (stockosorb) y garantía de prendimiento. ","un",{"v":113,"d":"113.00"},{"v":4760,"d":"$4,760.00"},{"v":537880,"d":"$537,880.00"},null,{"v":113,"d":"113.00"},null,{"v":0,"d":"$0.00"}]
["ESP 18.1.13","18.1.13","Suministro, transporte y siembra de especies ornamentales tipo lavanda  de acuerdo a plano de vegetación propuesta. Incluye excavación del hoyo (según el tamaño de la bolsa), tierra abonada en una capa de 10 cm/m2, especies sanas sin plaga, con buen follaje y enraizado completamente desarrollado y en bolsa (no puede ser a raíz desnuda), hidroretenedor (stockosorb) y garantía de prendimiento. ","un",{"v":68,"d":"68.00"},{"v":8925,"d":"$8,925.00"},{"v":606900,"d":"$606,900.00"},null,{"v":68,"d":"68.00"},null,{"v":0,"d":"$0.00"}]
["ESP 18.1.14","18.1.14","Suministro, transporte y siembra de especies ornamentales tipo Lino verde  de acuerdo a plano de vegetación propuesta. Incluye excavación del hoyo (según el tamaño de la bolsa), tierra abonada en una capa de 10 cm/m2, especies sanas sin plaga, con buen follaje y enraizado completamente desarrollado y en bolsa (no puede ser a raíz desnuda), hidroretenedor (stockosorb) y garantía de prendimiento. ","un",{"v":117,"d":"117.00"},{"v":21420,"d":"$21,420.00"},{"v":2506140,"d":"$2,506,140.00"},null,{"v":117,"d":"117.00"},null,{"v":0,"d":"$0.00"}]
["ESP 18.1.15","18.1.15","Suministro, transporte y siembra de especies ornamentales tipo Liriope verde  de acuerdo a plano de vegetación propuesta. Incluye excavación del hoyo (según el tamaño de la bolsa), tierra abonada en una capa de 10 cm/m2, especies sanas sin plaga, con buen follaje y enraizado completamente desarrollado y en bolsa (no puede ser a raíz desnuda), hidroretenedor (stockosorb) y garantía de prendimiento. ","un",{"v":161,"d":"161.00"},{"v":3808,"d":"$3,808.00"},{"v":613088,"d":"$613,088.00"},null,{"v":161,"d":"161.00"},null,{"v":0,"d":"$0.00"}]
["ESP 18.1.16","18.1.16","Suministro, transporte y siembra de especies ornamentales tipo Malamadre  de acuerdo a plano de vegetación propuesta. Incluye excavación del hoyo (según el tamaño de la bolsa), tierra abonada en una capa de 10 cm/m2, especies sanas sin plaga, con buen follaje y enraizado completamente desarrollado y en bolsa (no puede ser a raíz desnuda), hidroretenedor (stockosorb) y garantía de prendimiento. ","un",{"v":159,"d":"159.00"},{"v":7735,"d":"$7,735.00"},{"v":1229865,"d":"$1,229,865.00"},null,{"v":159,"d":"159.00"},null,{"v":0,"d":"$0.00"}]
["ESP 18.1.17","18.1.17","Suministro, transporte y siembra de especies ornamentales tipo Maní forrajero  de acuerdo a plano de vegetación propuesta. Incluye excavación del hoyo (según el tamaño de la bolsa), tierra abonada en una capa de 10 cm/m2, especies sanas sin plaga, con buen follaje y enraizado completamente desarrollado y en bolsa (no puede ser a raíz desnuda), hidroretenedor (stockosorb) y garantía de prendimiento. ","un",{"v":403,"d":"403.00"},{"v":1309,"d":"$1,309.00"},{"v":527527,"d":"$527,527.00"},null,{"v":403,"d":"403.00"},null,{"v":0,"d":"$0.00"}]
["ESP 18.1.18","18.1.18","Suministro, transporte y siembra de especies ornamentales tipo Mejorana  de acuerdo a plano de vegetación propuesta. Incluye excavación del hoyo (según el tamaño de la bolsa), tierra abonada en una capa de 10 cm/m2, especies sanas sin plaga, con buen follaje y enraizado completamente desarrollado y en bolsa (no puede ser a raíz desnuda), hidroretenedor (stockosorb) y garantía de prendimiento. ","un",{"v":131,"d":"131.00"},{"v":8758,"d":"$8,758.00"},{"v":1147298,"d":"$1,147,298.00"},null,{"v":131,"d":"131.00"},null,{"v":0,"d":"$0.00"}]
["ESP 18.1.19","18.1.19","Suministro, transporte y siembra de especies ornamentales tipo Miami variegado  de acuerdo a plano de vegetación propuesta. Incluye excavación del hoyo (según el tamaño de la bolsa), tierra abonada en una capa de 10 cm/m2, especies sanas sin plaga, con buen follaje y enraizado completamente desarrollado y en bolsa (no puede ser a raíz desnuda), hidroretenedor (stockosorb) y garantía de prendimiento. ","un",{"v":290,"d":"290.00"},{"v":23205,"d":"$23,205.00"},{"v":6729450,"d":"$6,729,450.00"},null,{"v":290,"d":"290.00"},null,{"v":0,"d":"$0.00"}]
["ESP 18.1.20","18.1.20","Suministro, transporte y siembra de especies ornamentales tipo Miami verde  altura 10cm de acuerdo a plano de vegetación propuesta. Incluye excavación del hoyo (según el tamaño de la bolsa), tierra abonada en una capa de 10 cm/m2, especies sanas sin plaga, con buen follaje y enraizado completamente desarrollado y en bolsa (no puede ser a raíz desnuda), hidroretenedor (stockosorb) y garantía de prendimiento. ","un",{"v":396,"d":"396.00"},{"v":11305,"d":"$11,305.00"},{"v":4476780,"d":"$4,476,780.00"},null,{"v":396,"d":"396.00"},null,{"v":0,"d":"$0.00"}]
["ESP 18.1.21","18.1.21","Suministro, transporte y siembra de especies ornamentales tipo Milenrama de acuerdo a plano de vegetación propuesta. Incluye excavación del hoyo (según el tamaño de la bolsa), tierra abonada en una capa de 10 cm/m2, especies sanas sin plaga, con buen follaje y enraizado completamente desarrollado y en bolsa (no puede ser a raíz desnuda), hidroretenedor (stockosorb) y garantía de prendimiento. ","un",{"v":137,"d":"137.00"},{"v":17850,"d":"$17,850.00"},{"v":2445450,"d":"$2,445,450.00"},null,{"v":137,"d":"137.00"},null,{"v":0,"d":"$0.00"}]
["ESP 18.1.22","18.1.22","Suministro, transporte y siembra de especies ornamentales tipo Orégano  de acuerdo a plano de vegetación propuesta. Incluye excavación del hoyo (según el tamaño de la bolsa), tierra abonada en una capa de 10 cm/m2, especies sanas sin plaga, con buen follaje y enraizado completamente desarrollado y en bolsa (no puede ser a raíz desnuda), hidroretenedor (stockosorb) y garantía de prendimiento. ","un",{"v":137,"d":"137.00"},{"v":5712,"d":"$5,712.00"},{"v":782544,"d":"$782,544.00"},null,{"v":137,"d":"137.00"},null,{"v":0,"d":"$0.00"}]
["ESP 18.1.23","18.1.23","Suministro, transporte y siembra de especies ornamentales tipo Sinvergüenza  de acuerdo a plano de vegetación propuesta. Incluye excavación del hoyo (según el tamaño de la bolsa), tierra abonada en una capa de 10 cm/m2, especies sanas sin plaga, con buen follaje y enraizado completamente desarrollado y en bolsa (no puede ser a raíz desnuda), hidroretenedor (stockosorb) y garantía de prendimiento. ","un",{"v":88,"d":"88.00"},{"v":6545,"d":"$6,545.00"},{"v":575960,"d":"$575,960.00"},null,{"v":88,"d":"88.00"},null,{"v":0,"d":"$0.00"}]
["ESP 18.1.24","18.1.24","Suministro, transporte y siembra de especies ornamentales tipo Piropo  de acuerdo a plano de vegetación propuesta. Incluye excavación del hoyo (según el tamaño de la bolsa), tierra abonada en una capa de 10 cm/m2, especies sanas sin plaga, con buen follaje y enraizado completamente desarrollado y en bolsa (no puede ser a raíz desnuda), hidroretenedor (stockosorb) y garantía de prendimiento. ","un",{"v":131,"d":"131.00"},{"v":27489,"d":"$27,489.00"},{"v":3601059,"d":"$3,601,059.00"},null,{"v":131,"d":"131.00"},null,{"v":0,"d":"$0.00"}]
["ESP 18.1.25","18.1.25","Suministro, transporte y siembra de especies ornamentales tipo Sábila de acuerdo a plano de vegetación propuesta. Incluye excavación del hoyo (según el tamaño de la bolsa), tierra abonada en una capa de 10 cm/m2, especies sanas sin plaga, con buen follaje y enraizado completamente desarrollado y en bolsa (no puede ser a raíz desnuda), hidroretenedor (stockosorb) y garantía de prendimiento. ","un",{"v":49,"d":"49.00"},{"v":6902,"d":"$6,902.00"},{"v":338198,"d":"$338,198.00"},null,{"v":49,"d":"49.00"},null,{"v":0,"d":"$0.00"}]
["ESP 18.1.26","18.1.26","Suministro, transporte y siembra de especies ornamentales tipo Roheo de acuerdo a plano de vegetación propuesta. Incluye excavación del hoyo (según el tamaño de la bolsa), tierra abonada en una capa de 10 cm/m2, especies sanas sin plaga, con buen follaje y enraizado completamente desarrollado y en bolsa (no puede ser a raíz desnuda), hidroretenedor (stockosorb) y garantía de prendimiento. ","un",{"v":97,"d":"97.00"},{"v":5593,"d":"$5,593.00"},{"v":542521,"d":"$542,521.00"},null,{"v":97,"d":"97.00"},null,{"v":0,"d":"$0.00"}]
["ESP 18.1.27","18.1.27","Suministro, transporte y siembra de especies ornamentales tipo Sabillón de acuerdo a plano de vegetación propuesta. Incluye excavación del hoyo (según el tamaño de la bolsa), tierra abonada en una capa de 10 cm/m2, especies sanas sin plaga, con buen follaje y enraizado completamente desarrollado y en bolsa (no puede ser a raíz desnuda), hidroretenedor (stockosor) y garantía de prendimiento. ","un",{"v":97,"d":"97.00"},{"v":11781,"d":"$11,781.00"},{"v":1142757,"d":"$1,142,757.00"},null,{"v":97,"d":"97.00"},null,{"v":0,"d":"$0.00"}]
["ESP 18.1.28","18.1.28","Suministro, transporte y siembra de especies ornamentales tipo Zebrina de acuerdo a plano de vegetación propuesta. Incluye excavación del hoyo (según el tamaño de la bolsa), tierra abonada en una capa de 10 cm/m2, especies sanas sin plaga, con buen follaje y enraizado completamente desarrollado y en bolsa (no puede ser a raíz desnuda), hidroretenedor (stockosorb) y garantía de prendimiento. ","un",{"v":98,"d":"98.00"},{"v":19635,"d":"$19,635.00"},{"v":1924230,"d":"$1,924,230.00"},null,{"v":98,"d":"98.00"},null,{"v":0,"d":"$0.00"}]
["ESP 18.1.29","18.1.29","Suministro, transporte y siembra de especies ornamentales tipo Uvo ruso altura  3 - 5 cm de acuerdo a plano de vegetación propuesta. Incluye excavación del hoyo (según el tamaño de la bolsa), tierra abonada en una capa de 10 cm/m2, especies sanas sin plaga, con buen follaje y enraizado completamente desarrollado y en bolsa (no puede ser a raíz desnuda), hidroretenedor (stockosorb) y garantía de prendimiento. ","un",{"v":281,"d":"281.00"},{"v":11305,"d":"$11,305.00"},{"v":3176705,"d":"$3,176,705.00"},null,{"v":281,"d":"281.00"},null,{"v":0,"d":"$0.00"}]
["ESP 18.1.30","18.1.30","Suministro, transporte y siembra de especies ornamentales tipo Wedelia altura 10-20 cm de acuerdo a plano de vegetación propuesta. Incluye excavación del hoyo (según el tamaño de la bolsa), tierra abonada en una capa de 10 cm/m2, especies sanas sin plaga, con buen follaje y enraizado completamente desarrollado y en bolsa (no puede ser a raíz desnuda), hidroretenedor (stockosorb) y garantía de prendimiento. ","un",{"v":182,"d":"182.00"},{"v":2975,"d":"$2,975.00"},{"v":541450,"d":"$541,450.00"},null,{"v":182,"d":"182.00"},null,{"v":0,"d":"$0.00"}]
["ESP 18.1.31","18.1.31","Suministro, transporte y siembra de especies ornamentales tipo Pilea aluminio de acuerdo a plano de vegetación propuesta. Incluye excavación del hoyo (según el tamaño de la bolsa), tierra abonada en una capa de 10 cm/m2, especies sanas sin plaga, con buen follaje y enraizado completamente desarrollado y en bolsa (no puede ser a raíz desnuda), hidroretenedor (stockosorb) y garantía de prendimiento. ","un",{"v":246,"d":"246.00"},{"v":17850,"d":"$17,850.00"},{"v":4391100,"d":"$4,391,100.00"},null,{"v":246,"d":"246.00"},null,{"v":0,"d":"$0.00"}]
["ESP 18.1.32","18.1.32","Suministro, transporte y siembra de especies ornamentales tipo vinca de acuerdo a plano de vegetación propuesta. Incluye excavación del hoyo (según el tamaño de la bolsa), tierra abonada en una capa de 10 cm/m2, especies sanas sin plaga, con buen follaje y enraizado completamente desarrollado y en bolsa (no puede ser a raíz desnuda), hidroretenedor (stockosorb) y garantía de prendimiento. ","un",{"v":239,"d":"239.00"},{"v":5712,"d":"$5,712.00"},{"v":1365168,"d":"$1,365,168.00"},null,{"v":239,"d":"239.00"},null,{"v":0,"d":"$0.00"}]
["ESP 18.1.33","18.1.33","Suministro, transporte y siembra de especies ornamentales tipo Uña de gato de acuerdo a plano de vegetación propuesta. Incluye excavación del hoyo (según el tamaño de la bolsa), tierra abonada en una capa de 10 cm/m2, especies sanas sin plaga, con buen follaje y enraizado completamente desarrollado y en bolsa (no puede ser a raíz desnuda), hidroretenedor (stockosorb) y garantía de prendimiento. ","un",{"v":61,"d":"61.00"},{"v":4165,"d":"$4,165.00"},{"v":254065,"d":"$254,065.00"},null,{"v":61,"d":"61.00"},null,{"v":0,"d":"$0.00"}]
["ESP 18.1.34","18.1.34","Suministro, transporte y siembra de especies ornamentales tipo Mafafa verde altura 80cm de acuerdo a plano de vegetación propuesta. Incluye excavación del hoyo (según el tamaño de la bolsa), tierra abonada en una capa de 10 cm/m2, especies sanas sin plaga, con buen follaje y enraizado completamente desarrollado y en bolsa (no puede ser a raíz desnuda), hidroretenedor (stockosorb) y garantía de prendimiento. ","un",{"v":6,"d":"6.00"},{"v":92820,"d":"$92,820.00"},{"v":556920,"d":"$556,920.00"},null,{"v":6,"d":"6.00"},null,{"v":0,"d":"$0.00"}]
["ESP 18.1.35","18.1.35","Suministro, transporte y siembra de especies ornamentales tipo Filodendro Selloum altura 30 - 40 cm de acuerdo a plano de vegetación propuesta. Incluye excavación del hoyo (según el tamaño de la bolsa), tierra abonada en una capa de 10 cm/m2, especies sanas sin plaga, con buen follaje y enraizado completamente desarrollado y en bolsa (no puede ser a raíz desnuda), hidroretenedor (stockosorb) y garantía de prendimiento. ","un",{"v":3,"d":"3.00"},{"v":14042,"d":"$14,042.00"},{"v":42126,"d":"$42,126.00"},null,{"v":3,"d":"3.00"},null,{"v":0,"d":"$0.00"}]
["ESP 18.1.36","18.1.36","Suministro, transporte y siembra de especies ornamentales tipo Heliconia choconiana altura 40 - 60 cm de acuerdo a plano de vegetación propuesta. Incluye excavación del hoyo (según el tamaño de la bolsa), tierra abonada en una capa de 10 cm/m2, especies sanas sin plaga, con buen follaje y enraizado completamente desarrollado y en bolsa (no puede ser a raíz desnuda), hidroretenedor (stockosorb) y garantía de prendimiento. ","un",{"v":6,"d":"6.00"},{"v":10591,"d":"$10,591.00"},{"v":63546,"d":"$63,546.00"},null,{"v":6,"d":"6.00"},null,{"v":0,"d":"$0.00"}]
["ESP 18.1.37","18.1.37","Suministro, transporte y siembra de especies ornamentales tipo Bijao altura 40 - 60 cm de acuerdo a plano de vegetación propuesta. Incluye excavación del hoyo (según el tamaño de la bolsa), tierra abonada en una capa de 10 cm/m2, especies sanas sin plaga, con buen follaje y enraizado completamente desarrollado y en bolsa (no puede ser a raíz desnuda), hidroretenedor (stockosorb) y garantía de prendimiento. ","un",{"v":3,"d":"3.00"},{"v":23562,"d":"$23,562.00"},{"v":70686,"d":"$70,686.00"},null,{"v":3,"d":"3.00"},null,{"v":0,"d":"$0.00"}]
["ESP 18.1.38","18.1.38","Suministro, transporte y siembra de especies ornamentales tipo Malamadre Neomatica gracilis altura 20 - 40 cm de acuerdo a plano de vegetación propuesta. Incluye excavación del hoyo (según el tamaño de la bolsa), tierra abonada en una capa de 10 cm/m2, especies sanas sin plaga, con buen follaje y enraizado completamente desarrollado y en bolsa (no puede ser a raíz desnuda), hidroretenedor (stockosorb) y garantía de prendimiento. ","un",{"v":6,"d":"6.00"},{"v":8092,"d":"$8,092.00"},{"v":48552,"d":"$48,552.00"},null,{"v":6,"d":"6.00"},null,{"v":0,"d":"$0.00"}]
["ESP 18.1.39","18.1.39","Suministro, transporte y siembra de especies ornamentales tipo Helecho costeño altura 20 - 30 cm de acuerdo a plano de vegetación propuesta. Incluye excavación del hoyo (según el tamaño de la bolsa), tierra abonada en una capa de 10 cm/m2, especies sanas sin plaga, con buen follaje y enraizado completamente desarrollado y en bolsa (no puede ser a raíz desnuda), hidroretenedor (stockosorb) y garantía de prendimiento.","un",{"v":6,"d":"6.00"},{"v":29631,"d":"$29,631.00"},{"v":177786,"d":"$177,786.00"},null,{"v":6,"d":"6.00"},null,{"v":0,"d":"$0.00"}]
["ESP 18.1.40","18.1.40","Suministro, transporte y siembra de especies ornamentales tipo Filodendro cordatum altura 10  cm de acuerdo a plano de vegetación propuesta. Incluye excavación del hoyo (según el tamaño de la bolsa), tierra abonada en una capa de 10 cm/m2, especies sanas sin plaga, con buen follaje y enraizado completamente desarrollado y en bolsa (no puede ser a raíz desnuda), hidroretenedor (stockosorb) y garantía de prendimiento.","un",{"v":18,"d":"18.00"},{"v":12852,"d":"$12,852.00"},{"v":231336,"d":"$231,336.00"},null,{"v":18,"d":"18.00"},null,{"v":0,"d":"$0.00"}]
["ESP 18.1.41","18.1.41","Suministro, transporte y siembra de especies ornamentales tipo Bore altura 30-50  cm de acuerdo a plano de vegetación propuesta. Incluye excavación del hoyo (según el tamaño de la bolsa), tierra abonada en una capa de 10 cm/m2, especies sanas sin plaga, con buen follaje y enraizado completamente desarrollado y en bolsa (no puede ser a raíz desnuda), hidroretenedor (stockosorb) y garantía de prendimiento.","un",{"v":6,"d":"6.00"},{"v":11186,"d":"$11,186.00"},{"v":67116,"d":"$67,116.00"},null,{"v":6,"d":"6.00"},null,{"v":0,"d":"$0.00"}]
["ESP 18.1.42","18.1.42","Suministro, transporte y siembra de especies ornamentales tipo Papiro umbrella  altura 60-80  cm de acuerdo a plano de vegetación propuesta. Incluye excavación del hoyo (según el tamaño de la bolsa), tierra abonada en una capa de 10 cm/m2, especies sanas sin plaga, con buen follaje y enraizado completamente desarrollado y en bolsa (no puede ser a raíz desnuda), hidroretenedor (stockosorb) y garantía de prendimiento.","un",{"v":3,"d":"3.00"},{"v":9164,"d":"$9,164.00"},{"v":27492,"d":"$27,492.00"},null,{"v":3,"d":"3.00"},null,{"v":0,"d":"$0.00"}]
["ESP 18.1.43","18.1.43","Suministro, transporte y siembra de especies ornamentales tipo ginger rojo  altura 40-60  cm de acuerdo a plano de vegetación propuesta. Incluye excavación del hoyo (según el tamaño de la bolsa), tierra abonada en una capa de 10 cm/m2, especies sanas sin plaga, con buen follaje y enraizado completamente desarrollado y en bolsa (no puede ser a raíz desnuda), hidroretenedor (stockosorb) y garantía de prendimiento.","un",{"v":6,"d":"6.00"},{"v":20111,"d":"$20,111.00"},{"v":120666,"d":"$120,666.00"},null,{"v":6,"d":"6.00"},null,{"v":0,"d":"$0.00"}]
["ESP 18.1.44","18.1.44","Suministro, transporte y siembra de especies ornamentales tipo carey tricolor  altura 40  cm de acuerdo a plano de vegetación propuesta. Incluye excavación del hoyo (según el tamaño de la bolsa), tierra abonada en una capa de 10 cm/m2, especies sanas sin plaga, con buen follaje y enraizado completamente desarrollado y en bolsa (no puede ser a raíz desnuda), hidroretenedor (stockosorb) y garantía de prendimiento.","un",{"v":6,"d":"6.00"},{"v":17731,"d":"$17,731.00"},{"v":106386,"d":"$106,386.00"},null,{"v":6,"d":"6.00"},null,{"v":0,"d":"$0.00"}]
["ESP 18.1.45","18.1.45","Suministro, transporte y siembra de especies ornamentales tipo Ivy Parra  altura 15-20  cm de acuerdo a plano de vegetación propuesta. Incluye excavación del hoyo (según el tamaño de la bolsa), tierra abonada en una capa de 10 cm/m2, especies sanas sin plaga, con buen follaje y enraizado completamente desarrollado y en bolsa (no puede ser a raíz desnuda), hidroretenedor (stockosorb) y garantía de prendimiento.","un",{"v":18,"d":"18.00"},{"v":3451,"d":"$3,451.00"},{"v":62118,"d":"$62,118.00"},null,{"v":18,"d":"18.00"},null,{"v":0,"d":"$0.00"}]
[]
[null,null,"TOTAL DE ESPECIES ORNAMENTALES",{"$nulls":3},{"$f":"SUM(G1688:G1732)","v":{"v":56207173,"d":"$56,207,173.00"}},{"$nulls":3},{"$f":"SUM(K1688:K1732)","v":{"v":0,"d":"$0.00"}}]
[]
[null,"18.2.0","ESPECIES MAYORES"]
["ESP 18.2.1","18.2.1","Suministro, transporte y siembra de árboles para reposición arbórea según ficha técnica del proyecto, incluye las siguientes especies: Arizá (cant 4 ), Navajuelo (cant 6),Vara blanca  (cant 7), Uvito  (cant 2 ),coralillo (cant 8), uvito de monte (cant 7),bencenuco (cant 6), Palma amarga  (cant 2), Palma mariposa (cant 2),  incluye geolocalización de árboles en planos, informe de siembra y presentación ante el AMVA Y SAU, seguridad social y EPP.","un",{"v":44,"d":"44.00"},{"v":256001.26,"d":"$256,001.26"},{"$f":"F1737*E1737","v":{"v":11264055.440000001,"d":"$11,264,055.44"}},null,{"v":44,"d":"44.00"},null,{"$f":"J1737*I1737","v":{"v":0,"d":"$0.00"}}]
[]
[null,null,"TOTAL DE ESPECIES MAYORES",{"$nulls":3},{"$f":"G1737","v":{"v":11264055.440000001,"d":"$11,264,055.44"}},{"$nulls":3},{"$f":"K1737","v":{"v":0,"d":"$0.00"}}]
[]
[null,"18.3.0","TALA Y TRASPLANTE DE ÁRBOLES"]
["ESP 18.3.1","18.3.1","TALA, cargue y retiro de ÁRBOLES bajo cualquier condición, ALTURA variable y DAP variable (8 unidades). Transporte y disposición final de los residuos vegetales en planta chipeadora, certificado de disposición final en planta chipeadora donde  indiquen las autoridades competentes y la interventoría, Informe de servicio. (Antes, durante y después), registro fotográfico. Se realizará en aquellos árboles que dada su ubicación interfieren con el proyecto o que ofrezcan algún riesgo para la comunidad y que no justifique su trasplante. Según definición del Plan de Manejo Arbóreo.","glo",{"v":1,"d":"1.00"},{"v":12673500,"d":"$12,673,500.00"},{"$f":"F1742*E1742","v":{"v":12673500,"d":"$12,673,500.00"}},null,{"v":1,"d":"1.00"},null,{"$f":"J1742*I1742","v":{"v":0,"d":"$0.00"}}]
[]
[null,null,"TOTAL DE TALA Y TRASPLANTE DE ÁRBOLES",{"$nulls":3},{"$f":"G1742","v":{"v":12673500,"d":"$12,673,500.00"}},{"$nulls":3},{"$f":"K1742","v":{"v":0,"d":"$0.00"}}]
[]
[null,"18.4.0","VARIOS SILVICULTURA"]
["ESP 18.4.1","18.4.1","Suministro e instalación de mueble de separador de espacios en estructura metálica para vegetación y espacio de almacenamiento (materas  en metal). Dimensiones generales: 220 x 120 x 70 cm,según detalle arquitectónico","un",{"v":4,"d":"4.00"},{"v":2825311,"d":"$2,825,311.00"},{"$f":"F1747*E1747","v":{"v":11301244,"d":"$11,301,244.00"}},null,{"v":4,"d":"4.00"},null,{"$f":"J1747*I1747","v":{"v":0,"d":"$0.00"}}]
["ESP 18.4.2","18.4.2","Suministro e instalación de mueble de separador de espacios en estructura metálica para vegetación y espacio de almacenamiento (materas  en metal). Dimensiones generales: 270 x 120 x 70 cm,según detalle arquitectónico","un",{"v":0,"d":"0.00"},{"v":3444111,"d":"$3,444,111.00"},{"v":0,"d":"$0.00"},null,{"v":0,"d":"0.00"},null,{"v":0,"d":"$0.00"}]
["ESP 18.4.3","18.4.3","Suministro e instalación de mueble de separador de espacios en estructura metálica para vegetación y espacio de almacenamiento (materas  en metal). Dimensiones generales: 270 x 120 x 50 cm,según detalle arquitectónico","un",{"v":8,"d":"8.00"},{"v":3420311,"d":"$3,420,311.00"},{"v":27362488,"d":"$27,362,488.00"},null,{"v":8,"d":"8.00"},null,{"v":0,"d":"$0.00"}]
["ESP 18.4.4","18.4.4","Suministro e instalación de mueble de separador de espacios en estructura metálica para vegetación y espacio de almacenamiento (materas  en metal). Dimensiones generales:150 x 120 x 50 cm,según detalle arquitectónico","un",{"v":1,"d":"1.00"},{"v":2141061,"d":"$2,141,061.00"},{"v":2141061,"d":"$2,141,061.00"},null,{"v":1,"d":"1.00"},null,{"v":0,"d":"$0.00"}]
["ESP 18.4.5","18.4.5","Suministro e instalación de mueble de separador de espacios en estructura metálica para vegetación y espacio de almacenamiento (materas  en metal). Dimensiones generales: 255 x 120 x 50 cm,según detalle arquitectónico","un",{"v":4,"d":"4.00"},{"v":3289411,"d":"$3,289,411.00"},{"v":13157644,"d":"$13,157,644.00"},null,{"v":4,"d":"4.00"},null,{"v":0,"d":"$0.00"}]
["ESP 18.4.6","18.4.6","Jardinera de concreto vaciado de 2.5 cm de calibre. Losa interna a 50 cm, desde la parte superior. Altura total de la matera 80 cm. Largo de 124 cm; ancho de 50 cm. Con soportes de 5 cm de altura para levantar matera del piso. Pasamanos en ángulos pernado al concreto. Acabado en concreto pigmentado color QUINOA 216 Referencia carta de color de pinturas macy. Peso aproximado de cada matera: 115 Kilos","un",{"v":253,"d":"253.00"},{"v":2017301,"d":"$2,017,301.00"},{"v":510377153,"d":"$510,377,153.00"},null,{"v":253,"d":"253.00"},null,{"v":0,"d":"$0.00"}]
["ESP 18.4.7","18.4.7","Suministro, transporte e instalación de sistema de riego en terraza\npiso 4, terraza piso 5 y azotea. Incluye Controlador de riego automático llave boca manguera de baterías, Accesorios del controlador y batería, Manguera 16 mm tipo dripnet, Accesorios 16 mm (Racord, tee, uniones, codo, estacas..). Abrazadera de cremallera. Mano de obra","m",{"v":670,"d":"670.00"},{"v":16519,"d":"$16,519.00"},{"v":11067730,"d":"$11,067,730.00"},null,{"v":670,"d":"670.00"},null,{"v":0,"d":"$0.00"}]
[null,"18.4.8","Suministro e instalación de mueble de separador de espacios en estructura metálica para vegetación y espacio de almacenamiento (materas  en metal). Dimensiones generales:126 x 60 x 70 cm,según detalle arquitectónico","un",{"v":10,"d":"10.00"},{"v":1428000,"d":"$1,428,000.00"},{"v":14280000,"d":"$14,280,000.00"},null,{"v":10,"d":"10.00"},null,{"v":0,"d":"$0.00"}]
[null,"18.4.9","Suministro e instalación de mueble de separador de espacios en estructura metálica para vegetación y espacio de almacenamiento (materas  en metal). Dimensiones generales:47 x 80 x 50 cm,según detalle arquitectónico","un",{"v":1,"d":"1.00"},{"v":940100,"d":"$940,100.00"},{"v":940100,"d":"$940,100.00"},null,{"v":1,"d":"1.00"},null,{"v":0,"d":"$0.00"}]
[]
[null,null,"TOTAL DE VARIOS SILVICULTURA",{"$nulls":3},{"$f":"SUM(G1747:G1755)","v":{"v":590627420,"d":"$590,627,420.00"}},{"$nulls":3},{"$f":"SUM(K1747:K1755)","v":{"v":0,"d":"$0.00"}}]
[]
[null,null,"TOTAL DE SILVICULTURA/MANTENIMIENTOS",{"$nulls":3},{"$f":"SUM(G1757+G1744+G1739+G1734)","v":{"v":670772148.44,"d":"$670,772,148.44"}},{"$nulls":3},{"$f":"SUM(K1757+K1744+K1739+K1734)","v":{"v":0,"d":"$0.00"}}]
[]
[null,"19.0.0","VÍAS Y PARQUEADERO"]
[]
[null,"19.1.0","VÍAS Y PARQUEADEROS"]
["ESP 19.1.1","19.1.1","Colocación de topellantas prefabricados de 30 x 60 cm. sin pintar. Incluye el suministro y transporte de los topellantas, mortero de pega 1:5 y aditivo tipo Sikadur 32 o equivalente ( adhesivo epóxico para pega de concreto nuevo o endurecido a una dosificación de 0.08 kg/un) y todos los demás elementos necesarios para su correcta instalación y funcionamiento.","un",{"v":140,"d":"140.00"},{"v":76430.5,"d":"$76,430.50"},{"$f":"F1764*E1764","v":{"v":10700270,"d":"$10,700,270.00"}},null,{"v":140,"d":"140.00"},null,{"$f":"J1764*I1764","v":{"v":0,"d":"$0.00"}}]
["ESP 19.1.2","19.1.2","Construcción de ANDEN Concreto premezclado 21 Mpa (3000 PSI) con e= 0.07 cm. Las juntas de dilatación deben ser de 5x5mm y estar espaciadas máximo cada 2.00m, se deben sellar con SikaFlex 1A Plus o similar. Incluye suministro, transporte y vaciado del concreto, formaleta, desmoldante, vibrado, antisol, malla electrosoldada D84, SikaFlex 1A plus y todo lo necesario para su correcta construcción.  Se ejecutarán los rebajes que sean necesarios para garantizar el acceso de los discapacitados  necesarias en los lugares que indique la interventoría y/o la entidad. ","m2",450.75,{"v":191133.9,"d":"$191,133.90"},{"$f":"F1765*E1765","v":{"v":86153605.425,"d":"$86,153,605.43"}},null,450.75,null,{"$f":"J1765*I1765","v":{"v":0,"d":"$0.00"}}]
["ESP 19.1.3","19.1.3","Suministro, transporte e instalación de barrera en U, para protección vehicular, fabricada en tubería de 6\" de diámetro en espesor de 6mm, incluye platina de anclaje de forma circular de 380 mm en platina con espesor de 16mm,con 8 anclajes de 1/2\" x 300 mm de profundidad y epóxico referencia Hiltin HY 200 , soldaduras y acabado de presentación, anclajes y pernos a estructura de concreto. Todos los elementos deben llevar pintura anticorrosiva, y acabado en esmalte base aceite color por definir, Incluye todo lo necesario para su correcta instalación, funcionamiento y estabilidad, según diseño. Incluye suministro los consumibles, soldadura eléctrica 60/11\" Y 7018 X 1/8\",personal técnico calificado y transporte de todos los materiales al Proyecto. No incluye otros elementos adicionales que no se encuentren en cotización, pruebas de empuje, ni ensayos de soldadura como son radiografías o rayo x , ni tintas penetrantes, suministro e instalación de vaciados de concreto ni ningún tipo de obra Civil, El retiro de la vegetación o objetos que impida hacer los trabajos, está irá por la parte Contratante, costo de plantas eléctricas , ni equipos para realizar trabajos en alturas, ni personal set tiempo completo, deterioro de materiales en caso que en el medio ambiente se presente elementos nocivos que generen una alteración física al producto como agentes químicos no compatibles con los materiales instalados, daños por golpes y daños generados por una mala manipulación, almacenamiento, instalaciones adicionales en el proyecto, daños por eventos naturales catalogados como sismos y huracanes, ni tampoco por vandalismo generados en el proyecto.","un",{"v":15,"d":"15.00"},{"v":807012,"d":"$807,012.00"},{"$f":"F1766*E1766","v":{"v":12105180,"d":"$12,105,180.00"}},null,{"v":15,"d":"15.00"},null,{"$f":"J1766*I1766","v":{"v":0,"d":"$0.00"}}]
["ESP 19.1.4","19.1.4","Suministro e instalación de MEZCLA SEMIDENSA EN CALIENTE (MSC-19) CON ASFALTO NORMALIZADO 60-70 CON FIBRA. Incluye suministro y transporte de mezcla asfáltica, finisher, compactador de rodillo, compactador neumático, vibrocompactador tipo rana y/o canguro, rastrilleros y todo lo necesario para su correcta instalación.","m3",{"v":179.7,"d":"179.70"},{"v":1696778.18,"d":"$1,696,778.18"},{"$f":"F1767*E1767","v":{"v":304911038.946,"d":"$304,911,038.95"}},null,{"v":179.7,"d":"179.70"},null,{"$f":"J1767*I1767","v":{"v":0,"d":"$0.00"}}]
[null,null,"TOTAL DE VÍAS Y PARQUEADEROS",{"$nulls":3},{"$f":"SUM(G1764:G1767)","v":{"v":413870094.371,"d":"$413,870,094.37"}},{"$nulls":3},{"$f":"SUM(K1764:K1767)","v":{"v":0,"d":"$0.00"}}]
[]
[null,"19.2.0","SEÑALIZACIÓN Y DEMARCACIÓN VIAL"]
[]
[null,"19.2.1","SEÑALIZACIÓN VERTICAL"]
["ESP 19.2.1.1","19.2.1.1","Suministro, transporte e instalación de Señal definitiva completa en tubería galvanizada redonda de 2\"X2MM con tablero de 60X60 en lámina galvanizada Calibre16 SP-46A PROXIMIDAD DE CRUCE PEATONAL. Reflectivo amarillo limón y los elementos necesarios para su correcta instalación.","un",{"v":4,"d":"4.00"},{"v":335129.39,"d":"$335,129.39"},{"$f":"F1773*E1773","v":{"v":1340517.56,"d":"$1,340,517.56"}},null,{"v":4,"d":"4.00"},null,{"$f":"J1773*I1773","v":{"v":0,"d":"$0.00"}}]
["ESP 19.2.1.2","19.2.1.2","Suministro, transporte e instalación de Señal definitiva completa en tubería galvanizada redonda de 2\"X2MM con tablero de 60X60 en lámina galvanizada Calibre 16 SR-01 PARE. Reflectivo tipo\nXI, y los elementos necesarios para su correcto funcionamiento.","un",{"v":8,"d":"8.00"},{"v":295179.9,"d":"$295,179.90"},{"$f":"F1774*E1774","v":{"v":2361439.2,"d":"$2,361,439.20"}},null,{"v":8,"d":"8.00"},null,{"$f":"J1774*I1774","v":{"v":0,"d":"$0.00"}}]
["ESP 19.2.1.3","19.2.1.3","Suministro, transporte e instalación de Señal definitiva completa en tubería galvanizada redonda de 2\"X2MM con tablero de 60X60 en lámina galvanizada Calibre 16 SR-28A PROHIBIDO PARQUEAR. Reflectivo tipo XI, y los elementos necesarios para su correcto funcionamiento.","un",{"v":2,"d":"2.00"},{"v":295179.9,"d":"$295,179.90"},{"$f":"F1775*E1775","v":{"v":590359.8,"d":"$590,359.80"}},null,{"v":2,"d":"2.00"},null,{"$f":"J1775*I1775","v":{"v":0,"d":"$0.00"}}]
["ESP 19.2.1.4","19.2.1.4","Suministro, transporte e instalación de Señal definitiva completa en tubería galvanizada redonda de 2\"X2MM con tablero de 60X60 en lámina galvanizada Calibre 16 SP-25 PROXIMIDAD DE RESALTO. Reflectivo tipo XI y los elementos necesarios para su correcto funcionamiento.","un",{"v":2,"d":"2.00"},{"v":295179.9,"d":"$295,179.90"},{"$f":"F1776*E1776","v":{"v":590359.8,"d":"$590,359.80"}},null,{"v":2,"d":"2.00"},null,{"$f":"J1776*I1776","v":{"v":0,"d":"$0.00"}}]
["ESP 19.2.1.5","19.2.1.5","Suministro, transporte e instalación de Señal definitiva completa en tubería galvanizada redonda de 2\"X2MM con tablero de 60X60 en lámina galvanizada Calibre 16 SP-25A UBICACIÓN DE RESALTO. Reflectivo tipo XI y los elementos necesarios para su correcto funcionamiento.","un",{"v":2,"d":"2.00"},{"v":295179.9,"d":"$295,179.90"},{"$f":"F1777*E1777","v":{"v":590359.8,"d":"$590,359.80"}},null,{"v":2,"d":"2.00"},null,{"$f":"J1777*I1777","v":{"v":0,"d":"$0.00"}}]
[]
[null,null,"TOTAL DE SEÑALIZACIÓN VERTICAL",{"$nulls":3},{"$f":"SUM(G1773:G1777)","v":{"v":5473036.16,"d":"$5,473,036.16"}},{"$nulls":3},{"$f":"SUM(K1773:K1777)","v":{"v":0,"d":"$0.00"}}]
[]
[null,"19.2.2","SEÑALIZACIÓN HORIZONTAL"]
["ESP 19.2.2.1","19.2.2.1","Suministro y aplicación de LÍNEA BLANCA O AMARILLA CON PINTURA PLÁSTICA EN FRÍO PINTUTRAFICO O SIMILAR. Incluye suministro y transporte de pintura doble componente, mano de obra y todo lo necesario para su correcta aplicación","m",{"v":2237.63,"d":"2,237.63"},{"v":13126.24,"d":"$13,126.24"},{"$f":"F1782*E1782","v":{"v":29371668.4112,"d":"$29,371,668.41"}},null,{"v":2237.63,"d":"2,237.63"},null,{"$f":"J1782*I1782","v":{"v":0,"d":"$0.00"}}]
["ESP 19.2.2.2","19.2.2.2","Aplicación de pintura de ALTA VISIBILIDAD, DE GRAN ADHERENCIA Y RESISTENCIA tipo trafico para demarcación de celdas de movilidad reducida, color azul, aplicado según normas y especificaciones de la Secretaría de Transportes y Tránsito de Medellín. Incluye producto, mano de obra, aplicación y/o instalación, costos que se pudieran generar por señalización y cerramientos provisionales, evacuación de escombros, pago de salarios, seguridad social, prestaciones sociales de trabajadores y todo lo necesario para su correcta aplicación.","m2",34.64,{"v":38778.81,"d":"$38,778.81"},{"$f":"F1783*E1783","v":{"v":1343297.9784,"d":"$1,343,297.98"}},null,34.64,null,{"$f":"J1783*I1783","v":{"v":0,"d":"$0.00"}}]
["ESP 19.2.2.3","19.2.2.3","Aplicación de pintura de ALTA VISIBILIDAD, DE GRAN ADHERENCIA Y RESISTENCIA tipo trafico para demarcacion de símbolos de discapacidad y flechas de direccionamiento vehicular que proporciona perfecta adherencia sobre superficies en concreto y asfalto. Incluye el suministro y el transporte del material y todo lo necesario para su correcta aplicación y funcionamiento.","un",{"v":104,"d":"104.00"},{"v":30138.88,"d":"$30,138.88"},{"$f":"F1784*E1784","v":{"v":3134443.52,"d":"$3,134,443.52"}},null,{"v":104,"d":"104.00"},null,{"$f":"J1784*I1784","v":{"v":0,"d":"$0.00"}}]
["ESP 19.2.2.4","19.2.2.4","Aplicación de pintura de ALTA VISIBILIDAD, DE GRAN ADHERENCIA Y RESISTENCIA tipo tráfico para línea de paso de cebra con ancho min= 0.10 m y max=0.40 m, color amarillo o blanco, aplicado según normas y especificaciones de la Secretaría de Transportes y Tránsito de Medellín. Incluye el suministro y el transporte del material  y todo lo necesario para su correcta aplicación y funcionamiento.","m2",135.64,{"v":99769.11,"d":"$99,769.11"},{"$f":"F1785*E1785","v":{"v":13532682.0804,"d":"$13,532,682.08"}},null,135.64,null,{"$f":"J1785*I1785","v":{"v":0,"d":"$0.00"}}]
["ESP 19.2.2.5","19.2.2.5","Suministro e instalación de tachas reflectivas para señalización vial","un",{"v":22,"d":"22.00"},{"v":54194.63,"d":"$54,194.63"},{"$f":"F1786*E1786","v":{"v":1192281.8599999999,"d":"$1,192,281.86"}},null,{"v":22,"d":"22.00"},null,{"$f":"J1786*I1786","v":{"v":0,"d":"$0.00"}}]
[null,null," "]
[null,null,"TOTAL DE SEÑALIZACIÓN HORIZONTAL",{"$nulls":3},{"$f":"SUM(G1782:G1787)","v":{"v":48574373.85,"d":"$48,574,373.85"}},{"$nulls":3},{"$f":"SUM(K1782:K1787)","v":{"v":0,"d":"$0.00"}}]
[]
[null,null,"TOTAL DE SEÑALIZACIÓN Y DEMARCACIÓN VIAL",{"$nulls":3},{"$f":"G1788+G1779","v":{"v":54047410.010000005,"d":"$54,047,410.01"}},{"$nulls":3},{"$f":"K1788+K1779","v":{"v":0,"d":"$0.00"}}]
[]
[null,null,"TOTAL DE VÍAS Y PARQUEADERO",{"$nulls":3},{"$f":"SUM(G1790+G1768)","v":{"v":467917504.381,"d":"$467,917,504.38"}},{"$nulls":3},{"$f":"SUM(K1790+K1768)","v":{"v":0,"d":"$0.00"}}]
[]
[null,"20.0.0","ALQUILER DE EQUIPO "]
["ESP 20.1.0","20.1.0","Alquiler de equipo Torre grúa referencia MC O SIMILAR de Brazo: 50 m Altura Final: 45 m (Arriostrada)Incluye: balde para vaciado de concreto con capacidad de grúa glo 2, canasta escombrera con capacidad de grúa. Autotransformador elevador con capacidad de grúa.kit de izajes inicial, (2 estrobos de 4,5 m y dos grilletes de 1/2 \"), 20 Mantenimientos preventivos cada 2 meses, Pólizas RCE General Potenco y 6 Mantenimientos preventivos. No incluye obra civil,  horas extras.","mes",{"v":15,"d":"15.00"},{"v":31168265.27,"d":"$31,168,265.27"},{"$f":"F1795*E1795","v":{"v":467523979.05,"d":"$467,523,979.05"}},null,{"v":15,"d":"15.00"},null,{"$f":"J1795*I1795","v":{"v":0,"d":"$0.00"}}]
["ESP 20.2.0","20.2.0","Cimentación para equipo de torre grúa referencia MC O similar, incluye vaciado de concreto premezclado DE 28 MPA (4000 PSI). Incluye suministro, transporte y vaciado del concreto, vibrado, desmoldante, antisol, formaleta, acero y todo lo necesario para su correcta construcción. El acero y la excavación se paga en su respectivo ítem.","m3",27.05,{"v":979139.76,"d":"$979,139.76"},{"v":26485730.508,"d":"$26,485,730.51"},null,27.05,null,{"v":0,"d":"$0.00"}]
["ESP 20.3.0","20.3.0","Suministro de provisional de acometida torre grúa, incluye CABLE DE ALUMINIO CUADRUPLEX 3X4/0 - m., para una acometida de 70m.","glo",{"v":1,"d":"1.00"},{"v":4831400,"d":"$4,831,400.00"},{"v":4831400,"d":"$4,831,400.00"},null,{"v":1,"d":"1.00"},null,{"v":0,"d":"$0.00"}]
["ESP 20.4.0","20.4.0","Alquiler de equipo Cortadora","mes",{"v":4,"d":"4.00"},{"v":650000,"d":"$650,000.00"},{"v":2600000,"d":"$2,600,000.00"},null,{"v":4,"d":"4.00"},null,{"v":0,"d":"$0.00"}]
["ESP 20.5.0","20.5.0","Alquiler de equipo Bascula 500 kilos","mes",{"v":8,"d":"8.00"},{"v":250000,"d":"$250,000.00"},{"v":2000000,"d":"$2,000,000.00"},null,{"v":8,"d":"8.00"},null,{"v":0,"d":"$0.00"}]
["ESP 20.6.0","20.6.0","Alquiler Pluma 300 kgs","mes",{"v":8,"d":"8.00"},{"v":250000,"d":"$250,000.00"},{"v":2000000,"d":"$2,000,000.00"},null,{"v":8,"d":"8.00"},null,{"v":0,"d":"$0.00"}]
["ESP 20.7.0","20.7.0","Alquiler de Concretadora 2 sacos","mes",{"v":5,"d":"5.00"},{"v":450000,"d":"$450,000.00"},{"v":2250000,"d":"$2,250,000.00"},null,{"v":5,"d":"5.00"},null,{"v":0,"d":"$0.00"}]
["ESP 20.8.0","20.8.0","Alquiler de Concretadora 0,5 sacos","mes",{"v":5,"d":"5.00"},{"v":300000,"d":"$300,000.00"},{"v":1500000,"d":"$1,500,000.00"},null,{"v":5,"d":"5.00"},null,{"v":0,"d":"$0.00"}]
["ESP 20.9.0","20.9.0","Armada y desarmada de andamios multidireccionales","un",{"v":150,"d":"150.00"},{"v":84908.42,"d":"$84,908.42"},{"v":12736263,"d":"$12,736,263.00"},null,{"v":150,"d":"150.00"},null,{"v":0,"d":"$0.00"}]
[]
[null,null,"TOTAL DE ALQUILER DE EQUIPO ",{"$nulls":3},{"$f":"SUM(G1795:G1803)","v":{"v":521927372.558,"d":"$521,927,372.56"}},{"$nulls":3},{"$f":"SUM(K1795:K1803)","v":{"v":0,"d":"$0.00"}}]
[]
[]
["NOTA ACLARATORIA:","Este producto está sujeto a modificaciones, ya que los diseños de redes hidrosanitarias externas aún no han sido aprobados por EPM. En consecuencia, los costos de este entregable podrían variar."]
[]
[{"$nulls":4},"RESUMEN A COSTO DIRECTO",{"$nulls":3},"RESUMEN A COSTO DIRECTO"]
[]
["Comentarios respecto a ÍTEMS enlistados:",{"$nulls":3},"OBRA CD",null,{"$f":"G1805+G1792+G1759+G1683+G1645+G1639+G1632+G1622+G1401+G856+G774+G596+G332+G255+G215+G174+G156+G66+G41+G32","v":{"v":103958751016.26595,"d":"$103,958,751,016.27"}},null,"OBRA CD",null,{"$f":"K1805+K1792+K1759+K1683+K1645+K1639+K1632+K1622+K1401+K856+K774+K596+K332+K255+K215+K174+K156+K66+K41+K32","v":{"v":0,"d":"$0.00"}}]
["ITEM"]
["9.0.0","La información utilizada como base para el presupuesto de RCI, fue con los precios de lista que maneja el diseñador. RCI",null,null,"OBRA COSTO INDIRECTO ",{"$nulls":3},"OBRA COSTO INDIRECTO "]
["12.0.0","La información utilizada como base para el presupuesto de Aire acondicionado, fue con los precios de lista que maneja el diseñador. AIRE ACONDICIONADO",null,null,"A(%)",null,{"v":0.1536,"d":"15.36%"},null,"A(%)",null,{"v":0.1536,"d":"15.36%"}]
["13.0.0","La información utilizada como base para el presupuesto eléctrico, fue con los precios de lista que maneja el diseñador y cotizaciones anexas a la información ELECTRICO",null,null,"U(%)",null,{"v":0.05,"d":"5.00%"},null,"U(%)",null,{"v":0.05,"d":"5.00%"}]
["14.1.8","La pintura para señalización de columnas se encuentra en el capítulo 14.0.0 Sistemas tecnológicos, subcapítulo 14.1.8 Señalética; fue asignado en este capítulo porque la información la diseño el departamento de Tecnología",null,null,"AU(%)",null,{"$f":"SUM(G1815:G1816)","v":{"v":0.2036,"d":"20.36%"}},null,"AU(%)",null,{"$f":"SUM(K1815:K1816)","v":{"v":0.2036,"d":"20.36%"}}]
["16.1.1 - 16.1.2","Para la recolección de basura y escombro que se generen mediante los ítem de aseo, estos deberán estar en un acopio asignado por la obra"]
["16.1.1 - 16.1.2","Los precios para estos ítems fueron asignados por la ESU (Ing Juan Villa), de igual manera se presenta una cotización para estas actividades ASEO"]
[null,"Para los materiales o insumos de exportación dentro del presupuesto, se maneja una TRM de $4298.31 COP (24-04-25), fuente: https://www.dolar-colombia.com/mes/2025-04"]
[null,"En la carpeta de 2. Cotizaciones Se encuentra relacionado las cotizaciones solicitadas para las actividades del presupuesto, adicional en algunos casos fueron utilizados los precios de lista de algunos insumos"]
[null,"Una vez se cuente con la aprobación de las redes externas se debe tener en cuenta los cambios en  los costos, cantidades y duraciones finales de las redes hidrosanitarias externas e internas, puesto que se están actualizando estos diseños debido a información referente a la topografía e investigación de redes. Es importante aclarar que estos diseños pueden tener variaciones en su planteamiento ya que aún no ha sido aprobado por parte de EPM en el diseño de redes exteriores. "]
["10.1.2.3.4","En este ítem la información ingresada en el apu el costo del ducto se encuentra ingresada por unidad."]
["13.10.0","Los ductos de las actividades de este subcapítulo (SISTEMA DE DUCTOS METÁLICOS) , el costo de los mismos se encuentra por unidad."]
["8.6.0","VARIOS APARATOS SANITARIOS: aparatos sanitarios son los accesorios con el fin de cubrir todo lo relacionado con urinarios, retretes, lavaderos, duchas y demás."]

{"sheet":"COMPONENTE 1 - TECNOLOGIA","index":2,"n_rows":504,"n_cols":8,"rows_kept":504}
["BMS"]
["ITEM","DESCRIPCIÓN","UND","CANTIDAD","VALOR UNITARIO ","VALOR PARCIAL"]
[1,"MÓDULO GESTIÓN DE ENERGÍA, GAS Y AGUA"]
["1.01","Licencia principal (licencia de acceso de cliente)","Und",1,null,{"$f":"E4*D4","v":0}]
["1.02","Licencia de integración","Und",20,null,{"$f":"E5*D5","v":0}]
["1.03","Servicio analítica para el sistema eléctrico / de energía.","Und",50,null,0]
["1.04","Software Assurance 3 Year","Und",5,null,0]
["2","MÓDULO BMS"]
["2.01","Licencia Enterprise Server para hasta 10 controladores  (incluye 3 estaciones de trabajo)","Und",1,null,{"$f":"E9*D9","v":0}]
["2.02","SmartConnector  licencia que permite conectar a alto nivel módulo ","Und",1,null,0]
["2.03","Transformador 100VA 120 - 24V para el servidor de automatización para el sistema de gestión de edificios (BMS)","Und",4,null,0]
["2.04","Servidor / controlador principal BMS (solo hardware)","Und",4,null,0]
["2.05","Software permite integrar hasta 100 dispositivos","Und",4,null,0]
["2.06","Fuente de alimentación PS-24V","Und",4,null,0]
["2.07","Base terminal","Und",4,null,0]
["2.08","Base terminal para fuente de alimentación","Und",4,null,0]
["2.09","Licencia para habilitacion de Modbus","Und",4,null,0]
["3","Modulos entrada y salida "]
["3.01","Controlador BMS 12A (8UIO, 4 DO)","Und",8,null,{"$f":"E19*D19","v":0}]
["3.02","Transformador 50VA 120 - 24V ","Und",8,null,0]
["3.03","Panel servidor universal, dispositivo que permite integrar los equipos Modbus RTU (110V-277 VAC-V)","Und",1,null,0]
["4","MÓDULO DATACENTER"]
["4.01","Licencia principal  IT Data Center para 25 nodos","Und",1,null,{"$f":"E23*D23","v":0}]
["4.02","Licencia adicional de 100 nodos para la solución de monitoreo centralizado  Data Center","Und",1,null,0]
["4.03","Licencia activación máquina virtual para la solución de monitoreo centralizado  Data Center","Und",1,null,0]
["4.04","Servicio instación y configuración para la solución de monitoreo centralizado  Data Center remoto","Und",3,null,0]
["4.05","Contrato de soporte / mantenimiento VM por 3 años para Data Center Expert 3","Und",1,null,0]
["4.06","Contrato de soporte / mantenimiento VM por 3 años para 25 nodos de Data Center Expert","Und",1,null,0]
["4.07","Contrato de soporte / mantenimiento VM por 3 años para 100 nodos de Data Center Expert","Und",1,null,0]
["4.08","Licencia principal IT Advisor para 10 racks","Und",5,null,0]
["4.09","Licencia adicional módulo capacity 10 racks para IT Advisor","Und",5,null,0]
["4.10","Contrato de soporte / mantenimiento  IT Advisor 3 años 10 racks","Und",5,null,0]
["4.11","Contrato de soporte / mantenimiento  IT Advisor 3 años módulo capacity para 10 racks","Und",5,null,0]
["4.12","Servicio instalación y configuración","Und",1,null,0]
["4.13","SERVIDOR DE GESTION DE APLICACIÓN","Und",1,null,0]
["4.14","Monitor de 22\"",null,1,null,0]
["4.15","Tablero (4unidades) )NEMA y adecuaciones fisicas para señales MODBUS/eléctrica","Und",1,null,0]
[{"$nulls":4},"SUBTOTAL",{"$f":"SUM(F3:F37)","v":0}]
[{"$nulls":4},"IVA",{"$f":"F38*19%","v":0}]
[{"$nulls":4},"TOTAL",{"$f":"F38+F39","v":0}]
[]
[]
["DATACENTER"]
["ITEM","DESCRIPCIÓN","UND","CANTIDAD","VALOR UNITARIO ","VALOR PARCIAL"]
[1,"Bandeja FiberRunner y sistema AIM (ADMINISTRACIÓN AUTOMATIZADA DE LA INFRAESTRUCTURA).  \nPor cada MDA (Switch de cobre) : (1)  paneles inteligentes de cobre, (1) panel inteligente de fibra optica ,  (12) Patch cord de par trensado inteligente. \nIncluye: mínimo 108 patchcord de fibra inteligentes monomodo, y 12 patchcord de fibra inteligente multimodo.","gl",1,null,{"$f":"E45*D45","v":0},null,"Bandeja FiberRunner, confinamiento DATACENTER"]
[2,"Cerradura con control de acceso 49 Racks ","und",49,null,{"$f":"E46*D46","v":0}]
[3,"Sensores de Datacenter ","und",49,null,{"$f":"E47*D47","v":0}]
[4,"Confinamineto ","und",49,null,{"$f":"E48*D48","v":0}]
[5,"Servicio de implementación, puesta en marcha, configuración y documentación de gabinetes  por ingeniero especialista y certificado para proyecto C5","gl",1,null,{"$f":"E49*D49","v":0}]
[{"$nulls":4},"SUBTOTAL",{"$f":"SUM(F45:F49)","v":0}]
[{"$nulls":4},"IVA",{"$f":"F50*19%","v":0}]
[{"$nulls":4},"TOTAL",{"$f":"F50+F51","v":0}]
[]
[]
["RED LAN"]
["ITEM","DESCRIPCIÓN","UND","CANTIDAD","VALOR UNITARIO ","VALOR PARCIAL"]
[1,"Suministro e instalación de Gabinete V800, ancho 800mm, profundidad 1200mm, alto 45RU, puerta frontal simple micro perforada, puerta trasera doble micro perforada, Negro (RAL 9011), ORGANIZADOR TIPO SPOOL VP-SPL, PARA ORGANIZADOR VERTICAL\nRef. VP-SPL, KIT TIERRA VP-GRD, PARA GABINETE Y RACK 19\";PN\" , BANDEJA VERTICAL V-TRAY-150-1-45, 150MM 45U, PARA V600-V800 ,  Organizadores de cable horizontal, frontal, ranurado con tapa, 2RU, negro R, Organizadores verticales, frontal, ranurado con tapa, 6”, 45RU, negro, instalable en gabinete de piso V800 . \nPDU, Monitoreada Unit Level EC, 30A, 208V, 4.9kW, Vertical, (36) IEC C13, (6) IEC C19, 10ft power cord con L6-30P,  2 Unidades por Gabinete y se incluyen (87) Blancking panels","und",8,null,{"$f":"E57*D57","v":0}]
[2,"Suministro e instalación de Cable troncal de fibra óptica 12 hilos, MTP-MTP, hembra/hembra, monomodo OS1/OS2, 50 metros, plug y play, polaridad C, color AMARILLO, pulling eye  Incluye Certificación y garantía de 20 años de fabricante \nLightVerse Pro, 1UR, bandeja deslizante, instalación modular, 4 aberturas\n\nIncluye Certificación y garantía de 25 años de fabricante. Incluye 4 fibras para sistema de VideoWall entre datacenter y gabinetes de VideoWall y 4 enlaces de cuarto de ingreso proveedores a cada Core.\n","und",24,null,{"$f":"E58*D58","v":0}]
[3,"Troncal Plug & Play, pérdida ultrabaja, 12 hilos, RazorCore, XGLO, monomodo solución MTP base 12, solución MTP base 12, polaridad B, OS2, 9/125, LSOH-3C, 1 Manga de tracción,  Baja pérdida ","und",92,null,{"$f":"E59*D59","v":0}]
[4,"Suministro e instalación de Punto de red, Herraje angulado de 24 puertos blindado, para jacks Z-MAX y TERA, vacío, 19\", Ref.TM-PNLZ-24-01, \nJACK TERA T7F-01-1,CAT 7A,BLINDADO, NEGRO, PC TERA T4A-S02M-B06L 4P-RJ45 CAT 6A MARFIL, BOTA AZUL 2M\n\nCABLE SFTP 9T7L4-E10 CAT 7A LSZH 1-3-22 VIOLETA 305M 23AWG (82.810 metros Aprox), Patch cord de 4 pares TERA a RJ45, blindado S/FTP, marfil, bota blanca, 3m Incluye puntos de consolidación (63 unidades). Incluye Certificación y garantía de 25 años de fabricante","und",710,null,{"$f":"E60*D60","v":0}]
[5,"Suministro e instalación de Punto de red lug categoría 6S Zplug terminación directa para cámaras, Control de acceso y Access Point, Herraje angulado de 24 puertos blindado, para jacks Z-MAX y TERA, vacío, 19\"\", JACK TERA T7F-01-1,CAT 7A,BLINDADO, NEGRO, PC TERA T4A-S02M-B06L 4P-RJ45 CAT 6A MARFIL, BOTA AZUL 2M\n, CABLE SFTP 9T7L4-E10 CAT 7A LSZH 1-3-22 VIOLETA 305M 23AWG (35.329 metros aproximadamente, incluye cable de los puntos de red terminado en Zplug), (1) Patch cord de 4 pares TERA a RJ45 para conexión Patchpanel-Switch, blindado S/FTP, marfil, bota blanca, 3m . Incluye Certificación y garantía de 25 años de fabricante","und",619,null,{"$f":"E61*D61","v":0}]
[{"$nulls":4},"SUBTOTAL",{"$f":"SUM(F57:F61)","v":0}]
[{"$nulls":4},"IVA",{"$f":"F62*19%","v":0}]
[{"$nulls":4},"TOTAL",{"$f":"F62+F63","v":0}]
[]
[]
["GABINETES"]
["ITEM","DESCRIPCIÓN","UND","CANTIDAD","VALOR UNITARIO ","VALOR PARCIAL"]
[1,"Gabinete , 800MM X 1200MM, 45RU, Negro, Organizadores verticales  ( se inclyen 479 Blancking panels )","und",14,null,{"$f":"E69*D69","v":0}]
[2,"PDU monitoreable ","und",{"$f":"28","v":28},null,{"$f":"E70*D70","v":0}]
[{"$nulls":4},"SUBTOTAL",{"$f":"SUM(F69:F70)","v":0}]
[{"$nulls":4},"IVA",{"$f":"F71*19%","v":0}]
[{"$nulls":4},"TOTAL",{"$f":"F71+F72","v":0}]
[]
[]
["RED INALAMBRICA"]
["ITEM","DESCRIPCIÓN","UND","CANTIDAD","VALOR UNITARIO ","VALOR PARCIAL"]
[null,"EQUIPOS DE SWITCH PARA WIFI"]
["2025-01-01","Equipio de red / 24-port mGig and UPOE, Network Advantage","und",4,null,{"$f":"E79*D79","v":0}]
["2025-02-01","Modulo SFP / 10GBASE-SR SFP Module, Enterprise-Class","und",8,null,0]
["2025-03-01","Contrato de soporte y garantía del equipo de red / SHIP NEXT BUS DAY 24port mGig and UPOE Net","und",4,null,0]
["2025-04-01","Licenciamiento de equipo de red / C9300 DNA Advantage, 24-Port, 5 Year Term License","und",4,null,0]
["2025-05-01","Fuente de poder redundante / 1100W AC 80+ platinum Config 1 Secondary Power Supply","und",4,null,0]
["2025-06-01","Módulo de enlace adicional x 8 a 10GE /  Catalyst 9300 8 x 10GE Network Module (para conexion sw Core)","und",4,null,0]
[null,"EQUIPOS DE RED WI-FI"]
["2025-07-01","AP (W6E, tri-band 4x4, XOR) w/Reg-A","und",2,null,{"$f":"E86*D86","v":0}]
["2025-08-01","AP (W6E, tri-band 4x4) w/Reg-A","und",26,null,{"$f":"E87*D87","v":0}]
["2025-09-01","Meraki MR Enterprise License, 5YR","und",28,null,{"$f":"E88*D88","v":0}]
[null,"SERVICIOS PROFESIONALES"]
["2025-10-01","Servicio de implementación, puesta en marcha, configuración, documentación y estabilización  de equipos de RED WLAN por ingeniero especialista y certificado por fabricante para proyecto C5, incluye soporte 5 años","gb",1,null,{"$f":"E90*D90","v":0}]
[{"$nulls":4},"SUBTOTAL",{"$f":"SUM(F78:F90)","v":0}]
[{"$nulls":4},"IVA",{"$f":"F91*19%","v":0}]
[{"$nulls":4},"TOTAL",{"$f":"F91+F92","v":0}]
[]
[]
["VMS "]
["ITEM","DESCRIPCIÓN","UND","CANTIDAD","VALOR UNITARIO ","VALOR PARCIAL"]
["2025-01-02","Licencia Camara","und",289,null,{"$f":"E98*D98","v":0}]
["2025-02-02","Licencia LPR","und",4,null,0]
["2025-03-02","Licencia Facial","und",18,null,0]
["2025-04-02","Licencia Integración Intrusión e Incendio","und",1,null,0]
["2025-05-02","Licencia Operadores/Administradores (100 usuarios)","und",1,null,0]
["2025-06-02","Módulo Control de Acceso","und",1,null,0]
["2025-07-02","Módulo Dashboard","und",1,null,0]
["2025-08-02","Web Service - API y SDK","und",1,null,0]
["2025-09-02","Módulo Server Onvif","und",420,null,0]
["2025-10-02","Módulo SIP","und",1,null,0]
["2025-11-02","Módulo despachador de eventos para BMS","und",1,null,0]
["2025-12-02","Estación de trabajo con doble monitor de 22\"","und",6,null,0]
["2026-01-02","Servidor de almacenamiento","und",2,null,0]
["2026-02-02","Servidor de procesamiento","und",1,null,0]
["2026-03-02","Servidor de Analíticas","und",1,null,0]
["2026-04-02","Ethernet to Wiegand Converter Module","und",1,null,0]
["2026-05-02","Sistema de revisión vehicular inferior","und",2,null,0]
["2026-06-02","Controlador video y analítica revision de acceso vehicular","und",2,null,0]
["2026-07-02","Servicios Fabrica","gl",1,null,0]
["2026-08-02","Soporte (5 años)","gl",1,null,0]
["2026-08-03","Instalación del subsistema VMS","gl",1,null,0]
[{"$nulls":4},"SUBTOTAL",{"$f":"SUM(F98:F118)","v":0}]
[{"$nulls":4},"IVA",{"$f":"F119*19%","v":0}]
[{"$nulls":4},"TOTAL",{"$f":"F119+F120","v":0}]
[]
[]
["SWITCH "]
["ITEM","DESCRIPCIÓN","UND","CANTIDAD","VALOR UNITARIO ","VALOR PARCIAL"]
[null,"SWITCH CORE"]
[1,"Equipo de red  48-port x 1/10/25G + 4-port 40/100G","und",2,null,{"$f":"E127*D127","v":0}]
[2,"Soporte de fabrica y garantía de fabricante 48port x 11025G  4por","und",2,null,0]
[3,"Soporte de fabrica y garantía sobre el licenciamiento","und",2,null,0]
[4,"Licenciamiento de equiposDNA Advantage 5 años de licencia","und",2,null,0]
[5,"Pluggable SSD storage","und",2,null,0]
[6,"Cable de poder 930W DC Config 4 Power Supply front to back cooling","und",2,null,0]
[7,"Modulo SFP / 10GBASE-LR SFP módulo, Enterprise-Class Switch Wifi","und",24,null,0]
[8,"100GBASE QSFP Active Optical Cable, 30m","und",6,null,0]
[null,"SWITCH DE ACCESO",null,0]
[9,"Equipo de red de capa de acceso / 48p 1/10/25G, 6p 40/100G, MACsec,SyncE","und",2,null,0]
[10,"Contrato de soporte y garantía de fabricante / CX LEVEL 1 8X7NCD 48p 1/10/25G, 6p 40/100G, MACse","und",2,null,0]
[11,"Módulo de memoria adicional / memoria de 16GB para Switches","und",2,null,0]
[12,"Licencia de equipo de red / DCN Advantage Term N9300 XF, 3Y","und",2,null,0]
[13,"Equipo de red de capa de acceso / con 48p 100M/1/10GT & 6p 40/100G QSFP28+","und",30,null,0]
[14,"Contrato de soporte y garantía de fabricante / CX LEVEL 1 8X7NCD  con 48p 100M/1/10GT 6p 40","und",30,null,0]
[15,"Licencia de equipo de red / DCN Advantage Term N9300 XF, 3Y","und",30,null,0]
[16,"40GBASE Active Optical Cable, 30m","und",30,null,0]
[17,"Modulo SFP/ 1000BASE-SX short wavelength; con DOM","und",4,null,0]
[null,"SWITCH DE ADMINISTRACIÓN ",null,0]
[18,"Equipo de Red / 24-port data only, 4 x 1G, Network Essentials","und",16,null,0]
[19,"Contrato de soporte y garantía del equipo de red / CX LEVEL 1 8X7NCD 24port data 4 x 1G Net","und",16,null,0]
[20,"Contrato de soporte y garantia de licenciamiento / CX LEVEL 1 SW SUB  DNA Ess","und",16,null,0]
[21,"Licenciamiento de equipo de red /  DNA Essentials, 24-port, 3 Year Term license","und",16,null,0]
[22,"Módulo de apilamiento de equipo de red / Stack Module","und",16,null,0]
[null,"ACCESO LAN",null,0]
[23,"Equipio de red /Catalyst 9300 48-port PoE+, Network Advantage","und",38,null,0]
[24,"Contrato de soporte y garantía del equipo de red /  48port PoE Network Adva","und",38,null,0]
[25,"Licenciamiento de equipo de red / C9300 DNA Advantage, 48-Port, 5 Year Term License","und",38,null,0]
[26,"Fuente de poder redundante / 1100W AC 80+ platinum Config 1 Secondary Power Supply","und",38,null,0]
[27,"Cable de apilamiento de equipo de red / 50CM Type 1 Stacking Cable","und",38,null,0]
[28,"Cable de red para fuente redundante /  Stack Power Cable 30 CM","und",38,null,0]
[29,"Módulo de enlace adicional x 8 a 10GE /  8 x 10GE Network Module","und",38,null,0]
[30,"Módulo SFP/ 10GBASE-LR SFP Module, Enterprise-Class","und",28,null,0]
[31,"Servicio de implementación, puesta en marcha, configuración, documentación y estabilización  de equipos de RED y DATACENTER por ingeniero especialista y certificado por fabricante para proyecto C5, soporte 5 años","gb",1,null,0]
[{"$nulls":4},"SUBTOTAL",{"$f":"SUM(F126:F160)","v":0}]
[{"$nulls":4},"IVA",{"$f":"F161*19%","v":0}]
[{"$nulls":4},"TOTAL",{"$f":"F161+F162","v":0}]
[]
[]
["CCTV"]
["ITEM","DESCRIPCIÓN","UND","CANTIDAD","VALOR UNITARIO ","VALOR PARCIAL"]
[null,"CÁMARA MINIDOMO IP"]
["2025-01-01","Domo varifocal de 2 MP con IR y aprendizaje profundo","und",99,null,{"$f":"E169*D169","v":0}]
["2025-02-01","Domo varifocal de 4 MP con deep learning","und",2,null,0]
["2025-03-01","Domo varifocal de 8 MP con infrarrojos y deep learning","und",5,null,0]
["2025-04-01","Domo para interior de 2 MP con deep learning","und",0,null,0]
["2025-05-01","Domo para interior de 2 MP con infrarrojos y deep learning","und",1,null,0]
["2025-06-01","Multisensor de 13 MP Cobertura de 180° en horizontal y 90° en vertical","und",1,null,0]
[null,"CÁMARA 360 IP",null,0]
["2025-07-01","Domo integrado de 6 MP con vista panorámica de 360°","und",1,null,0]
["2025-08-01","Domo para exteriores de 6 MP con vista panorámica de 360° y captura de audio","und",40,null,0]
["2025-09-01","Domo de 12 MP con vista de 360° y deep learning","und",7,null,0]
["2025-10-01","Cámara multidireccional de 4x5 MP con tecnología de IA","und",1,null,0]
[null,"CÁMARA PTZ IP o MULTISENSOR",null,0]
["2025-11-01","Cámara de 360° con control PTZ de un solo clic\n4 sensores de 5 MP, resolución total de total 20 MP","und",5,null,0]
["2025-12-01","Cámara de 360° con control PTZ con un solo clic\n4 sensores de 4 MP, resolución total de 16 MP","und",6,null,0]
["1.13","PTZ para exterior con UHD 4K","und",1,null,0]
[null,"CÁMARA DOS LENTES IP",null,0]
["1.14","Sensor dual con IR de 360° y deep learning","und",45,null,0]
["1.15","Cámara de doble sensor de 2x8MP alimentada por IA ","und",2,null,0]
[null,"CÁMARA BULLET IP",null,0]
["1.16","Cámara fija tipo bala de 2 MP , 9mm","und",2,null,0]
["1.17","Joystick para gestión profesional de cámaras y vídeos","und",2,null,0]
[{"$nulls":4},"SUBTOTAL",{"$f":"SUM(F168:F189)","v":0}]
[{"$nulls":4},"IVA",{"$f":"F190*19%","v":0}]
[{"$nulls":4},"TOTAL",{"$f":"F190+F191","v":0}]
[]
[]
["EVAC"]
["ITEM","DESCRIPCIÓN","UND","CANTIDAD","VALOR UNITARIO ","VALOR PARCIAL"]
[1,"Suministro, instalación, programación y puesta a punto de Controlador del sistema","und",2,null,{"$f":"E197*D197","v":0}]
[{"$f":"A197+1","v":2},"Suministro, instalación, programación y puesta a punto de Fuente alimentación multifunción","und",4,null,{"$f":"E198*D198","v":0}]
[3,"Suministro, instalación, programación y puesta a punto de Amplificador, 600W, 8 canales","und",12,null,0]
[4,"Suministro, instalación, programación y puesta a punto de Módulo de interfaz de control, 16 por 8","und",4,null,0]
[5,"Suministro, instalación, programación y puesta a punto de Switch Ethernet, 8 por PoE","und",4,null,0]
[6,"Suministro, instalación, programación y puesta a punto de Dispositivo de fin de línea","und",86,null,0]
[7,"Suministro, instalación, programación y puesta a punto de Estación llamada LCD sobremesa","und",3,null,0]
[8,"Suministro, instalación, programación y puesta a punto de Estación llamada LCD montaje pared","und",1,null,0]
[9,"Suministro, instalación, programación y puesta a punto de Extensión estación de llamada","und",10,null,0]
[10,"Suministro, Instalación, y puesta a punto de Altavoz de Cielo Tipo 1  (Cielo 1)","und",278,null,0]
[11,"Suministro, Instalación, y puesta a punto de Altavoz de Cielo Tipo 2 (Cielo 2)","und",83,null,0]
[12,"Suministro, Instalación, y puesta a punto de Altavoz de Cielo Tipo 3  (Cielo 3)","und",69,null,0]
[13,"Suministro, Instalación, y puesta a punto de Altavoz de Muro Tipo 1  (Muro 1)","und",73,null,0]
[14,"Suministro, Instalación, y puesta a punto de Altavoz de Muro Tipo 2  (Muro 2)","und",12,null,0]
[15,"Suministro, Instalación, y puesta a punto de Altavoz de Muro Tipo 3  (Muro 3)","und",18,null,0]
[16,"Suministro, Instalación, y puesta a punto de Altavoz de Muro Tipo 4  (Muro 4)","und",2,null,0]
[17,"Suministro, Instalación, Programación y puesta a punto de amplificador 2 x 1400 watts","und",1,null,0]
[18,"Suministro, Instalación, Programación y puesta a punto de sensor de ruido ambiental","und",2,null,0]
[19,"Suministro, Instalación, y puesta a punto de Módulo fuente de Alimentación","und",4,null,0]
[20,"Suministro, Instalación, y puesta a punto de Módulo domo para altavoz en cielo con conector cerámico","und",428,null,0]
[21,"Suministro, Instalación, y puesta a punto de Kit de suspensión metálico para altavoz de cielo","und",2,null,0]
[null,"CANALIZACIÓN",null,0,null,0]
[22,"Suministro, logística, seguro e instalación de Tubería EMT 3/4\"","und",1712,null,0]
[{"$f":"A219+1","v":23},"Suministro, logística, seguro e instalación de Tubería EMT 1\"","und",855.4200000000001,null,0]
[24,"Suministro, logística, seguro e instalación de portacable de Acero tipo Ducto  100 mm Ancho x 60 mm de alto, incluye accesorios de instalación","und",783,null,0]
[25,"Suministro, logística, seguro e instalación de portacable de Acero tipo Ducto  300 mm Ancho x 60 mm de alto, incluye accesorios de instalación","und",90,null,0]
[null,"CABLEADO",null,0,null,0]
[26,"Suministro, Instalación, conexión de cable AWG 2x14  grado profesional sin halógenos y bajo humo","und",5016,null,0]
[null,"TRASLADO",{"$nulls":3},0]
[27,"Desmonte, emabalaje, transporte, instalación de altavoz de cielo de Sies-M a C5 Medellín","und",8,null,0]
[{"$f":"A226+1","v":28},"Desmonte, emabalaje, transporte, instalación de  mezclador 8 canales de Sies-M a C5 Medellín","und",1,null,0]
[29,"Desmonte, emabalaje, transporte, instalación panel de control  de Sies-M a C5 Medellín","und",1,null,0]
[30,"Desmonte, emabalaje, transporte, instalación de amplificador mezclador 2 canales con prioridad de Sies-M a C5 Medellín","und",1,null,0]
[31,"Desmonte, emabalaje, transporte, instalación de estación de llamado  de Sies-M a C5 Medellín","und",1,null,0]
[32,"Desmonte, emabalaje, transporte, instalación de control de volumen  de Sies-M a C5 Medellín","und",1,null,0]
[{"$nulls":4},"SUBTOTAL",{"$f":"SUM(F197:F231)","v":0}]
[{"$nulls":4},"IVA",{"$f":"F232*19%","v":0}]
[{"$nulls":4},"TOTAL",{"$f":"F232+F233","v":0}]
[]
[]
["MULTIMEDIA"]
["ITEM","DESCRIPCIÓN","UND","CANTIDAD","VALOR UNITARIO ","VALOR PARCIAL"]
[1,"Suministro, transporte, instalación, configuración, puesta a punto de cámara de video conferencia PTZ, Incluye accesorios para instalación","und",10,null,{"$f":"E239*D239","v":0}]
[2,"Suministro, transporte, instalación, configuracion, puesta a punto de Codec de audio dante 2 entradas 2 salidas, Incluye accesorios para instalación","und",9,null,{"$f":"E240*D240","v":0}]
[3,"Suministro, transporte, instalación, configuracion, puesta a punto de Codec de Audio 2x2 en Muro. Incluye accesorios para instalación","und",8,null,0]
[4,"Suministro, transporte, instalación, configuración, puesta a punto de Consola Digital de Audio con Tarjeta de Conectividad Dante","und",1,null,0]
[5,"Suministro, transporte, instalación, configuración, puesta a punto de Codec de video HDMI, Incluye accesorios para instalación","und",30,null,0]
[6,"Suministro, transporte, instalación, configuración, puesta a punto de Encoder micrófonos 4 entradas Dante, Incluye accesorios para instalación","und",13,null,0]
[7,"Suministro, transporte, instalación, configuración, puesta a punto de Encoder Video Sobre IP tipo Wall Plate para empotrar en Muro, Incluye accesorios para instalación","und",15,null,0]
[8,"Suministro, transporte, instalación, configuración, puesta a punto de Encoder Video Sobre IP para instalación tipo sobreponer, Incluye accesorios para instalación","und",34,null,0]
[9,"Suministro, transporte, instalación, configuración, puesta a punto de Micrófono Digital de Empotrar , Incluye accesorios para instalación","und",20,null,0]
[10,"Suministro, transporte, instalación, configuración, puesta a punto de Monitor tipo pantalla de 85\" Incluye accesorios para instalación","und",9,null,0]
[11,"Suministro, transporte, instalación, configuración, puesta a punto de Monitor tipo pantalla Tacto Sensible de 85\" Incluye accesorios para instalación","und",10,null,0]
[12,"Suministro, transporte, instalación, configuración, puesta a punto y programación de Pantalla cerebro control de sala de 10\".  Incluye accesorios para instalación","und",10,null,0]
[13,"Suministro, transporte, instalación, configuración, puesta a punto y programación de Pantalla reserva de sala de 10\".  Incluye accesorios para instalación","und",5,null,0]
[14,"Suministro, transporte, instalación, configuración, puesta a punto de Video Proyector DLP 1080P 5000 lumens. Incluye accesorios para instalación","und",10,null,0]
[15,"Suministro, transporte, instalación, configuración, puesta a punto de Sistema Colaboración Inalámbrica","und",12,null,0]
[16,"Suministro, transporte, instalación, Mesa móvil dotación tipo rack","und",1,null,0]
[17,"Suministro, transporte, instalación de Micrófono Inalámbrico de Mano con capsula dinámica","und",3,null,0]
[18,"Suministro, transporte, instalación de Micrófono Inalámbrico de Diadema omnidireccional","und",3,null,0]
[19,"Suministro, transporte, instalación de Estación de carga de dos compartimentos en red con adaptador alterna (CA)","und",3,null,0]
[20,"Suministro, transporte, instalación de Sistema de Distribución de Antenas y Paquete de Antenas Arquitectónicas de Diversidad","und",1,null,0]
[21,"Suministro, transporte, instalación, configuración, puesta a punto de Codec de Audio Para Periodistas 1 entrada por 12 salidas en Dante. Incluye accesorios para instalación","und",1,null,0]
[22,"Suministro, transporte, instalación, configuración, puesta a punto de Pantalla de video proyección de 135\". Incluye accesorios para instalación","und",5,null,0]
[23,"Suministro, transporte, instalación, configuración, puesta a punto de Pantalla de video proyección de 115\". Incluye accesorios para instalación","und",5,null,0]
[24,"Suministro, transporte, instalación, configuración, puesta a punto de Rack AV Halar y Girar. Incluye accesorios","und",1,null,0]
[25,"Suministro, transporte, instalación, configuración, puesta a punto de Multivisualizador de video sobre IP 4 entradas 1 salida. Incluye accesorios para instalación","und",2,null,0]
[26,"Suministro, transporte, instalación, configuración, puesta a punto de Controlador audiovisual sobre red.. Incluye accesorios para instalación","und",5,null,0]
[27,"Suministro, transporte, instalación, configuración, puesta a punto de Controlador KNX sobre red . Incluye accesorios para instalación","und",1,null,0]
[28,"Suministro, transporte, instalación  de Bastidor para montaje en rack de controlador  Incluye accesorios para instalación","und",2,null,0]
[29,"Suministro, transporte, instalación, configuración, puesta a punto de Procesador de Audio digital 8 entradas 8 salidas analogicas con 64 entradas 64 salidas Dante. Incluye accesorios para instalación","und",5,null,0]
[30,"Suministro, transporte, instalación, configuración, puesta a punto de Conversor digital / analógico de audio con pantalla tactosensible. Incluye accesorios para instalación","und",1,null,0]
[31,"Suministro, transporte, instalación, configuración, puesta a punto de Tarjeta Dante para la plataforma Audio ToolBox. Incluye accesorios para instalación","und",1,null,0]
[32,"Suministro, transporte, instalación, configuración, puesta a punto de Tarjeta de 16 Entradas de Micrófono/Línea de Alta Densidad para plataforma  Audio Toolbox  Incluye accesorios para instalación","und",1,null,0]
[33,"Suministro, transporte, instalación, configuración, puesta a punto de Tarjeta de 16 Salidas Analógicas para plataforma de Audio Toolbox  Incluye accesorios para instalación","und",1,null,0]
[null,"CANALIZACIÓN",null,0,null,0]
[34,"Suministro, logística, seguro e instalación de Tubería EMT 3/4\"","ml",165,null,0]
[null,"CABLEADO",null,0,null,0]
[35,"Suministro, transporte, instalación cable  USB A- USB A 3.0 4 pies","und",84,null,0]
[36,"Suministro, transporte, instalación cable HDMI 3 pies","und",147,null,0]
[37,"Suministro, transporte, instalación cable HDMI 6 pies","und",50,null,0]
[38,"Suministro, transporte, instalación cable tipo Patchcore UTP Cat6 Longitud 6 pies","und",363,null,0]
[null,"LICENCIAS",null,0,null,0]
[39,"Suministro, instalación, y puesta a punto de licencia para administracion en la nube de elementos - servicio anual","und",5,null,0]
[40,"Suministro, instalación, y puesta a punto de Software de licenciamiento - servicio anual","und",5,null,0]
[41,"Suministro, instalación, y puesta a punto de licencia de software de recursos premium - servicio anual","und",5,null,0]
[42,"Soporte anual por equipo - Servicio anual","und",205,null,0]
[43,"Suministro de membresia para Avixa por año","und",5,null,0]
[{"$nulls":4},"SUBTOTAL",{"$f":"SUM(F239:F284)","v":0}]
[{"$nulls":4},"IVA",{"$f":"F285*19%","v":0}]
[{"$nulls":4},"TOTAL",{"$f":"F285+F286","v":0}]
[]
[]
["ACCESO "]
["ITEM","DESCRIPCIÓN","UND","CANTIDAD","VALOR UNITARIO ","VALOR PARCIAL"]
[1,"Sistema gestor de acceso ","und",2,null,{"$f":"E292*D292","v":0}]
[2,"Licencia de conexión para lector","und",300,null,0]
[3,"Base de Datos – Servidor Sistema de Control de Acceso","und",1,null,0]
[4,"Soporte y actualizaciones de fabrica 5 años","und",456,null,0]
[5,"Controladora de acceso en red una puerta ","und",5,null,0]
[6,"Controladora de acceso en red dos puertas","und",8,null,0]
[7,"Controladora de acceso en red cuatro puertas","und",18,null,0]
[8,"Controladora de acceso en red ocho puertas","und",8,null,0]
[9,"Biométrico ","und",168,null,0]
[10,"Enrolador de huella y tarjeta ","und",5,null,0]
[11,"Botón sin contacto iluminado normalmente abierto y cerrado","und",98,null,0]
[12,"Pedestales para biométricos instalados en espacios con paredes de vidrio ( piso 3,4,5,6)","und",83,null,0]
[13,"Electroimán - con sensor de apertura","und",91,null,0]
[{"$f":"A304+1","v":14},"Electroimán para puerta doble y sensor de apertura","und",35,null,0]
[{"$f":"A305+1","v":15},"Contacto magnético / Uso rudo en puertas y ventanas / 42mm de GAP","und",17,null,0]
[{"$f":"A306+1","v":16},"Brazo basculantes deben ser validados con el fabricante de las puertas ","und",250,null,0]
[{"$f":"A307+1","v":17},"Bisagra para cierre de puerta de vidrio deben ser validados con el fabricante de las puertas ","und",51,null,0]
[{"$f":"A308+1","v":18},"Fuente de Poder con cargador de salida múltiple, estas fuentes van instaladas con las controladoras de 8 y 4 puertas","und",36,null,0]
[14,"Torniquete sencillo bidireccionales con mecanismos de bloqueo y absorción de choques, pictogramas de guiado y carcasas en acero inoxidable; Izquierdo","und",1,null,0]
[15,"Suministro e Instalación Torniquete sencillo bidireccionales con mecanismos de bloqueo y absorción de choques, pictogramas de guiado y carcasas en acero inoxidabla, Large hibrido izquierdo","und",1,null,0]
[16,"Torniquete para discapcitados sencillo bidireccionales con mecanismos de bloqueo y absorción de choques, pictogramas de guiado y carcasas en acero inoxidable,","und",1,null,0]
[{"$f":"A312+1","v":17},"Arco Detector de Metales de 33 Zonas con Anclaje para Fijarse al Piso. Incluye Sensor IR para evitar falsas Alarmas / Certificado por la Administración Federal de Aviación de EE. UU. (FAA)","und",1,null,0]
[{"$f":"A313+1","v":18},"Equipo de Rayos X incluye pantalla para operacion ","und",1,null,0]
[{"$f":"A314+1","v":19},"Cable de control Cable de Cobre / 6 x 18 AWG / Para Interior / Color Blanco / Para Aplicaciones de Alarmas de Intrusión/Control de Acceso/ Automatización / Interfonos y Tv Porteros","mts",4401,null,0]
[{"$f":"A315+1","v":20},"Servicio de instalacion y soporte ","gl ",1,null,0]
[{"$nulls":4},"SUBTOTAL",{"$f":"SUM(F292:F316)","v":0}]
[{"$nulls":4},"IVA",{"$f":"F317*19%","v":0}]
[{"$nulls":4},"TOTAL",{"$f":"F317+F318","v":0}]
[]
[]
["INTRUSION"]
["ITEM","DESCRIPCIÓN","UND","CANTIDAD","VALOR UNITARIO ","VALOR PARCIAL"]
[null,"ROAD BLOCKER / BARRERA VEHICULAR",{"$nulls":3},{"$f":"E324*D324","v":0}]
[1,"Road Blocker  de Dos Metros de Longitud ","und",0,null,0]
[2,"Barreras Vehiculares con botón de accionamiento manual para cada una","und",2,null,0]
[3,"Tarjetas de Proximidad hid  1430MGGMN MIRAFARE","und",5000,null,0]
[null,"RADAR Y SPEAKER",{"$nulls":3},0]
[4," Radar Con una cobertura horizontal de 180°","und",4,null,0]
[5,"Altavoz exterior ","und",4,null,0]
[6,"\nServicio de instalación y soporte ","gl ",1,null,0]
[{"$nulls":4},"SUBTOTAL",{"$f":"SUM(F324:F331)","v":0}]
[{"$nulls":4},"IVA",{"$f":"F332*19%","v":0}]
[{"$nulls":4},"TOTAL",{"$f":"F332+F333","v":0}]
[]
[]
["VISITANTES"]
["ITEM","DESCRIPCIÓN","UND","CANTIDAD","VALOR UNITARIO ","VALOR PARCIAL"]
[1,"Licencia Base Software de gestion de visitantes , vitalicia con soporte a 5 años","und",1,null,{"$f":"E339*D339","v":0}]
[2,"Licencia o API para integracion con el sistema de VMS","und",1,null,{"$f":"E340*D340","v":0}]
[3,"Licencia o API para integracion con el subsistema BMS ","und",1,null,{"$f":"E341*D341","v":0}]
[4,"Modulos y Funcionalidades","gl",1,null,{"$f":"E342*D342","v":0}]
[{"$nulls":4},"SUBTOTAL",{"$f":"SUM(F339:F342)","v":0}]
[{"$nulls":4},"IVA",{"$f":"F343*19%","v":0}]
[{"$nulls":4},"TOTAL",{"$f":"F343+F344","v":0}]
[]
[]
["TELEFONIA"]
["ITEM","DESCRIPCIÓN","UND","CANTIDAD","VALOR UNITARIO ","VALOR PARCIAL"]
[1,"Sevidor de gestión para el sistema de telefonía","und",2,null,{"$f":"E350*D350","v":0}]
[2,"Licencia de soporte para servidor","und",2,null,0]
[3,"1-NIM slot and 4x1G WAN ports","und",1,null,0]
[4,"Licencia de software DNA para router de telefonía","und",1,null,0]
[5,"Licencia de soporte para router ","und",1,null,0]
[6,"Licencia de software para telefono IP","und",69,null,0]
[7,"Licencia de software para Softphone","und",36,null,0]
[8,"Licencia que permite utilizar el Unified Border Element (CUBE) para un troncal entre la red privada y la pública","und",50,null,0]
[9,"Teléfono IP con pantalla de 3.5\", 4 líneas, altavoz full-duplex, PoE, 2 puertos ethernet 10/100/1000","und",30,null,0]
[10,"Licencia soporte para telefonos","und",30,null,0]
[11,"Servicio de implementación, puesta en marcha, configuración, documentación y estabilización  de equipos de telefonía por ingeniero especialista y certificado en la marca","gl",1,null,0]
[{"$nulls":4},"SUBTOTAL",{"$f":"SUM(F357:F360)","v":0}]
[{"$nulls":4},"IVA",{"$f":"F361*19%","v":0}]
[{"$nulls":4},"TOTAL",{"$f":"F361+F362","v":0}]
[]
[]
["ENTALE PTP"]
["ITEM","DESCRIPCIÓN","UND","CANTIDAD","VALOR UNITARIO ","VALOR PARCIAL"]
[1,"Radio laser de  10G, incluye accesorios de instalacion ","und",1,null,{"$f":"E368*D368","v":0}]
[2,"SFP + 10G","und",1,null,{"$f":"E369*D369","v":0}]
[3,"PoE Injector","und",1,null,{"$f":"E370*D370","v":0}]
[4,"Instalacion Radio Laser 10G","gl",1,null,{"$f":"E371*D371","v":0}]
[{"$nulls":4},"SUBTOTAL",{"$f":"SUM(F368:F371)","v":0}]
[{"$nulls":4},"IVA",{"$f":"F372*19%","v":0}]
[{"$nulls":4},"TOTAL",{"$f":"F372+F373","v":0}]
[]
[]
["VIDEOWALL"]
["ITEM","DESCRIPCIÓN","UND","CANTIDAD","VALOR UNITARIO ","VALOR PARCIAL"]
["1. ","SUBSISTEMA TRASLADO Y REPOTENCIADOR 1. VIDEO WALL"]
["2025-01-01","ELEMENTOS VIDEOWALL NUEVO"]
["1.1.1","Suministro, transporte, instalación, configuración  y puesta a punto de gabinete de video wall","und",{"$f":"288*2","v":576},null,{"$f":"E381*D381","v":0}]
["1.1.2","Suministro, transporte, instalación, configuración  y puesta a punto de empalmador","und",2,null,0]
["1.1.3","Suministro, transporte, instalación, configuración  y puesta a punto de fuente de potencia","und",4,null,0]
["1.1.4","Suministro, transporte, instalación, configuración  y puesta a punto de tarjeta de envío de señal RJ45","und",16,null,0]
["1.1.5","Suministro, transporte, instalación, configuración  y puesta a punto de Tarjeta de monitoreo en red para entradas y salidas","und",2,null,0]
["1.1.6","Suministro, transporte, instalación, configuración  y puesta a punto de Tarjeta de salida HDMI 2.0","und",2,null,0]
["1.1.7","Suministro, transporte, instalación, configuración  y puesta a punto de Tarjeta de entrada HDMI 2.0 o Display Port 1.2","und",24,null,0]
["1.1.8","Suministro, transporte, instalación, configuración  y puesta a punto de Tarjeta de entrada HDMI 2.0","und",2,null,0]
["1.1.9","Suministro, transporte, instalación, configuración  y puesta a punto de Tarjeta de entrada 2 puerto RJ45","und",2,null,0]
["1.1.10","Suministro, transporte, instalación, configuración  y puesta a punto de Convertirdor de fibra óptica multimodo a Cat","und",16,null,0]
["1.1.11","Instalación de video wall de 15 metros de ancho por 4.05 metros de alto. Incluye accesorios, soporte, estructura y otros elementos necesarios para la obra","und",2,null,0]
["2025-02-01","TRASLADO , CONFIGURACION Y PUESTA EN MARCHA",{"$nulls":3},0]
["1.2.1","Traslado, configuración y puesta en marcha de pantalla de 25,58 metros cuadrados videowall 01","gl",1,null,0]
["1.2.2","Traslado, configuración y puesta en marcha de pantalla de 5,07  metros cuadrados videowall 02","gl",1,null,0]
["1.2.3","Traslado, configuración y puesta en marcha de pantalla de 7,31  metros cuadrados videowall 03","gl",1,null,0]
["1.2.4","Traslado, configuración y puesta en marcha de pantalla de 7,10 metros cuadrados videowall 04","gl",1,null,0]
["1.2.5","Traslado, configuración y puesta en marcha de pantalla de 5,07 metros cuadrados videowall 05","gl",1,null,0]
["2025-03-01","INFRAESTRUCTURA SOPORTES",{"$nulls":3},0]
["1.3.1","Suministro, anclaje, instalación de soporte para pantalla en muro de 12,8 metros cuadrados en interior. Incluye todos los accesorios y herrajes necesarios para la labor videowall 01","und",2,null,0]
["1.3.2","Suministro, anclaje, instalación de soporte para pantalla en muro de 5,07 metros cuadrados en interior. Incluye todos los accesorios y herrajes necesarios para la labor videowall 02","und",1,null,0]
["1.3.3","Suministro, anclaje, instalación de soporte para pantalla en muro de 7,31 metros cuadrados en interior. Incluye todos los accesorios y herrajes necesarios para la labor videowall 03","und",1,null,0]
["1.3.4","Suministro, anclaje, instalación de soporte para pantalla en muro de 7,1 metros cuadrados en interior. Incluye todos los accesorios y herrajes necesarios para la labor videowall 04","und",1,null,0]
["1.3.5","Suministro, anclaje, instalación de soporte para pantalla en muro de 5,07 metros cuadrados en interior. Incluye todos los accesorios y herrajes necesarios para la labor videowall 05","und",1,null,0]
["2025-04-01","SOPORTE TECNICO DEL FABRICANTE PARA TRASLADO",{"$nulls":3},0]
["1.4.1","Dia de soporte de desmonte, montaje de ingeniero de empresa fabricante de vídeo wall ","und",14,null,0]
["1.4.2","Compra de tiquetes aéreos de ingeniero para proceso de desmonte/montaje de video walls  ","und",1,null,0]
["1.4.3","Dia de viatico para ingeniero de fabrica que apoya el desmonte y montaje de video walls, Incluye noche de hotel, transportes y alimentación.","und",14,null,0]
["2. ",{"$f":"UPPER(\"Subsistema Traslado yo repotenciador 2 Controladora video wall\")","v":"SUBSISTEMA TRASLADO YO REPOTENCIADOR 2 CONTROLADORA VIDEO WALL"},null,"CANT FINAL"]
["2025-01-02","SUMINISTROS",null,0,null,{"$f":"E409*D409","v":0}]
["2.1.1","PN2 INPUT NODE\nHDMI-8NE","und",2,null,0]
["2.1.2","PN2\nStreamCenter","und",6,null,0]
["2.1.3","PN2 OUTPUT\nNODE V2-8","und",6,null,0]
["2.1.4","4-750-184-03","und",{"$f":"14*2","v":28},null,0]
["2.1.5","4-750-158-00","und",24,null,0]
["2.1.6","5-649-007-01","und",10,null,0]
["2.1.7","Model Name"]
["2.1.8","StreamPoint4KDual","und",16,null,0]
["2.1.9","JUP-CARE-FC","und",2,null,0]
["2.1.10","D-CAN-009-01","und",16,null,0]
["2.2","TRASLADO , CONFIGURACION Y PUESTA EN MARCHA",{"$nulls":3},0]
["2.2.1","Traslado, configuración y puesta en marcha de pantalla de controladora con software de gestión centralizado para control de sistemas de visualización","gl",1,null,0]
[{"$nulls":4},"SUBTOTAL",{"$f":"SUM(F380:F421)","v":0}]
[{"$nulls":4},"IVA",{"$f":"F422*19%","v":0}]
[{"$nulls":4},"TOTAL",{"$f":"F422+F423","v":0}]
[]
[]
["ENLACE F.O"]
["ITEM","DESCRIPCIÓN","UND","CANT","VALOR UNITARIO ","VALOR PARCIAL"]
[1,"Suministro, logística, seguro e instalación de Fibra optica de 24 hilos monomodo armada en cinta de acero corrugado","mt",2200,null,{"$f":"E429*D429","v":0}]
[2,"Servicio técnico especializado para certificación de hilos de fibra en enlace entre C5 - Business Plaza","und",24,null,0]
[3,"Servicio técnico para apertura y cierre de camaras (tigo) en vía pública","gl",1,null,0]
[4,"Servicio técnico para Sondeo e hilada de ruta de fibra","gl",1,null,0]
[5,"Construcción de canalización en pavimento flexible incluye suministro, instalación de: - Excavación manual de material heterogeneo de 0-2m de profundidad. - Construcción de entibado temporal en tablón de madera - Llenos en material provenientes de la excavación compactados mecánicamente. - Tres (03) tuberias 3\" PVC DB - Relleno estructural según norma EPM redes telecomunicaciones - Pavimento de 8cm de espesor realizado con mezcla bituminosa continua en caliente con agregrado granitico de 10mm de tamaño máximo. - transporte y botada de escombros","mt",60,null,0]
[6,"Construcción de canalización en piso de concreto o anden, incluye suministro e instalación de: - Demolición de andenes. - Excavación manual de material heterogeneo de 0-2m de profundidad. - Construcción de entibado temporal en tablón de madera - Llenos en material provenientes de la excavación compactados mecánicamente. - Tres (03) tuberias 3\" PVC DB - Relleno estructural según norma EPM redes telecomunicaciones - Concreto de empotramiento o concreto fluido de 245 kg/cm2 - Construcción de anden en concreto - transporte y botada de escombros","mt",150,null,0]
[7,"Suministro, logística, seguro e instalación de Cajas 2 T DE 120X80 según norma TEL NIN-115_Caja para dos tapas de 0.60m x 0.80\n","und",3,null,0]
[8,"Suministro, logística, seguro e instalación de Caja 1 T según norma TEL NIN-114_Caja para tapa de 0.60m x 0.80m en anden","und",2,null,0]
[9,"Suministro, logística, seguro e instalación de Tubería PVC DB 3\" para red, Incluye todos los accesorios para su correcta instalación (curvas, adaptadores, codo, pega PVC, cintas). Cumpliendo las normas RETIE- 2050 del código eléctrico Nacional.\n","mt",500,null,0]
[10,"Gestión de tramites y permisos ante entidades públicas para utorizar la intervención de bienes de uso público, conforme a las normas urbanísticas establecidas en el Plan de Ordenamiento Territorial (POT","gl",1,null,0]
[11,"Planos Asbuilt","gl",1,null,0]
[12,"Construcción de canalización en piso de concreto o anden, incluye suministro e instalación de: - Demolición de andenes. - Excavación manual de material heterogeneo de 0-2m de profundidad. - Llenos en material provenientes de la excavación compactados mecánicamente. - Concreto de empotramiento o concreto fluido de 245 kg/cm2, resane - Construcción de anden en concreto - transporte y botada de escombros\n","mt",2,null,0]
[13,"Suministro, logística, seguro e instalación de Tubería PVC DB 3\" para red, Incluye todos los accesorios para su correcta instalación (curvas, adaptadores, codo, pega PVC, cintas). Cumpliendo las normas RETIE- 2050 del código eléctrico Nacional.","Ml",2,null,0]
[14,"Suministro, logística, seguro e instalación de Tubería EMT 1 1/4\" para red, Incluye todos los accesorios para su correcta instalación (curvas, entradas, uniones, cintas), Cumpliendo las normas RETIE- 2050 del código eléctrico Nacional. Incluye sujeción abrazadera ajustable cada 1,5 metros","mt",200,null,0]
[15,"Suministro, logística, seguro e instalación de Canastilla galvanizada 30x5cm con tapa. Incluye cable #6AWG de cobre desnudo y accesorios para puesta a tierra. y todos los elementos necesarios para su correcta instalación. Marca Mecano o similar.\n","mt",5,null,0]
[16,"Diseño, suministro, fabricación, logística y transporte seguro (Valle de Aburra) de Gabinete uso exterior Gabinete fabricado en lámina Galvanizada C -16 -14.                                                                                                                                                                                                                                                 Estructura autosoportada  para uso exterior IP 65 en la cual estamos certificados. Medidas en centimetros: 240 alto, 150 ancho y 100 de profundo. Puerta frontal doble ala lisa; bisagras tipo interna  120° de apertura, cerradura tipo bombin con su respectiva llave de seguridad, empaque esponjoso para garantizar la IP y kit de cable puesta tierra entre la puerta y el cuerpo, incluye zocalo, 4 ventiladores de 6\" con protector, filtro y campana,techo inclinado                                                                                                                                          Gabinete con excelente acabado superficial. ","und",1,null,0]
[17,"Diseño, suministro, logística, seguro e instalación de Rack Abierto en Aluminio de 210x 61,5 Marca UMI Fabricado en aluminio extruido. Cumple con la norma IEC297 – IEC297. 2 (alojamiento de equipos de 19”). *Diseñado para ser ubicado y fijado al piso, desarmable de fácil ensamble. *Dos (2) bases, Dos (2) perfiles bastidores, Dos (2) perfiles superiores y su tornillería. *Fácil ensamble *Liviano *Norma de fabricación IEC 297, IEC 297-2 y EIA RS.310- D (Racks, panel and Associated Equipment).","und",2,null,0]
[18,"Suministro, logística, seguro e instalación de Organizador Horizontal 80x80","und",4,null,0]
[19,"Suministro, logística, seguro e instalación de Organizador vertical de 2,10 metros","und",4,null,0]
[20,"Suministro, logística, seguro e instalación de ODF, LC 24  puertos","und",3,null,0]
[21,"Suministro, logística, seguro e instalación de Placas de fibra optica LC de 12 hilos","und",6,null,0]
[22,"Suministro, logística, seguro e instalación de Pigtails, LC, fibra monomodo, 1m","und",72,null,0]
[23,"Servicio técnico especializado para fusiones de fibra óptica. ","und",72,null,0]
[24,"Suministro, logística, seguro e instalación de Patch cord monomodo, LC - LC, duplex de 5m","und",24,null,0]
[25,"Suministro, logística, seguro e instalación de accesorios fungibles (cinta aislante, amarres, velcro, chazos, conectores","und",1,null,0]
[26,"Suministro, logística, seguro e instalación de Tubería PVC DB 3\" para red, Incluye todos los accesorios para su correcta instalación (curvas, adaptadores, codo, pega PVC, cintas). Cumpliendo las normas RETIE- 2050 del código eléctrico Nacional.","mt",400,null,0]
[27,"Suministro, logística, seguro e instalación de Caja 1 T según norma TEL NIN-114_Caja para tapa de 0.60m x 0.80m En anden","und",3,null,0]
[28,"Servicio para apertura de brecha en zona blanda 60 de ancho por 100 cm de ancho","mt",60,null,0]
[29,"Suministro, logística, seguro e instalación de Canastilla galvanizada 30x5cm con tapa. Incluye cable #6AWG de cobre desnudo y accesorios para puesta a tierra. y todos los elementos necesarios para su correcta instalación.","mt",20,null,0]
[30,"Suministro, logística, seguro e instalación de bandeja fiber runner para distribución de cable cross conexión entre rack´s, y todos los elementos necesarios para su correcta instalación. ","mt",20,null,0]
[31,"Diseño, suministro, logística, seguro e instalación de Rack Abierto en Aluminio de 210x 61,5 Fabricado en aluminio extruido. Cumple con la norma IEC297 – IEC297. 2 (alojamiento de equipos de 19”). *Diseñado para ser ubicado y fijado al piso, desarmable de fácil ensamble. *Dos (2) bases, Dos (2) perfiles bastidores, Dos (2) perfiles superiores y su tornillería. *Fácil ensamble *Liviano *Norma de fabricación IEC 297, IEC 297-2 y EIA RS.310- D (Racks, panel and Associated Equipment).","und",1,null,0]
[32,"Suministro, logística, seguro e instalación de Organizador Horizontal 80x80, ","und",2,null,0]
[33,"Suministro, logística, seguro e instalación de Organizador vertical de 2,10 metros","und",2,null,0]
[34,"Suministro, logística, seguro e instalación de Placas de fibra optica LC de 12 hilos.","und",4,null,0]
[35,"Suministro, logística, seguro e instalación de Pigtails, LC, fibra monomodo, 1m","und",24,null,0]
[36,"Servicio técnico especializado para fusiones de fibra optica. ","und",24,null,0]
[37,"Suministro, logística, seguro e instalación de Patch cord monomodo, LC - LC, duplex de 5m","und",24,null,0]
[38,"Suministro, logística, seguro e instalación de accesorios fungibles (cinta aislante, amarres, velcro, chazos, conectores","und",1,null,0]
[39,"Sistema de aire acondicionado para rack","und",1,null,0]
[{"$nulls":4},"SUBTOTAL",{"$f":"SUM(F429:F467)","v":0}]
[{"$nulls":4},"IVA",{"$f":"F468*19%","v":0}]
[{"$nulls":4},"TOTAL",{"$f":"F468+F469","v":0}]
[]
[]
["TRASLADO VIDEOWALL Y CONTROLADORA"]
["ITEM","DESCRIPCIÓN","UND","CANT","VALOR UNITARIO ","VALOR PARCIAL"]
[1,"Videowall Existente","gl",1,null,{"$f":"E475*D475","v":0}]
[2,"Controladora Existente ","gl",1,null,{"$f":"E476*D476","v":0}]
[{"$nulls":4},"SUBTOTAL",{"$f":"SUM(F475:F476)","v":0}]
[{"$nulls":4},"IVA",{"$f":"F477*19%","v":0}]
[{"$nulls":4},"TOTAL",{"$f":"F477+F478","v":0}]
[]
[]
["SEÑALETICA"]
["ITEM","DESCRIPCIÓN","UND","CANT","VALOR UNITARIO ","VALOR PARCIAL"]
["14.1.8.1","Suministro y transporte de Señal Direccional Descolgada\nBase en alucobond troquelada con vinilo impreso, icono en realce con gancho para sujetar a techo doble cara.","un",38,null,{"$f":"E484*D484","v":0}]
["14.1.8.2","Suministro y transporte de Direccional - Descolgada TIPO B\nBase en alucobond troquelada con vinilo impreso, icono en realce con gancho para sujetar a techo doble cara y todos los accesorios para su correcto funcionamiento","un",2,null,0]
["14.1.8.3","Suministro y transporte de Direccional - Descolgada TIPO C\nBase en alucobond troquelada con vinilo impreso, icono en realce con gancho para sujetar a techo doble cara y todos los accesorios para su correcto funcionamiento","un",2,null,0]
["14.1.8.4","Suministro y transporte de Direccional - Fija / Puntual. Base en alucobond troquelada con plotter de corte, fijada a pared con tornillos y todos los accesorios para su correcto funcionamiento.","un",4,null,0]
["14.1.8.5","Suministro y transporte de Direccional - Marcación muro de Número en alucobond troquelado impreso + textos en vinilo de corte para fijar a pared lisa y todos los accesorios para su correcto funcionamiento.","un",43,null,0]
["14.1.8.6","Suministro y transporte Direccional - Marcación piso \nPintura Epóxica para marcación de pisos (tamaño y cantidad aproximado)y todos los accesorios necesarios para su correcto funcionamiento.","un",223,null,0]
["14.1.8.7","Suministro y transporte de Emergencia - Fija / Puntual TIPO C\nBase en alucobond troquelada con plotter de corte, fijada a pared con tornillos y todos los accesorios necesarios para su correcto funcionamiento","un",15,null,0]
["14.1.8.8","Suministro y transporte de señal Indicativa - Descolgada \nBase en alucobond troquelada con vinilo impreso, icono en realce con gancho para sujetar a techo doble cara y todos los accesorios para su correcto funcionamiento","un",18,null,0]
["14.1.8.9","Suministro y transporte de señal Indicativa - Fija / Puntual Base en alucobond troquelada con plotter de corte, fijada a pared con tornillos y todos los accesorios para su correcto funcionamiento","un",272,null,0]
["14.1.8.10","Suministro y transporte de señal de Indicativa - Fija / Puntual TIPO B Base en alucobond troquelada con plotter de corte, fijada a pared con tornillos y todos los accesorios para su correcto funcionamiento","un",1,null,0]
["14.1.8.11","Suministro y transporte de señal Indicativa - Fija / Puntual TIPO D\nBase en alucobond troquelada con plotter de corte, fijada a pared con tornillos y todos los accesorios para su correcto funcionamiento.","un",5,null,0]
["14.1.8.12","Suministro y transporte de señal Indicativa - Marcación muro \nNúmero en alucobond troquelado impreso + textos en vinilo de corte para fijar a pared lisa - 1 SOLO DÍGITO  y todos los accesorios para su correcto funcionamiento.","un",7,null,0]
["14.1.8.13","Suministro y transporte Informativa - Descolgada, Base en alucobond troquelada con vinilo impreso, icono en realce con gancho para sujetar a techo doble cara y todos los accesorios para su correcto funcionamiento","un",6,null,0]
["14.1.8.14","Suministro y transporte Informativa - Fija / Puntual, Base en alucobond troquelada con plotter de corte, fijada a pared con tornillos y todos los elementos para su correcto funcionamiento","un",3,null,0]
["14.1.8.15","Suministro y transporte de Direccional - Marcación muro de Número en alucobond troquelado impreso + textos en vinilo de corte para fijar a pared lisa y todos los accesorios para su correcto funcionamiento.","un",7,null,0]
["14.1.8.16","suministro y transporte de señal de Regulación / preventiva - Fija / Puntual Base en alucobond troquelada con plotter de corte, fijada a pared con tornillos y todos los accesorios para su correcto funcionamiento","un",39,null,0]
["14.1.8.17","Suministro y transporte de señal Regulación / preventiva - Fija / Puntual TIPO C Base en alucobond troquelada con plotter de corte, fijada a pared con tornillos y todos los accesorios para su correcto funcionamiento","un",2,null,0]
["14.1.8.18","Instalación del proyecto / 464 señales y 223 marcación de pisos / horario diurno / No incluye SISO","un",687,null,0]
[{"$nulls":4},"SUBTOTAL",{"$f":"SUM(F484:F501)","v":0}]
[{"$nulls":4},"IVA",{"$f":"F502*19%","v":0}]
[{"$nulls":4},"TOTAL",{"$f":"F502+F503","v":0}]

{"sheet":"RESUMEN PROYECTADO","index":3,"n_rows":56,"n_cols":8,"rows_kept":56,"merged":[[0,0,0,8],[2,0,2,7],[4,5,4,6],[5,5,5,6],[6,5,6,6],[10,5,10,6],[11,5,11,6],[12,1,12,3],[12,5,12,6],[14,5,14,6],[15,5,15,6],[16,5,16,6],[17,5,17,6],[18,5,18,6],[19,5,19,6],[20,5,20,6],[21,5,21,6],[22,5,22,6],[23,5,23,6],[24,5,24,6],[25,5,25,6],[26,5,26,6],[27,5,27,6],[28,5,28,6],[29,5,29,6],[30,5,30,6],[31,5,31,6],[32,5,32,6],[33,5,33,6],[34,5,34,6],[35,1,35,4],[35,5,35,6],[39,1,39,4],[39,5,39,6],[43,3,43,7],[44,3,44,7],[45,3,45,7],[46,3,46,7],[47,3,47,7],[48,3,48,7],[53,3,53,8],[54,3,54,8],[55,3,55,8]]}
[]
[]
["FORMATO PROPUESTA ECONÓMICA"]
[]
[null,"No. ITEM","DESCRIPCIÓN ARTÍCULO","UNIDAD DE \nMEDIDA","CANTIDAD","VALOR  TECHO ",null,"VALOR OFERTADO"]
[null,1,"COMPONENTE 1 - OBRA PROYECTADO - COSTO DIRECTO","GL",1,{"$f":"'COMPONENTE 1 - OBRA PROYECTADO'!G111+'COMPONENTE 1 - OBRA PROYECTADO'!G112","v":{"v":2649474271.05548,"d":"COP 2,649,474,271"}},null,{"$f":"'COMPONENTE 1 - OBRA PROYECTADO'!K111+'COMPONENTE 1 - OBRA PROYECTADO'!K112","v":0}]
[null,2,"MOBILIARIO - COSTO TOTAL","GL",1,{"$f":"'COMPONENTE 1 - OBRA PROYECTADO'!G113","v":{"v":13401523507.076086,"d":"COP 13,401,523,507"}},null,{"$f":"'COMPONENTE 1 - OBRA PROYECTADO'!K113","v":0}]
[null,3,"ADMINISTRACION ","%","A",{"$f":"'COMPONENTE 1 - OBRA'!G1815","v":{"v":0.1536,"d":"15.36%"}},{"$f":"($F$6)*F8","v":{"v":406959248.0341217,"d":"COP 406,959,248"}},{"$f":"($H$6+$H$7)*F8","v":0}]
[null,4,"IMPREVISTOS ","%","I",{"v":0.02,"d":"2.00%"},{"$f":"($F$6)*F9","v":{"v":52989485.4211096,"d":"COP 52,989,485"}},{"$f":"($H$6+$H$7)*F9","v":0}]
[null,5,"UTILIDAD","%","U",{"$f":"'COMPONENTE 1 - OBRA'!G1816","v":{"v":0.05,"d":"5.00%"}},{"$f":"($F$6)*F10","v":{"v":132473713.55277401,"d":"COP 132,473,714"}},0]
[null,6,"POLIZAS","GL",1,{"v":31725141,"d":"COP 31,725,141"}]
[null,8,"REAJUSTES INDEXACIÓN (AJUSTE CAMBIO DE AÑOS)","GL",1,{"v":203445075,"d":"COP 203,445,075"}]
[null,"TOTAL OBRA",{"$nulls":3},{"$f":"F6+F7+G8+G9+G10+F11+F12","v":{"v":16878590441.139572,"d":"COP 16,878,590,441"}},null,{"$f":"SUM(H6:H12)","v":0}]
[{"$nulls":6},{"$f":"G8+G9+G10+F11+F12","v":{"v":827592663.0080054,"d":"COP 827,592,663"}}]
[]
[null,"No. ITEM","DESCRIPCIÓN ARTÍCULO","UNIDAD DE \nMEDIDA","CANTIDAD","VALOR UNITARIO TECHO INCLUIDO IVA",null,"VALOR UNITARIO OFERTADO INCLUIDO IVA"]
[null,9,"BMS","GL",1,{"v":1406514773.39,"d":"COP 1,406,514,773.39"},null,{"$f":"'COMPONENTE 1 - TECNOLOGIA'!F40","v":0}]
[null,10,"Datacenter","GL",0,{"v":1722664621.7918313,"d":"COP 1,722,664,621.79"},null,{"$f":"'COMPONENTE 1 - TECNOLOGIA'!F52","v":0}]
[null,11,"Red Lan","GL",0,{"v":3615307527.51,"d":"COP 3,615,307,527.51"},null,{"$f":"'COMPONENTE 1 - TECNOLOGIA'!F64","v":0}]
[null,12,"Gabinetes","GL",0,{"v":2200575329.61,"d":"COP 2,200,575,329.61"},null,{"$f":"'COMPONENTE 1 - TECNOLOGIA'!F73","v":0}]
[null,13,"Red Inalambrica","GL",0,{"v":1735484410.37,"d":"COP 1,735,484,410.37"},null,{"$f":"'COMPONENTE 1 - TECNOLOGIA'!F93","v":0}]
[null,14,"VMS ","GL",0,{"v":2138192255.6076794,"d":"COP 2,138,192,255.61"},null,{"$f":"'COMPONENTE 1 - TECNOLOGIA'!F121","v":0}]
[null,15,"Switch ","GL",0,{"v":14224480322.487965,"d":"COP 14,224,480,322.49"},null,{"$f":"'COMPONENTE 1 - TECNOLOGIA'!F163","v":0}]
[null,16,"CCTV","GL",0,{"v":1509027134.447485,"d":"COP 1,509,027,134.45"},null,{"$f":"'COMPONENTE 1 - TECNOLOGIA'!F192","v":0}]
[null,17,"EVAC","GL",0,{"v":2683379571.04,"d":"COP 2,683,379,571.04"},null,{"$f":"'COMPONENTE 1 - TECNOLOGIA'!F234","v":0}]
[null,18,"Multimedia","GL",0,{"v":11628705767.519999,"d":"COP 11,628,705,767.52"},null,{"$f":"'COMPONENTE 1 - TECNOLOGIA'!F287","v":0}]
[null,19,"Acceso","GL",1,{"v":1186753275.4459279,"d":"COP 1,186,753,275.45"},null,{"$f":"('COMPONENTE 1 - TECNOLOGIA'!F313*3+'COMPONENTE 1 - TECNOLOGIA'!F314)*1.19","v":0}]
[null,20,"Instrusion","GL",0,{"v":478013573.50830305,"d":"COP 478,013,573.51"},null,{"$f":"'COMPONENTE 1 - TECNOLOGIA'!F334","v":0}]
[null,21,"Visitantes","GL",1,{"v":272017544.15799934,"d":"COP 272,017,544.16"},null,{"$f":"'COMPONENTE 1 - TECNOLOGIA'!F345","v":0}]
[null,22,"Telefonia","GL",0,{"v":682646759.15,"d":"COP 682,646,759.15"},null,{"$f":"'COMPONENTE 1 - TECNOLOGIA'!F363","v":0}]
[null,23,"Enlace_PTP","GL",0,{"v":258668247.32723105,"d":"COP 258,668,247.33"},null,{"$f":"'COMPONENTE 1 - TECNOLOGIA'!F374","v":0}]
[null,24,"VideoWall","GL",1,{"v":30445416865.07,"d":"COP 30,445,416,865.07"},null,{"$f":"'COMPONENTE 1 - TECNOLOGIA'!F424","v":0}]
[null,25,"Enlace F.O","GL",0,{"v":947528726.6238524,"d":"COP 947,528,726.62"},null,{"$f":"'COMPONENTE 1 - TECNOLOGIA'!F470","v":0}]
[null,26,"Traslado videowall y controladora","GL",0,{"v":1416211639.26,"d":"COP 1,416,211,639.26"},null,{"$f":"'COMPONENTE 1 - TECNOLOGIA'!F479","v":0}]
[null,27,"Señal Etica","GL",1,{"v":2800881220.36,"d":"COP 2,800,881,220.36"},null,{"$f":"'COMPONENTE 1 - TECNOLOGIA'!F504","v":0}]
[null,"TOTAL TECNOLOGIA ",{"$nulls":3},{"$f":"E17*F17+E18*F18+E19*F19+E20*F20+E21*F21+E22*F22+E23*F23+E24*F24+E25*F25+E26*F26+E27*F27+E28*F28+E29*F29+E30*F30+E31*F31+E32*F32+E33*F33+E34*F34+E35*F35","v":{"v":36111583678.42393,"d":"$ 36,111,583,678"}},null,{"$f":"SUM(H17:H34)","v":0}]
[]
[]
[]
[null,"GRAN TOTAL ",{"$nulls":3},{"$f":"F36+F13","v":{"v":52990174119.5635,"d":"$ 52,990,174,120"}}]
[]
[]
[]
[null,"FIRMA DEL REPRESENTANTE LEGAL O APODERADO "]
[null,"NOMBRE DEL PROPONENTE: "]
[null,"NOMBRE DEL REPRESENTANTE LEGAL: "]
[null,"DIRECCIÓN: "]
[null,"CORREO ELECTRÓNICO: "]
[null,"TELÉFONO: "]
[]
[]
[]
[]
[null,null,"NOTAS ACLARATORIAS:"]
[null,1,"PÓLIZAS","El pago de las pólizas estará sujeto a la presentación de la constancia de pago de la prima por parte del contratista, quien podrá solicitar a la ESU el reembolso de dicho valor mediante el acta de pago correspondiente que el mismo elabore y emita."]
[null,2,"REAJUSTE POR CAMBIO DE AÑO","El pago se ajustará en cada acta de pago, mediante la aplicación de la fórmula polinómica de reajuste definida para el proyecto, con base en los indicadores oficiales publicados por CAMACOL."]

{"sheet":"COMPONENTE 1 - OBRA PROYECTADO","index":4,"n_rows":125,"n_cols":14,"rows_kept":125,"merged":[[7,1,7,10],[107,1,109,2],[111,0,111,2],[112,1,112,2],[113,1,113,2],[114,1,114,2],[115,1,115,2],[116,1,116,2],[117,1,117,2],[118,1,118,2],[119,1,119,2],[120,1,120,2],[121,1,121,2],[122,1,122,2],[123,1,123,2],[124,1,124,2]]}
{"$rows_empty":7}
[null,"ANEXO NO 19 PRECIOS Y CANTIDADES"]
[]
[]
["Especificaciones","EDT","Descripción","Unidad","Cantidad","Costo unitario","Total",null,"Cantidad","Costo unitario","Total",null,"Cumple ","No Cumple"]
[]
[null,"13.1.0","SISTEMA FOTOVOLTAICO - PANELES SOLARES"]
["ESP 13.1.1","13.1.1","Suministro transporte e instalación de sistema solar fotovoltaico a todo costo, incluye paneles solares JA SOLAR 570Wp o equivalentes, Inversor GROWATT MAC 70KTL3-X MV,Cable solar, conectores MC4 -- [pares], perfiles reguladores Alurack 4,2 m, tornillos galvanizados autoperforantes 2\",ganchos, arandelasy tuercas, MCLAMS ALURACK, uniones ALURACK, bronco y tela, caja metálica 12x12, caja plástica 15x15, E CLAMPS, L alurack, herraje de paso 15x15, tubería coraza 2\", tubería IMC 2\", Tuercas y contratuercas 2\" con polo a tierra, tubería PVC 2\", curva PVC 2\", tubería EMT 2\", Curva PVC 2\", tubería EMT 3 1/2\", curva emt 3 1/2\", jumpers  (20cm x 40 uni), cableado # 1/0 AWG Cu THHN/THWN-2, # 4/0 AWG  Cu THHN/THWN-2, #6 DESNUDO Cu THHN/THWN-2, #2 DESNUDO Cu THHN/THWN-2, varilla de cooperwell, conector tipo tornillo,  grapa tornillo partido, conector en C #1/0, tablero AC 12 ctos, cemento, arena, grava, prensa stopa PG-29, breaker 3X125A Caja Moleada, riel omega, caja bornera AC 160A, espuma sikaboom,barraje para neutro, barraje de cobre para totalizador, barraje para tierra,cinta negra y autofunente, tapones plástico cuadrados, tapones plásticos reguladores,  conectores de resortes rojos, conectores de resortes azules, cintas de colores, cabeza lenteja media pulgada autoperforante 2\", grava doble ala de 2\", cinta badit  y hebillas, cubre filo, percha y yoyo, pega loca, conector curvo de coraza 2\", conectores OB1010 y todos los elementos necesario para su correcto funcionamiento. incluye aprobación por EPM. TRM  $4298.31 COP (24-04-25), fuente: https://www.dolar-colombia.com/mes/2025-04","un",1,{"v":436122663.16,"d":"$436,122,663.16"},{"$f":"F14*E14","v":{"v":436122663.16,"d":"$436,122,663.16"}},null,1,null,{"$f":"J14*I14","v":{"v":0,"d":"$0.00"}}]
[]
[null,null,"TOTAL DE SISTEMA FOTOVOLTAICO - PANELES SOLARES",{"$nulls":3},{"$f":"G14","v":{"v":436122663.16,"d":"$436,122,663.16"}},{"$nulls":3},{"$f":"K14","v":{"v":0,"d":"$0.00"}}]
[]
[null,"11.1.2","CIELOS"]
["ESP 11.1.2.1","11.1.2.1","Suministro, transporte  e instalación de CIELO FALSO EN PLACA DE FIBROCEMENTO (SUPERBOARD) 8mm. Incluye suministro, transporte e instalación de placa de fibrocemento de 8mm, masilla, tornillos, perfiles para estructura de soporte, pintura epóxica color blanco puro RAL 90-10 + dilatación perimetral de 1 cm., accesorios, estuco plástico, pintura tres manos o las necesarias hasta obtener una superficie pareja, homogénea y todos los elementos necesarios para su correcta instalación.","m2",{"v":520.3199999999999,"d":"520.32"},{"v":176005.68,"d":"$176,005.68"},{"$f":"F19*E19","v":{"v":91579275.41759999,"d":"$91,579,275.42"}},null,{"v":520.3199999999999,"d":"520.32"},null,{"$f":"J19*I19","v":{"v":0,"d":"$0.00"}}]
["ESP 11.1.2.2","11.1.2.2","Suministro, transporte e instalación de CIELO FALSO EN PANEL YESO (DRYWALL) 1/2\". Incluye suministro, transporte e instalación de lámina en panel yeso de 1/2\", masilla, tornillos, perfiles para estructura de soporte, instalación con dilatación perimetral en perfil de 1cm., accesorios, estuco plástico, pintura vinilo tipo 2 tres manos o las necesarias hasta obtener una superficie pareja, homogénea, color a definir según aprobación de la entidad o interventoría y todos los elementos necesarios para su correcta instalación.","m2",543.42,{"v":91450.08,"d":"$91,450.08"},{"v":49695802.4736,"d":"$49,695,802.47"},null,543.42,null,{"v":0,"d":"$0.00"}]
["ESP 11.1.2.3","11.1.2.3","Suministro, transporte e instalación de Acabado en cielos en Acobarda Pete, marca Acobarda Pete de 12 mm de espesor o similar en cielos descolgado por medio de guaya de acero. Densidad del Acobarda: 191,6 kg/m3, incluye disposición de la lámina de acuerdo a diseño, lamina cortada a medida, corte sencillo, tonalidad: acorde a disponibilidad en catálogo, instalación: descolgado de cielos con guaya hasta 1m de altura, M.O (mano de obra) Altura de instalación: 3 metros de altura y los materiales necesarios para su correcto funcionamiento.","m2",150.45,{"v":476039,"d":"$476,039.00"},{"v":71620067.55,"d":"$71,620,067.55"},null,150.45,null,{"v":0,"d":"$0.00"}]
["ESP 11.1.2.4","11.1.2.4","suministro, transporte e instalación de Cielo lineal en perfiles Baffle 100 x 25 cm Ref. de Hunter DougloOas nacional o equivalente. Separación porta panel cada 10cm + perfil en C de sustentación + cuelga para soporte de panel. Color gris acero 6943 brillo 15%. y los elementos necesarios para su correcto funcionamiento. ","m2",{"v":649.1899999999998,"d":"649.19"},{"v":485502.15,"d":"$485,502.15"},{"v":315183140.7584999,"d":"$315,183,140.76"},null,{"v":649.1899999999998,"d":"649.19"},null,{"v":0,"d":"$0.00"}]
["ESP 11.1.2.5","11.1.2.5","Suministro, transporte e instalación (remates y anclajes) de Cielo en malla expandida de aluzinc Metal Screen  de Hunter DougloOas o equivalente, terminación no aplicada. Cielo lineal en perfiles Baffle 100 x 25 cm Ref. de Hunter DougloOas nacional o equivalente. Separación porta panel cada 10cm + perfil en C de sustentación + cuelga para soporte de panel. Color gris acero 6943 brillo 15%. Color según diseño y los elementos necesarios para su correcto funcionamiento. ","m2",{"v":1426.89,"d":"1,426.89"},{"v":413173.88,"d":"$413,173.88"},{"v":589553677.6332,"d":"$589,553,677.63"},null,{"v":1426.89,"d":"1,426.89"},null,{"v":0,"d":"$0.00"}]
["ESP 11.1.2.6","11.1.2.6","Suministro, transporte e instalación de Cielo en Drywall cleaneo akustik Kauf circular aleatoria plus de alta absorción acústica. Placa de yeso 12,5 mm, marfil visible, velo blanco de fibra acústica, oculta instalaciones y los elementos necesarios para su correcto funcionamiento.","m2",{"v":55.443649580873455,"d":"55.44"},{"v":440325.68,"d":"$440,325.68"},{"v":24413262.703379817,"d":"$24,413,262.70"},null,{"v":55.443649580873455,"d":"55.44"},null,{"v":0,"d":"$0.00"}]
["ESP 11.1.2.7","11.1.2.7","Suministro, transporte e instalación DE Cielo Tubrise en aluzinc 4 mm montaje vertical Ref. de Hunter DougloOas o equivalente. Color según diseño. Tubrise vertical longitud 60 cms con terminación perforada. Perforaciones #118 diámetro 200 15% abierto. Sistema de montaje con parrilla de sujeción en malla 100x100 + clip de sujeción en acero inoxidable + escuadra + perno en u en acero galvanizado Separación entre tubos metálicos 60cm.y los elementos necesarios para su correcto funcionamiento.","m2",{"v":121.80000000000001,"d":"121.80"},{"v":1042265.18,"d":"$1,042,265.18"},{"v":126947898.92400002,"d":"$126,947,898.92"},null,{"v":121.80000000000001,"d":"121.80"},null,{"v":0,"d":"$0.00"}]
["ESP 11.1.2.8","11.1.2.8","Suministro, transporte e instalación de Cielo en paneles de fieltro lineales HeartFelt Ref. de Hunter DougloOas o equivalente. Paneles de sección rectangular 40mmx55mm instalados sobre porta panel paso 100 + cuelga rígida. Modulación cada 100mm. Colores crema 7575, marrón claro 7576, marrón medio 7577. y los elementos necesarios para su correcto funcionamiento.","m2",{"v":184.85000000000005,"d":"184.85"},{"v":878685.68,"d":"$878,685.68"},{"v":162425047.94800004,"d":"$162,425,047.95"},null,{"v":184.85000000000005,"d":"184.85"},null,{"v":0,"d":"$0.00"}]
["ESP 11.1.2.9","11.1.2.9","Suministro, transporte e instalación de  panel Ecophon Solo Matrix descolgado en 30% del espacio. Y los elementos necesarios para su correcto funcionamiento.","m2",{"v":2214.5400000000004,"d":"2,214.54"},{"v":353090.68,"d":"$353,090.68"},{"v":781933434.4872001,"d":"$781,933,434.49"},null,{"v":2214.5400000000004,"d":"2,214.54"},null,{"v":0,"d":"$0.00"}]
[null,null,"TOTAL DE CIELOS",{"$nulls":3},{"$f":"SUM(G19:G27)","v":{"v":2213351607.89548,"d":"$2,213,351,607.90"}},{"$nulls":3},{"$f":"SUM(K19:K27)","v":{"v":0,"d":"$0.00"}}]
[]
[]
[null,"21.0.0","MOBILIARIO"]
[]
[null,"21.1.0","MOBILIARIO N1"]
["ESP 21.1.0","21.1.1","Suministro y transporte de Módulo operativo de 1.20 X 0.60 m para un usuario, hecho a base de estructura metálica con superficie recta recortada y cantos termofusionados con groumets, acabados en melamina blanca de 28mm, incluye pasacables interno (charola horizontal) con 6 espacios para instalaciones y charola (vertical) lateral para subir, ocultar instalaciones y charola para cables, accesorios porta CPU, porta monitor doble.","Pza.",{"v":7,"d":"7.00"},{"v":2474653.1,"d":"$2,474,653.10"},{"$f":"F34*E34","v":{"v":17322571.7,"d":"$17,322,571.70"}},null,{"v":7,"d":"7.00"},null,{"$f":"J34*I34","v":{"v":0,"d":"$0.00"}}]
["ESP 21.1.0","21.1.2","Suministro y transporte de Módulo operativo con credenza lateral 2.00 x 1.50 hecho a base de estructura metálica con superficie recta recortada y cantos termofusionados. Acabados en melamina blanca de 28 mm. Incluye pasacables interno  (charola horizontal)  con 6 espacios para instalaciones , groumets y charola (vertical)  lateral para subir y ocultar instalaciones.","Pza.",{"v":1,"d":"1.00"},{"v":3087003.5,"d":"$3,087,003.50"},{"$f":"F35*E35","v":{"v":3087003.5,"d":"$3,087,003.50"}},null,{"v":1,"d":"1.00"},null,{"$f":"J35*I35","v":{"v":0,"d":"$0.00"}}]
["ESP 21.1.0","21.1.3","Suministro y transporte de Módulo operativo con credenza lateral 1.60 x 1.50 hecho a base de estructura metálica con superficie recta recortada y cantos termofusionados. Acabados en melamina blanca de 28 mm. Incluye pasacables interno  (charola horizontal)  con 6 espacios para instalaciones , groumets y charola (vertical)  lateral para subir y ocultar instalaciones.","Pza.",{"v":4,"d":"4.00"},{"v":5088190,"d":"$5,088,190.00"},{"$f":"F36*E36","v":{"v":20352760,"d":"$20,352,760.00"}},null,{"v":4,"d":"4.00"},null,{"$f":"J36*I36","v":{"v":0,"d":"$0.00"}}]
["ESP 21.1.0","21.1.4","Suministro y transporte de Módulo operativo de 1.70 X 0.60 m para un usuario, hecho a base de estructura metálica con superficie recta recortada y cantos termofusionados con groumets, acabados en melamina blanca de 28mm,incluye pasacables interno (charola horizontal) con 6 espacios para instalaciones, charola (vertical) lateral para subir, ocultar instalaciones y charola para cables, accesorios porta CPU, porta monitor doblen.","Pza.",{"v":4,"d":"4.00"},{"v":3535219,"d":"$3,535,219.00"},{"$f":"F37*E37","v":{"v":14140876,"d":"$14,140,876.00"}},null,{"v":4,"d":"4.00"},null,{"$f":"J37*I37","v":{"v":0,"d":"$0.00"}}]
["ESP 21.1.0","21.1.5","Suministro y transporte de Módulo operativo de 1.90 X 0.70 m para un usuario, hecho a base de estructura metálica con superficie recta recortada y cantos termofusionados con groumets, acabados en melamina blanca de 28mm, incluye pasacables interno (charola horizontal) con 6 espacios para instalaciones, charola (vertical) lateral para subir, ocultar instalaciones y charola para cables, accesorios porta CPU, porta monitor doble.","Pza.",{"v":1,"d":"1.00"},{"v":3415274,"d":"$3,415,274.00"},{"$f":"F38*E38","v":{"v":3415274,"d":"$3,415,274.00"}},null,{"v":1,"d":"1.00"},null,{"$f":"J38*I38","v":{"v":0,"d":"$0.00"}}]
[]
[null,null,"TOTAL DE MOBILIARIO N1",{"$nulls":3},{"$f":"SUM(G34:G38)","v":{"v":58318485.2,"d":"$58,318,485.20"}},{"$nulls":3},{"$f":"SUM(K34:K38)","v":{"v":0,"d":"$0.00"}}]
[]
[]
[null,"21.4.0","MOBILIARIO N5"]
["ESP 21.4.0","21.4.1","Módulo operativo de 1.40 X 0.70 m para un usuario, hecho a base de estructura metálica con superficie recta recortada y cantos termofusionados con groumets, acabados en melamina blanca de 28mm Incluye pasacables interno (charola horizontal) con 6 espacios para instalaciones, charola (vertical) lateral para subir, ocultar instalaciones y charola para cables, accesorios porta CPU, porta monitor doble.","Pza.",{"v":50,"d":"50.00"},{"v":1805487,"d":"$1,805,487.00"},{"$f":"F44*E44","v":{"v":90274350,"d":"$90,274,350.00"}},null,{"v":50,"d":"50.00"},null,{"$f":"J44*I44","v":{"v":0,"d":"$0.00"}}]
["ESP 21.4.0","21.4.2","Módulo operativo de 1.90 X 0.70 m para un usuario, hecho a base de estructura metálica con superficie recta recortada y cantos termofusionados con groumets, acabados en melamina blanca de 28mm, incluye pasacables interno (charola horizontal) con 6 espacios para instalaciones y charola (vertical) lateral para subir, ocultar instalaciones y charola para cables, accesorios porta CPU, porta monitor doble.","Pza.",{"v":8,"d":"8.00"},{"v":3415274,"d":"$3,415,274.00"},{"v":27322192,"d":"$27,322,192.00"},null,{"v":8,"d":"8.00"},null,{"v":0,"d":"$0.00"}]
["ESP 21.4.0","21.4.3","Escritorio Ejecutivo con credenza lateral 1.35 x 1.50 hecho a base de estructura metálica con superficie recta recortada y cantos termofusionados. Acabados en melamina blanca de 28 mm. Incluye pasacables interno (charola horizontal) con 6 espacios para instalaciones , groumets y charola (vertical) lateral para subir y ocultar instalaciones.","Pza.",{"v":3,"d":"3.00"},{"v":5088190,"d":"$5,088,190.00"},{"v":15264570,"d":"$15,264,570.00"},null,{"v":3,"d":"3.00"},null,{"v":0,"d":"$0.00"}]
["ESP 21.4.0","21.4.4","Mesa rectangular de 1.20 X 0.80 m para 4 usuarios, con cubierta en melamina con canto PVC, estructura metálica, terminado con pintura electrostática.","Pza.",{"v":38,"d":"38.00"},{"v":1584536,"d":"$1,584,536.00"},{"v":60212368,"d":"$60,212,368.00"},null,{"v":38,"d":"38.00"},null,{"v":0,"d":"$0.00"}]
["ESP 21.4.0","21.4.5","Mesa circular para 4 personas de 1.00 de diámetro, con cubierta en melamina con canto PVC, estructura metálica, terminado con pintura electrostática.","Pza.",{"v":15,"d":"15.00"},{"v":1786548,"d":"$1,786,548.00"},{"v":26798220,"d":"$26,798,220.00"},null,{"v":15,"d":"15.00"},null,{"v":0,"d":"$0.00"}]
["ESP 21.4.0","21.4.6","Silla Operativa, Ergonómica y para trabajo 24x24, con descansabrazos, base cinco puntos, mecanismo reclinable, protección lumbar y ajuste de altura, cabecera, base y estructura de polipropileno, respaldo y asiento tapizados en tela mesh color negro.","Pza.",{"v":68,"d":"68.00"},{"v":2929182,"d":"$2,929,182.00"},{"v":199184376,"d":"$199,184,376.00"},null,{"v":68,"d":"68.00"},null,{"v":0,"d":"$0.00"}]
["ESP 21.4.0","21.4.7","Silla Visita (Interlocutoras) con brazos, con base y estructura de polipropileno de 4 puntos fijos, respaldo y asiento tapizados en tela mesh. (Acabados en conjunto con la silla directiva) y metal en cromo.","Pza.",{"v":6,"d":"6.00"},{"v":795424,"d":"$795,424.00"},{"v":4772544,"d":"$4,772,544.00"},null,{"v":6,"d":"6.00"},null,{"v":0,"d":"$0.00"}]
[]
[null,null,"TOTAL DE MOBILIARIO N5",{"$nulls":3},{"$f":"SUM(G44:G50)","v":{"v":423828620,"d":"$423,828,620.00"}},{"$nulls":3},{"$f":"SUM(K44:K50)","v":{"v":0,"d":"$0.00"}}]
[]
[null,"21.5.0","MOBILIARIO N6"]
["ESP 21.5.0","21.5.1","Suministro y transporte de Módulo operativo de 1.70 X 0.90 m (MOBILIARIO NORMAL) para un usuario, hecho a base de estructura metálica con superficie recta recortada y cantos termofusionados con groumets, Acabados en melamina blanca de 28mm Incluye pasacables interno (charola horizontal) con 6 espacios para instalaciones y charola (vertical) lateral para subir y ocultar instalaciones y charola para cables.","Pza.",{"v":47,"d":"47.00"},{"v":3459463.99,"d":"$3,459,463.99"},{"$f":"F55*E55","v":{"v":162594807.53,"d":"$162,594,807.53"}},null,{"v":47,"d":"47.00"},null,{"$f":"J55*I55","v":{"v":0,"d":"$0.00"}}]
["ESP 21.5.0","21.5.2","Suministro y transporte Módulo operativo de 1.40 X 0.70 m (MOBILIARIO NORMAL) para un usuario, hecho a base de estructura metálica con superficie recta recortada y cantos termofusionados con groumets, Acabados en melamina blanca de 28mm Incluye pasacables interno (charola horizontal) con 6 espacios para instalaciones y charola (vertical) lateral para subir y ocultar instalaciones y charola para cables y accesorios porta CPU, porta monitor doble.","Pza.",{"v":38,"d":"38.00"},{"v":2802923,"d":"$2,802,923.00"},{"v":106511074,"d":"$106,511,074.00"},null,{"v":38,"d":"38.00"},null,{"v":0,"d":"$0.00"}]
["ESP 21.5.0","21.5.3","Suministro y transporte Módulo operativo con credenza lateral 1.35 x 1.50 hecho a base de estructura metálica con superficie recta recortada y cantos termofusionados. Acabados en melamina blanca de 28 mm. Incluye pasacables interno  (charola horizontal)  con 6 espacios para instalaciones , groumets y charola (vertical)  lateral para subir y ocultar instalaciones. (MOBILIARIO NORMAL)","Pza.",{"v":3,"d":"3.00"},{"v":5088190,"d":"$5,088,190.00"},{"v":15264570,"d":"$15,264,570.00"},null,{"v":3,"d":"3.00"},null,{"v":0,"d":"$0.00"}]
["ESP 21.5.0","21.5.4","Suministro y transporte de  Silla Operativa, Ergonómica y para trabajo 24x24, con descansabrazos, base cinco puntos, mecanismo reclinable, protección lumbar y ajuste de altura, cabecera, base y estructura de polipropileno, respaldo y asiento tapizados en tela mesh color negro. (MOBILIARIO NORMAL)","Pza.",{"v":88,"d":"88.00"},{"v":2929182,"d":"$2,929,182.00"},{"v":257768016,"d":"$257,768,016.00"},null,{"v":88,"d":"88.00"},null,{"v":0,"d":"$0.00"}]
["ESP 21.5.0","21.5.5","Suministro y transporte de Silla Visita (Interlocutoras) con brazos, con base y estructura de polipropileno de 4 puntos fijos, respaldo y asiento tapizados en tela mesh. (Acabados en conjunto con la silla directiva) y metal en cromo.(MOBILIARIO NORMAL)","Pza.",{"v":14,"d":"14.00"},{"v":795424,"d":"$795,424.00"},{"v":11135936,"d":"$11,135,936.00"},null,{"v":14,"d":"14.00"},null,{"v":0,"d":"$0.00"}]
["ESP 21.5.0","21.5.6","Suministro y transporte de Mesa circular para 4 personas de 1.00 de diámetro, con cubierta en melamina con canto PVC, estructura metálica, terminado con pintura electrostática.(MOBILIARIO NORMAL)","Pza.",{"v":1,"d":"1.00"},{"v":1786548,"d":"$1,786,548.00"},{"v":1786548,"d":"$1,786,548.00"},null,{"v":1,"d":"1.00"},null,{"v":0,"d":"$0.00"}]
["ESP 21.5.0","21.5.7","Módulo operativo de 1.70 X 0.90 m (ANEXO 27. FICHA TECNICA MOBILIARIO ESPECIALIZADO)para un usuario, hecho a base de estructura metálica con superficie recta recortada y cantos termofusionados con groumets, Acabados en melamina blanca de 28mm Incluye pasacables interno (charola horizontal) con 6 espacios para instalaciones y charola (vertical) lateral para subir y ocultar instalaciones y charola para cables y accesorios porta CPU, porta monitor doble.","Pza.",{"v":10,"d":"10.00"},{"v":524171853.68,"d":"$524,171,853.68"},{"v":5241718536.8,"d":"$5,241,718,536.80"},null,{"v":10,"d":"10.00"},null,{"v":0,"d":"$0.00"}]
["ESP 21.5.0","21.5.8","SILLA ERGONÓMICA 24/7 FREEDOM HEADREST - ALUMINIO (ANEXO 27. FICHA TECNICA MOBILIARIO ESPECIALIZADO)","Pza.",{"v":110,"d":"110.00"},{"v":12708349.69,"d":"$12,708,349.69"},{"v":1397918465.8999999,"d":"$1,397,918,465.90"},null,{"v":110,"d":"110.00"},null,{"v":0,"d":"$0.00"}]
["ESP 21.5.0","21.5.9","Módulo operativo de 1.40 X 0.70 m  para un usuario, hecho a base de estructura metálica con superficie recta recortada y cantos termofusionados con groumets, Acabados en melamina blanca de 28mm Incluye pasacables interno (charola horizontal) con 6 espacios para instalaciones y charola (vertical) lateral para subir y ocultar instalaciones y charola para cables y accesorios porta CPU, porta monitor doble. (ANEXO 27. FICHA TECNICA MOBILIARIO ESPECIALIZADO)","Pza.",{"v":5,"d":"5.00"},{"v":294559767.17,"d":"$294,559,767.17"},{"v":1472798835.8500001,"d":"$1,472,798,835.85"},null,{"v":5,"d":"5.00"},null,{"v":0,"d":"$0.00"}]
["ESP 21.5.0","21.5.10","SILLA ERGONÓMICA 24/7 FREEDOM HEADREST - ALUMINIO (ANEXO 27. FICHA TECNICA MOBILIARIO ESPECIALIZADO)","Pza.",{"v":30,"d":"30.00"},{"v":12708349.69,"d":"$12,708,349.69"},{"v":381250490.7,"d":"$381,250,490.70"},null,{"v":30,"d":"30.00"},null,{"v":0,"d":"$0.00"}]
[]
[null,null,"TOTAL DE MOBILIARIO N6",{"$nulls":3},{"$f":"SUM(G55:G64)","v":{"v":9048747280.78,"d":"$9,048,747,280.78"}},{"$nulls":3},{"$f":"SUM(K55:K64)","v":{"v":0,"d":"$0.00"}}]
[]
[null,"21.6.0","MOBILIARIO N7"]
["ESP 21.6.0","21.6.1","Módulo operativo de 1.70 X 0.90 m para un usuario, hecho a base de estructura metálica con superficie recta recortada y cantos termofusionados con groumets, Acabados en melamina blanca de 28mm Incluye pasacables interno (charola horizontal) con 6 espacios para instalaciones y charola (vertical) lateral para subir y ocultar instalaciones y charola para cables y accesorios porta CPU, porta monitor doble (ANEXO 27. FICHA TECNICA MOBILIARIO ESPECIALIZADO)","Pza.",{"v":5,"d":"5.00"},{"v":305926806.25,"d":"$305,926,806.25"},{"$f":"F69*E69","v":{"v":1529634031.25,"d":"$1,529,634,031.25"}},null,{"v":5,"d":"5.00"},null,{"$f":"J69*I69","v":{"v":0,"d":"$0.00"}}]
["ESP 21.6.0","21.6.2","Suministro de SILLA ERGONÓMICA 24/7 FREEDOM HEADREST - aluminio (ANEXO 27. FICHA TECNICA MOBILIARIO ESPECIALIZADO)","Pza.",{"v":43,"d":"43.00"},{"v":12708349.69,"d":"$12,708,349.69"},{"v":546459036.67,"d":"$546,459,036.67"},null,{"v":43,"d":"43.00"},null,{"v":0,"d":"$0.00"}]
["ESP 21.6.0","21.6.3","Suministro y transporte de Módulo operativo de 1.00 X 0.60 m para un usuario, hecho a base de estructura metálica ","Pza.",{"v":40,"d":"40.00"},{"v":2474653,"d":"$2,474,653.00"},{"v":98986120,"d":"$98,986,120.00"},null,{"v":40,"d":"40.00"},null,{"v":0,"d":"$0.00"}]
["ESP 21.6.0","21.6.4","Suministro y transporte de Silla Operativa, Ergonómica y para trabajo 24x24, con descansabrazos, base cinco puntos","Pza.",{"v":40,"d":"40.00"},{"v":2929181,"d":"$2,929,181.00"},{"v":117167240,"d":"$117,167,240.00"},null,{"v":40,"d":"40.00"},null,{"v":0,"d":"$0.00"}]
["ESP 21.6.0","21.6.5","Suministro y transporte de Módulo operativo de 1.40 X 0.70 m para un usuario, hecho a base de estructura metálica","Pza.",{"v":20,"d":"20.00"},{"v":2802923,"d":"$2,802,923.00"},{"v":56058460,"d":"$56,058,460.00"},null,{"v":20,"d":"20.00"},null,{"v":0,"d":"$0.00"}]
["ESP 21.6.0","21.5.6","Suministro y transporte de MESA CURVA FIJA para 3 usuarios","un",{"v":1,"d":"1.00"},{"v":828240,"d":"$828,240.00"},{"v":828240,"d":"$828,240.00"},null,{"v":1,"d":"1.00"},null,{"v":0,"d":"$0.00"}]
["ESP 21.6.0","21.6.7","Suministro y transporte de Módulo operativo con credenza lateral 1.35 x 1.50 hecho a base de estructura metálica","Pza.",{"v":1,"d":"1.00"},{"v":5088190,"d":"$5,088,190.00"},{"v":5088190,"d":"$5,088,190.00"},null,{"v":1,"d":"1.00"},null,{"v":0,"d":"$0.00"}]
["ESP 21.6.0","21.6.8","Mesa sala de juntas 10 personas de 2.20 x 1.00 m, con ducto vertical de subida de cables por pata, 4 accesorios sobre cubierta para electrificación (2 salidas). Acabados en melamina blanca de 28 mm y estructura metálica. ","Pza.",{"v":1,"d":"1.00"},{"v":5599534,"d":"$5,599,534.00"},{"v":5599534,"d":"$5,599,534.00"},null,{"v":1,"d":"1.00"},null,{"v":0,"d":"$0.00"}]
["ESP 21.6.0","21.6.9","Mesa sala de juntas 20 personas de 2.20 x 1.00 m, con ducto vertical de subida de cables por pata, 8 accesorios sobre cubierta para electrificación (4 salidas). Acabados en melamina blanca de 28 mm y estructura metálica. ","Pza.",{"v":1,"d":"1.00"},{"v":3598560,"d":"$3,598,560.00"},{"v":3598560,"d":"$3,598,560.00"},null,{"v":1,"d":"1.00"},null,{"v":0,"d":"$0.00"}]
["ESP 21.6.0","21.6.10","Suministro y transporte de Silla Operativa, Ergonómica y para trabajo 24x24, con descansabrazos, base cinco puntos","Pza.",{"v":53,"d":"53.00"},{"v":2929181,"d":"$2,929,181.00"},{"v":155246593,"d":"$155,246,593.00"},null,{"v":53,"d":"53.00"},null,{"v":0,"d":"$0.00"}]
["ESP 21.6.0","21.6.11","Silla Visita (Interlocutoras) con brazos, con base y estructura de polipropileno de 4 puntos fijos, respaldo y asiento tapizados en tela mesh. (Acabados en conjunto con la silla directiva) y metal en cromo.","Pza.",{"v":2,"d":"2.00"},{"v":795424,"d":"$795,424.00"},{"v":1590848,"d":"$1,590,848.00"},null,{"v":2,"d":"2.00"},null,{"v":0,"d":"$0.00"}]
[]
[null,null,"TOTAL DE MOBILIARIO N7",{"$nulls":3},{"$f":"SUM(G69:G79)","v":{"v":2520256852.92,"d":"$2,520,256,852.92"}},{"$nulls":3},{"$f":"SUM(K69:K79)","v":{"v":0,"d":"$0.00"}}]
[]
[null,"21.7.0","MOBILIARIO N8"]
["ESP 21.7.0","21.7.1","Suministro y transporte de Módulo operativo de 1.40 X 0.70 m para un usuario, hecho a base de estructura metálica ","Pza.",{"v":5,"d":"5.00"},{"v":2802923,"d":"$2,802,923.00"},{"$f":"F84*E84","v":{"v":14014615,"d":"$14,014,615.00"}},null,{"v":5,"d":"5.00"},null,{"$f":"J84*I84","v":{"v":0,"d":"$0.00"}}]
[]
[null,null,"TOTAL DE MOBILIARIO N8",{"$nulls":3},{"$f":"G84","v":{"v":14014615,"d":"$14,014,615.00"}},{"$nulls":3},{"$f":"K84","v":{"v":0,"d":"$0.00"}}]
[]
[null,"21.8.0","VARIOS MOBILIARIO"]
["ESP 21.8.0","21.8.1","Suministro,  transporte  de sillón sin cabecera, con respaldo bajo,\ndescansa brazos, con base de 4 patas en tubular de acero pintado en negro","un",{"v":42,"d":"42.00"},{"v":992460,"d":"$992,460.00"},{"$f":"F89*E89","v":{"v":41683320,"d":"$41,683,320.00"}},null,{"v":42,"d":"42.00"},null,{"$f":"J89*I89","v":{"v":0,"d":"$0.00"}}]
["ESP 21.8.0","21.8.2","Suministro,  transporte Silla universitaria con asiento tapizado","un",{"v":12,"d":"12.00"},{"v":854840,"d":"$854,840.00"},{"v":10258080,"d":"$10,258,080.00"},null,{"v":12,"d":"12.00"},null,{"v":0,"d":"$0.00"}]
["ESP 21.8.0","21.8.3","Suministro y transporte de mesa auxiliar redonda","un",{"v":32,"d":"32.00"},{"v":699720,"d":"$699,720.00"},{"v":22391040,"d":"$22,391,040.00"},null,{"v":32,"d":"32.00"},null,{"v":0,"d":"$0.00"}]
["ESP 21.8.0","21.8.4","Suministro y transporte de sofá de 3 puestos","un",{"v":8,"d":"8.00"},{"v":4148722,"d":"$4,148,722.00"},{"v":33189776,"d":"$33,189,776.00"},null,{"v":8,"d":"8.00"},null,{"v":0,"d":"$0.00"}]
["ESP 21.8.0","21.8.5","Suministro,  transporte e instalación de MESA RECTANGULAR 1,20X0,80 para 4 personas, con cubierta en melamina con canto PVC, estructura metálica, terminado con pintura electrostática.(MOBILIARIO NORMAL)","un",{"v":23,"d":"23.00"},{"v":2573603,"d":"$2,573,603.00"},{"v":59192869,"d":"$59,192,869.00"},null,{"v":23,"d":"23.00"},null,{"v":0,"d":"$0.00"}]
["ESP 21.8.0","21.8.6","Suministro, transporte de locker de 15x15","un",{"v":130,"d":"130.00"},{"v":2573603,"d":"$2,573,603.00"},{"v":334568390,"d":"$334,568,390.00"},null,{"v":130,"d":"130.00"},null,{"v":0,"d":"$0.00"}]
["ESP 21.8.0","21.8.7","Suministro, transporte de archivador con pedestal con tapa","un",{"v":135,"d":"135.00"},{"v":980953,"d":"$980,953.00"},{"v":132428655,"d":"$132,428,655.00"},null,{"v":135,"d":"135.00"},null,{"v":0,"d":"$0.00"}]
["ESP 21.8.0","21.8.8","Silla Visita (Interlocutoras) con brazos, con base y estructura de polipropileno de 4 puntos fijos, respaldo y asiento tapizados en tela mesh. (Acabados en conjunto con la silla directiva) y metal en cromo.","Pza.",{"v":546,"d":"546.00"},{"v":795424,"d":"$795,424.00"},{"v":434301504,"d":"$434,301,504.00"},null,{"v":546,"d":"546.00"},null,{"v":0,"d":"$0.00"}]
["ESP 21.8.0","21.8.9","Suministro y transporte de MUEBLE DE RECEPCION BLANCA-GRIS DE 0,60 X 2,40 X 1.00 m DELVERG","un",{"v":3,"d":"3.00"},{"v":5212680,"d":"$5,212,680.00"},{"v":15638040,"d":"$15,638,040.00"},null,{"v":3,"d":"3.00"},null,{"v":0,"d":"$0.00"}]
["ESP 21.8.0","21.8.10","Suministro y transporte de MUEBLE DE RECEPCION BLANCA DE 0,60 X 1,50 X 1.00 m DELVERG","un",{"v":5,"d":"5.00"},{"v":2039879,"d":"$2,039,879.00"},{"v":10199395,"d":"$10,199,395.00"},null,{"v":5,"d":"5.00"},null,{"v":0,"d":"$0.00"}]
[]
[null,"21.9.0","ANEXO MOBILIARIO"]
["ESP 21.9.1","21.9.1","Suministro, transporte y colocación de pantalla modelo VM55B-U Ultra Narrow Bezel Video Wall de 55\" panel tipo IPS, Marca Samsung,  resolución 1,920 x 1,080 de dimensiones 1213,5 x 684,3 x 73,1 mm, peso de 21,2 kg, montura 600 x 400 mm, anchura de bisel 2,25mm(U/L), 125mm(R/B) material del marco Glossy.","un",{"v":2,"d":"2.00"},{"v":5433962,"d":"$5,433,962.00"},{"$f":"F101*E101","v":{"v":10867924,"d":"$10,867,924.00"}},null,{"v":2,"d":"2.00"},null,{"$f":"J101*I101","v":{"v":0,"d":"$0.00"}}]
["ESP 21.9.2","21.9.2","Suministro, transporte y colocación de escalera marina metálica de 4.96m de longitud, fijada a la pared, el piso y el techo, incluye protección en la espalda de 0.81m x 0.70m. Incluye pasamanos en la parte superior de 1.11m de alto x 1.40m de largo y todos los elementos necesarios para su correcto funcionamiento.","un",1,{"v":7111382,"d":"$7,111,382.00"},{"$f":"F102*E102","v":{"v":7111382,"d":"$7,111,382.00"}},null,1,null,{"$f":"J102*I102","v":{"v":0,"d":"$0.00"}}]
["ESP 21.9.3","21.9.3","Suministro e instalación de poste de concreto prensado de 14 metros: Incluye la provisión de poste de concreto reforzado, tipo prensado, con una longitud de 14 metros, conforme a la normativa RETIE y las especificaciones técnicas de la empresa prestadora del servicio de energía. El poste debe tener una carga de trabajo mínima de 300 kg y una carga de rotura de al menos 750 kg, con tratamiento superficial adecuado para resistir condiciones ambientales adversas y perforaciones según requerimientos para instalación de accesorios eléctricos. La instalación comprende excavación manual del terreno, ubicación y nivelación del poste, relleno y compactación con material apropiado, instalación de retenidas si se requiere, y aseguramiento con concreto según diseño estructural. Se incluye el transporte, maniobras de izaje, materiales, equipos, mano de obra calificada y todas las actividades necesarias para dejar el poste instalado y funcional, listo para la conexión de redes eléctricas aéreas.\n \n","un",3,{"v":4898886.058695,"d":"$4,898,886.06"},{"$f":"E103*F103","v":{"v":14696658.176084999,"d":"$14,696,658.18"}},null,3,null,{"$f":"I103*J103","v":{"v":0,"d":"$0.00"}}]
["ESP 21.9.4","21.9.4","Suministro, transporte e instalación de nichos en Drywall con Recubrimiento en formica (laminado de alta presión Ref. Real 2224 Opak Bleen Bleen y exterior en laminado de alta presión Ref. real 1556 Up Roble sepia o equivalente), incluye dintel y banca en drywall, cojinería en vértigo nuvant gris claro con cierres ocultos y todos los elementos necesarios para su correcto funcionamiento.","un",4,{"v":52457655,"d":"$52,457,655.00"},{"$f":"E104*F104","v":{"v":209830620,"d":"$209,830,620.00"}},null,4,null,{"$f":"I104*J104","v":{"v":0,"d":"$0.00"}}]
[null,null,"TOTAL DE VARIOS MOBILIARIO",{"$nulls":3},{"$f":"SUM(G89:G104)","v":{"v":1336357653.176085,"d":"$1,336,357,653.18"}},{"$nulls":3},{"$f":"SUM(K89:K104)","v":{"v":0,"d":"$0.00"}}]
[]
[null,null,"TOTAL DE MOBILIARIO",{"$nulls":3},{"$f":"G105+G86+G81+G66+G52+G40","v":{"v":13401523507.076086,"d":"$13,401,523,507.08"}},{"$nulls":3},{"$f":"K105+K86+K81+K66+K52+K40","v":{"v":0,"d":"$0.00"}}]
["NOTA ACLARATORIA:","Este producto está sujeto a modificaciones, ya que los diseños de redes hidrosanitarias externas aún no han sido aprobados por EPM. En consecuencia, los costos de este entregable podrían variar."]
[]
[{"$nulls":4},"RESUMEN A COSTO DIRECTO",{"$nulls":3},"RESUMEN A COSTO DIRECTO"]
[{"$nulls":4},"TOTAL PANELES SOLARES",null,{"$f":"G16","v":{"v":436122663.16,"d":"$436,122,663.16"}},null,"TOTAL PANELES SOLARES",null,{"$f":"K16","v":{"v":0,"d":"$0.00"}}]
["Comentarios respecto a ÍTEMS enlistados:",{"$nulls":3},"TOTAL CIELOS",null,{"$f":"G28","v":{"v":2213351607.89548,"d":"$2,213,351,607.90"}},null,"TOTAL CIELOS",null,{"$f":"K28","v":{"v":0,"d":"$0.00"}}]
["ITEM","COMENTARIOS",null,null,"TOTAL MOBILIARIO",null,{"$f":"G107","v":{"v":13401523507.076086,"d":"$13,401,523,507.08"}},null,"TOTAL MOBILIARIO",null,{"$f":"K107","v":{"v":0,"d":"$0.00"}}]
["9.0.0","La información utilizada como base para el presupuesto de RCI, fue con los precios de lista que maneja el diseñador. RCI",{"$nulls":3},"TOTAL CD ADICIÓN",{"$f":"G113+G112+G111","v":{"v":16050997778.131565,"d":"$16,050,997,778.13"}},null,null,"TOTAL CD ADICIÓN",{"$f":"K113+K112+K111","v":{"v":0,"d":"$0.00"}}]
["12.0.0","La información utilizada como base para el presupuesto de Aire acondicionado, fue con los precios de lista que maneja el diseñador. AIRE ACONDICIONADO"]
["13.0.0","La información utilizada como base para el presupuesto eléctrico, fue con los precios de lista que maneja el diseñador y cotizaciones anexas a la información ELECTRICO",null,null,"OBRA COSTO INDIRECTO ",{"$nulls":3},"OBRA COSTO INDIRECTO "]
["14.1.8","La pintura para señalización de columnas se encuentra en el capítulo 14.0.0 Sistemas tecnológicos, subcapítulo 14.1.8 Señalética; fue asignado en este capítulo porque la información la diseño el departamento de Tecnología",null,null,"A(%)",null,{"v":0.1536,"d":"15.36%"},null,"A(%)",null,{"v":0.1536,"d":"15.36%"}]
["16.1.1 - 16.1.2","Para la recolección de basura y escombro que se generen mediante los ítem de aseo, estos deberán estar en un acopio asignado por la obra",null,null,"U(%)",null,{"v":0.05,"d":"5.00%"},null,"U(%)",null,{"v":0.05,"d":"5.00%"}]
["16.1.1 - 16.1.2","Los precios para estos ítems fueron asignados por la ESU (Ing Juan Villa), de igual manera se presenta una cotización para estas actividades ASEO",null,null,"AU(%)",null,{"$f":"SUM(G117:G118)","v":{"v":0.2036,"d":"20.36%"}},null,"AU(%)",null,{"$f":"SUM(K117:K118)","v":{"v":0.2036,"d":"20.36%"}}]
[null,"Para los materiales o insumos de exportación dentro del presupuesto, se maneja una TRM de $4298.31 COP (24-04-25), fuente: https://www.dolar-colombia.com/mes/2025-04"]
[null,"En la carpeta de 2. Cotizaciones Se encuentra relacionado las cotizaciones solicitadas para las actividades del presupuesto, adicional en algunos casos fueron utilizados los precios de lista de algunos insumos"]
[null,"Una vez se cuente con la aprobación de las redes externas se debe tener en cuenta los cambios en  los costos, cantidades y duraciones finales de las redes hidrosanitarias externas e internas, puesto que se están actualizando estos diseños debido a información referente a la topografía e investigación de redes. Es importante aclarar que estos diseños pueden tener variaciones en su planteamiento ya que aún no ha sido aprobado por parte de EPM en el diseño de redes exteriores. "]
["10.1.2.3.4","En este ítem la información ingresada en el apu el costo del ducto se encuentra ingresada por unidad."]
["13.10.0","Los ductos de las actividades de este subcapítulo (SISTEMA DE DUCTOS METÁLICOS) , el costo de los mismos se encuentra por unidad."]
["8.6.0","VARIOS APARATOS SANITARIOS: aparatos sanitarios son los accesorios con el fin de cubrir todo lo relacionado con urinarios, retretes, lavaderos, duchas y demás."]